{"text_format":"3","workbook":"xlsx","n_sheets":8,"sheets":["Tableau de bord","Registre","Îlots","Fertilisants","Échanges & stockage","Fiche îlot","Configuration","Mode d'emploi"],"not_rendered":{"charts":2,"defined_names":49},"read":"whole","date_system":"1900"}

{"sheet":"Tableau de bord","index":0,"n_rows":51,"n_cols":26,"rows_kept":51,"merged":[[2,13,2,18],[4,5,4,6],[4,9,4,10],[4,11,4,13],[6,1,6,3],[6,5,6,7],[6,9,6,11],[6,13,6,15],[6,17,6,19],[7,1,8,3],[7,5,8,7],[7,9,8,11],[7,13,8,15],[7,17,8,19],[9,1,9,3],[9,5,9,7],[9,9,9,11],[9,13,9,15],[9,17,9,19],[10,1,10,3],[10,5,10,7],[10,9,10,11],[10,13,10,15],[10,17,10,19],[12,1,12,7],[12,9,12,19],[13,1,13,4],[13,5,13,6],[14,1,14,4],[14,5,14,6],[15,1,15,4],[15,5,15,6],[16,1,16,4],[16,5,16,6],[17,1,17,4],[17,5,17,6],[18,1,18,4],[18,5,18,6],[19,1,19,4],[19,5,19,6],[20,1,20,4],[20,5,20,6],[21,1,21,4],[21,5,21,6],[22,1,22,4],[22,5,22,6],[23,1,23,4],[23,5,23,6],[24,1,25,7],[28,1,28,15],[28,17,28,19],[29,1,29,3],[29,4,29,6],[29,8,29,9],[29,12,29,13],[29,14,29,15],[30,1,30,3],[30,4,30,6],[30,8,30,9],[30,12,30,13],[30,14,30,15],[31,1,31,3],[31,4,31,6],[31,8,31,9],[31,12,31,13],[31,14,31,15],[32,1,32,3],[32,4,32,6],[32,8,32,9],[32,12,32,13],[32,14,32,15],[33,1,33,3],[33,4,33,6],[33,8,33,9],[33,12,33,13],[33,14,33,15],[34,1,34,3],[34,4,34,6],[34,8,34,9],[34,12,34,13],[34,14,34,15],[35,1,35,3],[35,4,35,6],[35,8,35,9],[35,12,35,13],[35,14,35,15],[36,1,36,3],[36,4,36,6],[36,8,36,9],[36,12,36,13],[36,14,36,15],[37,1,37,3],[37,4,37,6],[37,8,37,9],[37,12,37,13],[37,14,37,15],[38,1,38,3],[38,4,38,6],[38,8,38,9],[38,12,38,13],[38,14,38,15],[39,1,39,3],[39,4,39,6],[39,8,39,9],[39,12,39,13],[39,14,39,15],[40,1,40,3],[40,4,40,6],[40,8,40,9],[40,12,40,13],[40,14,40,15],[41,1,41,3],[41,4,41,6],[41,8,41,9],[41,12,41,13],[41,14,41,15],[42,1,42,3],[42,4,42,6],[42,8,42,9],[42,12,42,13],[42,14,42,15],[43,1,43,3],[43,4,43,6],[43,8,43,9],[43,12,43,13],[43,14,43,15],[44,1,44,3],[44,4,44,6],[44,8,44,9],[44,12,44,13],[44,14,44,15],[45,1,45,3],[45,4,45,6],[45,8,45,9],[45,12,45,13],[45,14,45,15],[46,1,46,3],[46,4,46,6],[46,8,46,9],[46,12,46,13],[46,14,46,15],[47,1,47,3],[47,4,47,6],[47,8,47,9],[47,12,47,13],[47,14,47,15],[48,1,48,3],[48,4,48,6],[48,8,48,9],[48,12,48,13],[48,14,48,15],[49,1,49,3],[49,4,49,6],[49,8,49,9],[49,12,49,13],[49,14,49,15],[50,1,50,15]]}
[]
[null,"CAHIER D'ÉPANDAGE",{"$nulls":17},{"$f":"RaisonSociale","v":"SCEA du Val de Mérienne"}]
[null,{"$f":"\"Tableau de bord de la campagne \"&(AnneeRecolte-1)&\"-\"&AnneeRecolte&\"  ·  récolte \"&AnneeRecolte","v":"Tableau de bord de la campagne 2026-2027  ·  récolte 2027"},{"$nulls":11},"Dernier apport enregistré",{"$nulls":5},{"$f":"IF(COUNT(Registre!$C$8:$C$507)=0,\"\",MAX(Registre!$C$8:$C$507))","v":"2027-06-14"}]
[]
[null,"Registre  ›","Îlots  ›","Fertilisants  ›",null,"Échanges & stockage  ›",null,"Fiche îlot  ›",null,"Configuration  ›",null,"Mode d'emploi  ›"]
[]
[null,"APPORTS ENREGISTRÉS",{"$nulls":3},"AZOTE TOTAL ÉPANDU",{"$nulls":3},"AZOTE DES EFFLUENTS D'ÉLEVAGE",{"$nulls":3},"POINTS DE CONTRÔLE CONFORMES",{"$nulls":3},"COÛT DES FERTILISANTS"]
[null,{"$f":"COUNT(Registre!$C$8:$C$507)","v":29},{"$nulls":3},{"$f":"SUM(Registre!$Q$8:$Q$507)","v":{"v":26441.754,"d":"26,442 kg N"}},{"$nulls":3},{"$f":"IFERROR(SUMIFS(Registre!$Q$8:$Q$507,Registre!$AM$8:$AM$507,1)/SAU,0)","v":{"v":153.6287238772788,"d":"154 kg N/ha"}},{"$nulls":3},{"$f":"COUNTIF($H$15:$H$24,\"Conforme\")","v":{"v":3,"d":"3 / 10"}},{"$nulls":3},{"$f":"SUM(Fertilisants!$R$8:$R$47)","v":{"v":11850.735,"d":"11,851 €"}}]
[]
[null,{"$f":"\"sur \"&COUNTIF(Îlots!$X$8:$X$57,\">0\")&\" îlots fertilisés\"","v":"sur 9 îlots fertilisés"},{"$nulls":3},{"$f":"\"soit \"&ROUND(IFERROR(SUM(Registre!$Q$8:$Q$507)/SAU,0),0)&\" kg N par ha de SAU\"","v":"soit 235 kg N par ha de SAU"},{"$nulls":3},{"$f":"ROUND(IFERROR(J8/PlafondN,0)*100,0)&\" % du plafond de \"&PlafondN&\" kg N/ha SAU\"","v":"90 % du plafond de 170 kg N/ha SAU"},{"$nulls":3},{"$f":"COUNTIF($H$15:$H$24,\"Non conforme\")&\" non conforme(s) · \"&COUNTIF($H$15:$H$24,\"Vigilance\")&\" en vigilance\"","v":"3 non conforme(s) · 4 en vigilance"},{"$nulls":3},{"$f":"\"soit \"&ROUND(IFERROR(R8/SAU,0),0)&\" € par ha de SAU\"","v":"soit 105 € par ha de SAU"}]
[{"$nulls":9},{"$f":"IFERROR(J8/PlafondN,0)","v":0.9036983757486987},{"$nulls":3},{"$f":"N8/10","v":0.3}]
[]
[null,"Contrôles réglementaires",{"$nulls":7},"Azote épandu par mois (kg N)",{"$nulls":12},"Mois","Organique","Minéral","Total"]
[null,"POINT DE CONTRÔLE",{"$nulls":3},"CONSTAT",null,"STATUT",{"$nulls":14},{"$f":"CHOOSE(MONTH(DATE(AnneeRecolte-1,9,1)),\"janv.\",\"févr.\",\"mars\",\"avr.\",\"mai\",\"juin\",\"juil.\",\"août\",\"sept.\",\"oct.\",\"nov.\",\"déc.\")&\" \"&MOD(YEAR(DATE(AnneeRecolte-1,9,1)),100)","v":"sept. 26"},{"$f":"SUMIFS(Registre!$Q$8:$Q$507,Registre!$AN$8:$AN$507,\"Organique\",Registre!$C$8:$C$507,\">=\"&DATE(AnneeRecolte-1,9,1),Registre!$C$8:$C$507,\"<\"&DATE(AnneeRecolte-1,10,1))","v":{"v":7412.55,"d":"7,413"}},{"$f":"SUMIFS(Registre!$Q$8:$Q$507,Registre!$AN$8:$AN$507,\"Minéral\",Registre!$C$8:$C$507,\">=\"&DATE(AnneeRecolte-1,9,1),Registre!$C$8:$C$507,\"<\"&DATE(AnneeRecolte-1,10,1))","v":0},{"$f":"X14+Y14","v":{"v":7412.55,"d":"7,413"}}]
[null,"Plafond d'azote des effluents d'élevage",{"$nulls":3},{"$f":"ROUND($J$8,0)&\" kg N/ha\"","v":"154 kg N/ha"},null,{"$f":"IF($J$8>PlafondN,\"Non conforme\",IF($J$8>0.9*PlafondN,\"Vigilance\",\"Conforme\"))","v":"Vigilance"},{"$nulls":14},{"$f":"CHOOSE(MONTH(DATE(AnneeRecolte-1,10,1)),\"janv.\",\"févr.\",\"mars\",\"avr.\",\"mai\",\"juin\",\"juil.\",\"août\",\"sept.\",\"oct.\",\"nov.\",\"déc.\")&\" \"&MOD(YEAR(DATE(AnneeRecolte-1,10,1)),100)","v":"oct. 26"},{"$f":"SUMIFS(Registre!$Q$8:$Q$507,Registre!$AN$8:$AN$507,\"Organique\",Registre!$C$8:$C$507,\">=\"&DATE(AnneeRecolte-1,10,1),Registre!$C$8:$C$507,\"<\"&DATE(AnneeRecolte-1,11,1))","v":{"v":804.6,"d":"805"}},{"$f":"SUMIFS(Registre!$Q$8:$Q$507,Registre!$AN$8:$AN$507,\"Minéral\",Registre!$C$8:$C$507,\">=\"&DATE(AnneeRecolte-1,10,1),Registre!$C$8:$C$507,\"<\"&DATE(AnneeRecolte-1,11,1))","v":0},{"v":804.6,"d":"805"}]
[null,"Épandages en période d'interdiction",{"$nulls":3},{"$f":"IF((COUNTIF(Registre!$W$8:$W$507,\"Période interdite\"))=0,\"Aucun\",(COUNTIF(Registre!$W$8:$W$507,\"Période interdite\"))&IF((COUNTIF(Registre!$W$8:$W$507,\"Période interdite\"))>1,\" apports\",\" apport\"))","v":"1 apport"},null,{"$f":"IF((COUNTIF(Registre!$W$8:$W$507,\"Période interdite\"))>0,\"Non conforme\",\"Conforme\")","v":"Non conforme"},{"$nulls":14},{"$f":"CHOOSE(MONTH(DATE(AnneeRecolte-1,11,1)),\"janv.\",\"févr.\",\"mars\",\"avr.\",\"mai\",\"juin\",\"juil.\",\"août\",\"sept.\",\"oct.\",\"nov.\",\"déc.\")&\" \"&MOD(YEAR(DATE(AnneeRecolte-1,11,1)),100)","v":"nov. 26"},{"$f":"SUMIFS(Registre!$Q$8:$Q$507,Registre!$AN$8:$AN$507,\"Organique\",Registre!$C$8:$C$507,\">=\"&DATE(AnneeRecolte-1,11,1),Registre!$C$8:$C$507,\"<\"&DATE(AnneeRecolte-1,12,1))","v":{"v":1944,"d":"1,944"}},{"$f":"SUMIFS(Registre!$Q$8:$Q$507,Registre!$AN$8:$AN$507,\"Minéral\",Registre!$C$8:$C$507,\">=\"&DATE(AnneeRecolte-1,11,1),Registre!$C$8:$C$507,\"<\"&DATE(AnneeRecolte-1,12,1))","v":0},{"v":1944,"d":"1,944"}]
[null,"Épandages sur sol interdit",{"$nulls":3},{"$f":"IF((COUNTIF(Registre!$W$8:$W$507,\"Sol interdit\"))=0,\"Aucun\",(COUNTIF(Registre!$W$8:$W$507,\"Sol interdit\"))&IF((COUNTIF(Registre!$W$8:$W$507,\"Sol interdit\"))>1,\" apports\",\" apport\"))","v":"1 apport"},null,{"$f":"IF((COUNTIF(Registre!$W$8:$W$507,\"Sol interdit\"))>0,\"Non conforme\",\"Conforme\")","v":"Non conforme"},{"$nulls":14},{"$f":"CHOOSE(MONTH(DATE(AnneeRecolte-1,12,1)),\"janv.\",\"févr.\",\"mars\",\"avr.\",\"mai\",\"juin\",\"juil.\",\"août\",\"sept.\",\"oct.\",\"nov.\",\"déc.\")&\" \"&MOD(YEAR(DATE(AnneeRecolte-1,12,1)),100)","v":"déc. 26"},{"$f":"SUMIFS(Registre!$Q$8:$Q$507,Registre!$AN$8:$AN$507,\"Organique\",Registre!$C$8:$C$507,\">=\"&DATE(AnneeRecolte-1,12,1),Registre!$C$8:$C$507,\"<\"&DATE(AnneeRecolte-1,13,1))","v":0},{"$f":"SUMIFS(Registre!$Q$8:$Q$507,Registre!$AN$8:$AN$507,\"Minéral\",Registre!$C$8:$C$507,\">=\"&DATE(AnneeRecolte-1,12,1),Registre!$C$8:$C$507,\"<\"&DATE(AnneeRecolte-1,13,1))","v":0},0]
[null,"Îlots au-delà de la dose PPF",{"$nulls":3},{"$f":"IF((COUNTIF(Îlots!$Y$8:$Y$57,\"Dépassement PPF\"))=0,\"Aucun\",(COUNTIF(Îlots!$Y$8:$Y$57,\"Dépassement PPF\"))&IF((COUNTIF(Îlots!$Y$8:$Y$57,\"Dépassement PPF\"))>1,\" îlots\",\" îlot\"))","v":"1 îlot"},null,{"$f":"IF((COUNTIF(Îlots!$Y$8:$Y$57,\"Dépassement PPF\"))>0,\"Non conforme\",\"Conforme\")","v":"Non conforme"},{"$nulls":14},{"$f":"CHOOSE(MONTH(DATE(AnneeRecolte-1,13,1)),\"janv.\",\"févr.\",\"mars\",\"avr.\",\"mai\",\"juin\",\"juil.\",\"août\",\"sept.\",\"oct.\",\"nov.\",\"déc.\")&\" \"&MOD(YEAR(DATE(AnneeRecolte-1,13,1)),100)","v":"janv. 27"},{"$f":"SUMIFS(Registre!$Q$8:$Q$507,Registre!$AN$8:$AN$507,\"Organique\",Registre!$C$8:$C$507,\">=\"&DATE(AnneeRecolte-1,13,1),Registre!$C$8:$C$507,\"<\"&DATE(AnneeRecolte-1,14,1))","v":0},{"$f":"SUMIFS(Registre!$Q$8:$Q$507,Registre!$AN$8:$AN$507,\"Minéral\",Registre!$C$8:$C$507,\">=\"&DATE(AnneeRecolte-1,13,1),Registre!$C$8:$C$507,\"<\"&DATE(AnneeRecolte-1,14,1))","v":0},0]
[null,"Îlots sans dose prévisionnelle",{"$nulls":3},{"$f":"IF((COUNTIF(Îlots!$Y$8:$Y$57,\"PPF à renseigner\"))=0,\"Aucun\",(COUNTIF(Îlots!$Y$8:$Y$57,\"PPF à renseigner\"))&IF((COUNTIF(Îlots!$Y$8:$Y$57,\"PPF à renseigner\"))>1,\" îlots\",\" îlot\"))","v":"Aucun"},null,{"$f":"IF((COUNTIF(Îlots!$Y$8:$Y$57,\"PPF à renseigner\"))>0,\"Vigilance\",\"Conforme\")","v":"Conforme"},{"$nulls":14},{"$f":"CHOOSE(MONTH(DATE(AnneeRecolte-1,14,1)),\"janv.\",\"févr.\",\"mars\",\"avr.\",\"mai\",\"juin\",\"juil.\",\"août\",\"sept.\",\"oct.\",\"nov.\",\"déc.\")&\" \"&MOD(YEAR(DATE(AnneeRecolte-1,14,1)),100)","v":"févr. 27"},{"$f":"SUMIFS(Registre!$Q$8:$Q$507,Registre!$AN$8:$AN$507,\"Organique\",Registre!$C$8:$C$507,\">=\"&DATE(AnneeRecolte-1,14,1),Registre!$C$8:$C$507,\"<\"&DATE(AnneeRecolte-1,15,1))","v":{"v":1850,"d":"1,850"}},{"$f":"SUMIFS(Registre!$Q$8:$Q$507,Registre!$AN$8:$AN$507,\"Minéral\",Registre!$C$8:$C$507,\">=\"&DATE(AnneeRecolte-1,14,1),Registre!$C$8:$C$507,\"<\"&DATE(AnneeRecolte-1,15,1))","v":{"v":1377.5475,"d":"1,378"}},{"v":3227.5474999999997,"d":"3,228"}]
[null,"Surfaces épandues supérieures à l'îlot",{"$nulls":3},{"$f":"IF((COUNTIF(Registre!$W$8:$W$507,\"Surface > îlot\"))=0,\"Aucun\",(COUNTIF(Registre!$W$8:$W$507,\"Surface > îlot\"))&IF((COUNTIF(Registre!$W$8:$W$507,\"Surface > îlot\"))>1,\" lignes\",\" ligne\"))","v":"Aucun"},null,{"$f":"IF((COUNTIF(Registre!$W$8:$W$507,\"Surface > îlot\"))>0,\"Vigilance\",\"Conforme\")","v":"Conforme"},{"$nulls":14},{"$f":"CHOOSE(MONTH(DATE(AnneeRecolte-1,15,1)),\"janv.\",\"févr.\",\"mars\",\"avr.\",\"mai\",\"juin\",\"juil.\",\"août\",\"sept.\",\"oct.\",\"nov.\",\"déc.\")&\" \"&MOD(YEAR(DATE(AnneeRecolte-1,15,1)),100)","v":"mars 27"},{"$f":"SUMIFS(Registre!$Q$8:$Q$507,Registre!$AN$8:$AN$507,\"Organique\",Registre!$C$8:$C$507,\">=\"&DATE(AnneeRecolte-1,15,1),Registre!$C$8:$C$507,\"<\"&DATE(AnneeRecolte-1,16,1))","v":{"v":2897.35,"d":"2,897"}},{"$f":"SUMIFS(Registre!$Q$8:$Q$507,Registre!$AN$8:$AN$507,\"Minéral\",Registre!$C$8:$C$507,\">=\"&DATE(AnneeRecolte-1,15,1),Registre!$C$8:$C$507,\"<\"&DATE(AnneeRecolte-1,16,1))","v":{"v":2088.7515000000003,"d":"2,089"}},{"v":4986.101500000001,"d":"4,986"}]
[null,"Lignes incomplètes ou hors campagne",{"$nulls":3},{"$f":"IF((COUNTIF(Registre!$W$8:$W$507,\"Incomplet\")+COUNTIF(Registre!$W$8:$W$507,\"Hors campagne\"))=0,\"Aucun\",(COUNTIF(Registre!$W$8:$W$507,\"Incomplet\")+COUNTIF(Registre!$W$8:$W$507,\"Hors campagne\"))&IF((COUNTIF(Registre!$W$8:$W$507,\"Incomplet\")+COUNTIF(Registre!$W$8:$W$507,\"Hors campagne\"))>1,\" lignes\",\" ligne\"))","v":"Aucun"},null,{"$f":"IF((COUNTIF(Registre!$W$8:$W$507,\"Incomplet\")+COUNTIF(Registre!$W$8:$W$507,\"Hors campagne\"))>0,\"Vigilance\",\"Conforme\")","v":"Conforme"},{"$nulls":14},{"$f":"CHOOSE(MONTH(DATE(AnneeRecolte-1,16,1)),\"janv.\",\"févr.\",\"mars\",\"avr.\",\"mai\",\"juin\",\"juil.\",\"août\",\"sept.\",\"oct.\",\"nov.\",\"déc.\")&\" \"&MOD(YEAR(DATE(AnneeRecolte-1,16,1)),100)","v":"avr. 27"},{"$f":"SUMIFS(Registre!$Q$8:$Q$507,Registre!$AN$8:$AN$507,\"Organique\",Registre!$C$8:$C$507,\">=\"&DATE(AnneeRecolte-1,16,1),Registre!$C$8:$C$507,\"<\"&DATE(AnneeRecolte-1,17,1))","v":{"v":4016,"d":"4,016"}},{"$f":"SUMIFS(Registre!$Q$8:$Q$507,Registre!$AN$8:$AN$507,\"Minéral\",Registre!$C$8:$C$507,\">=\"&DATE(AnneeRecolte-1,16,1),Registre!$C$8:$C$507,\"<\"&DATE(AnneeRecolte-1,17,1))","v":{"v":2123.4725000000003,"d":"2,123"}},{"v":6139.4725,"d":"6,139"}]
[null,"Saisies au-delà du délai visé",{"$nulls":3},{"$f":"IF((COUNTIF(Registre!$W$8:$W$507,\"Saisie tardive\"))=0,\"Aucun\",(COUNTIF(Registre!$W$8:$W$507,\"Saisie tardive\"))&IF((COUNTIF(Registre!$W$8:$W$507,\"Saisie tardive\"))>1,\" lignes\",\" ligne\"))","v":"1 ligne"},null,{"$f":"IF((COUNTIF(Registre!$W$8:$W$507,\"Saisie tardive\"))>0,\"Vigilance\",\"Conforme\")","v":"Vigilance"},{"$nulls":14},{"$f":"CHOOSE(MONTH(DATE(AnneeRecolte-1,17,1)),\"janv.\",\"févr.\",\"mars\",\"avr.\",\"mai\",\"juin\",\"juil.\",\"août\",\"sept.\",\"oct.\",\"nov.\",\"déc.\")&\" \"&MOD(YEAR(DATE(AnneeRecolte-1,17,1)),100)","v":"mai 27"},{"$f":"SUMIFS(Registre!$Q$8:$Q$507,Registre!$AN$8:$AN$507,\"Organique\",Registre!$C$8:$C$507,\">=\"&DATE(AnneeRecolte-1,17,1),Registre!$C$8:$C$507,\"<\"&DATE(AnneeRecolte-1,18,1))","v":0},{"$f":"SUMIFS(Registre!$Q$8:$Q$507,Registre!$AN$8:$AN$507,\"Minéral\",Registre!$C$8:$C$507,\">=\"&DATE(AnneeRecolte-1,17,1),Registre!$C$8:$C$507,\"<\"&DATE(AnneeRecolte-1,18,1))","v":{"v":636.8025,"d":"637"}},{"v":636.8025,"d":"637"}]
[null,"Bordereaux d'échange non cosignés",{"$nulls":3},{"$f":"IF((COUNTIFS('Échanges & stockage'!$B$12:$B$51,\"?*\",'Échanges & stockage'!$L$12:$L$51,\"<>Oui\"))=0,\"Aucun\",(COUNTIFS('Échanges & stockage'!$B$12:$B$51,\"?*\",'Échanges & stockage'!$L$12:$L$51,\"<>Oui\"))&IF((COUNTIFS('Échanges & stockage'!$B$12:$B$51,\"?*\",'Échanges & stockage'!$L$12:$L$51,\"<>Oui\"))>1,\" bordereaux\",\" bordereau\"))","v":"1 bordereau"},null,{"$f":"IF((COUNTIFS('Échanges & stockage'!$B$12:$B$51,\"?*\",'Échanges & stockage'!$L$12:$L$51,\"<>Oui\"))>0,\"Vigilance\",\"Conforme\")","v":"Vigilance"},{"$nulls":14},{"$f":"CHOOSE(MONTH(DATE(AnneeRecolte-1,18,1)),\"janv.\",\"févr.\",\"mars\",\"avr.\",\"mai\",\"juin\",\"juil.\",\"août\",\"sept.\",\"oct.\",\"nov.\",\"déc.\")&\" \"&MOD(YEAR(DATE(AnneeRecolte-1,18,1)),100)","v":"juin 27"},{"$f":"SUMIFS(Registre!$Q$8:$Q$507,Registre!$AN$8:$AN$507,\"Organique\",Registre!$C$8:$C$507,\">=\"&DATE(AnneeRecolte-1,18,1),Registre!$C$8:$C$507,\"<\"&DATE(AnneeRecolte-1,19,1))","v":712},{"$f":"SUMIFS(Registre!$Q$8:$Q$507,Registre!$AN$8:$AN$507,\"Minéral\",Registre!$C$8:$C$507,\">=\"&DATE(AnneeRecolte-1,18,1),Registre!$C$8:$C$507,\"<\"&DATE(AnneeRecolte-1,19,1))","v":{"v":578.6800000000001,"d":"579"}},{"v":1290.68,"d":"1,291"}]
[null,"Stockages au champ à vérifier",{"$nulls":3},{"$f":"IF((COUNTIF('Échanges & stockage'!$I$55:$I$74,\"Durée > 9 mois\")+COUNTIF('Échanges & stockage'!$I$55:$I$74,\"Hiver : vérifier les conditions\"))=0,\"Aucun\",(COUNTIF('Échanges & stockage'!$I$55:$I$74,\"Durée > 9 mois\")+COUNTIF('Échanges & stockage'!$I$55:$I$74,\"Hiver : vérifier les conditions\"))&IF((COUNTIF('Échanges & stockage'!$I$55:$I$74,\"Durée > 9 mois\")+COUNTIF('Échanges & stockage'!$I$55:$I$74,\"Hiver : vérifier les conditions\"))>1,\" dépôts\",\" dépôt\"))","v":"1 dépôt"},null,{"$f":"IF((COUNTIF('Échanges & stockage'!$I$55:$I$74,\"Durée > 9 mois\"))>0,\"Non conforme\",IF((COUNTIF('Échanges & stockage'!$I$55:$I$74,\"Hiver : vérifier les conditions\"))>0,\"Vigilance\",\"Conforme\"))","v":"Vigilance"},{"$nulls":14},{"$f":"CHOOSE(MONTH(DATE(AnneeRecolte-1,19,1)),\"janv.\",\"févr.\",\"mars\",\"avr.\",\"mai\",\"juin\",\"juil.\",\"août\",\"sept.\",\"oct.\",\"nov.\",\"déc.\")&\" \"&MOD(YEAR(DATE(AnneeRecolte-1,19,1)),100)","v":"juil. 27"},{"$f":"SUMIFS(Registre!$Q$8:$Q$507,Registre!$AN$8:$AN$507,\"Organique\",Registre!$C$8:$C$507,\">=\"&DATE(AnneeRecolte-1,19,1),Registre!$C$8:$C$507,\"<\"&DATE(AnneeRecolte-1,20,1))","v":0},{"$f":"SUMIFS(Registre!$Q$8:$Q$507,Registre!$AN$8:$AN$507,\"Minéral\",Registre!$C$8:$C$507,\">=\"&DATE(AnneeRecolte-1,19,1),Registre!$C$8:$C$507,\"<\"&DATE(AnneeRecolte-1,20,1))","v":0},0]
[null,"Indicateurs calculés à partir des données saisies. Le plafond est suivi ici sur l'azote des effluents d'élevage épandus ; le calcul réglementaire s'appuie sur l'azote produit par le cheptel.",{"$nulls":20},{"$f":"CHOOSE(MONTH(DATE(AnneeRecolte-1,20,1)),\"janv.\",\"févr.\",\"mars\",\"avr.\",\"mai\",\"juin\",\"juil.\",\"août\",\"sept.\",\"oct.\",\"nov.\",\"déc.\")&\" \"&MOD(YEAR(DATE(AnneeRecolte-1,20,1)),100)","v":"août 27"},{"$f":"SUMIFS(Registre!$Q$8:$Q$507,Registre!$AN$8:$AN$507,\"Organique\",Registre!$C$8:$C$507,\">=\"&DATE(AnneeRecolte-1,20,1),Registre!$C$8:$C$507,\"<\"&DATE(AnneeRecolte-1,21,1))","v":0},{"$f":"SUMIFS(Registre!$Q$8:$Q$507,Registre!$AN$8:$AN$507,\"Minéral\",Registre!$C$8:$C$507,\">=\"&DATE(AnneeRecolte-1,20,1),Registre!$C$8:$C$507,\"<\"&DATE(AnneeRecolte-1,21,1))","v":0},0]
[]
[]
[]
[null,"Réalisation du plan prévisionnel de fumure par îlot",{"$nulls":15},"Azote par type de fertilisant"]
[null,"Îlot",null,null,"Culture",null,null,"Surface (ha)","Dose PPF\n(kg N eff./ha)",null,"N efficace\napporté","Écart","Réalisation",null,"Statut",null,null,"TYPE","KG N","PART"]
[null,{"$f":"IF(Îlots!$D$8=\"\",\"\",Îlots!$D$8)","v":"01 – La Croix Blanche"},null,null,{"$f":"IF($B31=\"\",\"\",Îlots!$N$8&\"\")","v":"Maïs ensilage"},null,null,{"$f":"IF($B31=\"\",\"\",Îlots!$E$8)","v":{"v":14.8,"d":"14.80"}},{"$f":"IF(OR($B31=\"\",Îlots!$S$8=\"\"),\"\",Îlots!$S$8)","v":145},null,{"$f":"IF($B31=\"\",\"\",N(Îlots!$T$8))","v":{"v":144.50000000000003,"d":"145"}},{"$f":"IF(OR($B31=\"\",$I31=\"\"),\"\",ROUND($K31-$I31,0))","v":0},{"$f":"IF(OR($B31=\"\",N($I31)=0),\"\",$K31/$I31)","v":{"v":0.9965517241379312,"d":"100%"}},null,{"$f":"IF($B31=\"\",\"\",Îlots!$Y$8&\"\")","v":"Conforme"},null,null,"Type 0",{"$f":"SUMIFS(Registre!$Q$8:$Q$507,Registre!$H$8:$H$507,R31)","v":0},{"$f":"IFERROR(S31/$S$36,0)","v":{"v":0,"d":"0%"}}]
[null,{"$f":"IF(Îlots!$D$9=\"\",\"\",Îlots!$D$9)","v":"02 – Les Noues"},null,null,{"$f":"IF($B32=\"\",\"\",Îlots!$N$9&\"\")","v":"Blé tendre d'hiver"},null,null,{"$f":"IF($B32=\"\",\"\",Îlots!$E$9)","v":11.35},{"$f":"IF(OR($B32=\"\",Îlots!$S$9=\"\"),\"\",Îlots!$S$9)","v":175},null,{"$f":"IF($B32=\"\",\"\",N(Îlots!$T$9))","v":{"v":174.07000000000002,"d":"174"}},-1,{"v":0.9946857142857144,"d":"99%"},null,{"$f":"IF($B32=\"\",\"\",Îlots!$Y$9&\"\")","v":"Conforme"},null,null,"Type Ia",{"$f":"SUMIFS(Registre!$Q$8:$Q$507,Registre!$H$8:$H$507,R32)","v":{"v":6545.150000000001,"d":"6,545"}},{"$f":"IFERROR(S32/$S$36,0)","v":{"v":0.24753085593338475,"d":"25%"}}]
[null,{"$f":"IF(Îlots!$D$10=\"\",\"\",Îlots!$D$10)","v":"03 – La Garenne"},null,null,{"$f":"IF($B33=\"\",\"\",Îlots!$N$10&\"\")","v":"Colza d'hiver"},null,null,{"$f":"IF($B33=\"\",\"\",Îlots!$E$10)","v":{"v":9.6,"d":"9.60"}},{"$f":"IF(OR($B33=\"\",Îlots!$S$10=\"\"),\"\",Îlots!$S$10)","v":160},null,{"$f":"IF($B33=\"\",\"\",N(Îlots!$T$10))","v":{"v":161.12,"d":"161"}},{"v":1,"d":"+1"},{"v":1.0070000000000001,"d":"101%"},null,{"$f":"IF($B33=\"\",\"\",Îlots!$Y$10&\"\")","v":"Conforme"},null,null,"Type Ib",{"$f":"SUMIFS(Registre!$Q$8:$Q$507,Registre!$H$8:$H$507,R33)","v":0},{"$f":"IFERROR(S33/$S$36,0)","v":{"v":0,"d":"0%"}}]
[null,{"$f":"IF(Îlots!$D$11=\"\",\"\",Îlots!$D$11)","v":"04 – Le Paradis"},null,null,{"$f":"IF($B34=\"\",\"\",Îlots!$N$11&\"\")","v":"Maïs ensilage"},null,null,{"$f":"IF($B34=\"\",\"\",Îlots!$E$11)","v":{"v":16.2,"d":"16.20"}},{"$f":"IF(OR($B34=\"\",Îlots!$S$11=\"\"),\"\",Îlots!$S$11)","v":140},null,{"$f":"IF($B34=\"\",\"\",N(Îlots!$T$11))","v":{"v":136.20000000000002,"d":"136"}},-4,{"v":0.972857142857143,"d":"97%"},null,{"$f":"IF($B34=\"\",\"\",Îlots!$Y$11&\"\")","v":"Conforme"},null,null,"Type II",{"$f":"SUMIFS(Registre!$Q$8:$Q$507,Registre!$H$8:$H$507,R34)","v":{"v":13091.349999999999,"d":"13,091"}},{"$f":"IFERROR(S34/$S$36,0)","v":{"v":0.49510142178918987,"d":"50%"}}]
[null,{"$f":"IF(Îlots!$D$12=\"\",\"\",Îlots!$D$12)","v":"05 – Les Rouches"},null,null,{"$f":"IF($B35=\"\",\"\",Îlots!$N$12&\"\")","v":"Orge d'hiver"},null,null,{"$f":"IF($B35=\"\",\"\",Îlots!$E$12)","v":12.75},{"$f":"IF(OR($B35=\"\",Îlots!$S$12=\"\"),\"\",Îlots!$S$12)","v":150},null,{"$f":"IF($B35=\"\",\"\",N(Îlots!$T$12))","v":{"v":138.14705882352942,"d":"138"}},-12,{"v":0.9209803921568628,"d":"92%"},null,{"$f":"IF($B35=\"\",\"\",Îlots!$Y$12&\"\")","v":"Conforme"},null,null,"Type III",{"$f":"SUMIFS(Registre!$Q$8:$Q$507,Registre!$H$8:$H$507,R35)","v":{"v":6805.254,"d":"6,805"}},{"$f":"IFERROR(S35/$S$36,0)","v":{"v":0.2573677222774253,"d":"26%"}}]
[null,{"$f":"IF(Îlots!$D$13=\"\",\"\",Îlots!$D$13)","v":"06 – Pré Long"},null,null,{"$f":"IF($B36=\"\",\"\",Îlots!$N$13&\"\")","v":"Prairie permanente"},null,null,{"$f":"IF($B36=\"\",\"\",Îlots!$E$13)","v":{"v":8.9,"d":"8.90"}},{"$f":"IF(OR($B36=\"\",Îlots!$S$13=\"\"),\"\",Îlots!$S$13)","v":100},null,{"$f":"IF($B36=\"\",\"\",N(Îlots!$T$13))","v":130},{"v":30,"d":"+30"},{"v":1.3,"d":"130%"},null,{"$f":"IF($B36=\"\",\"\",Îlots!$Y$13&\"\")","v":"Dépassement PPF"},null,null,"Total",{"$f":"SUM(S31:S35)","v":{"v":26441.754,"d":"26,442"}},{"$f":"IF($S$36=0,0,1)","v":{"v":1,"d":"100%"}}]
[null,{"$f":"IF(Îlots!$D$14=\"\",\"\",Îlots!$D$14)","v":"07 – La Fosse aux Loups"},null,null,{"$f":"IF($B37=\"\",\"\",Îlots!$N$14&\"\")","v":"Prairie temporaire"},null,null,{"$f":"IF($B37=\"\",\"\",Îlots!$E$14)","v":7.45},{"$f":"IF(OR($B37=\"\",Îlots!$S$14=\"\"),\"\",Îlots!$S$14)","v":120},null,{"$f":"IF($B37=\"\",\"\",N(Îlots!$T$14))","v":{"v":98.49000000000001,"d":"98"}},-22,{"v":0.8207500000000001,"d":"82%"},null,{"$f":"IF($B37=\"\",\"\",Îlots!$Y$14&\"\")","v":"Conforme"}]
[null,{"$f":"IF(Îlots!$D$15=\"\",\"\",Îlots!$D$15)","v":"08 – Les Terres Fortes"},null,null,{"$f":"IF($B38=\"\",\"\",Îlots!$N$15&\"\")","v":"Orge de printemps"},null,null,{"$f":"IF($B38=\"\",\"\",Îlots!$E$15)","v":{"v":13.1,"d":"13.10"}},{"$f":"IF(OR($B38=\"\",Îlots!$S$15=\"\"),\"\",Îlots!$S$15)","v":105},null,{"$f":"IF($B38=\"\",\"\",N(Îlots!$T$15))","v":{"v":103.65,"d":"104"}},-1,{"v":0.9871428571428572,"d":"99%"},null,{"$f":"IF($B38=\"\",\"\",Îlots!$Y$15&\"\")","v":"Conforme"}]
[null,{"$f":"IF(Îlots!$D$16=\"\",\"\",Îlots!$D$16)","v":"09 – Les Sablons"},null,null,{"$f":"IF($B39=\"\",\"\",Îlots!$N$16&\"\")","v":"Triticale"},null,null,{"$f":"IF($B39=\"\",\"\",Îlots!$E$16)","v":10.05},{"$f":"IF(OR($B39=\"\",Îlots!$S$16=\"\"),\"\",Îlots!$S$16)","v":140},null,{"$f":"IF($B39=\"\",\"\",N(Îlots!$T$16))","v":{"v":136.8,"d":"137"}},-3,{"v":0.9771428571428572,"d":"98%"},null,{"$f":"IF($B39=\"\",\"\",Îlots!$Y$16&\"\")","v":"Conforme"}]
[null,{"$f":"IF(Îlots!$D$17=\"\",\"\",Îlots!$D$17)","v":"10 – Le Bois Rond"},null,null,{"$f":"IF($B40=\"\",\"\",Îlots!$N$17&\"\")","v":"Luzerne"},null,null,{"$f":"IF($B40=\"\",\"\",Îlots!$E$17)","v":8.25},{"$f":"IF(OR($B40=\"\",Îlots!$S$17=\"\"),\"\",Îlots!$S$17)","v":0},null,{"$f":"IF($B40=\"\",\"\",N(Îlots!$T$17))","v":0},0,"",null,{"$f":"IF($B40=\"\",\"\",Îlots!$Y$17&\"\")","v":"Aucun apport"}]
[null,{"$f":"IF(Îlots!$D$18=\"\",\"\",Îlots!$D$18)","v":""},null,null,{"$f":"IF($B41=\"\",\"\",Îlots!$N$18&\"\")","v":""},null,null,{"$f":"IF($B41=\"\",\"\",Îlots!$E$18)","v":""},{"$f":"IF(OR($B41=\"\",Îlots!$S$18=\"\"),\"\",Îlots!$S$18)","v":""},null,{"$f":"IF($B41=\"\",\"\",N(Îlots!$T$18))","v":""},"","",null,{"$f":"IF($B41=\"\",\"\",Îlots!$Y$18&\"\")","v":""}]
[null,{"$f":"IF(Îlots!$D$19=\"\",\"\",Îlots!$D$19)","v":""},null,null,{"$f":"IF($B42=\"\",\"\",Îlots!$N$19&\"\")","v":""},null,null,{"$f":"IF($B42=\"\",\"\",Îlots!$E$19)","v":""},{"$f":"IF(OR($B42=\"\",Îlots!$S$19=\"\"),\"\",Îlots!$S$19)","v":""},null,{"$f":"IF($B42=\"\",\"\",N(Îlots!$T$19))","v":""},"","",null,{"$f":"IF($B42=\"\",\"\",Îlots!$Y$19&\"\")","v":""}]
[null,{"$f":"IF(Îlots!$D$20=\"\",\"\",Îlots!$D$20)","v":""},null,null,{"$f":"IF($B43=\"\",\"\",Îlots!$N$20&\"\")","v":""},null,null,{"$f":"IF($B43=\"\",\"\",Îlots!$E$20)","v":""},{"$f":"IF(OR($B43=\"\",Îlots!$S$20=\"\"),\"\",Îlots!$S$20)","v":""},null,{"$f":"IF($B43=\"\",\"\",N(Îlots!$T$20))","v":""},"","",null,{"$f":"IF($B43=\"\",\"\",Îlots!$Y$20&\"\")","v":""}]
[null,{"$f":"IF(Îlots!$D$21=\"\",\"\",Îlots!$D$21)","v":""},null,null,{"$f":"IF($B44=\"\",\"\",Îlots!$N$21&\"\")","v":""},null,null,{"$f":"IF($B44=\"\",\"\",Îlots!$E$21)","v":""},{"$f":"IF(OR($B44=\"\",Îlots!$S$21=\"\"),\"\",Îlots!$S$21)","v":""},null,{"$f":"IF($B44=\"\",\"\",N(Îlots!$T$21))","v":""},"","",null,{"$f":"IF($B44=\"\",\"\",Îlots!$Y$21&\"\")","v":""}]
[null,{"$f":"IF(Îlots!$D$22=\"\",\"\",Îlots!$D$22)","v":""},null,null,{"$f":"IF($B45=\"\",\"\",Îlots!$N$22&\"\")","v":""},null,null,{"$f":"IF($B45=\"\",\"\",Îlots!$E$22)","v":""},{"$f":"IF(OR($B45=\"\",Îlots!$S$22=\"\"),\"\",Îlots!$S$22)","v":""},null,{"$f":"IF($B45=\"\",\"\",N(Îlots!$T$22))","v":""},"","",null,{"$f":"IF($B45=\"\",\"\",Îlots!$Y$22&\"\")","v":""}]
[null,{"$f":"IF(Îlots!$D$23=\"\",\"\",Îlots!$D$23)","v":""},null,null,{"$f":"IF($B46=\"\",\"\",Îlots!$N$23&\"\")","v":""},null,null,{"$f":"IF($B46=\"\",\"\",Îlots!$E$23)","v":""},{"$f":"IF(OR($B46=\"\",Îlots!$S$23=\"\"),\"\",Îlots!$S$23)","v":""},null,{"$f":"IF($B46=\"\",\"\",N(Îlots!$T$23))","v":""},"","",null,{"$f":"IF($B46=\"\",\"\",Îlots!$Y$23&\"\")","v":""}]
[null,{"$f":"IF(Îlots!$D$24=\"\",\"\",Îlots!$D$24)","v":""},null,null,{"$f":"IF($B47=\"\",\"\",Îlots!$N$24&\"\")","v":""},null,null,{"$f":"IF($B47=\"\",\"\",Îlots!$E$24)","v":""},{"$f":"IF(OR($B47=\"\",Îlots!$S$24=\"\"),\"\",Îlots!$S$24)","v":""},null,{"$f":"IF($B47=\"\",\"\",N(Îlots!$T$24))","v":""},"","",null,{"$f":"IF($B47=\"\",\"\",Îlots!$Y$24&\"\")","v":""}]
[null,{"$f":"IF(Îlots!$D$25=\"\",\"\",Îlots!$D$25)","v":""},null,null,{"$f":"IF($B48=\"\",\"\",Îlots!$N$25&\"\")","v":""},null,null,{"$f":"IF($B48=\"\",\"\",Îlots!$E$25)","v":""},{"$f":"IF(OR($B48=\"\",Îlots!$S$25=\"\"),\"\",Îlots!$S$25)","v":""},null,{"$f":"IF($B48=\"\",\"\",N(Îlots!$T$25))","v":""},"","",null,{"$f":"IF($B48=\"\",\"\",Îlots!$Y$25&\"\")","v":""}]
[null,{"$f":"IF(Îlots!$D$26=\"\",\"\",Îlots!$D$26)","v":""},null,null,{"$f":"IF($B49=\"\",\"\",Îlots!$N$26&\"\")","v":""},null,null,{"$f":"IF($B49=\"\",\"\",Îlots!$E$26)","v":""},{"$f":"IF(OR($B49=\"\",Îlots!$S$26=\"\"),\"\",Îlots!$S$26)","v":""},null,{"$f":"IF($B49=\"\",\"\",N(Îlots!$T$26))","v":""},"","",null,{"$f":"IF($B49=\"\",\"\",Îlots!$Y$26&\"\")","v":""}]
[null,{"$f":"IF(Îlots!$D$27=\"\",\"\",Îlots!$D$27)","v":""},null,null,{"$f":"IF($B50=\"\",\"\",Îlots!$N$27&\"\")","v":""},null,null,{"$f":"IF($B50=\"\",\"\",Îlots!$E$27)","v":""},{"$f":"IF(OR($B50=\"\",Îlots!$S$27=\"\"),\"\",Îlots!$S$27)","v":""},null,{"$f":"IF($B50=\"\",\"\",N(Îlots!$T$27))","v":""},"","",null,{"$f":"IF($B50=\"\",\"\",Îlots!$Y$27&\"\")","v":""}]
[null,"20 premiers îlots de l'onglet Îlots · barre de réalisation : N efficace apporté / dose PPF · détail d'un îlot : onglet Fiche îlot."]

{"sheet":"Registre","index":1,"n_rows":507,"n_cols":44,"rows_kept":507,"merged":[[3,11,3,12],[3,13,3,16],[5,1,5,5],[5,6,5,7],[5,8,5,11],[5,12,5,16],[5,17,5,21],[5,22,5,23],[5,25,5,43]]}
[null,"REGISTRE DES ÉPANDAGES",{"$nulls":21},{"$f":"RaisonSociale","v":"SCEA du Val de Mérienne"}]
[null,"Enregistrement des apports de fertilisants azotés – une ligne par îlot et par apport",{"$nulls":21},{"$f":"\"Campagne \"&(AnneeRecolte-1)&\"-\"&AnneeRecolte&\"  ·  récolte \"&AnneeRecolte","v":"Campagne 2026-2027  ·  récolte 2027"}]
[]
[null,"La colonne Contrôle vérifie l'état du sol, le calendrier d'interdiction, la surface, la campagne et le délai de saisie.",{"$nulls":9},"Saisie",null,"Calcul automatique"]
[]
[null,"APPORT",{"$nulls":4},"FERTILISANT",null,"QUANTITÉS",{"$nulls":3},"ÉLÉMENTS APPORTÉS",{"$nulls":4},"CONDITIONS ET TRAÇABILITÉ",{"$nulls":4},"CONTRÔLE",null,null,"COLONNES TECHNIQUES – NE PAS MODIFIER"]
[null,"N°","Date\nd'épandage","Îlot","Culture ou couvert","Apport réalisé sur","Fertilisant","Type","Surface\népandue (ha)","Dose\n(unité/ha)","Unité","Quantité\ntotale","N total\n(kg/ha)","N efficace\n(kg/ha)","P₂O₅\n(kg/ha)","K₂O\n(kg/ha)","N total\napporté (kg)","État\ndu sol","Matériel / mode d'apport","Enfouis-\nsement (h)","Réalisé par","Date de\nsaisie","Contrôle","Observations (météo, n° de bordereau…)",null,"Ligne\nîlot","Ligne\nfertil.","Surface\nîlot","Zone\nvuln.","Occupation\n(calendrier)","Ligne\ncalend.","Colonne\ntype","Code\njour","P1\ndébut","P1\nfin","P2\ndébut","P2\nfin","Période\ninterdite","Effluent\nd'élevage","Nature","N efficace\n(kg)","P₂O₅\n(kg)","K₂O\n(kg)","Rang\nfiche îlot"]
[null,{"$f":"IF(C8=\"\",\"\",COUNT($C$8:C8))","v":1},"2026-09-03","08 – Les Terres Fortes",{"$f":"IF($Z8=\"\",\"\",IF($F8=ApportCouvert,INDEX(Îlots!$I$8:$I$57,$Z8)&\"\",INDEX(Îlots!$N$8:$N$57,$Z8)&\"\"))","v":"CINE (non exporté)"},"Couvert d'interculture","Fumier de bovins (compact)",{"$f":"IF($AA8=\"\",\"\",INDEX(Fertilisants!$D$8:$D$47,$AA8)&\"\")","v":"Type Ia"},{"v":13.1,"d":"13.10"},{"v":20,"d":"20.0"},{"$f":"IF($AA8=\"\",\"\",INDEX(Fertilisants!$E$8:$E$47,$AA8)&\"\")","v":"t"},{"$f":"IF(OR($I8=\"\",$J8=\"\"),\"\",$I8*$J8)","v":{"v":262,"d":"262.0"}},{"$f":"IF(OR($J8=\"\",$AA8=\"\"),\"\",$J8*N(INDEX(Fertilisants!$G$8:$G$47,$AA8)))","v":116},{"$f":"IF(OR($J8=\"\",$AA8=\"\"),\"\",$J8*N(INDEX(Fertilisants!$I$8:$I$47,$AA8)))","v":{"v":11.6,"d":"12"}},{"$f":"IF(OR($J8=\"\",$AA8=\"\"),\"\",$J8*N(INDEX(Fertilisants!$J$8:$J$47,$AA8)))","v":52},{"$f":"IF(OR($J8=\"\",$AA8=\"\"),\"\",$J8*N(INDEX(Fertilisants!$K$8:$K$47,$AA8)))","v":190},{"$f":"IF(OR($I8=\"\",$M8=\"\"),\"\",$I8*$M8)","v":{"v":1519.6,"d":"1,520"}},"Ressuyé","Épandeur à hérissons verticaux",null,"Exploitant","2026-09-05",{"$f":"IF($C8=\"\",\"\",IF(OR($D8=\"\",$G8=\"\",$I8=\"\",$J8=\"\"),\"Incomplet\",IF(OR($R8=\"Enneigé\",$R8=\"Détrempé\",$R8=\"Inondé\",AND($R8=\"Gelé\",$H8<>\"Type 0\",$H8<>\"Type Ia\")),\"Sol interdit\",IF($AL8=1,\"Période interdite\",IF(AND(ISNUMBER($AB8),$I8>$AB8+0.001),\"Surface > îlot\",IF(OR($C8<DebutCampagne,$C8>FinCampagne),\"Hors campagne\",IF(AND(ISNUMBER($V8),$V8-$C8>DelaiSaisie),\"Saisie tardive\",\"Conforme\")))))))","v":"Conforme"},"Épandage sur couvert levé",null,{"$f":"IF($D8=\"\",\"\",IFERROR(MATCH($D8,Îlots!$D$8:$D$57,0),\"\"))","v":8},{"$f":"IF($G8=\"\",\"\",IFERROR(MATCH($G8,Fertilisants!$B$8:$B$47,0),\"\"))","v":1},{"$f":"IF($Z8=\"\",\"\",INDEX(Îlots!$E$8:$E$57,$Z8))","v":13.1},{"$f":"IF($Z8=\"\",\"\",INDEX(Îlots!$G$8:$G$57,$Z8)&\"\")","v":"Oui"},{"$f":"IF($Z8=\"\",\"\",IF($F8=ApportCouvert,OccCouvert,INDEX(Îlots!$O$8:$O$57,$Z8)&\"\"))","v":"Couvert d'interculture (CINE, CIE)"},{"$f":"IF(OR($AD8=\"\",$AC8=\"Non\",ZoneVulnerable=\"Non\"),\"\",IFERROR(MATCH($AD8,CalOccupations,0),\"\"))","v":5},{"$f":"IF($H8=\"\",\"\",IFERROR(MATCH($H8,CalTypes,0),\"\"))","v":3},{"$f":"IF(ISNUMBER($C8),MONTH($C8)*100+DAY($C8),\"\")","v":903},{"$f":"IF(OR($AE8=\"\",$AF8=\"\"),0,IF(N(INDEX(CalPrincipal,$AE8,$AF8+0))=0,0,MONTH(INDEX(CalPrincipal,$AE8,$AF8+0))*100+DAY(INDEX(CalPrincipal,$AE8,$AF8+0))))","v":1115},{"$f":"IF(OR($AE8=\"\",$AF8=\"\"),0,IF(N(INDEX(CalPrincipal,$AE8,$AF8+1))=0,0,MONTH(INDEX(CalPrincipal,$AE8,$AF8+1))*100+DAY(INDEX(CalPrincipal,$AE8,$AF8+1))))","v":115},{"$f":"IF(OR($AE8=\"\",$AF8=\"\"),0,IF(N(INDEX(CalComplement,$AE8,$AF8+0))=0,0,MONTH(INDEX(CalComplement,$AE8,$AF8+0))*100+DAY(INDEX(CalComplement,$AE8,$AF8+0))))","v":0},{"$f":"IF(OR($AE8=\"\",$AF8=\"\"),0,IF(N(INDEX(CalComplement,$AE8,$AF8+1))=0,0,MONTH(INDEX(CalComplement,$AE8,$AF8+1))*100+DAY(INDEX(CalComplement,$AE8,$AF8+1))))","v":0},{"$f":"IF(OR($AE8=\"\",$AF8=\"\",$AG8=\"\"),0,IF(OR(AND($AH8>0,IF($AH8<=$AI8,AND($AG8>=$AH8,$AG8<=$AI8),OR($AG8>=$AH8,$AG8<=$AI8))),AND($AJ8>0,IF($AJ8<=$AK8,AND($AG8>=$AJ8,$AG8<=$AK8),OR($AG8>=$AJ8,$AG8<=$AK8)))),1,0))","v":0},{"$f":"IF($AA8=\"\",0,IF(INDEX(Fertilisants!$C$8:$C$47,$AA8)=\"Effluent d'élevage\",1,0))","v":1},{"$f":"IF($AA8=\"\",\"\",IF(INDEX(Fertilisants!$C$8:$C$47,$AA8)=\"Engrais minéral\",\"Minéral\",\"Organique\"))","v":"Organique"},{"$f":"IF(OR($I8=\"\",$N8=\"\"),\"\",$I8*$N8)","v":151.95999999999998},{"$f":"IF(OR($I8=\"\",$O8=\"\"),\"\",$I8*$O8)","v":681.1999999999999},{"$f":"IF(OR($I8=\"\",$P8=\"\"),\"\",$I8*$P8)","v":2489},{"$f":"IF(AND($D8<>\"\",$D8=FicheIlot),COUNTIF($D$8:$D8,FicheIlot),\"\")","v":""}]
[null,{"$f":"IF(C9=\"\",\"\",COUNT($C$8:C9))","v":2},"2026-09-08","03 – La Garenne",{"$f":"IF($Z9=\"\",\"\",IF($F9=ApportCouvert,INDEX(Îlots!$I$8:$I$57,$Z9)&\"\",INDEX(Îlots!$N$8:$N$57,$Z9)&\"\"))","v":"Colza d'hiver"},"Culture en place","Lisier de bovins",{"$f":"IF($AA9=\"\",\"\",INDEX(Fertilisants!$D$8:$D$47,$AA9)&\"\")","v":"Type II"},{"v":9.6,"d":"9.60"},{"v":25,"d":"25.0"},{"$f":"IF($AA9=\"\",\"\",INDEX(Fertilisants!$E$8:$E$47,$AA9)&\"\")","v":"m³"},{"v":240,"d":"240.0"},{"$f":"IF(OR($J9=\"\",$AA9=\"\"),\"\",$J9*N(INDEX(Fertilisants!$G$8:$G$47,$AA9)))","v":100},{"$f":"IF(OR($J9=\"\",$AA9=\"\"),\"\",$J9*N(INDEX(Fertilisants!$I$8:$I$47,$AA9)))","v":50},{"$f":"IF(OR($J9=\"\",$AA9=\"\"),\"\",$J9*N(INDEX(Fertilisants!$J$8:$J$47,$AA9)))","v":{"v":42.5,"d":"43"}},{"$f":"IF(OR($J9=\"\",$AA9=\"\"),\"\",$J9*N(INDEX(Fertilisants!$K$8:$K$47,$AA9)))","v":{"v":114.99999999999999,"d":"115"}},960,"Ressuyé","Tonne – rampe à pendillards",null,"Entreprise de travaux (ETA)","2026-09-09","Conforme",null,null,{"$f":"IF($D9=\"\",\"\",IFERROR(MATCH($D9,Îlots!$D$8:$D$57,0),\"\"))","v":3},{"$f":"IF($G9=\"\",\"\",IFERROR(MATCH($G9,Fertilisants!$B$8:$B$47,0),\"\"))","v":2},{"$f":"IF($Z9=\"\",\"\",INDEX(Îlots!$E$8:$E$57,$Z9))","v":9.6},{"$f":"IF($Z9=\"\",\"\",INDEX(Îlots!$G$8:$G$57,$Z9)&\"\")","v":"Oui"},{"$f":"IF($Z9=\"\",\"\",IF($F9=ApportCouvert,OccCouvert,INDEX(Îlots!$O$8:$O$57,$Z9)&\"\"))","v":"Colza d'automne"},2,7,908,1015,131,0,0,0,{"$f":"IF($AA9=\"\",0,IF(INDEX(Fertilisants!$C$8:$C$47,$AA9)=\"Effluent d'élevage\",1,0))","v":1},{"$f":"IF($AA9=\"\",\"\",IF(INDEX(Fertilisants!$C$8:$C$47,$AA9)=\"Engrais minéral\",\"Minéral\",\"Organique\"))","v":"Organique"},480,408,1103.9999999999998,{"$f":"IF(AND($D9<>\"\",$D9=FicheIlot),COUNTIF($D$8:$D9,FicheIlot),\"\")","v":""}]
[null,{"$f":"IF(C10=\"\",\"\",COUNT($C$8:C10))","v":3},"2026-09-10","01 – La Croix Blanche",{"$f":"IF($Z10=\"\",\"\",IF($F10=ApportCouvert,INDEX(Îlots!$I$8:$I$57,$Z10)&\"\",INDEX(Îlots!$N$8:$N$57,$Z10)&\"\"))","v":"CINE (non exporté)"},"Couvert d'interculture","Fumier de bovins (compact)",{"$f":"IF($AA10=\"\",\"\",INDEX(Fertilisants!$D$8:$D$47,$AA10)&\"\")","v":"Type Ia"},{"v":14.8,"d":"14.80"},{"v":30,"d":"30.0"},{"$f":"IF($AA10=\"\",\"\",INDEX(Fertilisants!$E$8:$E$47,$AA10)&\"\")","v":"t"},{"v":444,"d":"444.0"},{"$f":"IF(OR($J10=\"\",$AA10=\"\"),\"\",$J10*N(INDEX(Fertilisants!$G$8:$G$47,$AA10)))","v":174},{"$f":"IF(OR($J10=\"\",$AA10=\"\"),\"\",$J10*N(INDEX(Fertilisants!$I$8:$I$47,$AA10)))","v":{"v":17.4,"d":"17"}},{"$f":"IF(OR($J10=\"\",$AA10=\"\"),\"\",$J10*N(INDEX(Fertilisants!$J$8:$J$47,$AA10)))","v":78},{"$f":"IF(OR($J10=\"\",$AA10=\"\"),\"\",$J10*N(INDEX(Fertilisants!$K$8:$K$47,$AA10)))","v":285},{"v":2575.2000000000003,"d":"2,575"},"Ressuyé","Épandeur à hérissons verticaux",null,"Exploitant","2026-09-14","Conforme",null,null,{"$f":"IF($D10=\"\",\"\",IFERROR(MATCH($D10,Îlots!$D$8:$D$57,0),\"\"))","v":1},{"$f":"IF($G10=\"\",\"\",IFERROR(MATCH($G10,Fertilisants!$B$8:$B$47,0),\"\"))","v":1},{"$f":"IF($Z10=\"\",\"\",INDEX(Îlots!$E$8:$E$57,$Z10))","v":14.8},{"$f":"IF($Z10=\"\",\"\",INDEX(Îlots!$G$8:$G$57,$Z10)&\"\")","v":"Oui"},{"$f":"IF($Z10=\"\",\"\",IF($F10=ApportCouvert,OccCouvert,INDEX(Îlots!$O$8:$O$57,$Z10)&\"\"))","v":"Couvert d'interculture (CINE, CIE)"},5,3,910,1115,115,0,0,0,{"$f":"IF($AA10=\"\",0,IF(INDEX(Fertilisants!$C$8:$C$47,$AA10)=\"Effluent d'élevage\",1,0))","v":1},{"$f":"IF($AA10=\"\",\"\",IF(INDEX(Fertilisants!$C$8:$C$47,$AA10)=\"Engrais minéral\",\"Minéral\",\"Organique\"))","v":"Organique"},257.52,1154.4,4218,{"$f":"IF(AND($D10<>\"\",$D10=FicheIlot),COUNTIF($D$8:$D10,FicheIlot),\"\")","v":""}]
[null,{"$f":"IF(C11=\"\",\"\",COUNT($C$8:C11))","v":4},"2026-09-15","06 – Pré Long",{"$f":"IF($Z11=\"\",\"\",IF($F11=ApportCouvert,INDEX(Îlots!$I$8:$I$57,$Z11)&\"\",INDEX(Îlots!$N$8:$N$57,$Z11)&\"\"))","v":"Prairie permanente"},"Culture en place","Lisier de bovins",{"$f":"IF($AA11=\"\",\"\",INDEX(Fertilisants!$D$8:$D$47,$AA11)&\"\")","v":"Type II"},{"v":8.9,"d":"8.90"},{"v":20,"d":"20.0"},{"$f":"IF($AA11=\"\",\"\",INDEX(Fertilisants!$E$8:$E$47,$AA11)&\"\")","v":"m³"},{"v":178,"d":"178.0"},{"$f":"IF(OR($J11=\"\",$AA11=\"\"),\"\",$J11*N(INDEX(Fertilisants!$G$8:$G$47,$AA11)))","v":80},{"$f":"IF(OR($J11=\"\",$AA11=\"\"),\"\",$J11*N(INDEX(Fertilisants!$I$8:$I$47,$AA11)))","v":40},{"$f":"IF(OR($J11=\"\",$AA11=\"\"),\"\",$J11*N(INDEX(Fertilisants!$J$8:$J$47,$AA11)))","v":34},{"$f":"IF(OR($J11=\"\",$AA11=\"\"),\"\",$J11*N(INDEX(Fertilisants!$K$8:$K$47,$AA11)))","v":92},712,"Ressuyé","Tonne – rampe à pendillards",null,"Exploitant","2026-09-15","Conforme",null,null,{"$f":"IF($D11=\"\",\"\",IFERROR(MATCH($D11,Îlots!$D$8:$D$57,0),\"\"))","v":6},{"$f":"IF($G11=\"\",\"\",IFERROR(MATCH($G11,Fertilisants!$B$8:$B$47,0),\"\"))","v":2},{"$f":"IF($Z11=\"\",\"\",INDEX(Îlots!$E$8:$E$57,$Z11))","v":8.9},{"$f":"IF($Z11=\"\",\"\",INDEX(Îlots!$G$8:$G$57,$Z11)&\"\")","v":"Oui"},{"$f":"IF($Z11=\"\",\"\",IF($F11=ApportCouvert,OccCouvert,INDEX(Îlots!$O$8:$O$57,$Z11)&\"\"))","v":"Prairie > 6 mois et luzerne"},4,7,915,1115,115,0,0,0,{"$f":"IF($AA11=\"\",0,IF(INDEX(Fertilisants!$C$8:$C$47,$AA11)=\"Effluent d'élevage\",1,0))","v":1},{"$f":"IF($AA11=\"\",\"\",IF(INDEX(Fertilisants!$C$8:$C$47,$AA11)=\"Engrais minéral\",\"Minéral\",\"Organique\"))","v":"Organique"},356,302.6,818.8000000000001,{"$f":"IF(AND($D11<>\"\",$D11=FicheIlot),COUNTIF($D$8:$D11,FicheIlot),\"\")","v":""}]
[null,{"$f":"IF(C12=\"\",\"\",COUNT($C$8:C12))","v":5},"2026-09-22","02 – Les Noues",{"$f":"IF($Z12=\"\",\"\",IF($F12=ApportCouvert,INDEX(Îlots!$I$8:$I$57,$Z12)&\"\",INDEX(Îlots!$N$8:$N$57,$Z12)&\"\"))","v":"Blé tendre d'hiver"},"Sol nu avant semis","Fumier de bovins (compact)",{"$f":"IF($AA12=\"\",\"\",INDEX(Fertilisants!$D$8:$D$47,$AA12)&\"\")","v":"Type Ia"},11.35,{"v":25,"d":"25.0"},{"$f":"IF($AA12=\"\",\"\",INDEX(Fertilisants!$E$8:$E$47,$AA12)&\"\")","v":"t"},{"v":283.75,"d":"283.8"},{"$f":"IF(OR($J12=\"\",$AA12=\"\"),\"\",$J12*N(INDEX(Fertilisants!$G$8:$G$47,$AA12)))","v":145},{"$f":"IF(OR($J12=\"\",$AA12=\"\"),\"\",$J12*N(INDEX(Fertilisants!$I$8:$I$47,$AA12)))","v":{"v":14.499999999999998,"d":"15"}},{"$f":"IF(OR($J12=\"\",$AA12=\"\"),\"\",$J12*N(INDEX(Fertilisants!$J$8:$J$47,$AA12)))","v":65},{"$f":"IF(OR($J12=\"\",$AA12=\"\"),\"\",$J12*N(INDEX(Fertilisants!$K$8:$K$47,$AA12)))","v":{"v":237.5,"d":"238"}},{"v":1645.75,"d":"1,646"},"Ressuyé","Épandeur à table",12,"Exploitant","2026-09-24","Conforme","Enfoui par labour",null,{"$f":"IF($D12=\"\",\"\",IFERROR(MATCH($D12,Îlots!$D$8:$D$57,0),\"\"))","v":2},{"$f":"IF($G12=\"\",\"\",IFERROR(MATCH($G12,Fertilisants!$B$8:$B$47,0),\"\"))","v":1},{"$f":"IF($Z12=\"\",\"\",INDEX(Îlots!$E$8:$E$57,$Z12))","v":11.35},{"$f":"IF($Z12=\"\",\"\",INDEX(Îlots!$G$8:$G$57,$Z12)&\"\")","v":"Oui"},{"$f":"IF($Z12=\"\",\"\",IF($F12=ApportCouvert,OccCouvert,INDEX(Îlots!$O$8:$O$57,$Z12)&\"\"))","v":"Culture d'automne (hors colza)"},1,3,922,1115,115,0,0,0,{"$f":"IF($AA12=\"\",0,IF(INDEX(Fertilisants!$C$8:$C$47,$AA12)=\"Effluent d'élevage\",1,0))","v":1},{"$f":"IF($AA12=\"\",\"\",IF(INDEX(Fertilisants!$C$8:$C$47,$AA12)=\"Engrais minéral\",\"Minéral\",\"Organique\"))","v":"Organique"},164.575,737.75,2695.625,{"$f":"IF(AND($D12<>\"\",$D12=FicheIlot),COUNTIF($D$8:$D12,FicheIlot),\"\")","v":""}]
[null,{"$f":"IF(C13=\"\",\"\",COUNT($C$8:C13))","v":6},"2026-10-05","07 – La Fosse aux Loups",{"$f":"IF($Z13=\"\",\"\",IF($F13=ApportCouvert,INDEX(Îlots!$I$8:$I$57,$Z13)&\"\",INDEX(Îlots!$N$8:$N$57,$Z13)&\"\"))","v":"Prairie temporaire"},"Culture en place","Compost de fumier",{"$f":"IF($AA13=\"\",\"\",INDEX(Fertilisants!$D$8:$D$47,$AA13)&\"\")","v":"Type Ia"},7.45,{"v":15,"d":"15.0"},{"$f":"IF($AA13=\"\",\"\",INDEX(Fertilisants!$E$8:$E$47,$AA13)&\"\")","v":"t"},{"v":111.75,"d":"111.8"},{"$f":"IF(OR($J13=\"\",$AA13=\"\"),\"\",$J13*N(INDEX(Fertilisants!$G$8:$G$47,$AA13)))","v":108},{"$f":"IF(OR($J13=\"\",$AA13=\"\"),\"\",$J13*N(INDEX(Fertilisants!$I$8:$I$47,$AA13)))","v":{"v":8.64,"d":"9"}},{"$f":"IF(OR($J13=\"\",$AA13=\"\"),\"\",$J13*N(INDEX(Fertilisants!$J$8:$J$47,$AA13)))","v":{"v":67.5,"d":"68"}},{"$f":"IF(OR($J13=\"\",$AA13=\"\"),\"\",$J13*N(INDEX(Fertilisants!$K$8:$K$47,$AA13)))","v":165},{"v":804.6,"d":"805"},"Ressuyé","Épandeur à table",null,"CUMA","2026-10-07","Conforme","Îlot hors zone vulnérable",null,{"$f":"IF($D13=\"\",\"\",IFERROR(MATCH($D13,Îlots!$D$8:$D$57,0),\"\"))","v":7},{"$f":"IF($G13=\"\",\"\",IFERROR(MATCH($G13,Fertilisants!$B$8:$B$47,0),\"\"))","v":4},{"$f":"IF($Z13=\"\",\"\",INDEX(Îlots!$E$8:$E$57,$Z13))","v":7.45},{"$f":"IF($Z13=\"\",\"\",INDEX(Îlots!$G$8:$G$57,$Z13)&\"\")","v":"Non"},{"$f":"IF($Z13=\"\",\"\",IF($F13=ApportCouvert,OccCouvert,INDEX(Îlots!$O$8:$O$57,$Z13)&\"\"))","v":"Prairie > 6 mois et luzerne"},"",3,1005,0,0,0,0,0,{"$f":"IF($AA13=\"\",0,IF(INDEX(Fertilisants!$C$8:$C$47,$AA13)=\"Effluent d'élevage\",1,0))","v":1},{"$f":"IF($AA13=\"\",\"\",IF(INDEX(Fertilisants!$C$8:$C$47,$AA13)=\"Engrais minéral\",\"Minéral\",\"Organique\"))","v":"Organique"},64.36800000000001,502.875,1229.25,{"$f":"IF(AND($D13<>\"\",$D13=FicheIlot),COUNTIF($D$8:$D13,FicheIlot),\"\")","v":""}]
[null,{"$f":"IF(C14=\"\",\"\",COUNT($C$8:C14))","v":7},"2026-11-24","04 – Le Paradis",{"$f":"IF($Z14=\"\",\"\",IF($F14=ApportCouvert,INDEX(Îlots!$I$8:$I$57,$Z14)&\"\",INDEX(Îlots!$N$8:$N$57,$Z14)&\"\"))","v":"CIE (dérobée exportée)"},"Couvert d'interculture","Lisier de bovins",{"$f":"IF($AA14=\"\",\"\",INDEX(Fertilisants!$D$8:$D$47,$AA14)&\"\")","v":"Type II"},{"v":16.2,"d":"16.20"},{"v":30,"d":"30.0"},{"$f":"IF($AA14=\"\",\"\",INDEX(Fertilisants!$E$8:$E$47,$AA14)&\"\")","v":"m³"},{"v":486,"d":"486.0"},{"$f":"IF(OR($J14=\"\",$AA14=\"\"),\"\",$J14*N(INDEX(Fertilisants!$G$8:$G$47,$AA14)))","v":120},{"$f":"IF(OR($J14=\"\",$AA14=\"\"),\"\",$J14*N(INDEX(Fertilisants!$I$8:$I$47,$AA14)))","v":60},{"$f":"IF(OR($J14=\"\",$AA14=\"\"),\"\",$J14*N(INDEX(Fertilisants!$J$8:$J$47,$AA14)))","v":51},{"$f":"IF(OR($J14=\"\",$AA14=\"\"),\"\",$J14*N(INDEX(Fertilisants!$K$8:$K$47,$AA14)))","v":138},{"v":1944,"d":"1,944"},"Humide","Tonne – buse palette",null,"Exploitant","2026-11-26","Période interdite","Fosse à saturation – situation à régulariser",null,{"$f":"IF($D14=\"\",\"\",IFERROR(MATCH($D14,Îlots!$D$8:$D$57,0),\"\"))","v":4},{"$f":"IF($G14=\"\",\"\",IFERROR(MATCH($G14,Fertilisants!$B$8:$B$47,0),\"\"))","v":2},{"$f":"IF($Z14=\"\",\"\",INDEX(Îlots!$E$8:$E$57,$Z14))","v":16.2},{"$f":"IF($Z14=\"\",\"\",INDEX(Îlots!$G$8:$G$57,$Z14)&\"\")","v":"Oui"},{"$f":"IF($Z14=\"\",\"\",IF($F14=ApportCouvert,OccCouvert,INDEX(Îlots!$O$8:$O$57,$Z14)&\"\"))","v":"Couvert d'interculture (CINE, CIE)"},5,7,1124,1015,131,0,0,1,{"$f":"IF($AA14=\"\",0,IF(INDEX(Fertilisants!$C$8:$C$47,$AA14)=\"Effluent d'élevage\",1,0))","v":1},{"$f":"IF($AA14=\"\",\"\",IF(INDEX(Fertilisants!$C$8:$C$47,$AA14)=\"Engrais minéral\",\"Minéral\",\"Organique\"))","v":"Organique"},972,826.1999999999999,2235.6,{"$f":"IF(AND($D14<>\"\",$D14=FicheIlot),COUNTIF($D$8:$D14,FicheIlot),\"\")","v":1}]
[null,{"$f":"IF(C15=\"\",\"\",COUNT($C$8:C15))","v":8},"2027-02-08","03 – La Garenne",{"$f":"IF($Z15=\"\",\"\",IF($F15=ApportCouvert,INDEX(Îlots!$I$8:$I$57,$Z15)&\"\",INDEX(Îlots!$N$8:$N$57,$Z15)&\"\"))","v":"Colza d'hiver"},"Culture en place","Sulfate d'ammoniaque 21 %",{"$f":"IF($AA15=\"\",\"\",INDEX(Fertilisants!$D$8:$D$47,$AA15)&\"\")","v":"Type III"},{"v":9.6,"d":"9.60"},{"v":200,"d":"200.0"},{"$f":"IF($AA15=\"\",\"\",INDEX(Fertilisants!$E$8:$E$47,$AA15)&\"\")","v":"kg"},{"v":1920,"d":"1,920.0"},{"$f":"IF(OR($J15=\"\",$AA15=\"\"),\"\",$J15*N(INDEX(Fertilisants!$G$8:$G$47,$AA15)))","v":42},{"$f":"IF(OR($J15=\"\",$AA15=\"\"),\"\",$J15*N(INDEX(Fertilisants!$I$8:$I$47,$AA15)))","v":42},{"$f":"IF(OR($J15=\"\",$AA15=\"\"),\"\",$J15*N(INDEX(Fertilisants!$J$8:$J$47,$AA15)))","v":0},{"$f":"IF(OR($J15=\"\",$AA15=\"\"),\"\",$J15*N(INDEX(Fertilisants!$K$8:$K$47,$AA15)))","v":0},{"v":403.2,"d":"403"},"Ressuyé","Distributeur centrifuge",null,"Exploitant","2027-02-08","Conforme","Reprise de végétation",null,{"$f":"IF($D15=\"\",\"\",IFERROR(MATCH($D15,Îlots!$D$8:$D$57,0),\"\"))","v":3},{"$f":"IF($G15=\"\",\"\",IFERROR(MATCH($G15,Fertilisants!$B$8:$B$47,0),\"\"))","v":9},{"$f":"IF($Z15=\"\",\"\",INDEX(Îlots!$E$8:$E$57,$Z15))","v":9.6},{"$f":"IF($Z15=\"\",\"\",INDEX(Îlots!$G$8:$G$57,$Z15)&\"\")","v":"Oui"},{"$f":"IF($Z15=\"\",\"\",IF($F15=ApportCouvert,OccCouvert,INDEX(Îlots!$O$8:$O$57,$Z15)&\"\"))","v":"Colza d'automne"},2,9,208,901,131,0,0,0,{"$f":"IF($AA15=\"\",0,IF(INDEX(Fertilisants!$C$8:$C$47,$AA15)=\"Effluent d'élevage\",1,0))","v":0},{"$f":"IF($AA15=\"\",\"\",IF(INDEX(Fertilisants!$C$8:$C$47,$AA15)=\"Engrais minéral\",\"Minéral\",\"Organique\"))","v":"Minéral"},403.2,0,0,{"$f":"IF(AND($D15<>\"\",$D15=FicheIlot),COUNTIF($D$8:$D15,FicheIlot),\"\")","v":""}]
[null,{"$f":"IF(C16=\"\",\"\",COUNT($C$8:C16))","v":9},"2027-02-12","02 – Les Noues",{"$f":"IF($Z16=\"\",\"\",IF($F16=ApportCouvert,INDEX(Îlots!$I$8:$I$57,$Z16)&\"\",INDEX(Îlots!$N$8:$N$57,$Z16)&\"\"))","v":"Blé tendre d'hiver"},"Culture en place","Ammonitrate 33,5 %",{"$f":"IF($AA16=\"\",\"\",INDEX(Fertilisants!$D$8:$D$47,$AA16)&\"\")","v":"Type III"},11.35,{"v":150,"d":"150.0"},{"$f":"IF($AA16=\"\",\"\",INDEX(Fertilisants!$E$8:$E$47,$AA16)&\"\")","v":"kg"},{"v":1702.5,"d":"1,702.5"},{"$f":"IF(OR($J16=\"\",$AA16=\"\"),\"\",$J16*N(INDEX(Fertilisants!$G$8:$G$47,$AA16)))","v":{"v":50.25,"d":"50"}},{"$f":"IF(OR($J16=\"\",$AA16=\"\"),\"\",$J16*N(INDEX(Fertilisants!$I$8:$I$47,$AA16)))","v":{"v":50.25,"d":"50"}},{"$f":"IF(OR($J16=\"\",$AA16=\"\"),\"\",$J16*N(INDEX(Fertilisants!$J$8:$J$47,$AA16)))","v":0},{"$f":"IF(OR($J16=\"\",$AA16=\"\"),\"\",$J16*N(INDEX(Fertilisants!$K$8:$K$47,$AA16)))","v":0},{"v":570.3375,"d":"570"},"Ressuyé","Distributeur centrifuge",null,"Exploitant","2027-02-13","Conforme","1er apport – tallage",null,{"$f":"IF($D16=\"\",\"\",IFERROR(MATCH($D16,Îlots!$D$8:$D$57,0),\"\"))","v":2},{"$f":"IF($G16=\"\",\"\",IFERROR(MATCH($G16,Fertilisants!$B$8:$B$47,0),\"\"))","v":6},{"$f":"IF($Z16=\"\",\"\",INDEX(Îlots!$E$8:$E$57,$Z16))","v":11.35},{"$f":"IF($Z16=\"\",\"\",INDEX(Îlots!$G$8:$G$57,$Z16)&\"\")","v":"Oui"},{"$f":"IF($Z16=\"\",\"\",IF($F16=ApportCouvert,OccCouvert,INDEX(Îlots!$O$8:$O$57,$Z16)&\"\"))","v":"Culture d'automne (hors colza)"},1,9,212,901,131,0,0,0,{"$f":"IF($AA16=\"\",0,IF(INDEX(Fertilisants!$C$8:$C$47,$AA16)=\"Effluent d'élevage\",1,0))","v":0},{"$f":"IF($AA16=\"\",\"\",IF(INDEX(Fertilisants!$C$8:$C$47,$AA16)=\"Engrais minéral\",\"Minéral\",\"Organique\"))","v":"Minéral"},570.3375,0,0,{"$f":"IF(AND($D16<>\"\",$D16=FicheIlot),COUNTIF($D$8:$D16,FicheIlot),\"\")","v":""}]
[null,{"$f":"IF(C17=\"\",\"\",COUNT($C$8:C17))","v":10},"2027-02-18","09 – Les Sablons",{"$f":"IF($Z17=\"\",\"\",IF($F17=ApportCouvert,INDEX(Îlots!$I$8:$I$57,$Z17)&\"\",INDEX(Îlots!$N$8:$N$57,$Z17)&\"\"))","v":"Triticale"},"Culture en place","Ammonitrate 33,5 %",{"$f":"IF($AA17=\"\",\"\",INDEX(Fertilisants!$D$8:$D$47,$AA17)&\"\")","v":"Type III"},10.05,{"v":120,"d":"120.0"},{"$f":"IF($AA17=\"\",\"\",INDEX(Fertilisants!$E$8:$E$47,$AA17)&\"\")","v":"kg"},{"v":1206,"d":"1,206.0"},{"$f":"IF(OR($J17=\"\",$AA17=\"\"),\"\",$J17*N(INDEX(Fertilisants!$G$8:$G$47,$AA17)))","v":{"v":40.2,"d":"40"}},{"$f":"IF(OR($J17=\"\",$AA17=\"\"),\"\",$J17*N(INDEX(Fertilisants!$I$8:$I$47,$AA17)))","v":{"v":40.2,"d":"40"}},{"$f":"IF(OR($J17=\"\",$AA17=\"\"),\"\",$J17*N(INDEX(Fertilisants!$J$8:$J$47,$AA17)))","v":0},{"$f":"IF(OR($J17=\"\",$AA17=\"\"),\"\",$J17*N(INDEX(Fertilisants!$K$8:$K$47,$AA17)))","v":0},{"v":404.01000000000005,"d":"404"},"Ressuyé","Distributeur centrifuge",null,"Salarié de l'exploitation","2027-02-19","Conforme",null,null,{"$f":"IF($D17=\"\",\"\",IFERROR(MATCH($D17,Îlots!$D$8:$D$57,0),\"\"))","v":9},{"$f":"IF($G17=\"\",\"\",IFERROR(MATCH($G17,Fertilisants!$B$8:$B$47,0),\"\"))","v":6},{"$f":"IF($Z17=\"\",\"\",INDEX(Îlots!$E$8:$E$57,$Z17))","v":10.05},{"$f":"IF($Z17=\"\",\"\",INDEX(Îlots!$G$8:$G$57,$Z17)&\"\")","v":"Oui"},{"$f":"IF($Z17=\"\",\"\",IF($F17=ApportCouvert,OccCouvert,INDEX(Îlots!$O$8:$O$57,$Z17)&\"\"))","v":"Culture d'automne (hors colza)"},1,9,218,901,131,0,0,0,{"$f":"IF($AA17=\"\",0,IF(INDEX(Fertilisants!$C$8:$C$47,$AA17)=\"Effluent d'élevage\",1,0))","v":0},{"$f":"IF($AA17=\"\",\"\",IF(INDEX(Fertilisants!$C$8:$C$47,$AA17)=\"Engrais minéral\",\"Minéral\",\"Organique\"))","v":"Minéral"},404.01000000000005,0,0,{"$f":"IF(AND($D17<>\"\",$D17=FicheIlot),COUNTIF($D$8:$D17,FicheIlot),\"\")","v":""}]
[null,{"$f":"IF(C18=\"\",\"\",COUNT($C$8:C18))","v":11},"2027-02-20","05 – Les Rouches",{"$f":"IF($Z18=\"\",\"\",IF($F18=ApportCouvert,INDEX(Îlots!$I$8:$I$57,$Z18)&\"\",INDEX(Îlots!$N$8:$N$57,$Z18)&\"\"))","v":"Orge d'hiver"},"Culture en place","Lisier de bovins",{"$f":"IF($AA18=\"\",\"\",INDEX(Fertilisants!$D$8:$D$47,$AA18)&\"\")","v":"Type II"},{"v":12,"d":"12.00"},{"v":20,"d":"20.0"},{"$f":"IF($AA18=\"\",\"\",INDEX(Fertilisants!$E$8:$E$47,$AA18)&\"\")","v":"m³"},{"v":240,"d":"240.0"},{"$f":"IF(OR($J18=\"\",$AA18=\"\"),\"\",$J18*N(INDEX(Fertilisants!$G$8:$G$47,$AA18)))","v":80},{"$f":"IF(OR($J18=\"\",$AA18=\"\"),\"\",$J18*N(INDEX(Fertilisants!$I$8:$I$47,$AA18)))","v":40},{"$f":"IF(OR($J18=\"\",$AA18=\"\"),\"\",$J18*N(INDEX(Fertilisants!$J$8:$J$47,$AA18)))","v":34},{"$f":"IF(OR($J18=\"\",$AA18=\"\"),\"\",$J18*N(INDEX(Fertilisants!$K$8:$K$47,$AA18)))","v":92},960,"Détrempé","Tonne – rampe à pendillards",null,"Entreprise de travaux (ETA)","2027-02-22","Sol interdit","Zone hydromorphe exclue",null,{"$f":"IF($D18=\"\",\"\",IFERROR(MATCH($D18,Îlots!$D$8:$D$57,0),\"\"))","v":5},{"$f":"IF($G18=\"\",\"\",IFERROR(MATCH($G18,Fertilisants!$B$8:$B$47,0),\"\"))","v":2},{"$f":"IF($Z18=\"\",\"\",INDEX(Îlots!$E$8:$E$57,$Z18))","v":12.75},{"$f":"IF($Z18=\"\",\"\",INDEX(Îlots!$G$8:$G$57,$Z18)&\"\")","v":"Oui"},{"$f":"IF($Z18=\"\",\"\",IF($F18=ApportCouvert,OccCouvert,INDEX(Îlots!$O$8:$O$57,$Z18)&\"\"))","v":"Culture d'automne (hors colza)"},1,7,220,1001,131,0,0,0,{"$f":"IF($AA18=\"\",0,IF(INDEX(Fertilisants!$C$8:$C$47,$AA18)=\"Effluent d'élevage\",1,0))","v":1},{"$f":"IF($AA18=\"\",\"\",IF(INDEX(Fertilisants!$C$8:$C$47,$AA18)=\"Engrais minéral\",\"Minéral\",\"Organique\"))","v":"Organique"},480,408,1104,{"$f":"IF(AND($D18<>\"\",$D18=FicheIlot),COUNTIF($D$8:$D18,FicheIlot),\"\")","v":""}]
[null,{"$f":"IF(C19=\"\",\"\",COUNT($C$8:C19))","v":12},"2027-02-25","06 – Pré Long",{"$f":"IF($Z19=\"\",\"\",IF($F19=ApportCouvert,INDEX(Îlots!$I$8:$I$57,$Z19)&\"\",INDEX(Îlots!$N$8:$N$57,$Z19)&\"\"))","v":"Prairie permanente"},"Culture en place","Lisier de bovins",{"$f":"IF($AA19=\"\",\"\",INDEX(Fertilisants!$D$8:$D$47,$AA19)&\"\")","v":"Type II"},{"v":8.9,"d":"8.90"},{"v":25,"d":"25.0"},{"$f":"IF($AA19=\"\",\"\",INDEX(Fertilisants!$E$8:$E$47,$AA19)&\"\")","v":"m³"},222.5,{"$f":"IF(OR($J19=\"\",$AA19=\"\"),\"\",$J19*N(INDEX(Fertilisants!$G$8:$G$47,$AA19)))","v":100},{"$f":"IF(OR($J19=\"\",$AA19=\"\"),\"\",$J19*N(INDEX(Fertilisants!$I$8:$I$47,$AA19)))","v":50},{"$f":"IF(OR($J19=\"\",$AA19=\"\"),\"\",$J19*N(INDEX(Fertilisants!$J$8:$J$47,$AA19)))","v":{"v":42.5,"d":"43"}},{"$f":"IF(OR($J19=\"\",$AA19=\"\"),\"\",$J19*N(INDEX(Fertilisants!$K$8:$K$47,$AA19)))","v":{"v":114.99999999999999,"d":"115"}},890,"Ressuyé","Tonne – rampe à pendillards",null,"Exploitant","2027-02-26","Conforme",null,null,{"$f":"IF($D19=\"\",\"\",IFERROR(MATCH($D19,Îlots!$D$8:$D$57,0),\"\"))","v":6},{"$f":"IF($G19=\"\",\"\",IFERROR(MATCH($G19,Fertilisants!$B$8:$B$47,0),\"\"))","v":2},{"$f":"IF($Z19=\"\",\"\",INDEX(Îlots!$E$8:$E$57,$Z19))","v":8.9},{"$f":"IF($Z19=\"\",\"\",INDEX(Îlots!$G$8:$G$57,$Z19)&\"\")","v":"Oui"},{"$f":"IF($Z19=\"\",\"\",IF($F19=ApportCouvert,OccCouvert,INDEX(Îlots!$O$8:$O$57,$Z19)&\"\"))","v":"Prairie > 6 mois et luzerne"},4,7,225,1115,115,0,0,0,{"$f":"IF($AA19=\"\",0,IF(INDEX(Fertilisants!$C$8:$C$47,$AA19)=\"Effluent d'élevage\",1,0))","v":1},{"$f":"IF($AA19=\"\",\"\",IF(INDEX(Fertilisants!$C$8:$C$47,$AA19)=\"Engrais minéral\",\"Minéral\",\"Organique\"))","v":"Organique"},445,378.25,1023.4999999999999,{"$f":"IF(AND($D19<>\"\",$D19=FicheIlot),COUNTIF($D$8:$D19,FicheIlot),\"\")","v":""}]
[null,{"$f":"IF(C20=\"\",\"\",COUNT($C$8:C20))","v":13},"2027-03-05","05 – Les Rouches",{"$f":"IF($Z20=\"\",\"\",IF($F20=ApportCouvert,INDEX(Îlots!$I$8:$I$57,$Z20)&\"\",INDEX(Îlots!$N$8:$N$57,$Z20)&\"\"))","v":"Orge d'hiver"},"Culture en place","Ammonitrate 33,5 %",{"$f":"IF($AA20=\"\",\"\",INDEX(Fertilisants!$D$8:$D$47,$AA20)&\"\")","v":"Type III"},12.75,{"v":150,"d":"150.0"},{"$f":"IF($AA20=\"\",\"\",INDEX(Fertilisants!$E$8:$E$47,$AA20)&\"\")","v":"kg"},{"v":1912.5,"d":"1,912.5"},{"$f":"IF(OR($J20=\"\",$AA20=\"\"),\"\",$J20*N(INDEX(Fertilisants!$G$8:$G$47,$AA20)))","v":{"v":50.25,"d":"50"}},{"$f":"IF(OR($J20=\"\",$AA20=\"\"),\"\",$J20*N(INDEX(Fertilisants!$I$8:$I$47,$AA20)))","v":{"v":50.25,"d":"50"}},{"$f":"IF(OR($J20=\"\",$AA20=\"\"),\"\",$J20*N(INDEX(Fertilisants!$J$8:$J$47,$AA20)))","v":0},{"$f":"IF(OR($J20=\"\",$AA20=\"\"),\"\",$J20*N(INDEX(Fertilisants!$K$8:$K$47,$AA20)))","v":0},{"v":640.6875,"d":"641"},"Ressuyé","Distributeur centrifuge",null,"Exploitant","2027-03-06","Conforme",null,null,{"$f":"IF($D20=\"\",\"\",IFERROR(MATCH($D20,Îlots!$D$8:$D$57,0),\"\"))","v":5},{"$f":"IF($G20=\"\",\"\",IFERROR(MATCH($G20,Fertilisants!$B$8:$B$47,0),\"\"))","v":6},{"$f":"IF($Z20=\"\",\"\",INDEX(Îlots!$E$8:$E$57,$Z20))","v":12.75},{"$f":"IF($Z20=\"\",\"\",INDEX(Îlots!$G$8:$G$57,$Z20)&\"\")","v":"Oui"},{"$f":"IF($Z20=\"\",\"\",IF($F20=ApportCouvert,OccCouvert,INDEX(Îlots!$O$8:$O$57,$Z20)&\"\"))","v":"Culture d'automne (hors colza)"},1,9,305,901,131,0,0,0,{"$f":"IF($AA20=\"\",0,IF(INDEX(Fertilisants!$C$8:$C$47,$AA20)=\"Effluent d'élevage\",1,0))","v":0},{"$f":"IF($AA20=\"\",\"\",IF(INDEX(Fertilisants!$C$8:$C$47,$AA20)=\"Engrais minéral\",\"Minéral\",\"Organique\"))","v":"Minéral"},640.6875,0,0,{"$f":"IF(AND($D20<>\"\",$D20=FicheIlot),COUNTIF($D$8:$D20,FicheIlot),\"\")","v":""}]
[null,{"$f":"IF(C21=\"\",\"\",COUNT($C$8:C21))","v":14},"2027-03-08","08 – Les Terres Fortes",{"$f":"IF($Z21=\"\",\"\",IF($F21=ApportCouvert,INDEX(Îlots!$I$8:$I$57,$Z21)&\"\",INDEX(Îlots!$N$8:$N$57,$Z21)&\"\"))","v":"Orge de printemps"},"Sol nu avant semis","Digestat liquide",{"$f":"IF($AA21=\"\",\"\",INDEX(Fertilisants!$D$8:$D$47,$AA21)&\"\")","v":"Type II"},{"v":13.1,"d":"13.10"},{"v":20,"d":"20.0"},{"$f":"IF($AA21=\"\",\"\",INDEX(Fertilisants!$E$8:$E$47,$AA21)&\"\")","v":"m³"},{"v":262,"d":"262.0"},{"$f":"IF(OR($J21=\"\",$AA21=\"\"),\"\",$J21*N(INDEX(Fertilisants!$G$8:$G$47,$AA21)))","v":92},{"$f":"IF(OR($J21=\"\",$AA21=\"\"),\"\",$J21*N(INDEX(Fertilisants!$I$8:$I$47,$AA21)))","v":{"v":55.199999999999996,"d":"55"}},{"$f":"IF(OR($J21=\"\",$AA21=\"\"),\"\",$J21*N(INDEX(Fertilisants!$J$8:$J$47,$AA21)))","v":32},{"$f":"IF(OR($J21=\"\",$AA21=\"\"),\"\",$J21*N(INDEX(Fertilisants!$K$8:$K$47,$AA21)))","v":96},{"v":1205.2,"d":"1,205"},"Ressuyé","Tonne – enfouisseur",0,"Entreprise de travaux (ETA)","2027-03-10","Conforme","Bordereau BE-2027-003",null,{"$f":"IF($D21=\"\",\"\",IFERROR(MATCH($D21,Îlots!$D$8:$D$57,0),\"\"))","v":8},{"$f":"IF($G21=\"\",\"\",IFERROR(MATCH($G21,Fertilisants!$B$8:$B$47,0),\"\"))","v":5},{"$f":"IF($Z21=\"\",\"\",INDEX(Îlots!$E$8:$E$57,$Z21))","v":13.1},{"$f":"IF($Z21=\"\",\"\",INDEX(Îlots!$G$8:$G$57,$Z21)&\"\")","v":"Oui"},{"$f":"IF($Z21=\"\",\"\",IF($F21=ApportCouvert,OccCouvert,INDEX(Îlots!$O$8:$O$57,$Z21)&\"\"))","v":"Culture de printemps"},3,7,308,701,115,0,0,0,{"$f":"IF($AA21=\"\",0,IF(INDEX(Fertilisants!$C$8:$C$47,$AA21)=\"Effluent d'élevage\",1,0))","v":0},{"$f":"IF($AA21=\"\",\"\",IF(INDEX(Fertilisants!$C$8:$C$47,$AA21)=\"Engrais minéral\",\"Minéral\",\"Organique\"))","v":"Organique"},723.1199999999999,419.2,1257.6,{"$f":"IF(AND($D21<>\"\",$D21=FicheIlot),COUNTIF($D$8:$D21,FicheIlot),\"\")","v":""}]
[null,{"$f":"IF(C22=\"\",\"\",COUNT($C$8:C22))","v":15},"2027-03-10","03 – La Garenne",{"$f":"IF($Z22=\"\",\"\",IF($F22=ApportCouvert,INDEX(Îlots!$I$8:$I$57,$Z22)&\"\",INDEX(Îlots!$N$8:$N$57,$Z22)&\"\"))","v":"Colza d'hiver"},"Culture en place","Solution azotée 30 %",{"$f":"IF($AA22=\"\",\"\",INDEX(Fertilisants!$D$8:$D$47,$AA22)&\"\")","v":"Type III"},{"v":9.6,"d":"9.60"},{"v":180,"d":"180.0"},{"$f":"IF($AA22=\"\",\"\",INDEX(Fertilisants!$E$8:$E$47,$AA22)&\"\")","v":"L"},{"v":1728,"d":"1,728.0"},{"$f":"IF(OR($J22=\"\",$AA22=\"\"),\"\",$J22*N(INDEX(Fertilisants!$G$8:$G$47,$AA22)))","v":{"v":69.12,"d":"69"}},{"$f":"IF(OR($J22=\"\",$AA22=\"\"),\"\",$J22*N(INDEX(Fertilisants!$I$8:$I$47,$AA22)))","v":{"v":69.12,"d":"69"}},{"$f":"IF(OR($J22=\"\",$AA22=\"\"),\"\",$J22*N(INDEX(Fertilisants!$J$8:$J$47,$AA22)))","v":0},{"$f":"IF(OR($J22=\"\",$AA22=\"\"),\"\",$J22*N(INDEX(Fertilisants!$K$8:$K$47,$AA22)))","v":0},{"v":663.552,"d":"664"},"Ressuyé","Pulvérisateur à rampe",null,"Exploitant","2027-03-11","Conforme",null,null,{"$f":"IF($D22=\"\",\"\",IFERROR(MATCH($D22,Îlots!$D$8:$D$57,0),\"\"))","v":3},{"$f":"IF($G22=\"\",\"\",IFERROR(MATCH($G22,Fertilisants!$B$8:$B$47,0),\"\"))","v":7},{"$f":"IF($Z22=\"\",\"\",INDEX(Îlots!$E$8:$E$57,$Z22))","v":9.6},{"$f":"IF($Z22=\"\",\"\",INDEX(Îlots!$G$8:$G$57,$Z22)&\"\")","v":"Oui"},{"$f":"IF($Z22=\"\",\"\",IF($F22=ApportCouvert,OccCouvert,INDEX(Îlots!$O$8:$O$57,$Z22)&\"\"))","v":"Colza d'automne"},2,9,310,901,131,0,0,0,{"$f":"IF($AA22=\"\",0,IF(INDEX(Fertilisants!$C$8:$C$47,$AA22)=\"Effluent d'élevage\",1,0))","v":0},{"$f":"IF($AA22=\"\",\"\",IF(INDEX(Fertilisants!$C$8:$C$47,$AA22)=\"Engrais minéral\",\"Minéral\",\"Organique\"))","v":"Minéral"},663.552,0,0,{"$f":"IF(AND($D22<>\"\",$D22=FicheIlot),COUNTIF($D$8:$D22,FicheIlot),\"\")","v":""}]
[null,{"$f":"IF(C23=\"\",\"\",COUNT($C$8:C23))","v":16},"2027-03-12","07 – La Fosse aux Loups",{"$f":"IF($Z23=\"\",\"\",IF($F23=ApportCouvert,INDEX(Îlots!$I$8:$I$57,$Z23)&\"\",INDEX(Îlots!$N$8:$N$57,$Z23)&\"\"))","v":"Prairie temporaire"},"Culture en place","Fumier de volailles",{"$f":"IF($AA23=\"\",\"\",INDEX(Fertilisants!$D$8:$D$47,$AA23)&\"\")","v":"Type II"},7.45,{"v":3,"d":"3.0"},{"$f":"IF($AA23=\"\",\"\",INDEX(Fertilisants!$E$8:$E$47,$AA23)&\"\")","v":"t"},{"v":22.35,"d":"22.4"},{"$f":"IF(OR($J23=\"\",$AA23=\"\"),\"\",$J23*N(INDEX(Fertilisants!$G$8:$G$47,$AA23)))","v":72},{"$f":"IF(OR($J23=\"\",$AA23=\"\"),\"\",$J23*N(INDEX(Fertilisants!$I$8:$I$47,$AA23)))","v":{"v":39.6,"d":"40"}},{"$f":"IF(OR($J23=\"\",$AA23=\"\"),\"\",$J23*N(INDEX(Fertilisants!$J$8:$J$47,$AA23)))","v":63},{"$f":"IF(OR($J23=\"\",$AA23=\"\"),\"\",$J23*N(INDEX(Fertilisants!$K$8:$K$47,$AA23)))","v":57},{"v":536.4,"d":"536"},"Ressuyé","Épandeur à table",null,"CUMA","2027-03-15","Conforme","Bordereau BE-2027-002",null,{"$f":"IF($D23=\"\",\"\",IFERROR(MATCH($D23,Îlots!$D$8:$D$57,0),\"\"))","v":7},{"$f":"IF($G23=\"\",\"\",IFERROR(MATCH($G23,Fertilisants!$B$8:$B$47,0),\"\"))","v":3},{"$f":"IF($Z23=\"\",\"\",INDEX(Îlots!$E$8:$E$57,$Z23))","v":7.45},{"$f":"IF($Z23=\"\",\"\",INDEX(Îlots!$G$8:$G$57,$Z23)&\"\")","v":"Non"},{"$f":"IF($Z23=\"\",\"\",IF($F23=ApportCouvert,OccCouvert,INDEX(Îlots!$O$8:$O$57,$Z23)&\"\"))","v":"Prairie > 6 mois et luzerne"},"",7,312,0,0,0,0,0,{"$f":"IF($AA23=\"\",0,IF(INDEX(Fertilisants!$C$8:$C$47,$AA23)=\"Effluent d'élevage\",1,0))","v":1},{"$f":"IF($AA23=\"\",\"\",IF(INDEX(Fertilisants!$C$8:$C$47,$AA23)=\"Engrais minéral\",\"Minéral\",\"Organique\"))","v":"Organique"},295.02000000000004,469.35,424.65000000000003,{"$f":"IF(AND($D23<>\"\",$D23=FicheIlot),COUNTIF($D$8:$D23,FicheIlot),\"\")","v":""}]
[null,{"$f":"IF(C24=\"\",\"\",COUNT($C$8:C24))","v":17},"2027-03-18","02 – Les Noues",{"$f":"IF($Z24=\"\",\"\",IF($F24=ApportCouvert,INDEX(Îlots!$I$8:$I$57,$Z24)&\"\",INDEX(Îlots!$N$8:$N$57,$Z24)&\"\"))","v":"Blé tendre d'hiver"},"Culture en place","Solution azotée 30 %",{"$f":"IF($AA24=\"\",\"\",INDEX(Fertilisants!$D$8:$D$47,$AA24)&\"\")","v":"Type III"},11.35,{"v":180,"d":"180.0"},{"$f":"IF($AA24=\"\",\"\",INDEX(Fertilisants!$E$8:$E$47,$AA24)&\"\")","v":"L"},{"v":2043,"d":"2,043.0"},{"$f":"IF(OR($J24=\"\",$AA24=\"\"),\"\",$J24*N(INDEX(Fertilisants!$G$8:$G$47,$AA24)))","v":{"v":69.12,"d":"69"}},{"$f":"IF(OR($J24=\"\",$AA24=\"\"),\"\",$J24*N(INDEX(Fertilisants!$I$8:$I$47,$AA24)))","v":{"v":69.12,"d":"69"}},{"$f":"IF(OR($J24=\"\",$AA24=\"\"),\"\",$J24*N(INDEX(Fertilisants!$J$8:$J$47,$AA24)))","v":0},{"$f":"IF(OR($J24=\"\",$AA24=\"\"),\"\",$J24*N(INDEX(Fertilisants!$K$8:$K$47,$AA24)))","v":0},{"v":784.5120000000001,"d":"785"},"Ressuyé","Pulvérisateur à rampe",null,"Exploitant","2027-03-18","Conforme","Stade épi 1 cm",null,{"$f":"IF($D24=\"\",\"\",IFERROR(MATCH($D24,Îlots!$D$8:$D$57,0),\"\"))","v":2},{"$f":"IF($G24=\"\",\"\",IFERROR(MATCH($G24,Fertilisants!$B$8:$B$47,0),\"\"))","v":7},{"$f":"IF($Z24=\"\",\"\",INDEX(Îlots!$E$8:$E$57,$Z24))","v":11.35},{"$f":"IF($Z24=\"\",\"\",INDEX(Îlots!$G$8:$G$57,$Z24)&\"\")","v":"Oui"},{"$f":"IF($Z24=\"\",\"\",IF($F24=ApportCouvert,OccCouvert,INDEX(Îlots!$O$8:$O$57,$Z24)&\"\"))","v":"Culture d'automne (hors colza)"},1,9,318,901,131,0,0,0,{"$f":"IF($AA24=\"\",0,IF(INDEX(Fertilisants!$C$8:$C$47,$AA24)=\"Effluent d'élevage\",1,0))","v":0},{"$f":"IF($AA24=\"\",\"\",IF(INDEX(Fertilisants!$C$8:$C$47,$AA24)=\"Engrais minéral\",\"Minéral\",\"Organique\"))","v":"Minéral"},784.5120000000001,0,0,{"$f":"IF(AND($D24<>\"\",$D24=FicheIlot),COUNTIF($D$8:$D24,FicheIlot),\"\")","v":""}]
[null,{"$f":"IF(C25=\"\",\"\",COUNT($C$8:C25))","v":18},"2027-03-22","09 – Les Sablons",{"$f":"IF($Z25=\"\",\"\",IF($F25=ApportCouvert,INDEX(Îlots!$I$8:$I$57,$Z25)&\"\",INDEX(Îlots!$N$8:$N$57,$Z25)&\"\"))","v":"Triticale"},"Culture en place","Digestat liquide",{"$f":"IF($AA25=\"\",\"\",INDEX(Fertilisants!$D$8:$D$47,$AA25)&\"\")","v":"Type II"},10.05,{"v":25,"d":"25.0"},{"$f":"IF($AA25=\"\",\"\",INDEX(Fertilisants!$E$8:$E$47,$AA25)&\"\")","v":"m³"},{"v":251.25000000000003,"d":"251.3"},{"$f":"IF(OR($J25=\"\",$AA25=\"\"),\"\",$J25*N(INDEX(Fertilisants!$G$8:$G$47,$AA25)))","v":{"v":114.99999999999999,"d":"115"}},{"$f":"IF(OR($J25=\"\",$AA25=\"\"),\"\",$J25*N(INDEX(Fertilisants!$I$8:$I$47,$AA25)))","v":69},{"$f":"IF(OR($J25=\"\",$AA25=\"\"),\"\",$J25*N(INDEX(Fertilisants!$J$8:$J$47,$AA25)))","v":40},{"$f":"IF(OR($J25=\"\",$AA25=\"\"),\"\",$J25*N(INDEX(Fertilisants!$K$8:$K$47,$AA25)))","v":120},{"v":1155.75,"d":"1,156"},"Ressuyé","Tonne – rampe à pendillards",null,"Entreprise de travaux (ETA)","2027-03-24","Conforme","Bordereau BE-2027-004",null,{"$f":"IF($D25=\"\",\"\",IFERROR(MATCH($D25,Îlots!$D$8:$D$57,0),\"\"))","v":9},{"$f":"IF($G25=\"\",\"\",IFERROR(MATCH($G25,Fertilisants!$B$8:$B$47,0),\"\"))","v":5},{"$f":"IF($Z25=\"\",\"\",INDEX(Îlots!$E$8:$E$57,$Z25))","v":10.05},{"$f":"IF($Z25=\"\",\"\",INDEX(Îlots!$G$8:$G$57,$Z25)&\"\")","v":"Oui"},{"$f":"IF($Z25=\"\",\"\",IF($F25=ApportCouvert,OccCouvert,INDEX(Îlots!$O$8:$O$57,$Z25)&\"\"))","v":"Culture d'automne (hors colza)"},1,7,322,1001,131,0,0,0,{"$f":"IF($AA25=\"\",0,IF(INDEX(Fertilisants!$C$8:$C$47,$AA25)=\"Effluent d'élevage\",1,0))","v":0},{"$f":"IF($AA25=\"\",\"\",IF(INDEX(Fertilisants!$C$8:$C$47,$AA25)=\"Engrais minéral\",\"Minéral\",\"Organique\"))","v":"Organique"},693.45,402,1206,{"$f":"IF(AND($D25<>\"\",$D25=FicheIlot),COUNTIF($D$8:$D25,FicheIlot),\"\")","v":""}]
[null,{"$f":"IF(C26=\"\",\"\",COUNT($C$8:C26))","v":19},"2027-04-02","05 – Les Rouches",{"$f":"IF($Z26=\"\",\"\",IF($F26=ApportCouvert,INDEX(Îlots!$I$8:$I$57,$Z26)&\"\",INDEX(Îlots!$N$8:$N$57,$Z26)&\"\"))","v":"Orge d'hiver"},"Culture en place","Ammonitrate 33,5 %",{"$f":"IF($AA26=\"\",\"\",INDEX(Fertilisants!$D$8:$D$47,$AA26)&\"\")","v":"Type III"},12.75,{"v":150,"d":"150.0"},{"$f":"IF($AA26=\"\",\"\",INDEX(Fertilisants!$E$8:$E$47,$AA26)&\"\")","v":"kg"},{"v":1912.5,"d":"1,912.5"},{"$f":"IF(OR($J26=\"\",$AA26=\"\"),\"\",$J26*N(INDEX(Fertilisants!$G$8:$G$47,$AA26)))","v":{"v":50.25,"d":"50"}},{"$f":"IF(OR($J26=\"\",$AA26=\"\"),\"\",$J26*N(INDEX(Fertilisants!$I$8:$I$47,$AA26)))","v":{"v":50.25,"d":"50"}},{"$f":"IF(OR($J26=\"\",$AA26=\"\"),\"\",$J26*N(INDEX(Fertilisants!$J$8:$J$47,$AA26)))","v":0},{"$f":"IF(OR($J26=\"\",$AA26=\"\"),\"\",$J26*N(INDEX(Fertilisants!$K$8:$K$47,$AA26)))","v":0},{"v":640.6875,"d":"641"},"Ressuyé","Distributeur centrifuge",null,"Exploitant","2027-04-03","Conforme","Dernier apport",null,{"$f":"IF($D26=\"\",\"\",IFERROR(MATCH($D26,Îlots!$D$8:$D$57,0),\"\"))","v":5},{"$f":"IF($G26=\"\",\"\",IFERROR(MATCH($G26,Fertilisants!$B$8:$B$47,0),\"\"))","v":6},{"$f":"IF($Z26=\"\",\"\",INDEX(Îlots!$E$8:$E$57,$Z26))","v":12.75},{"$f":"IF($Z26=\"\",\"\",INDEX(Îlots!$G$8:$G$57,$Z26)&\"\")","v":"Oui"},{"$f":"IF($Z26=\"\",\"\",IF($F26=ApportCouvert,OccCouvert,INDEX(Îlots!$O$8:$O$57,$Z26)&\"\"))","v":"Culture d'automne (hors colza)"},1,9,402,901,131,0,0,0,{"$f":"IF($AA26=\"\",0,IF(INDEX(Fertilisants!$C$8:$C$47,$AA26)=\"Effluent d'élevage\",1,0))","v":0},{"$f":"IF($AA26=\"\",\"\",IF(INDEX(Fertilisants!$C$8:$C$47,$AA26)=\"Engrais minéral\",\"Minéral\",\"Organique\"))","v":"Minéral"},640.6875,0,0,{"$f":"IF(AND($D26<>\"\",$D26=FicheIlot),COUNTIF($D$8:$D26,FicheIlot),\"\")","v":""}]
[null,{"$f":"IF(C27=\"\",\"\",COUNT($C$8:C27))","v":20},"2027-04-12","08 – Les Terres Fortes",{"$f":"IF($Z27=\"\",\"\",IF($F27=ApportCouvert,INDEX(Îlots!$I$8:$I$57,$Z27)&\"\",INDEX(Îlots!$N$8:$N$57,$Z27)&\"\"))","v":"Orge de printemps"},"Culture en place","Ammonitrate 33,5 %",{"$f":"IF($AA27=\"\",\"\",INDEX(Fertilisants!$D$8:$D$47,$AA27)&\"\")","v":"Type III"},{"v":13.1,"d":"13.10"},{"v":110,"d":"110.0"},{"$f":"IF($AA27=\"\",\"\",INDEX(Fertilisants!$E$8:$E$47,$AA27)&\"\")","v":"kg"},{"v":1441,"d":"1,441.0"},{"$f":"IF(OR($J27=\"\",$AA27=\"\"),\"\",$J27*N(INDEX(Fertilisants!$G$8:$G$47,$AA27)))","v":{"v":36.85,"d":"37"}},{"$f":"IF(OR($J27=\"\",$AA27=\"\"),\"\",$J27*N(INDEX(Fertilisants!$I$8:$I$47,$AA27)))","v":{"v":36.85,"d":"37"}},{"$f":"IF(OR($J27=\"\",$AA27=\"\"),\"\",$J27*N(INDEX(Fertilisants!$J$8:$J$47,$AA27)))","v":0},{"$f":"IF(OR($J27=\"\",$AA27=\"\"),\"\",$J27*N(INDEX(Fertilisants!$K$8:$K$47,$AA27)))","v":0},{"v":482.735,"d":"483"},"Ressuyé","Distributeur centrifuge",null,"Salarié de l'exploitation","2027-05-25","Saisie tardive","Saisie reportée",null,{"$f":"IF($D27=\"\",\"\",IFERROR(MATCH($D27,Îlots!$D$8:$D$57,0),\"\"))","v":8},{"$f":"IF($G27=\"\",\"\",IFERROR(MATCH($G27,Fertilisants!$B$8:$B$47,0),\"\"))","v":6},{"$f":"IF($Z27=\"\",\"\",INDEX(Îlots!$E$8:$E$57,$Z27))","v":13.1},{"$f":"IF($Z27=\"\",\"\",INDEX(Îlots!$G$8:$G$57,$Z27)&\"\")","v":"Oui"},{"$f":"IF($Z27=\"\",\"\",IF($F27=ApportCouvert,OccCouvert,INDEX(Îlots!$O$8:$O$57,$Z27)&\"\"))","v":"Culture de printemps"},3,9,412,701,215,0,0,0,{"$f":"IF($AA27=\"\",0,IF(INDEX(Fertilisants!$C$8:$C$47,$AA27)=\"Effluent d'élevage\",1,0))","v":0},{"$f":"IF($AA27=\"\",\"\",IF(INDEX(Fertilisants!$C$8:$C$47,$AA27)=\"Engrais minéral\",\"Minéral\",\"Organique\"))","v":"Minéral"},482.735,0,0,{"$f":"IF(AND($D27<>\"\",$D27=FicheIlot),COUNTIF($D$8:$D27,FicheIlot),\"\")","v":""}]
[null,{"$f":"IF(C28=\"\",\"\",COUNT($C$8:C28))","v":21},"2027-04-15","09 – Les Sablons",{"$f":"IF($Z28=\"\",\"\",IF($F28=ApportCouvert,INDEX(Îlots!$I$8:$I$57,$Z28)&\"\",INDEX(Îlots!$N$8:$N$57,$Z28)&\"\"))","v":"Triticale"},"Culture en place","Urée 46 %",{"$f":"IF($AA28=\"\",\"\",INDEX(Fertilisants!$D$8:$D$47,$AA28)&\"\")","v":"Type III"},10.05,{"v":60,"d":"60.0"},{"$f":"IF($AA28=\"\",\"\",INDEX(Fertilisants!$E$8:$E$47,$AA28)&\"\")","v":"kg"},{"v":603,"d":"603.0"},{"$f":"IF(OR($J28=\"\",$AA28=\"\"),\"\",$J28*N(INDEX(Fertilisants!$G$8:$G$47,$AA28)))","v":{"v":27.6,"d":"28"}},{"$f":"IF(OR($J28=\"\",$AA28=\"\"),\"\",$J28*N(INDEX(Fertilisants!$I$8:$I$47,$AA28)))","v":{"v":27.6,"d":"28"}},{"$f":"IF(OR($J28=\"\",$AA28=\"\"),\"\",$J28*N(INDEX(Fertilisants!$J$8:$J$47,$AA28)))","v":0},{"$f":"IF(OR($J28=\"\",$AA28=\"\"),\"\",$J28*N(INDEX(Fertilisants!$K$8:$K$47,$AA28)))","v":0},{"v":277.38000000000005,"d":"277"},"Ressuyé","Distributeur centrifuge",null,"Exploitant","2027-04-16","Conforme",null,null,{"$f":"IF($D28=\"\",\"\",IFERROR(MATCH($D28,Îlots!$D$8:$D$57,0),\"\"))","v":9},{"$f":"IF($G28=\"\",\"\",IFERROR(MATCH($G28,Fertilisants!$B$8:$B$47,0),\"\"))","v":8},{"$f":"IF($Z28=\"\",\"\",INDEX(Îlots!$E$8:$E$57,$Z28))","v":10.05},{"$f":"IF($Z28=\"\",\"\",INDEX(Îlots!$G$8:$G$57,$Z28)&\"\")","v":"Oui"},{"$f":"IF($Z28=\"\",\"\",IF($F28=ApportCouvert,OccCouvert,INDEX(Îlots!$O$8:$O$57,$Z28)&\"\"))","v":"Culture d'automne (hors colza)"},1,9,415,901,131,0,0,0,{"$f":"IF($AA28=\"\",0,IF(INDEX(Fertilisants!$C$8:$C$47,$AA28)=\"Effluent d'élevage\",1,0))","v":0},{"$f":"IF($AA28=\"\",\"\",IF(INDEX(Fertilisants!$C$8:$C$47,$AA28)=\"Engrais minéral\",\"Minéral\",\"Organique\"))","v":"Minéral"},277.38000000000005,0,0,{"$f":"IF(AND($D28<>\"\",$D28=FicheIlot),COUNTIF($D$8:$D28,FicheIlot),\"\")","v":""}]
[null,{"$f":"IF(C29=\"\",\"\",COUNT($C$8:C29))","v":22},"2027-04-15","01 – La Croix Blanche",{"$f":"IF($Z29=\"\",\"\",IF($F29=ApportCouvert,INDEX(Îlots!$I$8:$I$57,$Z29)&\"\",INDEX(Îlots!$N$8:$N$57,$Z29)&\"\"))","v":"Maïs ensilage"},"Sol nu avant semis","Lisier de bovins",{"$f":"IF($AA29=\"\",\"\",INDEX(Fertilisants!$D$8:$D$47,$AA29)&\"\")","v":"Type II"},{"v":14.8,"d":"14.80"},{"v":35,"d":"35.0"},{"$f":"IF($AA29=\"\",\"\",INDEX(Fertilisants!$E$8:$E$47,$AA29)&\"\")","v":"m³"},{"v":518,"d":"518.0"},{"$f":"IF(OR($J29=\"\",$AA29=\"\"),\"\",$J29*N(INDEX(Fertilisants!$G$8:$G$47,$AA29)))","v":140},{"$f":"IF(OR($J29=\"\",$AA29=\"\"),\"\",$J29*N(INDEX(Fertilisants!$I$8:$I$47,$AA29)))","v":70},{"$f":"IF(OR($J29=\"\",$AA29=\"\"),\"\",$J29*N(INDEX(Fertilisants!$J$8:$J$47,$AA29)))","v":{"v":59.5,"d":"60"}},{"$f":"IF(OR($J29=\"\",$AA29=\"\"),\"\",$J29*N(INDEX(Fertilisants!$K$8:$K$47,$AA29)))","v":161},{"v":2072,"d":"2,072"},"Ressuyé","Tonne – enfouisseur",0,"Entreprise de travaux (ETA)","2027-04-17","Conforme","Avant semis du maïs",null,{"$f":"IF($D29=\"\",\"\",IFERROR(MATCH($D29,Îlots!$D$8:$D$57,0),\"\"))","v":1},{"$f":"IF($G29=\"\",\"\",IFERROR(MATCH($G29,Fertilisants!$B$8:$B$47,0),\"\"))","v":2},{"$f":"IF($Z29=\"\",\"\",INDEX(Îlots!$E$8:$E$57,$Z29))","v":14.8},{"$f":"IF($Z29=\"\",\"\",INDEX(Îlots!$G$8:$G$57,$Z29)&\"\")","v":"Oui"},{"$f":"IF($Z29=\"\",\"\",IF($F29=ApportCouvert,OccCouvert,INDEX(Îlots!$O$8:$O$57,$Z29)&\"\"))","v":"Culture de printemps"},3,7,415,701,115,0,0,0,{"$f":"IF($AA29=\"\",0,IF(INDEX(Fertilisants!$C$8:$C$47,$AA29)=\"Effluent d'élevage\",1,0))","v":1},{"$f":"IF($AA29=\"\",\"\",IF(INDEX(Fertilisants!$C$8:$C$47,$AA29)=\"Engrais minéral\",\"Minéral\",\"Organique\"))","v":"Organique"},1036,880.6,2382.8,{"$f":"IF(AND($D29<>\"\",$D29=FicheIlot),COUNTIF($D$8:$D29,FicheIlot),\"\")","v":""}]
[null,{"$f":"IF(C30=\"\",\"\",COUNT($C$8:C30))","v":23},"2027-04-20","02 – Les Noues",{"$f":"IF($Z30=\"\",\"\",IF($F30=ApportCouvert,INDEX(Îlots!$I$8:$I$57,$Z30)&\"\",INDEX(Îlots!$N$8:$N$57,$Z30)&\"\"))","v":"Blé tendre d'hiver"},"Culture en place","Ammonitrate 33,5 %",{"$f":"IF($AA30=\"\",\"\",INDEX(Fertilisants!$D$8:$D$47,$AA30)&\"\")","v":"Type III"},11.35,{"v":120,"d":"120.0"},{"$f":"IF($AA30=\"\",\"\",INDEX(Fertilisants!$E$8:$E$47,$AA30)&\"\")","v":"kg"},{"v":1362,"d":"1,362.0"},{"$f":"IF(OR($J30=\"\",$AA30=\"\"),\"\",$J30*N(INDEX(Fertilisants!$G$8:$G$47,$AA30)))","v":{"v":40.2,"d":"40"}},{"$f":"IF(OR($J30=\"\",$AA30=\"\"),\"\",$J30*N(INDEX(Fertilisants!$I$8:$I$47,$AA30)))","v":{"v":40.2,"d":"40"}},{"$f":"IF(OR($J30=\"\",$AA30=\"\"),\"\",$J30*N(INDEX(Fertilisants!$J$8:$J$47,$AA30)))","v":0},{"$f":"IF(OR($J30=\"\",$AA30=\"\"),\"\",$J30*N(INDEX(Fertilisants!$K$8:$K$47,$AA30)))","v":0},{"v":456.27000000000004,"d":"456"},"Ressuyé","Distributeur centrifuge",null,"Exploitant","2027-04-21","Conforme","Dernier apport – 2 nœuds",null,{"$f":"IF($D30=\"\",\"\",IFERROR(MATCH($D30,Îlots!$D$8:$D$57,0),\"\"))","v":2},{"$f":"IF($G30=\"\",\"\",IFERROR(MATCH($G30,Fertilisants!$B$8:$B$47,0),\"\"))","v":6},{"$f":"IF($Z30=\"\",\"\",INDEX(Îlots!$E$8:$E$57,$Z30))","v":11.35},{"$f":"IF($Z30=\"\",\"\",INDEX(Îlots!$G$8:$G$57,$Z30)&\"\")","v":"Oui"},{"$f":"IF($Z30=\"\",\"\",IF($F30=ApportCouvert,OccCouvert,INDEX(Îlots!$O$8:$O$57,$Z30)&\"\"))","v":"Culture d'automne (hors colza)"},1,9,420,901,131,0,0,0,{"$f":"IF($AA30=\"\",0,IF(INDEX(Fertilisants!$C$8:$C$47,$AA30)=\"Effluent d'élevage\",1,0))","v":0},{"$f":"IF($AA30=\"\",\"\",IF(INDEX(Fertilisants!$C$8:$C$47,$AA30)=\"Engrais minéral\",\"Minéral\",\"Organique\"))","v":"Minéral"},456.27000000000004,0,0,{"$f":"IF(AND($D30<>\"\",$D30=FicheIlot),COUNTIF($D$8:$D30,FicheIlot),\"\")","v":""}]
[null,{"$f":"IF(C31=\"\",\"\",COUNT($C$8:C31))","v":24},"2027-04-28","01 – La Croix Blanche",{"$f":"IF($Z31=\"\",\"\",IF($F31=ApportCouvert,INDEX(Îlots!$I$8:$I$57,$Z31)&\"\",INDEX(Îlots!$N$8:$N$57,$Z31)&\"\"))","v":"Maïs ensilage"},"Sol nu avant semis","Engrais 18-46-0",{"$f":"IF($AA31=\"\",\"\",INDEX(Fertilisants!$D$8:$D$47,$AA31)&\"\")","v":"Type III"},{"v":14.8,"d":"14.80"},{"v":100,"d":"100.0"},{"$f":"IF($AA31=\"\",\"\",INDEX(Fertilisants!$E$8:$E$47,$AA31)&\"\")","v":"kg"},{"v":1480,"d":"1,480.0"},{"$f":"IF(OR($J31=\"\",$AA31=\"\"),\"\",$J31*N(INDEX(Fertilisants!$G$8:$G$47,$AA31)))","v":18},{"$f":"IF(OR($J31=\"\",$AA31=\"\"),\"\",$J31*N(INDEX(Fertilisants!$I$8:$I$47,$AA31)))","v":18},{"$f":"IF(OR($J31=\"\",$AA31=\"\"),\"\",$J31*N(INDEX(Fertilisants!$J$8:$J$47,$AA31)))","v":46},{"$f":"IF(OR($J31=\"\",$AA31=\"\"),\"\",$J31*N(INDEX(Fertilisants!$K$8:$K$47,$AA31)))","v":0},{"v":266.40000000000003,"d":"266"},"Ressuyé","Semoir (localisé au semis)",null,"Exploitant","2027-04-29","Conforme","Localisé au semis",null,{"$f":"IF($D31=\"\",\"\",IFERROR(MATCH($D31,Îlots!$D$8:$D$57,0),\"\"))","v":1},{"$f":"IF($G31=\"\",\"\",IFERROR(MATCH($G31,Fertilisants!$B$8:$B$47,0),\"\"))","v":10},{"$f":"IF($Z31=\"\",\"\",INDEX(Îlots!$E$8:$E$57,$Z31))","v":14.8},{"$f":"IF($Z31=\"\",\"\",INDEX(Îlots!$G$8:$G$57,$Z31)&\"\")","v":"Oui"},{"$f":"IF($Z31=\"\",\"\",IF($F31=ApportCouvert,OccCouvert,INDEX(Îlots!$O$8:$O$57,$Z31)&\"\"))","v":"Culture de printemps"},3,9,428,701,215,0,0,0,{"$f":"IF($AA31=\"\",0,IF(INDEX(Fertilisants!$C$8:$C$47,$AA31)=\"Effluent d'élevage\",1,0))","v":0},{"$f":"IF($AA31=\"\",\"\",IF(INDEX(Fertilisants!$C$8:$C$47,$AA31)=\"Engrais minéral\",\"Minéral\",\"Organique\"))","v":"Minéral"},266.40000000000003,680.8000000000001,0,{"$f":"IF(AND($D31<>\"\",$D31=FicheIlot),COUNTIF($D$8:$D31,FicheIlot),\"\")","v":""}]
[null,{"$f":"IF(C32=\"\",\"\",COUNT($C$8:C32))","v":25},"2027-04-28","04 – Le Paradis",{"$f":"IF($Z32=\"\",\"\",IF($F32=ApportCouvert,INDEX(Îlots!$I$8:$I$57,$Z32)&\"\",INDEX(Îlots!$N$8:$N$57,$Z32)&\"\"))","v":"Maïs ensilage"},"Sol nu avant semis","Lisier de bovins",{"$f":"IF($AA32=\"\",\"\",INDEX(Fertilisants!$D$8:$D$47,$AA32)&\"\")","v":"Type II"},{"v":16.2,"d":"16.20"},{"v":30,"d":"30.0"},{"$f":"IF($AA32=\"\",\"\",INDEX(Fertilisants!$E$8:$E$47,$AA32)&\"\")","v":"m³"},{"v":486,"d":"486.0"},{"$f":"IF(OR($J32=\"\",$AA32=\"\"),\"\",$J32*N(INDEX(Fertilisants!$G$8:$G$47,$AA32)))","v":120},{"$f":"IF(OR($J32=\"\",$AA32=\"\"),\"\",$J32*N(INDEX(Fertilisants!$I$8:$I$47,$AA32)))","v":60},{"$f":"IF(OR($J32=\"\",$AA32=\"\"),\"\",$J32*N(INDEX(Fertilisants!$J$8:$J$47,$AA32)))","v":51},{"$f":"IF(OR($J32=\"\",$AA32=\"\"),\"\",$J32*N(INDEX(Fertilisants!$K$8:$K$47,$AA32)))","v":138},{"v":1944,"d":"1,944"},"Ressuyé","Tonne – enfouisseur",0,"Entreprise de travaux (ETA)","2027-04-30","Conforme",null,null,{"$f":"IF($D32=\"\",\"\",IFERROR(MATCH($D32,Îlots!$D$8:$D$57,0),\"\"))","v":4},{"$f":"IF($G32=\"\",\"\",IFERROR(MATCH($G32,Fertilisants!$B$8:$B$47,0),\"\"))","v":2},{"$f":"IF($Z32=\"\",\"\",INDEX(Îlots!$E$8:$E$57,$Z32))","v":16.2},{"$f":"IF($Z32=\"\",\"\",INDEX(Îlots!$G$8:$G$57,$Z32)&\"\")","v":"Oui"},{"$f":"IF($Z32=\"\",\"\",IF($F32=ApportCouvert,OccCouvert,INDEX(Îlots!$O$8:$O$57,$Z32)&\"\"))","v":"Culture de printemps"},3,7,428,701,115,0,0,0,{"$f":"IF($AA32=\"\",0,IF(INDEX(Fertilisants!$C$8:$C$47,$AA32)=\"Effluent d'élevage\",1,0))","v":1},{"$f":"IF($AA32=\"\",\"\",IF(INDEX(Fertilisants!$C$8:$C$47,$AA32)=\"Engrais minéral\",\"Minéral\",\"Organique\"))","v":"Organique"},972,826.1999999999999,2235.6,{"$f":"IF(AND($D32<>\"\",$D32=FicheIlot),COUNTIF($D$8:$D32,FicheIlot),\"\")","v":2}]
[null,{"$f":"IF(C33=\"\",\"\",COUNT($C$8:C33))","v":26},"2027-05-05","04 – Le Paradis",{"$f":"IF($Z33=\"\",\"\",IF($F33=ApportCouvert,INDEX(Îlots!$I$8:$I$57,$Z33)&\"\",INDEX(Îlots!$N$8:$N$57,$Z33)&\"\"))","v":"Maïs ensilage"},"Sol nu avant semis","Engrais 18-46-0",{"$f":"IF($AA33=\"\",\"\",INDEX(Fertilisants!$D$8:$D$47,$AA33)&\"\")","v":"Type III"},{"v":16.2,"d":"16.20"},{"v":90,"d":"90.0"},{"$f":"IF($AA33=\"\",\"\",INDEX(Fertilisants!$E$8:$E$47,$AA33)&\"\")","v":"kg"},{"v":1458,"d":"1,458.0"},{"$f":"IF(OR($J33=\"\",$AA33=\"\"),\"\",$J33*N(INDEX(Fertilisants!$G$8:$G$47,$AA33)))","v":{"v":16.2,"d":"16"}},{"$f":"IF(OR($J33=\"\",$AA33=\"\"),\"\",$J33*N(INDEX(Fertilisants!$I$8:$I$47,$AA33)))","v":{"v":16.2,"d":"16"}},{"$f":"IF(OR($J33=\"\",$AA33=\"\"),\"\",$J33*N(INDEX(Fertilisants!$J$8:$J$47,$AA33)))","v":{"v":41.4,"d":"41"}},{"$f":"IF(OR($J33=\"\",$AA33=\"\"),\"\",$J33*N(INDEX(Fertilisants!$K$8:$K$47,$AA33)))","v":0},{"v":262.44,"d":"262"},"Ressuyé","Semoir (localisé au semis)",null,"Exploitant","2027-05-06","Conforme","Localisé au semis",null,{"$f":"IF($D33=\"\",\"\",IFERROR(MATCH($D33,Îlots!$D$8:$D$57,0),\"\"))","v":4},{"$f":"IF($G33=\"\",\"\",IFERROR(MATCH($G33,Fertilisants!$B$8:$B$47,0),\"\"))","v":10},{"$f":"IF($Z33=\"\",\"\",INDEX(Îlots!$E$8:$E$57,$Z33))","v":16.2},{"$f":"IF($Z33=\"\",\"\",INDEX(Îlots!$G$8:$G$57,$Z33)&\"\")","v":"Oui"},{"$f":"IF($Z33=\"\",\"\",IF($F33=ApportCouvert,OccCouvert,INDEX(Îlots!$O$8:$O$57,$Z33)&\"\"))","v":"Culture de printemps"},3,9,505,701,215,0,0,0,{"$f":"IF($AA33=\"\",0,IF(INDEX(Fertilisants!$C$8:$C$47,$AA33)=\"Effluent d'élevage\",1,0))","v":0},{"$f":"IF($AA33=\"\",\"\",IF(INDEX(Fertilisants!$C$8:$C$47,$AA33)=\"Engrais minéral\",\"Minéral\",\"Organique\"))","v":"Minéral"},262.44,670.68,0,{"$f":"IF(AND($D33<>\"\",$D33=FicheIlot),COUNTIF($D$8:$D33,FicheIlot),\"\")","v":3}]
[null,{"$f":"IF(C34=\"\",\"\",COUNT($C$8:C34))","v":27},"2027-05-28","07 – La Fosse aux Loups",{"$f":"IF($Z34=\"\",\"\",IF($F34=ApportCouvert,INDEX(Îlots!$I$8:$I$57,$Z34)&\"\",INDEX(Îlots!$N$8:$N$57,$Z34)&\"\"))","v":"Prairie temporaire"},"Culture en place","Ammonitrate 33,5 %",{"$f":"IF($AA34=\"\",\"\",INDEX(Fertilisants!$D$8:$D$47,$AA34)&\"\")","v":"Type III"},7.45,{"v":150,"d":"150.0"},{"$f":"IF($AA34=\"\",\"\",INDEX(Fertilisants!$E$8:$E$47,$AA34)&\"\")","v":"kg"},{"v":1117.5,"d":"1,117.5"},{"$f":"IF(OR($J34=\"\",$AA34=\"\"),\"\",$J34*N(INDEX(Fertilisants!$G$8:$G$47,$AA34)))","v":{"v":50.25,"d":"50"}},{"$f":"IF(OR($J34=\"\",$AA34=\"\"),\"\",$J34*N(INDEX(Fertilisants!$I$8:$I$47,$AA34)))","v":{"v":50.25,"d":"50"}},{"$f":"IF(OR($J34=\"\",$AA34=\"\"),\"\",$J34*N(INDEX(Fertilisants!$J$8:$J$47,$AA34)))","v":0},{"$f":"IF(OR($J34=\"\",$AA34=\"\"),\"\",$J34*N(INDEX(Fertilisants!$K$8:$K$47,$AA34)))","v":0},{"v":374.3625,"d":"374"},"Ressuyé","Distributeur centrifuge",null,"Exploitant","2027-05-29","Conforme","Après la 1re coupe",null,{"$f":"IF($D34=\"\",\"\",IFERROR(MATCH($D34,Îlots!$D$8:$D$57,0),\"\"))","v":7},{"$f":"IF($G34=\"\",\"\",IFERROR(MATCH($G34,Fertilisants!$B$8:$B$47,0),\"\"))","v":6},{"$f":"IF($Z34=\"\",\"\",INDEX(Îlots!$E$8:$E$57,$Z34))","v":7.45},{"$f":"IF($Z34=\"\",\"\",INDEX(Îlots!$G$8:$G$57,$Z34)&\"\")","v":"Non"},{"$f":"IF($Z34=\"\",\"\",IF($F34=ApportCouvert,OccCouvert,INDEX(Îlots!$O$8:$O$57,$Z34)&\"\"))","v":"Prairie > 6 mois et luzerne"},"",9,528,0,0,0,0,0,{"$f":"IF($AA34=\"\",0,IF(INDEX(Fertilisants!$C$8:$C$47,$AA34)=\"Effluent d'élevage\",1,0))","v":0},{"$f":"IF($AA34=\"\",\"\",IF(INDEX(Fertilisants!$C$8:$C$47,$AA34)=\"Engrais minéral\",\"Minéral\",\"Organique\"))","v":"Minéral"},374.3625,0,0,{"$f":"IF(AND($D34<>\"\",$D34=FicheIlot),COUNTIF($D$8:$D34,FicheIlot),\"\")","v":""}]
[null,{"$f":"IF(C35=\"\",\"\",COUNT($C$8:C35))","v":28},"2027-06-02","01 – La Croix Blanche",{"$f":"IF($Z35=\"\",\"\",IF($F35=ApportCouvert,INDEX(Îlots!$I$8:$I$57,$Z35)&\"\",INDEX(Îlots!$N$8:$N$57,$Z35)&\"\"))","v":"Maïs ensilage"},"Culture en place","Urée 46 %",{"$f":"IF($AA35=\"\",\"\",INDEX(Fertilisants!$D$8:$D$47,$AA35)&\"\")","v":"Type III"},{"v":14.8,"d":"14.80"},{"v":85,"d":"85.0"},{"$f":"IF($AA35=\"\",\"\",INDEX(Fertilisants!$E$8:$E$47,$AA35)&\"\")","v":"kg"},{"v":1258,"d":"1,258.0"},{"$f":"IF(OR($J35=\"\",$AA35=\"\"),\"\",$J35*N(INDEX(Fertilisants!$G$8:$G$47,$AA35)))","v":{"v":39.1,"d":"39"}},{"$f":"IF(OR($J35=\"\",$AA35=\"\"),\"\",$J35*N(INDEX(Fertilisants!$I$8:$I$47,$AA35)))","v":{"v":39.1,"d":"39"}},{"$f":"IF(OR($J35=\"\",$AA35=\"\"),\"\",$J35*N(INDEX(Fertilisants!$J$8:$J$47,$AA35)))","v":0},{"$f":"IF(OR($J35=\"\",$AA35=\"\"),\"\",$J35*N(INDEX(Fertilisants!$K$8:$K$47,$AA35)))","v":0},{"v":578.6800000000001,"d":"579"},"Ressuyé","Distributeur centrifuge",null,"Exploitant","2027-06-03","Conforme","Stade 6 feuilles",null,{"$f":"IF($D35=\"\",\"\",IFERROR(MATCH($D35,Îlots!$D$8:$D$57,0),\"\"))","v":1},{"$f":"IF($G35=\"\",\"\",IFERROR(MATCH($G35,Fertilisants!$B$8:$B$47,0),\"\"))","v":8},{"$f":"IF($Z35=\"\",\"\",INDEX(Îlots!$E$8:$E$57,$Z35))","v":14.8},{"$f":"IF($Z35=\"\",\"\",INDEX(Îlots!$G$8:$G$57,$Z35)&\"\")","v":"Oui"},{"$f":"IF($Z35=\"\",\"\",IF($F35=ApportCouvert,OccCouvert,INDEX(Îlots!$O$8:$O$57,$Z35)&\"\"))","v":"Culture de printemps"},3,9,602,701,215,0,0,0,{"$f":"IF($AA35=\"\",0,IF(INDEX(Fertilisants!$C$8:$C$47,$AA35)=\"Effluent d'élevage\",1,0))","v":0},{"$f":"IF($AA35=\"\",\"\",IF(INDEX(Fertilisants!$C$8:$C$47,$AA35)=\"Engrais minéral\",\"Minéral\",\"Organique\"))","v":"Minéral"},578.6800000000001,0,0,{"$f":"IF(AND($D35<>\"\",$D35=FicheIlot),COUNTIF($D$8:$D35,FicheIlot),\"\")","v":""}]
[null,{"$f":"IF(C36=\"\",\"\",COUNT($C$8:C36))","v":29},"2027-06-14","06 – Pré Long",{"$f":"IF($Z36=\"\",\"\",IF($F36=ApportCouvert,INDEX(Îlots!$I$8:$I$57,$Z36)&\"\",INDEX(Îlots!$N$8:$N$57,$Z36)&\"\"))","v":"Prairie permanente"},"Culture en place","Lisier de bovins",{"$f":"IF($AA36=\"\",\"\",INDEX(Fertilisants!$D$8:$D$47,$AA36)&\"\")","v":"Type II"},{"v":8.9,"d":"8.90"},{"v":20,"d":"20.0"},{"$f":"IF($AA36=\"\",\"\",INDEX(Fertilisants!$E$8:$E$47,$AA36)&\"\")","v":"m³"},{"v":178,"d":"178.0"},{"$f":"IF(OR($J36=\"\",$AA36=\"\"),\"\",$J36*N(INDEX(Fertilisants!$G$8:$G$47,$AA36)))","v":80},{"$f":"IF(OR($J36=\"\",$AA36=\"\"),\"\",$J36*N(INDEX(Fertilisants!$I$8:$I$47,$AA36)))","v":40},{"$f":"IF(OR($J36=\"\",$AA36=\"\"),\"\",$J36*N(INDEX(Fertilisants!$J$8:$J$47,$AA36)))","v":34},{"$f":"IF(OR($J36=\"\",$AA36=\"\"),\"\",$J36*N(INDEX(Fertilisants!$K$8:$K$47,$AA36)))","v":92},712,"Ressuyé","Tonne – rampe à pendillards",null,"Exploitant","2027-06-15","Conforme","Après la 1re fauche",null,{"$f":"IF($D36=\"\",\"\",IFERROR(MATCH($D36,Îlots!$D$8:$D$57,0),\"\"))","v":6},{"$f":"IF($G36=\"\",\"\",IFERROR(MATCH($G36,Fertilisants!$B$8:$B$47,0),\"\"))","v":2},{"$f":"IF($Z36=\"\",\"\",INDEX(Îlots!$E$8:$E$57,$Z36))","v":8.9},{"$f":"IF($Z36=\"\",\"\",INDEX(Îlots!$G$8:$G$57,$Z36)&\"\")","v":"Oui"},{"$f":"IF($Z36=\"\",\"\",IF($F36=ApportCouvert,OccCouvert,INDEX(Îlots!$O$8:$O$57,$Z36)&\"\"))","v":"Prairie > 6 mois et luzerne"},4,7,614,1115,115,0,0,0,{"$f":"IF($AA36=\"\",0,IF(INDEX(Fertilisants!$C$8:$C$47,$AA36)=\"Effluent d'élevage\",1,0))","v":1},{"$f":"IF($AA36=\"\",\"\",IF(INDEX(Fertilisants!$C$8:$C$47,$AA36)=\"Engrais minéral\",\"Minéral\",\"Organique\"))","v":"Organique"},356,302.6,818.8000000000001,{"$f":"IF(AND($D36<>\"\",$D36=FicheIlot),COUNTIF($D$8:$D36,FicheIlot),\"\")","v":""}]
[null,{"$f":"IF(C37=\"\",\"\",COUNT($C$8:C37))","v":""},null,null,{"$f":"IF($Z37=\"\",\"\",IF($F37=ApportCouvert,INDEX(Îlots!$I$8:$I$57,$Z37)&\"\",INDEX(Îlots!$N$8:$N$57,$Z37)&\"\"))","v":""},null,null,{"$f":"IF($AA37=\"\",\"\",INDEX(Fertilisants!$D$8:$D$47,$AA37)&\"\")","v":""},null,null,{"$f":"IF($AA37=\"\",\"\",INDEX(Fertilisants!$E$8:$E$47,$AA37)&\"\")","v":""},"",{"$f":"IF(OR($J37=\"\",$AA37=\"\"),\"\",$J37*N(INDEX(Fertilisants!$G$8:$G$47,$AA37)))","v":""},{"$f":"IF(OR($J37=\"\",$AA37=\"\"),\"\",$J37*N(INDEX(Fertilisants!$I$8:$I$47,$AA37)))","v":""},{"$f":"IF(OR($J37=\"\",$AA37=\"\"),\"\",$J37*N(INDEX(Fertilisants!$J$8:$J$47,$AA37)))","v":""},{"$f":"IF(OR($J37=\"\",$AA37=\"\"),\"\",$J37*N(INDEX(Fertilisants!$K$8:$K$47,$AA37)))","v":""},"",{"$nulls":5},"",null,null,{"$f":"IF($D37=\"\",\"\",IFERROR(MATCH($D37,Îlots!$D$8:$D$57,0),\"\"))","v":""},{"$f":"IF($G37=\"\",\"\",IFERROR(MATCH($G37,Fertilisants!$B$8:$B$47,0),\"\"))","v":""},{"$f":"IF($Z37=\"\",\"\",INDEX(Îlots!$E$8:$E$57,$Z37))","v":""},{"$f":"IF($Z37=\"\",\"\",INDEX(Îlots!$G$8:$G$57,$Z37)&\"\")","v":""},{"$f":"IF($Z37=\"\",\"\",IF($F37=ApportCouvert,OccCouvert,INDEX(Îlots!$O$8:$O$57,$Z37)&\"\"))","v":""},"","","",0,0,0,0,0,{"$f":"IF($AA37=\"\",0,IF(INDEX(Fertilisants!$C$8:$C$47,$AA37)=\"Effluent d'élevage\",1,0))","v":0},{"$f":"IF($AA37=\"\",\"\",IF(INDEX(Fertilisants!$C$8:$C$47,$AA37)=\"Engrais minéral\",\"Minéral\",\"Organique\"))","v":""},"","","",{"$f":"IF(AND($D37<>\"\",$D37=FicheIlot),COUNTIF($D$8:$D37,FicheIlot),\"\")","v":""}]
[null,{"$f":"IF(C38=\"\",\"\",COUNT($C$8:C38))","v":""},null,null,{"$f":"IF($Z38=\"\",\"\",IF($F38=ApportCouvert,INDEX(Îlots!$I$8:$I$57,$Z38)&\"\",INDEX(Îlots!$N$8:$N$57,$Z38)&\"\"))","v":""},null,null,{"$f":"IF($AA38=\"\",\"\",INDEX(Fertilisants!$D$8:$D$47,$AA38)&\"\")","v":""},null,null,{"$f":"IF($AA38=\"\",\"\",INDEX(Fertilisants!$E$8:$E$47,$AA38)&\"\")","v":""},"",{"$f":"IF(OR($J38=\"\",$AA38=\"\"),\"\",$J38*N(INDEX(Fertilisants!$G$8:$G$47,$AA38)))","v":""},{"$f":"IF(OR($J38=\"\",$AA38=\"\"),\"\",$J38*N(INDEX(Fertilisants!$I$8:$I$47,$AA38)))","v":""},{"$f":"IF(OR($J38=\"\",$AA38=\"\"),\"\",$J38*N(INDEX(Fertilisants!$J$8:$J$47,$AA38)))","v":""},{"$f":"IF(OR($J38=\"\",$AA38=\"\"),\"\",$J38*N(INDEX(Fertilisants!$K$8:$K$47,$AA38)))","v":""},"",{"$nulls":5},"",null,null,{"$f":"IF($D38=\"\",\"\",IFERROR(MATCH($D38,Îlots!$D$8:$D$57,0),\"\"))","v":""},{"$f":"IF($G38=\"\",\"\",IFERROR(MATCH($G38,Fertilisants!$B$8:$B$47,0),\"\"))","v":""},{"$f":"IF($Z38=\"\",\"\",INDEX(Îlots!$E$8:$E$57,$Z38))","v":""},{"$f":"IF($Z38=\"\",\"\",INDEX(Îlots!$G$8:$G$57,$Z38)&\"\")","v":""},{"$f":"IF($Z38=\"\",\"\",IF($F38=ApportCouvert,OccCouvert,INDEX(Îlots!$O$8:$O$57,$Z38)&\"\"))","v":""},"","","",0,0,0,0,0,{"$f":"IF($AA38=\"\",0,IF(INDEX(Fertilisants!$C$8:$C$47,$AA38)=\"Effluent d'élevage\",1,0))","v":0},{"$f":"IF($AA38=\"\",\"\",IF(INDEX(Fertilisants!$C$8:$C$47,$AA38)=\"Engrais minéral\",\"Minéral\",\"Organique\"))","v":""},"","","",{"$f":"IF(AND($D38<>\"\",$D38=FicheIlot),COUNTIF($D$8:$D38,FicheIlot),\"\")","v":""}]
[null,{"$f":"IF(C39=\"\",\"\",COUNT($C$8:C39))","v":""},null,null,{"$f":"IF($Z39=\"\",\"\",IF($F39=ApportCouvert,INDEX(Îlots!$I$8:$I$57,$Z39)&\"\",INDEX(Îlots!$N$8:$N$57,$Z39)&\"\"))","v":""},null,null,{"$f":"IF($AA39=\"\",\"\",INDEX(Fertilisants!$D$8:$D$47,$AA39)&\"\")","v":""},null,null,{"$f":"IF($AA39=\"\",\"\",INDEX(Fertilisants!$E$8:$E$47,$AA39)&\"\")","v":""},"",{"$f":"IF(OR($J39=\"\",$AA39=\"\"),\"\",$J39*N(INDEX(Fertilisants!$G$8:$G$47,$AA39)))","v":""},{"$f":"IF(OR($J39=\"\",$AA39=\"\"),\"\",$J39*N(INDEX(Fertilisants!$I$8:$I$47,$AA39)))","v":""},{"$f":"IF(OR($J39=\"\",$AA39=\"\"),\"\",$J39*N(INDEX(Fertilisants!$J$8:$J$47,$AA39)))","v":""},{"$f":"IF(OR($J39=\"\",$AA39=\"\"),\"\",$J39*N(INDEX(Fertilisants!$K$8:$K$47,$AA39)))","v":""},"",{"$nulls":5},"",null,null,{"$f":"IF($D39=\"\",\"\",IFERROR(MATCH($D39,Îlots!$D$8:$D$57,0),\"\"))","v":""},{"$f":"IF($G39=\"\",\"\",IFERROR(MATCH($G39,Fertilisants!$B$8:$B$47,0),\"\"))","v":""},{"$f":"IF($Z39=\"\",\"\",INDEX(Îlots!$E$8:$E$57,$Z39))","v":""},{"$f":"IF($Z39=\"\",\"\",INDEX(Îlots!$G$8:$G$57,$Z39)&\"\")","v":""},{"$f":"IF($Z39=\"\",\"\",IF($F39=ApportCouvert,OccCouvert,INDEX(Îlots!$O$8:$O$57,$Z39)&\"\"))","v":""},"","","",0,0,0,0,0,{"$f":"IF($AA39=\"\",0,IF(INDEX(Fertilisants!$C$8:$C$47,$AA39)=\"Effluent d'élevage\",1,0))","v":0},{"$f":"IF($AA39=\"\",\"\",IF(INDEX(Fertilisants!$C$8:$C$47,$AA39)=\"Engrais minéral\",\"Minéral\",\"Organique\"))","v":""},"","","",{"$f":"IF(AND($D39<>\"\",$D39=FicheIlot),COUNTIF($D$8:$D39,FicheIlot),\"\")","v":""}]
[null,{"$f":"IF(C40=\"\",\"\",COUNT($C$8:C40))","v":""},null,null,{"$f":"IF($Z40=\"\",\"\",IF($F40=ApportCouvert,INDEX(Îlots!$I$8:$I$57,$Z40)&\"\",INDEX(Îlots!$N$8:$N$57,$Z40)&\"\"))","v":""},null,null,{"$f":"IF($AA40=\"\",\"\",INDEX(Fertilisants!$D$8:$D$47,$AA40)&\"\")","v":""},null,null,{"$f":"IF($AA40=\"\",\"\",INDEX(Fertilisants!$E$8:$E$47,$AA40)&\"\")","v":""},"",{"$f":"IF(OR($J40=\"\",$AA40=\"\"),\"\",$J40*N(INDEX(Fertilisants!$G$8:$G$47,$AA40)))","v":""},{"$f":"IF(OR($J40=\"\",$AA40=\"\"),\"\",$J40*N(INDEX(Fertilisants!$I$8:$I$47,$AA40)))","v":""},{"$f":"IF(OR($J40=\"\",$AA40=\"\"),\"\",$J40*N(INDEX(Fertilisants!$J$8:$J$47,$AA40)))","v":""},{"$f":"IF(OR($J40=\"\",$AA40=\"\"),\"\",$J40*N(INDEX(Fertilisants!$K$8:$K$47,$AA40)))","v":""},"",{"$nulls":5},"",null,null,{"$f":"IF($D40=\"\",\"\",IFERROR(MATCH($D40,Îlots!$D$8:$D$57,0),\"\"))","v":""},{"$f":"IF($G40=\"\",\"\",IFERROR(MATCH($G40,Fertilisants!$B$8:$B$47,0),\"\"))","v":""},{"$f":"IF($Z40=\"\",\"\",INDEX(Îlots!$E$8:$E$57,$Z40))","v":""},{"$f":"IF($Z40=\"\",\"\",INDEX(Îlots!$G$8:$G$57,$Z40)&\"\")","v":""},{"$f":"IF($Z40=\"\",\"\",IF($F40=ApportCouvert,OccCouvert,INDEX(Îlots!$O$8:$O$57,$Z40)&\"\"))","v":""},"","","",0,0,0,0,0,{"$f":"IF($AA40=\"\",0,IF(INDEX(Fertilisants!$C$8:$C$47,$AA40)=\"Effluent d'élevage\",1,0))","v":0},{"$f":"IF($AA40=\"\",\"\",IF(INDEX(Fertilisants!$C$8:$C$47,$AA40)=\"Engrais minéral\",\"Minéral\",\"Organique\"))","v":""},"","","",{"$f":"IF(AND($D40<>\"\",$D40=FicheIlot),COUNTIF($D$8:$D40,FicheIlot),\"\")","v":""}]
[null,{"$f":"IF(C41=\"\",\"\",COUNT($C$8:C41))","v":""},null,null,{"$f":"IF($Z41=\"\",\"\",IF($F41=ApportCouvert,INDEX(Îlots!$I$8:$I$57,$Z41)&\"\",INDEX(Îlots!$N$8:$N$57,$Z41)&\"\"))","v":""},null,null,{"$f":"IF($AA41=\"\",\"\",INDEX(Fertilisants!$D$8:$D$47,$AA41)&\"\")","v":""},null,null,{"$f":"IF($AA41=\"\",\"\",INDEX(Fertilisants!$E$8:$E$47,$AA41)&\"\")","v":""},"",{"$f":"IF(OR($J41=\"\",$AA41=\"\"),\"\",$J41*N(INDEX(Fertilisants!$G$8:$G$47,$AA41)))","v":""},{"$f":"IF(OR($J41=\"\",$AA41=\"\"),\"\",$J41*N(INDEX(Fertilisants!$I$8:$I$47,$AA41)))","v":""},{"$f":"IF(OR($J41=\"\",$AA41=\"\"),\"\",$J41*N(INDEX(Fertilisants!$J$8:$J$47,$AA41)))","v":""},{"$f":"IF(OR($J41=\"\",$AA41=\"\"),\"\",$J41*N(INDEX(Fertilisants!$K$8:$K$47,$AA41)))","v":""},"",{"$nulls":5},"",null,null,{"$f":"IF($D41=\"\",\"\",IFERROR(MATCH($D41,Îlots!$D$8:$D$57,0),\"\"))","v":""},{"$f":"IF($G41=\"\",\"\",IFERROR(MATCH($G41,Fertilisants!$B$8:$B$47,0),\"\"))","v":""},{"$f":"IF($Z41=\"\",\"\",INDEX(Îlots!$E$8:$E$57,$Z41))","v":""},{"$f":"IF($Z41=\"\",\"\",INDEX(Îlots!$G$8:$G$57,$Z41)&\"\")","v":""},{"$f":"IF($Z41=\"\",\"\",IF($F41=ApportCouvert,OccCouvert,INDEX(Îlots!$O$8:$O$57,$Z41)&\"\"))","v":""},"","","",0,0,0,0,0,{"$f":"IF($AA41=\"\",0,IF(INDEX(Fertilisants!$C$8:$C$47,$AA41)=\"Effluent d'élevage\",1,0))","v":0},{"$f":"IF($AA41=\"\",\"\",IF(INDEX(Fertilisants!$C$8:$C$47,$AA41)=\"Engrais minéral\",\"Minéral\",\"Organique\"))","v":""},"","","",{"$f":"IF(AND($D41<>\"\",$D41=FicheIlot),COUNTIF($D$8:$D41,FicheIlot),\"\")","v":""}]
[null,{"$f":"IF(C42=\"\",\"\",COUNT($C$8:C42))","v":""},null,null,{"$f":"IF($Z42=\"\",\"\",IF($F42=ApportCouvert,INDEX(Îlots!$I$8:$I$57,$Z42)&\"\",INDEX(Îlots!$N$8:$N$57,$Z42)&\"\"))","v":""},null,null,{"$f":"IF($AA42=\"\",\"\",INDEX(Fertilisants!$D$8:$D$47,$AA42)&\"\")","v":""},null,null,{"$f":"IF($AA42=\"\",\"\",INDEX(Fertilisants!$E$8:$E$47,$AA42)&\"\")","v":""},"",{"$f":"IF(OR($J42=\"\",$AA42=\"\"),\"\",$J42*N(INDEX(Fertilisants!$G$8:$G$47,$AA42)))","v":""},{"$f":"IF(OR($J42=\"\",$AA42=\"\"),\"\",$J42*N(INDEX(Fertilisants!$I$8:$I$47,$AA42)))","v":""},{"$f":"IF(OR($J42=\"\",$AA42=\"\"),\"\",$J42*N(INDEX(Fertilisants!$J$8:$J$47,$AA42)))","v":""},{"$f":"IF(OR($J42=\"\",$AA42=\"\"),\"\",$J42*N(INDEX(Fertilisants!$K$8:$K$47,$AA42)))","v":""},"",{"$nulls":5},"",null,null,{"$f":"IF($D42=\"\",\"\",IFERROR(MATCH($D42,Îlots!$D$8:$D$57,0),\"\"))","v":""},{"$f":"IF($G42=\"\",\"\",IFERROR(MATCH($G42,Fertilisants!$B$8:$B$47,0),\"\"))","v":""},{"$f":"IF($Z42=\"\",\"\",INDEX(Îlots!$E$8:$E$57,$Z42))","v":""},{"$f":"IF($Z42=\"\",\"\",INDEX(Îlots!$G$8:$G$57,$Z42)&\"\")","v":""},{"$f":"IF($Z42=\"\",\"\",IF($F42=ApportCouvert,OccCouvert,INDEX(Îlots!$O$8:$O$57,$Z42)&\"\"))","v":""},"","","",0,0,0,0,0,{"$f":"IF($AA42=\"\",0,IF(INDEX(Fertilisants!$C$8:$C$47,$AA42)=\"Effluent d'élevage\",1,0))","v":0},{"$f":"IF($AA42=\"\",\"\",IF(INDEX(Fertilisants!$C$8:$C$47,$AA42)=\"Engrais minéral\",\"Minéral\",\"Organique\"))","v":""},"","","",{"$f":"IF(AND($D42<>\"\",$D42=FicheIlot),COUNTIF($D$8:$D42,FicheIlot),\"\")","v":""}]
[null,{"$f":"IF(C43=\"\",\"\",COUNT($C$8:C43))","v":""},null,null,{"$f":"IF($Z43=\"\",\"\",IF($F43=ApportCouvert,INDEX(Îlots!$I$8:$I$57,$Z43)&\"\",INDEX(Îlots!$N$8:$N$57,$Z43)&\"\"))","v":""},null,null,{"$f":"IF($AA43=\"\",\"\",INDEX(Fertilisants!$D$8:$D$47,$AA43)&\"\")","v":""},null,null,{"$f":"IF($AA43=\"\",\"\",INDEX(Fertilisants!$E$8:$E$47,$AA43)&\"\")","v":""},"",{"$f":"IF(OR($J43=\"\",$AA43=\"\"),\"\",$J43*N(INDEX(Fertilisants!$G$8:$G$47,$AA43)))","v":""},{"$f":"IF(OR($J43=\"\",$AA43=\"\"),\"\",$J43*N(INDEX(Fertilisants!$I$8:$I$47,$AA43)))","v":""},{"$f":"IF(OR($J43=\"\",$AA43=\"\"),\"\",$J43*N(INDEX(Fertilisants!$J$8:$J$47,$AA43)))","v":""},{"$f":"IF(OR($J43=\"\",$AA43=\"\"),\"\",$J43*N(INDEX(Fertilisants!$K$8:$K$47,$AA43)))","v":""},"",{"$nulls":5},"",null,null,{"$f":"IF($D43=\"\",\"\",IFERROR(MATCH($D43,Îlots!$D$8:$D$57,0),\"\"))","v":""},{"$f":"IF($G43=\"\",\"\",IFERROR(MATCH($G43,Fertilisants!$B$8:$B$47,0),\"\"))","v":""},{"$f":"IF($Z43=\"\",\"\",INDEX(Îlots!$E$8:$E$57,$Z43))","v":""},{"$f":"IF($Z43=\"\",\"\",INDEX(Îlots!$G$8:$G$57,$Z43)&\"\")","v":""},{"$f":"IF($Z43=\"\",\"\",IF($F43=ApportCouvert,OccCouvert,INDEX(Îlots!$O$8:$O$57,$Z43)&\"\"))","v":""},"","","",0,0,0,0,0,{"$f":"IF($AA43=\"\",0,IF(INDEX(Fertilisants!$C$8:$C$47,$AA43)=\"Effluent d'élevage\",1,0))","v":0},{"$f":"IF($AA43=\"\",\"\",IF(INDEX(Fertilisants!$C$8:$C$47,$AA43)=\"Engrais minéral\",\"Minéral\",\"Organique\"))","v":""},"","","",{"$f":"IF(AND($D43<>\"\",$D43=FicheIlot),COUNTIF($D$8:$D43,FicheIlot),\"\")","v":""}]
[null,{"$f":"IF(C44=\"\",\"\",COUNT($C$8:C44))","v":""},null,null,{"$f":"IF($Z44=\"\",\"\",IF($F44=ApportCouvert,INDEX(Îlots!$I$8:$I$57,$Z44)&\"\",INDEX(Îlots!$N$8:$N$57,$Z44)&\"\"))","v":""},null,null,{"$f":"IF($AA44=\"\",\"\",INDEX(Fertilisants!$D$8:$D$47,$AA44)&\"\")","v":""},null,null,{"$f":"IF($AA44=\"\",\"\",INDEX(Fertilisants!$E$8:$E$47,$AA44)&\"\")","v":""},"",{"$f":"IF(OR($J44=\"\",$AA44=\"\"),\"\",$J44*N(INDEX(Fertilisants!$G$8:$G$47,$AA44)))","v":""},{"$f":"IF(OR($J44=\"\",$AA44=\"\"),\"\",$J44*N(INDEX(Fertilisants!$I$8:$I$47,$AA44)))","v":""},{"$f":"IF(OR($J44=\"\",$AA44=\"\"),\"\",$J44*N(INDEX(Fertilisants!$J$8:$J$47,$AA44)))","v":""},{"$f":"IF(OR($J44=\"\",$AA44=\"\"),\"\",$J44*N(INDEX(Fertilisants!$K$8:$K$47,$AA44)))","v":""},"",{"$nulls":5},"",null,null,{"$f":"IF($D44=\"\",\"\",IFERROR(MATCH($D44,Îlots!$D$8:$D$57,0),\"\"))","v":""},{"$f":"IF($G44=\"\",\"\",IFERROR(MATCH($G44,Fertilisants!$B$8:$B$47,0),\"\"))","v":""},{"$f":"IF($Z44=\"\",\"\",INDEX(Îlots!$E$8:$E$57,$Z44))","v":""},{"$f":"IF($Z44=\"\",\"\",INDEX(Îlots!$G$8:$G$57,$Z44)&\"\")","v":""},{"$f":"IF($Z44=\"\",\"\",IF($F44=ApportCouvert,OccCouvert,INDEX(Îlots!$O$8:$O$57,$Z44)&\"\"))","v":""},"","","",0,0,0,0,0,{"$f":"IF($AA44=\"\",0,IF(INDEX(Fertilisants!$C$8:$C$47,$AA44)=\"Effluent d'élevage\",1,0))","v":0},{"$f":"IF($AA44=\"\",\"\",IF(INDEX(Fertilisants!$C$8:$C$47,$AA44)=\"Engrais minéral\",\"Minéral\",\"Organique\"))","v":""},"","","",{"$f":"IF(AND($D44<>\"\",$D44=FicheIlot),COUNTIF($D$8:$D44,FicheIlot),\"\")","v":""}]
[null,{"$f":"IF(C45=\"\",\"\",COUNT($C$8:C45))","v":""},null,null,{"$f":"IF($Z45=\"\",\"\",IF($F45=ApportCouvert,INDEX(Îlots!$I$8:$I$57,$Z45)&\"\",INDEX(Îlots!$N$8:$N$57,$Z45)&\"\"))","v":""},null,null,{"$f":"IF($AA45=\"\",\"\",INDEX(Fertilisants!$D$8:$D$47,$AA45)&\"\")","v":""},null,null,{"$f":"IF($AA45=\"\",\"\",INDEX(Fertilisants!$E$8:$E$47,$AA45)&\"\")","v":""},"",{"$f":"IF(OR($J45=\"\",$AA45=\"\"),\"\",$J45*N(INDEX(Fertilisants!$G$8:$G$47,$AA45)))","v":""},{"$f":"IF(OR($J45=\"\",$AA45=\"\"),\"\",$J45*N(INDEX(Fertilisants!$I$8:$I$47,$AA45)))","v":""},{"$f":"IF(OR($J45=\"\",$AA45=\"\"),\"\",$J45*N(INDEX(Fertilisants!$J$8:$J$47,$AA45)))","v":""},{"$f":"IF(OR($J45=\"\",$AA45=\"\"),\"\",$J45*N(INDEX(Fertilisants!$K$8:$K$47,$AA45)))","v":""},"",{"$nulls":5},"",null,null,{"$f":"IF($D45=\"\",\"\",IFERROR(MATCH($D45,Îlots!$D$8:$D$57,0),\"\"))","v":""},{"$f":"IF($G45=\"\",\"\",IFERROR(MATCH($G45,Fertilisants!$B$8:$B$47,0),\"\"))","v":""},{"$f":"IF($Z45=\"\",\"\",INDEX(Îlots!$E$8:$E$57,$Z45))","v":""},{"$f":"IF($Z45=\"\",\"\",INDEX(Îlots!$G$8:$G$57,$Z45)&\"\")","v":""},{"$f":"IF($Z45=\"\",\"\",IF($F45=ApportCouvert,OccCouvert,INDEX(Îlots!$O$8:$O$57,$Z45)&\"\"))","v":""},"","","",0,0,0,0,0,{"$f":"IF($AA45=\"\",0,IF(INDEX(Fertilisants!$C$8:$C$47,$AA45)=\"Effluent d'élevage\",1,0))","v":0},{"$f":"IF($AA45=\"\",\"\",IF(INDEX(Fertilisants!$C$8:$C$47,$AA45)=\"Engrais minéral\",\"Minéral\",\"Organique\"))","v":""},"","","",{"$f":"IF(AND($D45<>\"\",$D45=FicheIlot),COUNTIF($D$8:$D45,FicheIlot),\"\")","v":""}]
[null,{"$f":"IF(C46=\"\",\"\",COUNT($C$8:C46))","v":""},null,null,{"$f":"IF($Z46=\"\",\"\",IF($F46=ApportCouvert,INDEX(Îlots!$I$8:$I$57,$Z46)&\"\",INDEX(Îlots!$N$8:$N$57,$Z46)&\"\"))","v":""},null,null,{"$f":"IF($AA46=\"\",\"\",INDEX(Fertilisants!$D$8:$D$47,$AA46)&\"\")","v":""},null,null,{"$f":"IF($AA46=\"\",\"\",INDEX(Fertilisants!$E$8:$E$47,$AA46)&\"\")","v":""},"",{"$f":"IF(OR($J46=\"\",$AA46=\"\"),\"\",$J46*N(INDEX(Fertilisants!$G$8:$G$47,$AA46)))","v":""},{"$f":"IF(OR($J46=\"\",$AA46=\"\"),\"\",$J46*N(INDEX(Fertilisants!$I$8:$I$47,$AA46)))","v":""},{"$f":"IF(OR($J46=\"\",$AA46=\"\"),\"\",$J46*N(INDEX(Fertilisants!$J$8:$J$47,$AA46)))","v":""},{"$f":"IF(OR($J46=\"\",$AA46=\"\"),\"\",$J46*N(INDEX(Fertilisants!$K$8:$K$47,$AA46)))","v":""},"",{"$nulls":5},"",null,null,{"$f":"IF($D46=\"\",\"\",IFERROR(MATCH($D46,Îlots!$D$8:$D$57,0),\"\"))","v":""},{"$f":"IF($G46=\"\",\"\",IFERROR(MATCH($G46,Fertilisants!$B$8:$B$47,0),\"\"))","v":""},{"$f":"IF($Z46=\"\",\"\",INDEX(Îlots!$E$8:$E$57,$Z46))","v":""},{"$f":"IF($Z46=\"\",\"\",INDEX(Îlots!$G$8:$G$57,$Z46)&\"\")","v":""},{"$f":"IF($Z46=\"\",\"\",IF($F46=ApportCouvert,OccCouvert,INDEX(Îlots!$O$8:$O$57,$Z46)&\"\"))","v":""},"","","",0,0,0,0,0,{"$f":"IF($AA46=\"\",0,IF(INDEX(Fertilisants!$C$8:$C$47,$AA46)=\"Effluent d'élevage\",1,0))","v":0},{"$f":"IF($AA46=\"\",\"\",IF(INDEX(Fertilisants!$C$8:$C$47,$AA46)=\"Engrais minéral\",\"Minéral\",\"Organique\"))","v":""},"","","",{"$f":"IF(AND($D46<>\"\",$D46=FicheIlot),COUNTIF($D$8:$D46,FicheIlot),\"\")","v":""}]
[null,{"$f":"IF(C47=\"\",\"\",COUNT($C$8:C47))","v":""},null,null,{"$f":"IF($Z47=\"\",\"\",IF($F47=ApportCouvert,INDEX(Îlots!$I$8:$I$57,$Z47)&\"\",INDEX(Îlots!$N$8:$N$57,$Z47)&\"\"))","v":""},null,null,{"$f":"IF($AA47=\"\",\"\",INDEX(Fertilisants!$D$8:$D$47,$AA47)&\"\")","v":""},null,null,{"$f":"IF($AA47=\"\",\"\",INDEX(Fertilisants!$E$8:$E$47,$AA47)&\"\")","v":""},"",{"$f":"IF(OR($J47=\"\",$AA47=\"\"),\"\",$J47*N(INDEX(Fertilisants!$G$8:$G$47,$AA47)))","v":""},{"$f":"IF(OR($J47=\"\",$AA47=\"\"),\"\",$J47*N(INDEX(Fertilisants!$I$8:$I$47,$AA47)))","v":""},{"$f":"IF(OR($J47=\"\",$AA47=\"\"),\"\",$J47*N(INDEX(Fertilisants!$J$8:$J$47,$AA47)))","v":""},{"$f":"IF(OR($J47=\"\",$AA47=\"\"),\"\",$J47*N(INDEX(Fertilisants!$K$8:$K$47,$AA47)))","v":""},"",{"$nulls":5},"",null,null,{"$f":"IF($D47=\"\",\"\",IFERROR(MATCH($D47,Îlots!$D$8:$D$57,0),\"\"))","v":""},{"$f":"IF($G47=\"\",\"\",IFERROR(MATCH($G47,Fertilisants!$B$8:$B$47,0),\"\"))","v":""},{"$f":"IF($Z47=\"\",\"\",INDEX(Îlots!$E$8:$E$57,$Z47))","v":""},{"$f":"IF($Z47=\"\",\"\",INDEX(Îlots!$G$8:$G$57,$Z47)&\"\")","v":""},{"$f":"IF($Z47=\"\",\"\",IF($F47=ApportCouvert,OccCouvert,INDEX(Îlots!$O$8:$O$57,$Z47)&\"\"))","v":""},"","","",0,0,0,0,0,{"$f":"IF($AA47=\"\",0,IF(INDEX(Fertilisants!$C$8:$C$47,$AA47)=\"Effluent d'élevage\",1,0))","v":0},{"$f":"IF($AA47=\"\",\"\",IF(INDEX(Fertilisants!$C$8:$C$47,$AA47)=\"Engrais minéral\",\"Minéral\",\"Organique\"))","v":""},"","","",{"$f":"IF(AND($D47<>\"\",$D47=FicheIlot),COUNTIF($D$8:$D47,FicheIlot),\"\")","v":""}]
[null,{"$f":"IF(C48=\"\",\"\",COUNT($C$8:C48))","v":""},null,null,{"$f":"IF($Z48=\"\",\"\",IF($F48=ApportCouvert,INDEX(Îlots!$I$8:$I$57,$Z48)&\"\",INDEX(Îlots!$N$8:$N$57,$Z48)&\"\"))","v":""},null,null,{"$f":"IF($AA48=\"\",\"\",INDEX(Fertilisants!$D$8:$D$47,$AA48)&\"\")","v":""},null,null,{"$f":"IF($AA48=\"\",\"\",INDEX(Fertilisants!$E$8:$E$47,$AA48)&\"\")","v":""},"",{"$f":"IF(OR($J48=\"\",$AA48=\"\"),\"\",$J48*N(INDEX(Fertilisants!$G$8:$G$47,$AA48)))","v":""},{"$f":"IF(OR($J48=\"\",$AA48=\"\"),\"\",$J48*N(INDEX(Fertilisants!$I$8:$I$47,$AA48)))","v":""},{"$f":"IF(OR($J48=\"\",$AA48=\"\"),\"\",$J48*N(INDEX(Fertilisants!$J$8:$J$47,$AA48)))","v":""},{"$f":"IF(OR($J48=\"\",$AA48=\"\"),\"\",$J48*N(INDEX(Fertilisants!$K$8:$K$47,$AA48)))","v":""},"",{"$nulls":5},"",null,null,{"$f":"IF($D48=\"\",\"\",IFERROR(MATCH($D48,Îlots!$D$8:$D$57,0),\"\"))","v":""},{"$f":"IF($G48=\"\",\"\",IFERROR(MATCH($G48,Fertilisants!$B$8:$B$47,0),\"\"))","v":""},{"$f":"IF($Z48=\"\",\"\",INDEX(Îlots!$E$8:$E$57,$Z48))","v":""},{"$f":"IF($Z48=\"\",\"\",INDEX(Îlots!$G$8:$G$57,$Z48)&\"\")","v":""},{"$f":"IF($Z48=\"\",\"\",IF($F48=ApportCouvert,OccCouvert,INDEX(Îlots!$O$8:$O$57,$Z48)&\"\"))","v":""},"","","",0,0,0,0,0,{"$f":"IF($AA48=\"\",0,IF(INDEX(Fertilisants!$C$8:$C$47,$AA48)=\"Effluent d'élevage\",1,0))","v":0},{"$f":"IF($AA48=\"\",\"\",IF(INDEX(Fertilisants!$C$8:$C$47,$AA48)=\"Engrais minéral\",\"Minéral\",\"Organique\"))","v":""},"","","",{"$f":"IF(AND($D48<>\"\",$D48=FicheIlot),COUNTIF($D$8:$D48,FicheIlot),\"\")","v":""}]
[null,{"$f":"IF(C49=\"\",\"\",COUNT($C$8:C49))","v":""},null,null,{"$f":"IF($Z49=\"\",\"\",IF($F49=ApportCouvert,INDEX(Îlots!$I$8:$I$57,$Z49)&\"\",INDEX(Îlots!$N$8:$N$57,$Z49)&\"\"))","v":""},null,null,{"$f":"IF($AA49=\"\",\"\",INDEX(Fertilisants!$D$8:$D$47,$AA49)&\"\")","v":""},null,null,{"$f":"IF($AA49=\"\",\"\",INDEX(Fertilisants!$E$8:$E$47,$AA49)&\"\")","v":""},"",{"$f":"IF(OR($J49=\"\",$AA49=\"\"),\"\",$J49*N(INDEX(Fertilisants!$G$8:$G$47,$AA49)))","v":""},{"$f":"IF(OR($J49=\"\",$AA49=\"\"),\"\",$J49*N(INDEX(Fertilisants!$I$8:$I$47,$AA49)))","v":""},{"$f":"IF(OR($J49=\"\",$AA49=\"\"),\"\",$J49*N(INDEX(Fertilisants!$J$8:$J$47,$AA49)))","v":""},{"$f":"IF(OR($J49=\"\",$AA49=\"\"),\"\",$J49*N(INDEX(Fertilisants!$K$8:$K$47,$AA49)))","v":""},"",{"$nulls":5},"",null,null,{"$f":"IF($D49=\"\",\"\",IFERROR(MATCH($D49,Îlots!$D$8:$D$57,0),\"\"))","v":""},{"$f":"IF($G49=\"\",\"\",IFERROR(MATCH($G49,Fertilisants!$B$8:$B$47,0),\"\"))","v":""},{"$f":"IF($Z49=\"\",\"\",INDEX(Îlots!$E$8:$E$57,$Z49))","v":""},{"$f":"IF($Z49=\"\",\"\",INDEX(Îlots!$G$8:$G$57,$Z49)&\"\")","v":""},{"$f":"IF($Z49=\"\",\"\",IF($F49=ApportCouvert,OccCouvert,INDEX(Îlots!$O$8:$O$57,$Z49)&\"\"))","v":""},"","","",0,0,0,0,0,{"$f":"IF($AA49=\"\",0,IF(INDEX(Fertilisants!$C$8:$C$47,$AA49)=\"Effluent d'élevage\",1,0))","v":0},{"$f":"IF($AA49=\"\",\"\",IF(INDEX(Fertilisants!$C$8:$C$47,$AA49)=\"Engrais minéral\",\"Minéral\",\"Organique\"))","v":""},"","","",{"$f":"IF(AND($D49<>\"\",$D49=FicheIlot),COUNTIF($D$8:$D49,FicheIlot),\"\")","v":""}]
[null,{"$f":"IF(C50=\"\",\"\",COUNT($C$8:C50))","v":""},null,null,{"$f":"IF($Z50=\"\",\"\",IF($F50=ApportCouvert,INDEX(Îlots!$I$8:$I$57,$Z50)&\"\",INDEX(Îlots!$N$8:$N$57,$Z50)&\"\"))","v":""},null,null,{"$f":"IF($AA50=\"\",\"\",INDEX(Fertilisants!$D$8:$D$47,$AA50)&\"\")","v":""},null,null,{"$f":"IF($AA50=\"\",\"\",INDEX(Fertilisants!$E$8:$E$47,$AA50)&\"\")","v":""},"",{"$f":"IF(OR($J50=\"\",$AA50=\"\"),\"\",$J50*N(INDEX(Fertilisants!$G$8:$G$47,$AA50)))","v":""},{"$f":"IF(OR($J50=\"\",$AA50=\"\"),\"\",$J50*N(INDEX(Fertilisants!$I$8:$I$47,$AA50)))","v":""},{"$f":"IF(OR($J50=\"\",$AA50=\"\"),\"\",$J50*N(INDEX(Fertilisants!$J$8:$J$47,$AA50)))","v":""},{"$f":"IF(OR($J50=\"\",$AA50=\"\"),\"\",$J50*N(INDEX(Fertilisants!$K$8:$K$47,$AA50)))","v":""},"",{"$nulls":5},"",null,null,{"$f":"IF($D50=\"\",\"\",IFERROR(MATCH($D50,Îlots!$D$8:$D$57,0),\"\"))","v":""},{"$f":"IF($G50=\"\",\"\",IFERROR(MATCH($G50,Fertilisants!$B$8:$B$47,0),\"\"))","v":""},{"$f":"IF($Z50=\"\",\"\",INDEX(Îlots!$E$8:$E$57,$Z50))","v":""},{"$f":"IF($Z50=\"\",\"\",INDEX(Îlots!$G$8:$G$57,$Z50)&\"\")","v":""},{"$f":"IF($Z50=\"\",\"\",IF($F50=ApportCouvert,OccCouvert,INDEX(Îlots!$O$8:$O$57,$Z50)&\"\"))","v":""},"","","",0,0,0,0,0,{"$f":"IF($AA50=\"\",0,IF(INDEX(Fertilisants!$C$8:$C$47,$AA50)=\"Effluent d'élevage\",1,0))","v":0},{"$f":"IF($AA50=\"\",\"\",IF(INDEX(Fertilisants!$C$8:$C$47,$AA50)=\"Engrais minéral\",\"Minéral\",\"Organique\"))","v":""},"","","",{"$f":"IF(AND($D50<>\"\",$D50=FicheIlot),COUNTIF($D$8:$D50,FicheIlot),\"\")","v":""}]
[null,{"$f":"IF(C51=\"\",\"\",COUNT($C$8:C51))","v":""},null,null,{"$f":"IF($Z51=\"\",\"\",IF($F51=ApportCouvert,INDEX(Îlots!$I$8:$I$57,$Z51)&\"\",INDEX(Îlots!$N$8:$N$57,$Z51)&\"\"))","v":""},null,null,{"$f":"IF($AA51=\"\",\"\",INDEX(Fertilisants!$D$8:$D$47,$AA51)&\"\")","v":""},null,null,{"$f":"IF($AA51=\"\",\"\",INDEX(Fertilisants!$E$8:$E$47,$AA51)&\"\")","v":""},"",{"$f":"IF(OR($J51=\"\",$AA51=\"\"),\"\",$J51*N(INDEX(Fertilisants!$G$8:$G$47,$AA51)))","v":""},{"$f":"IF(OR($J51=\"\",$AA51=\"\"),\"\",$J51*N(INDEX(Fertilisants!$I$8:$I$47,$AA51)))","v":""},{"$f":"IF(OR($J51=\"\",$AA51=\"\"),\"\",$J51*N(INDEX(Fertilisants!$J$8:$J$47,$AA51)))","v":""},{"$f":"IF(OR($J51=\"\",$AA51=\"\"),\"\",$J51*N(INDEX(Fertilisants!$K$8:$K$47,$AA51)))","v":""},"",{"$nulls":5},"",null,null,{"$f":"IF($D51=\"\",\"\",IFERROR(MATCH($D51,Îlots!$D$8:$D$57,0),\"\"))","v":""},{"$f":"IF($G51=\"\",\"\",IFERROR(MATCH($G51,Fertilisants!$B$8:$B$47,0),\"\"))","v":""},{"$f":"IF($Z51=\"\",\"\",INDEX(Îlots!$E$8:$E$57,$Z51))","v":""},{"$f":"IF($Z51=\"\",\"\",INDEX(Îlots!$G$8:$G$57,$Z51)&\"\")","v":""},{"$f":"IF($Z51=\"\",\"\",IF($F51=ApportCouvert,OccCouvert,INDEX(Îlots!$O$8:$O$57,$Z51)&\"\"))","v":""},"","","",0,0,0,0,0,{"$f":"IF($AA51=\"\",0,IF(INDEX(Fertilisants!$C$8:$C$47,$AA51)=\"Effluent d'élevage\",1,0))","v":0},{"$f":"IF($AA51=\"\",\"\",IF(INDEX(Fertilisants!$C$8:$C$47,$AA51)=\"Engrais minéral\",\"Minéral\",\"Organique\"))","v":""},"","","",{"$f":"IF(AND($D51<>\"\",$D51=FicheIlot),COUNTIF($D$8:$D51,FicheIlot),\"\")","v":""}]
[null,{"$f":"IF(C52=\"\",\"\",COUNT($C$8:C52))","v":""},null,null,{"$f":"IF($Z52=\"\",\"\",IF($F52=ApportCouvert,INDEX(Îlots!$I$8:$I$57,$Z52)&\"\",INDEX(Îlots!$N$8:$N$57,$Z52)&\"\"))","v":""},null,null,{"$f":"IF($AA52=\"\",\"\",INDEX(Fertilisants!$D$8:$D$47,$AA52)&\"\")","v":""},null,null,{"$f":"IF($AA52=\"\",\"\",INDEX(Fertilisants!$E$8:$E$47,$AA52)&\"\")","v":""},"",{"$f":"IF(OR($J52=\"\",$AA52=\"\"),\"\",$J52*N(INDEX(Fertilisants!$G$8:$G$47,$AA52)))","v":""},{"$f":"IF(OR($J52=\"\",$AA52=\"\"),\"\",$J52*N(INDEX(Fertilisants!$I$8:$I$47,$AA52)))","v":""},{"$f":"IF(OR($J52=\"\",$AA52=\"\"),\"\",$J52*N(INDEX(Fertilisants!$J$8:$J$47,$AA52)))","v":""},{"$f":"IF(OR($J52=\"\",$AA52=\"\"),\"\",$J52*N(INDEX(Fertilisants!$K$8:$K$47,$AA52)))","v":""},"",{"$nulls":5},"",null,null,{"$f":"IF($D52=\"\",\"\",IFERROR(MATCH($D52,Îlots!$D$8:$D$57,0),\"\"))","v":""},{"$f":"IF($G52=\"\",\"\",IFERROR(MATCH($G52,Fertilisants!$B$8:$B$47,0),\"\"))","v":""},{"$f":"IF($Z52=\"\",\"\",INDEX(Îlots!$E$8:$E$57,$Z52))","v":""},{"$f":"IF($Z52=\"\",\"\",INDEX(Îlots!$G$8:$G$57,$Z52)&\"\")","v":""},{"$f":"IF($Z52=\"\",\"\",IF($F52=ApportCouvert,OccCouvert,INDEX(Îlots!$O$8:$O$57,$Z52)&\"\"))","v":""},"","","",0,0,0,0,0,{"$f":"IF($AA52=\"\",0,IF(INDEX(Fertilisants!$C$8:$C$47,$AA52)=\"Effluent d'élevage\",1,0))","v":0},{"$f":"IF($AA52=\"\",\"\",IF(INDEX(Fertilisants!$C$8:$C$47,$AA52)=\"Engrais minéral\",\"Minéral\",\"Organique\"))","v":""},"","","",{"$f":"IF(AND($D52<>\"\",$D52=FicheIlot),COUNTIF($D$8:$D52,FicheIlot),\"\")","v":""}]
[null,{"$f":"IF(C53=\"\",\"\",COUNT($C$8:C53))","v":""},null,null,{"$f":"IF($Z53=\"\",\"\",IF($F53=ApportCouvert,INDEX(Îlots!$I$8:$I$57,$Z53)&\"\",INDEX(Îlots!$N$8:$N$57,$Z53)&\"\"))","v":""},null,null,{"$f":"IF($AA53=\"\",\"\",INDEX(Fertilisants!$D$8:$D$47,$AA53)&\"\")","v":""},null,null,{"$f":"IF($AA53=\"\",\"\",INDEX(Fertilisants!$E$8:$E$47,$AA53)&\"\")","v":""},"",{"$f":"IF(OR($J53=\"\",$AA53=\"\"),\"\",$J53*N(INDEX(Fertilisants!$G$8:$G$47,$AA53)))","v":""},{"$f":"IF(OR($J53=\"\",$AA53=\"\"),\"\",$J53*N(INDEX(Fertilisants!$I$8:$I$47,$AA53)))","v":""},{"$f":"IF(OR($J53=\"\",$AA53=\"\"),\"\",$J53*N(INDEX(Fertilisants!$J$8:$J$47,$AA53)))","v":""},{"$f":"IF(OR($J53=\"\",$AA53=\"\"),\"\",$J53*N(INDEX(Fertilisants!$K$8:$K$47,$AA53)))","v":""},"",{"$nulls":5},"",null,null,{"$f":"IF($D53=\"\",\"\",IFERROR(MATCH($D53,Îlots!$D$8:$D$57,0),\"\"))","v":""},{"$f":"IF($G53=\"\",\"\",IFERROR(MATCH($G53,Fertilisants!$B$8:$B$47,0),\"\"))","v":""},{"$f":"IF($Z53=\"\",\"\",INDEX(Îlots!$E$8:$E$57,$Z53))","v":""},{"$f":"IF($Z53=\"\",\"\",INDEX(Îlots!$G$8:$G$57,$Z53)&\"\")","v":""},{"$f":"IF($Z53=\"\",\"\",IF($F53=ApportCouvert,OccCouvert,INDEX(Îlots!$O$8:$O$57,$Z53)&\"\"))","v":""},"","","",0,0,0,0,0,{"$f":"IF($AA53=\"\",0,IF(INDEX(Fertilisants!$C$8:$C$47,$AA53)=\"Effluent d'élevage\",1,0))","v":0},{"$f":"IF($AA53=\"\",\"\",IF(INDEX(Fertilisants!$C$8:$C$47,$AA53)=\"Engrais minéral\",\"Minéral\",\"Organique\"))","v":""},"","","",{"$f":"IF(AND($D53<>\"\",$D53=FicheIlot),COUNTIF($D$8:$D53,FicheIlot),\"\")","v":""}]
[null,{"$f":"IF(C54=\"\",\"\",COUNT($C$8:C54))","v":""},null,null,{"$f":"IF($Z54=\"\",\"\",IF($F54=ApportCouvert,INDEX(Îlots!$I$8:$I$57,$Z54)&\"\",INDEX(Îlots!$N$8:$N$57,$Z54)&\"\"))","v":""},null,null,{"$f":"IF($AA54=\"\",\"\",INDEX(Fertilisants!$D$8:$D$47,$AA54)&\"\")","v":""},null,null,{"$f":"IF($AA54=\"\",\"\",INDEX(Fertilisants!$E$8:$E$47,$AA54)&\"\")","v":""},"",{"$f":"IF(OR($J54=\"\",$AA54=\"\"),\"\",$J54*N(INDEX(Fertilisants!$G$8:$G$47,$AA54)))","v":""},{"$f":"IF(OR($J54=\"\",$AA54=\"\"),\"\",$J54*N(INDEX(Fertilisants!$I$8:$I$47,$AA54)))","v":""},{"$f":"IF(OR($J54=\"\",$AA54=\"\"),\"\",$J54*N(INDEX(Fertilisants!$J$8:$J$47,$AA54)))","v":""},{"$f":"IF(OR($J54=\"\",$AA54=\"\"),\"\",$J54*N(INDEX(Fertilisants!$K$8:$K$47,$AA54)))","v":""},"",{"$nulls":5},"",null,null,{"$f":"IF($D54=\"\",\"\",IFERROR(MATCH($D54,Îlots!$D$8:$D$57,0),\"\"))","v":""},{"$f":"IF($G54=\"\",\"\",IFERROR(MATCH($G54,Fertilisants!$B$8:$B$47,0),\"\"))","v":""},{"$f":"IF($Z54=\"\",\"\",INDEX(Îlots!$E$8:$E$57,$Z54))","v":""},{"$f":"IF($Z54=\"\",\"\",INDEX(Îlots!$G$8:$G$57,$Z54)&\"\")","v":""},{"$f":"IF($Z54=\"\",\"\",IF($F54=ApportCouvert,OccCouvert,INDEX(Îlots!$O$8:$O$57,$Z54)&\"\"))","v":""},"","","",0,0,0,0,0,{"$f":"IF($AA54=\"\",0,IF(INDEX(Fertilisants!$C$8:$C$47,$AA54)=\"Effluent d'élevage\",1,0))","v":0},{"$f":"IF($AA54=\"\",\"\",IF(INDEX(Fertilisants!$C$8:$C$47,$AA54)=\"Engrais minéral\",\"Minéral\",\"Organique\"))","v":""},"","","",{"$f":"IF(AND($D54<>\"\",$D54=FicheIlot),COUNTIF($D$8:$D54,FicheIlot),\"\")","v":""}]
[null,{"$f":"IF(C55=\"\",\"\",COUNT($C$8:C55))","v":""},null,null,{"$f":"IF($Z55=\"\",\"\",IF($F55=ApportCouvert,INDEX(Îlots!$I$8:$I$57,$Z55)&\"\",INDEX(Îlots!$N$8:$N$57,$Z55)&\"\"))","v":""},null,null,{"$f":"IF($AA55=\"\",\"\",INDEX(Fertilisants!$D$8:$D$47,$AA55)&\"\")","v":""},null,null,{"$f":"IF($AA55=\"\",\"\",INDEX(Fertilisants!$E$8:$E$47,$AA55)&\"\")","v":""},"",{"$f":"IF(OR($J55=\"\",$AA55=\"\"),\"\",$J55*N(INDEX(Fertilisants!$G$8:$G$47,$AA55)))","v":""},{"$f":"IF(OR($J55=\"\",$AA55=\"\"),\"\",$J55*N(INDEX(Fertilisants!$I$8:$I$47,$AA55)))","v":""},{"$f":"IF(OR($J55=\"\",$AA55=\"\"),\"\",$J55*N(INDEX(Fertilisants!$J$8:$J$47,$AA55)))","v":""},{"$f":"IF(OR($J55=\"\",$AA55=\"\"),\"\",$J55*N(INDEX(Fertilisants!$K$8:$K$47,$AA55)))","v":""},"",{"$nulls":5},"",null,null,{"$f":"IF($D55=\"\",\"\",IFERROR(MATCH($D55,Îlots!$D$8:$D$57,0),\"\"))","v":""},{"$f":"IF($G55=\"\",\"\",IFERROR(MATCH($G55,Fertilisants!$B$8:$B$47,0),\"\"))","v":""},{"$f":"IF($Z55=\"\",\"\",INDEX(Îlots!$E$8:$E$57,$Z55))","v":""},{"$f":"IF($Z55=\"\",\"\",INDEX(Îlots!$G$8:$G$57,$Z55)&\"\")","v":""},{"$f":"IF($Z55=\"\",\"\",IF($F55=ApportCouvert,OccCouvert,INDEX(Îlots!$O$8:$O$57,$Z55)&\"\"))","v":""},"","","",0,0,0,0,0,{"$f":"IF($AA55=\"\",0,IF(INDEX(Fertilisants!$C$8:$C$47,$AA55)=\"Effluent d'élevage\",1,0))","v":0},{"$f":"IF($AA55=\"\",\"\",IF(INDEX(Fertilisants!$C$8:$C$47,$AA55)=\"Engrais minéral\",\"Minéral\",\"Organique\"))","v":""},"","","",{"$f":"IF(AND($D55<>\"\",$D55=FicheIlot),COUNTIF($D$8:$D55,FicheIlot),\"\")","v":""}]
[null,{"$f":"IF(C56=\"\",\"\",COUNT($C$8:C56))","v":""},null,null,{"$f":"IF($Z56=\"\",\"\",IF($F56=ApportCouvert,INDEX(Îlots!$I$8:$I$57,$Z56)&\"\",INDEX(Îlots!$N$8:$N$57,$Z56)&\"\"))","v":""},null,null,{"$f":"IF($AA56=\"\",\"\",INDEX(Fertilisants!$D$8:$D$47,$AA56)&\"\")","v":""},null,null,{"$f":"IF($AA56=\"\",\"\",INDEX(Fertilisants!$E$8:$E$47,$AA56)&\"\")","v":""},"",{"$f":"IF(OR($J56=\"\",$AA56=\"\"),\"\",$J56*N(INDEX(Fertilisants!$G$8:$G$47,$AA56)))","v":""},{"$f":"IF(OR($J56=\"\",$AA56=\"\"),\"\",$J56*N(INDEX(Fertilisants!$I$8:$I$47,$AA56)))","v":""},{"$f":"IF(OR($J56=\"\",$AA56=\"\"),\"\",$J56*N(INDEX(Fertilisants!$J$8:$J$47,$AA56)))","v":""},{"$f":"IF(OR($J56=\"\",$AA56=\"\"),\"\",$J56*N(INDEX(Fertilisants!$K$8:$K$47,$AA56)))","v":""},"",{"$nulls":5},"",null,null,{"$f":"IF($D56=\"\",\"\",IFERROR(MATCH($D56,Îlots!$D$8:$D$57,0),\"\"))","v":""},{"$f":"IF($G56=\"\",\"\",IFERROR(MATCH($G56,Fertilisants!$B$8:$B$47,0),\"\"))","v":""},{"$f":"IF($Z56=\"\",\"\",INDEX(Îlots!$E$8:$E$57,$Z56))","v":""},{"$f":"IF($Z56=\"\",\"\",INDEX(Îlots!$G$8:$G$57,$Z56)&\"\")","v":""},{"$f":"IF($Z56=\"\",\"\",IF($F56=ApportCouvert,OccCouvert,INDEX(Îlots!$O$8:$O$57,$Z56)&\"\"))","v":""},"","","",0,0,0,0,0,{"$f":"IF($AA56=\"\",0,IF(INDEX(Fertilisants!$C$8:$C$47,$AA56)=\"Effluent d'élevage\",1,0))","v":0},{"$f":"IF($AA56=\"\",\"\",IF(INDEX(Fertilisants!$C$8:$C$47,$AA56)=\"Engrais minéral\",\"Minéral\",\"Organique\"))","v":""},"","","",{"$f":"IF(AND($D56<>\"\",$D56=FicheIlot),COUNTIF($D$8:$D56,FicheIlot),\"\")","v":""}]
[null,{"$f":"IF(C57=\"\",\"\",COUNT($C$8:C57))","v":""},null,null,{"$f":"IF($Z57=\"\",\"\",IF($F57=ApportCouvert,INDEX(Îlots!$I$8:$I$57,$Z57)&\"\",INDEX(Îlots!$N$8:$N$57,$Z57)&\"\"))","v":""},null,null,{"$f":"IF($AA57=\"\",\"\",INDEX(Fertilisants!$D$8:$D$47,$AA57)&\"\")","v":""},null,null,{"$f":"IF($AA57=\"\",\"\",INDEX(Fertilisants!$E$8:$E$47,$AA57)&\"\")","v":""},"",{"$f":"IF(OR($J57=\"\",$AA57=\"\"),\"\",$J57*N(INDEX(Fertilisants!$G$8:$G$47,$AA57)))","v":""},{"$f":"IF(OR($J57=\"\",$AA57=\"\"),\"\",$J57*N(INDEX(Fertilisants!$I$8:$I$47,$AA57)))","v":""},{"$f":"IF(OR($J57=\"\",$AA57=\"\"),\"\",$J57*N(INDEX(Fertilisants!$J$8:$J$47,$AA57)))","v":""},{"$f":"IF(OR($J57=\"\",$AA57=\"\"),\"\",$J57*N(INDEX(Fertilisants!$K$8:$K$47,$AA57)))","v":""},"",{"$nulls":5},"",null,null,{"$f":"IF($D57=\"\",\"\",IFERROR(MATCH($D57,Îlots!$D$8:$D$57,0),\"\"))","v":""},{"$f":"IF($G57=\"\",\"\",IFERROR(MATCH($G57,Fertilisants!$B$8:$B$47,0),\"\"))","v":""},{"$f":"IF($Z57=\"\",\"\",INDEX(Îlots!$E$8:$E$57,$Z57))","v":""},{"$f":"IF($Z57=\"\",\"\",INDEX(Îlots!$G$8:$G$57,$Z57)&\"\")","v":""},{"$f":"IF($Z57=\"\",\"\",IF($F57=ApportCouvert,OccCouvert,INDEX(Îlots!$O$8:$O$57,$Z57)&\"\"))","v":""},"","","",0,0,0,0,0,{"$f":"IF($AA57=\"\",0,IF(INDEX(Fertilisants!$C$8:$C$47,$AA57)=\"Effluent d'élevage\",1,0))","v":0},{"$f":"IF($AA57=\"\",\"\",IF(INDEX(Fertilisants!$C$8:$C$47,$AA57)=\"Engrais minéral\",\"Minéral\",\"Organique\"))","v":""},"","","",{"$f":"IF(AND($D57<>\"\",$D57=FicheIlot),COUNTIF($D$8:$D57,FicheIlot),\"\")","v":""}]
[null,{"$f":"IF(C58=\"\",\"\",COUNT($C$8:C58))","v":""},null,null,{"$f":"IF($Z58=\"\",\"\",IF($F58=ApportCouvert,INDEX(Îlots!$I$8:$I$57,$Z58)&\"\",INDEX(Îlots!$N$8:$N$57,$Z58)&\"\"))","v":""},null,null,{"$f":"IF($AA58=\"\",\"\",INDEX(Fertilisants!$D$8:$D$47,$AA58)&\"\")","v":""},null,null,{"$f":"IF($AA58=\"\",\"\",INDEX(Fertilisants!$E$8:$E$47,$AA58)&\"\")","v":""},"",{"$f":"IF(OR($J58=\"\",$AA58=\"\"),\"\",$J58*N(INDEX(Fertilisants!$G$8:$G$47,$AA58)))","v":""},{"$f":"IF(OR($J58=\"\",$AA58=\"\"),\"\",$J58*N(INDEX(Fertilisants!$I$8:$I$47,$AA58)))","v":""},{"$f":"IF(OR($J58=\"\",$AA58=\"\"),\"\",$J58*N(INDEX(Fertilisants!$J$8:$J$47,$AA58)))","v":""},{"$f":"IF(OR($J58=\"\",$AA58=\"\"),\"\",$J58*N(INDEX(Fertilisants!$K$8:$K$47,$AA58)))","v":""},"",{"$nulls":5},"",null,null,{"$f":"IF($D58=\"\",\"\",IFERROR(MATCH($D58,Îlots!$D$8:$D$57,0),\"\"))","v":""},{"$f":"IF($G58=\"\",\"\",IFERROR(MATCH($G58,Fertilisants!$B$8:$B$47,0),\"\"))","v":""},{"$f":"IF($Z58=\"\",\"\",INDEX(Îlots!$E$8:$E$57,$Z58))","v":""},{"$f":"IF($Z58=\"\",\"\",INDEX(Îlots!$G$8:$G$57,$Z58)&\"\")","v":""},{"$f":"IF($Z58=\"\",\"\",IF($F58=ApportCouvert,OccCouvert,INDEX(Îlots!$O$8:$O$57,$Z58)&\"\"))","v":""},"","","",0,0,0,0,0,{"$f":"IF($AA58=\"\",0,IF(INDEX(Fertilisants!$C$8:$C$47,$AA58)=\"Effluent d'élevage\",1,0))","v":0},{"$f":"IF($AA58=\"\",\"\",IF(INDEX(Fertilisants!$C$8:$C$47,$AA58)=\"Engrais minéral\",\"Minéral\",\"Organique\"))","v":""},"","","",{"$f":"IF(AND($D58<>\"\",$D58=FicheIlot),COUNTIF($D$8:$D58,FicheIlot),\"\")","v":""}]
[null,{"$f":"IF(C59=\"\",\"\",COUNT($C$8:C59))","v":""},null,null,{"$f":"IF($Z59=\"\",\"\",IF($F59=ApportCouvert,INDEX(Îlots!$I$8:$I$57,$Z59)&\"\",INDEX(Îlots!$N$8:$N$57,$Z59)&\"\"))","v":""},null,null,{"$f":"IF($AA59=\"\",\"\",INDEX(Fertilisants!$D$8:$D$47,$AA59)&\"\")","v":""},null,null,{"$f":"IF($AA59=\"\",\"\",INDEX(Fertilisants!$E$8:$E$47,$AA59)&\"\")","v":""},"",{"$f":"IF(OR($J59=\"\",$AA59=\"\"),\"\",$J59*N(INDEX(Fertilisants!$G$8:$G$47,$AA59)))","v":""},{"$f":"IF(OR($J59=\"\",$AA59=\"\"),\"\",$J59*N(INDEX(Fertilisants!$I$8:$I$47,$AA59)))","v":""},{"$f":"IF(OR($J59=\"\",$AA59=\"\"),\"\",$J59*N(INDEX(Fertilisants!$J$8:$J$47,$AA59)))","v":""},{"$f":"IF(OR($J59=\"\",$AA59=\"\"),\"\",$J59*N(INDEX(Fertilisants!$K$8:$K$47,$AA59)))","v":""},"",{"$nulls":5},"",null,null,{"$f":"IF($D59=\"\",\"\",IFERROR(MATCH($D59,Îlots!$D$8:$D$57,0),\"\"))","v":""},{"$f":"IF($G59=\"\",\"\",IFERROR(MATCH($G59,Fertilisants!$B$8:$B$47,0),\"\"))","v":""},{"$f":"IF($Z59=\"\",\"\",INDEX(Îlots!$E$8:$E$57,$Z59))","v":""},{"$f":"IF($Z59=\"\",\"\",INDEX(Îlots!$G$8:$G$57,$Z59)&\"\")","v":""},{"$f":"IF($Z59=\"\",\"\",IF($F59=ApportCouvert,OccCouvert,INDEX(Îlots!$O$8:$O$57,$Z59)&\"\"))","v":""},"","","",0,0,0,0,0,{"$f":"IF($AA59=\"\",0,IF(INDEX(Fertilisants!$C$8:$C$47,$AA59)=\"Effluent d'élevage\",1,0))","v":0},{"$f":"IF($AA59=\"\",\"\",IF(INDEX(Fertilisants!$C$8:$C$47,$AA59)=\"Engrais minéral\",\"Minéral\",\"Organique\"))","v":""},"","","",{"$f":"IF(AND($D59<>\"\",$D59=FicheIlot),COUNTIF($D$8:$D59,FicheIlot),\"\")","v":""}]
[null,{"$f":"IF(C60=\"\",\"\",COUNT($C$8:C60))","v":""},null,null,{"$f":"IF($Z60=\"\",\"\",IF($F60=ApportCouvert,INDEX(Îlots!$I$8:$I$57,$Z60)&\"\",INDEX(Îlots!$N$8:$N$57,$Z60)&\"\"))","v":""},null,null,{"$f":"IF($AA60=\"\",\"\",INDEX(Fertilisants!$D$8:$D$47,$AA60)&\"\")","v":""},null,null,{"$f":"IF($AA60=\"\",\"\",INDEX(Fertilisants!$E$8:$E$47,$AA60)&\"\")","v":""},"",{"$f":"IF(OR($J60=\"\",$AA60=\"\"),\"\",$J60*N(INDEX(Fertilisants!$G$8:$G$47,$AA60)))","v":""},{"$f":"IF(OR($J60=\"\",$AA60=\"\"),\"\",$J60*N(INDEX(Fertilisants!$I$8:$I$47,$AA60)))","v":""},{"$f":"IF(OR($J60=\"\",$AA60=\"\"),\"\",$J60*N(INDEX(Fertilisants!$J$8:$J$47,$AA60)))","v":""},{"$f":"IF(OR($J60=\"\",$AA60=\"\"),\"\",$J60*N(INDEX(Fertilisants!$K$8:$K$47,$AA60)))","v":""},"",{"$nulls":5},"",null,null,{"$f":"IF($D60=\"\",\"\",IFERROR(MATCH($D60,Îlots!$D$8:$D$57,0),\"\"))","v":""},{"$f":"IF($G60=\"\",\"\",IFERROR(MATCH($G60,Fertilisants!$B$8:$B$47,0),\"\"))","v":""},{"$f":"IF($Z60=\"\",\"\",INDEX(Îlots!$E$8:$E$57,$Z60))","v":""},{"$f":"IF($Z60=\"\",\"\",INDEX(Îlots!$G$8:$G$57,$Z60)&\"\")","v":""},{"$f":"IF($Z60=\"\",\"\",IF($F60=ApportCouvert,OccCouvert,INDEX(Îlots!$O$8:$O$57,$Z60)&\"\"))","v":""},"","","",0,0,0,0,0,{"$f":"IF($AA60=\"\",0,IF(INDEX(Fertilisants!$C$8:$C$47,$AA60)=\"Effluent d'élevage\",1,0))","v":0},{"$f":"IF($AA60=\"\",\"\",IF(INDEX(Fertilisants!$C$8:$C$47,$AA60)=\"Engrais minéral\",\"Minéral\",\"Organique\"))","v":""},"","","",{"$f":"IF(AND($D60<>\"\",$D60=FicheIlot),COUNTIF($D$8:$D60,FicheIlot),\"\")","v":""}]
[null,{"$f":"IF(C61=\"\",\"\",COUNT($C$8:C61))","v":""},null,null,{"$f":"IF($Z61=\"\",\"\",IF($F61=ApportCouvert,INDEX(Îlots!$I$8:$I$57,$Z61)&\"\",INDEX(Îlots!$N$8:$N$57,$Z61)&\"\"))","v":""},null,null,{"$f":"IF($AA61=\"\",\"\",INDEX(Fertilisants!$D$8:$D$47,$AA61)&\"\")","v":""},null,null,{"$f":"IF($AA61=\"\",\"\",INDEX(Fertilisants!$E$8:$E$47,$AA61)&\"\")","v":""},"",{"$f":"IF(OR($J61=\"\",$AA61=\"\"),\"\",$J61*N(INDEX(Fertilisants!$G$8:$G$47,$AA61)))","v":""},{"$f":"IF(OR($J61=\"\",$AA61=\"\"),\"\",$J61*N(INDEX(Fertilisants!$I$8:$I$47,$AA61)))","v":""},{"$f":"IF(OR($J61=\"\",$AA61=\"\"),\"\",$J61*N(INDEX(Fertilisants!$J$8:$J$47,$AA61)))","v":""},{"$f":"IF(OR($J61=\"\",$AA61=\"\"),\"\",$J61*N(INDEX(Fertilisants!$K$8:$K$47,$AA61)))","v":""},"",{"$nulls":5},"",null,null,{"$f":"IF($D61=\"\",\"\",IFERROR(MATCH($D61,Îlots!$D$8:$D$57,0),\"\"))","v":""},{"$f":"IF($G61=\"\",\"\",IFERROR(MATCH($G61,Fertilisants!$B$8:$B$47,0),\"\"))","v":""},{"$f":"IF($Z61=\"\",\"\",INDEX(Îlots!$E$8:$E$57,$Z61))","v":""},{"$f":"IF($Z61=\"\",\"\",INDEX(Îlots!$G$8:$G$57,$Z61)&\"\")","v":""},{"$f":"IF($Z61=\"\",\"\",IF($F61=ApportCouvert,OccCouvert,INDEX(Îlots!$O$8:$O$57,$Z61)&\"\"))","v":""},"","","",0,0,0,0,0,{"$f":"IF($AA61=\"\",0,IF(INDEX(Fertilisants!$C$8:$C$47,$AA61)=\"Effluent d'élevage\",1,0))","v":0},{"$f":"IF($AA61=\"\",\"\",IF(INDEX(Fertilisants!$C$8:$C$47,$AA61)=\"Engrais minéral\",\"Minéral\",\"Organique\"))","v":""},"","","",{"$f":"IF(AND($D61<>\"\",$D61=FicheIlot),COUNTIF($D$8:$D61,FicheIlot),\"\")","v":""}]
[null,{"$f":"IF(C62=\"\",\"\",COUNT($C$8:C62))","v":""},null,null,{"$f":"IF($Z62=\"\",\"\",IF($F62=ApportCouvert,INDEX(Îlots!$I$8:$I$57,$Z62)&\"\",INDEX(Îlots!$N$8:$N$57,$Z62)&\"\"))","v":""},null,null,{"$f":"IF($AA62=\"\",\"\",INDEX(Fertilisants!$D$8:$D$47,$AA62)&\"\")","v":""},null,null,{"$f":"IF($AA62=\"\",\"\",INDEX(Fertilisants!$E$8:$E$47,$AA62)&\"\")","v":""},"",{"$f":"IF(OR($J62=\"\",$AA62=\"\"),\"\",$J62*N(INDEX(Fertilisants!$G$8:$G$47,$AA62)))","v":""},{"$f":"IF(OR($J62=\"\",$AA62=\"\"),\"\",$J62*N(INDEX(Fertilisants!$I$8:$I$47,$AA62)))","v":""},{"$f":"IF(OR($J62=\"\",$AA62=\"\"),\"\",$J62*N(INDEX(Fertilisants!$J$8:$J$47,$AA62)))","v":""},{"$f":"IF(OR($J62=\"\",$AA62=\"\"),\"\",$J62*N(INDEX(Fertilisants!$K$8:$K$47,$AA62)))","v":""},"",{"$nulls":5},"",null,null,{"$f":"IF($D62=\"\",\"\",IFERROR(MATCH($D62,Îlots!$D$8:$D$57,0),\"\"))","v":""},{"$f":"IF($G62=\"\",\"\",IFERROR(MATCH($G62,Fertilisants!$B$8:$B$47,0),\"\"))","v":""},{"$f":"IF($Z62=\"\",\"\",INDEX(Îlots!$E$8:$E$57,$Z62))","v":""},{"$f":"IF($Z62=\"\",\"\",INDEX(Îlots!$G$8:$G$57,$Z62)&\"\")","v":""},{"$f":"IF($Z62=\"\",\"\",IF($F62=ApportCouvert,OccCouvert,INDEX(Îlots!$O$8:$O$57,$Z62)&\"\"))","v":""},"","","",0,0,0,0,0,{"$f":"IF($AA62=\"\",0,IF(INDEX(Fertilisants!$C$8:$C$47,$AA62)=\"Effluent d'élevage\",1,0))","v":0},{"$f":"IF($AA62=\"\",\"\",IF(INDEX(Fertilisants!$C$8:$C$47,$AA62)=\"Engrais minéral\",\"Minéral\",\"Organique\"))","v":""},"","","",{"$f":"IF(AND($D62<>\"\",$D62=FicheIlot),COUNTIF($D$8:$D62,FicheIlot),\"\")","v":""}]
[null,{"$f":"IF(C63=\"\",\"\",COUNT($C$8:C63))","v":""},null,null,{"$f":"IF($Z63=\"\",\"\",IF($F63=ApportCouvert,INDEX(Îlots!$I$8:$I$57,$Z63)&\"\",INDEX(Îlots!$N$8:$N$57,$Z63)&\"\"))","v":""},null,null,{"$f":"IF($AA63=\"\",\"\",INDEX(Fertilisants!$D$8:$D$47,$AA63)&\"\")","v":""},null,null,{"$f":"IF($AA63=\"\",\"\",INDEX(Fertilisants!$E$8:$E$47,$AA63)&\"\")","v":""},"",{"$f":"IF(OR($J63=\"\",$AA63=\"\"),\"\",$J63*N(INDEX(Fertilisants!$G$8:$G$47,$AA63)))","v":""},{"$f":"IF(OR($J63=\"\",$AA63=\"\"),\"\",$J63*N(INDEX(Fertilisants!$I$8:$I$47,$AA63)))","v":""},{"$f":"IF(OR($J63=\"\",$AA63=\"\"),\"\",$J63*N(INDEX(Fertilisants!$J$8:$J$47,$AA63)))","v":""},{"$f":"IF(OR($J63=\"\",$AA63=\"\"),\"\",$J63*N(INDEX(Fertilisants!$K$8:$K$47,$AA63)))","v":""},"",{"$nulls":5},"",null,null,{"$f":"IF($D63=\"\",\"\",IFERROR(MATCH($D63,Îlots!$D$8:$D$57,0),\"\"))","v":""},{"$f":"IF($G63=\"\",\"\",IFERROR(MATCH($G63,Fertilisants!$B$8:$B$47,0),\"\"))","v":""},{"$f":"IF($Z63=\"\",\"\",INDEX(Îlots!$E$8:$E$57,$Z63))","v":""},{"$f":"IF($Z63=\"\",\"\",INDEX(Îlots!$G$8:$G$57,$Z63)&\"\")","v":""},{"$f":"IF($Z63=\"\",\"\",IF($F63=ApportCouvert,OccCouvert,INDEX(Îlots!$O$8:$O$57,$Z63)&\"\"))","v":""},"","","",0,0,0,0,0,{"$f":"IF($AA63=\"\",0,IF(INDEX(Fertilisants!$C$8:$C$47,$AA63)=\"Effluent d'élevage\",1,0))","v":0},{"$f":"IF($AA63=\"\",\"\",IF(INDEX(Fertilisants!$C$8:$C$47,$AA63)=\"Engrais minéral\",\"Minéral\",\"Organique\"))","v":""},"","","",{"$f":"IF(AND($D63<>\"\",$D63=FicheIlot),COUNTIF($D$8:$D63,FicheIlot),\"\")","v":""}]
[null,{"$f":"IF(C64=\"\",\"\",COUNT($C$8:C64))","v":""},null,null,{"$f":"IF($Z64=\"\",\"\",IF($F64=ApportCouvert,INDEX(Îlots!$I$8:$I$57,$Z64)&\"\",INDEX(Îlots!$N$8:$N$57,$Z64)&\"\"))","v":""},null,null,{"$f":"IF($AA64=\"\",\"\",INDEX(Fertilisants!$D$8:$D$47,$AA64)&\"\")","v":""},null,null,{"$f":"IF($AA64=\"\",\"\",INDEX(Fertilisants!$E$8:$E$47,$AA64)&\"\")","v":""},"",{"$f":"IF(OR($J64=\"\",$AA64=\"\"),\"\",$J64*N(INDEX(Fertilisants!$G$8:$G$47,$AA64)))","v":""},{"$f":"IF(OR($J64=\"\",$AA64=\"\"),\"\",$J64*N(INDEX(Fertilisants!$I$8:$I$47,$AA64)))","v":""},{"$f":"IF(OR($J64=\"\",$AA64=\"\"),\"\",$J64*N(INDEX(Fertilisants!$J$8:$J$47,$AA64)))","v":""},{"$f":"IF(OR($J64=\"\",$AA64=\"\"),\"\",$J64*N(INDEX(Fertilisants!$K$8:$K$47,$AA64)))","v":""},"",{"$nulls":5},"",null,null,{"$f":"IF($D64=\"\",\"\",IFERROR(MATCH($D64,Îlots!$D$8:$D$57,0),\"\"))","v":""},{"$f":"IF($G64=\"\",\"\",IFERROR(MATCH($G64,Fertilisants!$B$8:$B$47,0),\"\"))","v":""},{"$f":"IF($Z64=\"\",\"\",INDEX(Îlots!$E$8:$E$57,$Z64))","v":""},{"$f":"IF($Z64=\"\",\"\",INDEX(Îlots!$G$8:$G$57,$Z64)&\"\")","v":""},{"$f":"IF($Z64=\"\",\"\",IF($F64=ApportCouvert,OccCouvert,INDEX(Îlots!$O$8:$O$57,$Z64)&\"\"))","v":""},"","","",0,0,0,0,0,{"$f":"IF($AA64=\"\",0,IF(INDEX(Fertilisants!$C$8:$C$47,$AA64)=\"Effluent d'élevage\",1,0))","v":0},{"$f":"IF($AA64=\"\",\"\",IF(INDEX(Fertilisants!$C$8:$C$47,$AA64)=\"Engrais minéral\",\"Minéral\",\"Organique\"))","v":""},"","","",{"$f":"IF(AND($D64<>\"\",$D64=FicheIlot),COUNTIF($D$8:$D64,FicheIlot),\"\")","v":""}]
[null,{"$f":"IF(C65=\"\",\"\",COUNT($C$8:C65))","v":""},null,null,{"$f":"IF($Z65=\"\",\"\",IF($F65=ApportCouvert,INDEX(Îlots!$I$8:$I$57,$Z65)&\"\",INDEX(Îlots!$N$8:$N$57,$Z65)&\"\"))","v":""},null,null,{"$f":"IF($AA65=\"\",\"\",INDEX(Fertilisants!$D$8:$D$47,$AA65)&\"\")","v":""},null,null,{"$f":"IF($AA65=\"\",\"\",INDEX(Fertilisants!$E$8:$E$47,$AA65)&\"\")","v":""},"",{"$f":"IF(OR($J65=\"\",$AA65=\"\"),\"\",$J65*N(INDEX(Fertilisants!$G$8:$G$47,$AA65)))","v":""},{"$f":"IF(OR($J65=\"\",$AA65=\"\"),\"\",$J65*N(INDEX(Fertilisants!$I$8:$I$47,$AA65)))","v":""},{"$f":"IF(OR($J65=\"\",$AA65=\"\"),\"\",$J65*N(INDEX(Fertilisants!$J$8:$J$47,$AA65)))","v":""},{"$f":"IF(OR($J65=\"\",$AA65=\"\"),\"\",$J65*N(INDEX(Fertilisants!$K$8:$K$47,$AA65)))","v":""},"",{"$nulls":5},"",null,null,{"$f":"IF($D65=\"\",\"\",IFERROR(MATCH($D65,Îlots!$D$8:$D$57,0),\"\"))","v":""},{"$f":"IF($G65=\"\",\"\",IFERROR(MATCH($G65,Fertilisants!$B$8:$B$47,0),\"\"))","v":""},{"$f":"IF($Z65=\"\",\"\",INDEX(Îlots!$E$8:$E$57,$Z65))","v":""},{"$f":"IF($Z65=\"\",\"\",INDEX(Îlots!$G$8:$G$57,$Z65)&\"\")","v":""},{"$f":"IF($Z65=\"\",\"\",IF($F65=ApportCouvert,OccCouvert,INDEX(Îlots!$O$8:$O$57,$Z65)&\"\"))","v":""},"","","",0,0,0,0,0,{"$f":"IF($AA65=\"\",0,IF(INDEX(Fertilisants!$C$8:$C$47,$AA65)=\"Effluent d'élevage\",1,0))","v":0},{"$f":"IF($AA65=\"\",\"\",IF(INDEX(Fertilisants!$C$8:$C$47,$AA65)=\"Engrais minéral\",\"Minéral\",\"Organique\"))","v":""},"","","",{"$f":"IF(AND($D65<>\"\",$D65=FicheIlot),COUNTIF($D$8:$D65,FicheIlot),\"\")","v":""}]
[null,{"$f":"IF(C66=\"\",\"\",COUNT($C$8:C66))","v":""},null,null,{"$f":"IF($Z66=\"\",\"\",IF($F66=ApportCouvert,INDEX(Îlots!$I$8:$I$57,$Z66)&\"\",INDEX(Îlots!$N$8:$N$57,$Z66)&\"\"))","v":""},null,null,{"$f":"IF($AA66=\"\",\"\",INDEX(Fertilisants!$D$8:$D$47,$AA66)&\"\")","v":""},null,null,{"$f":"IF($AA66=\"\",\"\",INDEX(Fertilisants!$E$8:$E$47,$AA66)&\"\")","v":""},"",{"$f":"IF(OR($J66=\"\",$AA66=\"\"),\"\",$J66*N(INDEX(Fertilisants!$G$8:$G$47,$AA66)))","v":""},{"$f":"IF(OR($J66=\"\",$AA66=\"\"),\"\",$J66*N(INDEX(Fertilisants!$I$8:$I$47,$AA66)))","v":""},{"$f":"IF(OR($J66=\"\",$AA66=\"\"),\"\",$J66*N(INDEX(Fertilisants!$J$8:$J$47,$AA66)))","v":""},{"$f":"IF(OR($J66=\"\",$AA66=\"\"),\"\",$J66*N(INDEX(Fertilisants!$K$8:$K$47,$AA66)))","v":""},"",{"$nulls":5},"",null,null,{"$f":"IF($D66=\"\",\"\",IFERROR(MATCH($D66,Îlots!$D$8:$D$57,0),\"\"))","v":""},{"$f":"IF($G66=\"\",\"\",IFERROR(MATCH($G66,Fertilisants!$B$8:$B$47,0),\"\"))","v":""},{"$f":"IF($Z66=\"\",\"\",INDEX(Îlots!$E$8:$E$57,$Z66))","v":""},{"$f":"IF($Z66=\"\",\"\",INDEX(Îlots!$G$8:$G$57,$Z66)&\"\")","v":""},{"$f":"IF($Z66=\"\",\"\",IF($F66=ApportCouvert,OccCouvert,INDEX(Îlots!$O$8:$O$57,$Z66)&\"\"))","v":""},"","","",0,0,0,0,0,{"$f":"IF($AA66=\"\",0,IF(INDEX(Fertilisants!$C$8:$C$47,$AA66)=\"Effluent d'élevage\",1,0))","v":0},{"$f":"IF($AA66=\"\",\"\",IF(INDEX(Fertilisants!$C$8:$C$47,$AA66)=\"Engrais minéral\",\"Minéral\",\"Organique\"))","v":""},"","","",{"$f":"IF(AND($D66<>\"\",$D66=FicheIlot),COUNTIF($D$8:$D66,FicheIlot),\"\")","v":""}]
[null,{"$f":"IF(C67=\"\",\"\",COUNT($C$8:C67))","v":""},null,null,{"$f":"IF($Z67=\"\",\"\",IF($F67=ApportCouvert,INDEX(Îlots!$I$8:$I$57,$Z67)&\"\",INDEX(Îlots!$N$8:$N$57,$Z67)&\"\"))","v":""},null,null,{"$f":"IF($AA67=\"\",\"\",INDEX(Fertilisants!$D$8:$D$47,$AA67)&\"\")","v":""},null,null,{"$f":"IF($AA67=\"\",\"\",INDEX(Fertilisants!$E$8:$E$47,$AA67)&\"\")","v":""},"",{"$f":"IF(OR($J67=\"\",$AA67=\"\"),\"\",$J67*N(INDEX(Fertilisants!$G$8:$G$47,$AA67)))","v":""},{"$f":"IF(OR($J67=\"\",$AA67=\"\"),\"\",$J67*N(INDEX(Fertilisants!$I$8:$I$47,$AA67)))","v":""},{"$f":"IF(OR($J67=\"\",$AA67=\"\"),\"\",$J67*N(INDEX(Fertilisants!$J$8:$J$47,$AA67)))","v":""},{"$f":"IF(OR($J67=\"\",$AA67=\"\"),\"\",$J67*N(INDEX(Fertilisants!$K$8:$K$47,$AA67)))","v":""},"",{"$nulls":5},"",null,null,{"$f":"IF($D67=\"\",\"\",IFERROR(MATCH($D67,Îlots!$D$8:$D$57,0),\"\"))","v":""},{"$f":"IF($G67=\"\",\"\",IFERROR(MATCH($G67,Fertilisants!$B$8:$B$47,0),\"\"))","v":""},{"$f":"IF($Z67=\"\",\"\",INDEX(Îlots!$E$8:$E$57,$Z67))","v":""},{"$f":"IF($Z67=\"\",\"\",INDEX(Îlots!$G$8:$G$57,$Z67)&\"\")","v":""},{"$f":"IF($Z67=\"\",\"\",IF($F67=ApportCouvert,OccCouvert,INDEX(Îlots!$O$8:$O$57,$Z67)&\"\"))","v":""},"","","",0,0,0,0,0,{"$f":"IF($AA67=\"\",0,IF(INDEX(Fertilisants!$C$8:$C$47,$AA67)=\"Effluent d'élevage\",1,0))","v":0},{"$f":"IF($AA67=\"\",\"\",IF(INDEX(Fertilisants!$C$8:$C$47,$AA67)=\"Engrais minéral\",\"Minéral\",\"Organique\"))","v":""},"","","",{"$f":"IF(AND($D67<>\"\",$D67=FicheIlot),COUNTIF($D$8:$D67,FicheIlot),\"\")","v":""}]
[null,{"$f":"IF(C68=\"\",\"\",COUNT($C$8:C68))","v":""},null,null,{"$f":"IF($Z68=\"\",\"\",IF($F68=ApportCouvert,INDEX(Îlots!$I$8:$I$57,$Z68)&\"\",INDEX(Îlots!$N$8:$N$57,$Z68)&\"\"))","v":""},null,null,{"$f":"IF($AA68=\"\",\"\",INDEX(Fertilisants!$D$8:$D$47,$AA68)&\"\")","v":""},null,null,{"$f":"IF($AA68=\"\",\"\",INDEX(Fertilisants!$E$8:$E$47,$AA68)&\"\")","v":""},"",{"$f":"IF(OR($J68=\"\",$AA68=\"\"),\"\",$J68*N(INDEX(Fertilisants!$G$8:$G$47,$AA68)))","v":""},{"$f":"IF(OR($J68=\"\",$AA68=\"\"),\"\",$J68*N(INDEX(Fertilisants!$I$8:$I$47,$AA68)))","v":""},{"$f":"IF(OR($J68=\"\",$AA68=\"\"),\"\",$J68*N(INDEX(Fertilisants!$J$8:$J$47,$AA68)))","v":""},{"$f":"IF(OR($J68=\"\",$AA68=\"\"),\"\",$J68*N(INDEX(Fertilisants!$K$8:$K$47,$AA68)))","v":""},"",{"$nulls":5},"",null,null,{"$f":"IF($D68=\"\",\"\",IFERROR(MATCH($D68,Îlots!$D$8:$D$57,0),\"\"))","v":""},{"$f":"IF($G68=\"\",\"\",IFERROR(MATCH($G68,Fertilisants!$B$8:$B$47,0),\"\"))","v":""},{"$f":"IF($Z68=\"\",\"\",INDEX(Îlots!$E$8:$E$57,$Z68))","v":""},{"$f":"IF($Z68=\"\",\"\",INDEX(Îlots!$G$8:$G$57,$Z68)&\"\")","v":""},{"$f":"IF($Z68=\"\",\"\",IF($F68=ApportCouvert,OccCouvert,INDEX(Îlots!$O$8:$O$57,$Z68)&\"\"))","v":""},"","","",0,0,0,0,0,{"$f":"IF($AA68=\"\",0,IF(INDEX(Fertilisants!$C$8:$C$47,$AA68)=\"Effluent d'élevage\",1,0))","v":0},{"$f":"IF($AA68=\"\",\"\",IF(INDEX(Fertilisants!$C$8:$C$47,$AA68)=\"Engrais minéral\",\"Minéral\",\"Organique\"))","v":""},"","","",{"$f":"IF(AND($D68<>\"\",$D68=FicheIlot),COUNTIF($D$8:$D68,FicheIlot),\"\")","v":""}]
[null,{"$f":"IF(C69=\"\",\"\",COUNT($C$8:C69))","v":""},null,null,{"$f":"IF($Z69=\"\",\"\",IF($F69=ApportCouvert,INDEX(Îlots!$I$8:$I$57,$Z69)&\"\",INDEX(Îlots!$N$8:$N$57,$Z69)&\"\"))","v":""},null,null,{"$f":"IF($AA69=\"\",\"\",INDEX(Fertilisants!$D$8:$D$47,$AA69)&\"\")","v":""},null,null,{"$f":"IF($AA69=\"\",\"\",INDEX(Fertilisants!$E$8:$E$47,$AA69)&\"\")","v":""},"",{"$f":"IF(OR($J69=\"\",$AA69=\"\"),\"\",$J69*N(INDEX(Fertilisants!$G$8:$G$47,$AA69)))","v":""},{"$f":"IF(OR($J69=\"\",$AA69=\"\"),\"\",$J69*N(INDEX(Fertilisants!$I$8:$I$47,$AA69)))","v":""},{"$f":"IF(OR($J69=\"\",$AA69=\"\"),\"\",$J69*N(INDEX(Fertilisants!$J$8:$J$47,$AA69)))","v":""},{"$f":"IF(OR($J69=\"\",$AA69=\"\"),\"\",$J69*N(INDEX(Fertilisants!$K$8:$K$47,$AA69)))","v":""},"",{"$nulls":5},"",null,null,{"$f":"IF($D69=\"\",\"\",IFERROR(MATCH($D69,Îlots!$D$8:$D$57,0),\"\"))","v":""},{"$f":"IF($G69=\"\",\"\",IFERROR(MATCH($G69,Fertilisants!$B$8:$B$47,0),\"\"))","v":""},{"$f":"IF($Z69=\"\",\"\",INDEX(Îlots!$E$8:$E$57,$Z69))","v":""},{"$f":"IF($Z69=\"\",\"\",INDEX(Îlots!$G$8:$G$57,$Z69)&\"\")","v":""},{"$f":"IF($Z69=\"\",\"\",IF($F69=ApportCouvert,OccCouvert,INDEX(Îlots!$O$8:$O$57,$Z69)&\"\"))","v":""},"","","",0,0,0,0,0,{"$f":"IF($AA69=\"\",0,IF(INDEX(Fertilisants!$C$8:$C$47,$AA69)=\"Effluent d'élevage\",1,0))","v":0},{"$f":"IF($AA69=\"\",\"\",IF(INDEX(Fertilisants!$C$8:$C$47,$AA69)=\"Engrais minéral\",\"Minéral\",\"Organique\"))","v":""},"","","",{"$f":"IF(AND($D69<>\"\",$D69=FicheIlot),COUNTIF($D$8:$D69,FicheIlot),\"\")","v":""}]
[null,{"$f":"IF(C70=\"\",\"\",COUNT($C$8:C70))","v":""},null,null,{"$f":"IF($Z70=\"\",\"\",IF($F70=ApportCouvert,INDEX(Îlots!$I$8:$I$57,$Z70)&\"\",INDEX(Îlots!$N$8:$N$57,$Z70)&\"\"))","v":""},null,null,{"$f":"IF($AA70=\"\",\"\",INDEX(Fertilisants!$D$8:$D$47,$AA70)&\"\")","v":""},null,null,{"$f":"IF($AA70=\"\",\"\",INDEX(Fertilisants!$E$8:$E$47,$AA70)&\"\")","v":""},"",{"$f":"IF(OR($J70=\"\",$AA70=\"\"),\"\",$J70*N(INDEX(Fertilisants!$G$8:$G$47,$AA70)))","v":""},{"$f":"IF(OR($J70=\"\",$AA70=\"\"),\"\",$J70*N(INDEX(Fertilisants!$I$8:$I$47,$AA70)))","v":""},{"$f":"IF(OR($J70=\"\",$AA70=\"\"),\"\",$J70*N(INDEX(Fertilisants!$J$8:$J$47,$AA70)))","v":""},{"$f":"IF(OR($J70=\"\",$AA70=\"\"),\"\",$J70*N(INDEX(Fertilisants!$K$8:$K$47,$AA70)))","v":""},"",{"$nulls":5},"",null,null,{"$f":"IF($D70=\"\",\"\",IFERROR(MATCH($D70,Îlots!$D$8:$D$57,0),\"\"))","v":""},{"$f":"IF($G70=\"\",\"\",IFERROR(MATCH($G70,Fertilisants!$B$8:$B$47,0),\"\"))","v":""},{"$f":"IF($Z70=\"\",\"\",INDEX(Îlots!$E$8:$E$57,$Z70))","v":""},{"$f":"IF($Z70=\"\",\"\",INDEX(Îlots!$G$8:$G$57,$Z70)&\"\")","v":""},{"$f":"IF($Z70=\"\",\"\",IF($F70=ApportCouvert,OccCouvert,INDEX(Îlots!$O$8:$O$57,$Z70)&\"\"))","v":""},"","","",0,0,0,0,0,{"$f":"IF($AA70=\"\",0,IF(INDEX(Fertilisants!$C$8:$C$47,$AA70)=\"Effluent d'élevage\",1,0))","v":0},{"$f":"IF($AA70=\"\",\"\",IF(INDEX(Fertilisants!$C$8:$C$47,$AA70)=\"Engrais minéral\",\"Minéral\",\"Organique\"))","v":""},"","","",{"$f":"IF(AND($D70<>\"\",$D70=FicheIlot),COUNTIF($D$8:$D70,FicheIlot),\"\")","v":""}]
[null,{"$f":"IF(C71=\"\",\"\",COUNT($C$8:C71))","v":""},null,null,{"$f":"IF($Z71=\"\",\"\",IF($F71=ApportCouvert,INDEX(Îlots!$I$8:$I$57,$Z71)&\"\",INDEX(Îlots!$N$8:$N$57,$Z71)&\"\"))","v":""},null,null,{"$f":"IF($AA71=\"\",\"\",INDEX(Fertilisants!$D$8:$D$47,$AA71)&\"\")","v":""},null,null,{"$f":"IF($AA71=\"\",\"\",INDEX(Fertilisants!$E$8:$E$47,$AA71)&\"\")","v":""},"",{"$f":"IF(OR($J71=\"\",$AA71=\"\"),\"\",$J71*N(INDEX(Fertilisants!$G$8:$G$47,$AA71)))","v":""},{"$f":"IF(OR($J71=\"\",$AA71=\"\"),\"\",$J71*N(INDEX(Fertilisants!$I$8:$I$47,$AA71)))","v":""},{"$f":"IF(OR($J71=\"\",$AA71=\"\"),\"\",$J71*N(INDEX(Fertilisants!$J$8:$J$47,$AA71)))","v":""},{"$f":"IF(OR($J71=\"\",$AA71=\"\"),\"\",$J71*N(INDEX(Fertilisants!$K$8:$K$47,$AA71)))","v":""},"",{"$nulls":5},"",null,null,{"$f":"IF($D71=\"\",\"\",IFERROR(MATCH($D71,Îlots!$D$8:$D$57,0),\"\"))","v":""},{"$f":"IF($G71=\"\",\"\",IFERROR(MATCH($G71,Fertilisants!$B$8:$B$47,0),\"\"))","v":""},{"$f":"IF($Z71=\"\",\"\",INDEX(Îlots!$E$8:$E$57,$Z71))","v":""},{"$f":"IF($Z71=\"\",\"\",INDEX(Îlots!$G$8:$G$57,$Z71)&\"\")","v":""},{"$f":"IF($Z71=\"\",\"\",IF($F71=ApportCouvert,OccCouvert,INDEX(Îlots!$O$8:$O$57,$Z71)&\"\"))","v":""},"","","",0,0,0,0,0,{"$f":"IF($AA71=\"\",0,IF(INDEX(Fertilisants!$C$8:$C$47,$AA71)=\"Effluent d'élevage\",1,0))","v":0},{"$f":"IF($AA71=\"\",\"\",IF(INDEX(Fertilisants!$C$8:$C$47,$AA71)=\"Engrais minéral\",\"Minéral\",\"Organique\"))","v":""},"","","",{"$f":"IF(AND($D71<>\"\",$D71=FicheIlot),COUNTIF($D$8:$D71,FicheIlot),\"\")","v":""}]
[null,{"$f":"IF(C72=\"\",\"\",COUNT($C$8:C72))","v":""},null,null,{"$f":"IF($Z72=\"\",\"\",IF($F72=ApportCouvert,INDEX(Îlots!$I$8:$I$57,$Z72)&\"\",INDEX(Îlots!$N$8:$N$57,$Z72)&\"\"))","v":""},null,null,{"$f":"IF($AA72=\"\",\"\",INDEX(Fertilisants!$D$8:$D$47,$AA72)&\"\")","v":""},null,null,{"$f":"IF($AA72=\"\",\"\",INDEX(Fertilisants!$E$8:$E$47,$AA72)&\"\")","v":""},{"$f":"IF(OR($I72=\"\",$J72=\"\"),\"\",$I72*$J72)","v":""},{"$f":"IF(OR($J72=\"\",$AA72=\"\"),\"\",$J72*N(INDEX(Fertilisants!$G$8:$G$47,$AA72)))","v":""},{"$f":"IF(OR($J72=\"\",$AA72=\"\"),\"\",$J72*N(INDEX(Fertilisants!$I$8:$I$47,$AA72)))","v":""},{"$f":"IF(OR($J72=\"\",$AA72=\"\"),\"\",$J72*N(INDEX(Fertilisants!$J$8:$J$47,$AA72)))","v":""},{"$f":"IF(OR($J72=\"\",$AA72=\"\"),\"\",$J72*N(INDEX(Fertilisants!$K$8:$K$47,$AA72)))","v":""},{"$f":"IF(OR($I72=\"\",$M72=\"\"),\"\",$I72*$M72)","v":""},{"$nulls":5},{"$f":"IF($C72=\"\",\"\",IF(OR($D72=\"\",$G72=\"\",$I72=\"\",$J72=\"\"),\"Incomplet\",IF(OR($R72=\"Enneigé\",$R72=\"Détrempé\",$R72=\"Inondé\",AND($R72=\"Gelé\",$H72<>\"Type 0\",$H72<>\"Type Ia\")),\"Sol interdit\",IF($AL72=1,\"Période interdite\",IF(AND(ISNUMBER($AB72),$I72>$AB72+0.001),\"Surface > îlot\",IF(OR($C72<DebutCampagne,$C72>FinCampagne),\"Hors campagne\",IF(AND(ISNUMBER($V72),$V72-$C72>DelaiSaisie),\"Saisie tardive\",\"Conforme\")))))))","v":""},null,null,{"$f":"IF($D72=\"\",\"\",IFERROR(MATCH($D72,Îlots!$D$8:$D$57,0),\"\"))","v":""},{"$f":"IF($G72=\"\",\"\",IFERROR(MATCH($G72,Fertilisants!$B$8:$B$47,0),\"\"))","v":""},{"$f":"IF($Z72=\"\",\"\",INDEX(Îlots!$E$8:$E$57,$Z72))","v":""},{"$f":"IF($Z72=\"\",\"\",INDEX(Îlots!$G$8:$G$57,$Z72)&\"\")","v":""},{"$f":"IF($Z72=\"\",\"\",IF($F72=ApportCouvert,OccCouvert,INDEX(Îlots!$O$8:$O$57,$Z72)&\"\"))","v":""},{"$f":"IF(OR($AD72=\"\",$AC72=\"Non\",ZoneVulnerable=\"Non\"),\"\",IFERROR(MATCH($AD72,CalOccupations,0),\"\"))","v":""},{"$f":"IF($H72=\"\",\"\",IFERROR(MATCH($H72,CalTypes,0),\"\"))","v":""},{"$f":"IF(ISNUMBER($C72),MONTH($C72)*100+DAY($C72),\"\")","v":""},{"$f":"IF(OR($AE72=\"\",$AF72=\"\"),0,IF(N(INDEX(CalPrincipal,$AE72,$AF72+0))=0,0,MONTH(INDEX(CalPrincipal,$AE72,$AF72+0))*100+DAY(INDEX(CalPrincipal,$AE72,$AF72+0))))","v":0},{"$f":"IF(OR($AE72=\"\",$AF72=\"\"),0,IF(N(INDEX(CalPrincipal,$AE72,$AF72+1))=0,0,MONTH(INDEX(CalPrincipal,$AE72,$AF72+1))*100+DAY(INDEX(CalPrincipal,$AE72,$AF72+1))))","v":0},{"$f":"IF(OR($AE72=\"\",$AF72=\"\"),0,IF(N(INDEX(CalComplement,$AE72,$AF72+0))=0,0,MONTH(INDEX(CalComplement,$AE72,$AF72+0))*100+DAY(INDEX(CalComplement,$AE72,$AF72+0))))","v":0},{"$f":"IF(OR($AE72=\"\",$AF72=\"\"),0,IF(N(INDEX(CalComplement,$AE72,$AF72+1))=0,0,MONTH(INDEX(CalComplement,$AE72,$AF72+1))*100+DAY(INDEX(CalComplement,$AE72,$AF72+1))))","v":0},{"$f":"IF(OR($AE72=\"\",$AF72=\"\",$AG72=\"\"),0,IF(OR(AND($AH72>0,IF($AH72<=$AI72,AND($AG72>=$AH72,$AG72<=$AI72),OR($AG72>=$AH72,$AG72<=$AI72))),AND($AJ72>0,IF($AJ72<=$AK72,AND($AG72>=$AJ72,$AG72<=$AK72),OR($AG72>=$AJ72,$AG72<=$AK72)))),1,0))","v":0},{"$f":"IF($AA72=\"\",0,IF(INDEX(Fertilisants!$C$8:$C$47,$AA72)=\"Effluent d'élevage\",1,0))","v":0},{"$f":"IF($AA72=\"\",\"\",IF(INDEX(Fertilisants!$C$8:$C$47,$AA72)=\"Engrais minéral\",\"Minéral\",\"Organique\"))","v":""},{"$f":"IF(OR($I72=\"\",$N72=\"\"),\"\",$I72*$N72)","v":""},{"$f":"IF(OR($I72=\"\",$O72=\"\"),\"\",$I72*$O72)","v":""},{"$f":"IF(OR($I72=\"\",$P72=\"\"),\"\",$I72*$P72)","v":""},{"$f":"IF(AND($D72<>\"\",$D72=FicheIlot),COUNTIF($D$8:$D72,FicheIlot),\"\")","v":""}]
[null,{"$f":"IF(C73=\"\",\"\",COUNT($C$8:C73))","v":""},null,null,{"$f":"IF($Z73=\"\",\"\",IF($F73=ApportCouvert,INDEX(Îlots!$I$8:$I$57,$Z73)&\"\",INDEX(Îlots!$N$8:$N$57,$Z73)&\"\"))","v":""},null,null,{"$f":"IF($AA73=\"\",\"\",INDEX(Fertilisants!$D$8:$D$47,$AA73)&\"\")","v":""},null,null,{"$f":"IF($AA73=\"\",\"\",INDEX(Fertilisants!$E$8:$E$47,$AA73)&\"\")","v":""},"",{"$f":"IF(OR($J73=\"\",$AA73=\"\"),\"\",$J73*N(INDEX(Fertilisants!$G$8:$G$47,$AA73)))","v":""},{"$f":"IF(OR($J73=\"\",$AA73=\"\"),\"\",$J73*N(INDEX(Fertilisants!$I$8:$I$47,$AA73)))","v":""},{"$f":"IF(OR($J73=\"\",$AA73=\"\"),\"\",$J73*N(INDEX(Fertilisants!$J$8:$J$47,$AA73)))","v":""},{"$f":"IF(OR($J73=\"\",$AA73=\"\"),\"\",$J73*N(INDEX(Fertilisants!$K$8:$K$47,$AA73)))","v":""},"",{"$nulls":5},"",null,null,{"$f":"IF($D73=\"\",\"\",IFERROR(MATCH($D73,Îlots!$D$8:$D$57,0),\"\"))","v":""},{"$f":"IF($G73=\"\",\"\",IFERROR(MATCH($G73,Fertilisants!$B$8:$B$47,0),\"\"))","v":""},{"$f":"IF($Z73=\"\",\"\",INDEX(Îlots!$E$8:$E$57,$Z73))","v":""},{"$f":"IF($Z73=\"\",\"\",INDEX(Îlots!$G$8:$G$57,$Z73)&\"\")","v":""},{"$f":"IF($Z73=\"\",\"\",IF($F73=ApportCouvert,OccCouvert,INDEX(Îlots!$O$8:$O$57,$Z73)&\"\"))","v":""},"","","",0,0,0,0,0,{"$f":"IF($AA73=\"\",0,IF(INDEX(Fertilisants!$C$8:$C$47,$AA73)=\"Effluent d'élevage\",1,0))","v":0},{"$f":"IF($AA73=\"\",\"\",IF(INDEX(Fertilisants!$C$8:$C$47,$AA73)=\"Engrais minéral\",\"Minéral\",\"Organique\"))","v":""},"","","",{"$f":"IF(AND($D73<>\"\",$D73=FicheIlot),COUNTIF($D$8:$D73,FicheIlot),\"\")","v":""}]
[null,{"$f":"IF(C74=\"\",\"\",COUNT($C$8:C74))","v":""},null,null,{"$f":"IF($Z74=\"\",\"\",IF($F74=ApportCouvert,INDEX(Îlots!$I$8:$I$57,$Z74)&\"\",INDEX(Îlots!$N$8:$N$57,$Z74)&\"\"))","v":""},null,null,{"$f":"IF($AA74=\"\",\"\",INDEX(Fertilisants!$D$8:$D$47,$AA74)&\"\")","v":""},null,null,{"$f":"IF($AA74=\"\",\"\",INDEX(Fertilisants!$E$8:$E$47,$AA74)&\"\")","v":""},"",{"$f":"IF(OR($J74=\"\",$AA74=\"\"),\"\",$J74*N(INDEX(Fertilisants!$G$8:$G$47,$AA74)))","v":""},{"$f":"IF(OR($J74=\"\",$AA74=\"\"),\"\",$J74*N(INDEX(Fertilisants!$I$8:$I$47,$AA74)))","v":""},{"$f":"IF(OR($J74=\"\",$AA74=\"\"),\"\",$J74*N(INDEX(Fertilisants!$J$8:$J$47,$AA74)))","v":""},{"$f":"IF(OR($J74=\"\",$AA74=\"\"),\"\",$J74*N(INDEX(Fertilisants!$K$8:$K$47,$AA74)))","v":""},"",{"$nulls":5},"",null,null,{"$f":"IF($D74=\"\",\"\",IFERROR(MATCH($D74,Îlots!$D$8:$D$57,0),\"\"))","v":""},{"$f":"IF($G74=\"\",\"\",IFERROR(MATCH($G74,Fertilisants!$B$8:$B$47,0),\"\"))","v":""},{"$f":"IF($Z74=\"\",\"\",INDEX(Îlots!$E$8:$E$57,$Z74))","v":""},{"$f":"IF($Z74=\"\",\"\",INDEX(Îlots!$G$8:$G$57,$Z74)&\"\")","v":""},{"$f":"IF($Z74=\"\",\"\",IF($F74=ApportCouvert,OccCouvert,INDEX(Îlots!$O$8:$O$57,$Z74)&\"\"))","v":""},"","","",0,0,0,0,0,{"$f":"IF($AA74=\"\",0,IF(INDEX(Fertilisants!$C$8:$C$47,$AA74)=\"Effluent d'élevage\",1,0))","v":0},{"$f":"IF($AA74=\"\",\"\",IF(INDEX(Fertilisants!$C$8:$C$47,$AA74)=\"Engrais minéral\",\"Minéral\",\"Organique\"))","v":""},"","","",{"$f":"IF(AND($D74<>\"\",$D74=FicheIlot),COUNTIF($D$8:$D74,FicheIlot),\"\")","v":""}]
[null,{"$f":"IF(C75=\"\",\"\",COUNT($C$8:C75))","v":""},null,null,{"$f":"IF($Z75=\"\",\"\",IF($F75=ApportCouvert,INDEX(Îlots!$I$8:$I$57,$Z75)&\"\",INDEX(Îlots!$N$8:$N$57,$Z75)&\"\"))","v":""},null,null,{"$f":"IF($AA75=\"\",\"\",INDEX(Fertilisants!$D$8:$D$47,$AA75)&\"\")","v":""},null,null,{"$f":"IF($AA75=\"\",\"\",INDEX(Fertilisants!$E$8:$E$47,$AA75)&\"\")","v":""},"",{"$f":"IF(OR($J75=\"\",$AA75=\"\"),\"\",$J75*N(INDEX(Fertilisants!$G$8:$G$47,$AA75)))","v":""},{"$f":"IF(OR($J75=\"\",$AA75=\"\"),\"\",$J75*N(INDEX(Fertilisants!$I$8:$I$47,$AA75)))","v":""},{"$f":"IF(OR($J75=\"\",$AA75=\"\"),\"\",$J75*N(INDEX(Fertilisants!$J$8:$J$47,$AA75)))","v":""},{"$f":"IF(OR($J75=\"\",$AA75=\"\"),\"\",$J75*N(INDEX(Fertilisants!$K$8:$K$47,$AA75)))","v":""},"",{"$nulls":5},"",null,null,{"$f":"IF($D75=\"\",\"\",IFERROR(MATCH($D75,Îlots!$D$8:$D$57,0),\"\"))","v":""},{"$f":"IF($G75=\"\",\"\",IFERROR(MATCH($G75,Fertilisants!$B$8:$B$47,0),\"\"))","v":""},{"$f":"IF($Z75=\"\",\"\",INDEX(Îlots!$E$8:$E$57,$Z75))","v":""},{"$f":"IF($Z75=\"\",\"\",INDEX(Îlots!$G$8:$G$57,$Z75)&\"\")","v":""},{"$f":"IF($Z75=\"\",\"\",IF($F75=ApportCouvert,OccCouvert,INDEX(Îlots!$O$8:$O$57,$Z75)&\"\"))","v":""},"","","",0,0,0,0,0,{"$f":"IF($AA75=\"\",0,IF(INDEX(Fertilisants!$C$8:$C$47,$AA75)=\"Effluent d'élevage\",1,0))","v":0},{"$f":"IF($AA75=\"\",\"\",IF(INDEX(Fertilisants!$C$8:$C$47,$AA75)=\"Engrais minéral\",\"Minéral\",\"Organique\"))","v":""},"","","",{"$f":"IF(AND($D75<>\"\",$D75=FicheIlot),COUNTIF($D$8:$D75,FicheIlot),\"\")","v":""}]
[null,{"$f":"IF(C76=\"\",\"\",COUNT($C$8:C76))","v":""},null,null,{"$f":"IF($Z76=\"\",\"\",IF($F76=ApportCouvert,INDEX(Îlots!$I$8:$I$57,$Z76)&\"\",INDEX(Îlots!$N$8:$N$57,$Z76)&\"\"))","v":""},null,null,{"$f":"IF($AA76=\"\",\"\",INDEX(Fertilisants!$D$8:$D$47,$AA76)&\"\")","v":""},null,null,{"$f":"IF($AA76=\"\",\"\",INDEX(Fertilisants!$E$8:$E$47,$AA76)&\"\")","v":""},"",{"$f":"IF(OR($J76=\"\",$AA76=\"\"),\"\",$J76*N(INDEX(Fertilisants!$G$8:$G$47,$AA76)))","v":""},{"$f":"IF(OR($J76=\"\",$AA76=\"\"),\"\",$J76*N(INDEX(Fertilisants!$I$8:$I$47,$AA76)))","v":""},{"$f":"IF(OR($J76=\"\",$AA76=\"\"),\"\",$J76*N(INDEX(Fertilisants!$J$8:$J$47,$AA76)))","v":""},{"$f":"IF(OR($J76=\"\",$AA76=\"\"),\"\",$J76*N(INDEX(Fertilisants!$K$8:$K$47,$AA76)))","v":""},"",{"$nulls":5},"",null,null,{"$f":"IF($D76=\"\",\"\",IFERROR(MATCH($D76,Îlots!$D$8:$D$57,0),\"\"))","v":""},{"$f":"IF($G76=\"\",\"\",IFERROR(MATCH($G76,Fertilisants!$B$8:$B$47,0),\"\"))","v":""},{"$f":"IF($Z76=\"\",\"\",INDEX(Îlots!$E$8:$E$57,$Z76))","v":""},{"$f":"IF($Z76=\"\",\"\",INDEX(Îlots!$G$8:$G$57,$Z76)&\"\")","v":""},{"$f":"IF($Z76=\"\",\"\",IF($F76=ApportCouvert,OccCouvert,INDEX(Îlots!$O$8:$O$57,$Z76)&\"\"))","v":""},"","","",0,0,0,0,0,{"$f":"IF($AA76=\"\",0,IF(INDEX(Fertilisants!$C$8:$C$47,$AA76)=\"Effluent d'élevage\",1,0))","v":0},{"$f":"IF($AA76=\"\",\"\",IF(INDEX(Fertilisants!$C$8:$C$47,$AA76)=\"Engrais minéral\",\"Minéral\",\"Organique\"))","v":""},"","","",{"$f":"IF(AND($D76<>\"\",$D76=FicheIlot),COUNTIF($D$8:$D76,FicheIlot),\"\")","v":""}]
[null,{"$f":"IF(C77=\"\",\"\",COUNT($C$8:C77))","v":""},null,null,{"$f":"IF($Z77=\"\",\"\",IF($F77=ApportCouvert,INDEX(Îlots!$I$8:$I$57,$Z77)&\"\",INDEX(Îlots!$N$8:$N$57,$Z77)&\"\"))","v":""},null,null,{"$f":"IF($AA77=\"\",\"\",INDEX(Fertilisants!$D$8:$D$47,$AA77)&\"\")","v":""},null,null,{"$f":"IF($AA77=\"\",\"\",INDEX(Fertilisants!$E$8:$E$47,$AA77)&\"\")","v":""},"",{"$f":"IF(OR($J77=\"\",$AA77=\"\"),\"\",$J77*N(INDEX(Fertilisants!$G$8:$G$47,$AA77)))","v":""},{"$f":"IF(OR($J77=\"\",$AA77=\"\"),\"\",$J77*N(INDEX(Fertilisants!$I$8:$I$47,$AA77)))","v":""},{"$f":"IF(OR($J77=\"\",$AA77=\"\"),\"\",$J77*N(INDEX(Fertilisants!$J$8:$J$47,$AA77)))","v":""},{"$f":"IF(OR($J77=\"\",$AA77=\"\"),\"\",$J77*N(INDEX(Fertilisants!$K$8:$K$47,$AA77)))","v":""},"",{"$nulls":5},"",null,null,{"$f":"IF($D77=\"\",\"\",IFERROR(MATCH($D77,Îlots!$D$8:$D$57,0),\"\"))","v":""},{"$f":"IF($G77=\"\",\"\",IFERROR(MATCH($G77,Fertilisants!$B$8:$B$47,0),\"\"))","v":""},{"$f":"IF($Z77=\"\",\"\",INDEX(Îlots!$E$8:$E$57,$Z77))","v":""},{"$f":"IF($Z77=\"\",\"\",INDEX(Îlots!$G$8:$G$57,$Z77)&\"\")","v":""},{"$f":"IF($Z77=\"\",\"\",IF($F77=ApportCouvert,OccCouvert,INDEX(Îlots!$O$8:$O$57,$Z77)&\"\"))","v":""},"","","",0,0,0,0,0,{"$f":"IF($AA77=\"\",0,IF(INDEX(Fertilisants!$C$8:$C$47,$AA77)=\"Effluent d'élevage\",1,0))","v":0},{"$f":"IF($AA77=\"\",\"\",IF(INDEX(Fertilisants!$C$8:$C$47,$AA77)=\"Engrais minéral\",\"Minéral\",\"Organique\"))","v":""},"","","",{"$f":"IF(AND($D77<>\"\",$D77=FicheIlot),COUNTIF($D$8:$D77,FicheIlot),\"\")","v":""}]
[null,{"$f":"IF(C78=\"\",\"\",COUNT($C$8:C78))","v":""},null,null,{"$f":"IF($Z78=\"\",\"\",IF($F78=ApportCouvert,INDEX(Îlots!$I$8:$I$57,$Z78)&\"\",INDEX(Îlots!$N$8:$N$57,$Z78)&\"\"))","v":""},null,null,{"$f":"IF($AA78=\"\",\"\",INDEX(Fertilisants!$D$8:$D$47,$AA78)&\"\")","v":""},null,null,{"$f":"IF($AA78=\"\",\"\",INDEX(Fertilisants!$E$8:$E$47,$AA78)&\"\")","v":""},"",{"$f":"IF(OR($J78=\"\",$AA78=\"\"),\"\",$J78*N(INDEX(Fertilisants!$G$8:$G$47,$AA78)))","v":""},{"$f":"IF(OR($J78=\"\",$AA78=\"\"),\"\",$J78*N(INDEX(Fertilisants!$I$8:$I$47,$AA78)))","v":""},{"$f":"IF(OR($J78=\"\",$AA78=\"\"),\"\",$J78*N(INDEX(Fertilisants!$J$8:$J$47,$AA78)))","v":""},{"$f":"IF(OR($J78=\"\",$AA78=\"\"),\"\",$J78*N(INDEX(Fertilisants!$K$8:$K$47,$AA78)))","v":""},"",{"$nulls":5},"",null,null,{"$f":"IF($D78=\"\",\"\",IFERROR(MATCH($D78,Îlots!$D$8:$D$57,0),\"\"))","v":""},{"$f":"IF($G78=\"\",\"\",IFERROR(MATCH($G78,Fertilisants!$B$8:$B$47,0),\"\"))","v":""},{"$f":"IF($Z78=\"\",\"\",INDEX(Îlots!$E$8:$E$57,$Z78))","v":""},{"$f":"IF($Z78=\"\",\"\",INDEX(Îlots!$G$8:$G$57,$Z78)&\"\")","v":""},{"$f":"IF($Z78=\"\",\"\",IF($F78=ApportCouvert,OccCouvert,INDEX(Îlots!$O$8:$O$57,$Z78)&\"\"))","v":""},"","","",0,0,0,0,0,{"$f":"IF($AA78=\"\",0,IF(INDEX(Fertilisants!$C$8:$C$47,$AA78)=\"Effluent d'élevage\",1,0))","v":0},{"$f":"IF($AA78=\"\",\"\",IF(INDEX(Fertilisants!$C$8:$C$47,$AA78)=\"Engrais minéral\",\"Minéral\",\"Organique\"))","v":""},"","","",{"$f":"IF(AND($D78<>\"\",$D78=FicheIlot),COUNTIF($D$8:$D78,FicheIlot),\"\")","v":""}]
[null,{"$f":"IF(C79=\"\",\"\",COUNT($C$8:C79))","v":""},null,null,{"$f":"IF($Z79=\"\",\"\",IF($F79=ApportCouvert,INDEX(Îlots!$I$8:$I$57,$Z79)&\"\",INDEX(Îlots!$N$8:$N$57,$Z79)&\"\"))","v":""},null,null,{"$f":"IF($AA79=\"\",\"\",INDEX(Fertilisants!$D$8:$D$47,$AA79)&\"\")","v":""},null,null,{"$f":"IF($AA79=\"\",\"\",INDEX(Fertilisants!$E$8:$E$47,$AA79)&\"\")","v":""},"",{"$f":"IF(OR($J79=\"\",$AA79=\"\"),\"\",$J79*N(INDEX(Fertilisants!$G$8:$G$47,$AA79)))","v":""},{"$f":"IF(OR($J79=\"\",$AA79=\"\"),\"\",$J79*N(INDEX(Fertilisants!$I$8:$I$47,$AA79)))","v":""},{"$f":"IF(OR($J79=\"\",$AA79=\"\"),\"\",$J79*N(INDEX(Fertilisants!$J$8:$J$47,$AA79)))","v":""},{"$f":"IF(OR($J79=\"\",$AA79=\"\"),\"\",$J79*N(INDEX(Fertilisants!$K$8:$K$47,$AA79)))","v":""},"",{"$nulls":5},"",null,null,{"$f":"IF($D79=\"\",\"\",IFERROR(MATCH($D79,Îlots!$D$8:$D$57,0),\"\"))","v":""},{"$f":"IF($G79=\"\",\"\",IFERROR(MATCH($G79,Fertilisants!$B$8:$B$47,0),\"\"))","v":""},{"$f":"IF($Z79=\"\",\"\",INDEX(Îlots!$E$8:$E$57,$Z79))","v":""},{"$f":"IF($Z79=\"\",\"\",INDEX(Îlots!$G$8:$G$57,$Z79)&\"\")","v":""},{"$f":"IF($Z79=\"\",\"\",IF($F79=ApportCouvert,OccCouvert,INDEX(Îlots!$O$8:$O$57,$Z79)&\"\"))","v":""},"","","",0,0,0,0,0,{"$f":"IF($AA79=\"\",0,IF(INDEX(Fertilisants!$C$8:$C$47,$AA79)=\"Effluent d'élevage\",1,0))","v":0},{"$f":"IF($AA79=\"\",\"\",IF(INDEX(Fertilisants!$C$8:$C$47,$AA79)=\"Engrais minéral\",\"Minéral\",\"Organique\"))","v":""},"","","",{"$f":"IF(AND($D79<>\"\",$D79=FicheIlot),COUNTIF($D$8:$D79,FicheIlot),\"\")","v":""}]
[null,{"$f":"IF(C80=\"\",\"\",COUNT($C$8:C80))","v":""},null,null,{"$f":"IF($Z80=\"\",\"\",IF($F80=ApportCouvert,INDEX(Îlots!$I$8:$I$57,$Z80)&\"\",INDEX(Îlots!$N$8:$N$57,$Z80)&\"\"))","v":""},null,null,{"$f":"IF($AA80=\"\",\"\",INDEX(Fertilisants!$D$8:$D$47,$AA80)&\"\")","v":""},null,null,{"$f":"IF($AA80=\"\",\"\",INDEX(Fertilisants!$E$8:$E$47,$AA80)&\"\")","v":""},"",{"$f":"IF(OR($J80=\"\",$AA80=\"\"),\"\",$J80*N(INDEX(Fertilisants!$G$8:$G$47,$AA80)))","v":""},{"$f":"IF(OR($J80=\"\",$AA80=\"\"),\"\",$J80*N(INDEX(Fertilisants!$I$8:$I$47,$AA80)))","v":""},{"$f":"IF(OR($J80=\"\",$AA80=\"\"),\"\",$J80*N(INDEX(Fertilisants!$J$8:$J$47,$AA80)))","v":""},{"$f":"IF(OR($J80=\"\",$AA80=\"\"),\"\",$J80*N(INDEX(Fertilisants!$K$8:$K$47,$AA80)))","v":""},"",{"$nulls":5},"",null,null,{"$f":"IF($D80=\"\",\"\",IFERROR(MATCH($D80,Îlots!$D$8:$D$57,0),\"\"))","v":""},{"$f":"IF($G80=\"\",\"\",IFERROR(MATCH($G80,Fertilisants!$B$8:$B$47,0),\"\"))","v":""},{"$f":"IF($Z80=\"\",\"\",INDEX(Îlots!$E$8:$E$57,$Z80))","v":""},{"$f":"IF($Z80=\"\",\"\",INDEX(Îlots!$G$8:$G$57,$Z80)&\"\")","v":""},{"$f":"IF($Z80=\"\",\"\",IF($F80=ApportCouvert,OccCouvert,INDEX(Îlots!$O$8:$O$57,$Z80)&\"\"))","v":""},"","","",0,0,0,0,0,{"$f":"IF($AA80=\"\",0,IF(INDEX(Fertilisants!$C$8:$C$47,$AA80)=\"Effluent d'élevage\",1,0))","v":0},{"$f":"IF($AA80=\"\",\"\",IF(INDEX(Fertilisants!$C$8:$C$47,$AA80)=\"Engrais minéral\",\"Minéral\",\"Organique\"))","v":""},"","","",{"$f":"IF(AND($D80<>\"\",$D80=FicheIlot),COUNTIF($D$8:$D80,FicheIlot),\"\")","v":""}]
[null,{"$f":"IF(C81=\"\",\"\",COUNT($C$8:C81))","v":""},null,null,{"$f":"IF($Z81=\"\",\"\",IF($F81=ApportCouvert,INDEX(Îlots!$I$8:$I$57,$Z81)&\"\",INDEX(Îlots!$N$8:$N$57,$Z81)&\"\"))","v":""},null,null,{"$f":"IF($AA81=\"\",\"\",INDEX(Fertilisants!$D$8:$D$47,$AA81)&\"\")","v":""},null,null,{"$f":"IF($AA81=\"\",\"\",INDEX(Fertilisants!$E$8:$E$47,$AA81)&\"\")","v":""},"",{"$f":"IF(OR($J81=\"\",$AA81=\"\"),\"\",$J81*N(INDEX(Fertilisants!$G$8:$G$47,$AA81)))","v":""},{"$f":"IF(OR($J81=\"\",$AA81=\"\"),\"\",$J81*N(INDEX(Fertilisants!$I$8:$I$47,$AA81)))","v":""},{"$f":"IF(OR($J81=\"\",$AA81=\"\"),\"\",$J81*N(INDEX(Fertilisants!$J$8:$J$47,$AA81)))","v":""},{"$f":"IF(OR($J81=\"\",$AA81=\"\"),\"\",$J81*N(INDEX(Fertilisants!$K$8:$K$47,$AA81)))","v":""},"",{"$nulls":5},"",null,null,{"$f":"IF($D81=\"\",\"\",IFERROR(MATCH($D81,Îlots!$D$8:$D$57,0),\"\"))","v":""},{"$f":"IF($G81=\"\",\"\",IFERROR(MATCH($G81,Fertilisants!$B$8:$B$47,0),\"\"))","v":""},{"$f":"IF($Z81=\"\",\"\",INDEX(Îlots!$E$8:$E$57,$Z81))","v":""},{"$f":"IF($Z81=\"\",\"\",INDEX(Îlots!$G$8:$G$57,$Z81)&\"\")","v":""},{"$f":"IF($Z81=\"\",\"\",IF($F81=ApportCouvert,OccCouvert,INDEX(Îlots!$O$8:$O$57,$Z81)&\"\"))","v":""},"","","",0,0,0,0,0,{"$f":"IF($AA81=\"\",0,IF(INDEX(Fertilisants!$C$8:$C$47,$AA81)=\"Effluent d'élevage\",1,0))","v":0},{"$f":"IF($AA81=\"\",\"\",IF(INDEX(Fertilisants!$C$8:$C$47,$AA81)=\"Engrais minéral\",\"Minéral\",\"Organique\"))","v":""},"","","",{"$f":"IF(AND($D81<>\"\",$D81=FicheIlot),COUNTIF($D$8:$D81,FicheIlot),\"\")","v":""}]
[null,{"$f":"IF(C82=\"\",\"\",COUNT($C$8:C82))","v":""},null,null,{"$f":"IF($Z82=\"\",\"\",IF($F82=ApportCouvert,INDEX(Îlots!$I$8:$I$57,$Z82)&\"\",INDEX(Îlots!$N$8:$N$57,$Z82)&\"\"))","v":""},null,null,{"$f":"IF($AA82=\"\",\"\",INDEX(Fertilisants!$D$8:$D$47,$AA82)&\"\")","v":""},null,null,{"$f":"IF($AA82=\"\",\"\",INDEX(Fertilisants!$E$8:$E$47,$AA82)&\"\")","v":""},"",{"$f":"IF(OR($J82=\"\",$AA82=\"\"),\"\",$J82*N(INDEX(Fertilisants!$G$8:$G$47,$AA82)))","v":""},{"$f":"IF(OR($J82=\"\",$AA82=\"\"),\"\",$J82*N(INDEX(Fertilisants!$I$8:$I$47,$AA82)))","v":""},{"$f":"IF(OR($J82=\"\",$AA82=\"\"),\"\",$J82*N(INDEX(Fertilisants!$J$8:$J$47,$AA82)))","v":""},{"$f":"IF(OR($J82=\"\",$AA82=\"\"),\"\",$J82*N(INDEX(Fertilisants!$K$8:$K$47,$AA82)))","v":""},"",{"$nulls":5},"",null,null,{"$f":"IF($D82=\"\",\"\",IFERROR(MATCH($D82,Îlots!$D$8:$D$57,0),\"\"))","v":""},{"$f":"IF($G82=\"\",\"\",IFERROR(MATCH($G82,Fertilisants!$B$8:$B$47,0),\"\"))","v":""},{"$f":"IF($Z82=\"\",\"\",INDEX(Îlots!$E$8:$E$57,$Z82))","v":""},{"$f":"IF($Z82=\"\",\"\",INDEX(Îlots!$G$8:$G$57,$Z82)&\"\")","v":""},{"$f":"IF($Z82=\"\",\"\",IF($F82=ApportCouvert,OccCouvert,INDEX(Îlots!$O$8:$O$57,$Z82)&\"\"))","v":""},"","","",0,0,0,0,0,{"$f":"IF($AA82=\"\",0,IF(INDEX(Fertilisants!$C$8:$C$47,$AA82)=\"Effluent d'élevage\",1,0))","v":0},{"$f":"IF($AA82=\"\",\"\",IF(INDEX(Fertilisants!$C$8:$C$47,$AA82)=\"Engrais minéral\",\"Minéral\",\"Organique\"))","v":""},"","","",{"$f":"IF(AND($D82<>\"\",$D82=FicheIlot),COUNTIF($D$8:$D82,FicheIlot),\"\")","v":""}]
[null,{"$f":"IF(C83=\"\",\"\",COUNT($C$8:C83))","v":""},null,null,{"$f":"IF($Z83=\"\",\"\",IF($F83=ApportCouvert,INDEX(Îlots!$I$8:$I$57,$Z83)&\"\",INDEX(Îlots!$N$8:$N$57,$Z83)&\"\"))","v":""},null,null,{"$f":"IF($AA83=\"\",\"\",INDEX(Fertilisants!$D$8:$D$47,$AA83)&\"\")","v":""},null,null,{"$f":"IF($AA83=\"\",\"\",INDEX(Fertilisants!$E$8:$E$47,$AA83)&\"\")","v":""},"",{"$f":"IF(OR($J83=\"\",$AA83=\"\"),\"\",$J83*N(INDEX(Fertilisants!$G$8:$G$47,$AA83)))","v":""},{"$f":"IF(OR($J83=\"\",$AA83=\"\"),\"\",$J83*N(INDEX(Fertilisants!$I$8:$I$47,$AA83)))","v":""},{"$f":"IF(OR($J83=\"\",$AA83=\"\"),\"\",$J83*N(INDEX(Fertilisants!$J$8:$J$47,$AA83)))","v":""},{"$f":"IF(OR($J83=\"\",$AA83=\"\"),\"\",$J83*N(INDEX(Fertilisants!$K$8:$K$47,$AA83)))","v":""},"",{"$nulls":5},"",null,null,{"$f":"IF($D83=\"\",\"\",IFERROR(MATCH($D83,Îlots!$D$8:$D$57,0),\"\"))","v":""},{"$f":"IF($G83=\"\",\"\",IFERROR(MATCH($G83,Fertilisants!$B$8:$B$47,0),\"\"))","v":""},{"$f":"IF($Z83=\"\",\"\",INDEX(Îlots!$E$8:$E$57,$Z83))","v":""},{"$f":"IF($Z83=\"\",\"\",INDEX(Îlots!$G$8:$G$57,$Z83)&\"\")","v":""},{"$f":"IF($Z83=\"\",\"\",IF($F83=ApportCouvert,OccCouvert,INDEX(Îlots!$O$8:$O$57,$Z83)&\"\"))","v":""},"","","",0,0,0,0,0,{"$f":"IF($AA83=\"\",0,IF(INDEX(Fertilisants!$C$8:$C$47,$AA83)=\"Effluent d'élevage\",1,0))","v":0},{"$f":"IF($AA83=\"\",\"\",IF(INDEX(Fertilisants!$C$8:$C$47,$AA83)=\"Engrais minéral\",\"Minéral\",\"Organique\"))","v":""},"","","",{"$f":"IF(AND($D83<>\"\",$D83=FicheIlot),COUNTIF($D$8:$D83,FicheIlot),\"\")","v":""}]
[null,{"$f":"IF(C84=\"\",\"\",COUNT($C$8:C84))","v":""},null,null,{"$f":"IF($Z84=\"\",\"\",IF($F84=ApportCouvert,INDEX(Îlots!$I$8:$I$57,$Z84)&\"\",INDEX(Îlots!$N$8:$N$57,$Z84)&\"\"))","v":""},null,null,{"$f":"IF($AA84=\"\",\"\",INDEX(Fertilisants!$D$8:$D$47,$AA84)&\"\")","v":""},null,null,{"$f":"IF($AA84=\"\",\"\",INDEX(Fertilisants!$E$8:$E$47,$AA84)&\"\")","v":""},"",{"$f":"IF(OR($J84=\"\",$AA84=\"\"),\"\",$J84*N(INDEX(Fertilisants!$G$8:$G$47,$AA84)))","v":""},{"$f":"IF(OR($J84=\"\",$AA84=\"\"),\"\",$J84*N(INDEX(Fertilisants!$I$8:$I$47,$AA84)))","v":""},{"$f":"IF(OR($J84=\"\",$AA84=\"\"),\"\",$J84*N(INDEX(Fertilisants!$J$8:$J$47,$AA84)))","v":""},{"$f":"IF(OR($J84=\"\",$AA84=\"\"),\"\",$J84*N(INDEX(Fertilisants!$K$8:$K$47,$AA84)))","v":""},"",{"$nulls":5},"",null,null,{"$f":"IF($D84=\"\",\"\",IFERROR(MATCH($D84,Îlots!$D$8:$D$57,0),\"\"))","v":""},{"$f":"IF($G84=\"\",\"\",IFERROR(MATCH($G84,Fertilisants!$B$8:$B$47,0),\"\"))","v":""},{"$f":"IF($Z84=\"\",\"\",INDEX(Îlots!$E$8:$E$57,$Z84))","v":""},{"$f":"IF($Z84=\"\",\"\",INDEX(Îlots!$G$8:$G$57,$Z84)&\"\")","v":""},{"$f":"IF($Z84=\"\",\"\",IF($F84=ApportCouvert,OccCouvert,INDEX(Îlots!$O$8:$O$57,$Z84)&\"\"))","v":""},"","","",0,0,0,0,0,{"$f":"IF($AA84=\"\",0,IF(INDEX(Fertilisants!$C$8:$C$47,$AA84)=\"Effluent d'élevage\",1,0))","v":0},{"$f":"IF($AA84=\"\",\"\",IF(INDEX(Fertilisants!$C$8:$C$47,$AA84)=\"Engrais minéral\",\"Minéral\",\"Organique\"))","v":""},"","","",{"$f":"IF(AND($D84<>\"\",$D84=FicheIlot),COUNTIF($D$8:$D84,FicheIlot),\"\")","v":""}]
[null,{"$f":"IF(C85=\"\",\"\",COUNT($C$8:C85))","v":""},null,null,{"$f":"IF($Z85=\"\",\"\",IF($F85=ApportCouvert,INDEX(Îlots!$I$8:$I$57,$Z85)&\"\",INDEX(Îlots!$N$8:$N$57,$Z85)&\"\"))","v":""},null,null,{"$f":"IF($AA85=\"\",\"\",INDEX(Fertilisants!$D$8:$D$47,$AA85)&\"\")","v":""},null,null,{"$f":"IF($AA85=\"\",\"\",INDEX(Fertilisants!$E$8:$E$47,$AA85)&\"\")","v":""},"",{"$f":"IF(OR($J85=\"\",$AA85=\"\"),\"\",$J85*N(INDEX(Fertilisants!$G$8:$G$47,$AA85)))","v":""},{"$f":"IF(OR($J85=\"\",$AA85=\"\"),\"\",$J85*N(INDEX(Fertilisants!$I$8:$I$47,$AA85)))","v":""},{"$f":"IF(OR($J85=\"\",$AA85=\"\"),\"\",$J85*N(INDEX(Fertilisants!$J$8:$J$47,$AA85)))","v":""},{"$f":"IF(OR($J85=\"\",$AA85=\"\"),\"\",$J85*N(INDEX(Fertilisants!$K$8:$K$47,$AA85)))","v":""},"",{"$nulls":5},"",null,null,{"$f":"IF($D85=\"\",\"\",IFERROR(MATCH($D85,Îlots!$D$8:$D$57,0),\"\"))","v":""},{"$f":"IF($G85=\"\",\"\",IFERROR(MATCH($G85,Fertilisants!$B$8:$B$47,0),\"\"))","v":""},{"$f":"IF($Z85=\"\",\"\",INDEX(Îlots!$E$8:$E$57,$Z85))","v":""},{"$f":"IF($Z85=\"\",\"\",INDEX(Îlots!$G$8:$G$57,$Z85)&\"\")","v":""},{"$f":"IF($Z85=\"\",\"\",IF($F85=ApportCouvert,OccCouvert,INDEX(Îlots!$O$8:$O$57,$Z85)&\"\"))","v":""},"","","",0,0,0,0,0,{"$f":"IF($AA85=\"\",0,IF(INDEX(Fertilisants!$C$8:$C$47,$AA85)=\"Effluent d'élevage\",1,0))","v":0},{"$f":"IF($AA85=\"\",\"\",IF(INDEX(Fertilisants!$C$8:$C$47,$AA85)=\"Engrais minéral\",\"Minéral\",\"Organique\"))","v":""},"","","",{"$f":"IF(AND($D85<>\"\",$D85=FicheIlot),COUNTIF($D$8:$D85,FicheIlot),\"\")","v":""}]
[null,{"$f":"IF(C86=\"\",\"\",COUNT($C$8:C86))","v":""},null,null,{"$f":"IF($Z86=\"\",\"\",IF($F86=ApportCouvert,INDEX(Îlots!$I$8:$I$57,$Z86)&\"\",INDEX(Îlots!$N$8:$N$57,$Z86)&\"\"))","v":""},null,null,{"$f":"IF($AA86=\"\",\"\",INDEX(Fertilisants!$D$8:$D$47,$AA86)&\"\")","v":""},null,null,{"$f":"IF($AA86=\"\",\"\",INDEX(Fertilisants!$E$8:$E$47,$AA86)&\"\")","v":""},"",{"$f":"IF(OR($J86=\"\",$AA86=\"\"),\"\",$J86*N(INDEX(Fertilisants!$G$8:$G$47,$AA86)))","v":""},{"$f":"IF(OR($J86=\"\",$AA86=\"\"),\"\",$J86*N(INDEX(Fertilisants!$I$8:$I$47,$AA86)))","v":""},{"$f":"IF(OR($J86=\"\",$AA86=\"\"),\"\",$J86*N(INDEX(Fertilisants!$J$8:$J$47,$AA86)))","v":""},{"$f":"IF(OR($J86=\"\",$AA86=\"\"),\"\",$J86*N(INDEX(Fertilisants!$K$8:$K$47,$AA86)))","v":""},"",{"$nulls":5},"",null,null,{"$f":"IF($D86=\"\",\"\",IFERROR(MATCH($D86,Îlots!$D$8:$D$57,0),\"\"))","v":""},{"$f":"IF($G86=\"\",\"\",IFERROR(MATCH($G86,Fertilisants!$B$8:$B$47,0),\"\"))","v":""},{"$f":"IF($Z86=\"\",\"\",INDEX(Îlots!$E$8:$E$57,$Z86))","v":""},{"$f":"IF($Z86=\"\",\"\",INDEX(Îlots!$G$8:$G$57,$Z86)&\"\")","v":""},{"$f":"IF($Z86=\"\",\"\",IF($F86=ApportCouvert,OccCouvert,INDEX(Îlots!$O$8:$O$57,$Z86)&\"\"))","v":""},"","","",0,0,0,0,0,{"$f":"IF($AA86=\"\",0,IF(INDEX(Fertilisants!$C$8:$C$47,$AA86)=\"Effluent d'élevage\",1,0))","v":0},{"$f":"IF($AA86=\"\",\"\",IF(INDEX(Fertilisants!$C$8:$C$47,$AA86)=\"Engrais minéral\",\"Minéral\",\"Organique\"))","v":""},"","","",{"$f":"IF(AND($D86<>\"\",$D86=FicheIlot),COUNTIF($D$8:$D86,FicheIlot),\"\")","v":""}]
[null,{"$f":"IF(C87=\"\",\"\",COUNT($C$8:C87))","v":""},null,null,{"$f":"IF($Z87=\"\",\"\",IF($F87=ApportCouvert,INDEX(Îlots!$I$8:$I$57,$Z87)&\"\",INDEX(Îlots!$N$8:$N$57,$Z87)&\"\"))","v":""},null,null,{"$f":"IF($AA87=\"\",\"\",INDEX(Fertilisants!$D$8:$D$47,$AA87)&\"\")","v":""},null,null,{"$f":"IF($AA87=\"\",\"\",INDEX(Fertilisants!$E$8:$E$47,$AA87)&\"\")","v":""},"",{"$f":"IF(OR($J87=\"\",$AA87=\"\"),\"\",$J87*N(INDEX(Fertilisants!$G$8:$G$47,$AA87)))","v":""},{"$f":"IF(OR($J87=\"\",$AA87=\"\"),\"\",$J87*N(INDEX(Fertilisants!$I$8:$I$47,$AA87)))","v":""},{"$f":"IF(OR($J87=\"\",$AA87=\"\"),\"\",$J87*N(INDEX(Fertilisants!$J$8:$J$47,$AA87)))","v":""},{"$f":"IF(OR($J87=\"\",$AA87=\"\"),\"\",$J87*N(INDEX(Fertilisants!$K$8:$K$47,$AA87)))","v":""},"",{"$nulls":5},"",null,null,{"$f":"IF($D87=\"\",\"\",IFERROR(MATCH($D87,Îlots!$D$8:$D$57,0),\"\"))","v":""},{"$f":"IF($G87=\"\",\"\",IFERROR(MATCH($G87,Fertilisants!$B$8:$B$47,0),\"\"))","v":""},{"$f":"IF($Z87=\"\",\"\",INDEX(Îlots!$E$8:$E$57,$Z87))","v":""},{"$f":"IF($Z87=\"\",\"\",INDEX(Îlots!$G$8:$G$57,$Z87)&\"\")","v":""},{"$f":"IF($Z87=\"\",\"\",IF($F87=ApportCouvert,OccCouvert,INDEX(Îlots!$O$8:$O$57,$Z87)&\"\"))","v":""},"","","",0,0,0,0,0,{"$f":"IF($AA87=\"\",0,IF(INDEX(Fertilisants!$C$8:$C$47,$AA87)=\"Effluent d'élevage\",1,0))","v":0},{"$f":"IF($AA87=\"\",\"\",IF(INDEX(Fertilisants!$C$8:$C$47,$AA87)=\"Engrais minéral\",\"Minéral\",\"Organique\"))","v":""},"","","",{"$f":"IF(AND($D87<>\"\",$D87=FicheIlot),COUNTIF($D$8:$D87,FicheIlot),\"\")","v":""}]
[null,{"$f":"IF(C88=\"\",\"\",COUNT($C$8:C88))","v":""},null,null,{"$f":"IF($Z88=\"\",\"\",IF($F88=ApportCouvert,INDEX(Îlots!$I$8:$I$57,$Z88)&\"\",INDEX(Îlots!$N$8:$N$57,$Z88)&\"\"))","v":""},null,null,{"$f":"IF($AA88=\"\",\"\",INDEX(Fertilisants!$D$8:$D$47,$AA88)&\"\")","v":""},null,null,{"$f":"IF($AA88=\"\",\"\",INDEX(Fertilisants!$E$8:$E$47,$AA88)&\"\")","v":""},"",{"$f":"IF(OR($J88=\"\",$AA88=\"\"),\"\",$J88*N(INDEX(Fertilisants!$G$8:$G$47,$AA88)))","v":""},{"$f":"IF(OR($J88=\"\",$AA88=\"\"),\"\",$J88*N(INDEX(Fertilisants!$I$8:$I$47,$AA88)))","v":""},{"$f":"IF(OR($J88=\"\",$AA88=\"\"),\"\",$J88*N(INDEX(Fertilisants!$J$8:$J$47,$AA88)))","v":""},{"$f":"IF(OR($J88=\"\",$AA88=\"\"),\"\",$J88*N(INDEX(Fertilisants!$K$8:$K$47,$AA88)))","v":""},"",{"$nulls":5},"",null,null,{"$f":"IF($D88=\"\",\"\",IFERROR(MATCH($D88,Îlots!$D$8:$D$57,0),\"\"))","v":""},{"$f":"IF($G88=\"\",\"\",IFERROR(MATCH($G88,Fertilisants!$B$8:$B$47,0),\"\"))","v":""},{"$f":"IF($Z88=\"\",\"\",INDEX(Îlots!$E$8:$E$57,$Z88))","v":""},{"$f":"IF($Z88=\"\",\"\",INDEX(Îlots!$G$8:$G$57,$Z88)&\"\")","v":""},{"$f":"IF($Z88=\"\",\"\",IF($F88=ApportCouvert,OccCouvert,INDEX(Îlots!$O$8:$O$57,$Z88)&\"\"))","v":""},"","","",0,0,0,0,0,{"$f":"IF($AA88=\"\",0,IF(INDEX(Fertilisants!$C$8:$C$47,$AA88)=\"Effluent d'élevage\",1,0))","v":0},{"$f":"IF($AA88=\"\",\"\",IF(INDEX(Fertilisants!$C$8:$C$47,$AA88)=\"Engrais minéral\",\"Minéral\",\"Organique\"))","v":""},"","","",{"$f":"IF(AND($D88<>\"\",$D88=FicheIlot),COUNTIF($D$8:$D88,FicheIlot),\"\")","v":""}]
[null,{"$f":"IF(C89=\"\",\"\",COUNT($C$8:C89))","v":""},null,null,{"$f":"IF($Z89=\"\",\"\",IF($F89=ApportCouvert,INDEX(Îlots!$I$8:$I$57,$Z89)&\"\",INDEX(Îlots!$N$8:$N$57,$Z89)&\"\"))","v":""},null,null,{"$f":"IF($AA89=\"\",\"\",INDEX(Fertilisants!$D$8:$D$47,$AA89)&\"\")","v":""},null,null,{"$f":"IF($AA89=\"\",\"\",INDEX(Fertilisants!$E$8:$E$47,$AA89)&\"\")","v":""},"",{"$f":"IF(OR($J89=\"\",$AA89=\"\"),\"\",$J89*N(INDEX(Fertilisants!$G$8:$G$47,$AA89)))","v":""},{"$f":"IF(OR($J89=\"\",$AA89=\"\"),\"\",$J89*N(INDEX(Fertilisants!$I$8:$I$47,$AA89)))","v":""},{"$f":"IF(OR($J89=\"\",$AA89=\"\"),\"\",$J89*N(INDEX(Fertilisants!$J$8:$J$47,$AA89)))","v":""},{"$f":"IF(OR($J89=\"\",$AA89=\"\"),\"\",$J89*N(INDEX(Fertilisants!$K$8:$K$47,$AA89)))","v":""},"",{"$nulls":5},"",null,null,{"$f":"IF($D89=\"\",\"\",IFERROR(MATCH($D89,Îlots!$D$8:$D$57,0),\"\"))","v":""},{"$f":"IF($G89=\"\",\"\",IFERROR(MATCH($G89,Fertilisants!$B$8:$B$47,0),\"\"))","v":""},{"$f":"IF($Z89=\"\",\"\",INDEX(Îlots!$E$8:$E$57,$Z89))","v":""},{"$f":"IF($Z89=\"\",\"\",INDEX(Îlots!$G$8:$G$57,$Z89)&\"\")","v":""},{"$f":"IF($Z89=\"\",\"\",IF($F89=ApportCouvert,OccCouvert,INDEX(Îlots!$O$8:$O$57,$Z89)&\"\"))","v":""},"","","",0,0,0,0,0,{"$f":"IF($AA89=\"\",0,IF(INDEX(Fertilisants!$C$8:$C$47,$AA89)=\"Effluent d'élevage\",1,0))","v":0},{"$f":"IF($AA89=\"\",\"\",IF(INDEX(Fertilisants!$C$8:$C$47,$AA89)=\"Engrais minéral\",\"Minéral\",\"Organique\"))","v":""},"","","",{"$f":"IF(AND($D89<>\"\",$D89=FicheIlot),COUNTIF($D$8:$D89,FicheIlot),\"\")","v":""}]
[null,{"$f":"IF(C90=\"\",\"\",COUNT($C$8:C90))","v":""},null,null,{"$f":"IF($Z90=\"\",\"\",IF($F90=ApportCouvert,INDEX(Îlots!$I$8:$I$57,$Z90)&\"\",INDEX(Îlots!$N$8:$N$57,$Z90)&\"\"))","v":""},null,null,{"$f":"IF($AA90=\"\",\"\",INDEX(Fertilisants!$D$8:$D$47,$AA90)&\"\")","v":""},null,null,{"$f":"IF($AA90=\"\",\"\",INDEX(Fertilisants!$E$8:$E$47,$AA90)&\"\")","v":""},"",{"$f":"IF(OR($J90=\"\",$AA90=\"\"),\"\",$J90*N(INDEX(Fertilisants!$G$8:$G$47,$AA90)))","v":""},{"$f":"IF(OR($J90=\"\",$AA90=\"\"),\"\",$J90*N(INDEX(Fertilisants!$I$8:$I$47,$AA90)))","v":""},{"$f":"IF(OR($J90=\"\",$AA90=\"\"),\"\",$J90*N(INDEX(Fertilisants!$J$8:$J$47,$AA90)))","v":""},{"$f":"IF(OR($J90=\"\",$AA90=\"\"),\"\",$J90*N(INDEX(Fertilisants!$K$8:$K$47,$AA90)))","v":""},"",{"$nulls":5},"",null,null,{"$f":"IF($D90=\"\",\"\",IFERROR(MATCH($D90,Îlots!$D$8:$D$57,0),\"\"))","v":""},{"$f":"IF($G90=\"\",\"\",IFERROR(MATCH($G90,Fertilisants!$B$8:$B$47,0),\"\"))","v":""},{"$f":"IF($Z90=\"\",\"\",INDEX(Îlots!$E$8:$E$57,$Z90))","v":""},{"$f":"IF($Z90=\"\",\"\",INDEX(Îlots!$G$8:$G$57,$Z90)&\"\")","v":""},{"$f":"IF($Z90=\"\",\"\",IF($F90=ApportCouvert,OccCouvert,INDEX(Îlots!$O$8:$O$57,$Z90)&\"\"))","v":""},"","","",0,0,0,0,0,{"$f":"IF($AA90=\"\",0,IF(INDEX(Fertilisants!$C$8:$C$47,$AA90)=\"Effluent d'élevage\",1,0))","v":0},{"$f":"IF($AA90=\"\",\"\",IF(INDEX(Fertilisants!$C$8:$C$47,$AA90)=\"Engrais minéral\",\"Minéral\",\"Organique\"))","v":""},"","","",{"$f":"IF(AND($D90<>\"\",$D90=FicheIlot),COUNTIF($D$8:$D90,FicheIlot),\"\")","v":""}]
[null,{"$f":"IF(C91=\"\",\"\",COUNT($C$8:C91))","v":""},null,null,{"$f":"IF($Z91=\"\",\"\",IF($F91=ApportCouvert,INDEX(Îlots!$I$8:$I$57,$Z91)&\"\",INDEX(Îlots!$N$8:$N$57,$Z91)&\"\"))","v":""},null,null,{"$f":"IF($AA91=\"\",\"\",INDEX(Fertilisants!$D$8:$D$47,$AA91)&\"\")","v":""},null,null,{"$f":"IF($AA91=\"\",\"\",INDEX(Fertilisants!$E$8:$E$47,$AA91)&\"\")","v":""},"",{"$f":"IF(OR($J91=\"\",$AA91=\"\"),\"\",$J91*N(INDEX(Fertilisants!$G$8:$G$47,$AA91)))","v":""},{"$f":"IF(OR($J91=\"\",$AA91=\"\"),\"\",$J91*N(INDEX(Fertilisants!$I$8:$I$47,$AA91)))","v":""},{"$f":"IF(OR($J91=\"\",$AA91=\"\"),\"\",$J91*N(INDEX(Fertilisants!$J$8:$J$47,$AA91)))","v":""},{"$f":"IF(OR($J91=\"\",$AA91=\"\"),\"\",$J91*N(INDEX(Fertilisants!$K$8:$K$47,$AA91)))","v":""},"",{"$nulls":5},"",null,null,{"$f":"IF($D91=\"\",\"\",IFERROR(MATCH($D91,Îlots!$D$8:$D$57,0),\"\"))","v":""},{"$f":"IF($G91=\"\",\"\",IFERROR(MATCH($G91,Fertilisants!$B$8:$B$47,0),\"\"))","v":""},{"$f":"IF($Z91=\"\",\"\",INDEX(Îlots!$E$8:$E$57,$Z91))","v":""},{"$f":"IF($Z91=\"\",\"\",INDEX(Îlots!$G$8:$G$57,$Z91)&\"\")","v":""},{"$f":"IF($Z91=\"\",\"\",IF($F91=ApportCouvert,OccCouvert,INDEX(Îlots!$O$8:$O$57,$Z91)&\"\"))","v":""},"","","",0,0,0,0,0,{"$f":"IF($AA91=\"\",0,IF(INDEX(Fertilisants!$C$8:$C$47,$AA91)=\"Effluent d'élevage\",1,0))","v":0},{"$f":"IF($AA91=\"\",\"\",IF(INDEX(Fertilisants!$C$8:$C$47,$AA91)=\"Engrais minéral\",\"Minéral\",\"Organique\"))","v":""},"","","",{"$f":"IF(AND($D91<>\"\",$D91=FicheIlot),COUNTIF($D$8:$D91,FicheIlot),\"\")","v":""}]
[null,{"$f":"IF(C92=\"\",\"\",COUNT($C$8:C92))","v":""},null,null,{"$f":"IF($Z92=\"\",\"\",IF($F92=ApportCouvert,INDEX(Îlots!$I$8:$I$57,$Z92)&\"\",INDEX(Îlots!$N$8:$N$57,$Z92)&\"\"))","v":""},null,null,{"$f":"IF($AA92=\"\",\"\",INDEX(Fertilisants!$D$8:$D$47,$AA92)&\"\")","v":""},null,null,{"$f":"IF($AA92=\"\",\"\",INDEX(Fertilisants!$E$8:$E$47,$AA92)&\"\")","v":""},"",{"$f":"IF(OR($J92=\"\",$AA92=\"\"),\"\",$J92*N(INDEX(Fertilisants!$G$8:$G$47,$AA92)))","v":""},{"$f":"IF(OR($J92=\"\",$AA92=\"\"),\"\",$J92*N(INDEX(Fertilisants!$I$8:$I$47,$AA92)))","v":""},{"$f":"IF(OR($J92=\"\",$AA92=\"\"),\"\",$J92*N(INDEX(Fertilisants!$J$8:$J$47,$AA92)))","v":""},{"$f":"IF(OR($J92=\"\",$AA92=\"\"),\"\",$J92*N(INDEX(Fertilisants!$K$8:$K$47,$AA92)))","v":""},"",{"$nulls":5},"",null,null,{"$f":"IF($D92=\"\",\"\",IFERROR(MATCH($D92,Îlots!$D$8:$D$57,0),\"\"))","v":""},{"$f":"IF($G92=\"\",\"\",IFERROR(MATCH($G92,Fertilisants!$B$8:$B$47,0),\"\"))","v":""},{"$f":"IF($Z92=\"\",\"\",INDEX(Îlots!$E$8:$E$57,$Z92))","v":""},{"$f":"IF($Z92=\"\",\"\",INDEX(Îlots!$G$8:$G$57,$Z92)&\"\")","v":""},{"$f":"IF($Z92=\"\",\"\",IF($F92=ApportCouvert,OccCouvert,INDEX(Îlots!$O$8:$O$57,$Z92)&\"\"))","v":""},"","","",0,0,0,0,0,{"$f":"IF($AA92=\"\",0,IF(INDEX(Fertilisants!$C$8:$C$47,$AA92)=\"Effluent d'élevage\",1,0))","v":0},{"$f":"IF($AA92=\"\",\"\",IF(INDEX(Fertilisants!$C$8:$C$47,$AA92)=\"Engrais minéral\",\"Minéral\",\"Organique\"))","v":""},"","","",{"$f":"IF(AND($D92<>\"\",$D92=FicheIlot),COUNTIF($D$8:$D92,FicheIlot),\"\")","v":""}]
[null,{"$f":"IF(C93=\"\",\"\",COUNT($C$8:C93))","v":""},null,null,{"$f":"IF($Z93=\"\",\"\",IF($F93=ApportCouvert,INDEX(Îlots!$I$8:$I$57,$Z93)&\"\",INDEX(Îlots!$N$8:$N$57,$Z93)&\"\"))","v":""},null,null,{"$f":"IF($AA93=\"\",\"\",INDEX(Fertilisants!$D$8:$D$47,$AA93)&\"\")","v":""},null,null,{"$f":"IF($AA93=\"\",\"\",INDEX(Fertilisants!$E$8:$E$47,$AA93)&\"\")","v":""},"",{"$f":"IF(OR($J93=\"\",$AA93=\"\"),\"\",$J93*N(INDEX(Fertilisants!$G$8:$G$47,$AA93)))","v":""},{"$f":"IF(OR($J93=\"\",$AA93=\"\"),\"\",$J93*N(INDEX(Fertilisants!$I$8:$I$47,$AA93)))","v":""},{"$f":"IF(OR($J93=\"\",$AA93=\"\"),\"\",$J93*N(INDEX(Fertilisants!$J$8:$J$47,$AA93)))","v":""},{"$f":"IF(OR($J93=\"\",$AA93=\"\"),\"\",$J93*N(INDEX(Fertilisants!$K$8:$K$47,$AA93)))","v":""},"",{"$nulls":5},"",null,null,{"$f":"IF($D93=\"\",\"\",IFERROR(MATCH($D93,Îlots!$D$8:$D$57,0),\"\"))","v":""},{"$f":"IF($G93=\"\",\"\",IFERROR(MATCH($G93,Fertilisants!$B$8:$B$47,0),\"\"))","v":""},{"$f":"IF($Z93=\"\",\"\",INDEX(Îlots!$E$8:$E$57,$Z93))","v":""},{"$f":"IF($Z93=\"\",\"\",INDEX(Îlots!$G$8:$G$57,$Z93)&\"\")","v":""},{"$f":"IF($Z93=\"\",\"\",IF($F93=ApportCouvert,OccCouvert,INDEX(Îlots!$O$8:$O$57,$Z93)&\"\"))","v":""},"","","",0,0,0,0,0,{"$f":"IF($AA93=\"\",0,IF(INDEX(Fertilisants!$C$8:$C$47,$AA93)=\"Effluent d'élevage\",1,0))","v":0},{"$f":"IF($AA93=\"\",\"\",IF(INDEX(Fertilisants!$C$8:$C$47,$AA93)=\"Engrais minéral\",\"Minéral\",\"Organique\"))","v":""},"","","",{"$f":"IF(AND($D93<>\"\",$D93=FicheIlot),COUNTIF($D$8:$D93,FicheIlot),\"\")","v":""}]
[null,{"$f":"IF(C94=\"\",\"\",COUNT($C$8:C94))","v":""},null,null,{"$f":"IF($Z94=\"\",\"\",IF($F94=ApportCouvert,INDEX(Îlots!$I$8:$I$57,$Z94)&\"\",INDEX(Îlots!$N$8:$N$57,$Z94)&\"\"))","v":""},null,null,{"$f":"IF($AA94=\"\",\"\",INDEX(Fertilisants!$D$8:$D$47,$AA94)&\"\")","v":""},null,null,{"$f":"IF($AA94=\"\",\"\",INDEX(Fertilisants!$E$8:$E$47,$AA94)&\"\")","v":""},"",{"$f":"IF(OR($J94=\"\",$AA94=\"\"),\"\",$J94*N(INDEX(Fertilisants!$G$8:$G$47,$AA94)))","v":""},{"$f":"IF(OR($J94=\"\",$AA94=\"\"),\"\",$J94*N(INDEX(Fertilisants!$I$8:$I$47,$AA94)))","v":""},{"$f":"IF(OR($J94=\"\",$AA94=\"\"),\"\",$J94*N(INDEX(Fertilisants!$J$8:$J$47,$AA94)))","v":""},{"$f":"IF(OR($J94=\"\",$AA94=\"\"),\"\",$J94*N(INDEX(Fertilisants!$K$8:$K$47,$AA94)))","v":""},"",{"$nulls":5},"",null,null,{"$f":"IF($D94=\"\",\"\",IFERROR(MATCH($D94,Îlots!$D$8:$D$57,0),\"\"))","v":""},{"$f":"IF($G94=\"\",\"\",IFERROR(MATCH($G94,Fertilisants!$B$8:$B$47,0),\"\"))","v":""},{"$f":"IF($Z94=\"\",\"\",INDEX(Îlots!$E$8:$E$57,$Z94))","v":""},{"$f":"IF($Z94=\"\",\"\",INDEX(Îlots!$G$8:$G$57,$Z94)&\"\")","v":""},{"$f":"IF($Z94=\"\",\"\",IF($F94=ApportCouvert,OccCouvert,INDEX(Îlots!$O$8:$O$57,$Z94)&\"\"))","v":""},"","","",0,0,0,0,0,{"$f":"IF($AA94=\"\",0,IF(INDEX(Fertilisants!$C$8:$C$47,$AA94)=\"Effluent d'élevage\",1,0))","v":0},{"$f":"IF($AA94=\"\",\"\",IF(INDEX(Fertilisants!$C$8:$C$47,$AA94)=\"Engrais minéral\",\"Minéral\",\"Organique\"))","v":""},"","","",{"$f":"IF(AND($D94<>\"\",$D94=FicheIlot),COUNTIF($D$8:$D94,FicheIlot),\"\")","v":""}]
[null,{"$f":"IF(C95=\"\",\"\",COUNT($C$8:C95))","v":""},null,null,{"$f":"IF($Z95=\"\",\"\",IF($F95=ApportCouvert,INDEX(Îlots!$I$8:$I$57,$Z95)&\"\",INDEX(Îlots!$N$8:$N$57,$Z95)&\"\"))","v":""},null,null,{"$f":"IF($AA95=\"\",\"\",INDEX(Fertilisants!$D$8:$D$47,$AA95)&\"\")","v":""},null,null,{"$f":"IF($AA95=\"\",\"\",INDEX(Fertilisants!$E$8:$E$47,$AA95)&\"\")","v":""},"",{"$f":"IF(OR($J95=\"\",$AA95=\"\"),\"\",$J95*N(INDEX(Fertilisants!$G$8:$G$47,$AA95)))","v":""},{"$f":"IF(OR($J95=\"\",$AA95=\"\"),\"\",$J95*N(INDEX(Fertilisants!$I$8:$I$47,$AA95)))","v":""},{"$f":"IF(OR($J95=\"\",$AA95=\"\"),\"\",$J95*N(INDEX(Fertilisants!$J$8:$J$47,$AA95)))","v":""},{"$f":"IF(OR($J95=\"\",$AA95=\"\"),\"\",$J95*N(INDEX(Fertilisants!$K$8:$K$47,$AA95)))","v":""},"",{"$nulls":5},"",null,null,{"$f":"IF($D95=\"\",\"\",IFERROR(MATCH($D95,Îlots!$D$8:$D$57,0),\"\"))","v":""},{"$f":"IF($G95=\"\",\"\",IFERROR(MATCH($G95,Fertilisants!$B$8:$B$47,0),\"\"))","v":""},{"$f":"IF($Z95=\"\",\"\",INDEX(Îlots!$E$8:$E$57,$Z95))","v":""},{"$f":"IF($Z95=\"\",\"\",INDEX(Îlots!$G$8:$G$57,$Z95)&\"\")","v":""},{"$f":"IF($Z95=\"\",\"\",IF($F95=ApportCouvert,OccCouvert,INDEX(Îlots!$O$8:$O$57,$Z95)&\"\"))","v":""},"","","",0,0,0,0,0,{"$f":"IF($AA95=\"\",0,IF(INDEX(Fertilisants!$C$8:$C$47,$AA95)=\"Effluent d'élevage\",1,0))","v":0},{"$f":"IF($AA95=\"\",\"\",IF(INDEX(Fertilisants!$C$8:$C$47,$AA95)=\"Engrais minéral\",\"Minéral\",\"Organique\"))","v":""},"","","",{"$f":"IF(AND($D95<>\"\",$D95=FicheIlot),COUNTIF($D$8:$D95,FicheIlot),\"\")","v":""}]
[null,{"$f":"IF(C96=\"\",\"\",COUNT($C$8:C96))","v":""},null,null,{"$f":"IF($Z96=\"\",\"\",IF($F96=ApportCouvert,INDEX(Îlots!$I$8:$I$57,$Z96)&\"\",INDEX(Îlots!$N$8:$N$57,$Z96)&\"\"))","v":""},null,null,{"$f":"IF($AA96=\"\",\"\",INDEX(Fertilisants!$D$8:$D$47,$AA96)&\"\")","v":""},null,null,{"$f":"IF($AA96=\"\",\"\",INDEX(Fertilisants!$E$8:$E$47,$AA96)&\"\")","v":""},"",{"$f":"IF(OR($J96=\"\",$AA96=\"\"),\"\",$J96*N(INDEX(Fertilisants!$G$8:$G$47,$AA96)))","v":""},{"$f":"IF(OR($J96=\"\",$AA96=\"\"),\"\",$J96*N(INDEX(Fertilisants!$I$8:$I$47,$AA96)))","v":""},{"$f":"IF(OR($J96=\"\",$AA96=\"\"),\"\",$J96*N(INDEX(Fertilisants!$J$8:$J$47,$AA96)))","v":""},{"$f":"IF(OR($J96=\"\",$AA96=\"\"),\"\",$J96*N(INDEX(Fertilisants!$K$8:$K$47,$AA96)))","v":""},"",{"$nulls":5},"",null,null,{"$f":"IF($D96=\"\",\"\",IFERROR(MATCH($D96,Îlots!$D$8:$D$57,0),\"\"))","v":""},{"$f":"IF($G96=\"\",\"\",IFERROR(MATCH($G96,Fertilisants!$B$8:$B$47,0),\"\"))","v":""},{"$f":"IF($Z96=\"\",\"\",INDEX(Îlots!$E$8:$E$57,$Z96))","v":""},{"$f":"IF($Z96=\"\",\"\",INDEX(Îlots!$G$8:$G$57,$Z96)&\"\")","v":""},{"$f":"IF($Z96=\"\",\"\",IF($F96=ApportCouvert,OccCouvert,INDEX(Îlots!$O$8:$O$57,$Z96)&\"\"))","v":""},"","","",0,0,0,0,0,{"$f":"IF($AA96=\"\",0,IF(INDEX(Fertilisants!$C$8:$C$47,$AA96)=\"Effluent d'élevage\",1,0))","v":0},{"$f":"IF($AA96=\"\",\"\",IF(INDEX(Fertilisants!$C$8:$C$47,$AA96)=\"Engrais minéral\",\"Minéral\",\"Organique\"))","v":""},"","","",{"$f":"IF(AND($D96<>\"\",$D96=FicheIlot),COUNTIF($D$8:$D96,FicheIlot),\"\")","v":""}]
[null,{"$f":"IF(C97=\"\",\"\",COUNT($C$8:C97))","v":""},null,null,{"$f":"IF($Z97=\"\",\"\",IF($F97=ApportCouvert,INDEX(Îlots!$I$8:$I$57,$Z97)&\"\",INDEX(Îlots!$N$8:$N$57,$Z97)&\"\"))","v":""},null,null,{"$f":"IF($AA97=\"\",\"\",INDEX(Fertilisants!$D$8:$D$47,$AA97)&\"\")","v":""},null,null,{"$f":"IF($AA97=\"\",\"\",INDEX(Fertilisants!$E$8:$E$47,$AA97)&\"\")","v":""},"",{"$f":"IF(OR($J97=\"\",$AA97=\"\"),\"\",$J97*N(INDEX(Fertilisants!$G$8:$G$47,$AA97)))","v":""},{"$f":"IF(OR($J97=\"\",$AA97=\"\"),\"\",$J97*N(INDEX(Fertilisants!$I$8:$I$47,$AA97)))","v":""},{"$f":"IF(OR($J97=\"\",$AA97=\"\"),\"\",$J97*N(INDEX(Fertilisants!$J$8:$J$47,$AA97)))","v":""},{"$f":"IF(OR($J97=\"\",$AA97=\"\"),\"\",$J97*N(INDEX(Fertilisants!$K$8:$K$47,$AA97)))","v":""},"",{"$nulls":5},"",null,null,{"$f":"IF($D97=\"\",\"\",IFERROR(MATCH($D97,Îlots!$D$8:$D$57,0),\"\"))","v":""},{"$f":"IF($G97=\"\",\"\",IFERROR(MATCH($G97,Fertilisants!$B$8:$B$47,0),\"\"))","v":""},{"$f":"IF($Z97=\"\",\"\",INDEX(Îlots!$E$8:$E$57,$Z97))","v":""},{"$f":"IF($Z97=\"\",\"\",INDEX(Îlots!$G$8:$G$57,$Z97)&\"\")","v":""},{"$f":"IF($Z97=\"\",\"\",IF($F97=ApportCouvert,OccCouvert,INDEX(Îlots!$O$8:$O$57,$Z97)&\"\"))","v":""},"","","",0,0,0,0,0,{"$f":"IF($AA97=\"\",0,IF(INDEX(Fertilisants!$C$8:$C$47,$AA97)=\"Effluent d'élevage\",1,0))","v":0},{"$f":"IF($AA97=\"\",\"\",IF(INDEX(Fertilisants!$C$8:$C$47,$AA97)=\"Engrais minéral\",\"Minéral\",\"Organique\"))","v":""},"","","",{"$f":"IF(AND($D97<>\"\",$D97=FicheIlot),COUNTIF($D$8:$D97,FicheIlot),\"\")","v":""}]
[null,{"$f":"IF(C98=\"\",\"\",COUNT($C$8:C98))","v":""},null,null,{"$f":"IF($Z98=\"\",\"\",IF($F98=ApportCouvert,INDEX(Îlots!$I$8:$I$57,$Z98)&\"\",INDEX(Îlots!$N$8:$N$57,$Z98)&\"\"))","v":""},null,null,{"$f":"IF($AA98=\"\",\"\",INDEX(Fertilisants!$D$8:$D$47,$AA98)&\"\")","v":""},null,null,{"$f":"IF($AA98=\"\",\"\",INDEX(Fertilisants!$E$8:$E$47,$AA98)&\"\")","v":""},"",{"$f":"IF(OR($J98=\"\",$AA98=\"\"),\"\",$J98*N(INDEX(Fertilisants!$G$8:$G$47,$AA98)))","v":""},{"$f":"IF(OR($J98=\"\",$AA98=\"\"),\"\",$J98*N(INDEX(Fertilisants!$I$8:$I$47,$AA98)))","v":""},{"$f":"IF(OR($J98=\"\",$AA98=\"\"),\"\",$J98*N(INDEX(Fertilisants!$J$8:$J$47,$AA98)))","v":""},{"$f":"IF(OR($J98=\"\",$AA98=\"\"),\"\",$J98*N(INDEX(Fertilisants!$K$8:$K$47,$AA98)))","v":""},"",{"$nulls":5},"",null,null,{"$f":"IF($D98=\"\",\"\",IFERROR(MATCH($D98,Îlots!$D$8:$D$57,0),\"\"))","v":""},{"$f":"IF($G98=\"\",\"\",IFERROR(MATCH($G98,Fertilisants!$B$8:$B$47,0),\"\"))","v":""},{"$f":"IF($Z98=\"\",\"\",INDEX(Îlots!$E$8:$E$57,$Z98))","v":""},{"$f":"IF($Z98=\"\",\"\",INDEX(Îlots!$G$8:$G$57,$Z98)&\"\")","v":""},{"$f":"IF($Z98=\"\",\"\",IF($F98=ApportCouvert,OccCouvert,INDEX(Îlots!$O$8:$O$57,$Z98)&\"\"))","v":""},"","","",0,0,0,0,0,{"$f":"IF($AA98=\"\",0,IF(INDEX(Fertilisants!$C$8:$C$47,$AA98)=\"Effluent d'élevage\",1,0))","v":0},{"$f":"IF($AA98=\"\",\"\",IF(INDEX(Fertilisants!$C$8:$C$47,$AA98)=\"Engrais minéral\",\"Minéral\",\"Organique\"))","v":""},"","","",{"$f":"IF(AND($D98<>\"\",$D98=FicheIlot),COUNTIF($D$8:$D98,FicheIlot),\"\")","v":""}]
[null,{"$f":"IF(C99=\"\",\"\",COUNT($C$8:C99))","v":""},null,null,{"$f":"IF($Z99=\"\",\"\",IF($F99=ApportCouvert,INDEX(Îlots!$I$8:$I$57,$Z99)&\"\",INDEX(Îlots!$N$8:$N$57,$Z99)&\"\"))","v":""},null,null,{"$f":"IF($AA99=\"\",\"\",INDEX(Fertilisants!$D$8:$D$47,$AA99)&\"\")","v":""},null,null,{"$f":"IF($AA99=\"\",\"\",INDEX(Fertilisants!$E$8:$E$47,$AA99)&\"\")","v":""},"",{"$f":"IF(OR($J99=\"\",$AA99=\"\"),\"\",$J99*N(INDEX(Fertilisants!$G$8:$G$47,$AA99)))","v":""},{"$f":"IF(OR($J99=\"\",$AA99=\"\"),\"\",$J99*N(INDEX(Fertilisants!$I$8:$I$47,$AA99)))","v":""},{"$f":"IF(OR($J99=\"\",$AA99=\"\"),\"\",$J99*N(INDEX(Fertilisants!$J$8:$J$47,$AA99)))","v":""},{"$f":"IF(OR($J99=\"\",$AA99=\"\"),\"\",$J99*N(INDEX(Fertilisants!$K$8:$K$47,$AA99)))","v":""},"",{"$nulls":5},"",null,null,{"$f":"IF($D99=\"\",\"\",IFERROR(MATCH($D99,Îlots!$D$8:$D$57,0),\"\"))","v":""},{"$f":"IF($G99=\"\",\"\",IFERROR(MATCH($G99,Fertilisants!$B$8:$B$47,0),\"\"))","v":""},{"$f":"IF($Z99=\"\",\"\",INDEX(Îlots!$E$8:$E$57,$Z99))","v":""},{"$f":"IF($Z99=\"\",\"\",INDEX(Îlots!$G$8:$G$57,$Z99)&\"\")","v":""},{"$f":"IF($Z99=\"\",\"\",IF($F99=ApportCouvert,OccCouvert,INDEX(Îlots!$O$8:$O$57,$Z99)&\"\"))","v":""},"","","",0,0,0,0,0,{"$f":"IF($AA99=\"\",0,IF(INDEX(Fertilisants!$C$8:$C$47,$AA99)=\"Effluent d'élevage\",1,0))","v":0},{"$f":"IF($AA99=\"\",\"\",IF(INDEX(Fertilisants!$C$8:$C$47,$AA99)=\"Engrais minéral\",\"Minéral\",\"Organique\"))","v":""},"","","",{"$f":"IF(AND($D99<>\"\",$D99=FicheIlot),COUNTIF($D$8:$D99,FicheIlot),\"\")","v":""}]
[null,{"$f":"IF(C100=\"\",\"\",COUNT($C$8:C100))","v":""},null,null,{"$f":"IF($Z100=\"\",\"\",IF($F100=ApportCouvert,INDEX(Îlots!$I$8:$I$57,$Z100)&\"\",INDEX(Îlots!$N$8:$N$57,$Z100)&\"\"))","v":""},null,null,{"$f":"IF($AA100=\"\",\"\",INDEX(Fertilisants!$D$8:$D$47,$AA100)&\"\")","v":""},null,null,{"$f":"IF($AA100=\"\",\"\",INDEX(Fertilisants!$E$8:$E$47,$AA100)&\"\")","v":""},"",{"$f":"IF(OR($J100=\"\",$AA100=\"\"),\"\",$J100*N(INDEX(Fertilisants!$G$8:$G$47,$AA100)))","v":""},{"$f":"IF(OR($J100=\"\",$AA100=\"\"),\"\",$J100*N(INDEX(Fertilisants!$I$8:$I$47,$AA100)))","v":""},{"$f":"IF(OR($J100=\"\",$AA100=\"\"),\"\",$J100*N(INDEX(Fertilisants!$J$8:$J$47,$AA100)))","v":""},{"$f":"IF(OR($J100=\"\",$AA100=\"\"),\"\",$J100*N(INDEX(Fertilisants!$K$8:$K$47,$AA100)))","v":""},"",{"$nulls":5},"",null,null,{"$f":"IF($D100=\"\",\"\",IFERROR(MATCH($D100,Îlots!$D$8:$D$57,0),\"\"))","v":""},{"$f":"IF($G100=\"\",\"\",IFERROR(MATCH($G100,Fertilisants!$B$8:$B$47,0),\"\"))","v":""},{"$f":"IF($Z100=\"\",\"\",INDEX(Îlots!$E$8:$E$57,$Z100))","v":""},{"$f":"IF($Z100=\"\",\"\",INDEX(Îlots!$G$8:$G$57,$Z100)&\"\")","v":""},{"$f":"IF($Z100=\"\",\"\",IF($F100=ApportCouvert,OccCouvert,INDEX(Îlots!$O$8:$O$57,$Z100)&\"\"))","v":""},"","","",0,0,0,0,0,{"$f":"IF($AA100=\"\",0,IF(INDEX(Fertilisants!$C$8:$C$47,$AA100)=\"Effluent d'élevage\",1,0))","v":0},{"$f":"IF($AA100=\"\",\"\",IF(INDEX(Fertilisants!$C$8:$C$47,$AA100)=\"Engrais minéral\",\"Minéral\",\"Organique\"))","v":""},"","","",{"$f":"IF(AND($D100<>\"\",$D100=FicheIlot),COUNTIF($D$8:$D100,FicheIlot),\"\")","v":""}]
[null,{"$f":"IF(C101=\"\",\"\",COUNT($C$8:C101))","v":""},null,null,{"$f":"IF($Z101=\"\",\"\",IF($F101=ApportCouvert,INDEX(Îlots!$I$8:$I$57,$Z101)&\"\",INDEX(Îlots!$N$8:$N$57,$Z101)&\"\"))","v":""},null,null,{"$f":"IF($AA101=\"\",\"\",INDEX(Fertilisants!$D$8:$D$47,$AA101)&\"\")","v":""},null,null,{"$f":"IF($AA101=\"\",\"\",INDEX(Fertilisants!$E$8:$E$47,$AA101)&\"\")","v":""},"",{"$f":"IF(OR($J101=\"\",$AA101=\"\"),\"\",$J101*N(INDEX(Fertilisants!$G$8:$G$47,$AA101)))","v":""},{"$f":"IF(OR($J101=\"\",$AA101=\"\"),\"\",$J101*N(INDEX(Fertilisants!$I$8:$I$47,$AA101)))","v":""},{"$f":"IF(OR($J101=\"\",$AA101=\"\"),\"\",$J101*N(INDEX(Fertilisants!$J$8:$J$47,$AA101)))","v":""},{"$f":"IF(OR($J101=\"\",$AA101=\"\"),\"\",$J101*N(INDEX(Fertilisants!$K$8:$K$47,$AA101)))","v":""},"",{"$nulls":5},"",null,null,{"$f":"IF($D101=\"\",\"\",IFERROR(MATCH($D101,Îlots!$D$8:$D$57,0),\"\"))","v":""},{"$f":"IF($G101=\"\",\"\",IFERROR(MATCH($G101,Fertilisants!$B$8:$B$47,0),\"\"))","v":""},{"$f":"IF($Z101=\"\",\"\",INDEX(Îlots!$E$8:$E$57,$Z101))","v":""},{"$f":"IF($Z101=\"\",\"\",INDEX(Îlots!$G$8:$G$57,$Z101)&\"\")","v":""},{"$f":"IF($Z101=\"\",\"\",IF($F101=ApportCouvert,OccCouvert,INDEX(Îlots!$O$8:$O$57,$Z101)&\"\"))","v":""},"","","",0,0,0,0,0,{"$f":"IF($AA101=\"\",0,IF(INDEX(Fertilisants!$C$8:$C$47,$AA101)=\"Effluent d'élevage\",1,0))","v":0},{"$f":"IF($AA101=\"\",\"\",IF(INDEX(Fertilisants!$C$8:$C$47,$AA101)=\"Engrais minéral\",\"Minéral\",\"Organique\"))","v":""},"","","",{"$f":"IF(AND($D101<>\"\",$D101=FicheIlot),COUNTIF($D$8:$D101,FicheIlot),\"\")","v":""}]
[null,{"$f":"IF(C102=\"\",\"\",COUNT($C$8:C102))","v":""},null,null,{"$f":"IF($Z102=\"\",\"\",IF($F102=ApportCouvert,INDEX(Îlots!$I$8:$I$57,$Z102)&\"\",INDEX(Îlots!$N$8:$N$57,$Z102)&\"\"))","v":""},null,null,{"$f":"IF($AA102=\"\",\"\",INDEX(Fertilisants!$D$8:$D$47,$AA102)&\"\")","v":""},null,null,{"$f":"IF($AA102=\"\",\"\",INDEX(Fertilisants!$E$8:$E$47,$AA102)&\"\")","v":""},"",{"$f":"IF(OR($J102=\"\",$AA102=\"\"),\"\",$J102*N(INDEX(Fertilisants!$G$8:$G$47,$AA102)))","v":""},{"$f":"IF(OR($J102=\"\",$AA102=\"\"),\"\",$J102*N(INDEX(Fertilisants!$I$8:$I$47,$AA102)))","v":""},{"$f":"IF(OR($J102=\"\",$AA102=\"\"),\"\",$J102*N(INDEX(Fertilisants!$J$8:$J$47,$AA102)))","v":""},{"$f":"IF(OR($J102=\"\",$AA102=\"\"),\"\",$J102*N(INDEX(Fertilisants!$K$8:$K$47,$AA102)))","v":""},"",{"$nulls":5},"",null,null,{"$f":"IF($D102=\"\",\"\",IFERROR(MATCH($D102,Îlots!$D$8:$D$57,0),\"\"))","v":""},{"$f":"IF($G102=\"\",\"\",IFERROR(MATCH($G102,Fertilisants!$B$8:$B$47,0),\"\"))","v":""},{"$f":"IF($Z102=\"\",\"\",INDEX(Îlots!$E$8:$E$57,$Z102))","v":""},{"$f":"IF($Z102=\"\",\"\",INDEX(Îlots!$G$8:$G$57,$Z102)&\"\")","v":""},{"$f":"IF($Z102=\"\",\"\",IF($F102=ApportCouvert,OccCouvert,INDEX(Îlots!$O$8:$O$57,$Z102)&\"\"))","v":""},"","","",0,0,0,0,0,{"$f":"IF($AA102=\"\",0,IF(INDEX(Fertilisants!$C$8:$C$47,$AA102)=\"Effluent d'élevage\",1,0))","v":0},{"$f":"IF($AA102=\"\",\"\",IF(INDEX(Fertilisants!$C$8:$C$47,$AA102)=\"Engrais minéral\",\"Minéral\",\"Organique\"))","v":""},"","","",{"$f":"IF(AND($D102<>\"\",$D102=FicheIlot),COUNTIF($D$8:$D102,FicheIlot),\"\")","v":""}]
[null,{"$f":"IF(C103=\"\",\"\",COUNT($C$8:C103))","v":""},null,null,{"$f":"IF($Z103=\"\",\"\",IF($F103=ApportCouvert,INDEX(Îlots!$I$8:$I$57,$Z103)&\"\",INDEX(Îlots!$N$8:$N$57,$Z103)&\"\"))","v":""},null,null,{"$f":"IF($AA103=\"\",\"\",INDEX(Fertilisants!$D$8:$D$47,$AA103)&\"\")","v":""},null,null,{"$f":"IF($AA103=\"\",\"\",INDEX(Fertilisants!$E$8:$E$47,$AA103)&\"\")","v":""},"",{"$f":"IF(OR($J103=\"\",$AA103=\"\"),\"\",$J103*N(INDEX(Fertilisants!$G$8:$G$47,$AA103)))","v":""},{"$f":"IF(OR($J103=\"\",$AA103=\"\"),\"\",$J103*N(INDEX(Fertilisants!$I$8:$I$47,$AA103)))","v":""},{"$f":"IF(OR($J103=\"\",$AA103=\"\"),\"\",$J103*N(INDEX(Fertilisants!$J$8:$J$47,$AA103)))","v":""},{"$f":"IF(OR($J103=\"\",$AA103=\"\"),\"\",$J103*N(INDEX(Fertilisants!$K$8:$K$47,$AA103)))","v":""},"",{"$nulls":5},"",null,null,{"$f":"IF($D103=\"\",\"\",IFERROR(MATCH($D103,Îlots!$D$8:$D$57,0),\"\"))","v":""},{"$f":"IF($G103=\"\",\"\",IFERROR(MATCH($G103,Fertilisants!$B$8:$B$47,0),\"\"))","v":""},{"$f":"IF($Z103=\"\",\"\",INDEX(Îlots!$E$8:$E$57,$Z103))","v":""},{"$f":"IF($Z103=\"\",\"\",INDEX(Îlots!$G$8:$G$57,$Z103)&\"\")","v":""},{"$f":"IF($Z103=\"\",\"\",IF($F103=ApportCouvert,OccCouvert,INDEX(Îlots!$O$8:$O$57,$Z103)&\"\"))","v":""},"","","",0,0,0,0,0,{"$f":"IF($AA103=\"\",0,IF(INDEX(Fertilisants!$C$8:$C$47,$AA103)=\"Effluent d'élevage\",1,0))","v":0},{"$f":"IF($AA103=\"\",\"\",IF(INDEX(Fertilisants!$C$8:$C$47,$AA103)=\"Engrais minéral\",\"Minéral\",\"Organique\"))","v":""},"","","",{"$f":"IF(AND($D103<>\"\",$D103=FicheIlot),COUNTIF($D$8:$D103,FicheIlot),\"\")","v":""}]
[null,{"$f":"IF(C104=\"\",\"\",COUNT($C$8:C104))","v":""},null,null,{"$f":"IF($Z104=\"\",\"\",IF($F104=ApportCouvert,INDEX(Îlots!$I$8:$I$57,$Z104)&\"\",INDEX(Îlots!$N$8:$N$57,$Z104)&\"\"))","v":""},null,null,{"$f":"IF($AA104=\"\",\"\",INDEX(Fertilisants!$D$8:$D$47,$AA104)&\"\")","v":""},null,null,{"$f":"IF($AA104=\"\",\"\",INDEX(Fertilisants!$E$8:$E$47,$AA104)&\"\")","v":""},"",{"$f":"IF(OR($J104=\"\",$AA104=\"\"),\"\",$J104*N(INDEX(Fertilisants!$G$8:$G$47,$AA104)))","v":""},{"$f":"IF(OR($J104=\"\",$AA104=\"\"),\"\",$J104*N(INDEX(Fertilisants!$I$8:$I$47,$AA104)))","v":""},{"$f":"IF(OR($J104=\"\",$AA104=\"\"),\"\",$J104*N(INDEX(Fertilisants!$J$8:$J$47,$AA104)))","v":""},{"$f":"IF(OR($J104=\"\",$AA104=\"\"),\"\",$J104*N(INDEX(Fertilisants!$K$8:$K$47,$AA104)))","v":""},"",{"$nulls":5},"",null,null,{"$f":"IF($D104=\"\",\"\",IFERROR(MATCH($D104,Îlots!$D$8:$D$57,0),\"\"))","v":""},{"$f":"IF($G104=\"\",\"\",IFERROR(MATCH($G104,Fertilisants!$B$8:$B$47,0),\"\"))","v":""},{"$f":"IF($Z104=\"\",\"\",INDEX(Îlots!$E$8:$E$57,$Z104))","v":""},{"$f":"IF($Z104=\"\",\"\",INDEX(Îlots!$G$8:$G$57,$Z104)&\"\")","v":""},{"$f":"IF($Z104=\"\",\"\",IF($F104=ApportCouvert,OccCouvert,INDEX(Îlots!$O$8:$O$57,$Z104)&\"\"))","v":""},"","","",0,0,0,0,0,{"$f":"IF($AA104=\"\",0,IF(INDEX(Fertilisants!$C$8:$C$47,$AA104)=\"Effluent d'élevage\",1,0))","v":0},{"$f":"IF($AA104=\"\",\"\",IF(INDEX(Fertilisants!$C$8:$C$47,$AA104)=\"Engrais minéral\",\"Minéral\",\"Organique\"))","v":""},"","","",{"$f":"IF(AND($D104<>\"\",$D104=FicheIlot),COUNTIF($D$8:$D104,FicheIlot),\"\")","v":""}]
[null,{"$f":"IF(C105=\"\",\"\",COUNT($C$8:C105))","v":""},null,null,{"$f":"IF($Z105=\"\",\"\",IF($F105=ApportCouvert,INDEX(Îlots!$I$8:$I$57,$Z105)&\"\",INDEX(Îlots!$N$8:$N$57,$Z105)&\"\"))","v":""},null,null,{"$f":"IF($AA105=\"\",\"\",INDEX(Fertilisants!$D$8:$D$47,$AA105)&\"\")","v":""},null,null,{"$f":"IF($AA105=\"\",\"\",INDEX(Fertilisants!$E$8:$E$47,$AA105)&\"\")","v":""},"",{"$f":"IF(OR($J105=\"\",$AA105=\"\"),\"\",$J105*N(INDEX(Fertilisants!$G$8:$G$47,$AA105)))","v":""},{"$f":"IF(OR($J105=\"\",$AA105=\"\"),\"\",$J105*N(INDEX(Fertilisants!$I$8:$I$47,$AA105)))","v":""},{"$f":"IF(OR($J105=\"\",$AA105=\"\"),\"\",$J105*N(INDEX(Fertilisants!$J$8:$J$47,$AA105)))","v":""},{"$f":"IF(OR($J105=\"\",$AA105=\"\"),\"\",$J105*N(INDEX(Fertilisants!$K$8:$K$47,$AA105)))","v":""},"",{"$nulls":5},"",null,null,{"$f":"IF($D105=\"\",\"\",IFERROR(MATCH($D105,Îlots!$D$8:$D$57,0),\"\"))","v":""},{"$f":"IF($G105=\"\",\"\",IFERROR(MATCH($G105,Fertilisants!$B$8:$B$47,0),\"\"))","v":""},{"$f":"IF($Z105=\"\",\"\",INDEX(Îlots!$E$8:$E$57,$Z105))","v":""},{"$f":"IF($Z105=\"\",\"\",INDEX(Îlots!$G$8:$G$57,$Z105)&\"\")","v":""},{"$f":"IF($Z105=\"\",\"\",IF($F105=ApportCouvert,OccCouvert,INDEX(Îlots!$O$8:$O$57,$Z105)&\"\"))","v":""},"","","",0,0,0,0,0,{"$f":"IF($AA105=\"\",0,IF(INDEX(Fertilisants!$C$8:$C$47,$AA105)=\"Effluent d'élevage\",1,0))","v":0},{"$f":"IF($AA105=\"\",\"\",IF(INDEX(Fertilisants!$C$8:$C$47,$AA105)=\"Engrais minéral\",\"Minéral\",\"Organique\"))","v":""},"","","",{"$f":"IF(AND($D105<>\"\",$D105=FicheIlot),COUNTIF($D$8:$D105,FicheIlot),\"\")","v":""}]
[null,{"$f":"IF(C106=\"\",\"\",COUNT($C$8:C106))","v":""},null,null,{"$f":"IF($Z106=\"\",\"\",IF($F106=ApportCouvert,INDEX(Îlots!$I$8:$I$57,$Z106)&\"\",INDEX(Îlots!$N$8:$N$57,$Z106)&\"\"))","v":""},null,null,{"$f":"IF($AA106=\"\",\"\",INDEX(Fertilisants!$D$8:$D$47,$AA106)&\"\")","v":""},null,null,{"$f":"IF($AA106=\"\",\"\",INDEX(Fertilisants!$E$8:$E$47,$AA106)&\"\")","v":""},"",{"$f":"IF(OR($J106=\"\",$AA106=\"\"),\"\",$J106*N(INDEX(Fertilisants!$G$8:$G$47,$AA106)))","v":""},{"$f":"IF(OR($J106=\"\",$AA106=\"\"),\"\",$J106*N(INDEX(Fertilisants!$I$8:$I$47,$AA106)))","v":""},{"$f":"IF(OR($J106=\"\",$AA106=\"\"),\"\",$J106*N(INDEX(Fertilisants!$J$8:$J$47,$AA106)))","v":""},{"$f":"IF(OR($J106=\"\",$AA106=\"\"),\"\",$J106*N(INDEX(Fertilisants!$K$8:$K$47,$AA106)))","v":""},"",{"$nulls":5},"",null,null,{"$f":"IF($D106=\"\",\"\",IFERROR(MATCH($D106,Îlots!$D$8:$D$57,0),\"\"))","v":""},{"$f":"IF($G106=\"\",\"\",IFERROR(MATCH($G106,Fertilisants!$B$8:$B$47,0),\"\"))","v":""},{"$f":"IF($Z106=\"\",\"\",INDEX(Îlots!$E$8:$E$57,$Z106))","v":""},{"$f":"IF($Z106=\"\",\"\",INDEX(Îlots!$G$8:$G$57,$Z106)&\"\")","v":""},{"$f":"IF($Z106=\"\",\"\",IF($F106=ApportCouvert,OccCouvert,INDEX(Îlots!$O$8:$O$57,$Z106)&\"\"))","v":""},"","","",0,0,0,0,0,{"$f":"IF($AA106=\"\",0,IF(INDEX(Fertilisants!$C$8:$C$47,$AA106)=\"Effluent d'élevage\",1,0))","v":0},{"$f":"IF($AA106=\"\",\"\",IF(INDEX(Fertilisants!$C$8:$C$47,$AA106)=\"Engrais minéral\",\"Minéral\",\"Organique\"))","v":""},"","","",{"$f":"IF(AND($D106<>\"\",$D106=FicheIlot),COUNTIF($D$8:$D106,FicheIlot),\"\")","v":""}]
[null,{"$f":"IF(C107=\"\",\"\",COUNT($C$8:C107))","v":""},null,null,{"$f":"IF($Z107=\"\",\"\",IF($F107=ApportCouvert,INDEX(Îlots!$I$8:$I$57,$Z107)&\"\",INDEX(Îlots!$N$8:$N$57,$Z107)&\"\"))","v":""},null,null,{"$f":"IF($AA107=\"\",\"\",INDEX(Fertilisants!$D$8:$D$47,$AA107)&\"\")","v":""},null,null,{"$f":"IF($AA107=\"\",\"\",INDEX(Fertilisants!$E$8:$E$47,$AA107)&\"\")","v":""},"",{"$f":"IF(OR($J107=\"\",$AA107=\"\"),\"\",$J107*N(INDEX(Fertilisants!$G$8:$G$47,$AA107)))","v":""},{"$f":"IF(OR($J107=\"\",$AA107=\"\"),\"\",$J107*N(INDEX(Fertilisants!$I$8:$I$47,$AA107)))","v":""},{"$f":"IF(OR($J107=\"\",$AA107=\"\"),\"\",$J107*N(INDEX(Fertilisants!$J$8:$J$47,$AA107)))","v":""},{"$f":"IF(OR($J107=\"\",$AA107=\"\"),\"\",$J107*N(INDEX(Fertilisants!$K$8:$K$47,$AA107)))","v":""},"",{"$nulls":5},"",null,null,{"$f":"IF($D107=\"\",\"\",IFERROR(MATCH($D107,Îlots!$D$8:$D$57,0),\"\"))","v":""},{"$f":"IF($G107=\"\",\"\",IFERROR(MATCH($G107,Fertilisants!$B$8:$B$47,0),\"\"))","v":""},{"$f":"IF($Z107=\"\",\"\",INDEX(Îlots!$E$8:$E$57,$Z107))","v":""},{"$f":"IF($Z107=\"\",\"\",INDEX(Îlots!$G$8:$G$57,$Z107)&\"\")","v":""},{"$f":"IF($Z107=\"\",\"\",IF($F107=ApportCouvert,OccCouvert,INDEX(Îlots!$O$8:$O$57,$Z107)&\"\"))","v":""},"","","",0,0,0,0,0,{"$f":"IF($AA107=\"\",0,IF(INDEX(Fertilisants!$C$8:$C$47,$AA107)=\"Effluent d'élevage\",1,0))","v":0},{"$f":"IF($AA107=\"\",\"\",IF(INDEX(Fertilisants!$C$8:$C$47,$AA107)=\"Engrais minéral\",\"Minéral\",\"Organique\"))","v":""},"","","",{"$f":"IF(AND($D107<>\"\",$D107=FicheIlot),COUNTIF($D$8:$D107,FicheIlot),\"\")","v":""}]
[null,{"$f":"IF(C108=\"\",\"\",COUNT($C$8:C108))","v":""},null,null,{"$f":"IF($Z108=\"\",\"\",IF($F108=ApportCouvert,INDEX(Îlots!$I$8:$I$57,$Z108)&\"\",INDEX(Îlots!$N$8:$N$57,$Z108)&\"\"))","v":""},null,null,{"$f":"IF($AA108=\"\",\"\",INDEX(Fertilisants!$D$8:$D$47,$AA108)&\"\")","v":""},null,null,{"$f":"IF($AA108=\"\",\"\",INDEX(Fertilisants!$E$8:$E$47,$AA108)&\"\")","v":""},"",{"$f":"IF(OR($J108=\"\",$AA108=\"\"),\"\",$J108*N(INDEX(Fertilisants!$G$8:$G$47,$AA108)))","v":""},{"$f":"IF(OR($J108=\"\",$AA108=\"\"),\"\",$J108*N(INDEX(Fertilisants!$I$8:$I$47,$AA108)))","v":""},{"$f":"IF(OR($J108=\"\",$AA108=\"\"),\"\",$J108*N(INDEX(Fertilisants!$J$8:$J$47,$AA108)))","v":""},{"$f":"IF(OR($J108=\"\",$AA108=\"\"),\"\",$J108*N(INDEX(Fertilisants!$K$8:$K$47,$AA108)))","v":""},"",{"$nulls":5},"",null,null,{"$f":"IF($D108=\"\",\"\",IFERROR(MATCH($D108,Îlots!$D$8:$D$57,0),\"\"))","v":""},{"$f":"IF($G108=\"\",\"\",IFERROR(MATCH($G108,Fertilisants!$B$8:$B$47,0),\"\"))","v":""},{"$f":"IF($Z108=\"\",\"\",INDEX(Îlots!$E$8:$E$57,$Z108))","v":""},{"$f":"IF($Z108=\"\",\"\",INDEX(Îlots!$G$8:$G$57,$Z108)&\"\")","v":""},{"$f":"IF($Z108=\"\",\"\",IF($F108=ApportCouvert,OccCouvert,INDEX(Îlots!$O$8:$O$57,$Z108)&\"\"))","v":""},"","","",0,0,0,0,0,{"$f":"IF($AA108=\"\",0,IF(INDEX(Fertilisants!$C$8:$C$47,$AA108)=\"Effluent d'élevage\",1,0))","v":0},{"$f":"IF($AA108=\"\",\"\",IF(INDEX(Fertilisants!$C$8:$C$47,$AA108)=\"Engrais minéral\",\"Minéral\",\"Organique\"))","v":""},"","","",{"$f":"IF(AND($D108<>\"\",$D108=FicheIlot),COUNTIF($D$8:$D108,FicheIlot),\"\")","v":""}]
[null,{"$f":"IF(C109=\"\",\"\",COUNT($C$8:C109))","v":""},null,null,{"$f":"IF($Z109=\"\",\"\",IF($F109=ApportCouvert,INDEX(Îlots!$I$8:$I$57,$Z109)&\"\",INDEX(Îlots!$N$8:$N$57,$Z109)&\"\"))","v":""},null,null,{"$f":"IF($AA109=\"\",\"\",INDEX(Fertilisants!$D$8:$D$47,$AA109)&\"\")","v":""},null,null,{"$f":"IF($AA109=\"\",\"\",INDEX(Fertilisants!$E$8:$E$47,$AA109)&\"\")","v":""},"",{"$f":"IF(OR($J109=\"\",$AA109=\"\"),\"\",$J109*N(INDEX(Fertilisants!$G$8:$G$47,$AA109)))","v":""},{"$f":"IF(OR($J109=\"\",$AA109=\"\"),\"\",$J109*N(INDEX(Fertilisants!$I$8:$I$47,$AA109)))","v":""},{"$f":"IF(OR($J109=\"\",$AA109=\"\"),\"\",$J109*N(INDEX(Fertilisants!$J$8:$J$47,$AA109)))","v":""},{"$f":"IF(OR($J109=\"\",$AA109=\"\"),\"\",$J109*N(INDEX(Fertilisants!$K$8:$K$47,$AA109)))","v":""},"",{"$nulls":5},"",null,null,{"$f":"IF($D109=\"\",\"\",IFERROR(MATCH($D109,Îlots!$D$8:$D$57,0),\"\"))","v":""},{"$f":"IF($G109=\"\",\"\",IFERROR(MATCH($G109,Fertilisants!$B$8:$B$47,0),\"\"))","v":""},{"$f":"IF($Z109=\"\",\"\",INDEX(Îlots!$E$8:$E$57,$Z109))","v":""},{"$f":"IF($Z109=\"\",\"\",INDEX(Îlots!$G$8:$G$57,$Z109)&\"\")","v":""},{"$f":"IF($Z109=\"\",\"\",IF($F109=ApportCouvert,OccCouvert,INDEX(Îlots!$O$8:$O$57,$Z109)&\"\"))","v":""},"","","",0,0,0,0,0,{"$f":"IF($AA109=\"\",0,IF(INDEX(Fertilisants!$C$8:$C$47,$AA109)=\"Effluent d'élevage\",1,0))","v":0},{"$f":"IF($AA109=\"\",\"\",IF(INDEX(Fertilisants!$C$8:$C$47,$AA109)=\"Engrais minéral\",\"Minéral\",\"Organique\"))","v":""},"","","",{"$f":"IF(AND($D109<>\"\",$D109=FicheIlot),COUNTIF($D$8:$D109,FicheIlot),\"\")","v":""}]
[null,{"$f":"IF(C110=\"\",\"\",COUNT($C$8:C110))","v":""},null,null,{"$f":"IF($Z110=\"\",\"\",IF($F110=ApportCouvert,INDEX(Îlots!$I$8:$I$57,$Z110)&\"\",INDEX(Îlots!$N$8:$N$57,$Z110)&\"\"))","v":""},null,null,{"$f":"IF($AA110=\"\",\"\",INDEX(Fertilisants!$D$8:$D$47,$AA110)&\"\")","v":""},null,null,{"$f":"IF($AA110=\"\",\"\",INDEX(Fertilisants!$E$8:$E$47,$AA110)&\"\")","v":""},"",{"$f":"IF(OR($J110=\"\",$AA110=\"\"),\"\",$J110*N(INDEX(Fertilisants!$G$8:$G$47,$AA110)))","v":""},{"$f":"IF(OR($J110=\"\",$AA110=\"\"),\"\",$J110*N(INDEX(Fertilisants!$I$8:$I$47,$AA110)))","v":""},{"$f":"IF(OR($J110=\"\",$AA110=\"\"),\"\",$J110*N(INDEX(Fertilisants!$J$8:$J$47,$AA110)))","v":""},{"$f":"IF(OR($J110=\"\",$AA110=\"\"),\"\",$J110*N(INDEX(Fertilisants!$K$8:$K$47,$AA110)))","v":""},"",{"$nulls":5},"",null,null,{"$f":"IF($D110=\"\",\"\",IFERROR(MATCH($D110,Îlots!$D$8:$D$57,0),\"\"))","v":""},{"$f":"IF($G110=\"\",\"\",IFERROR(MATCH($G110,Fertilisants!$B$8:$B$47,0),\"\"))","v":""},{"$f":"IF($Z110=\"\",\"\",INDEX(Îlots!$E$8:$E$57,$Z110))","v":""},{"$f":"IF($Z110=\"\",\"\",INDEX(Îlots!$G$8:$G$57,$Z110)&\"\")","v":""},{"$f":"IF($Z110=\"\",\"\",IF($F110=ApportCouvert,OccCouvert,INDEX(Îlots!$O$8:$O$57,$Z110)&\"\"))","v":""},"","","",0,0,0,0,0,{"$f":"IF($AA110=\"\",0,IF(INDEX(Fertilisants!$C$8:$C$47,$AA110)=\"Effluent d'élevage\",1,0))","v":0},{"$f":"IF($AA110=\"\",\"\",IF(INDEX(Fertilisants!$C$8:$C$47,$AA110)=\"Engrais minéral\",\"Minéral\",\"Organique\"))","v":""},"","","",{"$f":"IF(AND($D110<>\"\",$D110=FicheIlot),COUNTIF($D$8:$D110,FicheIlot),\"\")","v":""}]
[null,{"$f":"IF(C111=\"\",\"\",COUNT($C$8:C111))","v":""},null,null,{"$f":"IF($Z111=\"\",\"\",IF($F111=ApportCouvert,INDEX(Îlots!$I$8:$I$57,$Z111)&\"\",INDEX(Îlots!$N$8:$N$57,$Z111)&\"\"))","v":""},null,null,{"$f":"IF($AA111=\"\",\"\",INDEX(Fertilisants!$D$8:$D$47,$AA111)&\"\")","v":""},null,null,{"$f":"IF($AA111=\"\",\"\",INDEX(Fertilisants!$E$8:$E$47,$AA111)&\"\")","v":""},"",{"$f":"IF(OR($J111=\"\",$AA111=\"\"),\"\",$J111*N(INDEX(Fertilisants!$G$8:$G$47,$AA111)))","v":""},{"$f":"IF(OR($J111=\"\",$AA111=\"\"),\"\",$J111*N(INDEX(Fertilisants!$I$8:$I$47,$AA111)))","v":""},{"$f":"IF(OR($J111=\"\",$AA111=\"\"),\"\",$J111*N(INDEX(Fertilisants!$J$8:$J$47,$AA111)))","v":""},{"$f":"IF(OR($J111=\"\",$AA111=\"\"),\"\",$J111*N(INDEX(Fertilisants!$K$8:$K$47,$AA111)))","v":""},"",{"$nulls":5},"",null,null,{"$f":"IF($D111=\"\",\"\",IFERROR(MATCH($D111,Îlots!$D$8:$D$57,0),\"\"))","v":""},{"$f":"IF($G111=\"\",\"\",IFERROR(MATCH($G111,Fertilisants!$B$8:$B$47,0),\"\"))","v":""},{"$f":"IF($Z111=\"\",\"\",INDEX(Îlots!$E$8:$E$57,$Z111))","v":""},{"$f":"IF($Z111=\"\",\"\",INDEX(Îlots!$G$8:$G$57,$Z111)&\"\")","v":""},{"$f":"IF($Z111=\"\",\"\",IF($F111=ApportCouvert,OccCouvert,INDEX(Îlots!$O$8:$O$57,$Z111)&\"\"))","v":""},"","","",0,0,0,0,0,{"$f":"IF($AA111=\"\",0,IF(INDEX(Fertilisants!$C$8:$C$47,$AA111)=\"Effluent d'élevage\",1,0))","v":0},{"$f":"IF($AA111=\"\",\"\",IF(INDEX(Fertilisants!$C$8:$C$47,$AA111)=\"Engrais minéral\",\"Minéral\",\"Organique\"))","v":""},"","","",{"$f":"IF(AND($D111<>\"\",$D111=FicheIlot),COUNTIF($D$8:$D111,FicheIlot),\"\")","v":""}]
[null,{"$f":"IF(C112=\"\",\"\",COUNT($C$8:C112))","v":""},null,null,{"$f":"IF($Z112=\"\",\"\",IF($F112=ApportCouvert,INDEX(Îlots!$I$8:$I$57,$Z112)&\"\",INDEX(Îlots!$N$8:$N$57,$Z112)&\"\"))","v":""},null,null,{"$f":"IF($AA112=\"\",\"\",INDEX(Fertilisants!$D$8:$D$47,$AA112)&\"\")","v":""},null,null,{"$f":"IF($AA112=\"\",\"\",INDEX(Fertilisants!$E$8:$E$47,$AA112)&\"\")","v":""},"",{"$f":"IF(OR($J112=\"\",$AA112=\"\"),\"\",$J112*N(INDEX(Fertilisants!$G$8:$G$47,$AA112)))","v":""},{"$f":"IF(OR($J112=\"\",$AA112=\"\"),\"\",$J112*N(INDEX(Fertilisants!$I$8:$I$47,$AA112)))","v":""},{"$f":"IF(OR($J112=\"\",$AA112=\"\"),\"\",$J112*N(INDEX(Fertilisants!$J$8:$J$47,$AA112)))","v":""},{"$f":"IF(OR($J112=\"\",$AA112=\"\"),\"\",$J112*N(INDEX(Fertilisants!$K$8:$K$47,$AA112)))","v":""},"",{"$nulls":5},"",null,null,{"$f":"IF($D112=\"\",\"\",IFERROR(MATCH($D112,Îlots!$D$8:$D$57,0),\"\"))","v":""},{"$f":"IF($G112=\"\",\"\",IFERROR(MATCH($G112,Fertilisants!$B$8:$B$47,0),\"\"))","v":""},{"$f":"IF($Z112=\"\",\"\",INDEX(Îlots!$E$8:$E$57,$Z112))","v":""},{"$f":"IF($Z112=\"\",\"\",INDEX(Îlots!$G$8:$G$57,$Z112)&\"\")","v":""},{"$f":"IF($Z112=\"\",\"\",IF($F112=ApportCouvert,OccCouvert,INDEX(Îlots!$O$8:$O$57,$Z112)&\"\"))","v":""},"","","",0,0,0,0,0,{"$f":"IF($AA112=\"\",0,IF(INDEX(Fertilisants!$C$8:$C$47,$AA112)=\"Effluent d'élevage\",1,0))","v":0},{"$f":"IF($AA112=\"\",\"\",IF(INDEX(Fertilisants!$C$8:$C$47,$AA112)=\"Engrais minéral\",\"Minéral\",\"Organique\"))","v":""},"","","",{"$f":"IF(AND($D112<>\"\",$D112=FicheIlot),COUNTIF($D$8:$D112,FicheIlot),\"\")","v":""}]
[null,{"$f":"IF(C113=\"\",\"\",COUNT($C$8:C113))","v":""},null,null,{"$f":"IF($Z113=\"\",\"\",IF($F113=ApportCouvert,INDEX(Îlots!$I$8:$I$57,$Z113)&\"\",INDEX(Îlots!$N$8:$N$57,$Z113)&\"\"))","v":""},null,null,{"$f":"IF($AA113=\"\",\"\",INDEX(Fertilisants!$D$8:$D$47,$AA113)&\"\")","v":""},null,null,{"$f":"IF($AA113=\"\",\"\",INDEX(Fertilisants!$E$8:$E$47,$AA113)&\"\")","v":""},"",{"$f":"IF(OR($J113=\"\",$AA113=\"\"),\"\",$J113*N(INDEX(Fertilisants!$G$8:$G$47,$AA113)))","v":""},{"$f":"IF(OR($J113=\"\",$AA113=\"\"),\"\",$J113*N(INDEX(Fertilisants!$I$8:$I$47,$AA113)))","v":""},{"$f":"IF(OR($J113=\"\",$AA113=\"\"),\"\",$J113*N(INDEX(Fertilisants!$J$8:$J$47,$AA113)))","v":""},{"$f":"IF(OR($J113=\"\",$AA113=\"\"),\"\",$J113*N(INDEX(Fertilisants!$K$8:$K$47,$AA113)))","v":""},"",{"$nulls":5},"",null,null,{"$f":"IF($D113=\"\",\"\",IFERROR(MATCH($D113,Îlots!$D$8:$D$57,0),\"\"))","v":""},{"$f":"IF($G113=\"\",\"\",IFERROR(MATCH($G113,Fertilisants!$B$8:$B$47,0),\"\"))","v":""},{"$f":"IF($Z113=\"\",\"\",INDEX(Îlots!$E$8:$E$57,$Z113))","v":""},{"$f":"IF($Z113=\"\",\"\",INDEX(Îlots!$G$8:$G$57,$Z113)&\"\")","v":""},{"$f":"IF($Z113=\"\",\"\",IF($F113=ApportCouvert,OccCouvert,INDEX(Îlots!$O$8:$O$57,$Z113)&\"\"))","v":""},"","","",0,0,0,0,0,{"$f":"IF($AA113=\"\",0,IF(INDEX(Fertilisants!$C$8:$C$47,$AA113)=\"Effluent d'élevage\",1,0))","v":0},{"$f":"IF($AA113=\"\",\"\",IF(INDEX(Fertilisants!$C$8:$C$47,$AA113)=\"Engrais minéral\",\"Minéral\",\"Organique\"))","v":""},"","","",{"$f":"IF(AND($D113<>\"\",$D113=FicheIlot),COUNTIF($D$8:$D113,FicheIlot),\"\")","v":""}]
[null,{"$f":"IF(C114=\"\",\"\",COUNT($C$8:C114))","v":""},null,null,{"$f":"IF($Z114=\"\",\"\",IF($F114=ApportCouvert,INDEX(Îlots!$I$8:$I$57,$Z114)&\"\",INDEX(Îlots!$N$8:$N$57,$Z114)&\"\"))","v":""},null,null,{"$f":"IF($AA114=\"\",\"\",INDEX(Fertilisants!$D$8:$D$47,$AA114)&\"\")","v":""},null,null,{"$f":"IF($AA114=\"\",\"\",INDEX(Fertilisants!$E$8:$E$47,$AA114)&\"\")","v":""},"",{"$f":"IF(OR($J114=\"\",$AA114=\"\"),\"\",$J114*N(INDEX(Fertilisants!$G$8:$G$47,$AA114)))","v":""},{"$f":"IF(OR($J114=\"\",$AA114=\"\"),\"\",$J114*N(INDEX(Fertilisants!$I$8:$I$47,$AA114)))","v":""},{"$f":"IF(OR($J114=\"\",$AA114=\"\"),\"\",$J114*N(INDEX(Fertilisants!$J$8:$J$47,$AA114)))","v":""},{"$f":"IF(OR($J114=\"\",$AA114=\"\"),\"\",$J114*N(INDEX(Fertilisants!$K$8:$K$47,$AA114)))","v":""},"",{"$nulls":5},"",null,null,{"$f":"IF($D114=\"\",\"\",IFERROR(MATCH($D114,Îlots!$D$8:$D$57,0),\"\"))","v":""},{"$f":"IF($G114=\"\",\"\",IFERROR(MATCH($G114,Fertilisants!$B$8:$B$47,0),\"\"))","v":""},{"$f":"IF($Z114=\"\",\"\",INDEX(Îlots!$E$8:$E$57,$Z114))","v":""},{"$f":"IF($Z114=\"\",\"\",INDEX(Îlots!$G$8:$G$57,$Z114)&\"\")","v":""},{"$f":"IF($Z114=\"\",\"\",IF($F114=ApportCouvert,OccCouvert,INDEX(Îlots!$O$8:$O$57,$Z114)&\"\"))","v":""},"","","",0,0,0,0,0,{"$f":"IF($AA114=\"\",0,IF(INDEX(Fertilisants!$C$8:$C$47,$AA114)=\"Effluent d'élevage\",1,0))","v":0},{"$f":"IF($AA114=\"\",\"\",IF(INDEX(Fertilisants!$C$8:$C$47,$AA114)=\"Engrais minéral\",\"Minéral\",\"Organique\"))","v":""},"","","",{"$f":"IF(AND($D114<>\"\",$D114=FicheIlot),COUNTIF($D$8:$D114,FicheIlot),\"\")","v":""}]
[null,{"$f":"IF(C115=\"\",\"\",COUNT($C$8:C115))","v":""},null,null,{"$f":"IF($Z115=\"\",\"\",IF($F115=ApportCouvert,INDEX(Îlots!$I$8:$I$57,$Z115)&\"\",INDEX(Îlots!$N$8:$N$57,$Z115)&\"\"))","v":""},null,null,{"$f":"IF($AA115=\"\",\"\",INDEX(Fertilisants!$D$8:$D$47,$AA115)&\"\")","v":""},null,null,{"$f":"IF($AA115=\"\",\"\",INDEX(Fertilisants!$E$8:$E$47,$AA115)&\"\")","v":""},"",{"$f":"IF(OR($J115=\"\",$AA115=\"\"),\"\",$J115*N(INDEX(Fertilisants!$G$8:$G$47,$AA115)))","v":""},{"$f":"IF(OR($J115=\"\",$AA115=\"\"),\"\",$J115*N(INDEX(Fertilisants!$I$8:$I$47,$AA115)))","v":""},{"$f":"IF(OR($J115=\"\",$AA115=\"\"),\"\",$J115*N(INDEX(Fertilisants!$J$8:$J$47,$AA115)))","v":""},{"$f":"IF(OR($J115=\"\",$AA115=\"\"),\"\",$J115*N(INDEX(Fertilisants!$K$8:$K$47,$AA115)))","v":""},"",{"$nulls":5},"",null,null,{"$f":"IF($D115=\"\",\"\",IFERROR(MATCH($D115,Îlots!$D$8:$D$57,0),\"\"))","v":""},{"$f":"IF($G115=\"\",\"\",IFERROR(MATCH($G115,Fertilisants!$B$8:$B$47,0),\"\"))","v":""},{"$f":"IF($Z115=\"\",\"\",INDEX(Îlots!$E$8:$E$57,$Z115))","v":""},{"$f":"IF($Z115=\"\",\"\",INDEX(Îlots!$G$8:$G$57,$Z115)&\"\")","v":""},{"$f":"IF($Z115=\"\",\"\",IF($F115=ApportCouvert,OccCouvert,INDEX(Îlots!$O$8:$O$57,$Z115)&\"\"))","v":""},"","","",0,0,0,0,0,{"$f":"IF($AA115=\"\",0,IF(INDEX(Fertilisants!$C$8:$C$47,$AA115)=\"Effluent d'élevage\",1,0))","v":0},{"$f":"IF($AA115=\"\",\"\",IF(INDEX(Fertilisants!$C$8:$C$47,$AA115)=\"Engrais minéral\",\"Minéral\",\"Organique\"))","v":""},"","","",{"$f":"IF(AND($D115<>\"\",$D115=FicheIlot),COUNTIF($D$8:$D115,FicheIlot),\"\")","v":""}]
[null,{"$f":"IF(C116=\"\",\"\",COUNT($C$8:C116))","v":""},null,null,{"$f":"IF($Z116=\"\",\"\",IF($F116=ApportCouvert,INDEX(Îlots!$I$8:$I$57,$Z116)&\"\",INDEX(Îlots!$N$8:$N$57,$Z116)&\"\"))","v":""},null,null,{"$f":"IF($AA116=\"\",\"\",INDEX(Fertilisants!$D$8:$D$47,$AA116)&\"\")","v":""},null,null,{"$f":"IF($AA116=\"\",\"\",INDEX(Fertilisants!$E$8:$E$47,$AA116)&\"\")","v":""},"",{"$f":"IF(OR($J116=\"\",$AA116=\"\"),\"\",$J116*N(INDEX(Fertilisants!$G$8:$G$47,$AA116)))","v":""},{"$f":"IF(OR($J116=\"\",$AA116=\"\"),\"\",$J116*N(INDEX(Fertilisants!$I$8:$I$47,$AA116)))","v":""},{"$f":"IF(OR($J116=\"\",$AA116=\"\"),\"\",$J116*N(INDEX(Fertilisants!$J$8:$J$47,$AA116)))","v":""},{"$f":"IF(OR($J116=\"\",$AA116=\"\"),\"\",$J116*N(INDEX(Fertilisants!$K$8:$K$47,$AA116)))","v":""},"",{"$nulls":5},"",null,null,{"$f":"IF($D116=\"\",\"\",IFERROR(MATCH($D116,Îlots!$D$8:$D$57,0),\"\"))","v":""},{"$f":"IF($G116=\"\",\"\",IFERROR(MATCH($G116,Fertilisants!$B$8:$B$47,0),\"\"))","v":""},{"$f":"IF($Z116=\"\",\"\",INDEX(Îlots!$E$8:$E$57,$Z116))","v":""},{"$f":"IF($Z116=\"\",\"\",INDEX(Îlots!$G$8:$G$57,$Z116)&\"\")","v":""},{"$f":"IF($Z116=\"\",\"\",IF($F116=ApportCouvert,OccCouvert,INDEX(Îlots!$O$8:$O$57,$Z116)&\"\"))","v":""},"","","",0,0,0,0,0,{"$f":"IF($AA116=\"\",0,IF(INDEX(Fertilisants!$C$8:$C$47,$AA116)=\"Effluent d'élevage\",1,0))","v":0},{"$f":"IF($AA116=\"\",\"\",IF(INDEX(Fertilisants!$C$8:$C$47,$AA116)=\"Engrais minéral\",\"Minéral\",\"Organique\"))","v":""},"","","",{"$f":"IF(AND($D116<>\"\",$D116=FicheIlot),COUNTIF($D$8:$D116,FicheIlot),\"\")","v":""}]
[null,{"$f":"IF(C117=\"\",\"\",COUNT($C$8:C117))","v":""},null,null,{"$f":"IF($Z117=\"\",\"\",IF($F117=ApportCouvert,INDEX(Îlots!$I$8:$I$57,$Z117)&\"\",INDEX(Îlots!$N$8:$N$57,$Z117)&\"\"))","v":""},null,null,{"$f":"IF($AA117=\"\",\"\",INDEX(Fertilisants!$D$8:$D$47,$AA117)&\"\")","v":""},null,null,{"$f":"IF($AA117=\"\",\"\",INDEX(Fertilisants!$E$8:$E$47,$AA117)&\"\")","v":""},"",{"$f":"IF(OR($J117=\"\",$AA117=\"\"),\"\",$J117*N(INDEX(Fertilisants!$G$8:$G$47,$AA117)))","v":""},{"$f":"IF(OR($J117=\"\",$AA117=\"\"),\"\",$J117*N(INDEX(Fertilisants!$I$8:$I$47,$AA117)))","v":""},{"$f":"IF(OR($J117=\"\",$AA117=\"\"),\"\",$J117*N(INDEX(Fertilisants!$J$8:$J$47,$AA117)))","v":""},{"$f":"IF(OR($J117=\"\",$AA117=\"\"),\"\",$J117*N(INDEX(Fertilisants!$K$8:$K$47,$AA117)))","v":""},"",{"$nulls":5},"",null,null,{"$f":"IF($D117=\"\",\"\",IFERROR(MATCH($D117,Îlots!$D$8:$D$57,0),\"\"))","v":""},{"$f":"IF($G117=\"\",\"\",IFERROR(MATCH($G117,Fertilisants!$B$8:$B$47,0),\"\"))","v":""},{"$f":"IF($Z117=\"\",\"\",INDEX(Îlots!$E$8:$E$57,$Z117))","v":""},{"$f":"IF($Z117=\"\",\"\",INDEX(Îlots!$G$8:$G$57,$Z117)&\"\")","v":""},{"$f":"IF($Z117=\"\",\"\",IF($F117=ApportCouvert,OccCouvert,INDEX(Îlots!$O$8:$O$57,$Z117)&\"\"))","v":""},"","","",0,0,0,0,0,{"$f":"IF($AA117=\"\",0,IF(INDEX(Fertilisants!$C$8:$C$47,$AA117)=\"Effluent d'élevage\",1,0))","v":0},{"$f":"IF($AA117=\"\",\"\",IF(INDEX(Fertilisants!$C$8:$C$47,$AA117)=\"Engrais minéral\",\"Minéral\",\"Organique\"))","v":""},"","","",{"$f":"IF(AND($D117<>\"\",$D117=FicheIlot),COUNTIF($D$8:$D117,FicheIlot),\"\")","v":""}]
[null,{"$f":"IF(C118=\"\",\"\",COUNT($C$8:C118))","v":""},null,null,{"$f":"IF($Z118=\"\",\"\",IF($F118=ApportCouvert,INDEX(Îlots!$I$8:$I$57,$Z118)&\"\",INDEX(Îlots!$N$8:$N$57,$Z118)&\"\"))","v":""},null,null,{"$f":"IF($AA118=\"\",\"\",INDEX(Fertilisants!$D$8:$D$47,$AA118)&\"\")","v":""},null,null,{"$f":"IF($AA118=\"\",\"\",INDEX(Fertilisants!$E$8:$E$47,$AA118)&\"\")","v":""},"",{"$f":"IF(OR($J118=\"\",$AA118=\"\"),\"\",$J118*N(INDEX(Fertilisants!$G$8:$G$47,$AA118)))","v":""},{"$f":"IF(OR($J118=\"\",$AA118=\"\"),\"\",$J118*N(INDEX(Fertilisants!$I$8:$I$47,$AA118)))","v":""},{"$f":"IF(OR($J118=\"\",$AA118=\"\"),\"\",$J118*N(INDEX(Fertilisants!$J$8:$J$47,$AA118)))","v":""},{"$f":"IF(OR($J118=\"\",$AA118=\"\"),\"\",$J118*N(INDEX(Fertilisants!$K$8:$K$47,$AA118)))","v":""},"",{"$nulls":5},"",null,null,{"$f":"IF($D118=\"\",\"\",IFERROR(MATCH($D118,Îlots!$D$8:$D$57,0),\"\"))","v":""},{"$f":"IF($G118=\"\",\"\",IFERROR(MATCH($G118,Fertilisants!$B$8:$B$47,0),\"\"))","v":""},{"$f":"IF($Z118=\"\",\"\",INDEX(Îlots!$E$8:$E$57,$Z118))","v":""},{"$f":"IF($Z118=\"\",\"\",INDEX(Îlots!$G$8:$G$57,$Z118)&\"\")","v":""},{"$f":"IF($Z118=\"\",\"\",IF($F118=ApportCouvert,OccCouvert,INDEX(Îlots!$O$8:$O$57,$Z118)&\"\"))","v":""},"","","",0,0,0,0,0,{"$f":"IF($AA118=\"\",0,IF(INDEX(Fertilisants!$C$8:$C$47,$AA118)=\"Effluent d'élevage\",1,0))","v":0},{"$f":"IF($AA118=\"\",\"\",IF(INDEX(Fertilisants!$C$8:$C$47,$AA118)=\"Engrais minéral\",\"Minéral\",\"Organique\"))","v":""},"","","",{"$f":"IF(AND($D118<>\"\",$D118=FicheIlot),COUNTIF($D$8:$D118,FicheIlot),\"\")","v":""}]
[null,{"$f":"IF(C119=\"\",\"\",COUNT($C$8:C119))","v":""},null,null,{"$f":"IF($Z119=\"\",\"\",IF($F119=ApportCouvert,INDEX(Îlots!$I$8:$I$57,$Z119)&\"\",INDEX(Îlots!$N$8:$N$57,$Z119)&\"\"))","v":""},null,null,{"$f":"IF($AA119=\"\",\"\",INDEX(Fertilisants!$D$8:$D$47,$AA119)&\"\")","v":""},null,null,{"$f":"IF($AA119=\"\",\"\",INDEX(Fertilisants!$E$8:$E$47,$AA119)&\"\")","v":""},"",{"$f":"IF(OR($J119=\"\",$AA119=\"\"),\"\",$J119*N(INDEX(Fertilisants!$G$8:$G$47,$AA119)))","v":""},{"$f":"IF(OR($J119=\"\",$AA119=\"\"),\"\",$J119*N(INDEX(Fertilisants!$I$8:$I$47,$AA119)))","v":""},{"$f":"IF(OR($J119=\"\",$AA119=\"\"),\"\",$J119*N(INDEX(Fertilisants!$J$8:$J$47,$AA119)))","v":""},{"$f":"IF(OR($J119=\"\",$AA119=\"\"),\"\",$J119*N(INDEX(Fertilisants!$K$8:$K$47,$AA119)))","v":""},"",{"$nulls":5},"",null,null,{"$f":"IF($D119=\"\",\"\",IFERROR(MATCH($D119,Îlots!$D$8:$D$57,0),\"\"))","v":""},{"$f":"IF($G119=\"\",\"\",IFERROR(MATCH($G119,Fertilisants!$B$8:$B$47,0),\"\"))","v":""},{"$f":"IF($Z119=\"\",\"\",INDEX(Îlots!$E$8:$E$57,$Z119))","v":""},{"$f":"IF($Z119=\"\",\"\",INDEX(Îlots!$G$8:$G$57,$Z119)&\"\")","v":""},{"$f":"IF($Z119=\"\",\"\",IF($F119=ApportCouvert,OccCouvert,INDEX(Îlots!$O$8:$O$57,$Z119)&\"\"))","v":""},"","","",0,0,0,0,0,{"$f":"IF($AA119=\"\",0,IF(INDEX(Fertilisants!$C$8:$C$47,$AA119)=\"Effluent d'élevage\",1,0))","v":0},{"$f":"IF($AA119=\"\",\"\",IF(INDEX(Fertilisants!$C$8:$C$47,$AA119)=\"Engrais minéral\",\"Minéral\",\"Organique\"))","v":""},"","","",{"$f":"IF(AND($D119<>\"\",$D119=FicheIlot),COUNTIF($D$8:$D119,FicheIlot),\"\")","v":""}]
[null,{"$f":"IF(C120=\"\",\"\",COUNT($C$8:C120))","v":""},null,null,{"$f":"IF($Z120=\"\",\"\",IF($F120=ApportCouvert,INDEX(Îlots!$I$8:$I$57,$Z120)&\"\",INDEX(Îlots!$N$8:$N$57,$Z120)&\"\"))","v":""},null,null,{"$f":"IF($AA120=\"\",\"\",INDEX(Fertilisants!$D$8:$D$47,$AA120)&\"\")","v":""},null,null,{"$f":"IF($AA120=\"\",\"\",INDEX(Fertilisants!$E$8:$E$47,$AA120)&\"\")","v":""},"",{"$f":"IF(OR($J120=\"\",$AA120=\"\"),\"\",$J120*N(INDEX(Fertilisants!$G$8:$G$47,$AA120)))","v":""},{"$f":"IF(OR($J120=\"\",$AA120=\"\"),\"\",$J120*N(INDEX(Fertilisants!$I$8:$I$47,$AA120)))","v":""},{"$f":"IF(OR($J120=\"\",$AA120=\"\"),\"\",$J120*N(INDEX(Fertilisants!$J$8:$J$47,$AA120)))","v":""},{"$f":"IF(OR($J120=\"\",$AA120=\"\"),\"\",$J120*N(INDEX(Fertilisants!$K$8:$K$47,$AA120)))","v":""},"",{"$nulls":5},"",null,null,{"$f":"IF($D120=\"\",\"\",IFERROR(MATCH($D120,Îlots!$D$8:$D$57,0),\"\"))","v":""},{"$f":"IF($G120=\"\",\"\",IFERROR(MATCH($G120,Fertilisants!$B$8:$B$47,0),\"\"))","v":""},{"$f":"IF($Z120=\"\",\"\",INDEX(Îlots!$E$8:$E$57,$Z120))","v":""},{"$f":"IF($Z120=\"\",\"\",INDEX(Îlots!$G$8:$G$57,$Z120)&\"\")","v":""},{"$f":"IF($Z120=\"\",\"\",IF($F120=ApportCouvert,OccCouvert,INDEX(Îlots!$O$8:$O$57,$Z120)&\"\"))","v":""},"","","",0,0,0,0,0,{"$f":"IF($AA120=\"\",0,IF(INDEX(Fertilisants!$C$8:$C$47,$AA120)=\"Effluent d'élevage\",1,0))","v":0},{"$f":"IF($AA120=\"\",\"\",IF(INDEX(Fertilisants!$C$8:$C$47,$AA120)=\"Engrais minéral\",\"Minéral\",\"Organique\"))","v":""},"","","",{"$f":"IF(AND($D120<>\"\",$D120=FicheIlot),COUNTIF($D$8:$D120,FicheIlot),\"\")","v":""}]
[null,{"$f":"IF(C121=\"\",\"\",COUNT($C$8:C121))","v":""},null,null,{"$f":"IF($Z121=\"\",\"\",IF($F121=ApportCouvert,INDEX(Îlots!$I$8:$I$57,$Z121)&\"\",INDEX(Îlots!$N$8:$N$57,$Z121)&\"\"))","v":""},null,null,{"$f":"IF($AA121=\"\",\"\",INDEX(Fertilisants!$D$8:$D$47,$AA121)&\"\")","v":""},null,null,{"$f":"IF($AA121=\"\",\"\",INDEX(Fertilisants!$E$8:$E$47,$AA121)&\"\")","v":""},"",{"$f":"IF(OR($J121=\"\",$AA121=\"\"),\"\",$J121*N(INDEX(Fertilisants!$G$8:$G$47,$AA121)))","v":""},{"$f":"IF(OR($J121=\"\",$AA121=\"\"),\"\",$J121*N(INDEX(Fertilisants!$I$8:$I$47,$AA121)))","v":""},{"$f":"IF(OR($J121=\"\",$AA121=\"\"),\"\",$J121*N(INDEX(Fertilisants!$J$8:$J$47,$AA121)))","v":""},{"$f":"IF(OR($J121=\"\",$AA121=\"\"),\"\",$J121*N(INDEX(Fertilisants!$K$8:$K$47,$AA121)))","v":""},"",{"$nulls":5},"",null,null,{"$f":"IF($D121=\"\",\"\",IFERROR(MATCH($D121,Îlots!$D$8:$D$57,0),\"\"))","v":""},{"$f":"IF($G121=\"\",\"\",IFERROR(MATCH($G121,Fertilisants!$B$8:$B$47,0),\"\"))","v":""},{"$f":"IF($Z121=\"\",\"\",INDEX(Îlots!$E$8:$E$57,$Z121))","v":""},{"$f":"IF($Z121=\"\",\"\",INDEX(Îlots!$G$8:$G$57,$Z121)&\"\")","v":""},{"$f":"IF($Z121=\"\",\"\",IF($F121=ApportCouvert,OccCouvert,INDEX(Îlots!$O$8:$O$57,$Z121)&\"\"))","v":""},"","","",0,0,0,0,0,{"$f":"IF($AA121=\"\",0,IF(INDEX(Fertilisants!$C$8:$C$47,$AA121)=\"Effluent d'élevage\",1,0))","v":0},{"$f":"IF($AA121=\"\",\"\",IF(INDEX(Fertilisants!$C$8:$C$47,$AA121)=\"Engrais minéral\",\"Minéral\",\"Organique\"))","v":""},"","","",{"$f":"IF(AND($D121<>\"\",$D121=FicheIlot),COUNTIF($D$8:$D121,FicheIlot),\"\")","v":""}]
[null,{"$f":"IF(C122=\"\",\"\",COUNT($C$8:C122))","v":""},null,null,{"$f":"IF($Z122=\"\",\"\",IF($F122=ApportCouvert,INDEX(Îlots!$I$8:$I$57,$Z122)&\"\",INDEX(Îlots!$N$8:$N$57,$Z122)&\"\"))","v":""},null,null,{"$f":"IF($AA122=\"\",\"\",INDEX(Fertilisants!$D$8:$D$47,$AA122)&\"\")","v":""},null,null,{"$f":"IF($AA122=\"\",\"\",INDEX(Fertilisants!$E$8:$E$47,$AA122)&\"\")","v":""},"",{"$f":"IF(OR($J122=\"\",$AA122=\"\"),\"\",$J122*N(INDEX(Fertilisants!$G$8:$G$47,$AA122)))","v":""},{"$f":"IF(OR($J122=\"\",$AA122=\"\"),\"\",$J122*N(INDEX(Fertilisants!$I$8:$I$47,$AA122)))","v":""},{"$f":"IF(OR($J122=\"\",$AA122=\"\"),\"\",$J122*N(INDEX(Fertilisants!$J$8:$J$47,$AA122)))","v":""},{"$f":"IF(OR($J122=\"\",$AA122=\"\"),\"\",$J122*N(INDEX(Fertilisants!$K$8:$K$47,$AA122)))","v":""},"",{"$nulls":5},"",null,null,{"$f":"IF($D122=\"\",\"\",IFERROR(MATCH($D122,Îlots!$D$8:$D$57,0),\"\"))","v":""},{"$f":"IF($G122=\"\",\"\",IFERROR(MATCH($G122,Fertilisants!$B$8:$B$47,0),\"\"))","v":""},{"$f":"IF($Z122=\"\",\"\",INDEX(Îlots!$E$8:$E$57,$Z122))","v":""},{"$f":"IF($Z122=\"\",\"\",INDEX(Îlots!$G$8:$G$57,$Z122)&\"\")","v":""},{"$f":"IF($Z122=\"\",\"\",IF($F122=ApportCouvert,OccCouvert,INDEX(Îlots!$O$8:$O$57,$Z122)&\"\"))","v":""},"","","",0,0,0,0,0,{"$f":"IF($AA122=\"\",0,IF(INDEX(Fertilisants!$C$8:$C$47,$AA122)=\"Effluent d'élevage\",1,0))","v":0},{"$f":"IF($AA122=\"\",\"\",IF(INDEX(Fertilisants!$C$8:$C$47,$AA122)=\"Engrais minéral\",\"Minéral\",\"Organique\"))","v":""},"","","",{"$f":"IF(AND($D122<>\"\",$D122=FicheIlot),COUNTIF($D$8:$D122,FicheIlot),\"\")","v":""}]
[null,{"$f":"IF(C123=\"\",\"\",COUNT($C$8:C123))","v":""},null,null,{"$f":"IF($Z123=\"\",\"\",IF($F123=ApportCouvert,INDEX(Îlots!$I$8:$I$57,$Z123)&\"\",INDEX(Îlots!$N$8:$N$57,$Z123)&\"\"))","v":""},null,null,{"$f":"IF($AA123=\"\",\"\",INDEX(Fertilisants!$D$8:$D$47,$AA123)&\"\")","v":""},null,null,{"$f":"IF($AA123=\"\",\"\",INDEX(Fertilisants!$E$8:$E$47,$AA123)&\"\")","v":""},"",{"$f":"IF(OR($J123=\"\",$AA123=\"\"),\"\",$J123*N(INDEX(Fertilisants!$G$8:$G$47,$AA123)))","v":""},{"$f":"IF(OR($J123=\"\",$AA123=\"\"),\"\",$J123*N(INDEX(Fertilisants!$I$8:$I$47,$AA123)))","v":""},{"$f":"IF(OR($J123=\"\",$AA123=\"\"),\"\",$J123*N(INDEX(Fertilisants!$J$8:$J$47,$AA123)))","v":""},{"$f":"IF(OR($J123=\"\",$AA123=\"\"),\"\",$J123*N(INDEX(Fertilisants!$K$8:$K$47,$AA123)))","v":""},"",{"$nulls":5},"",null,null,{"$f":"IF($D123=\"\",\"\",IFERROR(MATCH($D123,Îlots!$D$8:$D$57,0),\"\"))","v":""},{"$f":"IF($G123=\"\",\"\",IFERROR(MATCH($G123,Fertilisants!$B$8:$B$47,0),\"\"))","v":""},{"$f":"IF($Z123=\"\",\"\",INDEX(Îlots!$E$8:$E$57,$Z123))","v":""},{"$f":"IF($Z123=\"\",\"\",INDEX(Îlots!$G$8:$G$57,$Z123)&\"\")","v":""},{"$f":"IF($Z123=\"\",\"\",IF($F123=ApportCouvert,OccCouvert,INDEX(Îlots!$O$8:$O$57,$Z123)&\"\"))","v":""},"","","",0,0,0,0,0,{"$f":"IF($AA123=\"\",0,IF(INDEX(Fertilisants!$C$8:$C$47,$AA123)=\"Effluent d'élevage\",1,0))","v":0},{"$f":"IF($AA123=\"\",\"\",IF(INDEX(Fertilisants!$C$8:$C$47,$AA123)=\"Engrais minéral\",\"Minéral\",\"Organique\"))","v":""},"","","",{"$f":"IF(AND($D123<>\"\",$D123=FicheIlot),COUNTIF($D$8:$D123,FicheIlot),\"\")","v":""}]
[null,{"$f":"IF(C124=\"\",\"\",COUNT($C$8:C124))","v":""},null,null,{"$f":"IF($Z124=\"\",\"\",IF($F124=ApportCouvert,INDEX(Îlots!$I$8:$I$57,$Z124)&\"\",INDEX(Îlots!$N$8:$N$57,$Z124)&\"\"))","v":""},null,null,{"$f":"IF($AA124=\"\",\"\",INDEX(Fertilisants!$D$8:$D$47,$AA124)&\"\")","v":""},null,null,{"$f":"IF($AA124=\"\",\"\",INDEX(Fertilisants!$E$8:$E$47,$AA124)&\"\")","v":""},"",{"$f":"IF(OR($J124=\"\",$AA124=\"\"),\"\",$J124*N(INDEX(Fertilisants!$G$8:$G$47,$AA124)))","v":""},{"$f":"IF(OR($J124=\"\",$AA124=\"\"),\"\",$J124*N(INDEX(Fertilisants!$I$8:$I$47,$AA124)))","v":""},{"$f":"IF(OR($J124=\"\",$AA124=\"\"),\"\",$J124*N(INDEX(Fertilisants!$J$8:$J$47,$AA124)))","v":""},{"$f":"IF(OR($J124=\"\",$AA124=\"\"),\"\",$J124*N(INDEX(Fertilisants!$K$8:$K$47,$AA124)))","v":""},"",{"$nulls":5},"",null,null,{"$f":"IF($D124=\"\",\"\",IFERROR(MATCH($D124,Îlots!$D$8:$D$57,0),\"\"))","v":""},{"$f":"IF($G124=\"\",\"\",IFERROR(MATCH($G124,Fertilisants!$B$8:$B$47,0),\"\"))","v":""},{"$f":"IF($Z124=\"\",\"\",INDEX(Îlots!$E$8:$E$57,$Z124))","v":""},{"$f":"IF($Z124=\"\",\"\",INDEX(Îlots!$G$8:$G$57,$Z124)&\"\")","v":""},{"$f":"IF($Z124=\"\",\"\",IF($F124=ApportCouvert,OccCouvert,INDEX(Îlots!$O$8:$O$57,$Z124)&\"\"))","v":""},"","","",0,0,0,0,0,{"$f":"IF($AA124=\"\",0,IF(INDEX(Fertilisants!$C$8:$C$47,$AA124)=\"Effluent d'élevage\",1,0))","v":0},{"$f":"IF($AA124=\"\",\"\",IF(INDEX(Fertilisants!$C$8:$C$47,$AA124)=\"Engrais minéral\",\"Minéral\",\"Organique\"))","v":""},"","","",{"$f":"IF(AND($D124<>\"\",$D124=FicheIlot),COUNTIF($D$8:$D124,FicheIlot),\"\")","v":""}]
[null,{"$f":"IF(C125=\"\",\"\",COUNT($C$8:C125))","v":""},null,null,{"$f":"IF($Z125=\"\",\"\",IF($F125=ApportCouvert,INDEX(Îlots!$I$8:$I$57,$Z125)&\"\",INDEX(Îlots!$N$8:$N$57,$Z125)&\"\"))","v":""},null,null,{"$f":"IF($AA125=\"\",\"\",INDEX(Fertilisants!$D$8:$D$47,$AA125)&\"\")","v":""},null,null,{"$f":"IF($AA125=\"\",\"\",INDEX(Fertilisants!$E$8:$E$47,$AA125)&\"\")","v":""},"",{"$f":"IF(OR($J125=\"\",$AA125=\"\"),\"\",$J125*N(INDEX(Fertilisants!$G$8:$G$47,$AA125)))","v":""},{"$f":"IF(OR($J125=\"\",$AA125=\"\"),\"\",$J125*N(INDEX(Fertilisants!$I$8:$I$47,$AA125)))","v":""},{"$f":"IF(OR($J125=\"\",$AA125=\"\"),\"\",$J125*N(INDEX(Fertilisants!$J$8:$J$47,$AA125)))","v":""},{"$f":"IF(OR($J125=\"\",$AA125=\"\"),\"\",$J125*N(INDEX(Fertilisants!$K$8:$K$47,$AA125)))","v":""},"",{"$nulls":5},"",null,null,{"$f":"IF($D125=\"\",\"\",IFERROR(MATCH($D125,Îlots!$D$8:$D$57,0),\"\"))","v":""},{"$f":"IF($G125=\"\",\"\",IFERROR(MATCH($G125,Fertilisants!$B$8:$B$47,0),\"\"))","v":""},{"$f":"IF($Z125=\"\",\"\",INDEX(Îlots!$E$8:$E$57,$Z125))","v":""},{"$f":"IF($Z125=\"\",\"\",INDEX(Îlots!$G$8:$G$57,$Z125)&\"\")","v":""},{"$f":"IF($Z125=\"\",\"\",IF($F125=ApportCouvert,OccCouvert,INDEX(Îlots!$O$8:$O$57,$Z125)&\"\"))","v":""},"","","",0,0,0,0,0,{"$f":"IF($AA125=\"\",0,IF(INDEX(Fertilisants!$C$8:$C$47,$AA125)=\"Effluent d'élevage\",1,0))","v":0},{"$f":"IF($AA125=\"\",\"\",IF(INDEX(Fertilisants!$C$8:$C$47,$AA125)=\"Engrais minéral\",\"Minéral\",\"Organique\"))","v":""},"","","",{"$f":"IF(AND($D125<>\"\",$D125=FicheIlot),COUNTIF($D$8:$D125,FicheIlot),\"\")","v":""}]
[null,{"$f":"IF(C126=\"\",\"\",COUNT($C$8:C126))","v":""},null,null,{"$f":"IF($Z126=\"\",\"\",IF($F126=ApportCouvert,INDEX(Îlots!$I$8:$I$57,$Z126)&\"\",INDEX(Îlots!$N$8:$N$57,$Z126)&\"\"))","v":""},null,null,{"$f":"IF($AA126=\"\",\"\",INDEX(Fertilisants!$D$8:$D$47,$AA126)&\"\")","v":""},null,null,{"$f":"IF($AA126=\"\",\"\",INDEX(Fertilisants!$E$8:$E$47,$AA126)&\"\")","v":""},"",{"$f":"IF(OR($J126=\"\",$AA126=\"\"),\"\",$J126*N(INDEX(Fertilisants!$G$8:$G$47,$AA126)))","v":""},{"$f":"IF(OR($J126=\"\",$AA126=\"\"),\"\",$J126*N(INDEX(Fertilisants!$I$8:$I$47,$AA126)))","v":""},{"$f":"IF(OR($J126=\"\",$AA126=\"\"),\"\",$J126*N(INDEX(Fertilisants!$J$8:$J$47,$AA126)))","v":""},{"$f":"IF(OR($J126=\"\",$AA126=\"\"),\"\",$J126*N(INDEX(Fertilisants!$K$8:$K$47,$AA126)))","v":""},"",{"$nulls":5},"",null,null,{"$f":"IF($D126=\"\",\"\",IFERROR(MATCH($D126,Îlots!$D$8:$D$57,0),\"\"))","v":""},{"$f":"IF($G126=\"\",\"\",IFERROR(MATCH($G126,Fertilisants!$B$8:$B$47,0),\"\"))","v":""},{"$f":"IF($Z126=\"\",\"\",INDEX(Îlots!$E$8:$E$57,$Z126))","v":""},{"$f":"IF($Z126=\"\",\"\",INDEX(Îlots!$G$8:$G$57,$Z126)&\"\")","v":""},{"$f":"IF($Z126=\"\",\"\",IF($F126=ApportCouvert,OccCouvert,INDEX(Îlots!$O$8:$O$57,$Z126)&\"\"))","v":""},"","","",0,0,0,0,0,{"$f":"IF($AA126=\"\",0,IF(INDEX(Fertilisants!$C$8:$C$47,$AA126)=\"Effluent d'élevage\",1,0))","v":0},{"$f":"IF($AA126=\"\",\"\",IF(INDEX(Fertilisants!$C$8:$C$47,$AA126)=\"Engrais minéral\",\"Minéral\",\"Organique\"))","v":""},"","","",{"$f":"IF(AND($D126<>\"\",$D126=FicheIlot),COUNTIF($D$8:$D126,FicheIlot),\"\")","v":""}]
[null,{"$f":"IF(C127=\"\",\"\",COUNT($C$8:C127))","v":""},null,null,{"$f":"IF($Z127=\"\",\"\",IF($F127=ApportCouvert,INDEX(Îlots!$I$8:$I$57,$Z127)&\"\",INDEX(Îlots!$N$8:$N$57,$Z127)&\"\"))","v":""},null,null,{"$f":"IF($AA127=\"\",\"\",INDEX(Fertilisants!$D$8:$D$47,$AA127)&\"\")","v":""},null,null,{"$f":"IF($AA127=\"\",\"\",INDEX(Fertilisants!$E$8:$E$47,$AA127)&\"\")","v":""},"",{"$f":"IF(OR($J127=\"\",$AA127=\"\"),\"\",$J127*N(INDEX(Fertilisants!$G$8:$G$47,$AA127)))","v":""},{"$f":"IF(OR($J127=\"\",$AA127=\"\"),\"\",$J127*N(INDEX(Fertilisants!$I$8:$I$47,$AA127)))","v":""},{"$f":"IF(OR($J127=\"\",$AA127=\"\"),\"\",$J127*N(INDEX(Fertilisants!$J$8:$J$47,$AA127)))","v":""},{"$f":"IF(OR($J127=\"\",$AA127=\"\"),\"\",$J127*N(INDEX(Fertilisants!$K$8:$K$47,$AA127)))","v":""},"",{"$nulls":5},"",null,null,{"$f":"IF($D127=\"\",\"\",IFERROR(MATCH($D127,Îlots!$D$8:$D$57,0),\"\"))","v":""},{"$f":"IF($G127=\"\",\"\",IFERROR(MATCH($G127,Fertilisants!$B$8:$B$47,0),\"\"))","v":""},{"$f":"IF($Z127=\"\",\"\",INDEX(Îlots!$E$8:$E$57,$Z127))","v":""},{"$f":"IF($Z127=\"\",\"\",INDEX(Îlots!$G$8:$G$57,$Z127)&\"\")","v":""},{"$f":"IF($Z127=\"\",\"\",IF($F127=ApportCouvert,OccCouvert,INDEX(Îlots!$O$8:$O$57,$Z127)&\"\"))","v":""},"","","",0,0,0,0,0,{"$f":"IF($AA127=\"\",0,IF(INDEX(Fertilisants!$C$8:$C$47,$AA127)=\"Effluent d'élevage\",1,0))","v":0},{"$f":"IF($AA127=\"\",\"\",IF(INDEX(Fertilisants!$C$8:$C$47,$AA127)=\"Engrais minéral\",\"Minéral\",\"Organique\"))","v":""},"","","",{"$f":"IF(AND($D127<>\"\",$D127=FicheIlot),COUNTIF($D$8:$D127,FicheIlot),\"\")","v":""}]
[null,{"$f":"IF(C128=\"\",\"\",COUNT($C$8:C128))","v":""},null,null,{"$f":"IF($Z128=\"\",\"\",IF($F128=ApportCouvert,INDEX(Îlots!$I$8:$I$57,$Z128)&\"\",INDEX(Îlots!$N$8:$N$57,$Z128)&\"\"))","v":""},null,null,{"$f":"IF($AA128=\"\",\"\",INDEX(Fertilisants!$D$8:$D$47,$AA128)&\"\")","v":""},null,null,{"$f":"IF($AA128=\"\",\"\",INDEX(Fertilisants!$E$8:$E$47,$AA128)&\"\")","v":""},"",{"$f":"IF(OR($J128=\"\",$AA128=\"\"),\"\",$J128*N(INDEX(Fertilisants!$G$8:$G$47,$AA128)))","v":""},{"$f":"IF(OR($J128=\"\",$AA128=\"\"),\"\",$J128*N(INDEX(Fertilisants!$I$8:$I$47,$AA128)))","v":""},{"$f":"IF(OR($J128=\"\",$AA128=\"\"),\"\",$J128*N(INDEX(Fertilisants!$J$8:$J$47,$AA128)))","v":""},{"$f":"IF(OR($J128=\"\",$AA128=\"\"),\"\",$J128*N(INDEX(Fertilisants!$K$8:$K$47,$AA128)))","v":""},"",{"$nulls":5},"",null,null,{"$f":"IF($D128=\"\",\"\",IFERROR(MATCH($D128,Îlots!$D$8:$D$57,0),\"\"))","v":""},{"$f":"IF($G128=\"\",\"\",IFERROR(MATCH($G128,Fertilisants!$B$8:$B$47,0),\"\"))","v":""},{"$f":"IF($Z128=\"\",\"\",INDEX(Îlots!$E$8:$E$57,$Z128))","v":""},{"$f":"IF($Z128=\"\",\"\",INDEX(Îlots!$G$8:$G$57,$Z128)&\"\")","v":""},{"$f":"IF($Z128=\"\",\"\",IF($F128=ApportCouvert,OccCouvert,INDEX(Îlots!$O$8:$O$57,$Z128)&\"\"))","v":""},"","","",0,0,0,0,0,{"$f":"IF($AA128=\"\",0,IF(INDEX(Fertilisants!$C$8:$C$47,$AA128)=\"Effluent d'élevage\",1,0))","v":0},{"$f":"IF($AA128=\"\",\"\",IF(INDEX(Fertilisants!$C$8:$C$47,$AA128)=\"Engrais minéral\",\"Minéral\",\"Organique\"))","v":""},"","","",{"$f":"IF(AND($D128<>\"\",$D128=FicheIlot),COUNTIF($D$8:$D128,FicheIlot),\"\")","v":""}]
[null,{"$f":"IF(C129=\"\",\"\",COUNT($C$8:C129))","v":""},null,null,{"$f":"IF($Z129=\"\",\"\",IF($F129=ApportCouvert,INDEX(Îlots!$I$8:$I$57,$Z129)&\"\",INDEX(Îlots!$N$8:$N$57,$Z129)&\"\"))","v":""},null,null,{"$f":"IF($AA129=\"\",\"\",INDEX(Fertilisants!$D$8:$D$47,$AA129)&\"\")","v":""},null,null,{"$f":"IF($AA129=\"\",\"\",INDEX(Fertilisants!$E$8:$E$47,$AA129)&\"\")","v":""},"",{"$f":"IF(OR($J129=\"\",$AA129=\"\"),\"\",$J129*N(INDEX(Fertilisants!$G$8:$G$47,$AA129)))","v":""},{"$f":"IF(OR($J129=\"\",$AA129=\"\"),\"\",$J129*N(INDEX(Fertilisants!$I$8:$I$47,$AA129)))","v":""},{"$f":"IF(OR($J129=\"\",$AA129=\"\"),\"\",$J129*N(INDEX(Fertilisants!$J$8:$J$47,$AA129)))","v":""},{"$f":"IF(OR($J129=\"\",$AA129=\"\"),\"\",$J129*N(INDEX(Fertilisants!$K$8:$K$47,$AA129)))","v":""},"",{"$nulls":5},"",null,null,{"$f":"IF($D129=\"\",\"\",IFERROR(MATCH($D129,Îlots!$D$8:$D$57,0),\"\"))","v":""},{"$f":"IF($G129=\"\",\"\",IFERROR(MATCH($G129,Fertilisants!$B$8:$B$47,0),\"\"))","v":""},{"$f":"IF($Z129=\"\",\"\",INDEX(Îlots!$E$8:$E$57,$Z129))","v":""},{"$f":"IF($Z129=\"\",\"\",INDEX(Îlots!$G$8:$G$57,$Z129)&\"\")","v":""},{"$f":"IF($Z129=\"\",\"\",IF($F129=ApportCouvert,OccCouvert,INDEX(Îlots!$O$8:$O$57,$Z129)&\"\"))","v":""},"","","",0,0,0,0,0,{"$f":"IF($AA129=\"\",0,IF(INDEX(Fertilisants!$C$8:$C$47,$AA129)=\"Effluent d'élevage\",1,0))","v":0},{"$f":"IF($AA129=\"\",\"\",IF(INDEX(Fertilisants!$C$8:$C$47,$AA129)=\"Engrais minéral\",\"Minéral\",\"Organique\"))","v":""},"","","",{"$f":"IF(AND($D129<>\"\",$D129=FicheIlot),COUNTIF($D$8:$D129,FicheIlot),\"\")","v":""}]
[null,{"$f":"IF(C130=\"\",\"\",COUNT($C$8:C130))","v":""},null,null,{"$f":"IF($Z130=\"\",\"\",IF($F130=ApportCouvert,INDEX(Îlots!$I$8:$I$57,$Z130)&\"\",INDEX(Îlots!$N$8:$N$57,$Z130)&\"\"))","v":""},null,null,{"$f":"IF($AA130=\"\",\"\",INDEX(Fertilisants!$D$8:$D$47,$AA130)&\"\")","v":""},null,null,{"$f":"IF($AA130=\"\",\"\",INDEX(Fertilisants!$E$8:$E$47,$AA130)&\"\")","v":""},"",{"$f":"IF(OR($J130=\"\",$AA130=\"\"),\"\",$J130*N(INDEX(Fertilisants!$G$8:$G$47,$AA130)))","v":""},{"$f":"IF(OR($J130=\"\",$AA130=\"\"),\"\",$J130*N(INDEX(Fertilisants!$I$8:$I$47,$AA130)))","v":""},{"$f":"IF(OR($J130=\"\",$AA130=\"\"),\"\",$J130*N(INDEX(Fertilisants!$J$8:$J$47,$AA130)))","v":""},{"$f":"IF(OR($J130=\"\",$AA130=\"\"),\"\",$J130*N(INDEX(Fertilisants!$K$8:$K$47,$AA130)))","v":""},"",{"$nulls":5},"",null,null,{"$f":"IF($D130=\"\",\"\",IFERROR(MATCH($D130,Îlots!$D$8:$D$57,0),\"\"))","v":""},{"$f":"IF($G130=\"\",\"\",IFERROR(MATCH($G130,Fertilisants!$B$8:$B$47,0),\"\"))","v":""},{"$f":"IF($Z130=\"\",\"\",INDEX(Îlots!$E$8:$E$57,$Z130))","v":""},{"$f":"IF($Z130=\"\",\"\",INDEX(Îlots!$G$8:$G$57,$Z130)&\"\")","v":""},{"$f":"IF($Z130=\"\",\"\",IF($F130=ApportCouvert,OccCouvert,INDEX(Îlots!$O$8:$O$57,$Z130)&\"\"))","v":""},"","","",0,0,0,0,0,{"$f":"IF($AA130=\"\",0,IF(INDEX(Fertilisants!$C$8:$C$47,$AA130)=\"Effluent d'élevage\",1,0))","v":0},{"$f":"IF($AA130=\"\",\"\",IF(INDEX(Fertilisants!$C$8:$C$47,$AA130)=\"Engrais minéral\",\"Minéral\",\"Organique\"))","v":""},"","","",{"$f":"IF(AND($D130<>\"\",$D130=FicheIlot),COUNTIF($D$8:$D130,FicheIlot),\"\")","v":""}]
[null,{"$f":"IF(C131=\"\",\"\",COUNT($C$8:C131))","v":""},null,null,{"$f":"IF($Z131=\"\",\"\",IF($F131=ApportCouvert,INDEX(Îlots!$I$8:$I$57,$Z131)&\"\",INDEX(Îlots!$N$8:$N$57,$Z131)&\"\"))","v":""},null,null,{"$f":"IF($AA131=\"\",\"\",INDEX(Fertilisants!$D$8:$D$47,$AA131)&\"\")","v":""},null,null,{"$f":"IF($AA131=\"\",\"\",INDEX(Fertilisants!$E$8:$E$47,$AA131)&\"\")","v":""},"",{"$f":"IF(OR($J131=\"\",$AA131=\"\"),\"\",$J131*N(INDEX(Fertilisants!$G$8:$G$47,$AA131)))","v":""},{"$f":"IF(OR($J131=\"\",$AA131=\"\"),\"\",$J131*N(INDEX(Fertilisants!$I$8:$I$47,$AA131)))","v":""},{"$f":"IF(OR($J131=\"\",$AA131=\"\"),\"\",$J131*N(INDEX(Fertilisants!$J$8:$J$47,$AA131)))","v":""},{"$f":"IF(OR($J131=\"\",$AA131=\"\"),\"\",$J131*N(INDEX(Fertilisants!$K$8:$K$47,$AA131)))","v":""},"",{"$nulls":5},"",null,null,{"$f":"IF($D131=\"\",\"\",IFERROR(MATCH($D131,Îlots!$D$8:$D$57,0),\"\"))","v":""},{"$f":"IF($G131=\"\",\"\",IFERROR(MATCH($G131,Fertilisants!$B$8:$B$47,0),\"\"))","v":""},{"$f":"IF($Z131=\"\",\"\",INDEX(Îlots!$E$8:$E$57,$Z131))","v":""},{"$f":"IF($Z131=\"\",\"\",INDEX(Îlots!$G$8:$G$57,$Z131)&\"\")","v":""},{"$f":"IF($Z131=\"\",\"\",IF($F131=ApportCouvert,OccCouvert,INDEX(Îlots!$O$8:$O$57,$Z131)&\"\"))","v":""},"","","",0,0,0,0,0,{"$f":"IF($AA131=\"\",0,IF(INDEX(Fertilisants!$C$8:$C$47,$AA131)=\"Effluent d'élevage\",1,0))","v":0},{"$f":"IF($AA131=\"\",\"\",IF(INDEX(Fertilisants!$C$8:$C$47,$AA131)=\"Engrais minéral\",\"Minéral\",\"Organique\"))","v":""},"","","",{"$f":"IF(AND($D131<>\"\",$D131=FicheIlot),COUNTIF($D$8:$D131,FicheIlot),\"\")","v":""}]
[null,{"$f":"IF(C132=\"\",\"\",COUNT($C$8:C132))","v":""},null,null,{"$f":"IF($Z132=\"\",\"\",IF($F132=ApportCouvert,INDEX(Îlots!$I$8:$I$57,$Z132)&\"\",INDEX(Îlots!$N$8:$N$57,$Z132)&\"\"))","v":""},null,null,{"$f":"IF($AA132=\"\",\"\",INDEX(Fertilisants!$D$8:$D$47,$AA132)&\"\")","v":""},null,null,{"$f":"IF($AA132=\"\",\"\",INDEX(Fertilisants!$E$8:$E$47,$AA132)&\"\")","v":""},"",{"$f":"IF(OR($J132=\"\",$AA132=\"\"),\"\",$J132*N(INDEX(Fertilisants!$G$8:$G$47,$AA132)))","v":""},{"$f":"IF(OR($J132=\"\",$AA132=\"\"),\"\",$J132*N(INDEX(Fertilisants!$I$8:$I$47,$AA132)))","v":""},{"$f":"IF(OR($J132=\"\",$AA132=\"\"),\"\",$J132*N(INDEX(Fertilisants!$J$8:$J$47,$AA132)))","v":""},{"$f":"IF(OR($J132=\"\",$AA132=\"\"),\"\",$J132*N(INDEX(Fertilisants!$K$8:$K$47,$AA132)))","v":""},"",{"$nulls":5},"",null,null,{"$f":"IF($D132=\"\",\"\",IFERROR(MATCH($D132,Îlots!$D$8:$D$57,0),\"\"))","v":""},{"$f":"IF($G132=\"\",\"\",IFERROR(MATCH($G132,Fertilisants!$B$8:$B$47,0),\"\"))","v":""},{"$f":"IF($Z132=\"\",\"\",INDEX(Îlots!$E$8:$E$57,$Z132))","v":""},{"$f":"IF($Z132=\"\",\"\",INDEX(Îlots!$G$8:$G$57,$Z132)&\"\")","v":""},{"$f":"IF($Z132=\"\",\"\",IF($F132=ApportCouvert,OccCouvert,INDEX(Îlots!$O$8:$O$57,$Z132)&\"\"))","v":""},"","","",0,0,0,0,0,{"$f":"IF($AA132=\"\",0,IF(INDEX(Fertilisants!$C$8:$C$47,$AA132)=\"Effluent d'élevage\",1,0))","v":0},{"$f":"IF($AA132=\"\",\"\",IF(INDEX(Fertilisants!$C$8:$C$47,$AA132)=\"Engrais minéral\",\"Minéral\",\"Organique\"))","v":""},"","","",{"$f":"IF(AND($D132<>\"\",$D132=FicheIlot),COUNTIF($D$8:$D132,FicheIlot),\"\")","v":""}]
[null,{"$f":"IF(C133=\"\",\"\",COUNT($C$8:C133))","v":""},null,null,{"$f":"IF($Z133=\"\",\"\",IF($F133=ApportCouvert,INDEX(Îlots!$I$8:$I$57,$Z133)&\"\",INDEX(Îlots!$N$8:$N$57,$Z133)&\"\"))","v":""},null,null,{"$f":"IF($AA133=\"\",\"\",INDEX(Fertilisants!$D$8:$D$47,$AA133)&\"\")","v":""},null,null,{"$f":"IF($AA133=\"\",\"\",INDEX(Fertilisants!$E$8:$E$47,$AA133)&\"\")","v":""},"",{"$f":"IF(OR($J133=\"\",$AA133=\"\"),\"\",$J133*N(INDEX(Fertilisants!$G$8:$G$47,$AA133)))","v":""},{"$f":"IF(OR($J133=\"\",$AA133=\"\"),\"\",$J133*N(INDEX(Fertilisants!$I$8:$I$47,$AA133)))","v":""},{"$f":"IF(OR($J133=\"\",$AA133=\"\"),\"\",$J133*N(INDEX(Fertilisants!$J$8:$J$47,$AA133)))","v":""},{"$f":"IF(OR($J133=\"\",$AA133=\"\"),\"\",$J133*N(INDEX(Fertilisants!$K$8:$K$47,$AA133)))","v":""},"",{"$nulls":5},"",null,null,{"$f":"IF($D133=\"\",\"\",IFERROR(MATCH($D133,Îlots!$D$8:$D$57,0),\"\"))","v":""},{"$f":"IF($G133=\"\",\"\",IFERROR(MATCH($G133,Fertilisants!$B$8:$B$47,0),\"\"))","v":""},{"$f":"IF($Z133=\"\",\"\",INDEX(Îlots!$E$8:$E$57,$Z133))","v":""},{"$f":"IF($Z133=\"\",\"\",INDEX(Îlots!$G$8:$G$57,$Z133)&\"\")","v":""},{"$f":"IF($Z133=\"\",\"\",IF($F133=ApportCouvert,OccCouvert,INDEX(Îlots!$O$8:$O$57,$Z133)&\"\"))","v":""},"","","",0,0,0,0,0,{"$f":"IF($AA133=\"\",0,IF(INDEX(Fertilisants!$C$8:$C$47,$AA133)=\"Effluent d'élevage\",1,0))","v":0},{"$f":"IF($AA133=\"\",\"\",IF(INDEX(Fertilisants!$C$8:$C$47,$AA133)=\"Engrais minéral\",\"Minéral\",\"Organique\"))","v":""},"","","",{"$f":"IF(AND($D133<>\"\",$D133=FicheIlot),COUNTIF($D$8:$D133,FicheIlot),\"\")","v":""}]
[null,{"$f":"IF(C134=\"\",\"\",COUNT($C$8:C134))","v":""},null,null,{"$f":"IF($Z134=\"\",\"\",IF($F134=ApportCouvert,INDEX(Îlots!$I$8:$I$57,$Z134)&\"\",INDEX(Îlots!$N$8:$N$57,$Z134)&\"\"))","v":""},null,null,{"$f":"IF($AA134=\"\",\"\",INDEX(Fertilisants!$D$8:$D$47,$AA134)&\"\")","v":""},null,null,{"$f":"IF($AA134=\"\",\"\",INDEX(Fertilisants!$E$8:$E$47,$AA134)&\"\")","v":""},"",{"$f":"IF(OR($J134=\"\",$AA134=\"\"),\"\",$J134*N(INDEX(Fertilisants!$G$8:$G$47,$AA134)))","v":""},{"$f":"IF(OR($J134=\"\",$AA134=\"\"),\"\",$J134*N(INDEX(Fertilisants!$I$8:$I$47,$AA134)))","v":""},{"$f":"IF(OR($J134=\"\",$AA134=\"\"),\"\",$J134*N(INDEX(Fertilisants!$J$8:$J$47,$AA134)))","v":""},{"$f":"IF(OR($J134=\"\",$AA134=\"\"),\"\",$J134*N(INDEX(Fertilisants!$K$8:$K$47,$AA134)))","v":""},"",{"$nulls":5},"",null,null,{"$f":"IF($D134=\"\",\"\",IFERROR(MATCH($D134,Îlots!$D$8:$D$57,0),\"\"))","v":""},{"$f":"IF($G134=\"\",\"\",IFERROR(MATCH($G134,Fertilisants!$B$8:$B$47,0),\"\"))","v":""},{"$f":"IF($Z134=\"\",\"\",INDEX(Îlots!$E$8:$E$57,$Z134))","v":""},{"$f":"IF($Z134=\"\",\"\",INDEX(Îlots!$G$8:$G$57,$Z134)&\"\")","v":""},{"$f":"IF($Z134=\"\",\"\",IF($F134=ApportCouvert,OccCouvert,INDEX(Îlots!$O$8:$O$57,$Z134)&\"\"))","v":""},"","","",0,0,0,0,0,{"$f":"IF($AA134=\"\",0,IF(INDEX(Fertilisants!$C$8:$C$47,$AA134)=\"Effluent d'élevage\",1,0))","v":0},{"$f":"IF($AA134=\"\",\"\",IF(INDEX(Fertilisants!$C$8:$C$47,$AA134)=\"Engrais minéral\",\"Minéral\",\"Organique\"))","v":""},"","","",{"$f":"IF(AND($D134<>\"\",$D134=FicheIlot),COUNTIF($D$8:$D134,FicheIlot),\"\")","v":""}]
[null,{"$f":"IF(C135=\"\",\"\",COUNT($C$8:C135))","v":""},null,null,{"$f":"IF($Z135=\"\",\"\",IF($F135=ApportCouvert,INDEX(Îlots!$I$8:$I$57,$Z135)&\"\",INDEX(Îlots!$N$8:$N$57,$Z135)&\"\"))","v":""},null,null,{"$f":"IF($AA135=\"\",\"\",INDEX(Fertilisants!$D$8:$D$47,$AA135)&\"\")","v":""},null,null,{"$f":"IF($AA135=\"\",\"\",INDEX(Fertilisants!$E$8:$E$47,$AA135)&\"\")","v":""},"",{"$f":"IF(OR($J135=\"\",$AA135=\"\"),\"\",$J135*N(INDEX(Fertilisants!$G$8:$G$47,$AA135)))","v":""},{"$f":"IF(OR($J135=\"\",$AA135=\"\"),\"\",$J135*N(INDEX(Fertilisants!$I$8:$I$47,$AA135)))","v":""},{"$f":"IF(OR($J135=\"\",$AA135=\"\"),\"\",$J135*N(INDEX(Fertilisants!$J$8:$J$47,$AA135)))","v":""},{"$f":"IF(OR($J135=\"\",$AA135=\"\"),\"\",$J135*N(INDEX(Fertilisants!$K$8:$K$47,$AA135)))","v":""},"",{"$nulls":5},"",null,null,{"$f":"IF($D135=\"\",\"\",IFERROR(MATCH($D135,Îlots!$D$8:$D$57,0),\"\"))","v":""},{"$f":"IF($G135=\"\",\"\",IFERROR(MATCH($G135,Fertilisants!$B$8:$B$47,0),\"\"))","v":""},{"$f":"IF($Z135=\"\",\"\",INDEX(Îlots!$E$8:$E$57,$Z135))","v":""},{"$f":"IF($Z135=\"\",\"\",INDEX(Îlots!$G$8:$G$57,$Z135)&\"\")","v":""},{"$f":"IF($Z135=\"\",\"\",IF($F135=ApportCouvert,OccCouvert,INDEX(Îlots!$O$8:$O$57,$Z135)&\"\"))","v":""},"","","",0,0,0,0,0,{"$f":"IF($AA135=\"\",0,IF(INDEX(Fertilisants!$C$8:$C$47,$AA135)=\"Effluent d'élevage\",1,0))","v":0},{"$f":"IF($AA135=\"\",\"\",IF(INDEX(Fertilisants!$C$8:$C$47,$AA135)=\"Engrais minéral\",\"Minéral\",\"Organique\"))","v":""},"","","",{"$f":"IF(AND($D135<>\"\",$D135=FicheIlot),COUNTIF($D$8:$D135,FicheIlot),\"\")","v":""}]
[null,{"$f":"IF(C136=\"\",\"\",COUNT($C$8:C136))","v":""},null,null,{"$f":"IF($Z136=\"\",\"\",IF($F136=ApportCouvert,INDEX(Îlots!$I$8:$I$57,$Z136)&\"\",INDEX(Îlots!$N$8:$N$57,$Z136)&\"\"))","v":""},null,null,{"$f":"IF($AA136=\"\",\"\",INDEX(Fertilisants!$D$8:$D$47,$AA136)&\"\")","v":""},null,null,{"$f":"IF($AA136=\"\",\"\",INDEX(Fertilisants!$E$8:$E$47,$AA136)&\"\")","v":""},{"$f":"IF(OR($I136=\"\",$J136=\"\"),\"\",$I136*$J136)","v":""},{"$f":"IF(OR($J136=\"\",$AA136=\"\"),\"\",$J136*N(INDEX(Fertilisants!$G$8:$G$47,$AA136)))","v":""},{"$f":"IF(OR($J136=\"\",$AA136=\"\"),\"\",$J136*N(INDEX(Fertilisants!$I$8:$I$47,$AA136)))","v":""},{"$f":"IF(OR($J136=\"\",$AA136=\"\"),\"\",$J136*N(INDEX(Fertilisants!$J$8:$J$47,$AA136)))","v":""},{"$f":"IF(OR($J136=\"\",$AA136=\"\"),\"\",$J136*N(INDEX(Fertilisants!$K$8:$K$47,$AA136)))","v":""},{"$f":"IF(OR($I136=\"\",$M136=\"\"),\"\",$I136*$M136)","v":""},{"$nulls":5},{"$f":"IF($C136=\"\",\"\",IF(OR($D136=\"\",$G136=\"\",$I136=\"\",$J136=\"\"),\"Incomplet\",IF(OR($R136=\"Enneigé\",$R136=\"Détrempé\",$R136=\"Inondé\",AND($R136=\"Gelé\",$H136<>\"Type 0\",$H136<>\"Type Ia\")),\"Sol interdit\",IF($AL136=1,\"Période interdite\",IF(AND(ISNUMBER($AB136),$I136>$AB136+0.001),\"Surface > îlot\",IF(OR($C136<DebutCampagne,$C136>FinCampagne),\"Hors campagne\",IF(AND(ISNUMBER($V136),$V136-$C136>DelaiSaisie),\"Saisie tardive\",\"Conforme\")))))))","v":""},null,null,{"$f":"IF($D136=\"\",\"\",IFERROR(MATCH($D136,Îlots!$D$8:$D$57,0),\"\"))","v":""},{"$f":"IF($G136=\"\",\"\",IFERROR(MATCH($G136,Fertilisants!$B$8:$B$47,0),\"\"))","v":""},{"$f":"IF($Z136=\"\",\"\",INDEX(Îlots!$E$8:$E$57,$Z136))","v":""},{"$f":"IF($Z136=\"\",\"\",INDEX(Îlots!$G$8:$G$57,$Z136)&\"\")","v":""},{"$f":"IF($Z136=\"\",\"\",IF($F136=ApportCouvert,OccCouvert,INDEX(Îlots!$O$8:$O$57,$Z136)&\"\"))","v":""},{"$f":"IF(OR($AD136=\"\",$AC136=\"Non\",ZoneVulnerable=\"Non\"),\"\",IFERROR(MATCH($AD136,CalOccupations,0),\"\"))","v":""},{"$f":"IF($H136=\"\",\"\",IFERROR(MATCH($H136,CalTypes,0),\"\"))","v":""},{"$f":"IF(ISNUMBER($C136),MONTH($C136)*100+DAY($C136),\"\")","v":""},{"$f":"IF(OR($AE136=\"\",$AF136=\"\"),0,IF(N(INDEX(CalPrincipal,$AE136,$AF136+0))=0,0,MONTH(INDEX(CalPrincipal,$AE136,$AF136+0))*100+DAY(INDEX(CalPrincipal,$AE136,$AF136+0))))","v":0},{"$f":"IF(OR($AE136=\"\",$AF136=\"\"),0,IF(N(INDEX(CalPrincipal,$AE136,$AF136+1))=0,0,MONTH(INDEX(CalPrincipal,$AE136,$AF136+1))*100+DAY(INDEX(CalPrincipal,$AE136,$AF136+1))))","v":0},{"$f":"IF(OR($AE136=\"\",$AF136=\"\"),0,IF(N(INDEX(CalComplement,$AE136,$AF136+0))=0,0,MONTH(INDEX(CalComplement,$AE136,$AF136+0))*100+DAY(INDEX(CalComplement,$AE136,$AF136+0))))","v":0},{"$f":"IF(OR($AE136=\"\",$AF136=\"\"),0,IF(N(INDEX(CalComplement,$AE136,$AF136+1))=0,0,MONTH(INDEX(CalComplement,$AE136,$AF136+1))*100+DAY(INDEX(CalComplement,$AE136,$AF136+1))))","v":0},{"$f":"IF(OR($AE136=\"\",$AF136=\"\",$AG136=\"\"),0,IF(OR(AND($AH136>0,IF($AH136<=$AI136,AND($AG136>=$AH136,$AG136<=$AI136),OR($AG136>=$AH136,$AG136<=$AI136))),AND($AJ136>0,IF($AJ136<=$AK136,AND($AG136>=$AJ136,$AG136<=$AK136),OR($AG136>=$AJ136,$AG136<=$AK136)))),1,0))","v":0},{"$f":"IF($AA136=\"\",0,IF(INDEX(Fertilisants!$C$8:$C$47,$AA136)=\"Effluent d'élevage\",1,0))","v":0},{"$f":"IF($AA136=\"\",\"\",IF(INDEX(Fertilisants!$C$8:$C$47,$AA136)=\"Engrais minéral\",\"Minéral\",\"Organique\"))","v":""},{"$f":"IF(OR($I136=\"\",$N136=\"\"),\"\",$I136*$N136)","v":""},{"$f":"IF(OR($I136=\"\",$O136=\"\"),\"\",$I136*$O136)","v":""},{"$f":"IF(OR($I136=\"\",$P136=\"\"),\"\",$I136*$P136)","v":""},{"$f":"IF(AND($D136<>\"\",$D136=FicheIlot),COUNTIF($D$8:$D136,FicheIlot),\"\")","v":""}]
[null,{"$f":"IF(C137=\"\",\"\",COUNT($C$8:C137))","v":""},null,null,{"$f":"IF($Z137=\"\",\"\",IF($F137=ApportCouvert,INDEX(Îlots!$I$8:$I$57,$Z137)&\"\",INDEX(Îlots!$N$8:$N$57,$Z137)&\"\"))","v":""},null,null,{"$f":"IF($AA137=\"\",\"\",INDEX(Fertilisants!$D$8:$D$47,$AA137)&\"\")","v":""},null,null,{"$f":"IF($AA137=\"\",\"\",INDEX(Fertilisants!$E$8:$E$47,$AA137)&\"\")","v":""},"",{"$f":"IF(OR($J137=\"\",$AA137=\"\"),\"\",$J137*N(INDEX(Fertilisants!$G$8:$G$47,$AA137)))","v":""},{"$f":"IF(OR($J137=\"\",$AA137=\"\"),\"\",$J137*N(INDEX(Fertilisants!$I$8:$I$47,$AA137)))","v":""},{"$f":"IF(OR($J137=\"\",$AA137=\"\"),\"\",$J137*N(INDEX(Fertilisants!$J$8:$J$47,$AA137)))","v":""},{"$f":"IF(OR($J137=\"\",$AA137=\"\"),\"\",$J137*N(INDEX(Fertilisants!$K$8:$K$47,$AA137)))","v":""},"",{"$nulls":5},"",null,null,{"$f":"IF($D137=\"\",\"\",IFERROR(MATCH($D137,Îlots!$D$8:$D$57,0),\"\"))","v":""},{"$f":"IF($G137=\"\",\"\",IFERROR(MATCH($G137,Fertilisants!$B$8:$B$47,0),\"\"))","v":""},{"$f":"IF($Z137=\"\",\"\",INDEX(Îlots!$E$8:$E$57,$Z137))","v":""},{"$f":"IF($Z137=\"\",\"\",INDEX(Îlots!$G$8:$G$57,$Z137)&\"\")","v":""},{"$f":"IF($Z137=\"\",\"\",IF($F137=ApportCouvert,OccCouvert,INDEX(Îlots!$O$8:$O$57,$Z137)&\"\"))","v":""},"","","",0,0,0,0,0,{"$f":"IF($AA137=\"\",0,IF(INDEX(Fertilisants!$C$8:$C$47,$AA137)=\"Effluent d'élevage\",1,0))","v":0},{"$f":"IF($AA137=\"\",\"\",IF(INDEX(Fertilisants!$C$8:$C$47,$AA137)=\"Engrais minéral\",\"Minéral\",\"Organique\"))","v":""},"","","",{"$f":"IF(AND($D137<>\"\",$D137=FicheIlot),COUNTIF($D$8:$D137,FicheIlot),\"\")","v":""}]
[null,{"$f":"IF(C138=\"\",\"\",COUNT($C$8:C138))","v":""},null,null,{"$f":"IF($Z138=\"\",\"\",IF($F138=ApportCouvert,INDEX(Îlots!$I$8:$I$57,$Z138)&\"\",INDEX(Îlots!$N$8:$N$57,$Z138)&\"\"))","v":""},null,null,{"$f":"IF($AA138=\"\",\"\",INDEX(Fertilisants!$D$8:$D$47,$AA138)&\"\")","v":""},null,null,{"$f":"IF($AA138=\"\",\"\",INDEX(Fertilisants!$E$8:$E$47,$AA138)&\"\")","v":""},"",{"$f":"IF(OR($J138=\"\",$AA138=\"\"),\"\",$J138*N(INDEX(Fertilisants!$G$8:$G$47,$AA138)))","v":""},{"$f":"IF(OR($J138=\"\",$AA138=\"\"),\"\",$J138*N(INDEX(Fertilisants!$I$8:$I$47,$AA138)))","v":""},{"$f":"IF(OR($J138=\"\",$AA138=\"\"),\"\",$J138*N(INDEX(Fertilisants!$J$8:$J$47,$AA138)))","v":""},{"$f":"IF(OR($J138=\"\",$AA138=\"\"),\"\",$J138*N(INDEX(Fertilisants!$K$8:$K$47,$AA138)))","v":""},"",{"$nulls":5},"",null,null,{"$f":"IF($D138=\"\",\"\",IFERROR(MATCH($D138,Îlots!$D$8:$D$57,0),\"\"))","v":""},{"$f":"IF($G138=\"\",\"\",IFERROR(MATCH($G138,Fertilisants!$B$8:$B$47,0),\"\"))","v":""},{"$f":"IF($Z138=\"\",\"\",INDEX(Îlots!$E$8:$E$57,$Z138))","v":""},{"$f":"IF($Z138=\"\",\"\",INDEX(Îlots!$G$8:$G$57,$Z138)&\"\")","v":""},{"$f":"IF($Z138=\"\",\"\",IF($F138=ApportCouvert,OccCouvert,INDEX(Îlots!$O$8:$O$57,$Z138)&\"\"))","v":""},"","","",0,0,0,0,0,{"$f":"IF($AA138=\"\",0,IF(INDEX(Fertilisants!$C$8:$C$47,$AA138)=\"Effluent d'élevage\",1,0))","v":0},{"$f":"IF($AA138=\"\",\"\",IF(INDEX(Fertilisants!$C$8:$C$47,$AA138)=\"Engrais minéral\",\"Minéral\",\"Organique\"))","v":""},"","","",{"$f":"IF(AND($D138<>\"\",$D138=FicheIlot),COUNTIF($D$8:$D138,FicheIlot),\"\")","v":""}]
[null,{"$f":"IF(C139=\"\",\"\",COUNT($C$8:C139))","v":""},null,null,{"$f":"IF($Z139=\"\",\"\",IF($F139=ApportCouvert,INDEX(Îlots!$I$8:$I$57,$Z139)&\"\",INDEX(Îlots!$N$8:$N$57,$Z139)&\"\"))","v":""},null,null,{"$f":"IF($AA139=\"\",\"\",INDEX(Fertilisants!$D$8:$D$47,$AA139)&\"\")","v":""},null,null,{"$f":"IF($AA139=\"\",\"\",INDEX(Fertilisants!$E$8:$E$47,$AA139)&\"\")","v":""},"",{"$f":"IF(OR($J139=\"\",$AA139=\"\"),\"\",$J139*N(INDEX(Fertilisants!$G$8:$G$47,$AA139)))","v":""},{"$f":"IF(OR($J139=\"\",$AA139=\"\"),\"\",$J139*N(INDEX(Fertilisants!$I$8:$I$47,$AA139)))","v":""},{"$f":"IF(OR($J139=\"\",$AA139=\"\"),\"\",$J139*N(INDEX(Fertilisants!$J$8:$J$47,$AA139)))","v":""},{"$f":"IF(OR($J139=\"\",$AA139=\"\"),\"\",$J139*N(INDEX(Fertilisants!$K$8:$K$47,$AA139)))","v":""},"",{"$nulls":5},"",null,null,{"$f":"IF($D139=\"\",\"\",IFERROR(MATCH($D139,Îlots!$D$8:$D$57,0),\"\"))","v":""},{"$f":"IF($G139=\"\",\"\",IFERROR(MATCH($G139,Fertilisants!$B$8:$B$47,0),\"\"))","v":""},{"$f":"IF($Z139=\"\",\"\",INDEX(Îlots!$E$8:$E$57,$Z139))","v":""},{"$f":"IF($Z139=\"\",\"\",INDEX(Îlots!$G$8:$G$57,$Z139)&\"\")","v":""},{"$f":"IF($Z139=\"\",\"\",IF($F139=ApportCouvert,OccCouvert,INDEX(Îlots!$O$8:$O$57,$Z139)&\"\"))","v":""},"","","",0,0,0,0,0,{"$f":"IF($AA139=\"\",0,IF(INDEX(Fertilisants!$C$8:$C$47,$AA139)=\"Effluent d'élevage\",1,0))","v":0},{"$f":"IF($AA139=\"\",\"\",IF(INDEX(Fertilisants!$C$8:$C$47,$AA139)=\"Engrais minéral\",\"Minéral\",\"Organique\"))","v":""},"","","",{"$f":"IF(AND($D139<>\"\",$D139=FicheIlot),COUNTIF($D$8:$D139,FicheIlot),\"\")","v":""}]
[null,{"$f":"IF(C140=\"\",\"\",COUNT($C$8:C140))","v":""},null,null,{"$f":"IF($Z140=\"\",\"\",IF($F140=ApportCouvert,INDEX(Îlots!$I$8:$I$57,$Z140)&\"\",INDEX(Îlots!$N$8:$N$57,$Z140)&\"\"))","v":""},null,null,{"$f":"IF($AA140=\"\",\"\",INDEX(Fertilisants!$D$8:$D$47,$AA140)&\"\")","v":""},null,null,{"$f":"IF($AA140=\"\",\"\",INDEX(Fertilisants!$E$8:$E$47,$AA140)&\"\")","v":""},"",{"$f":"IF(OR($J140=\"\",$AA140=\"\"),\"\",$J140*N(INDEX(Fertilisants!$G$8:$G$47,$AA140)))","v":""},{"$f":"IF(OR($J140=\"\",$AA140=\"\"),\"\",$J140*N(INDEX(Fertilisants!$I$8:$I$47,$AA140)))","v":""},{"$f":"IF(OR($J140=\"\",$AA140=\"\"),\"\",$J140*N(INDEX(Fertilisants!$J$8:$J$47,$AA140)))","v":""},{"$f":"IF(OR($J140=\"\",$AA140=\"\"),\"\",$J140*N(INDEX(Fertilisants!$K$8:$K$47,$AA140)))","v":""},"",{"$nulls":5},"",null,null,{"$f":"IF($D140=\"\",\"\",IFERROR(MATCH($D140,Îlots!$D$8:$D$57,0),\"\"))","v":""},{"$f":"IF($G140=\"\",\"\",IFERROR(MATCH($G140,Fertilisants!$B$8:$B$47,0),\"\"))","v":""},{"$f":"IF($Z140=\"\",\"\",INDEX(Îlots!$E$8:$E$57,$Z140))","v":""},{"$f":"IF($Z140=\"\",\"\",INDEX(Îlots!$G$8:$G$57,$Z140)&\"\")","v":""},{"$f":"IF($Z140=\"\",\"\",IF($F140=ApportCouvert,OccCouvert,INDEX(Îlots!$O$8:$O$57,$Z140)&\"\"))","v":""},"","","",0,0,0,0,0,{"$f":"IF($AA140=\"\",0,IF(INDEX(Fertilisants!$C$8:$C$47,$AA140)=\"Effluent d'élevage\",1,0))","v":0},{"$f":"IF($AA140=\"\",\"\",IF(INDEX(Fertilisants!$C$8:$C$47,$AA140)=\"Engrais minéral\",\"Minéral\",\"Organique\"))","v":""},"","","",{"$f":"IF(AND($D140<>\"\",$D140=FicheIlot),COUNTIF($D$8:$D140,FicheIlot),\"\")","v":""}]
[null,{"$f":"IF(C141=\"\",\"\",COUNT($C$8:C141))","v":""},null,null,{"$f":"IF($Z141=\"\",\"\",IF($F141=ApportCouvert,INDEX(Îlots!$I$8:$I$57,$Z141)&\"\",INDEX(Îlots!$N$8:$N$57,$Z141)&\"\"))","v":""},null,null,{"$f":"IF($AA141=\"\",\"\",INDEX(Fertilisants!$D$8:$D$47,$AA141)&\"\")","v":""},null,null,{"$f":"IF($AA141=\"\",\"\",INDEX(Fertilisants!$E$8:$E$47,$AA141)&\"\")","v":""},"",{"$f":"IF(OR($J141=\"\",$AA141=\"\"),\"\",$J141*N(INDEX(Fertilisants!$G$8:$G$47,$AA141)))","v":""},{"$f":"IF(OR($J141=\"\",$AA141=\"\"),\"\",$J141*N(INDEX(Fertilisants!$I$8:$I$47,$AA141)))","v":""},{"$f":"IF(OR($J141=\"\",$AA141=\"\"),\"\",$J141*N(INDEX(Fertilisants!$J$8:$J$47,$AA141)))","v":""},{"$f":"IF(OR($J141=\"\",$AA141=\"\"),\"\",$J141*N(INDEX(Fertilisants!$K$8:$K$47,$AA141)))","v":""},"",{"$nulls":5},"",null,null,{"$f":"IF($D141=\"\",\"\",IFERROR(MATCH($D141,Îlots!$D$8:$D$57,0),\"\"))","v":""},{"$f":"IF($G141=\"\",\"\",IFERROR(MATCH($G141,Fertilisants!$B$8:$B$47,0),\"\"))","v":""},{"$f":"IF($Z141=\"\",\"\",INDEX(Îlots!$E$8:$E$57,$Z141))","v":""},{"$f":"IF($Z141=\"\",\"\",INDEX(Îlots!$G$8:$G$57,$Z141)&\"\")","v":""},{"$f":"IF($Z141=\"\",\"\",IF($F141=ApportCouvert,OccCouvert,INDEX(Îlots!$O$8:$O$57,$Z141)&\"\"))","v":""},"","","",0,0,0,0,0,{"$f":"IF($AA141=\"\",0,IF(INDEX(Fertilisants!$C$8:$C$47,$AA141)=\"Effluent d'élevage\",1,0))","v":0},{"$f":"IF($AA141=\"\",\"\",IF(INDEX(Fertilisants!$C$8:$C$47,$AA141)=\"Engrais minéral\",\"Minéral\",\"Organique\"))","v":""},"","","",{"$f":"IF(AND($D141<>\"\",$D141=FicheIlot),COUNTIF($D$8:$D141,FicheIlot),\"\")","v":""}]
[null,{"$f":"IF(C142=\"\",\"\",COUNT($C$8:C142))","v":""},null,null,{"$f":"IF($Z142=\"\",\"\",IF($F142=ApportCouvert,INDEX(Îlots!$I$8:$I$57,$Z142)&\"\",INDEX(Îlots!$N$8:$N$57,$Z142)&\"\"))","v":""},null,null,{"$f":"IF($AA142=\"\",\"\",INDEX(Fertilisants!$D$8:$D$47,$AA142)&\"\")","v":""},null,null,{"$f":"IF($AA142=\"\",\"\",INDEX(Fertilisants!$E$8:$E$47,$AA142)&\"\")","v":""},"",{"$f":"IF(OR($J142=\"\",$AA142=\"\"),\"\",$J142*N(INDEX(Fertilisants!$G$8:$G$47,$AA142)))","v":""},{"$f":"IF(OR($J142=\"\",$AA142=\"\"),\"\",$J142*N(INDEX(Fertilisants!$I$8:$I$47,$AA142)))","v":""},{"$f":"IF(OR($J142=\"\",$AA142=\"\"),\"\",$J142*N(INDEX(Fertilisants!$J$8:$J$47,$AA142)))","v":""},{"$f":"IF(OR($J142=\"\",$AA142=\"\"),\"\",$J142*N(INDEX(Fertilisants!$K$8:$K$47,$AA142)))","v":""},"",{"$nulls":5},"",null,null,{"$f":"IF($D142=\"\",\"\",IFERROR(MATCH($D142,Îlots!$D$8:$D$57,0),\"\"))","v":""},{"$f":"IF($G142=\"\",\"\",IFERROR(MATCH($G142,Fertilisants!$B$8:$B$47,0),\"\"))","v":""},{"$f":"IF($Z142=\"\",\"\",INDEX(Îlots!$E$8:$E$57,$Z142))","v":""},{"$f":"IF($Z142=\"\",\"\",INDEX(Îlots!$G$8:$G$57,$Z142)&\"\")","v":""},{"$f":"IF($Z142=\"\",\"\",IF($F142=ApportCouvert,OccCouvert,INDEX(Îlots!$O$8:$O$57,$Z142)&\"\"))","v":""},"","","",0,0,0,0,0,{"$f":"IF($AA142=\"\",0,IF(INDEX(Fertilisants!$C$8:$C$47,$AA142)=\"Effluent d'élevage\",1,0))","v":0},{"$f":"IF($AA142=\"\",\"\",IF(INDEX(Fertilisants!$C$8:$C$47,$AA142)=\"Engrais minéral\",\"Minéral\",\"Organique\"))","v":""},"","","",{"$f":"IF(AND($D142<>\"\",$D142=FicheIlot),COUNTIF($D$8:$D142,FicheIlot),\"\")","v":""}]
[null,{"$f":"IF(C143=\"\",\"\",COUNT($C$8:C143))","v":""},null,null,{"$f":"IF($Z143=\"\",\"\",IF($F143=ApportCouvert,INDEX(Îlots!$I$8:$I$57,$Z143)&\"\",INDEX(Îlots!$N$8:$N$57,$Z143)&\"\"))","v":""},null,null,{"$f":"IF($AA143=\"\",\"\",INDEX(Fertilisants!$D$8:$D$47,$AA143)&\"\")","v":""},null,null,{"$f":"IF($AA143=\"\",\"\",INDEX(Fertilisants!$E$8:$E$47,$AA143)&\"\")","v":""},"",{"$f":"IF(OR($J143=\"\",$AA143=\"\"),\"\",$J143*N(INDEX(Fertilisants!$G$8:$G$47,$AA143)))","v":""},{"$f":"IF(OR($J143=\"\",$AA143=\"\"),\"\",$J143*N(INDEX(Fertilisants!$I$8:$I$47,$AA143)))","v":""},{"$f":"IF(OR($J143=\"\",$AA143=\"\"),\"\",$J143*N(INDEX(Fertilisants!$J$8:$J$47,$AA143)))","v":""},{"$f":"IF(OR($J143=\"\",$AA143=\"\"),\"\",$J143*N(INDEX(Fertilisants!$K$8:$K$47,$AA143)))","v":""},"",{"$nulls":5},"",null,null,{"$f":"IF($D143=\"\",\"\",IFERROR(MATCH($D143,Îlots!$D$8:$D$57,0),\"\"))","v":""},{"$f":"IF($G143=\"\",\"\",IFERROR(MATCH($G143,Fertilisants!$B$8:$B$47,0),\"\"))","v":""},{"$f":"IF($Z143=\"\",\"\",INDEX(Îlots!$E$8:$E$57,$Z143))","v":""},{"$f":"IF($Z143=\"\",\"\",INDEX(Îlots!$G$8:$G$57,$Z143)&\"\")","v":""},{"$f":"IF($Z143=\"\",\"\",IF($F143=ApportCouvert,OccCouvert,INDEX(Îlots!$O$8:$O$57,$Z143)&\"\"))","v":""},"","","",0,0,0,0,0,{"$f":"IF($AA143=\"\",0,IF(INDEX(Fertilisants!$C$8:$C$47,$AA143)=\"Effluent d'élevage\",1,0))","v":0},{"$f":"IF($AA143=\"\",\"\",IF(INDEX(Fertilisants!$C$8:$C$47,$AA143)=\"Engrais minéral\",\"Minéral\",\"Organique\"))","v":""},"","","",{"$f":"IF(AND($D143<>\"\",$D143=FicheIlot),COUNTIF($D$8:$D143,FicheIlot),\"\")","v":""}]
[null,{"$f":"IF(C144=\"\",\"\",COUNT($C$8:C144))","v":""},null,null,{"$f":"IF($Z144=\"\",\"\",IF($F144=ApportCouvert,INDEX(Îlots!$I$8:$I$57,$Z144)&\"\",INDEX(Îlots!$N$8:$N$57,$Z144)&\"\"))","v":""},null,null,{"$f":"IF($AA144=\"\",\"\",INDEX(Fertilisants!$D$8:$D$47,$AA144)&\"\")","v":""},null,null,{"$f":"IF($AA144=\"\",\"\",INDEX(Fertilisants!$E$8:$E$47,$AA144)&\"\")","v":""},"",{"$f":"IF(OR($J144=\"\",$AA144=\"\"),\"\",$J144*N(INDEX(Fertilisants!$G$8:$G$47,$AA144)))","v":""},{"$f":"IF(OR($J144=\"\",$AA144=\"\"),\"\",$J144*N(INDEX(Fertilisants!$I$8:$I$47,$AA144)))","v":""},{"$f":"IF(OR($J144=\"\",$AA144=\"\"),\"\",$J144*N(INDEX(Fertilisants!$J$8:$J$47,$AA144)))","v":""},{"$f":"IF(OR($J144=\"\",$AA144=\"\"),\"\",$J144*N(INDEX(Fertilisants!$K$8:$K$47,$AA144)))","v":""},"",{"$nulls":5},"",null,null,{"$f":"IF($D144=\"\",\"\",IFERROR(MATCH($D144,Îlots!$D$8:$D$57,0),\"\"))","v":""},{"$f":"IF($G144=\"\",\"\",IFERROR(MATCH($G144,Fertilisants!$B$8:$B$47,0),\"\"))","v":""},{"$f":"IF($Z144=\"\",\"\",INDEX(Îlots!$E$8:$E$57,$Z144))","v":""},{"$f":"IF($Z144=\"\",\"\",INDEX(Îlots!$G$8:$G$57,$Z144)&\"\")","v":""},{"$f":"IF($Z144=\"\",\"\",IF($F144=ApportCouvert,OccCouvert,INDEX(Îlots!$O$8:$O$57,$Z144)&\"\"))","v":""},"","","",0,0,0,0,0,{"$f":"IF($AA144=\"\",0,IF(INDEX(Fertilisants!$C$8:$C$47,$AA144)=\"Effluent d'élevage\",1,0))","v":0},{"$f":"IF($AA144=\"\",\"\",IF(INDEX(Fertilisants!$C$8:$C$47,$AA144)=\"Engrais minéral\",\"Minéral\",\"Organique\"))","v":""},"","","",{"$f":"IF(AND($D144<>\"\",$D144=FicheIlot),COUNTIF($D$8:$D144,FicheIlot),\"\")","v":""}]
[null,{"$f":"IF(C145=\"\",\"\",COUNT($C$8:C145))","v":""},null,null,{"$f":"IF($Z145=\"\",\"\",IF($F145=ApportCouvert,INDEX(Îlots!$I$8:$I$57,$Z145)&\"\",INDEX(Îlots!$N$8:$N$57,$Z145)&\"\"))","v":""},null,null,{"$f":"IF($AA145=\"\",\"\",INDEX(Fertilisants!$D$8:$D$47,$AA145)&\"\")","v":""},null,null,{"$f":"IF($AA145=\"\",\"\",INDEX(Fertilisants!$E$8:$E$47,$AA145)&\"\")","v":""},"",{"$f":"IF(OR($J145=\"\",$AA145=\"\"),\"\",$J145*N(INDEX(Fertilisants!$G$8:$G$47,$AA145)))","v":""},{"$f":"IF(OR($J145=\"\",$AA145=\"\"),\"\",$J145*N(INDEX(Fertilisants!$I$8:$I$47,$AA145)))","v":""},{"$f":"IF(OR($J145=\"\",$AA145=\"\"),\"\",$J145*N(INDEX(Fertilisants!$J$8:$J$47,$AA145)))","v":""},{"$f":"IF(OR($J145=\"\",$AA145=\"\"),\"\",$J145*N(INDEX(Fertilisants!$K$8:$K$47,$AA145)))","v":""},"",{"$nulls":5},"",null,null,{"$f":"IF($D145=\"\",\"\",IFERROR(MATCH($D145,Îlots!$D$8:$D$57,0),\"\"))","v":""},{"$f":"IF($G145=\"\",\"\",IFERROR(MATCH($G145,Fertilisants!$B$8:$B$47,0),\"\"))","v":""},{"$f":"IF($Z145=\"\",\"\",INDEX(Îlots!$E$8:$E$57,$Z145))","v":""},{"$f":"IF($Z145=\"\",\"\",INDEX(Îlots!$G$8:$G$57,$Z145)&\"\")","v":""},{"$f":"IF($Z145=\"\",\"\",IF($F145=ApportCouvert,OccCouvert,INDEX(Îlots!$O$8:$O$57,$Z145)&\"\"))","v":""},"","","",0,0,0,0,0,{"$f":"IF($AA145=\"\",0,IF(INDEX(Fertilisants!$C$8:$C$47,$AA145)=\"Effluent d'élevage\",1,0))","v":0},{"$f":"IF($AA145=\"\",\"\",IF(INDEX(Fertilisants!$C$8:$C$47,$AA145)=\"Engrais minéral\",\"Minéral\",\"Organique\"))","v":""},"","","",{"$f":"IF(AND($D145<>\"\",$D145=FicheIlot),COUNTIF($D$8:$D145,FicheIlot),\"\")","v":""}]
[null,{"$f":"IF(C146=\"\",\"\",COUNT($C$8:C146))","v":""},null,null,{"$f":"IF($Z146=\"\",\"\",IF($F146=ApportCouvert,INDEX(Îlots!$I$8:$I$57,$Z146)&\"\",INDEX(Îlots!$N$8:$N$57,$Z146)&\"\"))","v":""},null,null,{"$f":"IF($AA146=\"\",\"\",INDEX(Fertilisants!$D$8:$D$47,$AA146)&\"\")","v":""},null,null,{"$f":"IF($AA146=\"\",\"\",INDEX(Fertilisants!$E$8:$E$47,$AA146)&\"\")","v":""},"",{"$f":"IF(OR($J146=\"\",$AA146=\"\"),\"\",$J146*N(INDEX(Fertilisants!$G$8:$G$47,$AA146)))","v":""},{"$f":"IF(OR($J146=\"\",$AA146=\"\"),\"\",$J146*N(INDEX(Fertilisants!$I$8:$I$47,$AA146)))","v":""},{"$f":"IF(OR($J146=\"\",$AA146=\"\"),\"\",$J146*N(INDEX(Fertilisants!$J$8:$J$47,$AA146)))","v":""},{"$f":"IF(OR($J146=\"\",$AA146=\"\"),\"\",$J146*N(INDEX(Fertilisants!$K$8:$K$47,$AA146)))","v":""},"",{"$nulls":5},"",null,null,{"$f":"IF($D146=\"\",\"\",IFERROR(MATCH($D146,Îlots!$D$8:$D$57,0),\"\"))","v":""},{"$f":"IF($G146=\"\",\"\",IFERROR(MATCH($G146,Fertilisants!$B$8:$B$47,0),\"\"))","v":""},{"$f":"IF($Z146=\"\",\"\",INDEX(Îlots!$E$8:$E$57,$Z146))","v":""},{"$f":"IF($Z146=\"\",\"\",INDEX(Îlots!$G$8:$G$57,$Z146)&\"\")","v":""},{"$f":"IF($Z146=\"\",\"\",IF($F146=ApportCouvert,OccCouvert,INDEX(Îlots!$O$8:$O$57,$Z146)&\"\"))","v":""},"","","",0,0,0,0,0,{"$f":"IF($AA146=\"\",0,IF(INDEX(Fertilisants!$C$8:$C$47,$AA146)=\"Effluent d'élevage\",1,0))","v":0},{"$f":"IF($AA146=\"\",\"\",IF(INDEX(Fertilisants!$C$8:$C$47,$AA146)=\"Engrais minéral\",\"Minéral\",\"Organique\"))","v":""},"","","",{"$f":"IF(AND($D146<>\"\",$D146=FicheIlot),COUNTIF($D$8:$D146,FicheIlot),\"\")","v":""}]
[null,{"$f":"IF(C147=\"\",\"\",COUNT($C$8:C147))","v":""},null,null,{"$f":"IF($Z147=\"\",\"\",IF($F147=ApportCouvert,INDEX(Îlots!$I$8:$I$57,$Z147)&\"\",INDEX(Îlots!$N$8:$N$57,$Z147)&\"\"))","v":""},null,null,{"$f":"IF($AA147=\"\",\"\",INDEX(Fertilisants!$D$8:$D$47,$AA147)&\"\")","v":""},null,null,{"$f":"IF($AA147=\"\",\"\",INDEX(Fertilisants!$E$8:$E$47,$AA147)&\"\")","v":""},"",{"$f":"IF(OR($J147=\"\",$AA147=\"\"),\"\",$J147*N(INDEX(Fertilisants!$G$8:$G$47,$AA147)))","v":""},{"$f":"IF(OR($J147=\"\",$AA147=\"\"),\"\",$J147*N(INDEX(Fertilisants!$I$8:$I$47,$AA147)))","v":""},{"$f":"IF(OR($J147=\"\",$AA147=\"\"),\"\",$J147*N(INDEX(Fertilisants!$J$8:$J$47,$AA147)))","v":""},{"$f":"IF(OR($J147=\"\",$AA147=\"\"),\"\",$J147*N(INDEX(Fertilisants!$K$8:$K$47,$AA147)))","v":""},"",{"$nulls":5},"",null,null,{"$f":"IF($D147=\"\",\"\",IFERROR(MATCH($D147,Îlots!$D$8:$D$57,0),\"\"))","v":""},{"$f":"IF($G147=\"\",\"\",IFERROR(MATCH($G147,Fertilisants!$B$8:$B$47,0),\"\"))","v":""},{"$f":"IF($Z147=\"\",\"\",INDEX(Îlots!$E$8:$E$57,$Z147))","v":""},{"$f":"IF($Z147=\"\",\"\",INDEX(Îlots!$G$8:$G$57,$Z147)&\"\")","v":""},{"$f":"IF($Z147=\"\",\"\",IF($F147=ApportCouvert,OccCouvert,INDEX(Îlots!$O$8:$O$57,$Z147)&\"\"))","v":""},"","","",0,0,0,0,0,{"$f":"IF($AA147=\"\",0,IF(INDEX(Fertilisants!$C$8:$C$47,$AA147)=\"Effluent d'élevage\",1,0))","v":0},{"$f":"IF($AA147=\"\",\"\",IF(INDEX(Fertilisants!$C$8:$C$47,$AA147)=\"Engrais minéral\",\"Minéral\",\"Organique\"))","v":""},"","","",{"$f":"IF(AND($D147<>\"\",$D147=FicheIlot),COUNTIF($D$8:$D147,FicheIlot),\"\")","v":""}]
[null,{"$f":"IF(C148=\"\",\"\",COUNT($C$8:C148))","v":""},null,null,{"$f":"IF($Z148=\"\",\"\",IF($F148=ApportCouvert,INDEX(Îlots!$I$8:$I$57,$Z148)&\"\",INDEX(Îlots!$N$8:$N$57,$Z148)&\"\"))","v":""},null,null,{"$f":"IF($AA148=\"\",\"\",INDEX(Fertilisants!$D$8:$D$47,$AA148)&\"\")","v":""},null,null,{"$f":"IF($AA148=\"\",\"\",INDEX(Fertilisants!$E$8:$E$47,$AA148)&\"\")","v":""},"",{"$f":"IF(OR($J148=\"\",$AA148=\"\"),\"\",$J148*N(INDEX(Fertilisants!$G$8:$G$47,$AA148)))","v":""},{"$f":"IF(OR($J148=\"\",$AA148=\"\"),\"\",$J148*N(INDEX(Fertilisants!$I$8:$I$47,$AA148)))","v":""},{"$f":"IF(OR($J148=\"\",$AA148=\"\"),\"\",$J148*N(INDEX(Fertilisants!$J$8:$J$47,$AA148)))","v":""},{"$f":"IF(OR($J148=\"\",$AA148=\"\"),\"\",$J148*N(INDEX(Fertilisants!$K$8:$K$47,$AA148)))","v":""},"",{"$nulls":5},"",null,null,{"$f":"IF($D148=\"\",\"\",IFERROR(MATCH($D148,Îlots!$D$8:$D$57,0),\"\"))","v":""},{"$f":"IF($G148=\"\",\"\",IFERROR(MATCH($G148,Fertilisants!$B$8:$B$47,0),\"\"))","v":""},{"$f":"IF($Z148=\"\",\"\",INDEX(Îlots!$E$8:$E$57,$Z148))","v":""},{"$f":"IF($Z148=\"\",\"\",INDEX(Îlots!$G$8:$G$57,$Z148)&\"\")","v":""},{"$f":"IF($Z148=\"\",\"\",IF($F148=ApportCouvert,OccCouvert,INDEX(Îlots!$O$8:$O$57,$Z148)&\"\"))","v":""},"","","",0,0,0,0,0,{"$f":"IF($AA148=\"\",0,IF(INDEX(Fertilisants!$C$8:$C$47,$AA148)=\"Effluent d'élevage\",1,0))","v":0},{"$f":"IF($AA148=\"\",\"\",IF(INDEX(Fertilisants!$C$8:$C$47,$AA148)=\"Engrais minéral\",\"Minéral\",\"Organique\"))","v":""},"","","",{"$f":"IF(AND($D148<>\"\",$D148=FicheIlot),COUNTIF($D$8:$D148,FicheIlot),\"\")","v":""}]
[null,{"$f":"IF(C149=\"\",\"\",COUNT($C$8:C149))","v":""},null,null,{"$f":"IF($Z149=\"\",\"\",IF($F149=ApportCouvert,INDEX(Îlots!$I$8:$I$57,$Z149)&\"\",INDEX(Îlots!$N$8:$N$57,$Z149)&\"\"))","v":""},null,null,{"$f":"IF($AA149=\"\",\"\",INDEX(Fertilisants!$D$8:$D$47,$AA149)&\"\")","v":""},null,null,{"$f":"IF($AA149=\"\",\"\",INDEX(Fertilisants!$E$8:$E$47,$AA149)&\"\")","v":""},"",{"$f":"IF(OR($J149=\"\",$AA149=\"\"),\"\",$J149*N(INDEX(Fertilisants!$G$8:$G$47,$AA149)))","v":""},{"$f":"IF(OR($J149=\"\",$AA149=\"\"),\"\",$J149*N(INDEX(Fertilisants!$I$8:$I$47,$AA149)))","v":""},{"$f":"IF(OR($J149=\"\",$AA149=\"\"),\"\",$J149*N(INDEX(Fertilisants!$J$8:$J$47,$AA149)))","v":""},{"$f":"IF(OR($J149=\"\",$AA149=\"\"),\"\",$J149*N(INDEX(Fertilisants!$K$8:$K$47,$AA149)))","v":""},"",{"$nulls":5},"",null,null,{"$f":"IF($D149=\"\",\"\",IFERROR(MATCH($D149,Îlots!$D$8:$D$57,0),\"\"))","v":""},{"$f":"IF($G149=\"\",\"\",IFERROR(MATCH($G149,Fertilisants!$B$8:$B$47,0),\"\"))","v":""},{"$f":"IF($Z149=\"\",\"\",INDEX(Îlots!$E$8:$E$57,$Z149))","v":""},{"$f":"IF($Z149=\"\",\"\",INDEX(Îlots!$G$8:$G$57,$Z149)&\"\")","v":""},{"$f":"IF($Z149=\"\",\"\",IF($F149=ApportCouvert,OccCouvert,INDEX(Îlots!$O$8:$O$57,$Z149)&\"\"))","v":""},"","","",0,0,0,0,0,{"$f":"IF($AA149=\"\",0,IF(INDEX(Fertilisants!$C$8:$C$47,$AA149)=\"Effluent d'élevage\",1,0))","v":0},{"$f":"IF($AA149=\"\",\"\",IF(INDEX(Fertilisants!$C$8:$C$47,$AA149)=\"Engrais minéral\",\"Minéral\",\"Organique\"))","v":""},"","","",{"$f":"IF(AND($D149<>\"\",$D149=FicheIlot),COUNTIF($D$8:$D149,FicheIlot),\"\")","v":""}]
[null,{"$f":"IF(C150=\"\",\"\",COUNT($C$8:C150))","v":""},null,null,{"$f":"IF($Z150=\"\",\"\",IF($F150=ApportCouvert,INDEX(Îlots!$I$8:$I$57,$Z150)&\"\",INDEX(Îlots!$N$8:$N$57,$Z150)&\"\"))","v":""},null,null,{"$f":"IF($AA150=\"\",\"\",INDEX(Fertilisants!$D$8:$D$47,$AA150)&\"\")","v":""},null,null,{"$f":"IF($AA150=\"\",\"\",INDEX(Fertilisants!$E$8:$E$47,$AA150)&\"\")","v":""},"",{"$f":"IF(OR($J150=\"\",$AA150=\"\"),\"\",$J150*N(INDEX(Fertilisants!$G$8:$G$47,$AA150)))","v":""},{"$f":"IF(OR($J150=\"\",$AA150=\"\"),\"\",$J150*N(INDEX(Fertilisants!$I$8:$I$47,$AA150)))","v":""},{"$f":"IF(OR($J150=\"\",$AA150=\"\"),\"\",$J150*N(INDEX(Fertilisants!$J$8:$J$47,$AA150)))","v":""},{"$f":"IF(OR($J150=\"\",$AA150=\"\"),\"\",$J150*N(INDEX(Fertilisants!$K$8:$K$47,$AA150)))","v":""},"",{"$nulls":5},"",null,null,{"$f":"IF($D150=\"\",\"\",IFERROR(MATCH($D150,Îlots!$D$8:$D$57,0),\"\"))","v":""},{"$f":"IF($G150=\"\",\"\",IFERROR(MATCH($G150,Fertilisants!$B$8:$B$47,0),\"\"))","v":""},{"$f":"IF($Z150=\"\",\"\",INDEX(Îlots!$E$8:$E$57,$Z150))","v":""},{"$f":"IF($Z150=\"\",\"\",INDEX(Îlots!$G$8:$G$57,$Z150)&\"\")","v":""},{"$f":"IF($Z150=\"\",\"\",IF($F150=ApportCouvert,OccCouvert,INDEX(Îlots!$O$8:$O$57,$Z150)&\"\"))","v":""},"","","",0,0,0,0,0,{"$f":"IF($AA150=\"\",0,IF(INDEX(Fertilisants!$C$8:$C$47,$AA150)=\"Effluent d'élevage\",1,0))","v":0},{"$f":"IF($AA150=\"\",\"\",IF(INDEX(Fertilisants!$C$8:$C$47,$AA150)=\"Engrais minéral\",\"Minéral\",\"Organique\"))","v":""},"","","",{"$f":"IF(AND($D150<>\"\",$D150=FicheIlot),COUNTIF($D$8:$D150,FicheIlot),\"\")","v":""}]
[null,{"$f":"IF(C151=\"\",\"\",COUNT($C$8:C151))","v":""},null,null,{"$f":"IF($Z151=\"\",\"\",IF($F151=ApportCouvert,INDEX(Îlots!$I$8:$I$57,$Z151)&\"\",INDEX(Îlots!$N$8:$N$57,$Z151)&\"\"))","v":""},null,null,{"$f":"IF($AA151=\"\",\"\",INDEX(Fertilisants!$D$8:$D$47,$AA151)&\"\")","v":""},null,null,{"$f":"IF($AA151=\"\",\"\",INDEX(Fertilisants!$E$8:$E$47,$AA151)&\"\")","v":""},"",{"$f":"IF(OR($J151=\"\",$AA151=\"\"),\"\",$J151*N(INDEX(Fertilisants!$G$8:$G$47,$AA151)))","v":""},{"$f":"IF(OR($J151=\"\",$AA151=\"\"),\"\",$J151*N(INDEX(Fertilisants!$I$8:$I$47,$AA151)))","v":""},{"$f":"IF(OR($J151=\"\",$AA151=\"\"),\"\",$J151*N(INDEX(Fertilisants!$J$8:$J$47,$AA151)))","v":""},{"$f":"IF(OR($J151=\"\",$AA151=\"\"),\"\",$J151*N(INDEX(Fertilisants!$K$8:$K$47,$AA151)))","v":""},"",{"$nulls":5},"",null,null,{"$f":"IF($D151=\"\",\"\",IFERROR(MATCH($D151,Îlots!$D$8:$D$57,0),\"\"))","v":""},{"$f":"IF($G151=\"\",\"\",IFERROR(MATCH($G151,Fertilisants!$B$8:$B$47,0),\"\"))","v":""},{"$f":"IF($Z151=\"\",\"\",INDEX(Îlots!$E$8:$E$57,$Z151))","v":""},{"$f":"IF($Z151=\"\",\"\",INDEX(Îlots!$G$8:$G$57,$Z151)&\"\")","v":""},{"$f":"IF($Z151=\"\",\"\",IF($F151=ApportCouvert,OccCouvert,INDEX(Îlots!$O$8:$O$57,$Z151)&\"\"))","v":""},"","","",0,0,0,0,0,{"$f":"IF($AA151=\"\",0,IF(INDEX(Fertilisants!$C$8:$C$47,$AA151)=\"Effluent d'élevage\",1,0))","v":0},{"$f":"IF($AA151=\"\",\"\",IF(INDEX(Fertilisants!$C$8:$C$47,$AA151)=\"Engrais minéral\",\"Minéral\",\"Organique\"))","v":""},"","","",{"$f":"IF(AND($D151<>\"\",$D151=FicheIlot),COUNTIF($D$8:$D151,FicheIlot),\"\")","v":""}]
[null,{"$f":"IF(C152=\"\",\"\",COUNT($C$8:C152))","v":""},null,null,{"$f":"IF($Z152=\"\",\"\",IF($F152=ApportCouvert,INDEX(Îlots!$I$8:$I$57,$Z152)&\"\",INDEX(Îlots!$N$8:$N$57,$Z152)&\"\"))","v":""},null,null,{"$f":"IF($AA152=\"\",\"\",INDEX(Fertilisants!$D$8:$D$47,$AA152)&\"\")","v":""},null,null,{"$f":"IF($AA152=\"\",\"\",INDEX(Fertilisants!$E$8:$E$47,$AA152)&\"\")","v":""},"",{"$f":"IF(OR($J152=\"\",$AA152=\"\"),\"\",$J152*N(INDEX(Fertilisants!$G$8:$G$47,$AA152)))","v":""},{"$f":"IF(OR($J152=\"\",$AA152=\"\"),\"\",$J152*N(INDEX(Fertilisants!$I$8:$I$47,$AA152)))","v":""},{"$f":"IF(OR($J152=\"\",$AA152=\"\"),\"\",$J152*N(INDEX(Fertilisants!$J$8:$J$47,$AA152)))","v":""},{"$f":"IF(OR($J152=\"\",$AA152=\"\"),\"\",$J152*N(INDEX(Fertilisants!$K$8:$K$47,$AA152)))","v":""},"",{"$nulls":5},"",null,null,{"$f":"IF($D152=\"\",\"\",IFERROR(MATCH($D152,Îlots!$D$8:$D$57,0),\"\"))","v":""},{"$f":"IF($G152=\"\",\"\",IFERROR(MATCH($G152,Fertilisants!$B$8:$B$47,0),\"\"))","v":""},{"$f":"IF($Z152=\"\",\"\",INDEX(Îlots!$E$8:$E$57,$Z152))","v":""},{"$f":"IF($Z152=\"\",\"\",INDEX(Îlots!$G$8:$G$57,$Z152)&\"\")","v":""},{"$f":"IF($Z152=\"\",\"\",IF($F152=ApportCouvert,OccCouvert,INDEX(Îlots!$O$8:$O$57,$Z152)&\"\"))","v":""},"","","",0,0,0,0,0,{"$f":"IF($AA152=\"\",0,IF(INDEX(Fertilisants!$C$8:$C$47,$AA152)=\"Effluent d'élevage\",1,0))","v":0},{"$f":"IF($AA152=\"\",\"\",IF(INDEX(Fertilisants!$C$8:$C$47,$AA152)=\"Engrais minéral\",\"Minéral\",\"Organique\"))","v":""},"","","",{"$f":"IF(AND($D152<>\"\",$D152=FicheIlot),COUNTIF($D$8:$D152,FicheIlot),\"\")","v":""}]
[null,{"$f":"IF(C153=\"\",\"\",COUNT($C$8:C153))","v":""},null,null,{"$f":"IF($Z153=\"\",\"\",IF($F153=ApportCouvert,INDEX(Îlots!$I$8:$I$57,$Z153)&\"\",INDEX(Îlots!$N$8:$N$57,$Z153)&\"\"))","v":""},null,null,{"$f":"IF($AA153=\"\",\"\",INDEX(Fertilisants!$D$8:$D$47,$AA153)&\"\")","v":""},null,null,{"$f":"IF($AA153=\"\",\"\",INDEX(Fertilisants!$E$8:$E$47,$AA153)&\"\")","v":""},"",{"$f":"IF(OR($J153=\"\",$AA153=\"\"),\"\",$J153*N(INDEX(Fertilisants!$G$8:$G$47,$AA153)))","v":""},{"$f":"IF(OR($J153=\"\",$AA153=\"\"),\"\",$J153*N(INDEX(Fertilisants!$I$8:$I$47,$AA153)))","v":""},{"$f":"IF(OR($J153=\"\",$AA153=\"\"),\"\",$J153*N(INDEX(Fertilisants!$J$8:$J$47,$AA153)))","v":""},{"$f":"IF(OR($J153=\"\",$AA153=\"\"),\"\",$J153*N(INDEX(Fertilisants!$K$8:$K$47,$AA153)))","v":""},"",{"$nulls":5},"",null,null,{"$f":"IF($D153=\"\",\"\",IFERROR(MATCH($D153,Îlots!$D$8:$D$57,0),\"\"))","v":""},{"$f":"IF($G153=\"\",\"\",IFERROR(MATCH($G153,Fertilisants!$B$8:$B$47,0),\"\"))","v":""},{"$f":"IF($Z153=\"\",\"\",INDEX(Îlots!$E$8:$E$57,$Z153))","v":""},{"$f":"IF($Z153=\"\",\"\",INDEX(Îlots!$G$8:$G$57,$Z153)&\"\")","v":""},{"$f":"IF($Z153=\"\",\"\",IF($F153=ApportCouvert,OccCouvert,INDEX(Îlots!$O$8:$O$57,$Z153)&\"\"))","v":""},"","","",0,0,0,0,0,{"$f":"IF($AA153=\"\",0,IF(INDEX(Fertilisants!$C$8:$C$47,$AA153)=\"Effluent d'élevage\",1,0))","v":0},{"$f":"IF($AA153=\"\",\"\",IF(INDEX(Fertilisants!$C$8:$C$47,$AA153)=\"Engrais minéral\",\"Minéral\",\"Organique\"))","v":""},"","","",{"$f":"IF(AND($D153<>\"\",$D153=FicheIlot),COUNTIF($D$8:$D153,FicheIlot),\"\")","v":""}]
[null,{"$f":"IF(C154=\"\",\"\",COUNT($C$8:C154))","v":""},null,null,{"$f":"IF($Z154=\"\",\"\",IF($F154=ApportCouvert,INDEX(Îlots!$I$8:$I$57,$Z154)&\"\",INDEX(Îlots!$N$8:$N$57,$Z154)&\"\"))","v":""},null,null,{"$f":"IF($AA154=\"\",\"\",INDEX(Fertilisants!$D$8:$D$47,$AA154)&\"\")","v":""},null,null,{"$f":"IF($AA154=\"\",\"\",INDEX(Fertilisants!$E$8:$E$47,$AA154)&\"\")","v":""},"",{"$f":"IF(OR($J154=\"\",$AA154=\"\"),\"\",$J154*N(INDEX(Fertilisants!$G$8:$G$47,$AA154)))","v":""},{"$f":"IF(OR($J154=\"\",$AA154=\"\"),\"\",$J154*N(INDEX(Fertilisants!$I$8:$I$47,$AA154)))","v":""},{"$f":"IF(OR($J154=\"\",$AA154=\"\"),\"\",$J154*N(INDEX(Fertilisants!$J$8:$J$47,$AA154)))","v":""},{"$f":"IF(OR($J154=\"\",$AA154=\"\"),\"\",$J154*N(INDEX(Fertilisants!$K$8:$K$47,$AA154)))","v":""},"",{"$nulls":5},"",null,null,{"$f":"IF($D154=\"\",\"\",IFERROR(MATCH($D154,Îlots!$D$8:$D$57,0),\"\"))","v":""},{"$f":"IF($G154=\"\",\"\",IFERROR(MATCH($G154,Fertilisants!$B$8:$B$47,0),\"\"))","v":""},{"$f":"IF($Z154=\"\",\"\",INDEX(Îlots!$E$8:$E$57,$Z154))","v":""},{"$f":"IF($Z154=\"\",\"\",INDEX(Îlots!$G$8:$G$57,$Z154)&\"\")","v":""},{"$f":"IF($Z154=\"\",\"\",IF($F154=ApportCouvert,OccCouvert,INDEX(Îlots!$O$8:$O$57,$Z154)&\"\"))","v":""},"","","",0,0,0,0,0,{"$f":"IF($AA154=\"\",0,IF(INDEX(Fertilisants!$C$8:$C$47,$AA154)=\"Effluent d'élevage\",1,0))","v":0},{"$f":"IF($AA154=\"\",\"\",IF(INDEX(Fertilisants!$C$8:$C$47,$AA154)=\"Engrais minéral\",\"Minéral\",\"Organique\"))","v":""},"","","",{"$f":"IF(AND($D154<>\"\",$D154=FicheIlot),COUNTIF($D$8:$D154,FicheIlot),\"\")","v":""}]
[null,{"$f":"IF(C155=\"\",\"\",COUNT($C$8:C155))","v":""},null,null,{"$f":"IF($Z155=\"\",\"\",IF($F155=ApportCouvert,INDEX(Îlots!$I$8:$I$57,$Z155)&\"\",INDEX(Îlots!$N$8:$N$57,$Z155)&\"\"))","v":""},null,null,{"$f":"IF($AA155=\"\",\"\",INDEX(Fertilisants!$D$8:$D$47,$AA155)&\"\")","v":""},null,null,{"$f":"IF($AA155=\"\",\"\",INDEX(Fertilisants!$E$8:$E$47,$AA155)&\"\")","v":""},"",{"$f":"IF(OR($J155=\"\",$AA155=\"\"),\"\",$J155*N(INDEX(Fertilisants!$G$8:$G$47,$AA155)))","v":""},{"$f":"IF(OR($J155=\"\",$AA155=\"\"),\"\",$J155*N(INDEX(Fertilisants!$I$8:$I$47,$AA155)))","v":""},{"$f":"IF(OR($J155=\"\",$AA155=\"\"),\"\",$J155*N(INDEX(Fertilisants!$J$8:$J$47,$AA155)))","v":""},{"$f":"IF(OR($J155=\"\",$AA155=\"\"),\"\",$J155*N(INDEX(Fertilisants!$K$8:$K$47,$AA155)))","v":""},"",{"$nulls":5},"",null,null,{"$f":"IF($D155=\"\",\"\",IFERROR(MATCH($D155,Îlots!$D$8:$D$57,0),\"\"))","v":""},{"$f":"IF($G155=\"\",\"\",IFERROR(MATCH($G155,Fertilisants!$B$8:$B$47,0),\"\"))","v":""},{"$f":"IF($Z155=\"\",\"\",INDEX(Îlots!$E$8:$E$57,$Z155))","v":""},{"$f":"IF($Z155=\"\",\"\",INDEX(Îlots!$G$8:$G$57,$Z155)&\"\")","v":""},{"$f":"IF($Z155=\"\",\"\",IF($F155=ApportCouvert,OccCouvert,INDEX(Îlots!$O$8:$O$57,$Z155)&\"\"))","v":""},"","","",0,0,0,0,0,{"$f":"IF($AA155=\"\",0,IF(INDEX(Fertilisants!$C$8:$C$47,$AA155)=\"Effluent d'élevage\",1,0))","v":0},{"$f":"IF($AA155=\"\",\"\",IF(INDEX(Fertilisants!$C$8:$C$47,$AA155)=\"Engrais minéral\",\"Minéral\",\"Organique\"))","v":""},"","","",{"$f":"IF(AND($D155<>\"\",$D155=FicheIlot),COUNTIF($D$8:$D155,FicheIlot),\"\")","v":""}]
[null,{"$f":"IF(C156=\"\",\"\",COUNT($C$8:C156))","v":""},null,null,{"$f":"IF($Z156=\"\",\"\",IF($F156=ApportCouvert,INDEX(Îlots!$I$8:$I$57,$Z156)&\"\",INDEX(Îlots!$N$8:$N$57,$Z156)&\"\"))","v":""},null,null,{"$f":"IF($AA156=\"\",\"\",INDEX(Fertilisants!$D$8:$D$47,$AA156)&\"\")","v":""},null,null,{"$f":"IF($AA156=\"\",\"\",INDEX(Fertilisants!$E$8:$E$47,$AA156)&\"\")","v":""},"",{"$f":"IF(OR($J156=\"\",$AA156=\"\"),\"\",$J156*N(INDEX(Fertilisants!$G$8:$G$47,$AA156)))","v":""},{"$f":"IF(OR($J156=\"\",$AA156=\"\"),\"\",$J156*N(INDEX(Fertilisants!$I$8:$I$47,$AA156)))","v":""},{"$f":"IF(OR($J156=\"\",$AA156=\"\"),\"\",$J156*N(INDEX(Fertilisants!$J$8:$J$47,$AA156)))","v":""},{"$f":"IF(OR($J156=\"\",$AA156=\"\"),\"\",$J156*N(INDEX(Fertilisants!$K$8:$K$47,$AA156)))","v":""},"",{"$nulls":5},"",null,null,{"$f":"IF($D156=\"\",\"\",IFERROR(MATCH($D156,Îlots!$D$8:$D$57,0),\"\"))","v":""},{"$f":"IF($G156=\"\",\"\",IFERROR(MATCH($G156,Fertilisants!$B$8:$B$47,0),\"\"))","v":""},{"$f":"IF($Z156=\"\",\"\",INDEX(Îlots!$E$8:$E$57,$Z156))","v":""},{"$f":"IF($Z156=\"\",\"\",INDEX(Îlots!$G$8:$G$57,$Z156)&\"\")","v":""},{"$f":"IF($Z156=\"\",\"\",IF($F156=ApportCouvert,OccCouvert,INDEX(Îlots!$O$8:$O$57,$Z156)&\"\"))","v":""},"","","",0,0,0,0,0,{"$f":"IF($AA156=\"\",0,IF(INDEX(Fertilisants!$C$8:$C$47,$AA156)=\"Effluent d'élevage\",1,0))","v":0},{"$f":"IF($AA156=\"\",\"\",IF(INDEX(Fertilisants!$C$8:$C$47,$AA156)=\"Engrais minéral\",\"Minéral\",\"Organique\"))","v":""},"","","",{"$f":"IF(AND($D156<>\"\",$D156=FicheIlot),COUNTIF($D$8:$D156,FicheIlot),\"\")","v":""}]
[null,{"$f":"IF(C157=\"\",\"\",COUNT($C$8:C157))","v":""},null,null,{"$f":"IF($Z157=\"\",\"\",IF($F157=ApportCouvert,INDEX(Îlots!$I$8:$I$57,$Z157)&\"\",INDEX(Îlots!$N$8:$N$57,$Z157)&\"\"))","v":""},null,null,{"$f":"IF($AA157=\"\",\"\",INDEX(Fertilisants!$D$8:$D$47,$AA157)&\"\")","v":""},null,null,{"$f":"IF($AA157=\"\",\"\",INDEX(Fertilisants!$E$8:$E$47,$AA157)&\"\")","v":""},"",{"$f":"IF(OR($J157=\"\",$AA157=\"\"),\"\",$J157*N(INDEX(Fertilisants!$G$8:$G$47,$AA157)))","v":""},{"$f":"IF(OR($J157=\"\",$AA157=\"\"),\"\",$J157*N(INDEX(Fertilisants!$I$8:$I$47,$AA157)))","v":""},{"$f":"IF(OR($J157=\"\",$AA157=\"\"),\"\",$J157*N(INDEX(Fertilisants!$J$8:$J$47,$AA157)))","v":""},{"$f":"IF(OR($J157=\"\",$AA157=\"\"),\"\",$J157*N(INDEX(Fertilisants!$K$8:$K$47,$AA157)))","v":""},"",{"$nulls":5},"",null,null,{"$f":"IF($D157=\"\",\"\",IFERROR(MATCH($D157,Îlots!$D$8:$D$57,0),\"\"))","v":""},{"$f":"IF($G157=\"\",\"\",IFERROR(MATCH($G157,Fertilisants!$B$8:$B$47,0),\"\"))","v":""},{"$f":"IF($Z157=\"\",\"\",INDEX(Îlots!$E$8:$E$57,$Z157))","v":""},{"$f":"IF($Z157=\"\",\"\",INDEX(Îlots!$G$8:$G$57,$Z157)&\"\")","v":""},{"$f":"IF($Z157=\"\",\"\",IF($F157=ApportCouvert,OccCouvert,INDEX(Îlots!$O$8:$O$57,$Z157)&\"\"))","v":""},"","","",0,0,0,0,0,{"$f":"IF($AA157=\"\",0,IF(INDEX(Fertilisants!$C$8:$C$47,$AA157)=\"Effluent d'élevage\",1,0))","v":0},{"$f":"IF($AA157=\"\",\"\",IF(INDEX(Fertilisants!$C$8:$C$47,$AA157)=\"Engrais minéral\",\"Minéral\",\"Organique\"))","v":""},"","","",{"$f":"IF(AND($D157<>\"\",$D157=FicheIlot),COUNTIF($D$8:$D157,FicheIlot),\"\")","v":""}]
[null,{"$f":"IF(C158=\"\",\"\",COUNT($C$8:C158))","v":""},null,null,{"$f":"IF($Z158=\"\",\"\",IF($F158=ApportCouvert,INDEX(Îlots!$I$8:$I$57,$Z158)&\"\",INDEX(Îlots!$N$8:$N$57,$Z158)&\"\"))","v":""},null,null,{"$f":"IF($AA158=\"\",\"\",INDEX(Fertilisants!$D$8:$D$47,$AA158)&\"\")","v":""},null,null,{"$f":"IF($AA158=\"\",\"\",INDEX(Fertilisants!$E$8:$E$47,$AA158)&\"\")","v":""},"",{"$f":"IF(OR($J158=\"\",$AA158=\"\"),\"\",$J158*N(INDEX(Fertilisants!$G$8:$G$47,$AA158)))","v":""},{"$f":"IF(OR($J158=\"\",$AA158=\"\"),\"\",$J158*N(INDEX(Fertilisants!$I$8:$I$47,$AA158)))","v":""},{"$f":"IF(OR($J158=\"\",$AA158=\"\"),\"\",$J158*N(INDEX(Fertilisants!$J$8:$J$47,$AA158)))","v":""},{"$f":"IF(OR($J158=\"\",$AA158=\"\"),\"\",$J158*N(INDEX(Fertilisants!$K$8:$K$47,$AA158)))","v":""},"",{"$nulls":5},"",null,null,{"$f":"IF($D158=\"\",\"\",IFERROR(MATCH($D158,Îlots!$D$8:$D$57,0),\"\"))","v":""},{"$f":"IF($G158=\"\",\"\",IFERROR(MATCH($G158,Fertilisants!$B$8:$B$47,0),\"\"))","v":""},{"$f":"IF($Z158=\"\",\"\",INDEX(Îlots!$E$8:$E$57,$Z158))","v":""},{"$f":"IF($Z158=\"\",\"\",INDEX(Îlots!$G$8:$G$57,$Z158)&\"\")","v":""},{"$f":"IF($Z158=\"\",\"\",IF($F158=ApportCouvert,OccCouvert,INDEX(Îlots!$O$8:$O$57,$Z158)&\"\"))","v":""},"","","",0,0,0,0,0,{"$f":"IF($AA158=\"\",0,IF(INDEX(Fertilisants!$C$8:$C$47,$AA158)=\"Effluent d'élevage\",1,0))","v":0},{"$f":"IF($AA158=\"\",\"\",IF(INDEX(Fertilisants!$C$8:$C$47,$AA158)=\"Engrais minéral\",\"Minéral\",\"Organique\"))","v":""},"","","",{"$f":"IF(AND($D158<>\"\",$D158=FicheIlot),COUNTIF($D$8:$D158,FicheIlot),\"\")","v":""}]
[null,{"$f":"IF(C159=\"\",\"\",COUNT($C$8:C159))","v":""},null,null,{"$f":"IF($Z159=\"\",\"\",IF($F159=ApportCouvert,INDEX(Îlots!$I$8:$I$57,$Z159)&\"\",INDEX(Îlots!$N$8:$N$57,$Z159)&\"\"))","v":""},null,null,{"$f":"IF($AA159=\"\",\"\",INDEX(Fertilisants!$D$8:$D$47,$AA159)&\"\")","v":""},null,null,{"$f":"IF($AA159=\"\",\"\",INDEX(Fertilisants!$E$8:$E$47,$AA159)&\"\")","v":""},"",{"$f":"IF(OR($J159=\"\",$AA159=\"\"),\"\",$J159*N(INDEX(Fertilisants!$G$8:$G$47,$AA159)))","v":""},{"$f":"IF(OR($J159=\"\",$AA159=\"\"),\"\",$J159*N(INDEX(Fertilisants!$I$8:$I$47,$AA159)))","v":""},{"$f":"IF(OR($J159=\"\",$AA159=\"\"),\"\",$J159*N(INDEX(Fertilisants!$J$8:$J$47,$AA159)))","v":""},{"$f":"IF(OR($J159=\"\",$AA159=\"\"),\"\",$J159*N(INDEX(Fertilisants!$K$8:$K$47,$AA159)))","v":""},"",{"$nulls":5},"",null,null,{"$f":"IF($D159=\"\",\"\",IFERROR(MATCH($D159,Îlots!$D$8:$D$57,0),\"\"))","v":""},{"$f":"IF($G159=\"\",\"\",IFERROR(MATCH($G159,Fertilisants!$B$8:$B$47,0),\"\"))","v":""},{"$f":"IF($Z159=\"\",\"\",INDEX(Îlots!$E$8:$E$57,$Z159))","v":""},{"$f":"IF($Z159=\"\",\"\",INDEX(Îlots!$G$8:$G$57,$Z159)&\"\")","v":""},{"$f":"IF($Z159=\"\",\"\",IF($F159=ApportCouvert,OccCouvert,INDEX(Îlots!$O$8:$O$57,$Z159)&\"\"))","v":""},"","","",0,0,0,0,0,{"$f":"IF($AA159=\"\",0,IF(INDEX(Fertilisants!$C$8:$C$47,$AA159)=\"Effluent d'élevage\",1,0))","v":0},{"$f":"IF($AA159=\"\",\"\",IF(INDEX(Fertilisants!$C$8:$C$47,$AA159)=\"Engrais minéral\",\"Minéral\",\"Organique\"))","v":""},"","","",{"$f":"IF(AND($D159<>\"\",$D159=FicheIlot),COUNTIF($D$8:$D159,FicheIlot),\"\")","v":""}]
[null,{"$f":"IF(C160=\"\",\"\",COUNT($C$8:C160))","v":""},null,null,{"$f":"IF($Z160=\"\",\"\",IF($F160=ApportCouvert,INDEX(Îlots!$I$8:$I$57,$Z160)&\"\",INDEX(Îlots!$N$8:$N$57,$Z160)&\"\"))","v":""},null,null,{"$f":"IF($AA160=\"\",\"\",INDEX(Fertilisants!$D$8:$D$47,$AA160)&\"\")","v":""},null,null,{"$f":"IF($AA160=\"\",\"\",INDEX(Fertilisants!$E$8:$E$47,$AA160)&\"\")","v":""},"",{"$f":"IF(OR($J160=\"\",$AA160=\"\"),\"\",$J160*N(INDEX(Fertilisants!$G$8:$G$47,$AA160)))","v":""},{"$f":"IF(OR($J160=\"\",$AA160=\"\"),\"\",$J160*N(INDEX(Fertilisants!$I$8:$I$47,$AA160)))","v":""},{"$f":"IF(OR($J160=\"\",$AA160=\"\"),\"\",$J160*N(INDEX(Fertilisants!$J$8:$J$47,$AA160)))","v":""},{"$f":"IF(OR($J160=\"\",$AA160=\"\"),\"\",$J160*N(INDEX(Fertilisants!$K$8:$K$47,$AA160)))","v":""},"",{"$nulls":5},"",null,null,{"$f":"IF($D160=\"\",\"\",IFERROR(MATCH($D160,Îlots!$D$8:$D$57,0),\"\"))","v":""},{"$f":"IF($G160=\"\",\"\",IFERROR(MATCH($G160,Fertilisants!$B$8:$B$47,0),\"\"))","v":""},{"$f":"IF($Z160=\"\",\"\",INDEX(Îlots!$E$8:$E$57,$Z160))","v":""},{"$f":"IF($Z160=\"\",\"\",INDEX(Îlots!$G$8:$G$57,$Z160)&\"\")","v":""},{"$f":"IF($Z160=\"\",\"\",IF($F160=ApportCouvert,OccCouvert,INDEX(Îlots!$O$8:$O$57,$Z160)&\"\"))","v":""},"","","",0,0,0,0,0,{"$f":"IF($AA160=\"\",0,IF(INDEX(Fertilisants!$C$8:$C$47,$AA160)=\"Effluent d'élevage\",1,0))","v":0},{"$f":"IF($AA160=\"\",\"\",IF(INDEX(Fertilisants!$C$8:$C$47,$AA160)=\"Engrais minéral\",\"Minéral\",\"Organique\"))","v":""},"","","",{"$f":"IF(AND($D160<>\"\",$D160=FicheIlot),COUNTIF($D$8:$D160,FicheIlot),\"\")","v":""}]
[null,{"$f":"IF(C161=\"\",\"\",COUNT($C$8:C161))","v":""},null,null,{"$f":"IF($Z161=\"\",\"\",IF($F161=ApportCouvert,INDEX(Îlots!$I$8:$I$57,$Z161)&\"\",INDEX(Îlots!$N$8:$N$57,$Z161)&\"\"))","v":""},null,null,{"$f":"IF($AA161=\"\",\"\",INDEX(Fertilisants!$D$8:$D$47,$AA161)&\"\")","v":""},null,null,{"$f":"IF($AA161=\"\",\"\",INDEX(Fertilisants!$E$8:$E$47,$AA161)&\"\")","v":""},"",{"$f":"IF(OR($J161=\"\",$AA161=\"\"),\"\",$J161*N(INDEX(Fertilisants!$G$8:$G$47,$AA161)))","v":""},{"$f":"IF(OR($J161=\"\",$AA161=\"\"),\"\",$J161*N(INDEX(Fertilisants!$I$8:$I$47,$AA161)))","v":""},{"$f":"IF(OR($J161=\"\",$AA161=\"\"),\"\",$J161*N(INDEX(Fertilisants!$J$8:$J$47,$AA161)))","v":""},{"$f":"IF(OR($J161=\"\",$AA161=\"\"),\"\",$J161*N(INDEX(Fertilisants!$K$8:$K$47,$AA161)))","v":""},"",{"$nulls":5},"",null,null,{"$f":"IF($D161=\"\",\"\",IFERROR(MATCH($D161,Îlots!$D$8:$D$57,0),\"\"))","v":""},{"$f":"IF($G161=\"\",\"\",IFERROR(MATCH($G161,Fertilisants!$B$8:$B$47,0),\"\"))","v":""},{"$f":"IF($Z161=\"\",\"\",INDEX(Îlots!$E$8:$E$57,$Z161))","v":""},{"$f":"IF($Z161=\"\",\"\",INDEX(Îlots!$G$8:$G$57,$Z161)&\"\")","v":""},{"$f":"IF($Z161=\"\",\"\",IF($F161=ApportCouvert,OccCouvert,INDEX(Îlots!$O$8:$O$57,$Z161)&\"\"))","v":""},"","","",0,0,0,0,0,{"$f":"IF($AA161=\"\",0,IF(INDEX(Fertilisants!$C$8:$C$47,$AA161)=\"Effluent d'élevage\",1,0))","v":0},{"$f":"IF($AA161=\"\",\"\",IF(INDEX(Fertilisants!$C$8:$C$47,$AA161)=\"Engrais minéral\",\"Minéral\",\"Organique\"))","v":""},"","","",{"$f":"IF(AND($D161<>\"\",$D161=FicheIlot),COUNTIF($D$8:$D161,FicheIlot),\"\")","v":""}]
[null,{"$f":"IF(C162=\"\",\"\",COUNT($C$8:C162))","v":""},null,null,{"$f":"IF($Z162=\"\",\"\",IF($F162=ApportCouvert,INDEX(Îlots!$I$8:$I$57,$Z162)&\"\",INDEX(Îlots!$N$8:$N$57,$Z162)&\"\"))","v":""},null,null,{"$f":"IF($AA162=\"\",\"\",INDEX(Fertilisants!$D$8:$D$47,$AA162)&\"\")","v":""},null,null,{"$f":"IF($AA162=\"\",\"\",INDEX(Fertilisants!$E$8:$E$47,$AA162)&\"\")","v":""},"",{"$f":"IF(OR($J162=\"\",$AA162=\"\"),\"\",$J162*N(INDEX(Fertilisants!$G$8:$G$47,$AA162)))","v":""},{"$f":"IF(OR($J162=\"\",$AA162=\"\"),\"\",$J162*N(INDEX(Fertilisants!$I$8:$I$47,$AA162)))","v":""},{"$f":"IF(OR($J162=\"\",$AA162=\"\"),\"\",$J162*N(INDEX(Fertilisants!$J$8:$J$47,$AA162)))","v":""},{"$f":"IF(OR($J162=\"\",$AA162=\"\"),\"\",$J162*N(INDEX(Fertilisants!$K$8:$K$47,$AA162)))","v":""},"",{"$nulls":5},"",null,null,{"$f":"IF($D162=\"\",\"\",IFERROR(MATCH($D162,Îlots!$D$8:$D$57,0),\"\"))","v":""},{"$f":"IF($G162=\"\",\"\",IFERROR(MATCH($G162,Fertilisants!$B$8:$B$47,0),\"\"))","v":""},{"$f":"IF($Z162=\"\",\"\",INDEX(Îlots!$E$8:$E$57,$Z162))","v":""},{"$f":"IF($Z162=\"\",\"\",INDEX(Îlots!$G$8:$G$57,$Z162)&\"\")","v":""},{"$f":"IF($Z162=\"\",\"\",IF($F162=ApportCouvert,OccCouvert,INDEX(Îlots!$O$8:$O$57,$Z162)&\"\"))","v":""},"","","",0,0,0,0,0,{"$f":"IF($AA162=\"\",0,IF(INDEX(Fertilisants!$C$8:$C$47,$AA162)=\"Effluent d'élevage\",1,0))","v":0},{"$f":"IF($AA162=\"\",\"\",IF(INDEX(Fertilisants!$C$8:$C$47,$AA162)=\"Engrais minéral\",\"Minéral\",\"Organique\"))","v":""},"","","",{"$f":"IF(AND($D162<>\"\",$D162=FicheIlot),COUNTIF($D$8:$D162,FicheIlot),\"\")","v":""}]
[null,{"$f":"IF(C163=\"\",\"\",COUNT($C$8:C163))","v":""},null,null,{"$f":"IF($Z163=\"\",\"\",IF($F163=ApportCouvert,INDEX(Îlots!$I$8:$I$57,$Z163)&\"\",INDEX(Îlots!$N$8:$N$57,$Z163)&\"\"))","v":""},null,null,{"$f":"IF($AA163=\"\",\"\",INDEX(Fertilisants!$D$8:$D$47,$AA163)&\"\")","v":""},null,null,{"$f":"IF($AA163=\"\",\"\",INDEX(Fertilisants!$E$8:$E$47,$AA163)&\"\")","v":""},"",{"$f":"IF(OR($J163=\"\",$AA163=\"\"),\"\",$J163*N(INDEX(Fertilisants!$G$8:$G$47,$AA163)))","v":""},{"$f":"IF(OR($J163=\"\",$AA163=\"\"),\"\",$J163*N(INDEX(Fertilisants!$I$8:$I$47,$AA163)))","v":""},{"$f":"IF(OR($J163=\"\",$AA163=\"\"),\"\",$J163*N(INDEX(Fertilisants!$J$8:$J$47,$AA163)))","v":""},{"$f":"IF(OR($J163=\"\",$AA163=\"\"),\"\",$J163*N(INDEX(Fertilisants!$K$8:$K$47,$AA163)))","v":""},"",{"$nulls":5},"",null,null,{"$f":"IF($D163=\"\",\"\",IFERROR(MATCH($D163,Îlots!$D$8:$D$57,0),\"\"))","v":""},{"$f":"IF($G163=\"\",\"\",IFERROR(MATCH($G163,Fertilisants!$B$8:$B$47,0),\"\"))","v":""},{"$f":"IF($Z163=\"\",\"\",INDEX(Îlots!$E$8:$E$57,$Z163))","v":""},{"$f":"IF($Z163=\"\",\"\",INDEX(Îlots!$G$8:$G$57,$Z163)&\"\")","v":""},{"$f":"IF($Z163=\"\",\"\",IF($F163=ApportCouvert,OccCouvert,INDEX(Îlots!$O$8:$O$57,$Z163)&\"\"))","v":""},"","","",0,0,0,0,0,{"$f":"IF($AA163=\"\",0,IF(INDEX(Fertilisants!$C$8:$C$47,$AA163)=\"Effluent d'élevage\",1,0))","v":0},{"$f":"IF($AA163=\"\",\"\",IF(INDEX(Fertilisants!$C$8:$C$47,$AA163)=\"Engrais minéral\",\"Minéral\",\"Organique\"))","v":""},"","","",{"$f":"IF(AND($D163<>\"\",$D163=FicheIlot),COUNTIF($D$8:$D163,FicheIlot),\"\")","v":""}]
[null,{"$f":"IF(C164=\"\",\"\",COUNT($C$8:C164))","v":""},null,null,{"$f":"IF($Z164=\"\",\"\",IF($F164=ApportCouvert,INDEX(Îlots!$I$8:$I$57,$Z164)&\"\",INDEX(Îlots!$N$8:$N$57,$Z164)&\"\"))","v":""},null,null,{"$f":"IF($AA164=\"\",\"\",INDEX(Fertilisants!$D$8:$D$47,$AA164)&\"\")","v":""},null,null,{"$f":"IF($AA164=\"\",\"\",INDEX(Fertilisants!$E$8:$E$47,$AA164)&\"\")","v":""},"",{"$f":"IF(OR($J164=\"\",$AA164=\"\"),\"\",$J164*N(INDEX(Fertilisants!$G$8:$G$47,$AA164)))","v":""},{"$f":"IF(OR($J164=\"\",$AA164=\"\"),\"\",$J164*N(INDEX(Fertilisants!$I$8:$I$47,$AA164)))","v":""},{"$f":"IF(OR($J164=\"\",$AA164=\"\"),\"\",$J164*N(INDEX(Fertilisants!$J$8:$J$47,$AA164)))","v":""},{"$f":"IF(OR($J164=\"\",$AA164=\"\"),\"\",$J164*N(INDEX(Fertilisants!$K$8:$K$47,$AA164)))","v":""},"",{"$nulls":5},"",null,null,{"$f":"IF($D164=\"\",\"\",IFERROR(MATCH($D164,Îlots!$D$8:$D$57,0),\"\"))","v":""},{"$f":"IF($G164=\"\",\"\",IFERROR(MATCH($G164,Fertilisants!$B$8:$B$47,0),\"\"))","v":""},{"$f":"IF($Z164=\"\",\"\",INDEX(Îlots!$E$8:$E$57,$Z164))","v":""},{"$f":"IF($Z164=\"\",\"\",INDEX(Îlots!$G$8:$G$57,$Z164)&\"\")","v":""},{"$f":"IF($Z164=\"\",\"\",IF($F164=ApportCouvert,OccCouvert,INDEX(Îlots!$O$8:$O$57,$Z164)&\"\"))","v":""},"","","",0,0,0,0,0,{"$f":"IF($AA164=\"\",0,IF(INDEX(Fertilisants!$C$8:$C$47,$AA164)=\"Effluent d'élevage\",1,0))","v":0},{"$f":"IF($AA164=\"\",\"\",IF(INDEX(Fertilisants!$C$8:$C$47,$AA164)=\"Engrais minéral\",\"Minéral\",\"Organique\"))","v":""},"","","",{"$f":"IF(AND($D164<>\"\",$D164=FicheIlot),COUNTIF($D$8:$D164,FicheIlot),\"\")","v":""}]
[null,{"$f":"IF(C165=\"\",\"\",COUNT($C$8:C165))","v":""},null,null,{"$f":"IF($Z165=\"\",\"\",IF($F165=ApportCouvert,INDEX(Îlots!$I$8:$I$57,$Z165)&\"\",INDEX(Îlots!$N$8:$N$57,$Z165)&\"\"))","v":""},null,null,{"$f":"IF($AA165=\"\",\"\",INDEX(Fertilisants!$D$8:$D$47,$AA165)&\"\")","v":""},null,null,{"$f":"IF($AA165=\"\",\"\",INDEX(Fertilisants!$E$8:$E$47,$AA165)&\"\")","v":""},"",{"$f":"IF(OR($J165=\"\",$AA165=\"\"),\"\",$J165*N(INDEX(Fertilisants!$G$8:$G$47,$AA165)))","v":""},{"$f":"IF(OR($J165=\"\",$AA165=\"\"),\"\",$J165*N(INDEX(Fertilisants!$I$8:$I$47,$AA165)))","v":""},{"$f":"IF(OR($J165=\"\",$AA165=\"\"),\"\",$J165*N(INDEX(Fertilisants!$J$8:$J$47,$AA165)))","v":""},{"$f":"IF(OR($J165=\"\",$AA165=\"\"),\"\",$J165*N(INDEX(Fertilisants!$K$8:$K$47,$AA165)))","v":""},"",{"$nulls":5},"",null,null,{"$f":"IF($D165=\"\",\"\",IFERROR(MATCH($D165,Îlots!$D$8:$D$57,0),\"\"))","v":""},{"$f":"IF($G165=\"\",\"\",IFERROR(MATCH($G165,Fertilisants!$B$8:$B$47,0),\"\"))","v":""},{"$f":"IF($Z165=\"\",\"\",INDEX(Îlots!$E$8:$E$57,$Z165))","v":""},{"$f":"IF($Z165=\"\",\"\",INDEX(Îlots!$G$8:$G$57,$Z165)&\"\")","v":""},{"$f":"IF($Z165=\"\",\"\",IF($F165=ApportCouvert,OccCouvert,INDEX(Îlots!$O$8:$O$57,$Z165)&\"\"))","v":""},"","","",0,0,0,0,0,{"$f":"IF($AA165=\"\",0,IF(INDEX(Fertilisants!$C$8:$C$47,$AA165)=\"Effluent d'élevage\",1,0))","v":0},{"$f":"IF($AA165=\"\",\"\",IF(INDEX(Fertilisants!$C$8:$C$47,$AA165)=\"Engrais minéral\",\"Minéral\",\"Organique\"))","v":""},"","","",{"$f":"IF(AND($D165<>\"\",$D165=FicheIlot),COUNTIF($D$8:$D165,FicheIlot),\"\")","v":""}]
[null,{"$f":"IF(C166=\"\",\"\",COUNT($C$8:C166))","v":""},null,null,{"$f":"IF($Z166=\"\",\"\",IF($F166=ApportCouvert,INDEX(Îlots!$I$8:$I$57,$Z166)&\"\",INDEX(Îlots!$N$8:$N$57,$Z166)&\"\"))","v":""},null,null,{"$f":"IF($AA166=\"\",\"\",INDEX(Fertilisants!$D$8:$D$47,$AA166)&\"\")","v":""},null,null,{"$f":"IF($AA166=\"\",\"\",INDEX(Fertilisants!$E$8:$E$47,$AA166)&\"\")","v":""},"",{"$f":"IF(OR($J166=\"\",$AA166=\"\"),\"\",$J166*N(INDEX(Fertilisants!$G$8:$G$47,$AA166)))","v":""},{"$f":"IF(OR($J166=\"\",$AA166=\"\"),\"\",$J166*N(INDEX(Fertilisants!$I$8:$I$47,$AA166)))","v":""},{"$f":"IF(OR($J166=\"\",$AA166=\"\"),\"\",$J166*N(INDEX(Fertilisants!$J$8:$J$47,$AA166)))","v":""},{"$f":"IF(OR($J166=\"\",$AA166=\"\"),\"\",$J166*N(INDEX(Fertilisants!$K$8:$K$47,$AA166)))","v":""},"",{"$nulls":5},"",null,null,{"$f":"IF($D166=\"\",\"\",IFERROR(MATCH($D166,Îlots!$D$8:$D$57,0),\"\"))","v":""},{"$f":"IF($G166=\"\",\"\",IFERROR(MATCH($G166,Fertilisants!$B$8:$B$47,0),\"\"))","v":""},{"$f":"IF($Z166=\"\",\"\",INDEX(Îlots!$E$8:$E$57,$Z166))","v":""},{"$f":"IF($Z166=\"\",\"\",INDEX(Îlots!$G$8:$G$57,$Z166)&\"\")","v":""},{"$f":"IF($Z166=\"\",\"\",IF($F166=ApportCouvert,OccCouvert,INDEX(Îlots!$O$8:$O$57,$Z166)&\"\"))","v":""},"","","",0,0,0,0,0,{"$f":"IF($AA166=\"\",0,IF(INDEX(Fertilisants!$C$8:$C$47,$AA166)=\"Effluent d'élevage\",1,0))","v":0},{"$f":"IF($AA166=\"\",\"\",IF(INDEX(Fertilisants!$C$8:$C$47,$AA166)=\"Engrais minéral\",\"Minéral\",\"Organique\"))","v":""},"","","",{"$f":"IF(AND($D166<>\"\",$D166=FicheIlot),COUNTIF($D$8:$D166,FicheIlot),\"\")","v":""}]
[null,{"$f":"IF(C167=\"\",\"\",COUNT($C$8:C167))","v":""},null,null,{"$f":"IF($Z167=\"\",\"\",IF($F167=ApportCouvert,INDEX(Îlots!$I$8:$I$57,$Z167)&\"\",INDEX(Îlots!$N$8:$N$57,$Z167)&\"\"))","v":""},null,null,{"$f":"IF($AA167=\"\",\"\",INDEX(Fertilisants!$D$8:$D$47,$AA167)&\"\")","v":""},null,null,{"$f":"IF($AA167=\"\",\"\",INDEX(Fertilisants!$E$8:$E$47,$AA167)&\"\")","v":""},"",{"$f":"IF(OR($J167=\"\",$AA167=\"\"),\"\",$J167*N(INDEX(Fertilisants!$G$8:$G$47,$AA167)))","v":""},{"$f":"IF(OR($J167=\"\",$AA167=\"\"),\"\",$J167*N(INDEX(Fertilisants!$I$8:$I$47,$AA167)))","v":""},{"$f":"IF(OR($J167=\"\",$AA167=\"\"),\"\",$J167*N(INDEX(Fertilisants!$J$8:$J$47,$AA167)))","v":""},{"$f":"IF(OR($J167=\"\",$AA167=\"\"),\"\",$J167*N(INDEX(Fertilisants!$K$8:$K$47,$AA167)))","v":""},"",{"$nulls":5},"",null,null,{"$f":"IF($D167=\"\",\"\",IFERROR(MATCH($D167,Îlots!$D$8:$D$57,0),\"\"))","v":""},{"$f":"IF($G167=\"\",\"\",IFERROR(MATCH($G167,Fertilisants!$B$8:$B$47,0),\"\"))","v":""},{"$f":"IF($Z167=\"\",\"\",INDEX(Îlots!$E$8:$E$57,$Z167))","v":""},{"$f":"IF($Z167=\"\",\"\",INDEX(Îlots!$G$8:$G$57,$Z167)&\"\")","v":""},{"$f":"IF($Z167=\"\",\"\",IF($F167=ApportCouvert,OccCouvert,INDEX(Îlots!$O$8:$O$57,$Z167)&\"\"))","v":""},"","","",0,0,0,0,0,{"$f":"IF($AA167=\"\",0,IF(INDEX(Fertilisants!$C$8:$C$47,$AA167)=\"Effluent d'élevage\",1,0))","v":0},{"$f":"IF($AA167=\"\",\"\",IF(INDEX(Fertilisants!$C$8:$C$47,$AA167)=\"Engrais minéral\",\"Minéral\",\"Organique\"))","v":""},"","","",{"$f":"IF(AND($D167<>\"\",$D167=FicheIlot),COUNTIF($D$8:$D167,FicheIlot),\"\")","v":""}]
[null,{"$f":"IF(C168=\"\",\"\",COUNT($C$8:C168))","v":""},null,null,{"$f":"IF($Z168=\"\",\"\",IF($F168=ApportCouvert,INDEX(Îlots!$I$8:$I$57,$Z168)&\"\",INDEX(Îlots!$N$8:$N$57,$Z168)&\"\"))","v":""},null,null,{"$f":"IF($AA168=\"\",\"\",INDEX(Fertilisants!$D$8:$D$47,$AA168)&\"\")","v":""},null,null,{"$f":"IF($AA168=\"\",\"\",INDEX(Fertilisants!$E$8:$E$47,$AA168)&\"\")","v":""},"",{"$f":"IF(OR($J168=\"\",$AA168=\"\"),\"\",$J168*N(INDEX(Fertilisants!$G$8:$G$47,$AA168)))","v":""},{"$f":"IF(OR($J168=\"\",$AA168=\"\"),\"\",$J168*N(INDEX(Fertilisants!$I$8:$I$47,$AA168)))","v":""},{"$f":"IF(OR($J168=\"\",$AA168=\"\"),\"\",$J168*N(INDEX(Fertilisants!$J$8:$J$47,$AA168)))","v":""},{"$f":"IF(OR($J168=\"\",$AA168=\"\"),\"\",$J168*N(INDEX(Fertilisants!$K$8:$K$47,$AA168)))","v":""},"",{"$nulls":5},"",null,null,{"$f":"IF($D168=\"\",\"\",IFERROR(MATCH($D168,Îlots!$D$8:$D$57,0),\"\"))","v":""},{"$f":"IF($G168=\"\",\"\",IFERROR(MATCH($G168,Fertilisants!$B$8:$B$47,0),\"\"))","v":""},{"$f":"IF($Z168=\"\",\"\",INDEX(Îlots!$E$8:$E$57,$Z168))","v":""},{"$f":"IF($Z168=\"\",\"\",INDEX(Îlots!$G$8:$G$57,$Z168)&\"\")","v":""},{"$f":"IF($Z168=\"\",\"\",IF($F168=ApportCouvert,OccCouvert,INDEX(Îlots!$O$8:$O$57,$Z168)&\"\"))","v":""},"","","",0,0,0,0,0,{"$f":"IF($AA168=\"\",0,IF(INDEX(Fertilisants!$C$8:$C$47,$AA168)=\"Effluent d'élevage\",1,0))","v":0},{"$f":"IF($AA168=\"\",\"\",IF(INDEX(Fertilisants!$C$8:$C$47,$AA168)=\"Engrais minéral\",\"Minéral\",\"Organique\"))","v":""},"","","",{"$f":"IF(AND($D168<>\"\",$D168=FicheIlot),COUNTIF($D$8:$D168,FicheIlot),\"\")","v":""}]
[null,{"$f":"IF(C169=\"\",\"\",COUNT($C$8:C169))","v":""},null,null,{"$f":"IF($Z169=\"\",\"\",IF($F169=ApportCouvert,INDEX(Îlots!$I$8:$I$57,$Z169)&\"\",INDEX(Îlots!$N$8:$N$57,$Z169)&\"\"))","v":""},null,null,{"$f":"IF($AA169=\"\",\"\",INDEX(Fertilisants!$D$8:$D$47,$AA169)&\"\")","v":""},null,null,{"$f":"IF($AA169=\"\",\"\",INDEX(Fertilisants!$E$8:$E$47,$AA169)&\"\")","v":""},"",{"$f":"IF(OR($J169=\"\",$AA169=\"\"),\"\",$J169*N(INDEX(Fertilisants!$G$8:$G$47,$AA169)))","v":""},{"$f":"IF(OR($J169=\"\",$AA169=\"\"),\"\",$J169*N(INDEX(Fertilisants!$I$8:$I$47,$AA169)))","v":""},{"$f":"IF(OR($J169=\"\",$AA169=\"\"),\"\",$J169*N(INDEX(Fertilisants!$J$8:$J$47,$AA169)))","v":""},{"$f":"IF(OR($J169=\"\",$AA169=\"\"),\"\",$J169*N(INDEX(Fertilisants!$K$8:$K$47,$AA169)))","v":""},"",{"$nulls":5},"",null,null,{"$f":"IF($D169=\"\",\"\",IFERROR(MATCH($D169,Îlots!$D$8:$D$57,0),\"\"))","v":""},{"$f":"IF($G169=\"\",\"\",IFERROR(MATCH($G169,Fertilisants!$B$8:$B$47,0),\"\"))","v":""},{"$f":"IF($Z169=\"\",\"\",INDEX(Îlots!$E$8:$E$57,$Z169))","v":""},{"$f":"IF($Z169=\"\",\"\",INDEX(Îlots!$G$8:$G$57,$Z169)&\"\")","v":""},{"$f":"IF($Z169=\"\",\"\",IF($F169=ApportCouvert,OccCouvert,INDEX(Îlots!$O$8:$O$57,$Z169)&\"\"))","v":""},"","","",0,0,0,0,0,{"$f":"IF($AA169=\"\",0,IF(INDEX(Fertilisants!$C$8:$C$47,$AA169)=\"Effluent d'élevage\",1,0))","v":0},{"$f":"IF($AA169=\"\",\"\",IF(INDEX(Fertilisants!$C$8:$C$47,$AA169)=\"Engrais minéral\",\"Minéral\",\"Organique\"))","v":""},"","","",{"$f":"IF(AND($D169<>\"\",$D169=FicheIlot),COUNTIF($D$8:$D169,FicheIlot),\"\")","v":""}]
[null,{"$f":"IF(C170=\"\",\"\",COUNT($C$8:C170))","v":""},null,null,{"$f":"IF($Z170=\"\",\"\",IF($F170=ApportCouvert,INDEX(Îlots!$I$8:$I$57,$Z170)&\"\",INDEX(Îlots!$N$8:$N$57,$Z170)&\"\"))","v":""},null,null,{"$f":"IF($AA170=\"\",\"\",INDEX(Fertilisants!$D$8:$D$47,$AA170)&\"\")","v":""},null,null,{"$f":"IF($AA170=\"\",\"\",INDEX(Fertilisants!$E$8:$E$47,$AA170)&\"\")","v":""},"",{"$f":"IF(OR($J170=\"\",$AA170=\"\"),\"\",$J170*N(INDEX(Fertilisants!$G$8:$G$47,$AA170)))","v":""},{"$f":"IF(OR($J170=\"\",$AA170=\"\"),\"\",$J170*N(INDEX(Fertilisants!$I$8:$I$47,$AA170)))","v":""},{"$f":"IF(OR($J170=\"\",$AA170=\"\"),\"\",$J170*N(INDEX(Fertilisants!$J$8:$J$47,$AA170)))","v":""},{"$f":"IF(OR($J170=\"\",$AA170=\"\"),\"\",$J170*N(INDEX(Fertilisants!$K$8:$K$47,$AA170)))","v":""},"",{"$nulls":5},"",null,null,{"$f":"IF($D170=\"\",\"\",IFERROR(MATCH($D170,Îlots!$D$8:$D$57,0),\"\"))","v":""},{"$f":"IF($G170=\"\",\"\",IFERROR(MATCH($G170,Fertilisants!$B$8:$B$47,0),\"\"))","v":""},{"$f":"IF($Z170=\"\",\"\",INDEX(Îlots!$E$8:$E$57,$Z170))","v":""},{"$f":"IF($Z170=\"\",\"\",INDEX(Îlots!$G$8:$G$57,$Z170)&\"\")","v":""},{"$f":"IF($Z170=\"\",\"\",IF($F170=ApportCouvert,OccCouvert,INDEX(Îlots!$O$8:$O$57,$Z170)&\"\"))","v":""},"","","",0,0,0,0,0,{"$f":"IF($AA170=\"\",0,IF(INDEX(Fertilisants!$C$8:$C$47,$AA170)=\"Effluent d'élevage\",1,0))","v":0},{"$f":"IF($AA170=\"\",\"\",IF(INDEX(Fertilisants!$C$8:$C$47,$AA170)=\"Engrais minéral\",\"Minéral\",\"Organique\"))","v":""},"","","",{"$f":"IF(AND($D170<>\"\",$D170=FicheIlot),COUNTIF($D$8:$D170,FicheIlot),\"\")","v":""}]
[null,{"$f":"IF(C171=\"\",\"\",COUNT($C$8:C171))","v":""},null,null,{"$f":"IF($Z171=\"\",\"\",IF($F171=ApportCouvert,INDEX(Îlots!$I$8:$I$57,$Z171)&\"\",INDEX(Îlots!$N$8:$N$57,$Z171)&\"\"))","v":""},null,null,{"$f":"IF($AA171=\"\",\"\",INDEX(Fertilisants!$D$8:$D$47,$AA171)&\"\")","v":""},null,null,{"$f":"IF($AA171=\"\",\"\",INDEX(Fertilisants!$E$8:$E$47,$AA171)&\"\")","v":""},"",{"$f":"IF(OR($J171=\"\",$AA171=\"\"),\"\",$J171*N(INDEX(Fertilisants!$G$8:$G$47,$AA171)))","v":""},{"$f":"IF(OR($J171=\"\",$AA171=\"\"),\"\",$J171*N(INDEX(Fertilisants!$I$8:$I$47,$AA171)))","v":""},{"$f":"IF(OR($J171=\"\",$AA171=\"\"),\"\",$J171*N(INDEX(Fertilisants!$J$8:$J$47,$AA171)))","v":""},{"$f":"IF(OR($J171=\"\",$AA171=\"\"),\"\",$J171*N(INDEX(Fertilisants!$K$8:$K$47,$AA171)))","v":""},"",{"$nulls":5},"",null,null,{"$f":"IF($D171=\"\",\"\",IFERROR(MATCH($D171,Îlots!$D$8:$D$57,0),\"\"))","v":""},{"$f":"IF($G171=\"\",\"\",IFERROR(MATCH($G171,Fertilisants!$B$8:$B$47,0),\"\"))","v":""},{"$f":"IF($Z171=\"\",\"\",INDEX(Îlots!$E$8:$E$57,$Z171))","v":""},{"$f":"IF($Z171=\"\",\"\",INDEX(Îlots!$G$8:$G$57,$Z171)&\"\")","v":""},{"$f":"IF($Z171=\"\",\"\",IF($F171=ApportCouvert,OccCouvert,INDEX(Îlots!$O$8:$O$57,$Z171)&\"\"))","v":""},"","","",0,0,0,0,0,{"$f":"IF($AA171=\"\",0,IF(INDEX(Fertilisants!$C$8:$C$47,$AA171)=\"Effluent d'élevage\",1,0))","v":0},{"$f":"IF($AA171=\"\",\"\",IF(INDEX(Fertilisants!$C$8:$C$47,$AA171)=\"Engrais minéral\",\"Minéral\",\"Organique\"))","v":""},"","","",{"$f":"IF(AND($D171<>\"\",$D171=FicheIlot),COUNTIF($D$8:$D171,FicheIlot),\"\")","v":""}]
[null,{"$f":"IF(C172=\"\",\"\",COUNT($C$8:C172))","v":""},null,null,{"$f":"IF($Z172=\"\",\"\",IF($F172=ApportCouvert,INDEX(Îlots!$I$8:$I$57,$Z172)&\"\",INDEX(Îlots!$N$8:$N$57,$Z172)&\"\"))","v":""},null,null,{"$f":"IF($AA172=\"\",\"\",INDEX(Fertilisants!$D$8:$D$47,$AA172)&\"\")","v":""},null,null,{"$f":"IF($AA172=\"\",\"\",INDEX(Fertilisants!$E$8:$E$47,$AA172)&\"\")","v":""},"",{"$f":"IF(OR($J172=\"\",$AA172=\"\"),\"\",$J172*N(INDEX(Fertilisants!$G$8:$G$47,$AA172)))","v":""},{"$f":"IF(OR($J172=\"\",$AA172=\"\"),\"\",$J172*N(INDEX(Fertilisants!$I$8:$I$47,$AA172)))","v":""},{"$f":"IF(OR($J172=\"\",$AA172=\"\"),\"\",$J172*N(INDEX(Fertilisants!$J$8:$J$47,$AA172)))","v":""},{"$f":"IF(OR($J172=\"\",$AA172=\"\"),\"\",$J172*N(INDEX(Fertilisants!$K$8:$K$47,$AA172)))","v":""},"",{"$nulls":5},"",null,null,{"$f":"IF($D172=\"\",\"\",IFERROR(MATCH($D172,Îlots!$D$8:$D$57,0),\"\"))","v":""},{"$f":"IF($G172=\"\",\"\",IFERROR(MATCH($G172,Fertilisants!$B$8:$B$47,0),\"\"))","v":""},{"$f":"IF($Z172=\"\",\"\",INDEX(Îlots!$E$8:$E$57,$Z172))","v":""},{"$f":"IF($Z172=\"\",\"\",INDEX(Îlots!$G$8:$G$57,$Z172)&\"\")","v":""},{"$f":"IF($Z172=\"\",\"\",IF($F172=ApportCouvert,OccCouvert,INDEX(Îlots!$O$8:$O$57,$Z172)&\"\"))","v":""},"","","",0,0,0,0,0,{"$f":"IF($AA172=\"\",0,IF(INDEX(Fertilisants!$C$8:$C$47,$AA172)=\"Effluent d'élevage\",1,0))","v":0},{"$f":"IF($AA172=\"\",\"\",IF(INDEX(Fertilisants!$C$8:$C$47,$AA172)=\"Engrais minéral\",\"Minéral\",\"Organique\"))","v":""},"","","",{"$f":"IF(AND($D172<>\"\",$D172=FicheIlot),COUNTIF($D$8:$D172,FicheIlot),\"\")","v":""}]
[null,{"$f":"IF(C173=\"\",\"\",COUNT($C$8:C173))","v":""},null,null,{"$f":"IF($Z173=\"\",\"\",IF($F173=ApportCouvert,INDEX(Îlots!$I$8:$I$57,$Z173)&\"\",INDEX(Îlots!$N$8:$N$57,$Z173)&\"\"))","v":""},null,null,{"$f":"IF($AA173=\"\",\"\",INDEX(Fertilisants!$D$8:$D$47,$AA173)&\"\")","v":""},null,null,{"$f":"IF($AA173=\"\",\"\",INDEX(Fertilisants!$E$8:$E$47,$AA173)&\"\")","v":""},"",{"$f":"IF(OR($J173=\"\",$AA173=\"\"),\"\",$J173*N(INDEX(Fertilisants!$G$8:$G$47,$AA173)))","v":""},{"$f":"IF(OR($J173=\"\",$AA173=\"\"),\"\",$J173*N(INDEX(Fertilisants!$I$8:$I$47,$AA173)))","v":""},{"$f":"IF(OR($J173=\"\",$AA173=\"\"),\"\",$J173*N(INDEX(Fertilisants!$J$8:$J$47,$AA173)))","v":""},{"$f":"IF(OR($J173=\"\",$AA173=\"\"),\"\",$J173*N(INDEX(Fertilisants!$K$8:$K$47,$AA173)))","v":""},"",{"$nulls":5},"",null,null,{"$f":"IF($D173=\"\",\"\",IFERROR(MATCH($D173,Îlots!$D$8:$D$57,0),\"\"))","v":""},{"$f":"IF($G173=\"\",\"\",IFERROR(MATCH($G173,Fertilisants!$B$8:$B$47,0),\"\"))","v":""},{"$f":"IF($Z173=\"\",\"\",INDEX(Îlots!$E$8:$E$57,$Z173))","v":""},{"$f":"IF($Z173=\"\",\"\",INDEX(Îlots!$G$8:$G$57,$Z173)&\"\")","v":""},{"$f":"IF($Z173=\"\",\"\",IF($F173=ApportCouvert,OccCouvert,INDEX(Îlots!$O$8:$O$57,$Z173)&\"\"))","v":""},"","","",0,0,0,0,0,{"$f":"IF($AA173=\"\",0,IF(INDEX(Fertilisants!$C$8:$C$47,$AA173)=\"Effluent d'élevage\",1,0))","v":0},{"$f":"IF($AA173=\"\",\"\",IF(INDEX(Fertilisants!$C$8:$C$47,$AA173)=\"Engrais minéral\",\"Minéral\",\"Organique\"))","v":""},"","","",{"$f":"IF(AND($D173<>\"\",$D173=FicheIlot),COUNTIF($D$8:$D173,FicheIlot),\"\")","v":""}]
[null,{"$f":"IF(C174=\"\",\"\",COUNT($C$8:C174))","v":""},null,null,{"$f":"IF($Z174=\"\",\"\",IF($F174=ApportCouvert,INDEX(Îlots!$I$8:$I$57,$Z174)&\"\",INDEX(Îlots!$N$8:$N$57,$Z174)&\"\"))","v":""},null,null,{"$f":"IF($AA174=\"\",\"\",INDEX(Fertilisants!$D$8:$D$47,$AA174)&\"\")","v":""},null,null,{"$f":"IF($AA174=\"\",\"\",INDEX(Fertilisants!$E$8:$E$47,$AA174)&\"\")","v":""},"",{"$f":"IF(OR($J174=\"\",$AA174=\"\"),\"\",$J174*N(INDEX(Fertilisants!$G$8:$G$47,$AA174)))","v":""},{"$f":"IF(OR($J174=\"\",$AA174=\"\"),\"\",$J174*N(INDEX(Fertilisants!$I$8:$I$47,$AA174)))","v":""},{"$f":"IF(OR($J174=\"\",$AA174=\"\"),\"\",$J174*N(INDEX(Fertilisants!$J$8:$J$47,$AA174)))","v":""},{"$f":"IF(OR($J174=\"\",$AA174=\"\"),\"\",$J174*N(INDEX(Fertilisants!$K$8:$K$47,$AA174)))","v":""},"",{"$nulls":5},"",null,null,{"$f":"IF($D174=\"\",\"\",IFERROR(MATCH($D174,Îlots!$D$8:$D$57,0),\"\"))","v":""},{"$f":"IF($G174=\"\",\"\",IFERROR(MATCH($G174,Fertilisants!$B$8:$B$47,0),\"\"))","v":""},{"$f":"IF($Z174=\"\",\"\",INDEX(Îlots!$E$8:$E$57,$Z174))","v":""},{"$f":"IF($Z174=\"\",\"\",INDEX(Îlots!$G$8:$G$57,$Z174)&\"\")","v":""},{"$f":"IF($Z174=\"\",\"\",IF($F174=ApportCouvert,OccCouvert,INDEX(Îlots!$O$8:$O$57,$Z174)&\"\"))","v":""},"","","",0,0,0,0,0,{"$f":"IF($AA174=\"\",0,IF(INDEX(Fertilisants!$C$8:$C$47,$AA174)=\"Effluent d'élevage\",1,0))","v":0},{"$f":"IF($AA174=\"\",\"\",IF(INDEX(Fertilisants!$C$8:$C$47,$AA174)=\"Engrais minéral\",\"Minéral\",\"Organique\"))","v":""},"","","",{"$f":"IF(AND($D174<>\"\",$D174=FicheIlot),COUNTIF($D$8:$D174,FicheIlot),\"\")","v":""}]
[null,{"$f":"IF(C175=\"\",\"\",COUNT($C$8:C175))","v":""},null,null,{"$f":"IF($Z175=\"\",\"\",IF($F175=ApportCouvert,INDEX(Îlots!$I$8:$I$57,$Z175)&\"\",INDEX(Îlots!$N$8:$N$57,$Z175)&\"\"))","v":""},null,null,{"$f":"IF($AA175=\"\",\"\",INDEX(Fertilisants!$D$8:$D$47,$AA175)&\"\")","v":""},null,null,{"$f":"IF($AA175=\"\",\"\",INDEX(Fertilisants!$E$8:$E$47,$AA175)&\"\")","v":""},"",{"$f":"IF(OR($J175=\"\",$AA175=\"\"),\"\",$J175*N(INDEX(Fertilisants!$G$8:$G$47,$AA175)))","v":""},{"$f":"IF(OR($J175=\"\",$AA175=\"\"),\"\",$J175*N(INDEX(Fertilisants!$I$8:$I$47,$AA175)))","v":""},{"$f":"IF(OR($J175=\"\",$AA175=\"\"),\"\",$J175*N(INDEX(Fertilisants!$J$8:$J$47,$AA175)))","v":""},{"$f":"IF(OR($J175=\"\",$AA175=\"\"),\"\",$J175*N(INDEX(Fertilisants!$K$8:$K$47,$AA175)))","v":""},"",{"$nulls":5},"",null,null,{"$f":"IF($D175=\"\",\"\",IFERROR(MATCH($D175,Îlots!$D$8:$D$57,0),\"\"))","v":""},{"$f":"IF($G175=\"\",\"\",IFERROR(MATCH($G175,Fertilisants!$B$8:$B$47,0),\"\"))","v":""},{"$f":"IF($Z175=\"\",\"\",INDEX(Îlots!$E$8:$E$57,$Z175))","v":""},{"$f":"IF($Z175=\"\",\"\",INDEX(Îlots!$G$8:$G$57,$Z175)&\"\")","v":""},{"$f":"IF($Z175=\"\",\"\",IF($F175=ApportCouvert,OccCouvert,INDEX(Îlots!$O$8:$O$57,$Z175)&\"\"))","v":""},"","","",0,0,0,0,0,{"$f":"IF($AA175=\"\",0,IF(INDEX(Fertilisants!$C$8:$C$47,$AA175)=\"Effluent d'élevage\",1,0))","v":0},{"$f":"IF($AA175=\"\",\"\",IF(INDEX(Fertilisants!$C$8:$C$47,$AA175)=\"Engrais minéral\",\"Minéral\",\"Organique\"))","v":""},"","","",{"$f":"IF(AND($D175<>\"\",$D175=FicheIlot),COUNTIF($D$8:$D175,FicheIlot),\"\")","v":""}]
[null,{"$f":"IF(C176=\"\",\"\",COUNT($C$8:C176))","v":""},null,null,{"$f":"IF($Z176=\"\",\"\",IF($F176=ApportCouvert,INDEX(Îlots!$I$8:$I$57,$Z176)&\"\",INDEX(Îlots!$N$8:$N$57,$Z176)&\"\"))","v":""},null,null,{"$f":"IF($AA176=\"\",\"\",INDEX(Fertilisants!$D$8:$D$47,$AA176)&\"\")","v":""},null,null,{"$f":"IF($AA176=\"\",\"\",INDEX(Fertilisants!$E$8:$E$47,$AA176)&\"\")","v":""},"",{"$f":"IF(OR($J176=\"\",$AA176=\"\"),\"\",$J176*N(INDEX(Fertilisants!$G$8:$G$47,$AA176)))","v":""},{"$f":"IF(OR($J176=\"\",$AA176=\"\"),\"\",$J176*N(INDEX(Fertilisants!$I$8:$I$47,$AA176)))","v":""},{"$f":"IF(OR($J176=\"\",$AA176=\"\"),\"\",$J176*N(INDEX(Fertilisants!$J$8:$J$47,$AA176)))","v":""},{"$f":"IF(OR($J176=\"\",$AA176=\"\"),\"\",$J176*N(INDEX(Fertilisants!$K$8:$K$47,$AA176)))","v":""},"",{"$nulls":5},"",null,null,{"$f":"IF($D176=\"\",\"\",IFERROR(MATCH($D176,Îlots!$D$8:$D$57,0),\"\"))","v":""},{"$f":"IF($G176=\"\",\"\",IFERROR(MATCH($G176,Fertilisants!$B$8:$B$47,0),\"\"))","v":""},{"$f":"IF($Z176=\"\",\"\",INDEX(Îlots!$E$8:$E$57,$Z176))","v":""},{"$f":"IF($Z176=\"\",\"\",INDEX(Îlots!$G$8:$G$57,$Z176)&\"\")","v":""},{"$f":"IF($Z176=\"\",\"\",IF($F176=ApportCouvert,OccCouvert,INDEX(Îlots!$O$8:$O$57,$Z176)&\"\"))","v":""},"","","",0,0,0,0,0,{"$f":"IF($AA176=\"\",0,IF(INDEX(Fertilisants!$C$8:$C$47,$AA176)=\"Effluent d'élevage\",1,0))","v":0},{"$f":"IF($AA176=\"\",\"\",IF(INDEX(Fertilisants!$C$8:$C$47,$AA176)=\"Engrais minéral\",\"Minéral\",\"Organique\"))","v":""},"","","",{"$f":"IF(AND($D176<>\"\",$D176=FicheIlot),COUNTIF($D$8:$D176,FicheIlot),\"\")","v":""}]
[null,{"$f":"IF(C177=\"\",\"\",COUNT($C$8:C177))","v":""},null,null,{"$f":"IF($Z177=\"\",\"\",IF($F177=ApportCouvert,INDEX(Îlots!$I$8:$I$57,$Z177)&\"\",INDEX(Îlots!$N$8:$N$57,$Z177)&\"\"))","v":""},null,null,{"$f":"IF($AA177=\"\",\"\",INDEX(Fertilisants!$D$8:$D$47,$AA177)&\"\")","v":""},null,null,{"$f":"IF($AA177=\"\",\"\",INDEX(Fertilisants!$E$8:$E$47,$AA177)&\"\")","v":""},"",{"$f":"IF(OR($J177=\"\",$AA177=\"\"),\"\",$J177*N(INDEX(Fertilisants!$G$8:$G$47,$AA177)))","v":""},{"$f":"IF(OR($J177=\"\",$AA177=\"\"),\"\",$J177*N(INDEX(Fertilisants!$I$8:$I$47,$AA177)))","v":""},{"$f":"IF(OR($J177=\"\",$AA177=\"\"),\"\",$J177*N(INDEX(Fertilisants!$J$8:$J$47,$AA177)))","v":""},{"$f":"IF(OR($J177=\"\",$AA177=\"\"),\"\",$J177*N(INDEX(Fertilisants!$K$8:$K$47,$AA177)))","v":""},"",{"$nulls":5},"",null,null,{"$f":"IF($D177=\"\",\"\",IFERROR(MATCH($D177,Îlots!$D$8:$D$57,0),\"\"))","v":""},{"$f":"IF($G177=\"\",\"\",IFERROR(MATCH($G177,Fertilisants!$B$8:$B$47,0),\"\"))","v":""},{"$f":"IF($Z177=\"\",\"\",INDEX(Îlots!$E$8:$E$57,$Z177))","v":""},{"$f":"IF($Z177=\"\",\"\",INDEX(Îlots!$G$8:$G$57,$Z177)&\"\")","v":""},{"$f":"IF($Z177=\"\",\"\",IF($F177=ApportCouvert,OccCouvert,INDEX(Îlots!$O$8:$O$57,$Z177)&\"\"))","v":""},"","","",0,0,0,0,0,{"$f":"IF($AA177=\"\",0,IF(INDEX(Fertilisants!$C$8:$C$47,$AA177)=\"Effluent d'élevage\",1,0))","v":0},{"$f":"IF($AA177=\"\",\"\",IF(INDEX(Fertilisants!$C$8:$C$47,$AA177)=\"Engrais minéral\",\"Minéral\",\"Organique\"))","v":""},"","","",{"$f":"IF(AND($D177<>\"\",$D177=FicheIlot),COUNTIF($D$8:$D177,FicheIlot),\"\")","v":""}]
[null,{"$f":"IF(C178=\"\",\"\",COUNT($C$8:C178))","v":""},null,null,{"$f":"IF($Z178=\"\",\"\",IF($F178=ApportCouvert,INDEX(Îlots!$I$8:$I$57,$Z178)&\"\",INDEX(Îlots!$N$8:$N$57,$Z178)&\"\"))","v":""},null,null,{"$f":"IF($AA178=\"\",\"\",INDEX(Fertilisants!$D$8:$D$47,$AA178)&\"\")","v":""},null,null,{"$f":"IF($AA178=\"\",\"\",INDEX(Fertilisants!$E$8:$E$47,$AA178)&\"\")","v":""},"",{"$f":"IF(OR($J178=\"\",$AA178=\"\"),\"\",$J178*N(INDEX(Fertilisants!$G$8:$G$47,$AA178)))","v":""},{"$f":"IF(OR($J178=\"\",$AA178=\"\"),\"\",$J178*N(INDEX(Fertilisants!$I$8:$I$47,$AA178)))","v":""},{"$f":"IF(OR($J178=\"\",$AA178=\"\"),\"\",$J178*N(INDEX(Fertilisants!$J$8:$J$47,$AA178)))","v":""},{"$f":"IF(OR($J178=\"\",$AA178=\"\"),\"\",$J178*N(INDEX(Fertilisants!$K$8:$K$47,$AA178)))","v":""},"",{"$nulls":5},"",null,null,{"$f":"IF($D178=\"\",\"\",IFERROR(MATCH($D178,Îlots!$D$8:$D$57,0),\"\"))","v":""},{"$f":"IF($G178=\"\",\"\",IFERROR(MATCH($G178,Fertilisants!$B$8:$B$47,0),\"\"))","v":""},{"$f":"IF($Z178=\"\",\"\",INDEX(Îlots!$E$8:$E$57,$Z178))","v":""},{"$f":"IF($Z178=\"\",\"\",INDEX(Îlots!$G$8:$G$57,$Z178)&\"\")","v":""},{"$f":"IF($Z178=\"\",\"\",IF($F178=ApportCouvert,OccCouvert,INDEX(Îlots!$O$8:$O$57,$Z178)&\"\"))","v":""},"","","",0,0,0,0,0,{"$f":"IF($AA178=\"\",0,IF(INDEX(Fertilisants!$C$8:$C$47,$AA178)=\"Effluent d'élevage\",1,0))","v":0},{"$f":"IF($AA178=\"\",\"\",IF(INDEX(Fertilisants!$C$8:$C$47,$AA178)=\"Engrais minéral\",\"Minéral\",\"Organique\"))","v":""},"","","",{"$f":"IF(AND($D178<>\"\",$D178=FicheIlot),COUNTIF($D$8:$D178,FicheIlot),\"\")","v":""}]
[null,{"$f":"IF(C179=\"\",\"\",COUNT($C$8:C179))","v":""},null,null,{"$f":"IF($Z179=\"\",\"\",IF($F179=ApportCouvert,INDEX(Îlots!$I$8:$I$57,$Z179)&\"\",INDEX(Îlots!$N$8:$N$57,$Z179)&\"\"))","v":""},null,null,{"$f":"IF($AA179=\"\",\"\",INDEX(Fertilisants!$D$8:$D$47,$AA179)&\"\")","v":""},null,null,{"$f":"IF($AA179=\"\",\"\",INDEX(Fertilisants!$E$8:$E$47,$AA179)&\"\")","v":""},"",{"$f":"IF(OR($J179=\"\",$AA179=\"\"),\"\",$J179*N(INDEX(Fertilisants!$G$8:$G$47,$AA179)))","v":""},{"$f":"IF(OR($J179=\"\",$AA179=\"\"),\"\",$J179*N(INDEX(Fertilisants!$I$8:$I$47,$AA179)))","v":""},{"$f":"IF(OR($J179=\"\",$AA179=\"\"),\"\",$J179*N(INDEX(Fertilisants!$J$8:$J$47,$AA179)))","v":""},{"$f":"IF(OR($J179=\"\",$AA179=\"\"),\"\",$J179*N(INDEX(Fertilisants!$K$8:$K$47,$AA179)))","v":""},"",{"$nulls":5},"",null,null,{"$f":"IF($D179=\"\",\"\",IFERROR(MATCH($D179,Îlots!$D$8:$D$57,0),\"\"))","v":""},{"$f":"IF($G179=\"\",\"\",IFERROR(MATCH($G179,Fertilisants!$B$8:$B$47,0),\"\"))","v":""},{"$f":"IF($Z179=\"\",\"\",INDEX(Îlots!$E$8:$E$57,$Z179))","v":""},{"$f":"IF($Z179=\"\",\"\",INDEX(Îlots!$G$8:$G$57,$Z179)&\"\")","v":""},{"$f":"IF($Z179=\"\",\"\",IF($F179=ApportCouvert,OccCouvert,INDEX(Îlots!$O$8:$O$57,$Z179)&\"\"))","v":""},"","","",0,0,0,0,0,{"$f":"IF($AA179=\"\",0,IF(INDEX(Fertilisants!$C$8:$C$47,$AA179)=\"Effluent d'élevage\",1,0))","v":0},{"$f":"IF($AA179=\"\",\"\",IF(INDEX(Fertilisants!$C$8:$C$47,$AA179)=\"Engrais minéral\",\"Minéral\",\"Organique\"))","v":""},"","","",{"$f":"IF(AND($D179<>\"\",$D179=FicheIlot),COUNTIF($D$8:$D179,FicheIlot),\"\")","v":""}]
[null,{"$f":"IF(C180=\"\",\"\",COUNT($C$8:C180))","v":""},null,null,{"$f":"IF($Z180=\"\",\"\",IF($F180=ApportCouvert,INDEX(Îlots!$I$8:$I$57,$Z180)&\"\",INDEX(Îlots!$N$8:$N$57,$Z180)&\"\"))","v":""},null,null,{"$f":"IF($AA180=\"\",\"\",INDEX(Fertilisants!$D$8:$D$47,$AA180)&\"\")","v":""},null,null,{"$f":"IF($AA180=\"\",\"\",INDEX(Fertilisants!$E$8:$E$47,$AA180)&\"\")","v":""},"",{"$f":"IF(OR($J180=\"\",$AA180=\"\"),\"\",$J180*N(INDEX(Fertilisants!$G$8:$G$47,$AA180)))","v":""},{"$f":"IF(OR($J180=\"\",$AA180=\"\"),\"\",$J180*N(INDEX(Fertilisants!$I$8:$I$47,$AA180)))","v":""},{"$f":"IF(OR($J180=\"\",$AA180=\"\"),\"\",$J180*N(INDEX(Fertilisants!$J$8:$J$47,$AA180)))","v":""},{"$f":"IF(OR($J180=\"\",$AA180=\"\"),\"\",$J180*N(INDEX(Fertilisants!$K$8:$K$47,$AA180)))","v":""},"",{"$nulls":5},"",null,null,{"$f":"IF($D180=\"\",\"\",IFERROR(MATCH($D180,Îlots!$D$8:$D$57,0),\"\"))","v":""},{"$f":"IF($G180=\"\",\"\",IFERROR(MATCH($G180,Fertilisants!$B$8:$B$47,0),\"\"))","v":""},{"$f":"IF($Z180=\"\",\"\",INDEX(Îlots!$E$8:$E$57,$Z180))","v":""},{"$f":"IF($Z180=\"\",\"\",INDEX(Îlots!$G$8:$G$57,$Z180)&\"\")","v":""},{"$f":"IF($Z180=\"\",\"\",IF($F180=ApportCouvert,OccCouvert,INDEX(Îlots!$O$8:$O$57,$Z180)&\"\"))","v":""},"","","",0,0,0,0,0,{"$f":"IF($AA180=\"\",0,IF(INDEX(Fertilisants!$C$8:$C$47,$AA180)=\"Effluent d'élevage\",1,0))","v":0},{"$f":"IF($AA180=\"\",\"\",IF(INDEX(Fertilisants!$C$8:$C$47,$AA180)=\"Engrais minéral\",\"Minéral\",\"Organique\"))","v":""},"","","",{"$f":"IF(AND($D180<>\"\",$D180=FicheIlot),COUNTIF($D$8:$D180,FicheIlot),\"\")","v":""}]
[null,{"$f":"IF(C181=\"\",\"\",COUNT($C$8:C181))","v":""},null,null,{"$f":"IF($Z181=\"\",\"\",IF($F181=ApportCouvert,INDEX(Îlots!$I$8:$I$57,$Z181)&\"\",INDEX(Îlots!$N$8:$N$57,$Z181)&\"\"))","v":""},null,null,{"$f":"IF($AA181=\"\",\"\",INDEX(Fertilisants!$D$8:$D$47,$AA181)&\"\")","v":""},null,null,{"$f":"IF($AA181=\"\",\"\",INDEX(Fertilisants!$E$8:$E$47,$AA181)&\"\")","v":""},"",{"$f":"IF(OR($J181=\"\",$AA181=\"\"),\"\",$J181*N(INDEX(Fertilisants!$G$8:$G$47,$AA181)))","v":""},{"$f":"IF(OR($J181=\"\",$AA181=\"\"),\"\",$J181*N(INDEX(Fertilisants!$I$8:$I$47,$AA181)))","v":""},{"$f":"IF(OR($J181=\"\",$AA181=\"\"),\"\",$J181*N(INDEX(Fertilisants!$J$8:$J$47,$AA181)))","v":""},{"$f":"IF(OR($J181=\"\",$AA181=\"\"),\"\",$J181*N(INDEX(Fertilisants!$K$8:$K$47,$AA181)))","v":""},"",{"$nulls":5},"",null,null,{"$f":"IF($D181=\"\",\"\",IFERROR(MATCH($D181,Îlots!$D$8:$D$57,0),\"\"))","v":""},{"$f":"IF($G181=\"\",\"\",IFERROR(MATCH($G181,Fertilisants!$B$8:$B$47,0),\"\"))","v":""},{"$f":"IF($Z181=\"\",\"\",INDEX(Îlots!$E$8:$E$57,$Z181))","v":""},{"$f":"IF($Z181=\"\",\"\",INDEX(Îlots!$G$8:$G$57,$Z181)&\"\")","v":""},{"$f":"IF($Z181=\"\",\"\",IF($F181=ApportCouvert,OccCouvert,INDEX(Îlots!$O$8:$O$57,$Z181)&\"\"))","v":""},"","","",0,0,0,0,0,{"$f":"IF($AA181=\"\",0,IF(INDEX(Fertilisants!$C$8:$C$47,$AA181)=\"Effluent d'élevage\",1,0))","v":0},{"$f":"IF($AA181=\"\",\"\",IF(INDEX(Fertilisants!$C$8:$C$47,$AA181)=\"Engrais minéral\",\"Minéral\",\"Organique\"))","v":""},"","","",{"$f":"IF(AND($D181<>\"\",$D181=FicheIlot),COUNTIF($D$8:$D181,FicheIlot),\"\")","v":""}]
[null,{"$f":"IF(C182=\"\",\"\",COUNT($C$8:C182))","v":""},null,null,{"$f":"IF($Z182=\"\",\"\",IF($F182=ApportCouvert,INDEX(Îlots!$I$8:$I$57,$Z182)&\"\",INDEX(Îlots!$N$8:$N$57,$Z182)&\"\"))","v":""},null,null,{"$f":"IF($AA182=\"\",\"\",INDEX(Fertilisants!$D$8:$D$47,$AA182)&\"\")","v":""},null,null,{"$f":"IF($AA182=\"\",\"\",INDEX(Fertilisants!$E$8:$E$47,$AA182)&\"\")","v":""},"",{"$f":"IF(OR($J182=\"\",$AA182=\"\"),\"\",$J182*N(INDEX(Fertilisants!$G$8:$G$47,$AA182)))","v":""},{"$f":"IF(OR($J182=\"\",$AA182=\"\"),\"\",$J182*N(INDEX(Fertilisants!$I$8:$I$47,$AA182)))","v":""},{"$f":"IF(OR($J182=\"\",$AA182=\"\"),\"\",$J182*N(INDEX(Fertilisants!$J$8:$J$47,$AA182)))","v":""},{"$f":"IF(OR($J182=\"\",$AA182=\"\"),\"\",$J182*N(INDEX(Fertilisants!$K$8:$K$47,$AA182)))","v":""},"",{"$nulls":5},"",null,null,{"$f":"IF($D182=\"\",\"\",IFERROR(MATCH($D182,Îlots!$D$8:$D$57,0),\"\"))","v":""},{"$f":"IF($G182=\"\",\"\",IFERROR(MATCH($G182,Fertilisants!$B$8:$B$47,0),\"\"))","v":""},{"$f":"IF($Z182=\"\",\"\",INDEX(Îlots!$E$8:$E$57,$Z182))","v":""},{"$f":"IF($Z182=\"\",\"\",INDEX(Îlots!$G$8:$G$57,$Z182)&\"\")","v":""},{"$f":"IF($Z182=\"\",\"\",IF($F182=ApportCouvert,OccCouvert,INDEX(Îlots!$O$8:$O$57,$Z182)&\"\"))","v":""},"","","",0,0,0,0,0,{"$f":"IF($AA182=\"\",0,IF(INDEX(Fertilisants!$C$8:$C$47,$AA182)=\"Effluent d'élevage\",1,0))","v":0},{"$f":"IF($AA182=\"\",\"\",IF(INDEX(Fertilisants!$C$8:$C$47,$AA182)=\"Engrais minéral\",\"Minéral\",\"Organique\"))","v":""},"","","",{"$f":"IF(AND($D182<>\"\",$D182=FicheIlot),COUNTIF($D$8:$D182,FicheIlot),\"\")","v":""}]
[null,{"$f":"IF(C183=\"\",\"\",COUNT($C$8:C183))","v":""},null,null,{"$f":"IF($Z183=\"\",\"\",IF($F183=ApportCouvert,INDEX(Îlots!$I$8:$I$57,$Z183)&\"\",INDEX(Îlots!$N$8:$N$57,$Z183)&\"\"))","v":""},null,null,{"$f":"IF($AA183=\"\",\"\",INDEX(Fertilisants!$D$8:$D$47,$AA183)&\"\")","v":""},null,null,{"$f":"IF($AA183=\"\",\"\",INDEX(Fertilisants!$E$8:$E$47,$AA183)&\"\")","v":""},"",{"$f":"IF(OR($J183=\"\",$AA183=\"\"),\"\",$J183*N(INDEX(Fertilisants!$G$8:$G$47,$AA183)))","v":""},{"$f":"IF(OR($J183=\"\",$AA183=\"\"),\"\",$J183*N(INDEX(Fertilisants!$I$8:$I$47,$AA183)))","v":""},{"$f":"IF(OR($J183=\"\",$AA183=\"\"),\"\",$J183*N(INDEX(Fertilisants!$J$8:$J$47,$AA183)))","v":""},{"$f":"IF(OR($J183=\"\",$AA183=\"\"),\"\",$J183*N(INDEX(Fertilisants!$K$8:$K$47,$AA183)))","v":""},"",{"$nulls":5},"",null,null,{"$f":"IF($D183=\"\",\"\",IFERROR(MATCH($D183,Îlots!$D$8:$D$57,0),\"\"))","v":""},{"$f":"IF($G183=\"\",\"\",IFERROR(MATCH($G183,Fertilisants!$B$8:$B$47,0),\"\"))","v":""},{"$f":"IF($Z183=\"\",\"\",INDEX(Îlots!$E$8:$E$57,$Z183))","v":""},{"$f":"IF($Z183=\"\",\"\",INDEX(Îlots!$G$8:$G$57,$Z183)&\"\")","v":""},{"$f":"IF($Z183=\"\",\"\",IF($F183=ApportCouvert,OccCouvert,INDEX(Îlots!$O$8:$O$57,$Z183)&\"\"))","v":""},"","","",0,0,0,0,0,{"$f":"IF($AA183=\"\",0,IF(INDEX(Fertilisants!$C$8:$C$47,$AA183)=\"Effluent d'élevage\",1,0))","v":0},{"$f":"IF($AA183=\"\",\"\",IF(INDEX(Fertilisants!$C$8:$C$47,$AA183)=\"Engrais minéral\",\"Minéral\",\"Organique\"))","v":""},"","","",{"$f":"IF(AND($D183<>\"\",$D183=FicheIlot),COUNTIF($D$8:$D183,FicheIlot),\"\")","v":""}]
[null,{"$f":"IF(C184=\"\",\"\",COUNT($C$8:C184))","v":""},null,null,{"$f":"IF($Z184=\"\",\"\",IF($F184=ApportCouvert,INDEX(Îlots!$I$8:$I$57,$Z184)&\"\",INDEX(Îlots!$N$8:$N$57,$Z184)&\"\"))","v":""},null,null,{"$f":"IF($AA184=\"\",\"\",INDEX(Fertilisants!$D$8:$D$47,$AA184)&\"\")","v":""},null,null,{"$f":"IF($AA184=\"\",\"\",INDEX(Fertilisants!$E$8:$E$47,$AA184)&\"\")","v":""},"",{"$f":"IF(OR($J184=\"\",$AA184=\"\"),\"\",$J184*N(INDEX(Fertilisants!$G$8:$G$47,$AA184)))","v":""},{"$f":"IF(OR($J184=\"\",$AA184=\"\"),\"\",$J184*N(INDEX(Fertilisants!$I$8:$I$47,$AA184)))","v":""},{"$f":"IF(OR($J184=\"\",$AA184=\"\"),\"\",$J184*N(INDEX(Fertilisants!$J$8:$J$47,$AA184)))","v":""},{"$f":"IF(OR($J184=\"\",$AA184=\"\"),\"\",$J184*N(INDEX(Fertilisants!$K$8:$K$47,$AA184)))","v":""},"",{"$nulls":5},"",null,null,{"$f":"IF($D184=\"\",\"\",IFERROR(MATCH($D184,Îlots!$D$8:$D$57,0),\"\"))","v":""},{"$f":"IF($G184=\"\",\"\",IFERROR(MATCH($G184,Fertilisants!$B$8:$B$47,0),\"\"))","v":""},{"$f":"IF($Z184=\"\",\"\",INDEX(Îlots!$E$8:$E$57,$Z184))","v":""},{"$f":"IF($Z184=\"\",\"\",INDEX(Îlots!$G$8:$G$57,$Z184)&\"\")","v":""},{"$f":"IF($Z184=\"\",\"\",IF($F184=ApportCouvert,OccCouvert,INDEX(Îlots!$O$8:$O$57,$Z184)&\"\"))","v":""},"","","",0,0,0,0,0,{"$f":"IF($AA184=\"\",0,IF(INDEX(Fertilisants!$C$8:$C$47,$AA184)=\"Effluent d'élevage\",1,0))","v":0},{"$f":"IF($AA184=\"\",\"\",IF(INDEX(Fertilisants!$C$8:$C$47,$AA184)=\"Engrais minéral\",\"Minéral\",\"Organique\"))","v":""},"","","",{"$f":"IF(AND($D184<>\"\",$D184=FicheIlot),COUNTIF($D$8:$D184,FicheIlot),\"\")","v":""}]
[null,{"$f":"IF(C185=\"\",\"\",COUNT($C$8:C185))","v":""},null,null,{"$f":"IF($Z185=\"\",\"\",IF($F185=ApportCouvert,INDEX(Îlots!$I$8:$I$57,$Z185)&\"\",INDEX(Îlots!$N$8:$N$57,$Z185)&\"\"))","v":""},null,null,{"$f":"IF($AA185=\"\",\"\",INDEX(Fertilisants!$D$8:$D$47,$AA185)&\"\")","v":""},null,null,{"$f":"IF($AA185=\"\",\"\",INDEX(Fertilisants!$E$8:$E$47,$AA185)&\"\")","v":""},"",{"$f":"IF(OR($J185=\"\",$AA185=\"\"),\"\",$J185*N(INDEX(Fertilisants!$G$8:$G$47,$AA185)))","v":""},{"$f":"IF(OR($J185=\"\",$AA185=\"\"),\"\",$J185*N(INDEX(Fertilisants!$I$8:$I$47,$AA185)))","v":""},{"$f":"IF(OR($J185=\"\",$AA185=\"\"),\"\",$J185*N(INDEX(Fertilisants!$J$8:$J$47,$AA185)))","v":""},{"$f":"IF(OR($J185=\"\",$AA185=\"\"),\"\",$J185*N(INDEX(Fertilisants!$K$8:$K$47,$AA185)))","v":""},"",{"$nulls":5},"",null,null,{"$f":"IF($D185=\"\",\"\",IFERROR(MATCH($D185,Îlots!$D$8:$D$57,0),\"\"))","v":""},{"$f":"IF($G185=\"\",\"\",IFERROR(MATCH($G185,Fertilisants!$B$8:$B$47,0),\"\"))","v":""},{"$f":"IF($Z185=\"\",\"\",INDEX(Îlots!$E$8:$E$57,$Z185))","v":""},{"$f":"IF($Z185=\"\",\"\",INDEX(Îlots!$G$8:$G$57,$Z185)&\"\")","v":""},{"$f":"IF($Z185=\"\",\"\",IF($F185=ApportCouvert,OccCouvert,INDEX(Îlots!$O$8:$O$57,$Z185)&\"\"))","v":""},"","","",0,0,0,0,0,{"$f":"IF($AA185=\"\",0,IF(INDEX(Fertilisants!$C$8:$C$47,$AA185)=\"Effluent d'élevage\",1,0))","v":0},{"$f":"IF($AA185=\"\",\"\",IF(INDEX(Fertilisants!$C$8:$C$47,$AA185)=\"Engrais minéral\",\"Minéral\",\"Organique\"))","v":""},"","","",{"$f":"IF(AND($D185<>\"\",$D185=FicheIlot),COUNTIF($D$8:$D185,FicheIlot),\"\")","v":""}]
[null,{"$f":"IF(C186=\"\",\"\",COUNT($C$8:C186))","v":""},null,null,{"$f":"IF($Z186=\"\",\"\",IF($F186=ApportCouvert,INDEX(Îlots!$I$8:$I$57,$Z186)&\"\",INDEX(Îlots!$N$8:$N$57,$Z186)&\"\"))","v":""},null,null,{"$f":"IF($AA186=\"\",\"\",INDEX(Fertilisants!$D$8:$D$47,$AA186)&\"\")","v":""},null,null,{"$f":"IF($AA186=\"\",\"\",INDEX(Fertilisants!$E$8:$E$47,$AA186)&\"\")","v":""},"",{"$f":"IF(OR($J186=\"\",$AA186=\"\"),\"\",$J186*N(INDEX(Fertilisants!$G$8:$G$47,$AA186)))","v":""},{"$f":"IF(OR($J186=\"\",$AA186=\"\"),\"\",$J186*N(INDEX(Fertilisants!$I$8:$I$47,$AA186)))","v":""},{"$f":"IF(OR($J186=\"\",$AA186=\"\"),\"\",$J186*N(INDEX(Fertilisants!$J$8:$J$47,$AA186)))","v":""},{"$f":"IF(OR($J186=\"\",$AA186=\"\"),\"\",$J186*N(INDEX(Fertilisants!$K$8:$K$47,$AA186)))","v":""},"",{"$nulls":5},"",null,null,{"$f":"IF($D186=\"\",\"\",IFERROR(MATCH($D186,Îlots!$D$8:$D$57,0),\"\"))","v":""},{"$f":"IF($G186=\"\",\"\",IFERROR(MATCH($G186,Fertilisants!$B$8:$B$47,0),\"\"))","v":""},{"$f":"IF($Z186=\"\",\"\",INDEX(Îlots!$E$8:$E$57,$Z186))","v":""},{"$f":"IF($Z186=\"\",\"\",INDEX(Îlots!$G$8:$G$57,$Z186)&\"\")","v":""},{"$f":"IF($Z186=\"\",\"\",IF($F186=ApportCouvert,OccCouvert,INDEX(Îlots!$O$8:$O$57,$Z186)&\"\"))","v":""},"","","",0,0,0,0,0,{"$f":"IF($AA186=\"\",0,IF(INDEX(Fertilisants!$C$8:$C$47,$AA186)=\"Effluent d'élevage\",1,0))","v":0},{"$f":"IF($AA186=\"\",\"\",IF(INDEX(Fertilisants!$C$8:$C$47,$AA186)=\"Engrais minéral\",\"Minéral\",\"Organique\"))","v":""},"","","",{"$f":"IF(AND($D186<>\"\",$D186=FicheIlot),COUNTIF($D$8:$D186,FicheIlot),\"\")","v":""}]
[null,{"$f":"IF(C187=\"\",\"\",COUNT($C$8:C187))","v":""},null,null,{"$f":"IF($Z187=\"\",\"\",IF($F187=ApportCouvert,INDEX(Îlots!$I$8:$I$57,$Z187)&\"\",INDEX(Îlots!$N$8:$N$57,$Z187)&\"\"))","v":""},null,null,{"$f":"IF($AA187=\"\",\"\",INDEX(Fertilisants!$D$8:$D$47,$AA187)&\"\")","v":""},null,null,{"$f":"IF($AA187=\"\",\"\",INDEX(Fertilisants!$E$8:$E$47,$AA187)&\"\")","v":""},"",{"$f":"IF(OR($J187=\"\",$AA187=\"\"),\"\",$J187*N(INDEX(Fertilisants!$G$8:$G$47,$AA187)))","v":""},{"$f":"IF(OR($J187=\"\",$AA187=\"\"),\"\",$J187*N(INDEX(Fertilisants!$I$8:$I$47,$AA187)))","v":""},{"$f":"IF(OR($J187=\"\",$AA187=\"\"),\"\",$J187*N(INDEX(Fertilisants!$J$8:$J$47,$AA187)))","v":""},{"$f":"IF(OR($J187=\"\",$AA187=\"\"),\"\",$J187*N(INDEX(Fertilisants!$K$8:$K$47,$AA187)))","v":""},"",{"$nulls":5},"",null,null,{"$f":"IF($D187=\"\",\"\",IFERROR(MATCH($D187,Îlots!$D$8:$D$57,0),\"\"))","v":""},{"$f":"IF($G187=\"\",\"\",IFERROR(MATCH($G187,Fertilisants!$B$8:$B$47,0),\"\"))","v":""},{"$f":"IF($Z187=\"\",\"\",INDEX(Îlots!$E$8:$E$57,$Z187))","v":""},{"$f":"IF($Z187=\"\",\"\",INDEX(Îlots!$G$8:$G$57,$Z187)&\"\")","v":""},{"$f":"IF($Z187=\"\",\"\",IF($F187=ApportCouvert,OccCouvert,INDEX(Îlots!$O$8:$O$57,$Z187)&\"\"))","v":""},"","","",0,0,0,0,0,{"$f":"IF($AA187=\"\",0,IF(INDEX(Fertilisants!$C$8:$C$47,$AA187)=\"Effluent d'élevage\",1,0))","v":0},{"$f":"IF($AA187=\"\",\"\",IF(INDEX(Fertilisants!$C$8:$C$47,$AA187)=\"Engrais minéral\",\"Minéral\",\"Organique\"))","v":""},"","","",{"$f":"IF(AND($D187<>\"\",$D187=FicheIlot),COUNTIF($D$8:$D187,FicheIlot),\"\")","v":""}]
[null,{"$f":"IF(C188=\"\",\"\",COUNT($C$8:C188))","v":""},null,null,{"$f":"IF($Z188=\"\",\"\",IF($F188=ApportCouvert,INDEX(Îlots!$I$8:$I$57,$Z188)&\"\",INDEX(Îlots!$N$8:$N$57,$Z188)&\"\"))","v":""},null,null,{"$f":"IF($AA188=\"\",\"\",INDEX(Fertilisants!$D$8:$D$47,$AA188)&\"\")","v":""},null,null,{"$f":"IF($AA188=\"\",\"\",INDEX(Fertilisants!$E$8:$E$47,$AA188)&\"\")","v":""},"",{"$f":"IF(OR($J188=\"\",$AA188=\"\"),\"\",$J188*N(INDEX(Fertilisants!$G$8:$G$47,$AA188)))","v":""},{"$f":"IF(OR($J188=\"\",$AA188=\"\"),\"\",$J188*N(INDEX(Fertilisants!$I$8:$I$47,$AA188)))","v":""},{"$f":"IF(OR($J188=\"\",$AA188=\"\"),\"\",$J188*N(INDEX(Fertilisants!$J$8:$J$47,$AA188)))","v":""},{"$f":"IF(OR($J188=\"\",$AA188=\"\"),\"\",$J188*N(INDEX(Fertilisants!$K$8:$K$47,$AA188)))","v":""},"",{"$nulls":5},"",null,null,{"$f":"IF($D188=\"\",\"\",IFERROR(MATCH($D188,Îlots!$D$8:$D$57,0),\"\"))","v":""},{"$f":"IF($G188=\"\",\"\",IFERROR(MATCH($G188,Fertilisants!$B$8:$B$47,0),\"\"))","v":""},{"$f":"IF($Z188=\"\",\"\",INDEX(Îlots!$E$8:$E$57,$Z188))","v":""},{"$f":"IF($Z188=\"\",\"\",INDEX(Îlots!$G$8:$G$57,$Z188)&\"\")","v":""},{"$f":"IF($Z188=\"\",\"\",IF($F188=ApportCouvert,OccCouvert,INDEX(Îlots!$O$8:$O$57,$Z188)&\"\"))","v":""},"","","",0,0,0,0,0,{"$f":"IF($AA188=\"\",0,IF(INDEX(Fertilisants!$C$8:$C$47,$AA188)=\"Effluent d'élevage\",1,0))","v":0},{"$f":"IF($AA188=\"\",\"\",IF(INDEX(Fertilisants!$C$8:$C$47,$AA188)=\"Engrais minéral\",\"Minéral\",\"Organique\"))","v":""},"","","",{"$f":"IF(AND($D188<>\"\",$D188=FicheIlot),COUNTIF($D$8:$D188,FicheIlot),\"\")","v":""}]
[null,{"$f":"IF(C189=\"\",\"\",COUNT($C$8:C189))","v":""},null,null,{"$f":"IF($Z189=\"\",\"\",IF($F189=ApportCouvert,INDEX(Îlots!$I$8:$I$57,$Z189)&\"\",INDEX(Îlots!$N$8:$N$57,$Z189)&\"\"))","v":""},null,null,{"$f":"IF($AA189=\"\",\"\",INDEX(Fertilisants!$D$8:$D$47,$AA189)&\"\")","v":""},null,null,{"$f":"IF($AA189=\"\",\"\",INDEX(Fertilisants!$E$8:$E$47,$AA189)&\"\")","v":""},"",{"$f":"IF(OR($J189=\"\",$AA189=\"\"),\"\",$J189*N(INDEX(Fertilisants!$G$8:$G$47,$AA189)))","v":""},{"$f":"IF(OR($J189=\"\",$AA189=\"\"),\"\",$J189*N(INDEX(Fertilisants!$I$8:$I$47,$AA189)))","v":""},{"$f":"IF(OR($J189=\"\",$AA189=\"\"),\"\",$J189*N(INDEX(Fertilisants!$J$8:$J$47,$AA189)))","v":""},{"$f":"IF(OR($J189=\"\",$AA189=\"\"),\"\",$J189*N(INDEX(Fertilisants!$K$8:$K$47,$AA189)))","v":""},"",{"$nulls":5},"",null,null,{"$f":"IF($D189=\"\",\"\",IFERROR(MATCH($D189,Îlots!$D$8:$D$57,0),\"\"))","v":""},{"$f":"IF($G189=\"\",\"\",IFERROR(MATCH($G189,Fertilisants!$B$8:$B$47,0),\"\"))","v":""},{"$f":"IF($Z189=\"\",\"\",INDEX(Îlots!$E$8:$E$57,$Z189))","v":""},{"$f":"IF($Z189=\"\",\"\",INDEX(Îlots!$G$8:$G$57,$Z189)&\"\")","v":""},{"$f":"IF($Z189=\"\",\"\",IF($F189=ApportCouvert,OccCouvert,INDEX(Îlots!$O$8:$O$57,$Z189)&\"\"))","v":""},"","","",0,0,0,0,0,{"$f":"IF($AA189=\"\",0,IF(INDEX(Fertilisants!$C$8:$C$47,$AA189)=\"Effluent d'élevage\",1,0))","v":0},{"$f":"IF($AA189=\"\",\"\",IF(INDEX(Fertilisants!$C$8:$C$47,$AA189)=\"Engrais minéral\",\"Minéral\",\"Organique\"))","v":""},"","","",{"$f":"IF(AND($D189<>\"\",$D189=FicheIlot),COUNTIF($D$8:$D189,FicheIlot),\"\")","v":""}]
[null,{"$f":"IF(C190=\"\",\"\",COUNT($C$8:C190))","v":""},null,null,{"$f":"IF($Z190=\"\",\"\",IF($F190=ApportCouvert,INDEX(Îlots!$I$8:$I$57,$Z190)&\"\",INDEX(Îlots!$N$8:$N$57,$Z190)&\"\"))","v":""},null,null,{"$f":"IF($AA190=\"\",\"\",INDEX(Fertilisants!$D$8:$D$47,$AA190)&\"\")","v":""},null,null,{"$f":"IF($AA190=\"\",\"\",INDEX(Fertilisants!$E$8:$E$47,$AA190)&\"\")","v":""},"",{"$f":"IF(OR($J190=\"\",$AA190=\"\"),\"\",$J190*N(INDEX(Fertilisants!$G$8:$G$47,$AA190)))","v":""},{"$f":"IF(OR($J190=\"\",$AA190=\"\"),\"\",$J190*N(INDEX(Fertilisants!$I$8:$I$47,$AA190)))","v":""},{"$f":"IF(OR($J190=\"\",$AA190=\"\"),\"\",$J190*N(INDEX(Fertilisants!$J$8:$J$47,$AA190)))","v":""},{"$f":"IF(OR($J190=\"\",$AA190=\"\"),\"\",$J190*N(INDEX(Fertilisants!$K$8:$K$47,$AA190)))","v":""},"",{"$nulls":5},"",null,null,{"$f":"IF($D190=\"\",\"\",IFERROR(MATCH($D190,Îlots!$D$8:$D$57,0),\"\"))","v":""},{"$f":"IF($G190=\"\",\"\",IFERROR(MATCH($G190,Fertilisants!$B$8:$B$47,0),\"\"))","v":""},{"$f":"IF($Z190=\"\",\"\",INDEX(Îlots!$E$8:$E$57,$Z190))","v":""},{"$f":"IF($Z190=\"\",\"\",INDEX(Îlots!$G$8:$G$57,$Z190)&\"\")","v":""},{"$f":"IF($Z190=\"\",\"\",IF($F190=ApportCouvert,OccCouvert,INDEX(Îlots!$O$8:$O$57,$Z190)&\"\"))","v":""},"","","",0,0,0,0,0,{"$f":"IF($AA190=\"\",0,IF(INDEX(Fertilisants!$C$8:$C$47,$AA190)=\"Effluent d'élevage\",1,0))","v":0},{"$f":"IF($AA190=\"\",\"\",IF(INDEX(Fertilisants!$C$8:$C$47,$AA190)=\"Engrais minéral\",\"Minéral\",\"Organique\"))","v":""},"","","",{"$f":"IF(AND($D190<>\"\",$D190=FicheIlot),COUNTIF($D$8:$D190,FicheIlot),\"\")","v":""}]
[null,{"$f":"IF(C191=\"\",\"\",COUNT($C$8:C191))","v":""},null,null,{"$f":"IF($Z191=\"\",\"\",IF($F191=ApportCouvert,INDEX(Îlots!$I$8:$I$57,$Z191)&\"\",INDEX(Îlots!$N$8:$N$57,$Z191)&\"\"))","v":""},null,null,{"$f":"IF($AA191=\"\",\"\",INDEX(Fertilisants!$D$8:$D$47,$AA191)&\"\")","v":""},null,null,{"$f":"IF($AA191=\"\",\"\",INDEX(Fertilisants!$E$8:$E$47,$AA191)&\"\")","v":""},"",{"$f":"IF(OR($J191=\"\",$AA191=\"\"),\"\",$J191*N(INDEX(Fertilisants!$G$8:$G$47,$AA191)))","v":""},{"$f":"IF(OR($J191=\"\",$AA191=\"\"),\"\",$J191*N(INDEX(Fertilisants!$I$8:$I$47,$AA191)))","v":""},{"$f":"IF(OR($J191=\"\",$AA191=\"\"),\"\",$J191*N(INDEX(Fertilisants!$J$8:$J$47,$AA191)))","v":""},{"$f":"IF(OR($J191=\"\",$AA191=\"\"),\"\",$J191*N(INDEX(Fertilisants!$K$8:$K$47,$AA191)))","v":""},"",{"$nulls":5},"",null,null,{"$f":"IF($D191=\"\",\"\",IFERROR(MATCH($D191,Îlots!$D$8:$D$57,0),\"\"))","v":""},{"$f":"IF($G191=\"\",\"\",IFERROR(MATCH($G191,Fertilisants!$B$8:$B$47,0),\"\"))","v":""},{"$f":"IF($Z191=\"\",\"\",INDEX(Îlots!$E$8:$E$57,$Z191))","v":""},{"$f":"IF($Z191=\"\",\"\",INDEX(Îlots!$G$8:$G$57,$Z191)&\"\")","v":""},{"$f":"IF($Z191=\"\",\"\",IF($F191=ApportCouvert,OccCouvert,INDEX(Îlots!$O$8:$O$57,$Z191)&\"\"))","v":""},"","","",0,0,0,0,0,{"$f":"IF($AA191=\"\",0,IF(INDEX(Fertilisants!$C$8:$C$47,$AA191)=\"Effluent d'élevage\",1,0))","v":0},{"$f":"IF($AA191=\"\",\"\",IF(INDEX(Fertilisants!$C$8:$C$47,$AA191)=\"Engrais minéral\",\"Minéral\",\"Organique\"))","v":""},"","","",{"$f":"IF(AND($D191<>\"\",$D191=FicheIlot),COUNTIF($D$8:$D191,FicheIlot),\"\")","v":""}]
[null,{"$f":"IF(C192=\"\",\"\",COUNT($C$8:C192))","v":""},null,null,{"$f":"IF($Z192=\"\",\"\",IF($F192=ApportCouvert,INDEX(Îlots!$I$8:$I$57,$Z192)&\"\",INDEX(Îlots!$N$8:$N$57,$Z192)&\"\"))","v":""},null,null,{"$f":"IF($AA192=\"\",\"\",INDEX(Fertilisants!$D$8:$D$47,$AA192)&\"\")","v":""},null,null,{"$f":"IF($AA192=\"\",\"\",INDEX(Fertilisants!$E$8:$E$47,$AA192)&\"\")","v":""},"",{"$f":"IF(OR($J192=\"\",$AA192=\"\"),\"\",$J192*N(INDEX(Fertilisants!$G$8:$G$47,$AA192)))","v":""},{"$f":"IF(OR($J192=\"\",$AA192=\"\"),\"\",$J192*N(INDEX(Fertilisants!$I$8:$I$47,$AA192)))","v":""},{"$f":"IF(OR($J192=\"\",$AA192=\"\"),\"\",$J192*N(INDEX(Fertilisants!$J$8:$J$47,$AA192)))","v":""},{"$f":"IF(OR($J192=\"\",$AA192=\"\"),\"\",$J192*N(INDEX(Fertilisants!$K$8:$K$47,$AA192)))","v":""},"",{"$nulls":5},"",null,null,{"$f":"IF($D192=\"\",\"\",IFERROR(MATCH($D192,Îlots!$D$8:$D$57,0),\"\"))","v":""},{"$f":"IF($G192=\"\",\"\",IFERROR(MATCH($G192,Fertilisants!$B$8:$B$47,0),\"\"))","v":""},{"$f":"IF($Z192=\"\",\"\",INDEX(Îlots!$E$8:$E$57,$Z192))","v":""},{"$f":"IF($Z192=\"\",\"\",INDEX(Îlots!$G$8:$G$57,$Z192)&\"\")","v":""},{"$f":"IF($Z192=\"\",\"\",IF($F192=ApportCouvert,OccCouvert,INDEX(Îlots!$O$8:$O$57,$Z192)&\"\"))","v":""},"","","",0,0,0,0,0,{"$f":"IF($AA192=\"\",0,IF(INDEX(Fertilisants!$C$8:$C$47,$AA192)=\"Effluent d'élevage\",1,0))","v":0},{"$f":"IF($AA192=\"\",\"\",IF(INDEX(Fertilisants!$C$8:$C$47,$AA192)=\"Engrais minéral\",\"Minéral\",\"Organique\"))","v":""},"","","",{"$f":"IF(AND($D192<>\"\",$D192=FicheIlot),COUNTIF($D$8:$D192,FicheIlot),\"\")","v":""}]
[null,{"$f":"IF(C193=\"\",\"\",COUNT($C$8:C193))","v":""},null,null,{"$f":"IF($Z193=\"\",\"\",IF($F193=ApportCouvert,INDEX(Îlots!$I$8:$I$57,$Z193)&\"\",INDEX(Îlots!$N$8:$N$57,$Z193)&\"\"))","v":""},null,null,{"$f":"IF($AA193=\"\",\"\",INDEX(Fertilisants!$D$8:$D$47,$AA193)&\"\")","v":""},null,null,{"$f":"IF($AA193=\"\",\"\",INDEX(Fertilisants!$E$8:$E$47,$AA193)&\"\")","v":""},"",{"$f":"IF(OR($J193=\"\",$AA193=\"\"),\"\",$J193*N(INDEX(Fertilisants!$G$8:$G$47,$AA193)))","v":""},{"$f":"IF(OR($J193=\"\",$AA193=\"\"),\"\",$J193*N(INDEX(Fertilisants!$I$8:$I$47,$AA193)))","v":""},{"$f":"IF(OR($J193=\"\",$AA193=\"\"),\"\",$J193*N(INDEX(Fertilisants!$J$8:$J$47,$AA193)))","v":""},{"$f":"IF(OR($J193=\"\",$AA193=\"\"),\"\",$J193*N(INDEX(Fertilisants!$K$8:$K$47,$AA193)))","v":""},"",{"$nulls":5},"",null,null,{"$f":"IF($D193=\"\",\"\",IFERROR(MATCH($D193,Îlots!$D$8:$D$57,0),\"\"))","v":""},{"$f":"IF($G193=\"\",\"\",IFERROR(MATCH($G193,Fertilisants!$B$8:$B$47,0),\"\"))","v":""},{"$f":"IF($Z193=\"\",\"\",INDEX(Îlots!$E$8:$E$57,$Z193))","v":""},{"$f":"IF($Z193=\"\",\"\",INDEX(Îlots!$G$8:$G$57,$Z193)&\"\")","v":""},{"$f":"IF($Z193=\"\",\"\",IF($F193=ApportCouvert,OccCouvert,INDEX(Îlots!$O$8:$O$57,$Z193)&\"\"))","v":""},"","","",0,0,0,0,0,{"$f":"IF($AA193=\"\",0,IF(INDEX(Fertilisants!$C$8:$C$47,$AA193)=\"Effluent d'élevage\",1,0))","v":0},{"$f":"IF($AA193=\"\",\"\",IF(INDEX(Fertilisants!$C$8:$C$47,$AA193)=\"Engrais minéral\",\"Minéral\",\"Organique\"))","v":""},"","","",{"$f":"IF(AND($D193<>\"\",$D193=FicheIlot),COUNTIF($D$8:$D193,FicheIlot),\"\")","v":""}]
[null,{"$f":"IF(C194=\"\",\"\",COUNT($C$8:C194))","v":""},null,null,{"$f":"IF($Z194=\"\",\"\",IF($F194=ApportCouvert,INDEX(Îlots!$I$8:$I$57,$Z194)&\"\",INDEX(Îlots!$N$8:$N$57,$Z194)&\"\"))","v":""},null,null,{"$f":"IF($AA194=\"\",\"\",INDEX(Fertilisants!$D$8:$D$47,$AA194)&\"\")","v":""},null,null,{"$f":"IF($AA194=\"\",\"\",INDEX(Fertilisants!$E$8:$E$47,$AA194)&\"\")","v":""},"",{"$f":"IF(OR($J194=\"\",$AA194=\"\"),\"\",$J194*N(INDEX(Fertilisants!$G$8:$G$47,$AA194)))","v":""},{"$f":"IF(OR($J194=\"\",$AA194=\"\"),\"\",$J194*N(INDEX(Fertilisants!$I$8:$I$47,$AA194)))","v":""},{"$f":"IF(OR($J194=\"\",$AA194=\"\"),\"\",$J194*N(INDEX(Fertilisants!$J$8:$J$47,$AA194)))","v":""},{"$f":"IF(OR($J194=\"\",$AA194=\"\"),\"\",$J194*N(INDEX(Fertilisants!$K$8:$K$47,$AA194)))","v":""},"",{"$nulls":5},"",null,null,{"$f":"IF($D194=\"\",\"\",IFERROR(MATCH($D194,Îlots!$D$8:$D$57,0),\"\"))","v":""},{"$f":"IF($G194=\"\",\"\",IFERROR(MATCH($G194,Fertilisants!$B$8:$B$47,0),\"\"))","v":""},{"$f":"IF($Z194=\"\",\"\",INDEX(Îlots!$E$8:$E$57,$Z194))","v":""},{"$f":"IF($Z194=\"\",\"\",INDEX(Îlots!$G$8:$G$57,$Z194)&\"\")","v":""},{"$f":"IF($Z194=\"\",\"\",IF($F194=ApportCouvert,OccCouvert,INDEX(Îlots!$O$8:$O$57,$Z194)&\"\"))","v":""},"","","",0,0,0,0,0,{"$f":"IF($AA194=\"\",0,IF(INDEX(Fertilisants!$C$8:$C$47,$AA194)=\"Effluent d'élevage\",1,0))","v":0},{"$f":"IF($AA194=\"\",\"\",IF(INDEX(Fertilisants!$C$8:$C$47,$AA194)=\"Engrais minéral\",\"Minéral\",\"Organique\"))","v":""},"","","",{"$f":"IF(AND($D194<>\"\",$D194=FicheIlot),COUNTIF($D$8:$D194,FicheIlot),\"\")","v":""}]
[null,{"$f":"IF(C195=\"\",\"\",COUNT($C$8:C195))","v":""},null,null,{"$f":"IF($Z195=\"\",\"\",IF($F195=ApportCouvert,INDEX(Îlots!$I$8:$I$57,$Z195)&\"\",INDEX(Îlots!$N$8:$N$57,$Z195)&\"\"))","v":""},null,null,{"$f":"IF($AA195=\"\",\"\",INDEX(Fertilisants!$D$8:$D$47,$AA195)&\"\")","v":""},null,null,{"$f":"IF($AA195=\"\",\"\",INDEX(Fertilisants!$E$8:$E$47,$AA195)&\"\")","v":""},"",{"$f":"IF(OR($J195=\"\",$AA195=\"\"),\"\",$J195*N(INDEX(Fertilisants!$G$8:$G$47,$AA195)))","v":""},{"$f":"IF(OR($J195=\"\",$AA195=\"\"),\"\",$J195*N(INDEX(Fertilisants!$I$8:$I$47,$AA195)))","v":""},{"$f":"IF(OR($J195=\"\",$AA195=\"\"),\"\",$J195*N(INDEX(Fertilisants!$J$8:$J$47,$AA195)))","v":""},{"$f":"IF(OR($J195=\"\",$AA195=\"\"),\"\",$J195*N(INDEX(Fertilisants!$K$8:$K$47,$AA195)))","v":""},"",{"$nulls":5},"",null,null,{"$f":"IF($D195=\"\",\"\",IFERROR(MATCH($D195,Îlots!$D$8:$D$57,0),\"\"))","v":""},{"$f":"IF($G195=\"\",\"\",IFERROR(MATCH($G195,Fertilisants!$B$8:$B$47,0),\"\"))","v":""},{"$f":"IF($Z195=\"\",\"\",INDEX(Îlots!$E$8:$E$57,$Z195))","v":""},{"$f":"IF($Z195=\"\",\"\",INDEX(Îlots!$G$8:$G$57,$Z195)&\"\")","v":""},{"$f":"IF($Z195=\"\",\"\",IF($F195=ApportCouvert,OccCouvert,INDEX(Îlots!$O$8:$O$57,$Z195)&\"\"))","v":""},"","","",0,0,0,0,0,{"$f":"IF($AA195=\"\",0,IF(INDEX(Fertilisants!$C$8:$C$47,$AA195)=\"Effluent d'élevage\",1,0))","v":0},{"$f":"IF($AA195=\"\",\"\",IF(INDEX(Fertilisants!$C$8:$C$47,$AA195)=\"Engrais minéral\",\"Minéral\",\"Organique\"))","v":""},"","","",{"$f":"IF(AND($D195<>\"\",$D195=FicheIlot),COUNTIF($D$8:$D195,FicheIlot),\"\")","v":""}]
[null,{"$f":"IF(C196=\"\",\"\",COUNT($C$8:C196))","v":""},null,null,{"$f":"IF($Z196=\"\",\"\",IF($F196=ApportCouvert,INDEX(Îlots!$I$8:$I$57,$Z196)&\"\",INDEX(Îlots!$N$8:$N$57,$Z196)&\"\"))","v":""},null,null,{"$f":"IF($AA196=\"\",\"\",INDEX(Fertilisants!$D$8:$D$47,$AA196)&\"\")","v":""},null,null,{"$f":"IF($AA196=\"\",\"\",INDEX(Fertilisants!$E$8:$E$47,$AA196)&\"\")","v":""},"",{"$f":"IF(OR($J196=\"\",$AA196=\"\"),\"\",$J196*N(INDEX(Fertilisants!$G$8:$G$47,$AA196)))","v":""},{"$f":"IF(OR($J196=\"\",$AA196=\"\"),\"\",$J196*N(INDEX(Fertilisants!$I$8:$I$47,$AA196)))","v":""},{"$f":"IF(OR($J196=\"\",$AA196=\"\"),\"\",$J196*N(INDEX(Fertilisants!$J$8:$J$47,$AA196)))","v":""},{"$f":"IF(OR($J196=\"\",$AA196=\"\"),\"\",$J196*N(INDEX(Fertilisants!$K$8:$K$47,$AA196)))","v":""},"",{"$nulls":5},"",null,null,{"$f":"IF($D196=\"\",\"\",IFERROR(MATCH($D196,Îlots!$D$8:$D$57,0),\"\"))","v":""},{"$f":"IF($G196=\"\",\"\",IFERROR(MATCH($G196,Fertilisants!$B$8:$B$47,0),\"\"))","v":""},{"$f":"IF($Z196=\"\",\"\",INDEX(Îlots!$E$8:$E$57,$Z196))","v":""},{"$f":"IF($Z196=\"\",\"\",INDEX(Îlots!$G$8:$G$57,$Z196)&\"\")","v":""},{"$f":"IF($Z196=\"\",\"\",IF($F196=ApportCouvert,OccCouvert,INDEX(Îlots!$O$8:$O$57,$Z196)&\"\"))","v":""},"","","",0,0,0,0,0,{"$f":"IF($AA196=\"\",0,IF(INDEX(Fertilisants!$C$8:$C$47,$AA196)=\"Effluent d'élevage\",1,0))","v":0},{"$f":"IF($AA196=\"\",\"\",IF(INDEX(Fertilisants!$C$8:$C$47,$AA196)=\"Engrais minéral\",\"Minéral\",\"Organique\"))","v":""},"","","",{"$f":"IF(AND($D196<>\"\",$D196=FicheIlot),COUNTIF($D$8:$D196,FicheIlot),\"\")","v":""}]
[null,{"$f":"IF(C197=\"\",\"\",COUNT($C$8:C197))","v":""},null,null,{"$f":"IF($Z197=\"\",\"\",IF($F197=ApportCouvert,INDEX(Îlots!$I$8:$I$57,$Z197)&\"\",INDEX(Îlots!$N$8:$N$57,$Z197)&\"\"))","v":""},null,null,{"$f":"IF($AA197=\"\",\"\",INDEX(Fertilisants!$D$8:$D$47,$AA197)&\"\")","v":""},null,null,{"$f":"IF($AA197=\"\",\"\",INDEX(Fertilisants!$E$8:$E$47,$AA197)&\"\")","v":""},"",{"$f":"IF(OR($J197=\"\",$AA197=\"\"),\"\",$J197*N(INDEX(Fertilisants!$G$8:$G$47,$AA197)))","v":""},{"$f":"IF(OR($J197=\"\",$AA197=\"\"),\"\",$J197*N(INDEX(Fertilisants!$I$8:$I$47,$AA197)))","v":""},{"$f":"IF(OR($J197=\"\",$AA197=\"\"),\"\",$J197*N(INDEX(Fertilisants!$J$8:$J$47,$AA197)))","v":""},{"$f":"IF(OR($J197=\"\",$AA197=\"\"),\"\",$J197*N(INDEX(Fertilisants!$K$8:$K$47,$AA197)))","v":""},"",{"$nulls":5},"",null,null,{"$f":"IF($D197=\"\",\"\",IFERROR(MATCH($D197,Îlots!$D$8:$D$57,0),\"\"))","v":""},{"$f":"IF($G197=\"\",\"\",IFERROR(MATCH($G197,Fertilisants!$B$8:$B$47,0),\"\"))","v":""},{"$f":"IF($Z197=\"\",\"\",INDEX(Îlots!$E$8:$E$57,$Z197))","v":""},{"$f":"IF($Z197=\"\",\"\",INDEX(Îlots!$G$8:$G$57,$Z197)&\"\")","v":""},{"$f":"IF($Z197=\"\",\"\",IF($F197=ApportCouvert,OccCouvert,INDEX(Îlots!$O$8:$O$57,$Z197)&\"\"))","v":""},"","","",0,0,0,0,0,{"$f":"IF($AA197=\"\",0,IF(INDEX(Fertilisants!$C$8:$C$47,$AA197)=\"Effluent d'élevage\",1,0))","v":0},{"$f":"IF($AA197=\"\",\"\",IF(INDEX(Fertilisants!$C$8:$C$47,$AA197)=\"Engrais minéral\",\"Minéral\",\"Organique\"))","v":""},"","","",{"$f":"IF(AND($D197<>\"\",$D197=FicheIlot),COUNTIF($D$8:$D197,FicheIlot),\"\")","v":""}]
[null,{"$f":"IF(C198=\"\",\"\",COUNT($C$8:C198))","v":""},null,null,{"$f":"IF($Z198=\"\",\"\",IF($F198=ApportCouvert,INDEX(Îlots!$I$8:$I$57,$Z198)&\"\",INDEX(Îlots!$N$8:$N$57,$Z198)&\"\"))","v":""},null,null,{"$f":"IF($AA198=\"\",\"\",INDEX(Fertilisants!$D$8:$D$47,$AA198)&\"\")","v":""},null,null,{"$f":"IF($AA198=\"\",\"\",INDEX(Fertilisants!$E$8:$E$47,$AA198)&\"\")","v":""},"",{"$f":"IF(OR($J198=\"\",$AA198=\"\"),\"\",$J198*N(INDEX(Fertilisants!$G$8:$G$47,$AA198)))","v":""},{"$f":"IF(OR($J198=\"\",$AA198=\"\"),\"\",$J198*N(INDEX(Fertilisants!$I$8:$I$47,$AA198)))","v":""},{"$f":"IF(OR($J198=\"\",$AA198=\"\"),\"\",$J198*N(INDEX(Fertilisants!$J$8:$J$47,$AA198)))","v":""},{"$f":"IF(OR($J198=\"\",$AA198=\"\"),\"\",$J198*N(INDEX(Fertilisants!$K$8:$K$47,$AA198)))","v":""},"",{"$nulls":5},"",null,null,{"$f":"IF($D198=\"\",\"\",IFERROR(MATCH($D198,Îlots!$D$8:$D$57,0),\"\"))","v":""},{"$f":"IF($G198=\"\",\"\",IFERROR(MATCH($G198,Fertilisants!$B$8:$B$47,0),\"\"))","v":""},{"$f":"IF($Z198=\"\",\"\",INDEX(Îlots!$E$8:$E$57,$Z198))","v":""},{"$f":"IF($Z198=\"\",\"\",INDEX(Îlots!$G$8:$G$57,$Z198)&\"\")","v":""},{"$f":"IF($Z198=\"\",\"\",IF($F198=ApportCouvert,OccCouvert,INDEX(Îlots!$O$8:$O$57,$Z198)&\"\"))","v":""},"","","",0,0,0,0,0,{"$f":"IF($AA198=\"\",0,IF(INDEX(Fertilisants!$C$8:$C$47,$AA198)=\"Effluent d'élevage\",1,0))","v":0},{"$f":"IF($AA198=\"\",\"\",IF(INDEX(Fertilisants!$C$8:$C$47,$AA198)=\"Engrais minéral\",\"Minéral\",\"Organique\"))","v":""},"","","",{"$f":"IF(AND($D198<>\"\",$D198=FicheIlot),COUNTIF($D$8:$D198,FicheIlot),\"\")","v":""}]
[null,{"$f":"IF(C199=\"\",\"\",COUNT($C$8:C199))","v":""},null,null,{"$f":"IF($Z199=\"\",\"\",IF($F199=ApportCouvert,INDEX(Îlots!$I$8:$I$57,$Z199)&\"\",INDEX(Îlots!$N$8:$N$57,$Z199)&\"\"))","v":""},null,null,{"$f":"IF($AA199=\"\",\"\",INDEX(Fertilisants!$D$8:$D$47,$AA199)&\"\")","v":""},null,null,{"$f":"IF($AA199=\"\",\"\",INDEX(Fertilisants!$E$8:$E$47,$AA199)&\"\")","v":""},"",{"$f":"IF(OR($J199=\"\",$AA199=\"\"),\"\",$J199*N(INDEX(Fertilisants!$G$8:$G$47,$AA199)))","v":""},{"$f":"IF(OR($J199=\"\",$AA199=\"\"),\"\",$J199*N(INDEX(Fertilisants!$I$8:$I$47,$AA199)))","v":""},{"$f":"IF(OR($J199=\"\",$AA199=\"\"),\"\",$J199*N(INDEX(Fertilisants!$J$8:$J$47,$AA199)))","v":""},{"$f":"IF(OR($J199=\"\",$AA199=\"\"),\"\",$J199*N(INDEX(Fertilisants!$K$8:$K$47,$AA199)))","v":""},"",{"$nulls":5},"",null,null,{"$f":"IF($D199=\"\",\"\",IFERROR(MATCH($D199,Îlots!$D$8:$D$57,0),\"\"))","v":""},{"$f":"IF($G199=\"\",\"\",IFERROR(MATCH($G199,Fertilisants!$B$8:$B$47,0),\"\"))","v":""},{"$f":"IF($Z199=\"\",\"\",INDEX(Îlots!$E$8:$E$57,$Z199))","v":""},{"$f":"IF($Z199=\"\",\"\",INDEX(Îlots!$G$8:$G$57,$Z199)&\"\")","v":""},{"$f":"IF($Z199=\"\",\"\",IF($F199=ApportCouvert,OccCouvert,INDEX(Îlots!$O$8:$O$57,$Z199)&\"\"))","v":""},"","","",0,0,0,0,0,{"$f":"IF($AA199=\"\",0,IF(INDEX(Fertilisants!$C$8:$C$47,$AA199)=\"Effluent d'élevage\",1,0))","v":0},{"$f":"IF($AA199=\"\",\"\",IF(INDEX(Fertilisants!$C$8:$C$47,$AA199)=\"Engrais minéral\",\"Minéral\",\"Organique\"))","v":""},"","","",{"$f":"IF(AND($D199<>\"\",$D199=FicheIlot),COUNTIF($D$8:$D199,FicheIlot),\"\")","v":""}]
[null,{"$f":"IF(C200=\"\",\"\",COUNT($C$8:C200))","v":""},null,null,{"$f":"IF($Z200=\"\",\"\",IF($F200=ApportCouvert,INDEX(Îlots!$I$8:$I$57,$Z200)&\"\",INDEX(Îlots!$N$8:$N$57,$Z200)&\"\"))","v":""},null,null,{"$f":"IF($AA200=\"\",\"\",INDEX(Fertilisants!$D$8:$D$47,$AA200)&\"\")","v":""},null,null,{"$f":"IF($AA200=\"\",\"\",INDEX(Fertilisants!$E$8:$E$47,$AA200)&\"\")","v":""},{"$f":"IF(OR($I200=\"\",$J200=\"\"),\"\",$I200*$J200)","v":""},{"$f":"IF(OR($J200=\"\",$AA200=\"\"),\"\",$J200*N(INDEX(Fertilisants!$G$8:$G$47,$AA200)))","v":""},{"$f":"IF(OR($J200=\"\",$AA200=\"\"),\"\",$J200*N(INDEX(Fertilisants!$I$8:$I$47,$AA200)))","v":""},{"$f":"IF(OR($J200=\"\",$AA200=\"\"),\"\",$J200*N(INDEX(Fertilisants!$J$8:$J$47,$AA200)))","v":""},{"$f":"IF(OR($J200=\"\",$AA200=\"\"),\"\",$J200*N(INDEX(Fertilisants!$K$8:$K$47,$AA200)))","v":""},{"$f":"IF(OR($I200=\"\",$M200=\"\"),\"\",$I200*$M200)","v":""},{"$nulls":5},{"$f":"IF($C200=\"\",\"\",IF(OR($D200=\"\",$G200=\"\",$I200=\"\",$J200=\"\"),\"Incomplet\",IF(OR($R200=\"Enneigé\",$R200=\"Détrempé\",$R200=\"Inondé\",AND($R200=\"Gelé\",$H200<>\"Type 0\",$H200<>\"Type Ia\")),\"Sol interdit\",IF($AL200=1,\"Période interdite\",IF(AND(ISNUMBER($AB200),$I200>$AB200+0.001),\"Surface > îlot\",IF(OR($C200<DebutCampagne,$C200>FinCampagne),\"Hors campagne\",IF(AND(ISNUMBER($V200),$V200-$C200>DelaiSaisie),\"Saisie tardive\",\"Conforme\")))))))","v":""},null,null,{"$f":"IF($D200=\"\",\"\",IFERROR(MATCH($D200,Îlots!$D$8:$D$57,0),\"\"))","v":""},{"$f":"IF($G200=\"\",\"\",IFERROR(MATCH($G200,Fertilisants!$B$8:$B$47,0),\"\"))","v":""},{"$f":"IF($Z200=\"\",\"\",INDEX(Îlots!$E$8:$E$57,$Z200))","v":""},{"$f":"IF($Z200=\"\",\"\",INDEX(Îlots!$G$8:$G$57,$Z200)&\"\")","v":""},{"$f":"IF($Z200=\"\",\"\",IF($F200=ApportCouvert,OccCouvert,INDEX(Îlots!$O$8:$O$57,$Z200)&\"\"))","v":""},{"$f":"IF(OR($AD200=\"\",$AC200=\"Non\",ZoneVulnerable=\"Non\"),\"\",IFERROR(MATCH($AD200,CalOccupations,0),\"\"))","v":""},{"$f":"IF($H200=\"\",\"\",IFERROR(MATCH($H200,CalTypes,0),\"\"))","v":""},{"$f":"IF(ISNUMBER($C200),MONTH($C200)*100+DAY($C200),\"\")","v":""},{"$f":"IF(OR($AE200=\"\",$AF200=\"\"),0,IF(N(INDEX(CalPrincipal,$AE200,$AF200+0))=0,0,MONTH(INDEX(CalPrincipal,$AE200,$AF200+0))*100+DAY(INDEX(CalPrincipal,$AE200,$AF200+0))))","v":0},{"$f":"IF(OR($AE200=\"\",$AF200=\"\"),0,IF(N(INDEX(CalPrincipal,$AE200,$AF200+1))=0,0,MONTH(INDEX(CalPrincipal,$AE200,$AF200+1))*100+DAY(INDEX(CalPrincipal,$AE200,$AF200+1))))","v":0},{"$f":"IF(OR($AE200=\"\",$AF200=\"\"),0,IF(N(INDEX(CalComplement,$AE200,$AF200+0))=0,0,MONTH(INDEX(CalComplement,$AE200,$AF200+0))*100+DAY(INDEX(CalComplement,$AE200,$AF200+0))))","v":0},{"$f":"IF(OR($AE200=\"\",$AF200=\"\"),0,IF(N(INDEX(CalComplement,$AE200,$AF200+1))=0,0,MONTH(INDEX(CalComplement,$AE200,$AF200+1))*100+DAY(INDEX(CalComplement,$AE200,$AF200+1))))","v":0},{"$f":"IF(OR($AE200=\"\",$AF200=\"\",$AG200=\"\"),0,IF(OR(AND($AH200>0,IF($AH200<=$AI200,AND($AG200>=$AH200,$AG200<=$AI200),OR($AG200>=$AH200,$AG200<=$AI200))),AND($AJ200>0,IF($AJ200<=$AK200,AND($AG200>=$AJ200,$AG200<=$AK200),OR($AG200>=$AJ200,$AG200<=$AK200)))),1,0))","v":0},{"$f":"IF($AA200=\"\",0,IF(INDEX(Fertilisants!$C$8:$C$47,$AA200)=\"Effluent d'élevage\",1,0))","v":0},{"$f":"IF($AA200=\"\",\"\",IF(INDEX(Fertilisants!$C$8:$C$47,$AA200)=\"Engrais minéral\",\"Minéral\",\"Organique\"))","v":""},{"$f":"IF(OR($I200=\"\",$N200=\"\"),\"\",$I200*$N200)","v":""},{"$f":"IF(OR($I200=\"\",$O200=\"\"),\"\",$I200*$O200)","v":""},{"$f":"IF(OR($I200=\"\",$P200=\"\"),\"\",$I200*$P200)","v":""},{"$f":"IF(AND($D200<>\"\",$D200=FicheIlot),COUNTIF($D$8:$D200,FicheIlot),\"\")","v":""}]
[null,{"$f":"IF(C201=\"\",\"\",COUNT($C$8:C201))","v":""},null,null,{"$f":"IF($Z201=\"\",\"\",IF($F201=ApportCouvert,INDEX(Îlots!$I$8:$I$57,$Z201)&\"\",INDEX(Îlots!$N$8:$N$57,$Z201)&\"\"))","v":""},null,null,{"$f":"IF($AA201=\"\",\"\",INDEX(Fertilisants!$D$8:$D$47,$AA201)&\"\")","v":""},null,null,{"$f":"IF($AA201=\"\",\"\",INDEX(Fertilisants!$E$8:$E$47,$AA201)&\"\")","v":""},"",{"$f":"IF(OR($J201=\"\",$AA201=\"\"),\"\",$J201*N(INDEX(Fertilisants!$G$8:$G$47,$AA201)))","v":""},{"$f":"IF(OR($J201=\"\",$AA201=\"\"),\"\",$J201*N(INDEX(Fertilisants!$I$8:$I$47,$AA201)))","v":""},{"$f":"IF(OR($J201=\"\",$AA201=\"\"),\"\",$J201*N(INDEX(Fertilisants!$J$8:$J$47,$AA201)))","v":""},{"$f":"IF(OR($J201=\"\",$AA201=\"\"),\"\",$J201*N(INDEX(Fertilisants!$K$8:$K$47,$AA201)))","v":""},"",{"$nulls":5},"",null,null,{"$f":"IF($D201=\"\",\"\",IFERROR(MATCH($D201,Îlots!$D$8:$D$57,0),\"\"))","v":""},{"$f":"IF($G201=\"\",\"\",IFERROR(MATCH($G201,Fertilisants!$B$8:$B$47,0),\"\"))","v":""},{"$f":"IF($Z201=\"\",\"\",INDEX(Îlots!$E$8:$E$57,$Z201))","v":""},{"$f":"IF($Z201=\"\",\"\",INDEX(Îlots!$G$8:$G$57,$Z201)&\"\")","v":""},{"$f":"IF($Z201=\"\",\"\",IF($F201=ApportCouvert,OccCouvert,INDEX(Îlots!$O$8:$O$57,$Z201)&\"\"))","v":""},"","","",0,0,0,0,0,{"$f":"IF($AA201=\"\",0,IF(INDEX(Fertilisants!$C$8:$C$47,$AA201)=\"Effluent d'élevage\",1,0))","v":0},{"$f":"IF($AA201=\"\",\"\",IF(INDEX(Fertilisants!$C$8:$C$47,$AA201)=\"Engrais minéral\",\"Minéral\",\"Organique\"))","v":""},"","","",{"$f":"IF(AND($D201<>\"\",$D201=FicheIlot),COUNTIF($D$8:$D201,FicheIlot),\"\")","v":""}]
[null,{"$f":"IF(C202=\"\",\"\",COUNT($C$8:C202))","v":""},null,null,{"$f":"IF($Z202=\"\",\"\",IF($F202=ApportCouvert,INDEX(Îlots!$I$8:$I$57,$Z202)&\"\",INDEX(Îlots!$N$8:$N$57,$Z202)&\"\"))","v":""},null,null,{"$f":"IF($AA202=\"\",\"\",INDEX(Fertilisants!$D$8:$D$47,$AA202)&\"\")","v":""},null,null,{"$f":"IF($AA202=\"\",\"\",INDEX(Fertilisants!$E$8:$E$47,$AA202)&\"\")","v":""},"",{"$f":"IF(OR($J202=\"\",$AA202=\"\"),\"\",$J202*N(INDEX(Fertilisants!$G$8:$G$47,$AA202)))","v":""},{"$f":"IF(OR($J202=\"\",$AA202=\"\"),\"\",$J202*N(INDEX(Fertilisants!$I$8:$I$47,$AA202)))","v":""},{"$f":"IF(OR($J202=\"\",$AA202=\"\"),\"\",$J202*N(INDEX(Fertilisants!$J$8:$J$47,$AA202)))","v":""},{"$f":"IF(OR($J202=\"\",$AA202=\"\"),\"\",$J202*N(INDEX(Fertilisants!$K$8:$K$47,$AA202)))","v":""},"",{"$nulls":5},"",null,null,{"$f":"IF($D202=\"\",\"\",IFERROR(MATCH($D202,Îlots!$D$8:$D$57,0),\"\"))","v":""},{"$f":"IF($G202=\"\",\"\",IFERROR(MATCH($G202,Fertilisants!$B$8:$B$47,0),\"\"))","v":""},{"$f":"IF($Z202=\"\",\"\",INDEX(Îlots!$E$8:$E$57,$Z202))","v":""},{"$f":"IF($Z202=\"\",\"\",INDEX(Îlots!$G$8:$G$57,$Z202)&\"\")","v":""},{"$f":"IF($Z202=\"\",\"\",IF($F202=ApportCouvert,OccCouvert,INDEX(Îlots!$O$8:$O$57,$Z202)&\"\"))","v":""},"","","",0,0,0,0,0,{"$f":"IF($AA202=\"\",0,IF(INDEX(Fertilisants!$C$8:$C$47,$AA202)=\"Effluent d'élevage\",1,0))","v":0},{"$f":"IF($AA202=\"\",\"\",IF(INDEX(Fertilisants!$C$8:$C$47,$AA202)=\"Engrais minéral\",\"Minéral\",\"Organique\"))","v":""},"","","",{"$f":"IF(AND($D202<>\"\",$D202=FicheIlot),COUNTIF($D$8:$D202,FicheIlot),\"\")","v":""}]
[null,{"$f":"IF(C203=\"\",\"\",COUNT($C$8:C203))","v":""},null,null,{"$f":"IF($Z203=\"\",\"\",IF($F203=ApportCouvert,INDEX(Îlots!$I$8:$I$57,$Z203)&\"\",INDEX(Îlots!$N$8:$N$57,$Z203)&\"\"))","v":""},null,null,{"$f":"IF($AA203=\"\",\"\",INDEX(Fertilisants!$D$8:$D$47,$AA203)&\"\")","v":""},null,null,{"$f":"IF($AA203=\"\",\"\",INDEX(Fertilisants!$E$8:$E$47,$AA203)&\"\")","v":""},"",{"$f":"IF(OR($J203=\"\",$AA203=\"\"),\"\",$J203*N(INDEX(Fertilisants!$G$8:$G$47,$AA203)))","v":""},{"$f":"IF(OR($J203=\"\",$AA203=\"\"),\"\",$J203*N(INDEX(Fertilisants!$I$8:$I$47,$AA203)))","v":""},{"$f":"IF(OR($J203=\"\",$AA203=\"\"),\"\",$J203*N(INDEX(Fertilisants!$J$8:$J$47,$AA203)))","v":""},{"$f":"IF(OR($J203=\"\",$AA203=\"\"),\"\",$J203*N(INDEX(Fertilisants!$K$8:$K$47,$AA203)))","v":""},"",{"$nulls":5},"",null,null,{"$f":"IF($D203=\"\",\"\",IFERROR(MATCH($D203,Îlots!$D$8:$D$57,0),\"\"))","v":""},{"$f":"IF($G203=\"\",\"\",IFERROR(MATCH($G203,Fertilisants!$B$8:$B$47,0),\"\"))","v":""},{"$f":"IF($Z203=\"\",\"\",INDEX(Îlots!$E$8:$E$57,$Z203))","v":""},{"$f":"IF($Z203=\"\",\"\",INDEX(Îlots!$G$8:$G$57,$Z203)&\"\")","v":""},{"$f":"IF($Z203=\"\",\"\",IF($F203=ApportCouvert,OccCouvert,INDEX(Îlots!$O$8:$O$57,$Z203)&\"\"))","v":""},"","","",0,0,0,0,0,{"$f":"IF($AA203=\"\",0,IF(INDEX(Fertilisants!$C$8:$C$47,$AA203)=\"Effluent d'élevage\",1,0))","v":0},{"$f":"IF($AA203=\"\",\"\",IF(INDEX(Fertilisants!$C$8:$C$47,$AA203)=\"Engrais minéral\",\"Minéral\",\"Organique\"))","v":""},"","","",{"$f":"IF(AND($D203<>\"\",$D203=FicheIlot),COUNTIF($D$8:$D203,FicheIlot),\"\")","v":""}]
[null,{"$f":"IF(C204=\"\",\"\",COUNT($C$8:C204))","v":""},null,null,{"$f":"IF($Z204=\"\",\"\",IF($F204=ApportCouvert,INDEX(Îlots!$I$8:$I$57,$Z204)&\"\",INDEX(Îlots!$N$8:$N$57,$Z204)&\"\"))","v":""},null,null,{"$f":"IF($AA204=\"\",\"\",INDEX(Fertilisants!$D$8:$D$47,$AA204)&\"\")","v":""},null,null,{"$f":"IF($AA204=\"\",\"\",INDEX(Fertilisants!$E$8:$E$47,$AA204)&\"\")","v":""},"",{"$f":"IF(OR($J204=\"\",$AA204=\"\"),\"\",$J204*N(INDEX(Fertilisants!$G$8:$G$47,$AA204)))","v":""},{"$f":"IF(OR($J204=\"\",$AA204=\"\"),\"\",$J204*N(INDEX(Fertilisants!$I$8:$I$47,$AA204)))","v":""},{"$f":"IF(OR($J204=\"\",$AA204=\"\"),\"\",$J204*N(INDEX(Fertilisants!$J$8:$J$47,$AA204)))","v":""},{"$f":"IF(OR($J204=\"\",$AA204=\"\"),\"\",$J204*N(INDEX(Fertilisants!$K$8:$K$47,$AA204)))","v":""},"",{"$nulls":5},"",null,null,{"$f":"IF($D204=\"\",\"\",IFERROR(MATCH($D204,Îlots!$D$8:$D$57,0),\"\"))","v":""},{"$f":"IF($G204=\"\",\"\",IFERROR(MATCH($G204,Fertilisants!$B$8:$B$47,0),\"\"))","v":""},{"$f":"IF($Z204=\"\",\"\",INDEX(Îlots!$E$8:$E$57,$Z204))","v":""},{"$f":"IF($Z204=\"\",\"\",INDEX(Îlots!$G$8:$G$57,$Z204)&\"\")","v":""},{"$f":"IF($Z204=\"\",\"\",IF($F204=ApportCouvert,OccCouvert,INDEX(Îlots!$O$8:$O$57,$Z204)&\"\"))","v":""},"","","",0,0,0,0,0,{"$f":"IF($AA204=\"\",0,IF(INDEX(Fertilisants!$C$8:$C$47,$AA204)=\"Effluent d'élevage\",1,0))","v":0},{"$f":"IF($AA204=\"\",\"\",IF(INDEX(Fertilisants!$C$8:$C$47,$AA204)=\"Engrais minéral\",\"Minéral\",\"Organique\"))","v":""},"","","",{"$f":"IF(AND($D204<>\"\",$D204=FicheIlot),COUNTIF($D$8:$D204,FicheIlot),\"\")","v":""}]
[null,{"$f":"IF(C205=\"\",\"\",COUNT($C$8:C205))","v":""},null,null,{"$f":"IF($Z205=\"\",\"\",IF($F205=ApportCouvert,INDEX(Îlots!$I$8:$I$57,$Z205)&\"\",INDEX(Îlots!$N$8:$N$57,$Z205)&\"\"))","v":""},null,null,{"$f":"IF($AA205=\"\",\"\",INDEX(Fertilisants!$D$8:$D$47,$AA205)&\"\")","v":""},null,null,{"$f":"IF($AA205=\"\",\"\",INDEX(Fertilisants!$E$8:$E$47,$AA205)&\"\")","v":""},"",{"$f":"IF(OR($J205=\"\",$AA205=\"\"),\"\",$J205*N(INDEX(Fertilisants!$G$8:$G$47,$AA205)))","v":""},{"$f":"IF(OR($J205=\"\",$AA205=\"\"),\"\",$J205*N(INDEX(Fertilisants!$I$8:$I$47,$AA205)))","v":""},{"$f":"IF(OR($J205=\"\",$AA205=\"\"),\"\",$J205*N(INDEX(Fertilisants!$J$8:$J$47,$AA205)))","v":""},{"$f":"IF(OR($J205=\"\",$AA205=\"\"),\"\",$J205*N(INDEX(Fertilisants!$K$8:$K$47,$AA205)))","v":""},"",{"$nulls":5},"",null,null,{"$f":"IF($D205=\"\",\"\",IFERROR(MATCH($D205,Îlots!$D$8:$D$57,0),\"\"))","v":""},{"$f":"IF($G205=\"\",\"\",IFERROR(MATCH($G205,Fertilisants!$B$8:$B$47,0),\"\"))","v":""},{"$f":"IF($Z205=\"\",\"\",INDEX(Îlots!$E$8:$E$57,$Z205))","v":""},{"$f":"IF($Z205=\"\",\"\",INDEX(Îlots!$G$8:$G$57,$Z205)&\"\")","v":""},{"$f":"IF($Z205=\"\",\"\",IF($F205=ApportCouvert,OccCouvert,INDEX(Îlots!$O$8:$O$57,$Z205)&\"\"))","v":""},"","","",0,0,0,0,0,{"$f":"IF($AA205=\"\",0,IF(INDEX(Fertilisants!$C$8:$C$47,$AA205)=\"Effluent d'élevage\",1,0))","v":0},{"$f":"IF($AA205=\"\",\"\",IF(INDEX(Fertilisants!$C$8:$C$47,$AA205)=\"Engrais minéral\",\"Minéral\",\"Organique\"))","v":""},"","","",{"$f":"IF(AND($D205<>\"\",$D205=FicheIlot),COUNTIF($D$8:$D205,FicheIlot),\"\")","v":""}]
[null,{"$f":"IF(C206=\"\",\"\",COUNT($C$8:C206))","v":""},null,null,{"$f":"IF($Z206=\"\",\"\",IF($F206=ApportCouvert,INDEX(Îlots!$I$8:$I$57,$Z206)&\"\",INDEX(Îlots!$N$8:$N$57,$Z206)&\"\"))","v":""},null,null,{"$f":"IF($AA206=\"\",\"\",INDEX(Fertilisants!$D$8:$D$47,$AA206)&\"\")","v":""},null,null,{"$f":"IF($AA206=\"\",\"\",INDEX(Fertilisants!$E$8:$E$47,$AA206)&\"\")","v":""},"",{"$f":"IF(OR($J206=\"\",$AA206=\"\"),\"\",$J206*N(INDEX(Fertilisants!$G$8:$G$47,$AA206)))","v":""},{"$f":"IF(OR($J206=\"\",$AA206=\"\"),\"\",$J206*N(INDEX(Fertilisants!$I$8:$I$47,$AA206)))","v":""},{"$f":"IF(OR($J206=\"\",$AA206=\"\"),\"\",$J206*N(INDEX(Fertilisants!$J$8:$J$47,$AA206)))","v":""},{"$f":"IF(OR($J206=\"\",$AA206=\"\"),\"\",$J206*N(INDEX(Fertilisants!$K$8:$K$47,$AA206)))","v":""},"",{"$nulls":5},"",null,null,{"$f":"IF($D206=\"\",\"\",IFERROR(MATCH($D206,Îlots!$D$8:$D$57,0),\"\"))","v":""},{"$f":"IF($G206=\"\",\"\",IFERROR(MATCH($G206,Fertilisants!$B$8:$B$47,0),\"\"))","v":""},{"$f":"IF($Z206=\"\",\"\",INDEX(Îlots!$E$8:$E$57,$Z206))","v":""},{"$f":"IF($Z206=\"\",\"\",INDEX(Îlots!$G$8:$G$57,$Z206)&\"\")","v":""},{"$f":"IF($Z206=\"\",\"\",IF($F206=ApportCouvert,OccCouvert,INDEX(Îlots!$O$8:$O$57,$Z206)&\"\"))","v":""},"","","",0,0,0,0,0,{"$f":"IF($AA206=\"\",0,IF(INDEX(Fertilisants!$C$8:$C$47,$AA206)=\"Effluent d'élevage\",1,0))","v":0},{"$f":"IF($AA206=\"\",\"\",IF(INDEX(Fertilisants!$C$8:$C$47,$AA206)=\"Engrais minéral\",\"Minéral\",\"Organique\"))","v":""},"","","",{"$f":"IF(AND($D206<>\"\",$D206=FicheIlot),COUNTIF($D$8:$D206,FicheIlot),\"\")","v":""}]
[null,{"$f":"IF(C207=\"\",\"\",COUNT($C$8:C207))","v":""},null,null,{"$f":"IF($Z207=\"\",\"\",IF($F207=ApportCouvert,INDEX(Îlots!$I$8:$I$57,$Z207)&\"\",INDEX(Îlots!$N$8:$N$57,$Z207)&\"\"))","v":""},null,null,{"$f":"IF($AA207=\"\",\"\",INDEX(Fertilisants!$D$8:$D$47,$AA207)&\"\")","v":""},null,null,{"$f":"IF($AA207=\"\",\"\",INDEX(Fertilisants!$E$8:$E$47,$AA207)&\"\")","v":""},"",{"$f":"IF(OR($J207=\"\",$AA207=\"\"),\"\",$J207*N(INDEX(Fertilisants!$G$8:$G$47,$AA207)))","v":""},{"$f":"IF(OR($J207=\"\",$AA207=\"\"),\"\",$J207*N(INDEX(Fertilisants!$I$8:$I$47,$AA207)))","v":""},{"$f":"IF(OR($J207=\"\",$AA207=\"\"),\"\",$J207*N(INDEX(Fertilisants!$J$8:$J$47,$AA207)))","v":""},{"$f":"IF(OR($J207=\"\",$AA207=\"\"),\"\",$J207*N(INDEX(Fertilisants!$K$8:$K$47,$AA207)))","v":""},"",{"$nulls":5},"",null,null,{"$f":"IF($D207=\"\",\"\",IFERROR(MATCH($D207,Îlots!$D$8:$D$57,0),\"\"))","v":""},{"$f":"IF($G207=\"\",\"\",IFERROR(MATCH($G207,Fertilisants!$B$8:$B$47,0),\"\"))","v":""},{"$f":"IF($Z207=\"\",\"\",INDEX(Îlots!$E$8:$E$57,$Z207))","v":""},{"$f":"IF($Z207=\"\",\"\",INDEX(Îlots!$G$8:$G$57,$Z207)&\"\")","v":""},{"$f":"IF($Z207=\"\",\"\",IF($F207=ApportCouvert,OccCouvert,INDEX(Îlots!$O$8:$O$57,$Z207)&\"\"))","v":""},"","","",0,0,0,0,0,{"$f":"IF($AA207=\"\",0,IF(INDEX(Fertilisants!$C$8:$C$47,$AA207)=\"Effluent d'élevage\",1,0))","v":0},{"$f":"IF($AA207=\"\",\"\",IF(INDEX(Fertilisants!$C$8:$C$47,$AA207)=\"Engrais minéral\",\"Minéral\",\"Organique\"))","v":""},"","","",{"$f":"IF(AND($D207<>\"\",$D207=FicheIlot),COUNTIF($D$8:$D207,FicheIlot),\"\")","v":""}]
[null,{"$f":"IF(C208=\"\",\"\",COUNT($C$8:C208))","v":""},null,null,{"$f":"IF($Z208=\"\",\"\",IF($F208=ApportCouvert,INDEX(Îlots!$I$8:$I$57,$Z208)&\"\",INDEX(Îlots!$N$8:$N$57,$Z208)&\"\"))","v":""},null,null,{"$f":"IF($AA208=\"\",\"\",INDEX(Fertilisants!$D$8:$D$47,$AA208)&\"\")","v":""},null,null,{"$f":"IF($AA208=\"\",\"\",INDEX(Fertilisants!$E$8:$E$47,$AA208)&\"\")","v":""},"",{"$f":"IF(OR($J208=\"\",$AA208=\"\"),\"\",$J208*N(INDEX(Fertilisants!$G$8:$G$47,$AA208)))","v":""},{"$f":"IF(OR($J208=\"\",$AA208=\"\"),\"\",$J208*N(INDEX(Fertilisants!$I$8:$I$47,$AA208)))","v":""},{"$f":"IF(OR($J208=\"\",$AA208=\"\"),\"\",$J208*N(INDEX(Fertilisants!$J$8:$J$47,$AA208)))","v":""},{"$f":"IF(OR($J208=\"\",$AA208=\"\"),\"\",$J208*N(INDEX(Fertilisants!$K$8:$K$47,$AA208)))","v":""},"",{"$nulls":5},"",null,null,{"$f":"IF($D208=\"\",\"\",IFERROR(MATCH($D208,Îlots!$D$8:$D$57,0),\"\"))","v":""},{"$f":"IF($G208=\"\",\"\",IFERROR(MATCH($G208,Fertilisants!$B$8:$B$47,0),\"\"))","v":""},{"$f":"IF($Z208=\"\",\"\",INDEX(Îlots!$E$8:$E$57,$Z208))","v":""},{"$f":"IF($Z208=\"\",\"\",INDEX(Îlots!$G$8:$G$57,$Z208)&\"\")","v":""},{"$f":"IF($Z208=\"\",\"\",IF($F208=ApportCouvert,OccCouvert,INDEX(Îlots!$O$8:$O$57,$Z208)&\"\"))","v":""},"","","",0,0,0,0,0,{"$f":"IF($AA208=\"\",0,IF(INDEX(Fertilisants!$C$8:$C$47,$AA208)=\"Effluent d'élevage\",1,0))","v":0},{"$f":"IF($AA208=\"\",\"\",IF(INDEX(Fertilisants!$C$8:$C$47,$AA208)=\"Engrais minéral\",\"Minéral\",\"Organique\"))","v":""},"","","",{"$f":"IF(AND($D208<>\"\",$D208=FicheIlot),COUNTIF($D$8:$D208,FicheIlot),\"\")","v":""}]
[null,{"$f":"IF(C209=\"\",\"\",COUNT($C$8:C209))","v":""},null,null,{"$f":"IF($Z209=\"\",\"\",IF($F209=ApportCouvert,INDEX(Îlots!$I$8:$I$57,$Z209)&\"\",INDEX(Îlots!$N$8:$N$57,$Z209)&\"\"))","v":""},null,null,{"$f":"IF($AA209=\"\",\"\",INDEX(Fertilisants!$D$8:$D$47,$AA209)&\"\")","v":""},null,null,{"$f":"IF($AA209=\"\",\"\",INDEX(Fertilisants!$E$8:$E$47,$AA209)&\"\")","v":""},"",{"$f":"IF(OR($J209=\"\",$AA209=\"\"),\"\",$J209*N(INDEX(Fertilisants!$G$8:$G$47,$AA209)))","v":""},{"$f":"IF(OR($J209=\"\",$AA209=\"\"),\"\",$J209*N(INDEX(Fertilisants!$I$8:$I$47,$AA209)))","v":""},{"$f":"IF(OR($J209=\"\",$AA209=\"\"),\"\",$J209*N(INDEX(Fertilisants!$J$8:$J$47,$AA209)))","v":""},{"$f":"IF(OR($J209=\"\",$AA209=\"\"),\"\",$J209*N(INDEX(Fertilisants!$K$8:$K$47,$AA209)))","v":""},"",{"$nulls":5},"",null,null,{"$f":"IF($D209=\"\",\"\",IFERROR(MATCH($D209,Îlots!$D$8:$D$57,0),\"\"))","v":""},{"$f":"IF($G209=\"\",\"\",IFERROR(MATCH($G209,Fertilisants!$B$8:$B$47,0),\"\"))","v":""},{"$f":"IF($Z209=\"\",\"\",INDEX(Îlots!$E$8:$E$57,$Z209))","v":""},{"$f":"IF($Z209=\"\",\"\",INDEX(Îlots!$G$8:$G$57,$Z209)&\"\")","v":""},{"$f":"IF($Z209=\"\",\"\",IF($F209=ApportCouvert,OccCouvert,INDEX(Îlots!$O$8:$O$57,$Z209)&\"\"))","v":""},"","","",0,0,0,0,0,{"$f":"IF($AA209=\"\",0,IF(INDEX(Fertilisants!$C$8:$C$47,$AA209)=\"Effluent d'élevage\",1,0))","v":0},{"$f":"IF($AA209=\"\",\"\",IF(INDEX(Fertilisants!$C$8:$C$47,$AA209)=\"Engrais minéral\",\"Minéral\",\"Organique\"))","v":""},"","","",{"$f":"IF(AND($D209<>\"\",$D209=FicheIlot),COUNTIF($D$8:$D209,FicheIlot),\"\")","v":""}]
[null,{"$f":"IF(C210=\"\",\"\",COUNT($C$8:C210))","v":""},null,null,{"$f":"IF($Z210=\"\",\"\",IF($F210=ApportCouvert,INDEX(Îlots!$I$8:$I$57,$Z210)&\"\",INDEX(Îlots!$N$8:$N$57,$Z210)&\"\"))","v":""},null,null,{"$f":"IF($AA210=\"\",\"\",INDEX(Fertilisants!$D$8:$D$47,$AA210)&\"\")","v":""},null,null,{"$f":"IF($AA210=\"\",\"\",INDEX(Fertilisants!$E$8:$E$47,$AA210)&\"\")","v":""},"",{"$f":"IF(OR($J210=\"\",$AA210=\"\"),\"\",$J210*N(INDEX(Fertilisants!$G$8:$G$47,$AA210)))","v":""},{"$f":"IF(OR($J210=\"\",$AA210=\"\"),\"\",$J210*N(INDEX(Fertilisants!$I$8:$I$47,$AA210)))","v":""},{"$f":"IF(OR($J210=\"\",$AA210=\"\"),\"\",$J210*N(INDEX(Fertilisants!$J$8:$J$47,$AA210)))","v":""},{"$f":"IF(OR($J210=\"\",$AA210=\"\"),\"\",$J210*N(INDEX(Fertilisants!$K$8:$K$47,$AA210)))","v":""},"",{"$nulls":5},"",null,null,{"$f":"IF($D210=\"\",\"\",IFERROR(MATCH($D210,Îlots!$D$8:$D$57,0),\"\"))","v":""},{"$f":"IF($G210=\"\",\"\",IFERROR(MATCH($G210,Fertilisants!$B$8:$B$47,0),\"\"))","v":""},{"$f":"IF($Z210=\"\",\"\",INDEX(Îlots!$E$8:$E$57,$Z210))","v":""},{"$f":"IF($Z210=\"\",\"\",INDEX(Îlots!$G$8:$G$57,$Z210)&\"\")","v":""},{"$f":"IF($Z210=\"\",\"\",IF($F210=ApportCouvert,OccCouvert,INDEX(Îlots!$O$8:$O$57,$Z210)&\"\"))","v":""},"","","",0,0,0,0,0,{"$f":"IF($AA210=\"\",0,IF(INDEX(Fertilisants!$C$8:$C$47,$AA210)=\"Effluent d'élevage\",1,0))","v":0},{"$f":"IF($AA210=\"\",\"\",IF(INDEX(Fertilisants!$C$8:$C$47,$AA210)=\"Engrais minéral\",\"Minéral\",\"Organique\"))","v":""},"","","",{"$f":"IF(AND($D210<>\"\",$D210=FicheIlot),COUNTIF($D$8:$D210,FicheIlot),\"\")","v":""}]
[null,{"$f":"IF(C211=\"\",\"\",COUNT($C$8:C211))","v":""},null,null,{"$f":"IF($Z211=\"\",\"\",IF($F211=ApportCouvert,INDEX(Îlots!$I$8:$I$57,$Z211)&\"\",INDEX(Îlots!$N$8:$N$57,$Z211)&\"\"))","v":""},null,null,{"$f":"IF($AA211=\"\",\"\",INDEX(Fertilisants!$D$8:$D$47,$AA211)&\"\")","v":""},null,null,{"$f":"IF($AA211=\"\",\"\",INDEX(Fertilisants!$E$8:$E$47,$AA211)&\"\")","v":""},"",{"$f":"IF(OR($J211=\"\",$AA211=\"\"),\"\",$J211*N(INDEX(Fertilisants!$G$8:$G$47,$AA211)))","v":""},{"$f":"IF(OR($J211=\"\",$AA211=\"\"),\"\",$J211*N(INDEX(Fertilisants!$I$8:$I$47,$AA211)))","v":""},{"$f":"IF(OR($J211=\"\",$AA211=\"\"),\"\",$J211*N(INDEX(Fertilisants!$J$8:$J$47,$AA211)))","v":""},{"$f":"IF(OR($J211=\"\",$AA211=\"\"),\"\",$J211*N(INDEX(Fertilisants!$K$8:$K$47,$AA211)))","v":""},"",{"$nulls":5},"",null,null,{"$f":"IF($D211=\"\",\"\",IFERROR(MATCH($D211,Îlots!$D$8:$D$57,0),\"\"))","v":""},{"$f":"IF($G211=\"\",\"\",IFERROR(MATCH($G211,Fertilisants!$B$8:$B$47,0),\"\"))","v":""},{"$f":"IF($Z211=\"\",\"\",INDEX(Îlots!$E$8:$E$57,$Z211))","v":""},{"$f":"IF($Z211=\"\",\"\",INDEX(Îlots!$G$8:$G$57,$Z211)&\"\")","v":""},{"$f":"IF($Z211=\"\",\"\",IF($F211=ApportCouvert,OccCouvert,INDEX(Îlots!$O$8:$O$57,$Z211)&\"\"))","v":""},"","","",0,0,0,0,0,{"$f":"IF($AA211=\"\",0,IF(INDEX(Fertilisants!$C$8:$C$47,$AA211)=\"Effluent d'élevage\",1,0))","v":0},{"$f":"IF($AA211=\"\",\"\",IF(INDEX(Fertilisants!$C$8:$C$47,$AA211)=\"Engrais minéral\",\"Minéral\",\"Organique\"))","v":""},"","","",{"$f":"IF(AND($D211<>\"\",$D211=FicheIlot),COUNTIF($D$8:$D211,FicheIlot),\"\")","v":""}]
[null,{"$f":"IF(C212=\"\",\"\",COUNT($C$8:C212))","v":""},null,null,{"$f":"IF($Z212=\"\",\"\",IF($F212=ApportCouvert,INDEX(Îlots!$I$8:$I$57,$Z212)&\"\",INDEX(Îlots!$N$8:$N$57,$Z212)&\"\"))","v":""},null,null,{"$f":"IF($AA212=\"\",\"\",INDEX(Fertilisants!$D$8:$D$47,$AA212)&\"\")","v":""},null,null,{"$f":"IF($AA212=\"\",\"\",INDEX(Fertilisants!$E$8:$E$47,$AA212)&\"\")","v":""},"",{"$f":"IF(OR($J212=\"\",$AA212=\"\"),\"\",$J212*N(INDEX(Fertilisants!$G$8:$G$47,$AA212)))","v":""},{"$f":"IF(OR($J212=\"\",$AA212=\"\"),\"\",$J212*N(INDEX(Fertilisants!$I$8:$I$47,$AA212)))","v":""},{"$f":"IF(OR($J212=\"\",$AA212=\"\"),\"\",$J212*N(INDEX(Fertilisants!$J$8:$J$47,$AA212)))","v":""},{"$f":"IF(OR($J212=\"\",$AA212=\"\"),\"\",$J212*N(INDEX(Fertilisants!$K$8:$K$47,$AA212)))","v":""},"",{"$nulls":5},"",null,null,{"$f":"IF($D212=\"\",\"\",IFERROR(MATCH($D212,Îlots!$D$8:$D$57,0),\"\"))","v":""},{"$f":"IF($G212=\"\",\"\",IFERROR(MATCH($G212,Fertilisants!$B$8:$B$47,0),\"\"))","v":""},{"$f":"IF($Z212=\"\",\"\",INDEX(Îlots!$E$8:$E$57,$Z212))","v":""},{"$f":"IF($Z212=\"\",\"\",INDEX(Îlots!$G$8:$G$57,$Z212)&\"\")","v":""},{"$f":"IF($Z212=\"\",\"\",IF($F212=ApportCouvert,OccCouvert,INDEX(Îlots!$O$8:$O$57,$Z212)&\"\"))","v":""},"","","",0,0,0,0,0,{"$f":"IF($AA212=\"\",0,IF(INDEX(Fertilisants!$C$8:$C$47,$AA212)=\"Effluent d'élevage\",1,0))","v":0},{"$f":"IF($AA212=\"\",\"\",IF(INDEX(Fertilisants!$C$8:$C$47,$AA212)=\"Engrais minéral\",\"Minéral\",\"Organique\"))","v":""},"","","",{"$f":"IF(AND($D212<>\"\",$D212=FicheIlot),COUNTIF($D$8:$D212,FicheIlot),\"\")","v":""}]
[null,{"$f":"IF(C213=\"\",\"\",COUNT($C$8:C213))","v":""},null,null,{"$f":"IF($Z213=\"\",\"\",IF($F213=ApportCouvert,INDEX(Îlots!$I$8:$I$57,$Z213)&\"\",INDEX(Îlots!$N$8:$N$57,$Z213)&\"\"))","v":""},null,null,{"$f":"IF($AA213=\"\",\"\",INDEX(Fertilisants!$D$8:$D$47,$AA213)&\"\")","v":""},null,null,{"$f":"IF($AA213=\"\",\"\",INDEX(Fertilisants!$E$8:$E$47,$AA213)&\"\")","v":""},"",{"$f":"IF(OR($J213=\"\",$AA213=\"\"),\"\",$J213*N(INDEX(Fertilisants!$G$8:$G$47,$AA213)))","v":""},{"$f":"IF(OR($J213=\"\",$AA213=\"\"),\"\",$J213*N(INDEX(Fertilisants!$I$8:$I$47,$AA213)))","v":""},{"$f":"IF(OR($J213=\"\",$AA213=\"\"),\"\",$J213*N(INDEX(Fertilisants!$J$8:$J$47,$AA213)))","v":""},{"$f":"IF(OR($J213=\"\",$AA213=\"\"),\"\",$J213*N(INDEX(Fertilisants!$K$8:$K$47,$AA213)))","v":""},"",{"$nulls":5},"",null,null,{"$f":"IF($D213=\"\",\"\",IFERROR(MATCH($D213,Îlots!$D$8:$D$57,0),\"\"))","v":""},{"$f":"IF($G213=\"\",\"\",IFERROR(MATCH($G213,Fertilisants!$B$8:$B$47,0),\"\"))","v":""},{"$f":"IF($Z213=\"\",\"\",INDEX(Îlots!$E$8:$E$57,$Z213))","v":""},{"$f":"IF($Z213=\"\",\"\",INDEX(Îlots!$G$8:$G$57,$Z213)&\"\")","v":""},{"$f":"IF($Z213=\"\",\"\",IF($F213=ApportCouvert,OccCouvert,INDEX(Îlots!$O$8:$O$57,$Z213)&\"\"))","v":""},"","","",0,0,0,0,0,{"$f":"IF($AA213=\"\",0,IF(INDEX(Fertilisants!$C$8:$C$47,$AA213)=\"Effluent d'élevage\",1,0))","v":0},{"$f":"IF($AA213=\"\",\"\",IF(INDEX(Fertilisants!$C$8:$C$47,$AA213)=\"Engrais minéral\",\"Minéral\",\"Organique\"))","v":""},"","","",{"$f":"IF(AND($D213<>\"\",$D213=FicheIlot),COUNTIF($D$8:$D213,FicheIlot),\"\")","v":""}]
[null,{"$f":"IF(C214=\"\",\"\",COUNT($C$8:C214))","v":""},null,null,{"$f":"IF($Z214=\"\",\"\",IF($F214=ApportCouvert,INDEX(Îlots!$I$8:$I$57,$Z214)&\"\",INDEX(Îlots!$N$8:$N$57,$Z214)&\"\"))","v":""},null,null,{"$f":"IF($AA214=\"\",\"\",INDEX(Fertilisants!$D$8:$D$47,$AA214)&\"\")","v":""},null,null,{"$f":"IF($AA214=\"\",\"\",INDEX(Fertilisants!$E$8:$E$47,$AA214)&\"\")","v":""},"",{"$f":"IF(OR($J214=\"\",$AA214=\"\"),\"\",$J214*N(INDEX(Fertilisants!$G$8:$G$47,$AA214)))","v":""},{"$f":"IF(OR($J214=\"\",$AA214=\"\"),\"\",$J214*N(INDEX(Fertilisants!$I$8:$I$47,$AA214)))","v":""},{"$f":"IF(OR($J214=\"\",$AA214=\"\"),\"\",$J214*N(INDEX(Fertilisants!$J$8:$J$47,$AA214)))","v":""},{"$f":"IF(OR($J214=\"\",$AA214=\"\"),\"\",$J214*N(INDEX(Fertilisants!$K$8:$K$47,$AA214)))","v":""},"",{"$nulls":5},"",null,null,{"$f":"IF($D214=\"\",\"\",IFERROR(MATCH($D214,Îlots!$D$8:$D$57,0),\"\"))","v":""},{"$f":"IF($G214=\"\",\"\",IFERROR(MATCH($G214,Fertilisants!$B$8:$B$47,0),\"\"))","v":""},{"$f":"IF($Z214=\"\",\"\",INDEX(Îlots!$E$8:$E$57,$Z214))","v":""},{"$f":"IF($Z214=\"\",\"\",INDEX(Îlots!$G$8:$G$57,$Z214)&\"\")","v":""},{"$f":"IF($Z214=\"\",\"\",IF($F214=ApportCouvert,OccCouvert,INDEX(Îlots!$O$8:$O$57,$Z214)&\"\"))","v":""},"","","",0,0,0,0,0,{"$f":"IF($AA214=\"\",0,IF(INDEX(Fertilisants!$C$8:$C$47,$AA214)=\"Effluent d'élevage\",1,0))","v":0},{"$f":"IF($AA214=\"\",\"\",IF(INDEX(Fertilisants!$C$8:$C$47,$AA214)=\"Engrais minéral\",\"Minéral\",\"Organique\"))","v":""},"","","",{"$f":"IF(AND($D214<>\"\",$D214=FicheIlot),COUNTIF($D$8:$D214,FicheIlot),\"\")","v":""}]
[null,{"$f":"IF(C215=\"\",\"\",COUNT($C$8:C215))","v":""},null,null,{"$f":"IF($Z215=\"\",\"\",IF($F215=ApportCouvert,INDEX(Îlots!$I$8:$I$57,$Z215)&\"\",INDEX(Îlots!$N$8:$N$57,$Z215)&\"\"))","v":""},null,null,{"$f":"IF($AA215=\"\",\"\",INDEX(Fertilisants!$D$8:$D$47,$AA215)&\"\")","v":""},null,null,{"$f":"IF($AA215=\"\",\"\",INDEX(Fertilisants!$E$8:$E$47,$AA215)&\"\")","v":""},"",{"$f":"IF(OR($J215=\"\",$AA215=\"\"),\"\",$J215*N(INDEX(Fertilisants!$G$8:$G$47,$AA215)))","v":""},{"$f":"IF(OR($J215=\"\",$AA215=\"\"),\"\",$J215*N(INDEX(Fertilisants!$I$8:$I$47,$AA215)))","v":""},{"$f":"IF(OR($J215=\"\",$AA215=\"\"),\"\",$J215*N(INDEX(Fertilisants!$J$8:$J$47,$AA215)))","v":""},{"$f":"IF(OR($J215=\"\",$AA215=\"\"),\"\",$J215*N(INDEX(Fertilisants!$K$8:$K$47,$AA215)))","v":""},"",{"$nulls":5},"",null,null,{"$f":"IF($D215=\"\",\"\",IFERROR(MATCH($D215,Îlots!$D$8:$D$57,0),\"\"))","v":""},{"$f":"IF($G215=\"\",\"\",IFERROR(MATCH($G215,Fertilisants!$B$8:$B$47,0),\"\"))","v":""},{"$f":"IF($Z215=\"\",\"\",INDEX(Îlots!$E$8:$E$57,$Z215))","v":""},{"$f":"IF($Z215=\"\",\"\",INDEX(Îlots!$G$8:$G$57,$Z215)&\"\")","v":""},{"$f":"IF($Z215=\"\",\"\",IF($F215=ApportCouvert,OccCouvert,INDEX(Îlots!$O$8:$O$57,$Z215)&\"\"))","v":""},"","","",0,0,0,0,0,{"$f":"IF($AA215=\"\",0,IF(INDEX(Fertilisants!$C$8:$C$47,$AA215)=\"Effluent d'élevage\",1,0))","v":0},{"$f":"IF($AA215=\"\",\"\",IF(INDEX(Fertilisants!$C$8:$C$47,$AA215)=\"Engrais minéral\",\"Minéral\",\"Organique\"))","v":""},"","","",{"$f":"IF(AND($D215<>\"\",$D215=FicheIlot),COUNTIF($D$8:$D215,FicheIlot),\"\")","v":""}]
[null,{"$f":"IF(C216=\"\",\"\",COUNT($C$8:C216))","v":""},null,null,{"$f":"IF($Z216=\"\",\"\",IF($F216=ApportCouvert,INDEX(Îlots!$I$8:$I$57,$Z216)&\"\",INDEX(Îlots!$N$8:$N$57,$Z216)&\"\"))","v":""},null,null,{"$f":"IF($AA216=\"\",\"\",INDEX(Fertilisants!$D$8:$D$47,$AA216)&\"\")","v":""},null,null,{"$f":"IF($AA216=\"\",\"\",INDEX(Fertilisants!$E$8:$E$47,$AA216)&\"\")","v":""},"",{"$f":"IF(OR($J216=\"\",$AA216=\"\"),\"\",$J216*N(INDEX(Fertilisants!$G$8:$G$47,$AA216)))","v":""},{"$f":"IF(OR($J216=\"\",$AA216=\"\"),\"\",$J216*N(INDEX(Fertilisants!$I$8:$I$47,$AA216)))","v":""},{"$f":"IF(OR($J216=\"\",$AA216=\"\"),\"\",$J216*N(INDEX(Fertilisants!$J$8:$J$47,$AA216)))","v":""},{"$f":"IF(OR($J216=\"\",$AA216=\"\"),\"\",$J216*N(INDEX(Fertilisants!$K$8:$K$47,$AA216)))","v":""},"",{"$nulls":5},"",null,null,{"$f":"IF($D216=\"\",\"\",IFERROR(MATCH($D216,Îlots!$D$8:$D$57,0),\"\"))","v":""},{"$f":"IF($G216=\"\",\"\",IFERROR(MATCH($G216,Fertilisants!$B$8:$B$47,0),\"\"))","v":""},{"$f":"IF($Z216=\"\",\"\",INDEX(Îlots!$E$8:$E$57,$Z216))","v":""},{"$f":"IF($Z216=\"\",\"\",INDEX(Îlots!$G$8:$G$57,$Z216)&\"\")","v":""},{"$f":"IF($Z216=\"\",\"\",IF($F216=ApportCouvert,OccCouvert,INDEX(Îlots!$O$8:$O$57,$Z216)&\"\"))","v":""},"","","",0,0,0,0,0,{"$f":"IF($AA216=\"\",0,IF(INDEX(Fertilisants!$C$8:$C$47,$AA216)=\"Effluent d'élevage\",1,0))","v":0},{"$f":"IF($AA216=\"\",\"\",IF(INDEX(Fertilisants!$C$8:$C$47,$AA216)=\"Engrais minéral\",\"Minéral\",\"Organique\"))","v":""},"","","",{"$f":"IF(AND($D216<>\"\",$D216=FicheIlot),COUNTIF($D$8:$D216,FicheIlot),\"\")","v":""}]
[null,{"$f":"IF(C217=\"\",\"\",COUNT($C$8:C217))","v":""},null,null,{"$f":"IF($Z217=\"\",\"\",IF($F217=ApportCouvert,INDEX(Îlots!$I$8:$I$57,$Z217)&\"\",INDEX(Îlots!$N$8:$N$57,$Z217)&\"\"))","v":""},null,null,{"$f":"IF($AA217=\"\",\"\",INDEX(Fertilisants!$D$8:$D$47,$AA217)&\"\")","v":""},null,null,{"$f":"IF($AA217=\"\",\"\",INDEX(Fertilisants!$E$8:$E$47,$AA217)&\"\")","v":""},"",{"$f":"IF(OR($J217=\"\",$AA217=\"\"),\"\",$J217*N(INDEX(Fertilisants!$G$8:$G$47,$AA217)))","v":""},{"$f":"IF(OR($J217=\"\",$AA217=\"\"),\"\",$J217*N(INDEX(Fertilisants!$I$8:$I$47,$AA217)))","v":""},{"$f":"IF(OR($J217=\"\",$AA217=\"\"),\"\",$J217*N(INDEX(Fertilisants!$J$8:$J$47,$AA217)))","v":""},{"$f":"IF(OR($J217=\"\",$AA217=\"\"),\"\",$J217*N(INDEX(Fertilisants!$K$8:$K$47,$AA217)))","v":""},"",{"$nulls":5},"",null,null,{"$f":"IF($D217=\"\",\"\",IFERROR(MATCH($D217,Îlots!$D$8:$D$57,0),\"\"))","v":""},{"$f":"IF($G217=\"\",\"\",IFERROR(MATCH($G217,Fertilisants!$B$8:$B$47,0),\"\"))","v":""},{"$f":"IF($Z217=\"\",\"\",INDEX(Îlots!$E$8:$E$57,$Z217))","v":""},{"$f":"IF($Z217=\"\",\"\",INDEX(Îlots!$G$8:$G$57,$Z217)&\"\")","v":""},{"$f":"IF($Z217=\"\",\"\",IF($F217=ApportCouvert,OccCouvert,INDEX(Îlots!$O$8:$O$57,$Z217)&\"\"))","v":""},"","","",0,0,0,0,0,{"$f":"IF($AA217=\"\",0,IF(INDEX(Fertilisants!$C$8:$C$47,$AA217)=\"Effluent d'élevage\",1,0))","v":0},{"$f":"IF($AA217=\"\",\"\",IF(INDEX(Fertilisants!$C$8:$C$47,$AA217)=\"Engrais minéral\",\"Minéral\",\"Organique\"))","v":""},"","","",{"$f":"IF(AND($D217<>\"\",$D217=FicheIlot),COUNTIF($D$8:$D217,FicheIlot),\"\")","v":""}]
[null,{"$f":"IF(C218=\"\",\"\",COUNT($C$8:C218))","v":""},null,null,{"$f":"IF($Z218=\"\",\"\",IF($F218=ApportCouvert,INDEX(Îlots!$I$8:$I$57,$Z218)&\"\",INDEX(Îlots!$N$8:$N$57,$Z218)&\"\"))","v":""},null,null,{"$f":"IF($AA218=\"\",\"\",INDEX(Fertilisants!$D$8:$D$47,$AA218)&\"\")","v":""},null,null,{"$f":"IF($AA218=\"\",\"\",INDEX(Fertilisants!$E$8:$E$47,$AA218)&\"\")","v":""},"",{"$f":"IF(OR($J218=\"\",$AA218=\"\"),\"\",$J218*N(INDEX(Fertilisants!$G$8:$G$47,$AA218)))","v":""},{"$f":"IF(OR($J218=\"\",$AA218=\"\"),\"\",$J218*N(INDEX(Fertilisants!$I$8:$I$47,$AA218)))","v":""},{"$f":"IF(OR($J218=\"\",$AA218=\"\"),\"\",$J218*N(INDEX(Fertilisants!$J$8:$J$47,$AA218)))","v":""},{"$f":"IF(OR($J218=\"\",$AA218=\"\"),\"\",$J218*N(INDEX(Fertilisants!$K$8:$K$47,$AA218)))","v":""},"",{"$nulls":5},"",null,null,{"$f":"IF($D218=\"\",\"\",IFERROR(MATCH($D218,Îlots!$D$8:$D$57,0),\"\"))","v":""},{"$f":"IF($G218=\"\",\"\",IFERROR(MATCH($G218,Fertilisants!$B$8:$B$47,0),\"\"))","v":""},{"$f":"IF($Z218=\"\",\"\",INDEX(Îlots!$E$8:$E$57,$Z218))","v":""},{"$f":"IF($Z218=\"\",\"\",INDEX(Îlots!$G$8:$G$57,$Z218)&\"\")","v":""},{"$f":"IF($Z218=\"\",\"\",IF($F218=ApportCouvert,OccCouvert,INDEX(Îlots!$O$8:$O$57,$Z218)&\"\"))","v":""},"","","",0,0,0,0,0,{"$f":"IF($AA218=\"\",0,IF(INDEX(Fertilisants!$C$8:$C$47,$AA218)=\"Effluent d'élevage\",1,0))","v":0},{"$f":"IF($AA218=\"\",\"\",IF(INDEX(Fertilisants!$C$8:$C$47,$AA218)=\"Engrais minéral\",\"Minéral\",\"Organique\"))","v":""},"","","",{"$f":"IF(AND($D218<>\"\",$D218=FicheIlot),COUNTIF($D$8:$D218,FicheIlot),\"\")","v":""}]
[null,{"$f":"IF(C219=\"\",\"\",COUNT($C$8:C219))","v":""},null,null,{"$f":"IF($Z219=\"\",\"\",IF($F219=ApportCouvert,INDEX(Îlots!$I$8:$I$57,$Z219)&\"\",INDEX(Îlots!$N$8:$N$57,$Z219)&\"\"))","v":""},null,null,{"$f":"IF($AA219=\"\",\"\",INDEX(Fertilisants!$D$8:$D$47,$AA219)&\"\")","v":""},null,null,{"$f":"IF($AA219=\"\",\"\",INDEX(Fertilisants!$E$8:$E$47,$AA219)&\"\")","v":""},"",{"$f":"IF(OR($J219=\"\",$AA219=\"\"),\"\",$J219*N(INDEX(Fertilisants!$G$8:$G$47,$AA219)))","v":""},{"$f":"IF(OR($J219=\"\",$AA219=\"\"),\"\",$J219*N(INDEX(Fertilisants!$I$8:$I$47,$AA219)))","v":""},{"$f":"IF(OR($J219=\"\",$AA219=\"\"),\"\",$J219*N(INDEX(Fertilisants!$J$8:$J$47,$AA219)))","v":""},{"$f":"IF(OR($J219=\"\",$AA219=\"\"),\"\",$J219*N(INDEX(Fertilisants!$K$8:$K$47,$AA219)))","v":""},"",{"$nulls":5},"",null,null,{"$f":"IF($D219=\"\",\"\",IFERROR(MATCH($D219,Îlots!$D$8:$D$57,0),\"\"))","v":""},{"$f":"IF($G219=\"\",\"\",IFERROR(MATCH($G219,Fertilisants!$B$8:$B$47,0),\"\"))","v":""},{"$f":"IF($Z219=\"\",\"\",INDEX(Îlots!$E$8:$E$57,$Z219))","v":""},{"$f":"IF($Z219=\"\",\"\",INDEX(Îlots!$G$8:$G$57,$Z219)&\"\")","v":""},{"$f":"IF($Z219=\"\",\"\",IF($F219=ApportCouvert,OccCouvert,INDEX(Îlots!$O$8:$O$57,$Z219)&\"\"))","v":""},"","","",0,0,0,0,0,{"$f":"IF($AA219=\"\",0,IF(INDEX(Fertilisants!$C$8:$C$47,$AA219)=\"Effluent d'élevage\",1,0))","v":0},{"$f":"IF($AA219=\"\",\"\",IF(INDEX(Fertilisants!$C$8:$C$47,$AA219)=\"Engrais minéral\",\"Minéral\",\"Organique\"))","v":""},"","","",{"$f":"IF(AND($D219<>\"\",$D219=FicheIlot),COUNTIF($D$8:$D219,FicheIlot),\"\")","v":""}]
[null,{"$f":"IF(C220=\"\",\"\",COUNT($C$8:C220))","v":""},null,null,{"$f":"IF($Z220=\"\",\"\",IF($F220=ApportCouvert,INDEX(Îlots!$I$8:$I$57,$Z220)&\"\",INDEX(Îlots!$N$8:$N$57,$Z220)&\"\"))","v":""},null,null,{"$f":"IF($AA220=\"\",\"\",INDEX(Fertilisants!$D$8:$D$47,$AA220)&\"\")","v":""},null,null,{"$f":"IF($AA220=\"\",\"\",INDEX(Fertilisants!$E$8:$E$47,$AA220)&\"\")","v":""},"",{"$f":"IF(OR($J220=\"\",$AA220=\"\"),\"\",$J220*N(INDEX(Fertilisants!$G$8:$G$47,$AA220)))","v":""},{"$f":"IF(OR($J220=\"\",$AA220=\"\"),\"\",$J220*N(INDEX(Fertilisants!$I$8:$I$47,$AA220)))","v":""},{"$f":"IF(OR($J220=\"\",$AA220=\"\"),\"\",$J220*N(INDEX(Fertilisants!$J$8:$J$47,$AA220)))","v":""},{"$f":"IF(OR($J220=\"\",$AA220=\"\"),\"\",$J220*N(INDEX(Fertilisants!$K$8:$K$47,$AA220)))","v":""},"",{"$nulls":5},"",null,null,{"$f":"IF($D220=\"\",\"\",IFERROR(MATCH($D220,Îlots!$D$8:$D$57,0),\"\"))","v":""},{"$f":"IF($G220=\"\",\"\",IFERROR(MATCH($G220,Fertilisants!$B$8:$B$47,0),\"\"))","v":""},{"$f":"IF($Z220=\"\",\"\",INDEX(Îlots!$E$8:$E$57,$Z220))","v":""},{"$f":"IF($Z220=\"\",\"\",INDEX(Îlots!$G$8:$G$57,$Z220)&\"\")","v":""},{"$f":"IF($Z220=\"\",\"\",IF($F220=ApportCouvert,OccCouvert,INDEX(Îlots!$O$8:$O$57,$Z220)&\"\"))","v":""},"","","",0,0,0,0,0,{"$f":"IF($AA220=\"\",0,IF(INDEX(Fertilisants!$C$8:$C$47,$AA220)=\"Effluent d'élevage\",1,0))","v":0},{"$f":"IF($AA220=\"\",\"\",IF(INDEX(Fertilisants!$C$8:$C$47,$AA220)=\"Engrais minéral\",\"Minéral\",\"Organique\"))","v":""},"","","",{"$f":"IF(AND($D220<>\"\",$D220=FicheIlot),COUNTIF($D$8:$D220,FicheIlot),\"\")","v":""}]
[null,{"$f":"IF(C221=\"\",\"\",COUNT($C$8:C221))","v":""},null,null,{"$f":"IF($Z221=\"\",\"\",IF($F221=ApportCouvert,INDEX(Îlots!$I$8:$I$57,$Z221)&\"\",INDEX(Îlots!$N$8:$N$57,$Z221)&\"\"))","v":""},null,null,{"$f":"IF($AA221=\"\",\"\",INDEX(Fertilisants!$D$8:$D$47,$AA221)&\"\")","v":""},null,null,{"$f":"IF($AA221=\"\",\"\",INDEX(Fertilisants!$E$8:$E$47,$AA221)&\"\")","v":""},"",{"$f":"IF(OR($J221=\"\",$AA221=\"\"),\"\",$J221*N(INDEX(Fertilisants!$G$8:$G$47,$AA221)))","v":""},{"$f":"IF(OR($J221=\"\",$AA221=\"\"),\"\",$J221*N(INDEX(Fertilisants!$I$8:$I$47,$AA221)))","v":""},{"$f":"IF(OR($J221=\"\",$AA221=\"\"),\"\",$J221*N(INDEX(Fertilisants!$J$8:$J$47,$AA221)))","v":""},{"$f":"IF(OR($J221=\"\",$AA221=\"\"),\"\",$J221*N(INDEX(Fertilisants!$K$8:$K$47,$AA221)))","v":""},"",{"$nulls":5},"",null,null,{"$f":"IF($D221=\"\",\"\",IFERROR(MATCH($D221,Îlots!$D$8:$D$57,0),\"\"))","v":""},{"$f":"IF($G221=\"\",\"\",IFERROR(MATCH($G221,Fertilisants!$B$8:$B$47,0),\"\"))","v":""},{"$f":"IF($Z221=\"\",\"\",INDEX(Îlots!$E$8:$E$57,$Z221))","v":""},{"$f":"IF($Z221=\"\",\"\",INDEX(Îlots!$G$8:$G$57,$Z221)&\"\")","v":""},{"$f":"IF($Z221=\"\",\"\",IF($F221=ApportCouvert,OccCouvert,INDEX(Îlots!$O$8:$O$57,$Z221)&\"\"))","v":""},"","","",0,0,0,0,0,{"$f":"IF($AA221=\"\",0,IF(INDEX(Fertilisants!$C$8:$C$47,$AA221)=\"Effluent d'élevage\",1,0))","v":0},{"$f":"IF($AA221=\"\",\"\",IF(INDEX(Fertilisants!$C$8:$C$47,$AA221)=\"Engrais minéral\",\"Minéral\",\"Organique\"))","v":""},"","","",{"$f":"IF(AND($D221<>\"\",$D221=FicheIlot),COUNTIF($D$8:$D221,FicheIlot),\"\")","v":""}]
[null,{"$f":"IF(C222=\"\",\"\",COUNT($C$8:C222))","v":""},null,null,{"$f":"IF($Z222=\"\",\"\",IF($F222=ApportCouvert,INDEX(Îlots!$I$8:$I$57,$Z222)&\"\",INDEX(Îlots!$N$8:$N$57,$Z222)&\"\"))","v":""},null,null,{"$f":"IF($AA222=\"\",\"\",INDEX(Fertilisants!$D$8:$D$47,$AA222)&\"\")","v":""},null,null,{"$f":"IF($AA222=\"\",\"\",INDEX(Fertilisants!$E$8:$E$47,$AA222)&\"\")","v":""},"",{"$f":"IF(OR($J222=\"\",$AA222=\"\"),\"\",$J222*N(INDEX(Fertilisants!$G$8:$G$47,$AA222)))","v":""},{"$f":"IF(OR($J222=\"\",$AA222=\"\"),\"\",$J222*N(INDEX(Fertilisants!$I$8:$I$47,$AA222)))","v":""},{"$f":"IF(OR($J222=\"\",$AA222=\"\"),\"\",$J222*N(INDEX(Fertilisants!$J$8:$J$47,$AA222)))","v":""},{"$f":"IF(OR($J222=\"\",$AA222=\"\"),\"\",$J222*N(INDEX(Fertilisants!$K$8:$K$47,$AA222)))","v":""},"",{"$nulls":5},"",null,null,{"$f":"IF($D222=\"\",\"\",IFERROR(MATCH($D222,Îlots!$D$8:$D$57,0),\"\"))","v":""},{"$f":"IF($G222=\"\",\"\",IFERROR(MATCH($G222,Fertilisants!$B$8:$B$47,0),\"\"))","v":""},{"$f":"IF($Z222=\"\",\"\",INDEX(Îlots!$E$8:$E$57,$Z222))","v":""},{"$f":"IF($Z222=\"\",\"\",INDEX(Îlots!$G$8:$G$57,$Z222)&\"\")","v":""},{"$f":"IF($Z222=\"\",\"\",IF($F222=ApportCouvert,OccCouvert,INDEX(Îlots!$O$8:$O$57,$Z222)&\"\"))","v":""},"","","",0,0,0,0,0,{"$f":"IF($AA222=\"\",0,IF(INDEX(Fertilisants!$C$8:$C$47,$AA222)=\"Effluent d'élevage\",1,0))","v":0},{"$f":"IF($AA222=\"\",\"\",IF(INDEX(Fertilisants!$C$8:$C$47,$AA222)=\"Engrais minéral\",\"Minéral\",\"Organique\"))","v":""},"","","",{"$f":"IF(AND($D222<>\"\",$D222=FicheIlot),COUNTIF($D$8:$D222,FicheIlot),\"\")","v":""}]
[null,{"$f":"IF(C223=\"\",\"\",COUNT($C$8:C223))","v":""},null,null,{"$f":"IF($Z223=\"\",\"\",IF($F223=ApportCouvert,INDEX(Îlots!$I$8:$I$57,$Z223)&\"\",INDEX(Îlots!$N$8:$N$57,$Z223)&\"\"))","v":""},null,null,{"$f":"IF($AA223=\"\",\"\",INDEX(Fertilisants!$D$8:$D$47,$AA223)&\"\")","v":""},null,null,{"$f":"IF($AA223=\"\",\"\",INDEX(Fertilisants!$E$8:$E$47,$AA223)&\"\")","v":""},"",{"$f":"IF(OR($J223=\"\",$AA223=\"\"),\"\",$J223*N(INDEX(Fertilisants!$G$8:$G$47,$AA223)))","v":""},{"$f":"IF(OR($J223=\"\",$AA223=\"\"),\"\",$J223*N(INDEX(Fertilisants!$I$8:$I$47,$AA223)))","v":""},{"$f":"IF(OR($J223=\"\",$AA223=\"\"),\"\",$J223*N(INDEX(Fertilisants!$J$8:$J$47,$AA223)))","v":""},{"$f":"IF(OR($J223=\"\",$AA223=\"\"),\"\",$J223*N(INDEX(Fertilisants!$K$8:$K$47,$AA223)))","v":""},"",{"$nulls":5},"",null,null,{"$f":"IF($D223=\"\",\"\",IFERROR(MATCH($D223,Îlots!$D$8:$D$57,0),\"\"))","v":""},{"$f":"IF($G223=\"\",\"\",IFERROR(MATCH($G223,Fertilisants!$B$8:$B$47,0),\"\"))","v":""},{"$f":"IF($Z223=\"\",\"\",INDEX(Îlots!$E$8:$E$57,$Z223))","v":""},{"$f":"IF($Z223=\"\",\"\",INDEX(Îlots!$G$8:$G$57,$Z223)&\"\")","v":""},{"$f":"IF($Z223=\"\",\"\",IF($F223=ApportCouvert,OccCouvert,INDEX(Îlots!$O$8:$O$57,$Z223)&\"\"))","v":""},"","","",0,0,0,0,0,{"$f":"IF($AA223=\"\",0,IF(INDEX(Fertilisants!$C$8:$C$47,$AA223)=\"Effluent d'élevage\",1,0))","v":0},{"$f":"IF($AA223=\"\",\"\",IF(INDEX(Fertilisants!$C$8:$C$47,$AA223)=\"Engrais minéral\",\"Minéral\",\"Organique\"))","v":""},"","","",{"$f":"IF(AND($D223<>\"\",$D223=FicheIlot),COUNTIF($D$8:$D223,FicheIlot),\"\")","v":""}]
[null,{"$f":"IF(C224=\"\",\"\",COUNT($C$8:C224))","v":""},null,null,{"$f":"IF($Z224=\"\",\"\",IF($F224=ApportCouvert,INDEX(Îlots!$I$8:$I$57,$Z224)&\"\",INDEX(Îlots!$N$8:$N$57,$Z224)&\"\"))","v":""},null,null,{"$f":"IF($AA224=\"\",\"\",INDEX(Fertilisants!$D$8:$D$47,$AA224)&\"\")","v":""},null,null,{"$f":"IF($AA224=\"\",\"\",INDEX(Fertilisants!$E$8:$E$47,$AA224)&\"\")","v":""},"",{"$f":"IF(OR($J224=\"\",$AA224=\"\"),\"\",$J224*N(INDEX(Fertilisants!$G$8:$G$47,$AA224)))","v":""},{"$f":"IF(OR($J224=\"\",$AA224=\"\"),\"\",$J224*N(INDEX(Fertilisants!$I$8:$I$47,$AA224)))","v":""},{"$f":"IF(OR($J224=\"\",$AA224=\"\"),\"\",$J224*N(INDEX(Fertilisants!$J$8:$J$47,$AA224)))","v":""},{"$f":"IF(OR($J224=\"\",$AA224=\"\"),\"\",$J224*N(INDEX(Fertilisants!$K$8:$K$47,$AA224)))","v":""},"",{"$nulls":5},"",null,null,{"$f":"IF($D224=\"\",\"\",IFERROR(MATCH($D224,Îlots!$D$8:$D$57,0),\"\"))","v":""},{"$f":"IF($G224=\"\",\"\",IFERROR(MATCH($G224,Fertilisants!$B$8:$B$47,0),\"\"))","v":""},{"$f":"IF($Z224=\"\",\"\",INDEX(Îlots!$E$8:$E$57,$Z224))","v":""},{"$f":"IF($Z224=\"\",\"\",INDEX(Îlots!$G$8:$G$57,$Z224)&\"\")","v":""},{"$f":"IF($Z224=\"\",\"\",IF($F224=ApportCouvert,OccCouvert,INDEX(Îlots!$O$8:$O$57,$Z224)&\"\"))","v":""},"","","",0,0,0,0,0,{"$f":"IF($AA224=\"\",0,IF(INDEX(Fertilisants!$C$8:$C$47,$AA224)=\"Effluent d'élevage\",1,0))","v":0},{"$f":"IF($AA224=\"\",\"\",IF(INDEX(Fertilisants!$C$8:$C$47,$AA224)=\"Engrais minéral\",\"Minéral\",\"Organique\"))","v":""},"","","",{"$f":"IF(AND($D224<>\"\",$D224=FicheIlot),COUNTIF($D$8:$D224,FicheIlot),\"\")","v":""}]
[null,{"$f":"IF(C225=\"\",\"\",COUNT($C$8:C225))","v":""},null,null,{"$f":"IF($Z225=\"\",\"\",IF($F225=ApportCouvert,INDEX(Îlots!$I$8:$I$57,$Z225)&\"\",INDEX(Îlots!$N$8:$N$57,$Z225)&\"\"))","v":""},null,null,{"$f":"IF($AA225=\"\",\"\",INDEX(Fertilisants!$D$8:$D$47,$AA225)&\"\")","v":""},null,null,{"$f":"IF($AA225=\"\",\"\",INDEX(Fertilisants!$E$8:$E$47,$AA225)&\"\")","v":""},"",{"$f":"IF(OR($J225=\"\",$AA225=\"\"),\"\",$J225*N(INDEX(Fertilisants!$G$8:$G$47,$AA225)))","v":""},{"$f":"IF(OR($J225=\"\",$AA225=\"\"),\"\",$J225*N(INDEX(Fertilisants!$I$8:$I$47,$AA225)))","v":""},{"$f":"IF(OR($J225=\"\",$AA225=\"\"),\"\",$J225*N(INDEX(Fertilisants!$J$8:$J$47,$AA225)))","v":""},{"$f":"IF(OR($J225=\"\",$AA225=\"\"),\"\",$J225*N(INDEX(Fertilisants!$K$8:$K$47,$AA225)))","v":""},"",{"$nulls":5},"",null,null,{"$f":"IF($D225=\"\",\"\",IFERROR(MATCH($D225,Îlots!$D$8:$D$57,0),\"\"))","v":""},{"$f":"IF($G225=\"\",\"\",IFERROR(MATCH($G225,Fertilisants!$B$8:$B$47,0),\"\"))","v":""},{"$f":"IF($Z225=\"\",\"\",INDEX(Îlots!$E$8:$E$57,$Z225))","v":""},{"$f":"IF($Z225=\"\",\"\",INDEX(Îlots!$G$8:$G$57,$Z225)&\"\")","v":""},{"$f":"IF($Z225=\"\",\"\",IF($F225=ApportCouvert,OccCouvert,INDEX(Îlots!$O$8:$O$57,$Z225)&\"\"))","v":""},"","","",0,0,0,0,0,{"$f":"IF($AA225=\"\",0,IF(INDEX(Fertilisants!$C$8:$C$47,$AA225)=\"Effluent d'élevage\",1,0))","v":0},{"$f":"IF($AA225=\"\",\"\",IF(INDEX(Fertilisants!$C$8:$C$47,$AA225)=\"Engrais minéral\",\"Minéral\",\"Organique\"))","v":""},"","","",{"$f":"IF(AND($D225<>\"\",$D225=FicheIlot),COUNTIF($D$8:$D225,FicheIlot),\"\")","v":""}]
[null,{"$f":"IF(C226=\"\",\"\",COUNT($C$8:C226))","v":""},null,null,{"$f":"IF($Z226=\"\",\"\",IF($F226=ApportCouvert,INDEX(Îlots!$I$8:$I$57,$Z226)&\"\",INDEX(Îlots!$N$8:$N$57,$Z226)&\"\"))","v":""},null,null,{"$f":"IF($AA226=\"\",\"\",INDEX(Fertilisants!$D$8:$D$47,$AA226)&\"\")","v":""},null,null,{"$f":"IF($AA226=\"\",\"\",INDEX(Fertilisants!$E$8:$E$47,$AA226)&\"\")","v":""},"",{"$f":"IF(OR($J226=\"\",$AA226=\"\"),\"\",$J226*N(INDEX(Fertilisants!$G$8:$G$47,$AA226)))","v":""},{"$f":"IF(OR($J226=\"\",$AA226=\"\"),\"\",$J226*N(INDEX(Fertilisants!$I$8:$I$47,$AA226)))","v":""},{"$f":"IF(OR($J226=\"\",$AA226=\"\"),\"\",$J226*N(INDEX(Fertilisants!$J$8:$J$47,$AA226)))","v":""},{"$f":"IF(OR($J226=\"\",$AA226=\"\"),\"\",$J226*N(INDEX(Fertilisants!$K$8:$K$47,$AA226)))","v":""},"",{"$nulls":5},"",null,null,{"$f":"IF($D226=\"\",\"\",IFERROR(MATCH($D226,Îlots!$D$8:$D$57,0),\"\"))","v":""},{"$f":"IF($G226=\"\",\"\",IFERROR(MATCH($G226,Fertilisants!$B$8:$B$47,0),\"\"))","v":""},{"$f":"IF($Z226=\"\",\"\",INDEX(Îlots!$E$8:$E$57,$Z226))","v":""},{"$f":"IF($Z226=\"\",\"\",INDEX(Îlots!$G$8:$G$57,$Z226)&\"\")","v":""},{"$f":"IF($Z226=\"\",\"\",IF($F226=ApportCouvert,OccCouvert,INDEX(Îlots!$O$8:$O$57,$Z226)&\"\"))","v":""},"","","",0,0,0,0,0,{"$f":"IF($AA226=\"\",0,IF(INDEX(Fertilisants!$C$8:$C$47,$AA226)=\"Effluent d'élevage\",1,0))","v":0},{"$f":"IF($AA226=\"\",\"\",IF(INDEX(Fertilisants!$C$8:$C$47,$AA226)=\"Engrais minéral\",\"Minéral\",\"Organique\"))","v":""},"","","",{"$f":"IF(AND($D226<>\"\",$D226=FicheIlot),COUNTIF($D$8:$D226,FicheIlot),\"\")","v":""}]
[null,{"$f":"IF(C227=\"\",\"\",COUNT($C$8:C227))","v":""},null,null,{"$f":"IF($Z227=\"\",\"\",IF($F227=ApportCouvert,INDEX(Îlots!$I$8:$I$57,$Z227)&\"\",INDEX(Îlots!$N$8:$N$57,$Z227)&\"\"))","v":""},null,null,{"$f":"IF($AA227=\"\",\"\",INDEX(Fertilisants!$D$8:$D$47,$AA227)&\"\")","v":""},null,null,{"$f":"IF($AA227=\"\",\"\",INDEX(Fertilisants!$E$8:$E$47,$AA227)&\"\")","v":""},"",{"$f":"IF(OR($J227=\"\",$AA227=\"\"),\"\",$J227*N(INDEX(Fertilisants!$G$8:$G$47,$AA227)))","v":""},{"$f":"IF(OR($J227=\"\",$AA227=\"\"),\"\",$J227*N(INDEX(Fertilisants!$I$8:$I$47,$AA227)))","v":""},{"$f":"IF(OR($J227=\"\",$AA227=\"\"),\"\",$J227*N(INDEX(Fertilisants!$J$8:$J$47,$AA227)))","v":""},{"$f":"IF(OR($J227=\"\",$AA227=\"\"),\"\",$J227*N(INDEX(Fertilisants!$K$8:$K$47,$AA227)))","v":""},"",{"$nulls":5},"",null,null,{"$f":"IF($D227=\"\",\"\",IFERROR(MATCH($D227,Îlots!$D$8:$D$57,0),\"\"))","v":""},{"$f":"IF($G227=\"\",\"\",IFERROR(MATCH($G227,Fertilisants!$B$8:$B$47,0),\"\"))","v":""},{"$f":"IF($Z227=\"\",\"\",INDEX(Îlots!$E$8:$E$57,$Z227))","v":""},{"$f":"IF($Z227=\"\",\"\",INDEX(Îlots!$G$8:$G$57,$Z227)&\"\")","v":""},{"$f":"IF($Z227=\"\",\"\",IF($F227=ApportCouvert,OccCouvert,INDEX(Îlots!$O$8:$O$57,$Z227)&\"\"))","v":""},"","","",0,0,0,0,0,{"$f":"IF($AA227=\"\",0,IF(INDEX(Fertilisants!$C$8:$C$47,$AA227)=\"Effluent d'élevage\",1,0))","v":0},{"$f":"IF($AA227=\"\",\"\",IF(INDEX(Fertilisants!$C$8:$C$47,$AA227)=\"Engrais minéral\",\"Minéral\",\"Organique\"))","v":""},"","","",{"$f":"IF(AND($D227<>\"\",$D227=FicheIlot),COUNTIF($D$8:$D227,FicheIlot),\"\")","v":""}]
[null,{"$f":"IF(C228=\"\",\"\",COUNT($C$8:C228))","v":""},null,null,{"$f":"IF($Z228=\"\",\"\",IF($F228=ApportCouvert,INDEX(Îlots!$I$8:$I$57,$Z228)&\"\",INDEX(Îlots!$N$8:$N$57,$Z228)&\"\"))","v":""},null,null,{"$f":"IF($AA228=\"\",\"\",INDEX(Fertilisants!$D$8:$D$47,$AA228)&\"\")","v":""},null,null,{"$f":"IF($AA228=\"\",\"\",INDEX(Fertilisants!$E$8:$E$47,$AA228)&\"\")","v":""},"",{"$f":"IF(OR($J228=\"\",$AA228=\"\"),\"\",$J228*N(INDEX(Fertilisants!$G$8:$G$47,$AA228)))","v":""},{"$f":"IF(OR($J228=\"\",$AA228=\"\"),\"\",$J228*N(INDEX(Fertilisants!$I$8:$I$47,$AA228)))","v":""},{"$f":"IF(OR($J228=\"\",$AA228=\"\"),\"\",$J228*N(INDEX(Fertilisants!$J$8:$J$47,$AA228)))","v":""},{"$f":"IF(OR($J228=\"\",$AA228=\"\"),\"\",$J228*N(INDEX(Fertilisants!$K$8:$K$47,$AA228)))","v":""},"",{"$nulls":5},"",null,null,{"$f":"IF($D228=\"\",\"\",IFERROR(MATCH($D228,Îlots!$D$8:$D$57,0),\"\"))","v":""},{"$f":"IF($G228=\"\",\"\",IFERROR(MATCH($G228,Fertilisants!$B$8:$B$47,0),\"\"))","v":""},{"$f":"IF($Z228=\"\",\"\",INDEX(Îlots!$E$8:$E$57,$Z228))","v":""},{"$f":"IF($Z228=\"\",\"\",INDEX(Îlots!$G$8:$G$57,$Z228)&\"\")","v":""},{"$f":"IF($Z228=\"\",\"\",IF($F228=ApportCouvert,OccCouvert,INDEX(Îlots!$O$8:$O$57,$Z228)&\"\"))","v":""},"","","",0,0,0,0,0,{"$f":"IF($AA228=\"\",0,IF(INDEX(Fertilisants!$C$8:$C$47,$AA228)=\"Effluent d'élevage\",1,0))","v":0},{"$f":"IF($AA228=\"\",\"\",IF(INDEX(Fertilisants!$C$8:$C$47,$AA228)=\"Engrais minéral\",\"Minéral\",\"Organique\"))","v":""},"","","",{"$f":"IF(AND($D228<>\"\",$D228=FicheIlot),COUNTIF($D$8:$D228,FicheIlot),\"\")","v":""}]
[null,{"$f":"IF(C229=\"\",\"\",COUNT($C$8:C229))","v":""},null,null,{"$f":"IF($Z229=\"\",\"\",IF($F229=ApportCouvert,INDEX(Îlots!$I$8:$I$57,$Z229)&\"\",INDEX(Îlots!$N$8:$N$57,$Z229)&\"\"))","v":""},null,null,{"$f":"IF($AA229=\"\",\"\",INDEX(Fertilisants!$D$8:$D$47,$AA229)&\"\")","v":""},null,null,{"$f":"IF($AA229=\"\",\"\",INDEX(Fertilisants!$E$8:$E$47,$AA229)&\"\")","v":""},"",{"$f":"IF(OR($J229=\"\",$AA229=\"\"),\"\",$J229*N(INDEX(Fertilisants!$G$8:$G$47,$AA229)))","v":""},{"$f":"IF(OR($J229=\"\",$AA229=\"\"),\"\",$J229*N(INDEX(Fertilisants!$I$8:$I$47,$AA229)))","v":""},{"$f":"IF(OR($J229=\"\",$AA229=\"\"),\"\",$J229*N(INDEX(Fertilisants!$J$8:$J$47,$AA229)))","v":""},{"$f":"IF(OR($J229=\"\",$AA229=\"\"),\"\",$J229*N(INDEX(Fertilisants!$K$8:$K$47,$AA229)))","v":""},"",{"$nulls":5},"",null,null,{"$f":"IF($D229=\"\",\"\",IFERROR(MATCH($D229,Îlots!$D$8:$D$57,0),\"\"))","v":""},{"$f":"IF($G229=\"\",\"\",IFERROR(MATCH($G229,Fertilisants!$B$8:$B$47,0),\"\"))","v":""},{"$f":"IF($Z229=\"\",\"\",INDEX(Îlots!$E$8:$E$57,$Z229))","v":""},{"$f":"IF($Z229=\"\",\"\",INDEX(Îlots!$G$8:$G$57,$Z229)&\"\")","v":""},{"$f":"IF($Z229=\"\",\"\",IF($F229=ApportCouvert,OccCouvert,INDEX(Îlots!$O$8:$O$57,$Z229)&\"\"))","v":""},"","","",0,0,0,0,0,{"$f":"IF($AA229=\"\",0,IF(INDEX(Fertilisants!$C$8:$C$47,$AA229)=\"Effluent d'élevage\",1,0))","v":0},{"$f":"IF($AA229=\"\",\"\",IF(INDEX(Fertilisants!$C$8:$C$47,$AA229)=\"Engrais minéral\",\"Minéral\",\"Organique\"))","v":""},"","","",{"$f":"IF(AND($D229<>\"\",$D229=FicheIlot),COUNTIF($D$8:$D229,FicheIlot),\"\")","v":""}]
[null,{"$f":"IF(C230=\"\",\"\",COUNT($C$8:C230))","v":""},null,null,{"$f":"IF($Z230=\"\",\"\",IF($F230=ApportCouvert,INDEX(Îlots!$I$8:$I$57,$Z230)&\"\",INDEX(Îlots!$N$8:$N$57,$Z230)&\"\"))","v":""},null,null,{"$f":"IF($AA230=\"\",\"\",INDEX(Fertilisants!$D$8:$D$47,$AA230)&\"\")","v":""},null,null,{"$f":"IF($AA230=\"\",\"\",INDEX(Fertilisants!$E$8:$E$47,$AA230)&\"\")","v":""},"",{"$f":"IF(OR($J230=\"\",$AA230=\"\"),\"\",$J230*N(INDEX(Fertilisants!$G$8:$G$47,$AA230)))","v":""},{"$f":"IF(OR($J230=\"\",$AA230=\"\"),\"\",$J230*N(INDEX(Fertilisants!$I$8:$I$47,$AA230)))","v":""},{"$f":"IF(OR($J230=\"\",$AA230=\"\"),\"\",$J230*N(INDEX(Fertilisants!$J$8:$J$47,$AA230)))","v":""},{"$f":"IF(OR($J230=\"\",$AA230=\"\"),\"\",$J230*N(INDEX(Fertilisants!$K$8:$K$47,$AA230)))","v":""},"",{"$nulls":5},"",null,null,{"$f":"IF($D230=\"\",\"\",IFERROR(MATCH($D230,Îlots!$D$8:$D$57,0),\"\"))","v":""},{"$f":"IF($G230=\"\",\"\",IFERROR(MATCH($G230,Fertilisants!$B$8:$B$47,0),\"\"))","v":""},{"$f":"IF($Z230=\"\",\"\",INDEX(Îlots!$E$8:$E$57,$Z230))","v":""},{"$f":"IF($Z230=\"\",\"\",INDEX(Îlots!$G$8:$G$57,$Z230)&\"\")","v":""},{"$f":"IF($Z230=\"\",\"\",IF($F230=ApportCouvert,OccCouvert,INDEX(Îlots!$O$8:$O$57,$Z230)&\"\"))","v":""},"","","",0,0,0,0,0,{"$f":"IF($AA230=\"\",0,IF(INDEX(Fertilisants!$C$8:$C$47,$AA230)=\"Effluent d'élevage\",1,0))","v":0},{"$f":"IF($AA230=\"\",\"\",IF(INDEX(Fertilisants!$C$8:$C$47,$AA230)=\"Engrais minéral\",\"Minéral\",\"Organique\"))","v":""},"","","",{"$f":"IF(AND($D230<>\"\",$D230=FicheIlot),COUNTIF($D$8:$D230,FicheIlot),\"\")","v":""}]
[null,{"$f":"IF(C231=\"\",\"\",COUNT($C$8:C231))","v":""},null,null,{"$f":"IF($Z231=\"\",\"\",IF($F231=ApportCouvert,INDEX(Îlots!$I$8:$I$57,$Z231)&\"\",INDEX(Îlots!$N$8:$N$57,$Z231)&\"\"))","v":""},null,null,{"$f":"IF($AA231=\"\",\"\",INDEX(Fertilisants!$D$8:$D$47,$AA231)&\"\")","v":""},null,null,{"$f":"IF($AA231=\"\",\"\",INDEX(Fertilisants!$E$8:$E$47,$AA231)&\"\")","v":""},"",{"$f":"IF(OR($J231=\"\",$AA231=\"\"),\"\",$J231*N(INDEX(Fertilisants!$G$8:$G$47,$AA231)))","v":""},{"$f":"IF(OR($J231=\"\",$AA231=\"\"),\"\",$J231*N(INDEX(Fertilisants!$I$8:$I$47,$AA231)))","v":""},{"$f":"IF(OR($J231=\"\",$AA231=\"\"),\"\",$J231*N(INDEX(Fertilisants!$J$8:$J$47,$AA231)))","v":""},{"$f":"IF(OR($J231=\"\",$AA231=\"\"),\"\",$J231*N(INDEX(Fertilisants!$K$8:$K$47,$AA231)))","v":""},"",{"$nulls":5},"",null,null,{"$f":"IF($D231=\"\",\"\",IFERROR(MATCH($D231,Îlots!$D$8:$D$57,0),\"\"))","v":""},{"$f":"IF($G231=\"\",\"\",IFERROR(MATCH($G231,Fertilisants!$B$8:$B$47,0),\"\"))","v":""},{"$f":"IF($Z231=\"\",\"\",INDEX(Îlots!$E$8:$E$57,$Z231))","v":""},{"$f":"IF($Z231=\"\",\"\",INDEX(Îlots!$G$8:$G$57,$Z231)&\"\")","v":""},{"$f":"IF($Z231=\"\",\"\",IF($F231=ApportCouvert,OccCouvert,INDEX(Îlots!$O$8:$O$57,$Z231)&\"\"))","v":""},"","","",0,0,0,0,0,{"$f":"IF($AA231=\"\",0,IF(INDEX(Fertilisants!$C$8:$C$47,$AA231)=\"Effluent d'élevage\",1,0))","v":0},{"$f":"IF($AA231=\"\",\"\",IF(INDEX(Fertilisants!$C$8:$C$47,$AA231)=\"Engrais minéral\",\"Minéral\",\"Organique\"))","v":""},"","","",{"$f":"IF(AND($D231<>\"\",$D231=FicheIlot),COUNTIF($D$8:$D231,FicheIlot),\"\")","v":""}]
[null,{"$f":"IF(C232=\"\",\"\",COUNT($C$8:C232))","v":""},null,null,{"$f":"IF($Z232=\"\",\"\",IF($F232=ApportCouvert,INDEX(Îlots!$I$8:$I$57,$Z232)&\"\",INDEX(Îlots!$N$8:$N$57,$Z232)&\"\"))","v":""},null,null,{"$f":"IF($AA232=\"\",\"\",INDEX(Fertilisants!$D$8:$D$47,$AA232)&\"\")","v":""},null,null,{"$f":"IF($AA232=\"\",\"\",INDEX(Fertilisants!$E$8:$E$47,$AA232)&\"\")","v":""},"",{"$f":"IF(OR($J232=\"\",$AA232=\"\"),\"\",$J232*N(INDEX(Fertilisants!$G$8:$G$47,$AA232)))","v":""},{"$f":"IF(OR($J232=\"\",$AA232=\"\"),\"\",$J232*N(INDEX(Fertilisants!$I$8:$I$47,$AA232)))","v":""},{"$f":"IF(OR($J232=\"\",$AA232=\"\"),\"\",$J232*N(INDEX(Fertilisants!$J$8:$J$47,$AA232)))","v":""},{"$f":"IF(OR($J232=\"\",$AA232=\"\"),\"\",$J232*N(INDEX(Fertilisants!$K$8:$K$47,$AA232)))","v":""},"",{"$nulls":5},"",null,null,{"$f":"IF($D232=\"\",\"\",IFERROR(MATCH($D232,Îlots!$D$8:$D$57,0),\"\"))","v":""},{"$f":"IF($G232=\"\",\"\",IFERROR(MATCH($G232,Fertilisants!$B$8:$B$47,0),\"\"))","v":""},{"$f":"IF($Z232=\"\",\"\",INDEX(Îlots!$E$8:$E$57,$Z232))","v":""},{"$f":"IF($Z232=\"\",\"\",INDEX(Îlots!$G$8:$G$57,$Z232)&\"\")","v":""},{"$f":"IF($Z232=\"\",\"\",IF($F232=ApportCouvert,OccCouvert,INDEX(Îlots!$O$8:$O$57,$Z232)&\"\"))","v":""},"","","",0,0,0,0,0,{"$f":"IF($AA232=\"\",0,IF(INDEX(Fertilisants!$C$8:$C$47,$AA232)=\"Effluent d'élevage\",1,0))","v":0},{"$f":"IF($AA232=\"\",\"\",IF(INDEX(Fertilisants!$C$8:$C$47,$AA232)=\"Engrais minéral\",\"Minéral\",\"Organique\"))","v":""},"","","",{"$f":"IF(AND($D232<>\"\",$D232=FicheIlot),COUNTIF($D$8:$D232,FicheIlot),\"\")","v":""}]
[null,{"$f":"IF(C233=\"\",\"\",COUNT($C$8:C233))","v":""},null,null,{"$f":"IF($Z233=\"\",\"\",IF($F233=ApportCouvert,INDEX(Îlots!$I$8:$I$57,$Z233)&\"\",INDEX(Îlots!$N$8:$N$57,$Z233)&\"\"))","v":""},null,null,{"$f":"IF($AA233=\"\",\"\",INDEX(Fertilisants!$D$8:$D$47,$AA233)&\"\")","v":""},null,null,{"$f":"IF($AA233=\"\",\"\",INDEX(Fertilisants!$E$8:$E$47,$AA233)&\"\")","v":""},"",{"$f":"IF(OR($J233=\"\",$AA233=\"\"),\"\",$J233*N(INDEX(Fertilisants!$G$8:$G$47,$AA233)))","v":""},{"$f":"IF(OR($J233=\"\",$AA233=\"\"),\"\",$J233*N(INDEX(Fertilisants!$I$8:$I$47,$AA233)))","v":""},{"$f":"IF(OR($J233=\"\",$AA233=\"\"),\"\",$J233*N(INDEX(Fertilisants!$J$8:$J$47,$AA233)))","v":""},{"$f":"IF(OR($J233=\"\",$AA233=\"\"),\"\",$J233*N(INDEX(Fertilisants!$K$8:$K$47,$AA233)))","v":""},"",{"$nulls":5},"",null,null,{"$f":"IF($D233=\"\",\"\",IFERROR(MATCH($D233,Îlots!$D$8:$D$57,0),\"\"))","v":""},{"$f":"IF($G233=\"\",\"\",IFERROR(MATCH($G233,Fertilisants!$B$8:$B$47,0),\"\"))","v":""},{"$f":"IF($Z233=\"\",\"\",INDEX(Îlots!$E$8:$E$57,$Z233))","v":""},{"$f":"IF($Z233=\"\",\"\",INDEX(Îlots!$G$8:$G$57,$Z233)&\"\")","v":""},{"$f":"IF($Z233=\"\",\"\",IF($F233=ApportCouvert,OccCouvert,INDEX(Îlots!$O$8:$O$57,$Z233)&\"\"))","v":""},"","","",0,0,0,0,0,{"$f":"IF($AA233=\"\",0,IF(INDEX(Fertilisants!$C$8:$C$47,$AA233)=\"Effluent d'élevage\",1,0))","v":0},{"$f":"IF($AA233=\"\",\"\",IF(INDEX(Fertilisants!$C$8:$C$47,$AA233)=\"Engrais minéral\",\"Minéral\",\"Organique\"))","v":""},"","","",{"$f":"IF(AND($D233<>\"\",$D233=FicheIlot),COUNTIF($D$8:$D233,FicheIlot),\"\")","v":""}]
[null,{"$f":"IF(C234=\"\",\"\",COUNT($C$8:C234))","v":""},null,null,{"$f":"IF($Z234=\"\",\"\",IF($F234=ApportCouvert,INDEX(Îlots!$I$8:$I$57,$Z234)&\"\",INDEX(Îlots!$N$8:$N$57,$Z234)&\"\"))","v":""},null,null,{"$f":"IF($AA234=\"\",\"\",INDEX(Fertilisants!$D$8:$D$47,$AA234)&\"\")","v":""},null,null,{"$f":"IF($AA234=\"\",\"\",INDEX(Fertilisants!$E$8:$E$47,$AA234)&\"\")","v":""},"",{"$f":"IF(OR($J234=\"\",$AA234=\"\"),\"\",$J234*N(INDEX(Fertilisants!$G$8:$G$47,$AA234)))","v":""},{"$f":"IF(OR($J234=\"\",$AA234=\"\"),\"\",$J234*N(INDEX(Fertilisants!$I$8:$I$47,$AA234)))","v":""},{"$f":"IF(OR($J234=\"\",$AA234=\"\"),\"\",$J234*N(INDEX(Fertilisants!$J$8:$J$47,$AA234)))","v":""},{"$f":"IF(OR($J234=\"\",$AA234=\"\"),\"\",$J234*N(INDEX(Fertilisants!$K$8:$K$47,$AA234)))","v":""},"",{"$nulls":5},"",null,null,{"$f":"IF($D234=\"\",\"\",IFERROR(MATCH($D234,Îlots!$D$8:$D$57,0),\"\"))","v":""},{"$f":"IF($G234=\"\",\"\",IFERROR(MATCH($G234,Fertilisants!$B$8:$B$47,0),\"\"))","v":""},{"$f":"IF($Z234=\"\",\"\",INDEX(Îlots!$E$8:$E$57,$Z234))","v":""},{"$f":"IF($Z234=\"\",\"\",INDEX(Îlots!$G$8:$G$57,$Z234)&\"\")","v":""},{"$f":"IF($Z234=\"\",\"\",IF($F234=ApportCouvert,OccCouvert,INDEX(Îlots!$O$8:$O$57,$Z234)&\"\"))","v":""},"","","",0,0,0,0,0,{"$f":"IF($AA234=\"\",0,IF(INDEX(Fertilisants!$C$8:$C$47,$AA234)=\"Effluent d'élevage\",1,0))","v":0},{"$f":"IF($AA234=\"\",\"\",IF(INDEX(Fertilisants!$C$8:$C$47,$AA234)=\"Engrais minéral\",\"Minéral\",\"Organique\"))","v":""},"","","",{"$f":"IF(AND($D234<>\"\",$D234=FicheIlot),COUNTIF($D$8:$D234,FicheIlot),\"\")","v":""}]
[null,{"$f":"IF(C235=\"\",\"\",COUNT($C$8:C235))","v":""},null,null,{"$f":"IF($Z235=\"\",\"\",IF($F235=ApportCouvert,INDEX(Îlots!$I$8:$I$57,$Z235)&\"\",INDEX(Îlots!$N$8:$N$57,$Z235)&\"\"))","v":""},null,null,{"$f":"IF($AA235=\"\",\"\",INDEX(Fertilisants!$D$8:$D$47,$AA235)&\"\")","v":""},null,null,{"$f":"IF($AA235=\"\",\"\",INDEX(Fertilisants!$E$8:$E$47,$AA235)&\"\")","v":""},"",{"$f":"IF(OR($J235=\"\",$AA235=\"\"),\"\",$J235*N(INDEX(Fertilisants!$G$8:$G$47,$AA235)))","v":""},{"$f":"IF(OR($J235=\"\",$AA235=\"\"),\"\",$J235*N(INDEX(Fertilisants!$I$8:$I$47,$AA235)))","v":""},{"$f":"IF(OR($J235=\"\",$AA235=\"\"),\"\",$J235*N(INDEX(Fertilisants!$J$8:$J$47,$AA235)))","v":""},{"$f":"IF(OR($J235=\"\",$AA235=\"\"),\"\",$J235*N(INDEX(Fertilisants!$K$8:$K$47,$AA235)))","v":""},"",{"$nulls":5},"",null,null,{"$f":"IF($D235=\"\",\"\",IFERROR(MATCH($D235,Îlots!$D$8:$D$57,0),\"\"))","v":""},{"$f":"IF($G235=\"\",\"\",IFERROR(MATCH($G235,Fertilisants!$B$8:$B$47,0),\"\"))","v":""},{"$f":"IF($Z235=\"\",\"\",INDEX(Îlots!$E$8:$E$57,$Z235))","v":""},{"$f":"IF($Z235=\"\",\"\",INDEX(Îlots!$G$8:$G$57,$Z235)&\"\")","v":""},{"$f":"IF($Z235=\"\",\"\",IF($F235=ApportCouvert,OccCouvert,INDEX(Îlots!$O$8:$O$57,$Z235)&\"\"))","v":""},"","","",0,0,0,0,0,{"$f":"IF($AA235=\"\",0,IF(INDEX(Fertilisants!$C$8:$C$47,$AA235)=\"Effluent d'élevage\",1,0))","v":0},{"$f":"IF($AA235=\"\",\"\",IF(INDEX(Fertilisants!$C$8:$C$47,$AA235)=\"Engrais minéral\",\"Minéral\",\"Organique\"))","v":""},"","","",{"$f":"IF(AND($D235<>\"\",$D235=FicheIlot),COUNTIF($D$8:$D235,FicheIlot),\"\")","v":""}]
[null,{"$f":"IF(C236=\"\",\"\",COUNT($C$8:C236))","v":""},null,null,{"$f":"IF($Z236=\"\",\"\",IF($F236=ApportCouvert,INDEX(Îlots!$I$8:$I$57,$Z236)&\"\",INDEX(Îlots!$N$8:$N$57,$Z236)&\"\"))","v":""},null,null,{"$f":"IF($AA236=\"\",\"\",INDEX(Fertilisants!$D$8:$D$47,$AA236)&\"\")","v":""},null,null,{"$f":"IF($AA236=\"\",\"\",INDEX(Fertilisants!$E$8:$E$47,$AA236)&\"\")","v":""},"",{"$f":"IF(OR($J236=\"\",$AA236=\"\"),\"\",$J236*N(INDEX(Fertilisants!$G$8:$G$47,$AA236)))","v":""},{"$f":"IF(OR($J236=\"\",$AA236=\"\"),\"\",$J236*N(INDEX(Fertilisants!$I$8:$I$47,$AA236)))","v":""},{"$f":"IF(OR($J236=\"\",$AA236=\"\"),\"\",$J236*N(INDEX(Fertilisants!$J$8:$J$47,$AA236)))","v":""},{"$f":"IF(OR($J236=\"\",$AA236=\"\"),\"\",$J236*N(INDEX(Fertilisants!$K$8:$K$47,$AA236)))","v":""},"",{"$nulls":5},"",null,null,{"$f":"IF($D236=\"\",\"\",IFERROR(MATCH($D236,Îlots!$D$8:$D$57,0),\"\"))","v":""},{"$f":"IF($G236=\"\",\"\",IFERROR(MATCH($G236,Fertilisants!$B$8:$B$47,0),\"\"))","v":""},{"$f":"IF($Z236=\"\",\"\",INDEX(Îlots!$E$8:$E$57,$Z236))","v":""},{"$f":"IF($Z236=\"\",\"\",INDEX(Îlots!$G$8:$G$57,$Z236)&\"\")","v":""},{"$f":"IF($Z236=\"\",\"\",IF($F236=ApportCouvert,OccCouvert,INDEX(Îlots!$O$8:$O$57,$Z236)&\"\"))","v":""},"","","",0,0,0,0,0,{"$f":"IF($AA236=\"\",0,IF(INDEX(Fertilisants!$C$8:$C$47,$AA236)=\"Effluent d'élevage\",1,0))","v":0},{"$f":"IF($AA236=\"\",\"\",IF(INDEX(Fertilisants!$C$8:$C$47,$AA236)=\"Engrais minéral\",\"Minéral\",\"Organique\"))","v":""},"","","",{"$f":"IF(AND($D236<>\"\",$D236=FicheIlot),COUNTIF($D$8:$D236,FicheIlot),\"\")","v":""}]
[null,{"$f":"IF(C237=\"\",\"\",COUNT($C$8:C237))","v":""},null,null,{"$f":"IF($Z237=\"\",\"\",IF($F237=ApportCouvert,INDEX(Îlots!$I$8:$I$57,$Z237)&\"\",INDEX(Îlots!$N$8:$N$57,$Z237)&\"\"))","v":""},null,null,{"$f":"IF($AA237=\"\",\"\",INDEX(Fertilisants!$D$8:$D$47,$AA237)&\"\")","v":""},null,null,{"$f":"IF($AA237=\"\",\"\",INDEX(Fertilisants!$E$8:$E$47,$AA237)&\"\")","v":""},"",{"$f":"IF(OR($J237=\"\",$AA237=\"\"),\"\",$J237*N(INDEX(Fertilisants!$G$8:$G$47,$AA237)))","v":""},{"$f":"IF(OR($J237=\"\",$AA237=\"\"),\"\",$J237*N(INDEX(Fertilisants!$I$8:$I$47,$AA237)))","v":""},{"$f":"IF(OR($J237=\"\",$AA237=\"\"),\"\",$J237*N(INDEX(Fertilisants!$J$8:$J$47,$AA237)))","v":""},{"$f":"IF(OR($J237=\"\",$AA237=\"\"),\"\",$J237*N(INDEX(Fertilisants!$K$8:$K$47,$AA237)))","v":""},"",{"$nulls":5},"",null,null,{"$f":"IF($D237=\"\",\"\",IFERROR(MATCH($D237,Îlots!$D$8:$D$57,0),\"\"))","v":""},{"$f":"IF($G237=\"\",\"\",IFERROR(MATCH($G237,Fertilisants!$B$8:$B$47,0),\"\"))","v":""},{"$f":"IF($Z237=\"\",\"\",INDEX(Îlots!$E$8:$E$57,$Z237))","v":""},{"$f":"IF($Z237=\"\",\"\",INDEX(Îlots!$G$8:$G$57,$Z237)&\"\")","v":""},{"$f":"IF($Z237=\"\",\"\",IF($F237=ApportCouvert,OccCouvert,INDEX(Îlots!$O$8:$O$57,$Z237)&\"\"))","v":""},"","","",0,0,0,0,0,{"$f":"IF($AA237=\"\",0,IF(INDEX(Fertilisants!$C$8:$C$47,$AA237)=\"Effluent d'élevage\",1,0))","v":0},{"$f":"IF($AA237=\"\",\"\",IF(INDEX(Fertilisants!$C$8:$C$47,$AA237)=\"Engrais minéral\",\"Minéral\",\"Organique\"))","v":""},"","","",{"$f":"IF(AND($D237<>\"\",$D237=FicheIlot),COUNTIF($D$8:$D237,FicheIlot),\"\")","v":""}]
[null,{"$f":"IF(C238=\"\",\"\",COUNT($C$8:C238))","v":""},null,null,{"$f":"IF($Z238=\"\",\"\",IF($F238=ApportCouvert,INDEX(Îlots!$I$8:$I$57,$Z238)&\"\",INDEX(Îlots!$N$8:$N$57,$Z238)&\"\"))","v":""},null,null,{"$f":"IF($AA238=\"\",\"\",INDEX(Fertilisants!$D$8:$D$47,$AA238)&\"\")","v":""},null,null,{"$f":"IF($AA238=\"\",\"\",INDEX(Fertilisants!$E$8:$E$47,$AA238)&\"\")","v":""},"",{"$f":"IF(OR($J238=\"\",$AA238=\"\"),\"\",$J238*N(INDEX(Fertilisants!$G$8:$G$47,$AA238)))","v":""},{"$f":"IF(OR($J238=\"\",$AA238=\"\"),\"\",$J238*N(INDEX(Fertilisants!$I$8:$I$47,$AA238)))","v":""},{"$f":"IF(OR($J238=\"\",$AA238=\"\"),\"\",$J238*N(INDEX(Fertilisants!$J$8:$J$47,$AA238)))","v":""},{"$f":"IF(OR($J238=\"\",$AA238=\"\"),\"\",$J238*N(INDEX(Fertilisants!$K$8:$K$47,$AA238)))","v":""},"",{"$nulls":5},"",null,null,{"$f":"IF($D238=\"\",\"\",IFERROR(MATCH($D238,Îlots!$D$8:$D$57,0),\"\"))","v":""},{"$f":"IF($G238=\"\",\"\",IFERROR(MATCH($G238,Fertilisants!$B$8:$B$47,0),\"\"))","v":""},{"$f":"IF($Z238=\"\",\"\",INDEX(Îlots!$E$8:$E$57,$Z238))","v":""},{"$f":"IF($Z238=\"\",\"\",INDEX(Îlots!$G$8:$G$57,$Z238)&\"\")","v":""},{"$f":"IF($Z238=\"\",\"\",IF($F238=ApportCouvert,OccCouvert,INDEX(Îlots!$O$8:$O$57,$Z238)&\"\"))","v":""},"","","",0,0,0,0,0,{"$f":"IF($AA238=\"\",0,IF(INDEX(Fertilisants!$C$8:$C$47,$AA238)=\"Effluent d'élevage\",1,0))","v":0},{"$f":"IF($AA238=\"\",\"\",IF(INDEX(Fertilisants!$C$8:$C$47,$AA238)=\"Engrais minéral\",\"Minéral\",\"Organique\"))","v":""},"","","",{"$f":"IF(AND($D238<>\"\",$D238=FicheIlot),COUNTIF($D$8:$D238,FicheIlot),\"\")","v":""}]
[null,{"$f":"IF(C239=\"\",\"\",COUNT($C$8:C239))","v":""},null,null,{"$f":"IF($Z239=\"\",\"\",IF($F239=ApportCouvert,INDEX(Îlots!$I$8:$I$57,$Z239)&\"\",INDEX(Îlots!$N$8:$N$57,$Z239)&\"\"))","v":""},null,null,{"$f":"IF($AA239=\"\",\"\",INDEX(Fertilisants!$D$8:$D$47,$AA239)&\"\")","v":""},null,null,{"$f":"IF($AA239=\"\",\"\",INDEX(Fertilisants!$E$8:$E$47,$AA239)&\"\")","v":""},"",{"$f":"IF(OR($J239=\"\",$AA239=\"\"),\"\",$J239*N(INDEX(Fertilisants!$G$8:$G$47,$AA239)))","v":""},{"$f":"IF(OR($J239=\"\",$AA239=\"\"),\"\",$J239*N(INDEX(Fertilisants!$I$8:$I$47,$AA239)))","v":""},{"$f":"IF(OR($J239=\"\",$AA239=\"\"),\"\",$J239*N(INDEX(Fertilisants!$J$8:$J$47,$AA239)))","v":""},{"$f":"IF(OR($J239=\"\",$AA239=\"\"),\"\",$J239*N(INDEX(Fertilisants!$K$8:$K$47,$AA239)))","v":""},"",{"$nulls":5},"",null,null,{"$f":"IF($D239=\"\",\"\",IFERROR(MATCH($D239,Îlots!$D$8:$D$57,0),\"\"))","v":""},{"$f":"IF($G239=\"\",\"\",IFERROR(MATCH($G239,Fertilisants!$B$8:$B$47,0),\"\"))","v":""},{"$f":"IF($Z239=\"\",\"\",INDEX(Îlots!$E$8:$E$57,$Z239))","v":""},{"$f":"IF($Z239=\"\",\"\",INDEX(Îlots!$G$8:$G$57,$Z239)&\"\")","v":""},{"$f":"IF($Z239=\"\",\"\",IF($F239=ApportCouvert,OccCouvert,INDEX(Îlots!$O$8:$O$57,$Z239)&\"\"))","v":""},"","","",0,0,0,0,0,{"$f":"IF($AA239=\"\",0,IF(INDEX(Fertilisants!$C$8:$C$47,$AA239)=\"Effluent d'élevage\",1,0))","v":0},{"$f":"IF($AA239=\"\",\"\",IF(INDEX(Fertilisants!$C$8:$C$47,$AA239)=\"Engrais minéral\",\"Minéral\",\"Organique\"))","v":""},"","","",{"$f":"IF(AND($D239<>\"\",$D239=FicheIlot),COUNTIF($D$8:$D239,FicheIlot),\"\")","v":""}]
[null,{"$f":"IF(C240=\"\",\"\",COUNT($C$8:C240))","v":""},null,null,{"$f":"IF($Z240=\"\",\"\",IF($F240=ApportCouvert,INDEX(Îlots!$I$8:$I$57,$Z240)&\"\",INDEX(Îlots!$N$8:$N$57,$Z240)&\"\"))","v":""},null,null,{"$f":"IF($AA240=\"\",\"\",INDEX(Fertilisants!$D$8:$D$47,$AA240)&\"\")","v":""},null,null,{"$f":"IF($AA240=\"\",\"\",INDEX(Fertilisants!$E$8:$E$47,$AA240)&\"\")","v":""},"",{"$f":"IF(OR($J240=\"\",$AA240=\"\"),\"\",$J240*N(INDEX(Fertilisants!$G$8:$G$47,$AA240)))","v":""},{"$f":"IF(OR($J240=\"\",$AA240=\"\"),\"\",$J240*N(INDEX(Fertilisants!$I$8:$I$47,$AA240)))","v":""},{"$f":"IF(OR($J240=\"\",$AA240=\"\"),\"\",$J240*N(INDEX(Fertilisants!$J$8:$J$47,$AA240)))","v":""},{"$f":"IF(OR($J240=\"\",$AA240=\"\"),\"\",$J240*N(INDEX(Fertilisants!$K$8:$K$47,$AA240)))","v":""},"",{"$nulls":5},"",null,null,{"$f":"IF($D240=\"\",\"\",IFERROR(MATCH($D240,Îlots!$D$8:$D$57,0),\"\"))","v":""},{"$f":"IF($G240=\"\",\"\",IFERROR(MATCH($G240,Fertilisants!$B$8:$B$47,0),\"\"))","v":""},{"$f":"IF($Z240=\"\",\"\",INDEX(Îlots!$E$8:$E$57,$Z240))","v":""},{"$f":"IF($Z240=\"\",\"\",INDEX(Îlots!$G$8:$G$57,$Z240)&\"\")","v":""},{"$f":"IF($Z240=\"\",\"\",IF($F240=ApportCouvert,OccCouvert,INDEX(Îlots!$O$8:$O$57,$Z240)&\"\"))","v":""},"","","",0,0,0,0,0,{"$f":"IF($AA240=\"\",0,IF(INDEX(Fertilisants!$C$8:$C$47,$AA240)=\"Effluent d'élevage\",1,0))","v":0},{"$f":"IF($AA240=\"\",\"\",IF(INDEX(Fertilisants!$C$8:$C$47,$AA240)=\"Engrais minéral\",\"Minéral\",\"Organique\"))","v":""},"","","",{"$f":"IF(AND($D240<>\"\",$D240=FicheIlot),COUNTIF($D$8:$D240,FicheIlot),\"\")","v":""}]
[null,{"$f":"IF(C241=\"\",\"\",COUNT($C$8:C241))","v":""},null,null,{"$f":"IF($Z241=\"\",\"\",IF($F241=ApportCouvert,INDEX(Îlots!$I$8:$I$57,$Z241)&\"\",INDEX(Îlots!$N$8:$N$57,$Z241)&\"\"))","v":""},null,null,{"$f":"IF($AA241=\"\",\"\",INDEX(Fertilisants!$D$8:$D$47,$AA241)&\"\")","v":""},null,null,{"$f":"IF($AA241=\"\",\"\",INDEX(Fertilisants!$E$8:$E$47,$AA241)&\"\")","v":""},"",{"$f":"IF(OR($J241=\"\",$AA241=\"\"),\"\",$J241*N(INDEX(Fertilisants!$G$8:$G$47,$AA241)))","v":""},{"$f":"IF(OR($J241=\"\",$AA241=\"\"),\"\",$J241*N(INDEX(Fertilisants!$I$8:$I$47,$AA241)))","v":""},{"$f":"IF(OR($J241=\"\",$AA241=\"\"),\"\",$J241*N(INDEX(Fertilisants!$J$8:$J$47,$AA241)))","v":""},{"$f":"IF(OR($J241=\"\",$AA241=\"\"),\"\",$J241*N(INDEX(Fertilisants!$K$8:$K$47,$AA241)))","v":""},"",{"$nulls":5},"",null,null,{"$f":"IF($D241=\"\",\"\",IFERROR(MATCH($D241,Îlots!$D$8:$D$57,0),\"\"))","v":""},{"$f":"IF($G241=\"\",\"\",IFERROR(MATCH($G241,Fertilisants!$B$8:$B$47,0),\"\"))","v":""},{"$f":"IF($Z241=\"\",\"\",INDEX(Îlots!$E$8:$E$57,$Z241))","v":""},{"$f":"IF($Z241=\"\",\"\",INDEX(Îlots!$G$8:$G$57,$Z241)&\"\")","v":""},{"$f":"IF($Z241=\"\",\"\",IF($F241=ApportCouvert,OccCouvert,INDEX(Îlots!$O$8:$O$57,$Z241)&\"\"))","v":""},"","","",0,0,0,0,0,{"$f":"IF($AA241=\"\",0,IF(INDEX(Fertilisants!$C$8:$C$47,$AA241)=\"Effluent d'élevage\",1,0))","v":0},{"$f":"IF($AA241=\"\",\"\",IF(INDEX(Fertilisants!$C$8:$C$47,$AA241)=\"Engrais minéral\",\"Minéral\",\"Organique\"))","v":""},"","","",{"$f":"IF(AND($D241<>\"\",$D241=FicheIlot),COUNTIF($D$8:$D241,FicheIlot),\"\")","v":""}]
[null,{"$f":"IF(C242=\"\",\"\",COUNT($C$8:C242))","v":""},null,null,{"$f":"IF($Z242=\"\",\"\",IF($F242=ApportCouvert,INDEX(Îlots!$I$8:$I$57,$Z242)&\"\",INDEX(Îlots!$N$8:$N$57,$Z242)&\"\"))","v":""},null,null,{"$f":"IF($AA242=\"\",\"\",INDEX(Fertilisants!$D$8:$D$47,$AA242)&\"\")","v":""},null,null,{"$f":"IF($AA242=\"\",\"\",INDEX(Fertilisants!$E$8:$E$47,$AA242)&\"\")","v":""},"",{"$f":"IF(OR($J242=\"\",$AA242=\"\"),\"\",$J242*N(INDEX(Fertilisants!$G$8:$G$47,$AA242)))","v":""},{"$f":"IF(OR($J242=\"\",$AA242=\"\"),\"\",$J242*N(INDEX(Fertilisants!$I$8:$I$47,$AA242)))","v":""},{"$f":"IF(OR($J242=\"\",$AA242=\"\"),\"\",$J242*N(INDEX(Fertilisants!$J$8:$J$47,$AA242)))","v":""},{"$f":"IF(OR($J242=\"\",$AA242=\"\"),\"\",$J242*N(INDEX(Fertilisants!$K$8:$K$47,$AA242)))","v":""},"",{"$nulls":5},"",null,null,{"$f":"IF($D242=\"\",\"\",IFERROR(MATCH($D242,Îlots!$D$8:$D$57,0),\"\"))","v":""},{"$f":"IF($G242=\"\",\"\",IFERROR(MATCH($G242,Fertilisants!$B$8:$B$47,0),\"\"))","v":""},{"$f":"IF($Z242=\"\",\"\",INDEX(Îlots!$E$8:$E$57,$Z242))","v":""},{"$f":"IF($Z242=\"\",\"\",INDEX(Îlots!$G$8:$G$57,$Z242)&\"\")","v":""},{"$f":"IF($Z242=\"\",\"\",IF($F242=ApportCouvert,OccCouvert,INDEX(Îlots!$O$8:$O$57,$Z242)&\"\"))","v":""},"","","",0,0,0,0,0,{"$f":"IF($AA242=\"\",0,IF(INDEX(Fertilisants!$C$8:$C$47,$AA242)=\"Effluent d'élevage\",1,0))","v":0},{"$f":"IF($AA242=\"\",\"\",IF(INDEX(Fertilisants!$C$8:$C$47,$AA242)=\"Engrais minéral\",\"Minéral\",\"Organique\"))","v":""},"","","",{"$f":"IF(AND($D242<>\"\",$D242=FicheIlot),COUNTIF($D$8:$D242,FicheIlot),\"\")","v":""}]
[null,{"$f":"IF(C243=\"\",\"\",COUNT($C$8:C243))","v":""},null,null,{"$f":"IF($Z243=\"\",\"\",IF($F243=ApportCouvert,INDEX(Îlots!$I$8:$I$57,$Z243)&\"\",INDEX(Îlots!$N$8:$N$57,$Z243)&\"\"))","v":""},null,null,{"$f":"IF($AA243=\"\",\"\",INDEX(Fertilisants!$D$8:$D$47,$AA243)&\"\")","v":""},null,null,{"$f":"IF($AA243=\"\",\"\",INDEX(Fertilisants!$E$8:$E$47,$AA243)&\"\")","v":""},"",{"$f":"IF(OR($J243=\"\",$AA243=\"\"),\"\",$J243*N(INDEX(Fertilisants!$G$8:$G$47,$AA243)))","v":""},{"$f":"IF(OR($J243=\"\",$AA243=\"\"),\"\",$J243*N(INDEX(Fertilisants!$I$8:$I$47,$AA243)))","v":""},{"$f":"IF(OR($J243=\"\",$AA243=\"\"),\"\",$J243*N(INDEX(Fertilisants!$J$8:$J$47,$AA243)))","v":""},{"$f":"IF(OR($J243=\"\",$AA243=\"\"),\"\",$J243*N(INDEX(Fertilisants!$K$8:$K$47,$AA243)))","v":""},"",{"$nulls":5},"",null,null,{"$f":"IF($D243=\"\",\"\",IFERROR(MATCH($D243,Îlots!$D$8:$D$57,0),\"\"))","v":""},{"$f":"IF($G243=\"\",\"\",IFERROR(MATCH($G243,Fertilisants!$B$8:$B$47,0),\"\"))","v":""},{"$f":"IF($Z243=\"\",\"\",INDEX(Îlots!$E$8:$E$57,$Z243))","v":""},{"$f":"IF($Z243=\"\",\"\",INDEX(Îlots!$G$8:$G$57,$Z243)&\"\")","v":""},{"$f":"IF($Z243=\"\",\"\",IF($F243=ApportCouvert,OccCouvert,INDEX(Îlots!$O$8:$O$57,$Z243)&\"\"))","v":""},"","","",0,0,0,0,0,{"$f":"IF($AA243=\"\",0,IF(INDEX(Fertilisants!$C$8:$C$47,$AA243)=\"Effluent d'élevage\",1,0))","v":0},{"$f":"IF($AA243=\"\",\"\",IF(INDEX(Fertilisants!$C$8:$C$47,$AA243)=\"Engrais minéral\",\"Minéral\",\"Organique\"))","v":""},"","","",{"$f":"IF(AND($D243<>\"\",$D243=FicheIlot),COUNTIF($D$8:$D243,FicheIlot),\"\")","v":""}]
[null,{"$f":"IF(C244=\"\",\"\",COUNT($C$8:C244))","v":""},null,null,{"$f":"IF($Z244=\"\",\"\",IF($F244=ApportCouvert,INDEX(Îlots!$I$8:$I$57,$Z244)&\"\",INDEX(Îlots!$N$8:$N$57,$Z244)&\"\"))","v":""},null,null,{"$f":"IF($AA244=\"\",\"\",INDEX(Fertilisants!$D$8:$D$47,$AA244)&\"\")","v":""},null,null,{"$f":"IF($AA244=\"\",\"\",INDEX(Fertilisants!$E$8:$E$47,$AA244)&\"\")","v":""},"",{"$f":"IF(OR($J244=\"\",$AA244=\"\"),\"\",$J244*N(INDEX(Fertilisants!$G$8:$G$47,$AA244)))","v":""},{"$f":"IF(OR($J244=\"\",$AA244=\"\"),\"\",$J244*N(INDEX(Fertilisants!$I$8:$I$47,$AA244)))","v":""},{"$f":"IF(OR($J244=\"\",$AA244=\"\"),\"\",$J244*N(INDEX(Fertilisants!$J$8:$J$47,$AA244)))","v":""},{"$f":"IF(OR($J244=\"\",$AA244=\"\"),\"\",$J244*N(INDEX(Fertilisants!$K$8:$K$47,$AA244)))","v":""},"",{"$nulls":5},"",null,null,{"$f":"IF($D244=\"\",\"\",IFERROR(MATCH($D244,Îlots!$D$8:$D$57,0),\"\"))","v":""},{"$f":"IF($G244=\"\",\"\",IFERROR(MATCH($G244,Fertilisants!$B$8:$B$47,0),\"\"))","v":""},{"$f":"IF($Z244=\"\",\"\",INDEX(Îlots!$E$8:$E$57,$Z244))","v":""},{"$f":"IF($Z244=\"\",\"\",INDEX(Îlots!$G$8:$G$57,$Z244)&\"\")","v":""},{"$f":"IF($Z244=\"\",\"\",IF($F244=ApportCouvert,OccCouvert,INDEX(Îlots!$O$8:$O$57,$Z244)&\"\"))","v":""},"","","",0,0,0,0,0,{"$f":"IF($AA244=\"\",0,IF(INDEX(Fertilisants!$C$8:$C$47,$AA244)=\"Effluent d'élevage\",1,0))","v":0},{"$f":"IF($AA244=\"\",\"\",IF(INDEX(Fertilisants!$C$8:$C$47,$AA244)=\"Engrais minéral\",\"Minéral\",\"Organique\"))","v":""},"","","",{"$f":"IF(AND($D244<>\"\",$D244=FicheIlot),COUNTIF($D$8:$D244,FicheIlot),\"\")","v":""}]
[null,{"$f":"IF(C245=\"\",\"\",COUNT($C$8:C245))","v":""},null,null,{"$f":"IF($Z245=\"\",\"\",IF($F245=ApportCouvert,INDEX(Îlots!$I$8:$I$57,$Z245)&\"\",INDEX(Îlots!$N$8:$N$57,$Z245)&\"\"))","v":""},null,null,{"$f":"IF($AA245=\"\",\"\",INDEX(Fertilisants!$D$8:$D$47,$AA245)&\"\")","v":""},null,null,{"$f":"IF($AA245=\"\",\"\",INDEX(Fertilisants!$E$8:$E$47,$AA245)&\"\")","v":""},"",{"$f":"IF(OR($J245=\"\",$AA245=\"\"),\"\",$J245*N(INDEX(Fertilisants!$G$8:$G$47,$AA245)))","v":""},{"$f":"IF(OR($J245=\"\",$AA245=\"\"),\"\",$J245*N(INDEX(Fertilisants!$I$8:$I$47,$AA245)))","v":""},{"$f":"IF(OR($J245=\"\",$AA245=\"\"),\"\",$J245*N(INDEX(Fertilisants!$J$8:$J$47,$AA245)))","v":""},{"$f":"IF(OR($J245=\"\",$AA245=\"\"),\"\",$J245*N(INDEX(Fertilisants!$K$8:$K$47,$AA245)))","v":""},"",{"$nulls":5},"",null,null,{"$f":"IF($D245=\"\",\"\",IFERROR(MATCH($D245,Îlots!$D$8:$D$57,0),\"\"))","v":""},{"$f":"IF($G245=\"\",\"\",IFERROR(MATCH($G245,Fertilisants!$B$8:$B$47,0),\"\"))","v":""},{"$f":"IF($Z245=\"\",\"\",INDEX(Îlots!$E$8:$E$57,$Z245))","v":""},{"$f":"IF($Z245=\"\",\"\",INDEX(Îlots!$G$8:$G$57,$Z245)&\"\")","v":""},{"$f":"IF($Z245=\"\",\"\",IF($F245=ApportCouvert,OccCouvert,INDEX(Îlots!$O$8:$O$57,$Z245)&\"\"))","v":""},"","","",0,0,0,0,0,{"$f":"IF($AA245=\"\",0,IF(INDEX(Fertilisants!$C$8:$C$47,$AA245)=\"Effluent d'élevage\",1,0))","v":0},{"$f":"IF($AA245=\"\",\"\",IF(INDEX(Fertilisants!$C$8:$C$47,$AA245)=\"Engrais minéral\",\"Minéral\",\"Organique\"))","v":""},"","","",{"$f":"IF(AND($D245<>\"\",$D245=FicheIlot),COUNTIF($D$8:$D245,FicheIlot),\"\")","v":""}]
[null,{"$f":"IF(C246=\"\",\"\",COUNT($C$8:C246))","v":""},null,null,{"$f":"IF($Z246=\"\",\"\",IF($F246=ApportCouvert,INDEX(Îlots!$I$8:$I$57,$Z246)&\"\",INDEX(Îlots!$N$8:$N$57,$Z246)&\"\"))","v":""},null,null,{"$f":"IF($AA246=\"\",\"\",INDEX(Fertilisants!$D$8:$D$47,$AA246)&\"\")","v":""},null,null,{"$f":"IF($AA246=\"\",\"\",INDEX(Fertilisants!$E$8:$E$47,$AA246)&\"\")","v":""},"",{"$f":"IF(OR($J246=\"\",$AA246=\"\"),\"\",$J246*N(INDEX(Fertilisants!$G$8:$G$47,$AA246)))","v":""},{"$f":"IF(OR($J246=\"\",$AA246=\"\"),\"\",$J246*N(INDEX(Fertilisants!$I$8:$I$47,$AA246)))","v":""},{"$f":"IF(OR($J246=\"\",$AA246=\"\"),\"\",$J246*N(INDEX(Fertilisants!$J$8:$J$47,$AA246)))","v":""},{"$f":"IF(OR($J246=\"\",$AA246=\"\"),\"\",$J246*N(INDEX(Fertilisants!$K$8:$K$47,$AA246)))","v":""},"",{"$nulls":5},"",null,null,{"$f":"IF($D246=\"\",\"\",IFERROR(MATCH($D246,Îlots!$D$8:$D$57,0),\"\"))","v":""},{"$f":"IF($G246=\"\",\"\",IFERROR(MATCH($G246,Fertilisants!$B$8:$B$47,0),\"\"))","v":""},{"$f":"IF($Z246=\"\",\"\",INDEX(Îlots!$E$8:$E$57,$Z246))","v":""},{"$f":"IF($Z246=\"\",\"\",INDEX(Îlots!$G$8:$G$57,$Z246)&\"\")","v":""},{"$f":"IF($Z246=\"\",\"\",IF($F246=ApportCouvert,OccCouvert,INDEX(Îlots!$O$8:$O$57,$Z246)&\"\"))","v":""},"","","",0,0,0,0,0,{"$f":"IF($AA246=\"\",0,IF(INDEX(Fertilisants!$C$8:$C$47,$AA246)=\"Effluent d'élevage\",1,0))","v":0},{"$f":"IF($AA246=\"\",\"\",IF(INDEX(Fertilisants!$C$8:$C$47,$AA246)=\"Engrais minéral\",\"Minéral\",\"Organique\"))","v":""},"","","",{"$f":"IF(AND($D246<>\"\",$D246=FicheIlot),COUNTIF($D$8:$D246,FicheIlot),\"\")","v":""}]
[null,{"$f":"IF(C247=\"\",\"\",COUNT($C$8:C247))","v":""},null,null,{"$f":"IF($Z247=\"\",\"\",IF($F247=ApportCouvert,INDEX(Îlots!$I$8:$I$57,$Z247)&\"\",INDEX(Îlots!$N$8:$N$57,$Z247)&\"\"))","v":""},null,null,{"$f":"IF($AA247=\"\",\"\",INDEX(Fertilisants!$D$8:$D$47,$AA247)&\"\")","v":""},null,null,{"$f":"IF($AA247=\"\",\"\",INDEX(Fertilisants!$E$8:$E$47,$AA247)&\"\")","v":""},"",{"$f":"IF(OR($J247=\"\",$AA247=\"\"),\"\",$J247*N(INDEX(Fertilisants!$G$8:$G$47,$AA247)))","v":""},{"$f":"IF(OR($J247=\"\",$AA247=\"\"),\"\",$J247*N(INDEX(Fertilisants!$I$8:$I$47,$AA247)))","v":""},{"$f":"IF(OR($J247=\"\",$AA247=\"\"),\"\",$J247*N(INDEX(Fertilisants!$J$8:$J$47,$AA247)))","v":""},{"$f":"IF(OR($J247=\"\",$AA247=\"\"),\"\",$J247*N(INDEX(Fertilisants!$K$8:$K$47,$AA247)))","v":""},"",{"$nulls":5},"",null,null,{"$f":"IF($D247=\"\",\"\",IFERROR(MATCH($D247,Îlots!$D$8:$D$57,0),\"\"))","v":""},{"$f":"IF($G247=\"\",\"\",IFERROR(MATCH($G247,Fertilisants!$B$8:$B$47,0),\"\"))","v":""},{"$f":"IF($Z247=\"\",\"\",INDEX(Îlots!$E$8:$E$57,$Z247))","v":""},{"$f":"IF($Z247=\"\",\"\",INDEX(Îlots!$G$8:$G$57,$Z247)&\"\")","v":""},{"$f":"IF($Z247=\"\",\"\",IF($F247=ApportCouvert,OccCouvert,INDEX(Îlots!$O$8:$O$57,$Z247)&\"\"))","v":""},"","","",0,0,0,0,0,{"$f":"IF($AA247=\"\",0,IF(INDEX(Fertilisants!$C$8:$C$47,$AA247)=\"Effluent d'élevage\",1,0))","v":0},{"$f":"IF($AA247=\"\",\"\",IF(INDEX(Fertilisants!$C$8:$C$47,$AA247)=\"Engrais minéral\",\"Minéral\",\"Organique\"))","v":""},"","","",{"$f":"IF(AND($D247<>\"\",$D247=FicheIlot),COUNTIF($D$8:$D247,FicheIlot),\"\")","v":""}]
[null,{"$f":"IF(C248=\"\",\"\",COUNT($C$8:C248))","v":""},null,null,{"$f":"IF($Z248=\"\",\"\",IF($F248=ApportCouvert,INDEX(Îlots!$I$8:$I$57,$Z248)&\"\",INDEX(Îlots!$N$8:$N$57,$Z248)&\"\"))","v":""},null,null,{"$f":"IF($AA248=\"\",\"\",INDEX(Fertilisants!$D$8:$D$47,$AA248)&\"\")","v":""},null,null,{"$f":"IF($AA248=\"\",\"\",INDEX(Fertilisants!$E$8:$E$47,$AA248)&\"\")","v":""},"",{"$f":"IF(OR($J248=\"\",$AA248=\"\"),\"\",$J248*N(INDEX(Fertilisants!$G$8:$G$47,$AA248)))","v":""},{"$f":"IF(OR($J248=\"\",$AA248=\"\"),\"\",$J248*N(INDEX(Fertilisants!$I$8:$I$47,$AA248)))","v":""},{"$f":"IF(OR($J248=\"\",$AA248=\"\"),\"\",$J248*N(INDEX(Fertilisants!$J$8:$J$47,$AA248)))","v":""},{"$f":"IF(OR($J248=\"\",$AA248=\"\"),\"\",$J248*N(INDEX(Fertilisants!$K$8:$K$47,$AA248)))","v":""},"",{"$nulls":5},"",null,null,{"$f":"IF($D248=\"\",\"\",IFERROR(MATCH($D248,Îlots!$D$8:$D$57,0),\"\"))","v":""},{"$f":"IF($G248=\"\",\"\",IFERROR(MATCH($G248,Fertilisants!$B$8:$B$47,0),\"\"))","v":""},{"$f":"IF($Z248=\"\",\"\",INDEX(Îlots!$E$8:$E$57,$Z248))","v":""},{"$f":"IF($Z248=\"\",\"\",INDEX(Îlots!$G$8:$G$57,$Z248)&\"\")","v":""},{"$f":"IF($Z248=\"\",\"\",IF($F248=ApportCouvert,OccCouvert,INDEX(Îlots!$O$8:$O$57,$Z248)&\"\"))","v":""},"","","",0,0,0,0,0,{"$f":"IF($AA248=\"\",0,IF(INDEX(Fertilisants!$C$8:$C$47,$AA248)=\"Effluent d'élevage\",1,0))","v":0},{"$f":"IF($AA248=\"\",\"\",IF(INDEX(Fertilisants!$C$8:$C$47,$AA248)=\"Engrais minéral\",\"Minéral\",\"Organique\"))","v":""},"","","",{"$f":"IF(AND($D248<>\"\",$D248=FicheIlot),COUNTIF($D$8:$D248,FicheIlot),\"\")","v":""}]
[null,{"$f":"IF(C249=\"\",\"\",COUNT($C$8:C249))","v":""},null,null,{"$f":"IF($Z249=\"\",\"\",IF($F249=ApportCouvert,INDEX(Îlots!$I$8:$I$57,$Z249)&\"\",INDEX(Îlots!$N$8:$N$57,$Z249)&\"\"))","v":""},null,null,{"$f":"IF($AA249=\"\",\"\",INDEX(Fertilisants!$D$8:$D$47,$AA249)&\"\")","v":""},null,null,{"$f":"IF($AA249=\"\",\"\",INDEX(Fertilisants!$E$8:$E$47,$AA249)&\"\")","v":""},"",{"$f":"IF(OR($J249=\"\",$AA249=\"\"),\"\",$J249*N(INDEX(Fertilisants!$G$8:$G$47,$AA249)))","v":""},{"$f":"IF(OR($J249=\"\",$AA249=\"\"),\"\",$J249*N(INDEX(Fertilisants!$I$8:$I$47,$AA249)))","v":""},{"$f":"IF(OR($J249=\"\",$AA249=\"\"),\"\",$J249*N(INDEX(Fertilisants!$J$8:$J$47,$AA249)))","v":""},{"$f":"IF(OR($J249=\"\",$AA249=\"\"),\"\",$J249*N(INDEX(Fertilisants!$K$8:$K$47,$AA249)))","v":""},"",{"$nulls":5},"",null,null,{"$f":"IF($D249=\"\",\"\",IFERROR(MATCH($D249,Îlots!$D$8:$D$57,0),\"\"))","v":""},{"$f":"IF($G249=\"\",\"\",IFERROR(MATCH($G249,Fertilisants!$B$8:$B$47,0),\"\"))","v":""},{"$f":"IF($Z249=\"\",\"\",INDEX(Îlots!$E$8:$E$57,$Z249))","v":""},{"$f":"IF($Z249=\"\",\"\",INDEX(Îlots!$G$8:$G$57,$Z249)&\"\")","v":""},{"$f":"IF($Z249=\"\",\"\",IF($F249=ApportCouvert,OccCouvert,INDEX(Îlots!$O$8:$O$57,$Z249)&\"\"))","v":""},"","","",0,0,0,0,0,{"$f":"IF($AA249=\"\",0,IF(INDEX(Fertilisants!$C$8:$C$47,$AA249)=\"Effluent d'élevage\",1,0))","v":0},{"$f":"IF($AA249=\"\",\"\",IF(INDEX(Fertilisants!$C$8:$C$47,$AA249)=\"Engrais minéral\",\"Minéral\",\"Organique\"))","v":""},"","","",{"$f":"IF(AND($D249<>\"\",$D249=FicheIlot),COUNTIF($D$8:$D249,FicheIlot),\"\")","v":""}]
[null,{"$f":"IF(C250=\"\",\"\",COUNT($C$8:C250))","v":""},null,null,{"$f":"IF($Z250=\"\",\"\",IF($F250=ApportCouvert,INDEX(Îlots!$I$8:$I$57,$Z250)&\"\",INDEX(Îlots!$N$8:$N$57,$Z250)&\"\"))","v":""},null,null,{"$f":"IF($AA250=\"\",\"\",INDEX(Fertilisants!$D$8:$D$47,$AA250)&\"\")","v":""},null,null,{"$f":"IF($AA250=\"\",\"\",INDEX(Fertilisants!$E$8:$E$47,$AA250)&\"\")","v":""},"",{"$f":"IF(OR($J250=\"\",$AA250=\"\"),\"\",$J250*N(INDEX(Fertilisants!$G$8:$G$47,$AA250)))","v":""},{"$f":"IF(OR($J250=\"\",$AA250=\"\"),\"\",$J250*N(INDEX(Fertilisants!$I$8:$I$47,$AA250)))","v":""},{"$f":"IF(OR($J250=\"\",$AA250=\"\"),\"\",$J250*N(INDEX(Fertilisants!$J$8:$J$47,$AA250)))","v":""},{"$f":"IF(OR($J250=\"\",$AA250=\"\"),\"\",$J250*N(INDEX(Fertilisants!$K$8:$K$47,$AA250)))","v":""},"",{"$nulls":5},"",null,null,{"$f":"IF($D250=\"\",\"\",IFERROR(MATCH($D250,Îlots!$D$8:$D$57,0),\"\"))","v":""},{"$f":"IF($G250=\"\",\"\",IFERROR(MATCH($G250,Fertilisants!$B$8:$B$47,0),\"\"))","v":""},{"$f":"IF($Z250=\"\",\"\",INDEX(Îlots!$E$8:$E$57,$Z250))","v":""},{"$f":"IF($Z250=\"\",\"\",INDEX(Îlots!$G$8:$G$57,$Z250)&\"\")","v":""},{"$f":"IF($Z250=\"\",\"\",IF($F250=ApportCouvert,OccCouvert,INDEX(Îlots!$O$8:$O$57,$Z250)&\"\"))","v":""},"","","",0,0,0,0,0,{"$f":"IF($AA250=\"\",0,IF(INDEX(Fertilisants!$C$8:$C$47,$AA250)=\"Effluent d'élevage\",1,0))","v":0},{"$f":"IF($AA250=\"\",\"\",IF(INDEX(Fertilisants!$C$8:$C$47,$AA250)=\"Engrais minéral\",\"Minéral\",\"Organique\"))","v":""},"","","",{"$f":"IF(AND($D250<>\"\",$D250=FicheIlot),COUNTIF($D$8:$D250,FicheIlot),\"\")","v":""}]
[null,{"$f":"IF(C251=\"\",\"\",COUNT($C$8:C251))","v":""},null,null,{"$f":"IF($Z251=\"\",\"\",IF($F251=ApportCouvert,INDEX(Îlots!$I$8:$I$57,$Z251)&\"\",INDEX(Îlots!$N$8:$N$57,$Z251)&\"\"))","v":""},null,null,{"$f":"IF($AA251=\"\",\"\",INDEX(Fertilisants!$D$8:$D$47,$AA251)&\"\")","v":""},null,null,{"$f":"IF($AA251=\"\",\"\",INDEX(Fertilisants!$E$8:$E$47,$AA251)&\"\")","v":""},"",{"$f":"IF(OR($J251=\"\",$AA251=\"\"),\"\",$J251*N(INDEX(Fertilisants!$G$8:$G$47,$AA251)))","v":""},{"$f":"IF(OR($J251=\"\",$AA251=\"\"),\"\",$J251*N(INDEX(Fertilisants!$I$8:$I$47,$AA251)))","v":""},{"$f":"IF(OR($J251=\"\",$AA251=\"\"),\"\",$J251*N(INDEX(Fertilisants!$J$8:$J$47,$AA251)))","v":""},{"$f":"IF(OR($J251=\"\",$AA251=\"\"),\"\",$J251*N(INDEX(Fertilisants!$K$8:$K$47,$AA251)))","v":""},"",{"$nulls":5},"",null,null,{"$f":"IF($D251=\"\",\"\",IFERROR(MATCH($D251,Îlots!$D$8:$D$57,0),\"\"))","v":""},{"$f":"IF($G251=\"\",\"\",IFERROR(MATCH($G251,Fertilisants!$B$8:$B$47,0),\"\"))","v":""},{"$f":"IF($Z251=\"\",\"\",INDEX(Îlots!$E$8:$E$57,$Z251))","v":""},{"$f":"IF($Z251=\"\",\"\",INDEX(Îlots!$G$8:$G$57,$Z251)&\"\")","v":""},{"$f":"IF($Z251=\"\",\"\",IF($F251=ApportCouvert,OccCouvert,INDEX(Îlots!$O$8:$O$57,$Z251)&\"\"))","v":""},"","","",0,0,0,0,0,{"$f":"IF($AA251=\"\",0,IF(INDEX(Fertilisants!$C$8:$C$47,$AA251)=\"Effluent d'élevage\",1,0))","v":0},{"$f":"IF($AA251=\"\",\"\",IF(INDEX(Fertilisants!$C$8:$C$47,$AA251)=\"Engrais minéral\",\"Minéral\",\"Organique\"))","v":""},"","","",{"$f":"IF(AND($D251<>\"\",$D251=FicheIlot),COUNTIF($D$8:$D251,FicheIlot),\"\")","v":""}]
[null,{"$f":"IF(C252=\"\",\"\",COUNT($C$8:C252))","v":""},null,null,{"$f":"IF($Z252=\"\",\"\",IF($F252=ApportCouvert,INDEX(Îlots!$I$8:$I$57,$Z252)&\"\",INDEX(Îlots!$N$8:$N$57,$Z252)&\"\"))","v":""},null,null,{"$f":"IF($AA252=\"\",\"\",INDEX(Fertilisants!$D$8:$D$47,$AA252)&\"\")","v":""},null,null,{"$f":"IF($AA252=\"\",\"\",INDEX(Fertilisants!$E$8:$E$47,$AA252)&\"\")","v":""},"",{"$f":"IF(OR($J252=\"\",$AA252=\"\"),\"\",$J252*N(INDEX(Fertilisants!$G$8:$G$47,$AA252)))","v":""},{"$f":"IF(OR($J252=\"\",$AA252=\"\"),\"\",$J252*N(INDEX(Fertilisants!$I$8:$I$47,$AA252)))","v":""},{"$f":"IF(OR($J252=\"\",$AA252=\"\"),\"\",$J252*N(INDEX(Fertilisants!$J$8:$J$47,$AA252)))","v":""},{"$f":"IF(OR($J252=\"\",$AA252=\"\"),\"\",$J252*N(INDEX(Fertilisants!$K$8:$K$47,$AA252)))","v":""},"",{"$nulls":5},"",null,null,{"$f":"IF($D252=\"\",\"\",IFERROR(MATCH($D252,Îlots!$D$8:$D$57,0),\"\"))","v":""},{"$f":"IF($G252=\"\",\"\",IFERROR(MATCH($G252,Fertilisants!$B$8:$B$47,0),\"\"))","v":""},{"$f":"IF($Z252=\"\",\"\",INDEX(Îlots!$E$8:$E$57,$Z252))","v":""},{"$f":"IF($Z252=\"\",\"\",INDEX(Îlots!$G$8:$G$57,$Z252)&\"\")","v":""},{"$f":"IF($Z252=\"\",\"\",IF($F252=ApportCouvert,OccCouvert,INDEX(Îlots!$O$8:$O$57,$Z252)&\"\"))","v":""},"","","",0,0,0,0,0,{"$f":"IF($AA252=\"\",0,IF(INDEX(Fertilisants!$C$8:$C$47,$AA252)=\"Effluent d'élevage\",1,0))","v":0},{"$f":"IF($AA252=\"\",\"\",IF(INDEX(Fertilisants!$C$8:$C$47,$AA252)=\"Engrais minéral\",\"Minéral\",\"Organique\"))","v":""},"","","",{"$f":"IF(AND($D252<>\"\",$D252=FicheIlot),COUNTIF($D$8:$D252,FicheIlot),\"\")","v":""}]
[null,{"$f":"IF(C253=\"\",\"\",COUNT($C$8:C253))","v":""},null,null,{"$f":"IF($Z253=\"\",\"\",IF($F253=ApportCouvert,INDEX(Îlots!$I$8:$I$57,$Z253)&\"\",INDEX(Îlots!$N$8:$N$57,$Z253)&\"\"))","v":""},null,null,{"$f":"IF($AA253=\"\",\"\",INDEX(Fertilisants!$D$8:$D$47,$AA253)&\"\")","v":""},null,null,{"$f":"IF($AA253=\"\",\"\",INDEX(Fertilisants!$E$8:$E$47,$AA253)&\"\")","v":""},"",{"$f":"IF(OR($J253=\"\",$AA253=\"\"),\"\",$J253*N(INDEX(Fertilisants!$G$8:$G$47,$AA253)))","v":""},{"$f":"IF(OR($J253=\"\",$AA253=\"\"),\"\",$J253*N(INDEX(Fertilisants!$I$8:$I$47,$AA253)))","v":""},{"$f":"IF(OR($J253=\"\",$AA253=\"\"),\"\",$J253*N(INDEX(Fertilisants!$J$8:$J$47,$AA253)))","v":""},{"$f":"IF(OR($J253=\"\",$AA253=\"\"),\"\",$J253*N(INDEX(Fertilisants!$K$8:$K$47,$AA253)))","v":""},"",{"$nulls":5},"",null,null,{"$f":"IF($D253=\"\",\"\",IFERROR(MATCH($D253,Îlots!$D$8:$D$57,0),\"\"))","v":""},{"$f":"IF($G253=\"\",\"\",IFERROR(MATCH($G253,Fertilisants!$B$8:$B$47,0),\"\"))","v":""},{"$f":"IF($Z253=\"\",\"\",INDEX(Îlots!$E$8:$E$57,$Z253))","v":""},{"$f":"IF($Z253=\"\",\"\",INDEX(Îlots!$G$8:$G$57,$Z253)&\"\")","v":""},{"$f":"IF($Z253=\"\",\"\",IF($F253=ApportCouvert,OccCouvert,INDEX(Îlots!$O$8:$O$57,$Z253)&\"\"))","v":""},"","","",0,0,0,0,0,{"$f":"IF($AA253=\"\",0,IF(INDEX(Fertilisants!$C$8:$C$47,$AA253)=\"Effluent d'élevage\",1,0))","v":0},{"$f":"IF($AA253=\"\",\"\",IF(INDEX(Fertilisants!$C$8:$C$47,$AA253)=\"Engrais minéral\",\"Minéral\",\"Organique\"))","v":""},"","","",{"$f":"IF(AND($D253<>\"\",$D253=FicheIlot),COUNTIF($D$8:$D253,FicheIlot),\"\")","v":""}]
[null,{"$f":"IF(C254=\"\",\"\",COUNT($C$8:C254))","v":""},null,null,{"$f":"IF($Z254=\"\",\"\",IF($F254=ApportCouvert,INDEX(Îlots!$I$8:$I$57,$Z254)&\"\",INDEX(Îlots!$N$8:$N$57,$Z254)&\"\"))","v":""},null,null,{"$f":"IF($AA254=\"\",\"\",INDEX(Fertilisants!$D$8:$D$47,$AA254)&\"\")","v":""},null,null,{"$f":"IF($AA254=\"\",\"\",INDEX(Fertilisants!$E$8:$E$47,$AA254)&\"\")","v":""},"",{"$f":"IF(OR($J254=\"\",$AA254=\"\"),\"\",$J254*N(INDEX(Fertilisants!$G$8:$G$47,$AA254)))","v":""},{"$f":"IF(OR($J254=\"\",$AA254=\"\"),\"\",$J254*N(INDEX(Fertilisants!$I$8:$I$47,$AA254)))","v":""},{"$f":"IF(OR($J254=\"\",$AA254=\"\"),\"\",$J254*N(INDEX(Fertilisants!$J$8:$J$47,$AA254)))","v":""},{"$f":"IF(OR($J254=\"\",$AA254=\"\"),\"\",$J254*N(INDEX(Fertilisants!$K$8:$K$47,$AA254)))","v":""},"",{"$nulls":5},"",null,null,{"$f":"IF($D254=\"\",\"\",IFERROR(MATCH($D254,Îlots!$D$8:$D$57,0),\"\"))","v":""},{"$f":"IF($G254=\"\",\"\",IFERROR(MATCH($G254,Fertilisants!$B$8:$B$47,0),\"\"))","v":""},{"$f":"IF($Z254=\"\",\"\",INDEX(Îlots!$E$8:$E$57,$Z254))","v":""},{"$f":"IF($Z254=\"\",\"\",INDEX(Îlots!$G$8:$G$57,$Z254)&\"\")","v":""},{"$f":"IF($Z254=\"\",\"\",IF($F254=ApportCouvert,OccCouvert,INDEX(Îlots!$O$8:$O$57,$Z254)&\"\"))","v":""},"","","",0,0,0,0,0,{"$f":"IF($AA254=\"\",0,IF(INDEX(Fertilisants!$C$8:$C$47,$AA254)=\"Effluent d'élevage\",1,0))","v":0},{"$f":"IF($AA254=\"\",\"\",IF(INDEX(Fertilisants!$C$8:$C$47,$AA254)=\"Engrais minéral\",\"Minéral\",\"Organique\"))","v":""},"","","",{"$f":"IF(AND($D254<>\"\",$D254=FicheIlot),COUNTIF($D$8:$D254,FicheIlot),\"\")","v":""}]
[null,{"$f":"IF(C255=\"\",\"\",COUNT($C$8:C255))","v":""},null,null,{"$f":"IF($Z255=\"\",\"\",IF($F255=ApportCouvert,INDEX(Îlots!$I$8:$I$57,$Z255)&\"\",INDEX(Îlots!$N$8:$N$57,$Z255)&\"\"))","v":""},null,null,{"$f":"IF($AA255=\"\",\"\",INDEX(Fertilisants!$D$8:$D$47,$AA255)&\"\")","v":""},null,null,{"$f":"IF($AA255=\"\",\"\",INDEX(Fertilisants!$E$8:$E$47,$AA255)&\"\")","v":""},"",{"$f":"IF(OR($J255=\"\",$AA255=\"\"),\"\",$J255*N(INDEX(Fertilisants!$G$8:$G$47,$AA255)))","v":""},{"$f":"IF(OR($J255=\"\",$AA255=\"\"),\"\",$J255*N(INDEX(Fertilisants!$I$8:$I$47,$AA255)))","v":""},{"$f":"IF(OR($J255=\"\",$AA255=\"\"),\"\",$J255*N(INDEX(Fertilisants!$J$8:$J$47,$AA255)))","v":""},{"$f":"IF(OR($J255=\"\",$AA255=\"\"),\"\",$J255*N(INDEX(Fertilisants!$K$8:$K$47,$AA255)))","v":""},"",{"$nulls":5},"",null,null,{"$f":"IF($D255=\"\",\"\",IFERROR(MATCH($D255,Îlots!$D$8:$D$57,0),\"\"))","v":""},{"$f":"IF($G255=\"\",\"\",IFERROR(MATCH($G255,Fertilisants!$B$8:$B$47,0),\"\"))","v":""},{"$f":"IF($Z255=\"\",\"\",INDEX(Îlots!$E$8:$E$57,$Z255))","v":""},{"$f":"IF($Z255=\"\",\"\",INDEX(Îlots!$G$8:$G$57,$Z255)&\"\")","v":""},{"$f":"IF($Z255=\"\",\"\",IF($F255=ApportCouvert,OccCouvert,INDEX(Îlots!$O$8:$O$57,$Z255)&\"\"))","v":""},"","","",0,0,0,0,0,{"$f":"IF($AA255=\"\",0,IF(INDEX(Fertilisants!$C$8:$C$47,$AA255)=\"Effluent d'élevage\",1,0))","v":0},{"$f":"IF($AA255=\"\",\"\",IF(INDEX(Fertilisants!$C$8:$C$47,$AA255)=\"Engrais minéral\",\"Minéral\",\"Organique\"))","v":""},"","","",{"$f":"IF(AND($D255<>\"\",$D255=FicheIlot),COUNTIF($D$8:$D255,FicheIlot),\"\")","v":""}]
[null,{"$f":"IF(C256=\"\",\"\",COUNT($C$8:C256))","v":""},null,null,{"$f":"IF($Z256=\"\",\"\",IF($F256=ApportCouvert,INDEX(Îlots!$I$8:$I$57,$Z256)&\"\",INDEX(Îlots!$N$8:$N$57,$Z256)&\"\"))","v":""},null,null,{"$f":"IF($AA256=\"\",\"\",INDEX(Fertilisants!$D$8:$D$47,$AA256)&\"\")","v":""},null,null,{"$f":"IF($AA256=\"\",\"\",INDEX(Fertilisants!$E$8:$E$47,$AA256)&\"\")","v":""},"",{"$f":"IF(OR($J256=\"\",$AA256=\"\"),\"\",$J256*N(INDEX(Fertilisants!$G$8:$G$47,$AA256)))","v":""},{"$f":"IF(OR($J256=\"\",$AA256=\"\"),\"\",$J256*N(INDEX(Fertilisants!$I$8:$I$47,$AA256)))","v":""},{"$f":"IF(OR($J256=\"\",$AA256=\"\"),\"\",$J256*N(INDEX(Fertilisants!$J$8:$J$47,$AA256)))","v":""},{"$f":"IF(OR($J256=\"\",$AA256=\"\"),\"\",$J256*N(INDEX(Fertilisants!$K$8:$K$47,$AA256)))","v":""},"",{"$nulls":5},"",null,null,{"$f":"IF($D256=\"\",\"\",IFERROR(MATCH($D256,Îlots!$D$8:$D$57,0),\"\"))","v":""},{"$f":"IF($G256=\"\",\"\",IFERROR(MATCH($G256,Fertilisants!$B$8:$B$47,0),\"\"))","v":""},{"$f":"IF($Z256=\"\",\"\",INDEX(Îlots!$E$8:$E$57,$Z256))","v":""},{"$f":"IF($Z256=\"\",\"\",INDEX(Îlots!$G$8:$G$57,$Z256)&\"\")","v":""},{"$f":"IF($Z256=\"\",\"\",IF($F256=ApportCouvert,OccCouvert,INDEX(Îlots!$O$8:$O$57,$Z256)&\"\"))","v":""},"","","",0,0,0,0,0,{"$f":"IF($AA256=\"\",0,IF(INDEX(Fertilisants!$C$8:$C$47,$AA256)=\"Effluent d'élevage\",1,0))","v":0},{"$f":"IF($AA256=\"\",\"\",IF(INDEX(Fertilisants!$C$8:$C$47,$AA256)=\"Engrais minéral\",\"Minéral\",\"Organique\"))","v":""},"","","",{"$f":"IF(AND($D256<>\"\",$D256=FicheIlot),COUNTIF($D$8:$D256,FicheIlot),\"\")","v":""}]
[null,{"$f":"IF(C257=\"\",\"\",COUNT($C$8:C257))","v":""},null,null,{"$f":"IF($Z257=\"\",\"\",IF($F257=ApportCouvert,INDEX(Îlots!$I$8:$I$57,$Z257)&\"\",INDEX(Îlots!$N$8:$N$57,$Z257)&\"\"))","v":""},null,null,{"$f":"IF($AA257=\"\",\"\",INDEX(Fertilisants!$D$8:$D$47,$AA257)&\"\")","v":""},null,null,{"$f":"IF($AA257=\"\",\"\",INDEX(Fertilisants!$E$8:$E$47,$AA257)&\"\")","v":""},"",{"$f":"IF(OR($J257=\"\",$AA257=\"\"),\"\",$J257*N(INDEX(Fertilisants!$G$8:$G$47,$AA257)))","v":""},{"$f":"IF(OR($J257=\"\",$AA257=\"\"),\"\",$J257*N(INDEX(Fertilisants!$I$8:$I$47,$AA257)))","v":""},{"$f":"IF(OR($J257=\"\",$AA257=\"\"),\"\",$J257*N(INDEX(Fertilisants!$J$8:$J$47,$AA257)))","v":""},{"$f":"IF(OR($J257=\"\",$AA257=\"\"),\"\",$J257*N(INDEX(Fertilisants!$K$8:$K$47,$AA257)))","v":""},"",{"$nulls":5},"",null,null,{"$f":"IF($D257=\"\",\"\",IFERROR(MATCH($D257,Îlots!$D$8:$D$57,0),\"\"))","v":""},{"$f":"IF($G257=\"\",\"\",IFERROR(MATCH($G257,Fertilisants!$B$8:$B$47,0),\"\"))","v":""},{"$f":"IF($Z257=\"\",\"\",INDEX(Îlots!$E$8:$E$57,$Z257))","v":""},{"$f":"IF($Z257=\"\",\"\",INDEX(Îlots!$G$8:$G$57,$Z257)&\"\")","v":""},{"$f":"IF($Z257=\"\",\"\",IF($F257=ApportCouvert,OccCouvert,INDEX(Îlots!$O$8:$O$57,$Z257)&\"\"))","v":""},"","","",0,0,0,0,0,{"$f":"IF($AA257=\"\",0,IF(INDEX(Fertilisants!$C$8:$C$47,$AA257)=\"Effluent d'élevage\",1,0))","v":0},{"$f":"IF($AA257=\"\",\"\",IF(INDEX(Fertilisants!$C$8:$C$47,$AA257)=\"Engrais minéral\",\"Minéral\",\"Organique\"))","v":""},"","","",{"$f":"IF(AND($D257<>\"\",$D257=FicheIlot),COUNTIF($D$8:$D257,FicheIlot),\"\")","v":""}]
[null,{"$f":"IF(C258=\"\",\"\",COUNT($C$8:C258))","v":""},null,null,{"$f":"IF($Z258=\"\",\"\",IF($F258=ApportCouvert,INDEX(Îlots!$I$8:$I$57,$Z258)&\"\",INDEX(Îlots!$N$8:$N$57,$Z258)&\"\"))","v":""},null,null,{"$f":"IF($AA258=\"\",\"\",INDEX(Fertilisants!$D$8:$D$47,$AA258)&\"\")","v":""},null,null,{"$f":"IF($AA258=\"\",\"\",INDEX(Fertilisants!$E$8:$E$47,$AA258)&\"\")","v":""},"",{"$f":"IF(OR($J258=\"\",$AA258=\"\"),\"\",$J258*N(INDEX(Fertilisants!$G$8:$G$47,$AA258)))","v":""},{"$f":"IF(OR($J258=\"\",$AA258=\"\"),\"\",$J258*N(INDEX(Fertilisants!$I$8:$I$47,$AA258)))","v":""},{"$f":"IF(OR($J258=\"\",$AA258=\"\"),\"\",$J258*N(INDEX(Fertilisants!$J$8:$J$47,$AA258)))","v":""},{"$f":"IF(OR($J258=\"\",$AA258=\"\"),\"\",$J258*N(INDEX(Fertilisants!$K$8:$K$47,$AA258)))","v":""},"",{"$nulls":5},"",null,null,{"$f":"IF($D258=\"\",\"\",IFERROR(MATCH($D258,Îlots!$D$8:$D$57,0),\"\"))","v":""},{"$f":"IF($G258=\"\",\"\",IFERROR(MATCH($G258,Fertilisants!$B$8:$B$47,0),\"\"))","v":""},{"$f":"IF($Z258=\"\",\"\",INDEX(Îlots!$E$8:$E$57,$Z258))","v":""},{"$f":"IF($Z258=\"\",\"\",INDEX(Îlots!$G$8:$G$57,$Z258)&\"\")","v":""},{"$f":"IF($Z258=\"\",\"\",IF($F258=ApportCouvert,OccCouvert,INDEX(Îlots!$O$8:$O$57,$Z258)&\"\"))","v":""},"","","",0,0,0,0,0,{"$f":"IF($AA258=\"\",0,IF(INDEX(Fertilisants!$C$8:$C$47,$AA258)=\"Effluent d'élevage\",1,0))","v":0},{"$f":"IF($AA258=\"\",\"\",IF(INDEX(Fertilisants!$C$8:$C$47,$AA258)=\"Engrais minéral\",\"Minéral\",\"Organique\"))","v":""},"","","",{"$f":"IF(AND($D258<>\"\",$D258=FicheIlot),COUNTIF($D$8:$D258,FicheIlot),\"\")","v":""}]
[null,{"$f":"IF(C259=\"\",\"\",COUNT($C$8:C259))","v":""},null,null,{"$f":"IF($Z259=\"\",\"\",IF($F259=ApportCouvert,INDEX(Îlots!$I$8:$I$57,$Z259)&\"\",INDEX(Îlots!$N$8:$N$57,$Z259)&\"\"))","v":""},null,null,{"$f":"IF($AA259=\"\",\"\",INDEX(Fertilisants!$D$8:$D$47,$AA259)&\"\")","v":""},null,null,{"$f":"IF($AA259=\"\",\"\",INDEX(Fertilisants!$E$8:$E$47,$AA259)&\"\")","v":""},"",{"$f":"IF(OR($J259=\"\",$AA259=\"\"),\"\",$J259*N(INDEX(Fertilisants!$G$8:$G$47,$AA259)))","v":""},{"$f":"IF(OR($J259=\"\",$AA259=\"\"),\"\",$J259*N(INDEX(Fertilisants!$I$8:$I$47,$AA259)))","v":""},{"$f":"IF(OR($J259=\"\",$AA259=\"\"),\"\",$J259*N(INDEX(Fertilisants!$J$8:$J$47,$AA259)))","v":""},{"$f":"IF(OR($J259=\"\",$AA259=\"\"),\"\",$J259*N(INDEX(Fertilisants!$K$8:$K$47,$AA259)))","v":""},"",{"$nulls":5},"",null,null,{"$f":"IF($D259=\"\",\"\",IFERROR(MATCH($D259,Îlots!$D$8:$D$57,0),\"\"))","v":""},{"$f":"IF($G259=\"\",\"\",IFERROR(MATCH($G259,Fertilisants!$B$8:$B$47,0),\"\"))","v":""},{"$f":"IF($Z259=\"\",\"\",INDEX(Îlots!$E$8:$E$57,$Z259))","v":""},{"$f":"IF($Z259=\"\",\"\",INDEX(Îlots!$G$8:$G$57,$Z259)&\"\")","v":""},{"$f":"IF($Z259=\"\",\"\",IF($F259=ApportCouvert,OccCouvert,INDEX(Îlots!$O$8:$O$57,$Z259)&\"\"))","v":""},"","","",0,0,0,0,0,{"$f":"IF($AA259=\"\",0,IF(INDEX(Fertilisants!$C$8:$C$47,$AA259)=\"Effluent d'élevage\",1,0))","v":0},{"$f":"IF($AA259=\"\",\"\",IF(INDEX(Fertilisants!$C$8:$C$47,$AA259)=\"Engrais minéral\",\"Minéral\",\"Organique\"))","v":""},"","","",{"$f":"IF(AND($D259<>\"\",$D259=FicheIlot),COUNTIF($D$8:$D259,FicheIlot),\"\")","v":""}]
[null,{"$f":"IF(C260=\"\",\"\",COUNT($C$8:C260))","v":""},null,null,{"$f":"IF($Z260=\"\",\"\",IF($F260=ApportCouvert,INDEX(Îlots!$I$8:$I$57,$Z260)&\"\",INDEX(Îlots!$N$8:$N$57,$Z260)&\"\"))","v":""},null,null,{"$f":"IF($AA260=\"\",\"\",INDEX(Fertilisants!$D$8:$D$47,$AA260)&\"\")","v":""},null,null,{"$f":"IF($AA260=\"\",\"\",INDEX(Fertilisants!$E$8:$E$47,$AA260)&\"\")","v":""},"",{"$f":"IF(OR($J260=\"\",$AA260=\"\"),\"\",$J260*N(INDEX(Fertilisants!$G$8:$G$47,$AA260)))","v":""},{"$f":"IF(OR($J260=\"\",$AA260=\"\"),\"\",$J260*N(INDEX(Fertilisants!$I$8:$I$47,$AA260)))","v":""},{"$f":"IF(OR($J260=\"\",$AA260=\"\"),\"\",$J260*N(INDEX(Fertilisants!$J$8:$J$47,$AA260)))","v":""},{"$f":"IF(OR($J260=\"\",$AA260=\"\"),\"\",$J260*N(INDEX(Fertilisants!$K$8:$K$47,$AA260)))","v":""},"",{"$nulls":5},"",null,null,{"$f":"IF($D260=\"\",\"\",IFERROR(MATCH($D260,Îlots!$D$8:$D$57,0),\"\"))","v":""},{"$f":"IF($G260=\"\",\"\",IFERROR(MATCH($G260,Fertilisants!$B$8:$B$47,0),\"\"))","v":""},{"$f":"IF($Z260=\"\",\"\",INDEX(Îlots!$E$8:$E$57,$Z260))","v":""},{"$f":"IF($Z260=\"\",\"\",INDEX(Îlots!$G$8:$G$57,$Z260)&\"\")","v":""},{"$f":"IF($Z260=\"\",\"\",IF($F260=ApportCouvert,OccCouvert,INDEX(Îlots!$O$8:$O$57,$Z260)&\"\"))","v":""},"","","",0,0,0,0,0,{"$f":"IF($AA260=\"\",0,IF(INDEX(Fertilisants!$C$8:$C$47,$AA260)=\"Effluent d'élevage\",1,0))","v":0},{"$f":"IF($AA260=\"\",\"\",IF(INDEX(Fertilisants!$C$8:$C$47,$AA260)=\"Engrais minéral\",\"Minéral\",\"Organique\"))","v":""},"","","",{"$f":"IF(AND($D260<>\"\",$D260=FicheIlot),COUNTIF($D$8:$D260,FicheIlot),\"\")","v":""}]
[null,{"$f":"IF(C261=\"\",\"\",COUNT($C$8:C261))","v":""},null,null,{"$f":"IF($Z261=\"\",\"\",IF($F261=ApportCouvert,INDEX(Îlots!$I$8:$I$57,$Z261)&\"\",INDEX(Îlots!$N$8:$N$57,$Z261)&\"\"))","v":""},null,null,{"$f":"IF($AA261=\"\",\"\",INDEX(Fertilisants!$D$8:$D$47,$AA261)&\"\")","v":""},null,null,{"$f":"IF($AA261=\"\",\"\",INDEX(Fertilisants!$E$8:$E$47,$AA261)&\"\")","v":""},"",{"$f":"IF(OR($J261=\"\",$AA261=\"\"),\"\",$J261*N(INDEX(Fertilisants!$G$8:$G$47,$AA261)))","v":""},{"$f":"IF(OR($J261=\"\",$AA261=\"\"),\"\",$J261*N(INDEX(Fertilisants!$I$8:$I$47,$AA261)))","v":""},{"$f":"IF(OR($J261=\"\",$AA261=\"\"),\"\",$J261*N(INDEX(Fertilisants!$J$8:$J$47,$AA261)))","v":""},{"$f":"IF(OR($J261=\"\",$AA261=\"\"),\"\",$J261*N(INDEX(Fertilisants!$K$8:$K$47,$AA261)))","v":""},"",{"$nulls":5},"",null,null,{"$f":"IF($D261=\"\",\"\",IFERROR(MATCH($D261,Îlots!$D$8:$D$57,0),\"\"))","v":""},{"$f":"IF($G261=\"\",\"\",IFERROR(MATCH($G261,Fertilisants!$B$8:$B$47,0),\"\"))","v":""},{"$f":"IF($Z261=\"\",\"\",INDEX(Îlots!$E$8:$E$57,$Z261))","v":""},{"$f":"IF($Z261=\"\",\"\",INDEX(Îlots!$G$8:$G$57,$Z261)&\"\")","v":""},{"$f":"IF($Z261=\"\",\"\",IF($F261=ApportCouvert,OccCouvert,INDEX(Îlots!$O$8:$O$57,$Z261)&\"\"))","v":""},"","","",0,0,0,0,0,{"$f":"IF($AA261=\"\",0,IF(INDEX(Fertilisants!$C$8:$C$47,$AA261)=\"Effluent d'élevage\",1,0))","v":0},{"$f":"IF($AA261=\"\",\"\",IF(INDEX(Fertilisants!$C$8:$C$47,$AA261)=\"Engrais minéral\",\"Minéral\",\"Organique\"))","v":""},"","","",{"$f":"IF(AND($D261<>\"\",$D261=FicheIlot),COUNTIF($D$8:$D261,FicheIlot),\"\")","v":""}]
[null,{"$f":"IF(C262=\"\",\"\",COUNT($C$8:C262))","v":""},null,null,{"$f":"IF($Z262=\"\",\"\",IF($F262=ApportCouvert,INDEX(Îlots!$I$8:$I$57,$Z262)&\"\",INDEX(Îlots!$N$8:$N$57,$Z262)&\"\"))","v":""},null,null,{"$f":"IF($AA262=\"\",\"\",INDEX(Fertilisants!$D$8:$D$47,$AA262)&\"\")","v":""},null,null,{"$f":"IF($AA262=\"\",\"\",INDEX(Fertilisants!$E$8:$E$47,$AA262)&\"\")","v":""},"",{"$f":"IF(OR($J262=\"\",$AA262=\"\"),\"\",$J262*N(INDEX(Fertilisants!$G$8:$G$47,$AA262)))","v":""},{"$f":"IF(OR($J262=\"\",$AA262=\"\"),\"\",$J262*N(INDEX(Fertilisants!$I$8:$I$47,$AA262)))","v":""},{"$f":"IF(OR($J262=\"\",$AA262=\"\"),\"\",$J262*N(INDEX(Fertilisants!$J$8:$J$47,$AA262)))","v":""},{"$f":"IF(OR($J262=\"\",$AA262=\"\"),\"\",$J262*N(INDEX(Fertilisants!$K$8:$K$47,$AA262)))","v":""},"",{"$nulls":5},"",null,null,{"$f":"IF($D262=\"\",\"\",IFERROR(MATCH($D262,Îlots!$D$8:$D$57,0),\"\"))","v":""},{"$f":"IF($G262=\"\",\"\",IFERROR(MATCH($G262,Fertilisants!$B$8:$B$47,0),\"\"))","v":""},{"$f":"IF($Z262=\"\",\"\",INDEX(Îlots!$E$8:$E$57,$Z262))","v":""},{"$f":"IF($Z262=\"\",\"\",INDEX(Îlots!$G$8:$G$57,$Z262)&\"\")","v":""},{"$f":"IF($Z262=\"\",\"\",IF($F262=ApportCouvert,OccCouvert,INDEX(Îlots!$O$8:$O$57,$Z262)&\"\"))","v":""},"","","",0,0,0,0,0,{"$f":"IF($AA262=\"\",0,IF(INDEX(Fertilisants!$C$8:$C$47,$AA262)=\"Effluent d'élevage\",1,0))","v":0},{"$f":"IF($AA262=\"\",\"\",IF(INDEX(Fertilisants!$C$8:$C$47,$AA262)=\"Engrais minéral\",\"Minéral\",\"Organique\"))","v":""},"","","",{"$f":"IF(AND($D262<>\"\",$D262=FicheIlot),COUNTIF($D$8:$D262,FicheIlot),\"\")","v":""}]
[null,{"$f":"IF(C263=\"\",\"\",COUNT($C$8:C263))","v":""},null,null,{"$f":"IF($Z263=\"\",\"\",IF($F263=ApportCouvert,INDEX(Îlots!$I$8:$I$57,$Z263)&\"\",INDEX(Îlots!$N$8:$N$57,$Z263)&\"\"))","v":""},null,null,{"$f":"IF($AA263=\"\",\"\",INDEX(Fertilisants!$D$8:$D$47,$AA263)&\"\")","v":""},null,null,{"$f":"IF($AA263=\"\",\"\",INDEX(Fertilisants!$E$8:$E$47,$AA263)&\"\")","v":""},"",{"$f":"IF(OR($J263=\"\",$AA263=\"\"),\"\",$J263*N(INDEX(Fertilisants!$G$8:$G$47,$AA263)))","v":""},{"$f":"IF(OR($J263=\"\",$AA263=\"\"),\"\",$J263*N(INDEX(Fertilisants!$I$8:$I$47,$AA263)))","v":""},{"$f":"IF(OR($J263=\"\",$AA263=\"\"),\"\",$J263*N(INDEX(Fertilisants!$J$8:$J$47,$AA263)))","v":""},{"$f":"IF(OR($J263=\"\",$AA263=\"\"),\"\",$J263*N(INDEX(Fertilisants!$K$8:$K$47,$AA263)))","v":""},"",{"$nulls":5},"",null,null,{"$f":"IF($D263=\"\",\"\",IFERROR(MATCH($D263,Îlots!$D$8:$D$57,0),\"\"))","v":""},{"$f":"IF($G263=\"\",\"\",IFERROR(MATCH($G263,Fertilisants!$B$8:$B$47,0),\"\"))","v":""},{"$f":"IF($Z263=\"\",\"\",INDEX(Îlots!$E$8:$E$57,$Z263))","v":""},{"$f":"IF($Z263=\"\",\"\",INDEX(Îlots!$G$8:$G$57,$Z263)&\"\")","v":""},{"$f":"IF($Z263=\"\",\"\",IF($F263=ApportCouvert,OccCouvert,INDEX(Îlots!$O$8:$O$57,$Z263)&\"\"))","v":""},"","","",0,0,0,0,0,{"$f":"IF($AA263=\"\",0,IF(INDEX(Fertilisants!$C$8:$C$47,$AA263)=\"Effluent d'élevage\",1,0))","v":0},{"$f":"IF($AA263=\"\",\"\",IF(INDEX(Fertilisants!$C$8:$C$47,$AA263)=\"Engrais minéral\",\"Minéral\",\"Organique\"))","v":""},"","","",{"$f":"IF(AND($D263<>\"\",$D263=FicheIlot),COUNTIF($D$8:$D263,FicheIlot),\"\")","v":""}]
[null,{"$f":"IF(C264=\"\",\"\",COUNT($C$8:C264))","v":""},null,null,{"$f":"IF($Z264=\"\",\"\",IF($F264=ApportCouvert,INDEX(Îlots!$I$8:$I$57,$Z264)&\"\",INDEX(Îlots!$N$8:$N$57,$Z264)&\"\"))","v":""},null,null,{"$f":"IF($AA264=\"\",\"\",INDEX(Fertilisants!$D$8:$D$47,$AA264)&\"\")","v":""},null,null,{"$f":"IF($AA264=\"\",\"\",INDEX(Fertilisants!$E$8:$E$47,$AA264)&\"\")","v":""},{"$f":"IF(OR($I264=\"\",$J264=\"\"),\"\",$I264*$J264)","v":""},{"$f":"IF(OR($J264=\"\",$AA264=\"\"),\"\",$J264*N(INDEX(Fertilisants!$G$8:$G$47,$AA264)))","v":""},{"$f":"IF(OR($J264=\"\",$AA264=\"\"),\"\",$J264*N(INDEX(Fertilisants!$I$8:$I$47,$AA264)))","v":""},{"$f":"IF(OR($J264=\"\",$AA264=\"\"),\"\",$J264*N(INDEX(Fertilisants!$J$8:$J$47,$AA264)))","v":""},{"$f":"IF(OR($J264=\"\",$AA264=\"\"),\"\",$J264*N(INDEX(Fertilisants!$K$8:$K$47,$AA264)))","v":""},{"$f":"IF(OR($I264=\"\",$M264=\"\"),\"\",$I264*$M264)","v":""},{"$nulls":5},{"$f":"IF($C264=\"\",\"\",IF(OR($D264=\"\",$G264=\"\",$I264=\"\",$J264=\"\"),\"Incomplet\",IF(OR($R264=\"Enneigé\",$R264=\"Détrempé\",$R264=\"Inondé\",AND($R264=\"Gelé\",$H264<>\"Type 0\",$H264<>\"Type Ia\")),\"Sol interdit\",IF($AL264=1,\"Période interdite\",IF(AND(ISNUMBER($AB264),$I264>$AB264+0.001),\"Surface > îlot\",IF(OR($C264<DebutCampagne,$C264>FinCampagne),\"Hors campagne\",IF(AND(ISNUMBER($V264),$V264-$C264>DelaiSaisie),\"Saisie tardive\",\"Conforme\")))))))","v":""},null,null,{"$f":"IF($D264=\"\",\"\",IFERROR(MATCH($D264,Îlots!$D$8:$D$57,0),\"\"))","v":""},{"$f":"IF($G264=\"\",\"\",IFERROR(MATCH($G264,Fertilisants!$B$8:$B$47,0),\"\"))","v":""},{"$f":"IF($Z264=\"\",\"\",INDEX(Îlots!$E$8:$E$57,$Z264))","v":""},{"$f":"IF($Z264=\"\",\"\",INDEX(Îlots!$G$8:$G$57,$Z264)&\"\")","v":""},{"$f":"IF($Z264=\"\",\"\",IF($F264=ApportCouvert,OccCouvert,INDEX(Îlots!$O$8:$O$57,$Z264)&\"\"))","v":""},{"$f":"IF(OR($AD264=\"\",$AC264=\"Non\",ZoneVulnerable=\"Non\"),\"\",IFERROR(MATCH($AD264,CalOccupations,0),\"\"))","v":""},{"$f":"IF($H264=\"\",\"\",IFERROR(MATCH($H264,CalTypes,0),\"\"))","v":""},{"$f":"IF(ISNUMBER($C264),MONTH($C264)*100+DAY($C264),\"\")","v":""},{"$f":"IF(OR($AE264=\"\",$AF264=\"\"),0,IF(N(INDEX(CalPrincipal,$AE264,$AF264+0))=0,0,MONTH(INDEX(CalPrincipal,$AE264,$AF264+0))*100+DAY(INDEX(CalPrincipal,$AE264,$AF264+0))))","v":0},{"$f":"IF(OR($AE264=\"\",$AF264=\"\"),0,IF(N(INDEX(CalPrincipal,$AE264,$AF264+1))=0,0,MONTH(INDEX(CalPrincipal,$AE264,$AF264+1))*100+DAY(INDEX(CalPrincipal,$AE264,$AF264+1))))","v":0},{"$f":"IF(OR($AE264=\"\",$AF264=\"\"),0,IF(N(INDEX(CalComplement,$AE264,$AF264+0))=0,0,MONTH(INDEX(CalComplement,$AE264,$AF264+0))*100+DAY(INDEX(CalComplement,$AE264,$AF264+0))))","v":0},{"$f":"IF(OR($AE264=\"\",$AF264=\"\"),0,IF(N(INDEX(CalComplement,$AE264,$AF264+1))=0,0,MONTH(INDEX(CalComplement,$AE264,$AF264+1))*100+DAY(INDEX(CalComplement,$AE264,$AF264+1))))","v":0},{"$f":"IF(OR($AE264=\"\",$AF264=\"\",$AG264=\"\"),0,IF(OR(AND($AH264>0,IF($AH264<=$AI264,AND($AG264>=$AH264,$AG264<=$AI264),OR($AG264>=$AH264,$AG264<=$AI264))),AND($AJ264>0,IF($AJ264<=$AK264,AND($AG264>=$AJ264,$AG264<=$AK264),OR($AG264>=$AJ264,$AG264<=$AK264)))),1,0))","v":0},{"$f":"IF($AA264=\"\",0,IF(INDEX(Fertilisants!$C$8:$C$47,$AA264)=\"Effluent d'élevage\",1,0))","v":0},{"$f":"IF($AA264=\"\",\"\",IF(INDEX(Fertilisants!$C$8:$C$47,$AA264)=\"Engrais minéral\",\"Minéral\",\"Organique\"))","v":""},{"$f":"IF(OR($I264=\"\",$N264=\"\"),\"\",$I264*$N264)","v":""},{"$f":"IF(OR($I264=\"\",$O264=\"\"),\"\",$I264*$O264)","v":""},{"$f":"IF(OR($I264=\"\",$P264=\"\"),\"\",$I264*$P264)","v":""},{"$f":"IF(AND($D264<>\"\",$D264=FicheIlot),COUNTIF($D$8:$D264,FicheIlot),\"\")","v":""}]
[null,{"$f":"IF(C265=\"\",\"\",COUNT($C$8:C265))","v":""},null,null,{"$f":"IF($Z265=\"\",\"\",IF($F265=ApportCouvert,INDEX(Îlots!$I$8:$I$57,$Z265)&\"\",INDEX(Îlots!$N$8:$N$57,$Z265)&\"\"))","v":""},null,null,{"$f":"IF($AA265=\"\",\"\",INDEX(Fertilisants!$D$8:$D$47,$AA265)&\"\")","v":""},null,null,{"$f":"IF($AA265=\"\",\"\",INDEX(Fertilisants!$E$8:$E$47,$AA265)&\"\")","v":""},"",{"$f":"IF(OR($J265=\"\",$AA265=\"\"),\"\",$J265*N(INDEX(Fertilisants!$G$8:$G$47,$AA265)))","v":""},{"$f":"IF(OR($J265=\"\",$AA265=\"\"),\"\",$J265*N(INDEX(Fertilisants!$I$8:$I$47,$AA265)))","v":""},{"$f":"IF(OR($J265=\"\",$AA265=\"\"),\"\",$J265*N(INDEX(Fertilisants!$J$8:$J$47,$AA265)))","v":""},{"$f":"IF(OR($J265=\"\",$AA265=\"\"),\"\",$J265*N(INDEX(Fertilisants!$K$8:$K$47,$AA265)))","v":""},"",{"$nulls":5},"",null,null,{"$f":"IF($D265=\"\",\"\",IFERROR(MATCH($D265,Îlots!$D$8:$D$57,0),\"\"))","v":""},{"$f":"IF($G265=\"\",\"\",IFERROR(MATCH($G265,Fertilisants!$B$8:$B$47,0),\"\"))","v":""},{"$f":"IF($Z265=\"\",\"\",INDEX(Îlots!$E$8:$E$57,$Z265))","v":""},{"$f":"IF($Z265=\"\",\"\",INDEX(Îlots!$G$8:$G$57,$Z265)&\"\")","v":""},{"$f":"IF($Z265=\"\",\"\",IF($F265=ApportCouvert,OccCouvert,INDEX(Îlots!$O$8:$O$57,$Z265)&\"\"))","v":""},"","","",0,0,0,0,0,{"$f":"IF($AA265=\"\",0,IF(INDEX(Fertilisants!$C$8:$C$47,$AA265)=\"Effluent d'élevage\",1,0))","v":0},{"$f":"IF($AA265=\"\",\"\",IF(INDEX(Fertilisants!$C$8:$C$47,$AA265)=\"Engrais minéral\",\"Minéral\",\"Organique\"))","v":""},"","","",{"$f":"IF(AND($D265<>\"\",$D265=FicheIlot),COUNTIF($D$8:$D265,FicheIlot),\"\")","v":""}]
[null,{"$f":"IF(C266=\"\",\"\",COUNT($C$8:C266))","v":""},null,null,{"$f":"IF($Z266=\"\",\"\",IF($F266=ApportCouvert,INDEX(Îlots!$I$8:$I$57,$Z266)&\"\",INDEX(Îlots!$N$8:$N$57,$Z266)&\"\"))","v":""},null,null,{"$f":"IF($AA266=\"\",\"\",INDEX(Fertilisants!$D$8:$D$47,$AA266)&\"\")","v":""},null,null,{"$f":"IF($AA266=\"\",\"\",INDEX(Fertilisants!$E$8:$E$47,$AA266)&\"\")","v":""},"",{"$f":"IF(OR($J266=\"\",$AA266=\"\"),\"\",$J266*N(INDEX(Fertilisants!$G$8:$G$47,$AA266)))","v":""},{"$f":"IF(OR($J266=\"\",$AA266=\"\"),\"\",$J266*N(INDEX(Fertilisants!$I$8:$I$47,$AA266)))","v":""},{"$f":"IF(OR($J266=\"\",$AA266=\"\"),\"\",$J266*N(INDEX(Fertilisants!$J$8:$J$47,$AA266)))","v":""},{"$f":"IF(OR($J266=\"\",$AA266=\"\"),\"\",$J266*N(INDEX(Fertilisants!$K$8:$K$47,$AA266)))","v":""},"",{"$nulls":5},"",null,null,{"$f":"IF($D266=\"\",\"\",IFERROR(MATCH($D266,Îlots!$D$8:$D$57,0),\"\"))","v":""},{"$f":"IF($G266=\"\",\"\",IFERROR(MATCH($G266,Fertilisants!$B$8:$B$47,0),\"\"))","v":""},{"$f":"IF($Z266=\"\",\"\",INDEX(Îlots!$E$8:$E$57,$Z266))","v":""},{"$f":"IF($Z266=\"\",\"\",INDEX(Îlots!$G$8:$G$57,$Z266)&\"\")","v":""},{"$f":"IF($Z266=\"\",\"\",IF($F266=ApportCouvert,OccCouvert,INDEX(Îlots!$O$8:$O$57,$Z266)&\"\"))","v":""},"","","",0,0,0,0,0,{"$f":"IF($AA266=\"\",0,IF(INDEX(Fertilisants!$C$8:$C$47,$AA266)=\"Effluent d'élevage\",1,0))","v":0},{"$f":"IF($AA266=\"\",\"\",IF(INDEX(Fertilisants!$C$8:$C$47,$AA266)=\"Engrais minéral\",\"Minéral\",\"Organique\"))","v":""},"","","",{"$f":"IF(AND($D266<>\"\",$D266=FicheIlot),COUNTIF($D$8:$D266,FicheIlot),\"\")","v":""}]
[null,{"$f":"IF(C267=\"\",\"\",COUNT($C$8:C267))","v":""},null,null,{"$f":"IF($Z267=\"\",\"\",IF($F267=ApportCouvert,INDEX(Îlots!$I$8:$I$57,$Z267)&\"\",INDEX(Îlots!$N$8:$N$57,$Z267)&\"\"))","v":""},null,null,{"$f":"IF($AA267=\"\",\"\",INDEX(Fertilisants!$D$8:$D$47,$AA267)&\"\")","v":""},null,null,{"$f":"IF($AA267=\"\",\"\",INDEX(Fertilisants!$E$8:$E$47,$AA267)&\"\")","v":""},"",{"$f":"IF(OR($J267=\"\",$AA267=\"\"),\"\",$J267*N(INDEX(Fertilisants!$G$8:$G$47,$AA267)))","v":""},{"$f":"IF(OR($J267=\"\",$AA267=\"\"),\"\",$J267*N(INDEX(Fertilisants!$I$8:$I$47,$AA267)))","v":""},{"$f":"IF(OR($J267=\"\",$AA267=\"\"),\"\",$J267*N(INDEX(Fertilisants!$J$8:$J$47,$AA267)))","v":""},{"$f":"IF(OR($J267=\"\",$AA267=\"\"),\"\",$J267*N(INDEX(Fertilisants!$K$8:$K$47,$AA267)))","v":""},"",{"$nulls":5},"",null,null,{"$f":"IF($D267=\"\",\"\",IFERROR(MATCH($D267,Îlots!$D$8:$D$57,0),\"\"))","v":""},{"$f":"IF($G267=\"\",\"\",IFERROR(MATCH($G267,Fertilisants!$B$8:$B$47,0),\"\"))","v":""},{"$f":"IF($Z267=\"\",\"\",INDEX(Îlots!$E$8:$E$57,$Z267))","v":""},{"$f":"IF($Z267=\"\",\"\",INDEX(Îlots!$G$8:$G$57,$Z267)&\"\")","v":""},{"$f":"IF($Z267=\"\",\"\",IF($F267=ApportCouvert,OccCouvert,INDEX(Îlots!$O$8:$O$57,$Z267)&\"\"))","v":""},"","","",0,0,0,0,0,{"$f":"IF($AA267=\"\",0,IF(INDEX(Fertilisants!$C$8:$C$47,$AA267)=\"Effluent d'élevage\",1,0))","v":0},{"$f":"IF($AA267=\"\",\"\",IF(INDEX(Fertilisants!$C$8:$C$47,$AA267)=\"Engrais minéral\",\"Minéral\",\"Organique\"))","v":""},"","","",{"$f":"IF(AND($D267<>\"\",$D267=FicheIlot),COUNTIF($D$8:$D267,FicheIlot),\"\")","v":""}]
[null,{"$f":"IF(C268=\"\",\"\",COUNT($C$8:C268))","v":""},null,null,{"$f":"IF($Z268=\"\",\"\",IF($F268=ApportCouvert,INDEX(Îlots!$I$8:$I$57,$Z268)&\"\",INDEX(Îlots!$N$8:$N$57,$Z268)&\"\"))","v":""},null,null,{"$f":"IF($AA268=\"\",\"\",INDEX(Fertilisants!$D$8:$D$47,$AA268)&\"\")","v":""},null,null,{"$f":"IF($AA268=\"\",\"\",INDEX(Fertilisants!$E$8:$E$47,$AA268)&\"\")","v":""},"",{"$f":"IF(OR($J268=\"\",$AA268=\"\"),\"\",$J268*N(INDEX(Fertilisants!$G$8:$G$47,$AA268)))","v":""},{"$f":"IF(OR($J268=\"\",$AA268=\"\"),\"\",$J268*N(INDEX(Fertilisants!$I$8:$I$47,$AA268)))","v":""},{"$f":"IF(OR($J268=\"\",$AA268=\"\"),\"\",$J268*N(INDEX(Fertilisants!$J$8:$J$47,$AA268)))","v":""},{"$f":"IF(OR($J268=\"\",$AA268=\"\"),\"\",$J268*N(INDEX(Fertilisants!$K$8:$K$47,$AA268)))","v":""},"",{"$nulls":5},"",null,null,{"$f":"IF($D268=\"\",\"\",IFERROR(MATCH($D268,Îlots!$D$8:$D$57,0),\"\"))","v":""},{"$f":"IF($G268=\"\",\"\",IFERROR(MATCH($G268,Fertilisants!$B$8:$B$47,0),\"\"))","v":""},{"$f":"IF($Z268=\"\",\"\",INDEX(Îlots!$E$8:$E$57,$Z268))","v":""},{"$f":"IF($Z268=\"\",\"\",INDEX(Îlots!$G$8:$G$57,$Z268)&\"\")","v":""},{"$f":"IF($Z268=\"\",\"\",IF($F268=ApportCouvert,OccCouvert,INDEX(Îlots!$O$8:$O$57,$Z268)&\"\"))","v":""},"","","",0,0,0,0,0,{"$f":"IF($AA268=\"\",0,IF(INDEX(Fertilisants!$C$8:$C$47,$AA268)=\"Effluent d'élevage\",1,0))","v":0},{"$f":"IF($AA268=\"\",\"\",IF(INDEX(Fertilisants!$C$8:$C$47,$AA268)=\"Engrais minéral\",\"Minéral\",\"Organique\"))","v":""},"","","",{"$f":"IF(AND($D268<>\"\",$D268=FicheIlot),COUNTIF($D$8:$D268,FicheIlot),\"\")","v":""}]
[null,{"$f":"IF(C269=\"\",\"\",COUNT($C$8:C269))","v":""},null,null,{"$f":"IF($Z269=\"\",\"\",IF($F269=ApportCouvert,INDEX(Îlots!$I$8:$I$57,$Z269)&\"\",INDEX(Îlots!$N$8:$N$57,$Z269)&\"\"))","v":""},null,null,{"$f":"IF($AA269=\"\",\"\",INDEX(Fertilisants!$D$8:$D$47,$AA269)&\"\")","v":""},null,null,{"$f":"IF($AA269=\"\",\"\",INDEX(Fertilisants!$E$8:$E$47,$AA269)&\"\")","v":""},"",{"$f":"IF(OR($J269=\"\",$AA269=\"\"),\"\",$J269*N(INDEX(Fertilisants!$G$8:$G$47,$AA269)))","v":""},{"$f":"IF(OR($J269=\"\",$AA269=\"\"),\"\",$J269*N(INDEX(Fertilisants!$I$8:$I$47,$AA269)))","v":""},{"$f":"IF(OR($J269=\"\",$AA269=\"\"),\"\",$J269*N(INDEX(Fertilisants!$J$8:$J$47,$AA269)))","v":""},{"$f":"IF(OR($J269=\"\",$AA269=\"\"),\"\",$J269*N(INDEX(Fertilisants!$K$8:$K$47,$AA269)))","v":""},"",{"$nulls":5},"",null,null,{"$f":"IF($D269=\"\",\"\",IFERROR(MATCH($D269,Îlots!$D$8:$D$57,0),\"\"))","v":""},{"$f":"IF($G269=\"\",\"\",IFERROR(MATCH($G269,Fertilisants!$B$8:$B$47,0),\"\"))","v":""},{"$f":"IF($Z269=\"\",\"\",INDEX(Îlots!$E$8:$E$57,$Z269))","v":""},{"$f":"IF($Z269=\"\",\"\",INDEX(Îlots!$G$8:$G$57,$Z269)&\"\")","v":""},{"$f":"IF($Z269=\"\",\"\",IF($F269=ApportCouvert,OccCouvert,INDEX(Îlots!$O$8:$O$57,$Z269)&\"\"))","v":""},"","","",0,0,0,0,0,{"$f":"IF($AA269=\"\",0,IF(INDEX(Fertilisants!$C$8:$C$47,$AA269)=\"Effluent d'élevage\",1,0))","v":0},{"$f":"IF($AA269=\"\",\"\",IF(INDEX(Fertilisants!$C$8:$C$47,$AA269)=\"Engrais minéral\",\"Minéral\",\"Organique\"))","v":""},"","","",{"$f":"IF(AND($D269<>\"\",$D269=FicheIlot),COUNTIF($D$8:$D269,FicheIlot),\"\")","v":""}]
[null,{"$f":"IF(C270=\"\",\"\",COUNT($C$8:C270))","v":""},null,null,{"$f":"IF($Z270=\"\",\"\",IF($F270=ApportCouvert,INDEX(Îlots!$I$8:$I$57,$Z270)&\"\",INDEX(Îlots!$N$8:$N$57,$Z270)&\"\"))","v":""},null,null,{"$f":"IF($AA270=\"\",\"\",INDEX(Fertilisants!$D$8:$D$47,$AA270)&\"\")","v":""},null,null,{"$f":"IF($AA270=\"\",\"\",INDEX(Fertilisants!$E$8:$E$47,$AA270)&\"\")","v":""},"",{"$f":"IF(OR($J270=\"\",$AA270=\"\"),\"\",$J270*N(INDEX(Fertilisants!$G$8:$G$47,$AA270)))","v":""},{"$f":"IF(OR($J270=\"\",$AA270=\"\"),\"\",$J270*N(INDEX(Fertilisants!$I$8:$I$47,$AA270)))","v":""},{"$f":"IF(OR($J270=\"\",$AA270=\"\"),\"\",$J270*N(INDEX(Fertilisants!$J$8:$J$47,$AA270)))","v":""},{"$f":"IF(OR($J270=\"\",$AA270=\"\"),\"\",$J270*N(INDEX(Fertilisants!$K$8:$K$47,$AA270)))","v":""},"",{"$nulls":5},"",null,null,{"$f":"IF($D270=\"\",\"\",IFERROR(MATCH($D270,Îlots!$D$8:$D$57,0),\"\"))","v":""},{"$f":"IF($G270=\"\",\"\",IFERROR(MATCH($G270,Fertilisants!$B$8:$B$47,0),\"\"))","v":""},{"$f":"IF($Z270=\"\",\"\",INDEX(Îlots!$E$8:$E$57,$Z270))","v":""},{"$f":"IF($Z270=\"\",\"\",INDEX(Îlots!$G$8:$G$57,$Z270)&\"\")","v":""},{"$f":"IF($Z270=\"\",\"\",IF($F270=ApportCouvert,OccCouvert,INDEX(Îlots!$O$8:$O$57,$Z270)&\"\"))","v":""},"","","",0,0,0,0,0,{"$f":"IF($AA270=\"\",0,IF(INDEX(Fertilisants!$C$8:$C$47,$AA270)=\"Effluent d'élevage\",1,0))","v":0},{"$f":"IF($AA270=\"\",\"\",IF(INDEX(Fertilisants!$C$8:$C$47,$AA270)=\"Engrais minéral\",\"Minéral\",\"Organique\"))","v":""},"","","",{"$f":"IF(AND($D270<>\"\",$D270=FicheIlot),COUNTIF($D$8:$D270,FicheIlot),\"\")","v":""}]
[null,{"$f":"IF(C271=\"\",\"\",COUNT($C$8:C271))","v":""},null,null,{"$f":"IF($Z271=\"\",\"\",IF($F271=ApportCouvert,INDEX(Îlots!$I$8:$I$57,$Z271)&\"\",INDEX(Îlots!$N$8:$N$57,$Z271)&\"\"))","v":""},null,null,{"$f":"IF($AA271=\"\",\"\",INDEX(Fertilisants!$D$8:$D$47,$AA271)&\"\")","v":""},null,null,{"$f":"IF($AA271=\"\",\"\",INDEX(Fertilisants!$E$8:$E$47,$AA271)&\"\")","v":""},"",{"$f":"IF(OR($J271=\"\",$AA271=\"\"),\"\",$J271*N(INDEX(Fertilisants!$G$8:$G$47,$AA271)))","v":""},{"$f":"IF(OR($J271=\"\",$AA271=\"\"),\"\",$J271*N(INDEX(Fertilisants!$I$8:$I$47,$AA271)))","v":""},{"$f":"IF(OR($J271=\"\",$AA271=\"\"),\"\",$J271*N(INDEX(Fertilisants!$J$8:$J$47,$AA271)))","v":""},{"$f":"IF(OR($J271=\"\",$AA271=\"\"),\"\",$J271*N(INDEX(Fertilisants!$K$8:$K$47,$AA271)))","v":""},"",{"$nulls":5},"",null,null,{"$f":"IF($D271=\"\",\"\",IFERROR(MATCH($D271,Îlots!$D$8:$D$57,0),\"\"))","v":""},{"$f":"IF($G271=\"\",\"\",IFERROR(MATCH($G271,Fertilisants!$B$8:$B$47,0),\"\"))","v":""},{"$f":"IF($Z271=\"\",\"\",INDEX(Îlots!$E$8:$E$57,$Z271))","v":""},{"$f":"IF($Z271=\"\",\"\",INDEX(Îlots!$G$8:$G$57,$Z271)&\"\")","v":""},{"$f":"IF($Z271=\"\",\"\",IF($F271=ApportCouvert,OccCouvert,INDEX(Îlots!$O$8:$O$57,$Z271)&\"\"))","v":""},"","","",0,0,0,0,0,{"$f":"IF($AA271=\"\",0,IF(INDEX(Fertilisants!$C$8:$C$47,$AA271)=\"Effluent d'élevage\",1,0))","v":0},{"$f":"IF($AA271=\"\",\"\",IF(INDEX(Fertilisants!$C$8:$C$47,$AA271)=\"Engrais minéral\",\"Minéral\",\"Organique\"))","v":""},"","","",{"$f":"IF(AND($D271<>\"\",$D271=FicheIlot),COUNTIF($D$8:$D271,FicheIlot),\"\")","v":""}]
[null,{"$f":"IF(C272=\"\",\"\",COUNT($C$8:C272))","v":""},null,null,{"$f":"IF($Z272=\"\",\"\",IF($F272=ApportCouvert,INDEX(Îlots!$I$8:$I$57,$Z272)&\"\",INDEX(Îlots!$N$8:$N$57,$Z272)&\"\"))","v":""},null,null,{"$f":"IF($AA272=\"\",\"\",INDEX(Fertilisants!$D$8:$D$47,$AA272)&\"\")","v":""},null,null,{"$f":"IF($AA272=\"\",\"\",INDEX(Fertilisants!$E$8:$E$47,$AA272)&\"\")","v":""},"",{"$f":"IF(OR($J272=\"\",$AA272=\"\"),\"\",$J272*N(INDEX(Fertilisants!$G$8:$G$47,$AA272)))","v":""},{"$f":"IF(OR($J272=\"\",$AA272=\"\"),\"\",$J272*N(INDEX(Fertilisants!$I$8:$I$47,$AA272)))","v":""},{"$f":"IF(OR($J272=\"\",$AA272=\"\"),\"\",$J272*N(INDEX(Fertilisants!$J$8:$J$47,$AA272)))","v":""},{"$f":"IF(OR($J272=\"\",$AA272=\"\"),\"\",$J272*N(INDEX(Fertilisants!$K$8:$K$47,$AA272)))","v":""},"",{"$nulls":5},"",null,null,{"$f":"IF($D272=\"\",\"\",IFERROR(MATCH($D272,Îlots!$D$8:$D$57,0),\"\"))","v":""},{"$f":"IF($G272=\"\",\"\",IFERROR(MATCH($G272,Fertilisants!$B$8:$B$47,0),\"\"))","v":""},{"$f":"IF($Z272=\"\",\"\",INDEX(Îlots!$E$8:$E$57,$Z272))","v":""},{"$f":"IF($Z272=\"\",\"\",INDEX(Îlots!$G$8:$G$57,$Z272)&\"\")","v":""},{"$f":"IF($Z272=\"\",\"\",IF($F272=ApportCouvert,OccCouvert,INDEX(Îlots!$O$8:$O$57,$Z272)&\"\"))","v":""},"","","",0,0,0,0,0,{"$f":"IF($AA272=\"\",0,IF(INDEX(Fertilisants!$C$8:$C$47,$AA272)=\"Effluent d'élevage\",1,0))","v":0},{"$f":"IF($AA272=\"\",\"\",IF(INDEX(Fertilisants!$C$8:$C$47,$AA272)=\"Engrais minéral\",\"Minéral\",\"Organique\"))","v":""},"","","",{"$f":"IF(AND($D272<>\"\",$D272=FicheIlot),COUNTIF($D$8:$D272,FicheIlot),\"\")","v":""}]
[null,{"$f":"IF(C273=\"\",\"\",COUNT($C$8:C273))","v":""},null,null,{"$f":"IF($Z273=\"\",\"\",IF($F273=ApportCouvert,INDEX(Îlots!$I$8:$I$57,$Z273)&\"\",INDEX(Îlots!$N$8:$N$57,$Z273)&\"\"))","v":""},null,null,{"$f":"IF($AA273=\"\",\"\",INDEX(Fertilisants!$D$8:$D$47,$AA273)&\"\")","v":""},null,null,{"$f":"IF($AA273=\"\",\"\",INDEX(Fertilisants!$E$8:$E$47,$AA273)&\"\")","v":""},"",{"$f":"IF(OR($J273=\"\",$AA273=\"\"),\"\",$J273*N(INDEX(Fertilisants!$G$8:$G$47,$AA273)))","v":""},{"$f":"IF(OR($J273=\"\",$AA273=\"\"),\"\",$J273*N(INDEX(Fertilisants!$I$8:$I$47,$AA273)))","v":""},{"$f":"IF(OR($J273=\"\",$AA273=\"\"),\"\",$J273*N(INDEX(Fertilisants!$J$8:$J$47,$AA273)))","v":""},{"$f":"IF(OR($J273=\"\",$AA273=\"\"),\"\",$J273*N(INDEX(Fertilisants!$K$8:$K$47,$AA273)))","v":""},"",{"$nulls":5},"",null,null,{"$f":"IF($D273=\"\",\"\",IFERROR(MATCH($D273,Îlots!$D$8:$D$57,0),\"\"))","v":""},{"$f":"IF($G273=\"\",\"\",IFERROR(MATCH($G273,Fertilisants!$B$8:$B$47,0),\"\"))","v":""},{"$f":"IF($Z273=\"\",\"\",INDEX(Îlots!$E$8:$E$57,$Z273))","v":""},{"$f":"IF($Z273=\"\",\"\",INDEX(Îlots!$G$8:$G$57,$Z273)&\"\")","v":""},{"$f":"IF($Z273=\"\",\"\",IF($F273=ApportCouvert,OccCouvert,INDEX(Îlots!$O$8:$O$57,$Z273)&\"\"))","v":""},"","","",0,0,0,0,0,{"$f":"IF($AA273=\"\",0,IF(INDEX(Fertilisants!$C$8:$C$47,$AA273)=\"Effluent d'élevage\",1,0))","v":0},{"$f":"IF($AA273=\"\",\"\",IF(INDEX(Fertilisants!$C$8:$C$47,$AA273)=\"Engrais minéral\",\"Minéral\",\"Organique\"))","v":""},"","","",{"$f":"IF(AND($D273<>\"\",$D273=FicheIlot),COUNTIF($D$8:$D273,FicheIlot),\"\")","v":""}]
[null,{"$f":"IF(C274=\"\",\"\",COUNT($C$8:C274))","v":""},null,null,{"$f":"IF($Z274=\"\",\"\",IF($F274=ApportCouvert,INDEX(Îlots!$I$8:$I$57,$Z274)&\"\",INDEX(Îlots!$N$8:$N$57,$Z274)&\"\"))","v":""},null,null,{"$f":"IF($AA274=\"\",\"\",INDEX(Fertilisants!$D$8:$D$47,$AA274)&\"\")","v":""},null,null,{"$f":"IF($AA274=\"\",\"\",INDEX(Fertilisants!$E$8:$E$47,$AA274)&\"\")","v":""},"",{"$f":"IF(OR($J274=\"\",$AA274=\"\"),\"\",$J274*N(INDEX(Fertilisants!$G$8:$G$47,$AA274)))","v":""},{"$f":"IF(OR($J274=\"\",$AA274=\"\"),\"\",$J274*N(INDEX(Fertilisants!$I$8:$I$47,$AA274)))","v":""},{"$f":"IF(OR($J274=\"\",$AA274=\"\"),\"\",$J274*N(INDEX(Fertilisants!$J$8:$J$47,$AA274)))","v":""},{"$f":"IF(OR($J274=\"\",$AA274=\"\"),\"\",$J274*N(INDEX(Fertilisants!$K$8:$K$47,$AA274)))","v":""},"",{"$nulls":5},"",null,null,{"$f":"IF($D274=\"\",\"\",IFERROR(MATCH($D274,Îlots!$D$8:$D$57,0),\"\"))","v":""},{"$f":"IF($G274=\"\",\"\",IFERROR(MATCH($G274,Fertilisants!$B$8:$B$47,0),\"\"))","v":""},{"$f":"IF($Z274=\"\",\"\",INDEX(Îlots!$E$8:$E$57,$Z274))","v":""},{"$f":"IF($Z274=\"\",\"\",INDEX(Îlots!$G$8:$G$57,$Z274)&\"\")","v":""},{"$f":"IF($Z274=\"\",\"\",IF($F274=ApportCouvert,OccCouvert,INDEX(Îlots!$O$8:$O$57,$Z274)&\"\"))","v":""},"","","",0,0,0,0,0,{"$f":"IF($AA274=\"\",0,IF(INDEX(Fertilisants!$C$8:$C$47,$AA274)=\"Effluent d'élevage\",1,0))","v":0},{"$f":"IF($AA274=\"\",\"\",IF(INDEX(Fertilisants!$C$8:$C$47,$AA274)=\"Engrais minéral\",\"Minéral\",\"Organique\"))","v":""},"","","",{"$f":"IF(AND($D274<>\"\",$D274=FicheIlot),COUNTIF($D$8:$D274,FicheIlot),\"\")","v":""}]
[null,{"$f":"IF(C275=\"\",\"\",COUNT($C$8:C275))","v":""},null,null,{"$f":"IF($Z275=\"\",\"\",IF($F275=ApportCouvert,INDEX(Îlots!$I$8:$I$57,$Z275)&\"\",INDEX(Îlots!$N$8:$N$57,$Z275)&\"\"))","v":""},null,null,{"$f":"IF($AA275=\"\",\"\",INDEX(Fertilisants!$D$8:$D$47,$AA275)&\"\")","v":""},null,null,{"$f":"IF($AA275=\"\",\"\",INDEX(Fertilisants!$E$8:$E$47,$AA275)&\"\")","v":""},"",{"$f":"IF(OR($J275=\"\",$AA275=\"\"),\"\",$J275*N(INDEX(Fertilisants!$G$8:$G$47,$AA275)))","v":""},{"$f":"IF(OR($J275=\"\",$AA275=\"\"),\"\",$J275*N(INDEX(Fertilisants!$I$8:$I$47,$AA275)))","v":""},{"$f":"IF(OR($J275=\"\",$AA275=\"\"),\"\",$J275*N(INDEX(Fertilisants!$J$8:$J$47,$AA275)))","v":""},{"$f":"IF(OR($J275=\"\",$AA275=\"\"),\"\",$J275*N(INDEX(Fertilisants!$K$8:$K$47,$AA275)))","v":""},"",{"$nulls":5},"",null,null,{"$f":"IF($D275=\"\",\"\",IFERROR(MATCH($D275,Îlots!$D$8:$D$57,0),\"\"))","v":""},{"$f":"IF($G275=\"\",\"\",IFERROR(MATCH($G275,Fertilisants!$B$8:$B$47,0),\"\"))","v":""},{"$f":"IF($Z275=\"\",\"\",INDEX(Îlots!$E$8:$E$57,$Z275))","v":""},{"$f":"IF($Z275=\"\",\"\",INDEX(Îlots!$G$8:$G$57,$Z275)&\"\")","v":""},{"$f":"IF($Z275=\"\",\"\",IF($F275=ApportCouvert,OccCouvert,INDEX(Îlots!$O$8:$O$57,$Z275)&\"\"))","v":""},"","","",0,0,0,0,0,{"$f":"IF($AA275=\"\",0,IF(INDEX(Fertilisants!$C$8:$C$47,$AA275)=\"Effluent d'élevage\",1,0))","v":0},{"$f":"IF($AA275=\"\",\"\",IF(INDEX(Fertilisants!$C$8:$C$47,$AA275)=\"Engrais minéral\",\"Minéral\",\"Organique\"))","v":""},"","","",{"$f":"IF(AND($D275<>\"\",$D275=FicheIlot),COUNTIF($D$8:$D275,FicheIlot),\"\")","v":""}]
[null,{"$f":"IF(C276=\"\",\"\",COUNT($C$8:C276))","v":""},null,null,{"$f":"IF($Z276=\"\",\"\",IF($F276=ApportCouvert,INDEX(Îlots!$I$8:$I$57,$Z276)&\"\",INDEX(Îlots!$N$8:$N$57,$Z276)&\"\"))","v":""},null,null,{"$f":"IF($AA276=\"\",\"\",INDEX(Fertilisants!$D$8:$D$47,$AA276)&\"\")","v":""},null,null,{"$f":"IF($AA276=\"\",\"\",INDEX(Fertilisants!$E$8:$E$47,$AA276)&\"\")","v":""},"",{"$f":"IF(OR($J276=\"\",$AA276=\"\"),\"\",$J276*N(INDEX(Fertilisants!$G$8:$G$47,$AA276)))","v":""},{"$f":"IF(OR($J276=\"\",$AA276=\"\"),\"\",$J276*N(INDEX(Fertilisants!$I$8:$I$47,$AA276)))","v":""},{"$f":"IF(OR($J276=\"\",$AA276=\"\"),\"\",$J276*N(INDEX(Fertilisants!$J$8:$J$47,$AA276)))","v":""},{"$f":"IF(OR($J276=\"\",$AA276=\"\"),\"\",$J276*N(INDEX(Fertilisants!$K$8:$K$47,$AA276)))","v":""},"",{"$nulls":5},"",null,null,{"$f":"IF($D276=\"\",\"\",IFERROR(MATCH($D276,Îlots!$D$8:$D$57,0),\"\"))","v":""},{"$f":"IF($G276=\"\",\"\",IFERROR(MATCH($G276,Fertilisants!$B$8:$B$47,0),\"\"))","v":""},{"$f":"IF($Z276=\"\",\"\",INDEX(Îlots!$E$8:$E$57,$Z276))","v":""},{"$f":"IF($Z276=\"\",\"\",INDEX(Îlots!$G$8:$G$57,$Z276)&\"\")","v":""},{"$f":"IF($Z276=\"\",\"\",IF($F276=ApportCouvert,OccCouvert,INDEX(Îlots!$O$8:$O$57,$Z276)&\"\"))","v":""},"","","",0,0,0,0,0,{"$f":"IF($AA276=\"\",0,IF(INDEX(Fertilisants!$C$8:$C$47,$AA276)=\"Effluent d'élevage\",1,0))","v":0},{"$f":"IF($AA276=\"\",\"\",IF(INDEX(Fertilisants!$C$8:$C$47,$AA276)=\"Engrais minéral\",\"Minéral\",\"Organique\"))","v":""},"","","",{"$f":"IF(AND($D276<>\"\",$D276=FicheIlot),COUNTIF($D$8:$D276,FicheIlot),\"\")","v":""}]
[null,{"$f":"IF(C277=\"\",\"\",COUNT($C$8:C277))","v":""},null,null,{"$f":"IF($Z277=\"\",\"\",IF($F277=ApportCouvert,INDEX(Îlots!$I$8:$I$57,$Z277)&\"\",INDEX(Îlots!$N$8:$N$57,$Z277)&\"\"))","v":""},null,null,{"$f":"IF($AA277=\"\",\"\",INDEX(Fertilisants!$D$8:$D$47,$AA277)&\"\")","v":""},null,null,{"$f":"IF($AA277=\"\",\"\",INDEX(Fertilisants!$E$8:$E$47,$AA277)&\"\")","v":""},"",{"$f":"IF(OR($J277=\"\",$AA277=\"\"),\"\",$J277*N(INDEX(Fertilisants!$G$8:$G$47,$AA277)))","v":""},{"$f":"IF(OR($J277=\"\",$AA277=\"\"),\"\",$J277*N(INDEX(Fertilisants!$I$8:$I$47,$AA277)))","v":""},{"$f":"IF(OR($J277=\"\",$AA277=\"\"),\"\",$J277*N(INDEX(Fertilisants!$J$8:$J$47,$AA277)))","v":""},{"$f":"IF(OR($J277=\"\",$AA277=\"\"),\"\",$J277*N(INDEX(Fertilisants!$K$8:$K$47,$AA277)))","v":""},"",{"$nulls":5},"",null,null,{"$f":"IF($D277=\"\",\"\",IFERROR(MATCH($D277,Îlots!$D$8:$D$57,0),\"\"))","v":""},{"$f":"IF($G277=\"\",\"\",IFERROR(MATCH($G277,Fertilisants!$B$8:$B$47,0),\"\"))","v":""},{"$f":"IF($Z277=\"\",\"\",INDEX(Îlots!$E$8:$E$57,$Z277))","v":""},{"$f":"IF($Z277=\"\",\"\",INDEX(Îlots!$G$8:$G$57,$Z277)&\"\")","v":""},{"$f":"IF($Z277=\"\",\"\",IF($F277=ApportCouvert,OccCouvert,INDEX(Îlots!$O$8:$O$57,$Z277)&\"\"))","v":""},"","","",0,0,0,0,0,{"$f":"IF($AA277=\"\",0,IF(INDEX(Fertilisants!$C$8:$C$47,$AA277)=\"Effluent d'élevage\",1,0))","v":0},{"$f":"IF($AA277=\"\",\"\",IF(INDEX(Fertilisants!$C$8:$C$47,$AA277)=\"Engrais minéral\",\"Minéral\",\"Organique\"))","v":""},"","","",{"$f":"IF(AND($D277<>\"\",$D277=FicheIlot),COUNTIF($D$8:$D277,FicheIlot),\"\")","v":""}]
[null,{"$f":"IF(C278=\"\",\"\",COUNT($C$8:C278))","v":""},null,null,{"$f":"IF($Z278=\"\",\"\",IF($F278=ApportCouvert,INDEX(Îlots!$I$8:$I$57,$Z278)&\"\",INDEX(Îlots!$N$8:$N$57,$Z278)&\"\"))","v":""},null,null,{"$f":"IF($AA278=\"\",\"\",INDEX(Fertilisants!$D$8:$D$47,$AA278)&\"\")","v":""},null,null,{"$f":"IF($AA278=\"\",\"\",INDEX(Fertilisants!$E$8:$E$47,$AA278)&\"\")","v":""},"",{"$f":"IF(OR($J278=\"\",$AA278=\"\"),\"\",$J278*N(INDEX(Fertilisants!$G$8:$G$47,$AA278)))","v":""},{"$f":"IF(OR($J278=\"\",$AA278=\"\"),\"\",$J278*N(INDEX(Fertilisants!$I$8:$I$47,$AA278)))","v":""},{"$f":"IF(OR($J278=\"\",$AA278=\"\"),\"\",$J278*N(INDEX(Fertilisants!$J$8:$J$47,$AA278)))","v":""},{"$f":"IF(OR($J278=\"\",$AA278=\"\"),\"\",$J278*N(INDEX(Fertilisants!$K$8:$K$47,$AA278)))","v":""},"",{"$nulls":5},"",null,null,{"$f":"IF($D278=\"\",\"\",IFERROR(MATCH($D278,Îlots!$D$8:$D$57,0),\"\"))","v":""},{"$f":"IF($G278=\"\",\"\",IFERROR(MATCH($G278,Fertilisants!$B$8:$B$47,0),\"\"))","v":""},{"$f":"IF($Z278=\"\",\"\",INDEX(Îlots!$E$8:$E$57,$Z278))","v":""},{"$f":"IF($Z278=\"\",\"\",INDEX(Îlots!$G$8:$G$57,$Z278)&\"\")","v":""},{"$f":"IF($Z278=\"\",\"\",IF($F278=ApportCouvert,OccCouvert,INDEX(Îlots!$O$8:$O$57,$Z278)&\"\"))","v":""},"","","",0,0,0,0,0,{"$f":"IF($AA278=\"\",0,IF(INDEX(Fertilisants!$C$8:$C$47,$AA278)=\"Effluent d'élevage\",1,0))","v":0},{"$f":"IF($AA278=\"\",\"\",IF(INDEX(Fertilisants!$C$8:$C$47,$AA278)=\"Engrais minéral\",\"Minéral\",\"Organique\"))","v":""},"","","",{"$f":"IF(AND($D278<>\"\",$D278=FicheIlot),COUNTIF($D$8:$D278,FicheIlot),\"\")","v":""}]
[null,{"$f":"IF(C279=\"\",\"\",COUNT($C$8:C279))","v":""},null,null,{"$f":"IF($Z279=\"\",\"\",IF($F279=ApportCouvert,INDEX(Îlots!$I$8:$I$57,$Z279)&\"\",INDEX(Îlots!$N$8:$N$57,$Z279)&\"\"))","v":""},null,null,{"$f":"IF($AA279=\"\",\"\",INDEX(Fertilisants!$D$8:$D$47,$AA279)&\"\")","v":""},null,null,{"$f":"IF($AA279=\"\",\"\",INDEX(Fertilisants!$E$8:$E$47,$AA279)&\"\")","v":""},"",{"$f":"IF(OR($J279=\"\",$AA279=\"\"),\"\",$J279*N(INDEX(Fertilisants!$G$8:$G$47,$AA279)))","v":""},{"$f":"IF(OR($J279=\"\",$AA279=\"\"),\"\",$J279*N(INDEX(Fertilisants!$I$8:$I$47,$AA279)))","v":""},{"$f":"IF(OR($J279=\"\",$AA279=\"\"),\"\",$J279*N(INDEX(Fertilisants!$J$8:$J$47,$AA279)))","v":""},{"$f":"IF(OR($J279=\"\",$AA279=\"\"),\"\",$J279*N(INDEX(Fertilisants!$K$8:$K$47,$AA279)))","v":""},"",{"$nulls":5},"",null,null,{"$f":"IF($D279=\"\",\"\",IFERROR(MATCH($D279,Îlots!$D$8:$D$57,0),\"\"))","v":""},{"$f":"IF($G279=\"\",\"\",IFERROR(MATCH($G279,Fertilisants!$B$8:$B$47,0),\"\"))","v":""},{"$f":"IF($Z279=\"\",\"\",INDEX(Îlots!$E$8:$E$57,$Z279))","v":""},{"$f":"IF($Z279=\"\",\"\",INDEX(Îlots!$G$8:$G$57,$Z279)&\"\")","v":""},{"$f":"IF($Z279=\"\",\"\",IF($F279=ApportCouvert,OccCouvert,INDEX(Îlots!$O$8:$O$57,$Z279)&\"\"))","v":""},"","","",0,0,0,0,0,{"$f":"IF($AA279=\"\",0,IF(INDEX(Fertilisants!$C$8:$C$47,$AA279)=\"Effluent d'élevage\",1,0))","v":0},{"$f":"IF($AA279=\"\",\"\",IF(INDEX(Fertilisants!$C$8:$C$47,$AA279)=\"Engrais minéral\",\"Minéral\",\"Organique\"))","v":""},"","","",{"$f":"IF(AND($D279<>\"\",$D279=FicheIlot),COUNTIF($D$8:$D279,FicheIlot),\"\")","v":""}]
[null,{"$f":"IF(C280=\"\",\"\",COUNT($C$8:C280))","v":""},null,null,{"$f":"IF($Z280=\"\",\"\",IF($F280=ApportCouvert,INDEX(Îlots!$I$8:$I$57,$Z280)&\"\",INDEX(Îlots!$N$8:$N$57,$Z280)&\"\"))","v":""},null,null,{"$f":"IF($AA280=\"\",\"\",INDEX(Fertilisants!$D$8:$D$47,$AA280)&\"\")","v":""},null,null,{"$f":"IF($AA280=\"\",\"\",INDEX(Fertilisants!$E$8:$E$47,$AA280)&\"\")","v":""},"",{"$f":"IF(OR($J280=\"\",$AA280=\"\"),\"\",$J280*N(INDEX(Fertilisants!$G$8:$G$47,$AA280)))","v":""},{"$f":"IF(OR($J280=\"\",$AA280=\"\"),\"\",$J280*N(INDEX(Fertilisants!$I$8:$I$47,$AA280)))","v":""},{"$f":"IF(OR($J280=\"\",$AA280=\"\"),\"\",$J280*N(INDEX(Fertilisants!$J$8:$J$47,$AA280)))","v":""},{"$f":"IF(OR($J280=\"\",$AA280=\"\"),\"\",$J280*N(INDEX(Fertilisants!$K$8:$K$47,$AA280)))","v":""},"",{"$nulls":5},"",null,null,{"$f":"IF($D280=\"\",\"\",IFERROR(MATCH($D280,Îlots!$D$8:$D$57,0),\"\"))","v":""},{"$f":"IF($G280=\"\",\"\",IFERROR(MATCH($G280,Fertilisants!$B$8:$B$47,0),\"\"))","v":""},{"$f":"IF($Z280=\"\",\"\",INDEX(Îlots!$E$8:$E$57,$Z280))","v":""},{"$f":"IF($Z280=\"\",\"\",INDEX(Îlots!$G$8:$G$57,$Z280)&\"\")","v":""},{"$f":"IF($Z280=\"\",\"\",IF($F280=ApportCouvert,OccCouvert,INDEX(Îlots!$O$8:$O$57,$Z280)&\"\"))","v":""},"","","",0,0,0,0,0,{"$f":"IF($AA280=\"\",0,IF(INDEX(Fertilisants!$C$8:$C$47,$AA280)=\"Effluent d'élevage\",1,0))","v":0},{"$f":"IF($AA280=\"\",\"\",IF(INDEX(Fertilisants!$C$8:$C$47,$AA280)=\"Engrais minéral\",\"Minéral\",\"Organique\"))","v":""},"","","",{"$f":"IF(AND($D280<>\"\",$D280=FicheIlot),COUNTIF($D$8:$D280,FicheIlot),\"\")","v":""}]
[null,{"$f":"IF(C281=\"\",\"\",COUNT($C$8:C281))","v":""},null,null,{"$f":"IF($Z281=\"\",\"\",IF($F281=ApportCouvert,INDEX(Îlots!$I$8:$I$57,$Z281)&\"\",INDEX(Îlots!$N$8:$N$57,$Z281)&\"\"))","v":""},null,null,{"$f":"IF($AA281=\"\",\"\",INDEX(Fertilisants!$D$8:$D$47,$AA281)&\"\")","v":""},null,null,{"$f":"IF($AA281=\"\",\"\",INDEX(Fertilisants!$E$8:$E$47,$AA281)&\"\")","v":""},"",{"$f":"IF(OR($J281=\"\",$AA281=\"\"),\"\",$J281*N(INDEX(Fertilisants!$G$8:$G$47,$AA281)))","v":""},{"$f":"IF(OR($J281=\"\",$AA281=\"\"),\"\",$J281*N(INDEX(Fertilisants!$I$8:$I$47,$AA281)))","v":""},{"$f":"IF(OR($J281=\"\",$AA281=\"\"),\"\",$J281*N(INDEX(Fertilisants!$J$8:$J$47,$AA281)))","v":""},{"$f":"IF(OR($J281=\"\",$AA281=\"\"),\"\",$J281*N(INDEX(Fertilisants!$K$8:$K$47,$AA281)))","v":""},"",{"$nulls":5},"",null,null,{"$f":"IF($D281=\"\",\"\",IFERROR(MATCH($D281,Îlots!$D$8:$D$57,0),\"\"))","v":""},{"$f":"IF($G281=\"\",\"\",IFERROR(MATCH($G281,Fertilisants!$B$8:$B$47,0),\"\"))","v":""},{"$f":"IF($Z281=\"\",\"\",INDEX(Îlots!$E$8:$E$57,$Z281))","v":""},{"$f":"IF($Z281=\"\",\"\",INDEX(Îlots!$G$8:$G$57,$Z281)&\"\")","v":""},{"$f":"IF($Z281=\"\",\"\",IF($F281=ApportCouvert,OccCouvert,INDEX(Îlots!$O$8:$O$57,$Z281)&\"\"))","v":""},"","","",0,0,0,0,0,{"$f":"IF($AA281=\"\",0,IF(INDEX(Fertilisants!$C$8:$C$47,$AA281)=\"Effluent d'élevage\",1,0))","v":0},{"$f":"IF($AA281=\"\",\"\",IF(INDEX(Fertilisants!$C$8:$C$47,$AA281)=\"Engrais minéral\",\"Minéral\",\"Organique\"))","v":""},"","","",{"$f":"IF(AND($D281<>\"\",$D281=FicheIlot),COUNTIF($D$8:$D281,FicheIlot),\"\")","v":""}]
[null,{"$f":"IF(C282=\"\",\"\",COUNT($C$8:C282))","v":""},null,null,{"$f":"IF($Z282=\"\",\"\",IF($F282=ApportCouvert,INDEX(Îlots!$I$8:$I$57,$Z282)&\"\",INDEX(Îlots!$N$8:$N$57,$Z282)&\"\"))","v":""},null,null,{"$f":"IF($AA282=\"\",\"\",INDEX(Fertilisants!$D$8:$D$47,$AA282)&\"\")","v":""},null,null,{"$f":"IF($AA282=\"\",\"\",INDEX(Fertilisants!$E$8:$E$47,$AA282)&\"\")","v":""},"",{"$f":"IF(OR($J282=\"\",$AA282=\"\"),\"\",$J282*N(INDEX(Fertilisants!$G$8:$G$47,$AA282)))","v":""},{"$f":"IF(OR($J282=\"\",$AA282=\"\"),\"\",$J282*N(INDEX(Fertilisants!$I$8:$I$47,$AA282)))","v":""},{"$f":"IF(OR($J282=\"\",$AA282=\"\"),\"\",$J282*N(INDEX(Fertilisants!$J$8:$J$47,$AA282)))","v":""},{"$f":"IF(OR($J282=\"\",$AA282=\"\"),\"\",$J282*N(INDEX(Fertilisants!$K$8:$K$47,$AA282)))","v":""},"",{"$nulls":5},"",null,null,{"$f":"IF($D282=\"\",\"\",IFERROR(MATCH($D282,Îlots!$D$8:$D$57,0),\"\"))","v":""},{"$f":"IF($G282=\"\",\"\",IFERROR(MATCH($G282,Fertilisants!$B$8:$B$47,0),\"\"))","v":""},{"$f":"IF($Z282=\"\",\"\",INDEX(Îlots!$E$8:$E$57,$Z282))","v":""},{"$f":"IF($Z282=\"\",\"\",INDEX(Îlots!$G$8:$G$57,$Z282)&\"\")","v":""},{"$f":"IF($Z282=\"\",\"\",IF($F282=ApportCouvert,OccCouvert,INDEX(Îlots!$O$8:$O$57,$Z282)&\"\"))","v":""},"","","",0,0,0,0,0,{"$f":"IF($AA282=\"\",0,IF(INDEX(Fertilisants!$C$8:$C$47,$AA282)=\"Effluent d'élevage\",1,0))","v":0},{"$f":"IF($AA282=\"\",\"\",IF(INDEX(Fertilisants!$C$8:$C$47,$AA282)=\"Engrais minéral\",\"Minéral\",\"Organique\"))","v":""},"","","",{"$f":"IF(AND($D282<>\"\",$D282=FicheIlot),COUNTIF($D$8:$D282,FicheIlot),\"\")","v":""}]
[null,{"$f":"IF(C283=\"\",\"\",COUNT($C$8:C283))","v":""},null,null,{"$f":"IF($Z283=\"\",\"\",IF($F283=ApportCouvert,INDEX(Îlots!$I$8:$I$57,$Z283)&\"\",INDEX(Îlots!$N$8:$N$57,$Z283)&\"\"))","v":""},null,null,{"$f":"IF($AA283=\"\",\"\",INDEX(Fertilisants!$D$8:$D$47,$AA283)&\"\")","v":""},null,null,{"$f":"IF($AA283=\"\",\"\",INDEX(Fertilisants!$E$8:$E$47,$AA283)&\"\")","v":""},"",{"$f":"IF(OR($J283=\"\",$AA283=\"\"),\"\",$J283*N(INDEX(Fertilisants!$G$8:$G$47,$AA283)))","v":""},{"$f":"IF(OR($J283=\"\",$AA283=\"\"),\"\",$J283*N(INDEX(Fertilisants!$I$8:$I$47,$AA283)))","v":""},{"$f":"IF(OR($J283=\"\",$AA283=\"\"),\"\",$J283*N(INDEX(Fertilisants!$J$8:$J$47,$AA283)))","v":""},{"$f":"IF(OR($J283=\"\",$AA283=\"\"),\"\",$J283*N(INDEX(Fertilisants!$K$8:$K$47,$AA283)))","v":""},"",{"$nulls":5},"",null,null,{"$f":"IF($D283=\"\",\"\",IFERROR(MATCH($D283,Îlots!$D$8:$D$57,0),\"\"))","v":""},{"$f":"IF($G283=\"\",\"\",IFERROR(MATCH($G283,Fertilisants!$B$8:$B$47,0),\"\"))","v":""},{"$f":"IF($Z283=\"\",\"\",INDEX(Îlots!$E$8:$E$57,$Z283))","v":""},{"$f":"IF($Z283=\"\",\"\",INDEX(Îlots!$G$8:$G$57,$Z283)&\"\")","v":""},{"$f":"IF($Z283=\"\",\"\",IF($F283=ApportCouvert,OccCouvert,INDEX(Îlots!$O$8:$O$57,$Z283)&\"\"))","v":""},"","","",0,0,0,0,0,{"$f":"IF($AA283=\"\",0,IF(INDEX(Fertilisants!$C$8:$C$47,$AA283)=\"Effluent d'élevage\",1,0))","v":0},{"$f":"IF($AA283=\"\",\"\",IF(INDEX(Fertilisants!$C$8:$C$47,$AA283)=\"Engrais minéral\",\"Minéral\",\"Organique\"))","v":""},"","","",{"$f":"IF(AND($D283<>\"\",$D283=FicheIlot),COUNTIF($D$8:$D283,FicheIlot),\"\")","v":""}]
[null,{"$f":"IF(C284=\"\",\"\",COUNT($C$8:C284))","v":""},null,null,{"$f":"IF($Z284=\"\",\"\",IF($F284=ApportCouvert,INDEX(Îlots!$I$8:$I$57,$Z284)&\"\",INDEX(Îlots!$N$8:$N$57,$Z284)&\"\"))","v":""},null,null,{"$f":"IF($AA284=\"\",\"\",INDEX(Fertilisants!$D$8:$D$47,$AA284)&\"\")","v":""},null,null,{"$f":"IF($AA284=\"\",\"\",INDEX(Fertilisants!$E$8:$E$47,$AA284)&\"\")","v":""},"",{"$f":"IF(OR($J284=\"\",$AA284=\"\"),\"\",$J284*N(INDEX(Fertilisants!$G$8:$G$47,$AA284)))","v":""},{"$f":"IF(OR($J284=\"\",$AA284=\"\"),\"\",$J284*N(INDEX(Fertilisants!$I$8:$I$47,$AA284)))","v":""},{"$f":"IF(OR($J284=\"\",$AA284=\"\"),\"\",$J284*N(INDEX(Fertilisants!$J$8:$J$47,$AA284)))","v":""},{"$f":"IF(OR($J284=\"\",$AA284=\"\"),\"\",$J284*N(INDEX(Fertilisants!$K$8:$K$47,$AA284)))","v":""},"",{"$nulls":5},"",null,null,{"$f":"IF($D284=\"\",\"\",IFERROR(MATCH($D284,Îlots!$D$8:$D$57,0),\"\"))","v":""},{"$f":"IF($G284=\"\",\"\",IFERROR(MATCH($G284,Fertilisants!$B$8:$B$47,0),\"\"))","v":""},{"$f":"IF($Z284=\"\",\"\",INDEX(Îlots!$E$8:$E$57,$Z284))","v":""},{"$f":"IF($Z284=\"\",\"\",INDEX(Îlots!$G$8:$G$57,$Z284)&\"\")","v":""},{"$f":"IF($Z284=\"\",\"\",IF($F284=ApportCouvert,OccCouvert,INDEX(Îlots!$O$8:$O$57,$Z284)&\"\"))","v":""},"","","",0,0,0,0,0,{"$f":"IF($AA284=\"\",0,IF(INDEX(Fertilisants!$C$8:$C$47,$AA284)=\"Effluent d'élevage\",1,0))","v":0},{"$f":"IF($AA284=\"\",\"\",IF(INDEX(Fertilisants!$C$8:$C$47,$AA284)=\"Engrais minéral\",\"Minéral\",\"Organique\"))","v":""},"","","",{"$f":"IF(AND($D284<>\"\",$D284=FicheIlot),COUNTIF($D$8:$D284,FicheIlot),\"\")","v":""}]
[null,{"$f":"IF(C285=\"\",\"\",COUNT($C$8:C285))","v":""},null,null,{"$f":"IF($Z285=\"\",\"\",IF($F285=ApportCouvert,INDEX(Îlots!$I$8:$I$57,$Z285)&\"\",INDEX(Îlots!$N$8:$N$57,$Z285)&\"\"))","v":""},null,null,{"$f":"IF($AA285=\"\",\"\",INDEX(Fertilisants!$D$8:$D$47,$AA285)&\"\")","v":""},null,null,{"$f":"IF($AA285=\"\",\"\",INDEX(Fertilisants!$E$8:$E$47,$AA285)&\"\")","v":""},"",{"$f":"IF(OR($J285=\"\",$AA285=\"\"),\"\",$J285*N(INDEX(Fertilisants!$G$8:$G$47,$AA285)))","v":""},{"$f":"IF(OR($J285=\"\",$AA285=\"\"),\"\",$J285*N(INDEX(Fertilisants!$I$8:$I$47,$AA285)))","v":""},{"$f":"IF(OR($J285=\"\",$AA285=\"\"),\"\",$J285*N(INDEX(Fertilisants!$J$8:$J$47,$AA285)))","v":""},{"$f":"IF(OR($J285=\"\",$AA285=\"\"),\"\",$J285*N(INDEX(Fertilisants!$K$8:$K$47,$AA285)))","v":""},"",{"$nulls":5},"",null,null,{"$f":"IF($D285=\"\",\"\",IFERROR(MATCH($D285,Îlots!$D$8:$D$57,0),\"\"))","v":""},{"$f":"IF($G285=\"\",\"\",IFERROR(MATCH($G285,Fertilisants!$B$8:$B$47,0),\"\"))","v":""},{"$f":"IF($Z285=\"\",\"\",INDEX(Îlots!$E$8:$E$57,$Z285))","v":""},{"$f":"IF($Z285=\"\",\"\",INDEX(Îlots!$G$8:$G$57,$Z285)&\"\")","v":""},{"$f":"IF($Z285=\"\",\"\",IF($F285=ApportCouvert,OccCouvert,INDEX(Îlots!$O$8:$O$57,$Z285)&\"\"))","v":""},"","","",0,0,0,0,0,{"$f":"IF($AA285=\"\",0,IF(INDEX(Fertilisants!$C$8:$C$47,$AA285)=\"Effluent d'élevage\",1,0))","v":0},{"$f":"IF($AA285=\"\",\"\",IF(INDEX(Fertilisants!$C$8:$C$47,$AA285)=\"Engrais minéral\",\"Minéral\",\"Organique\"))","v":""},"","","",{"$f":"IF(AND($D285<>\"\",$D285=FicheIlot),COUNTIF($D$8:$D285,FicheIlot),\"\")","v":""}]
[null,{"$f":"IF(C286=\"\",\"\",COUNT($C$8:C286))","v":""},null,null,{"$f":"IF($Z286=\"\",\"\",IF($F286=ApportCouvert,INDEX(Îlots!$I$8:$I$57,$Z286)&\"\",INDEX(Îlots!$N$8:$N$57,$Z286)&\"\"))","v":""},null,null,{"$f":"IF($AA286=\"\",\"\",INDEX(Fertilisants!$D$8:$D$47,$AA286)&\"\")","v":""},null,null,{"$f":"IF($AA286=\"\",\"\",INDEX(Fertilisants!$E$8:$E$47,$AA286)&\"\")","v":""},"",{"$f":"IF(OR($J286=\"\",$AA286=\"\"),\"\",$J286*N(INDEX(Fertilisants!$G$8:$G$47,$AA286)))","v":""},{"$f":"IF(OR($J286=\"\",$AA286=\"\"),\"\",$J286*N(INDEX(Fertilisants!$I$8:$I$47,$AA286)))","v":""},{"$f":"IF(OR($J286=\"\",$AA286=\"\"),\"\",$J286*N(INDEX(Fertilisants!$J$8:$J$47,$AA286)))","v":""},{"$f":"IF(OR($J286=\"\",$AA286=\"\"),\"\",$J286*N(INDEX(Fertilisants!$K$8:$K$47,$AA286)))","v":""},"",{"$nulls":5},"",null,null,{"$f":"IF($D286=\"\",\"\",IFERROR(MATCH($D286,Îlots!$D$8:$D$57,0),\"\"))","v":""},{"$f":"IF($G286=\"\",\"\",IFERROR(MATCH($G286,Fertilisants!$B$8:$B$47,0),\"\"))","v":""},{"$f":"IF($Z286=\"\",\"\",INDEX(Îlots!$E$8:$E$57,$Z286))","v":""},{"$f":"IF($Z286=\"\",\"\",INDEX(Îlots!$G$8:$G$57,$Z286)&\"\")","v":""},{"$f":"IF($Z286=\"\",\"\",IF($F286=ApportCouvert,OccCouvert,INDEX(Îlots!$O$8:$O$57,$Z286)&\"\"))","v":""},"","","",0,0,0,0,0,{"$f":"IF($AA286=\"\",0,IF(INDEX(Fertilisants!$C$8:$C$47,$AA286)=\"Effluent d'élevage\",1,0))","v":0},{"$f":"IF($AA286=\"\",\"\",IF(INDEX(Fertilisants!$C$8:$C$47,$AA286)=\"Engrais minéral\",\"Minéral\",\"Organique\"))","v":""},"","","",{"$f":"IF(AND($D286<>\"\",$D286=FicheIlot),COUNTIF($D$8:$D286,FicheIlot),\"\")","v":""}]
[null,{"$f":"IF(C287=\"\",\"\",COUNT($C$8:C287))","v":""},null,null,{"$f":"IF($Z287=\"\",\"\",IF($F287=ApportCouvert,INDEX(Îlots!$I$8:$I$57,$Z287)&\"\",INDEX(Îlots!$N$8:$N$57,$Z287)&\"\"))","v":""},null,null,{"$f":"IF($AA287=\"\",\"\",INDEX(Fertilisants!$D$8:$D$47,$AA287)&\"\")","v":""},null,null,{"$f":"IF($AA287=\"\",\"\",INDEX(Fertilisants!$E$8:$E$47,$AA287)&\"\")","v":""},"",{"$f":"IF(OR($J287=\"\",$AA287=\"\"),\"\",$J287*N(INDEX(Fertilisants!$G$8:$G$47,$AA287)))","v":""},{"$f":"IF(OR($J287=\"\",$AA287=\"\"),\"\",$J287*N(INDEX(Fertilisants!$I$8:$I$47,$AA287)))","v":""},{"$f":"IF(OR($J287=\"\",$AA287=\"\"),\"\",$J287*N(INDEX(Fertilisants!$J$8:$J$47,$AA287)))","v":""},{"$f":"IF(OR($J287=\"\",$AA287=\"\"),\"\",$J287*N(INDEX(Fertilisants!$K$8:$K$47,$AA287)))","v":""},"",{"$nulls":5},"",null,null,{"$f":"IF($D287=\"\",\"\",IFERROR(MATCH($D287,Îlots!$D$8:$D$57,0),\"\"))","v":""},{"$f":"IF($G287=\"\",\"\",IFERROR(MATCH($G287,Fertilisants!$B$8:$B$47,0),\"\"))","v":""},{"$f":"IF($Z287=\"\",\"\",INDEX(Îlots!$E$8:$E$57,$Z287))","v":""},{"$f":"IF($Z287=\"\",\"\",INDEX(Îlots!$G$8:$G$57,$Z287)&\"\")","v":""},{"$f":"IF($Z287=\"\",\"\",IF($F287=ApportCouvert,OccCouvert,INDEX(Îlots!$O$8:$O$57,$Z287)&\"\"))","v":""},"","","",0,0,0,0,0,{"$f":"IF($AA287=\"\",0,IF(INDEX(Fertilisants!$C$8:$C$47,$AA287)=\"Effluent d'élevage\",1,0))","v":0},{"$f":"IF($AA287=\"\",\"\",IF(INDEX(Fertilisants!$C$8:$C$47,$AA287)=\"Engrais minéral\",\"Minéral\",\"Organique\"))","v":""},"","","",{"$f":"IF(AND($D287<>\"\",$D287=FicheIlot),COUNTIF($D$8:$D287,FicheIlot),\"\")","v":""}]
[null,{"$f":"IF(C288=\"\",\"\",COUNT($C$8:C288))","v":""},null,null,{"$f":"IF($Z288=\"\",\"\",IF($F288=ApportCouvert,INDEX(Îlots!$I$8:$I$57,$Z288)&\"\",INDEX(Îlots!$N$8:$N$57,$Z288)&\"\"))","v":""},null,null,{"$f":"IF($AA288=\"\",\"\",INDEX(Fertilisants!$D$8:$D$47,$AA288)&\"\")","v":""},null,null,{"$f":"IF($AA288=\"\",\"\",INDEX(Fertilisants!$E$8:$E$47,$AA288)&\"\")","v":""},"",{"$f":"IF(OR($J288=\"\",$AA288=\"\"),\"\",$J288*N(INDEX(Fertilisants!$G$8:$G$47,$AA288)))","v":""},{"$f":"IF(OR($J288=\"\",$AA288=\"\"),\"\",$J288*N(INDEX(Fertilisants!$I$8:$I$47,$AA288)))","v":""},{"$f":"IF(OR($J288=\"\",$AA288=\"\"),\"\",$J288*N(INDEX(Fertilisants!$J$8:$J$47,$AA288)))","v":""},{"$f":"IF(OR($J288=\"\",$AA288=\"\"),\"\",$J288*N(INDEX(Fertilisants!$K$8:$K$47,$AA288)))","v":""},"",{"$nulls":5},"",null,null,{"$f":"IF($D288=\"\",\"\",IFERROR(MATCH($D288,Îlots!$D$8:$D$57,0),\"\"))","v":""},{"$f":"IF($G288=\"\",\"\",IFERROR(MATCH($G288,Fertilisants!$B$8:$B$47,0),\"\"))","v":""},{"$f":"IF($Z288=\"\",\"\",INDEX(Îlots!$E$8:$E$57,$Z288))","v":""},{"$f":"IF($Z288=\"\",\"\",INDEX(Îlots!$G$8:$G$57,$Z288)&\"\")","v":""},{"$f":"IF($Z288=\"\",\"\",IF($F288=ApportCouvert,OccCouvert,INDEX(Îlots!$O$8:$O$57,$Z288)&\"\"))","v":""},"","","",0,0,0,0,0,{"$f":"IF($AA288=\"\",0,IF(INDEX(Fertilisants!$C$8:$C$47,$AA288)=\"Effluent d'élevage\",1,0))","v":0},{"$f":"IF($AA288=\"\",\"\",IF(INDEX(Fertilisants!$C$8:$C$47,$AA288)=\"Engrais minéral\",\"Minéral\",\"Organique\"))","v":""},"","","",{"$f":"IF(AND($D288<>\"\",$D288=FicheIlot),COUNTIF($D$8:$D288,FicheIlot),\"\")","v":""}]
[null,{"$f":"IF(C289=\"\",\"\",COUNT($C$8:C289))","v":""},null,null,{"$f":"IF($Z289=\"\",\"\",IF($F289=ApportCouvert,INDEX(Îlots!$I$8:$I$57,$Z289)&\"\",INDEX(Îlots!$N$8:$N$57,$Z289)&\"\"))","v":""},null,null,{"$f":"IF($AA289=\"\",\"\",INDEX(Fertilisants!$D$8:$D$47,$AA289)&\"\")","v":""},null,null,{"$f":"IF($AA289=\"\",\"\",INDEX(Fertilisants!$E$8:$E$47,$AA289)&\"\")","v":""},"",{"$f":"IF(OR($J289=\"\",$AA289=\"\"),\"\",$J289*N(INDEX(Fertilisants!$G$8:$G$47,$AA289)))","v":""},{"$f":"IF(OR($J289=\"\",$AA289=\"\"),\"\",$J289*N(INDEX(Fertilisants!$I$8:$I$47,$AA289)))","v":""},{"$f":"IF(OR($J289=\"\",$AA289=\"\"),\"\",$J289*N(INDEX(Fertilisants!$J$8:$J$47,$AA289)))","v":""},{"$f":"IF(OR($J289=\"\",$AA289=\"\"),\"\",$J289*N(INDEX(Fertilisants!$K$8:$K$47,$AA289)))","v":""},"",{"$nulls":5},"",null,null,{"$f":"IF($D289=\"\",\"\",IFERROR(MATCH($D289,Îlots!$D$8:$D$57,0),\"\"))","v":""},{"$f":"IF($G289=\"\",\"\",IFERROR(MATCH($G289,Fertilisants!$B$8:$B$47,0),\"\"))","v":""},{"$f":"IF($Z289=\"\",\"\",INDEX(Îlots!$E$8:$E$57,$Z289))","v":""},{"$f":"IF($Z289=\"\",\"\",INDEX(Îlots!$G$8:$G$57,$Z289)&\"\")","v":""},{"$f":"IF($Z289=\"\",\"\",IF($F289=ApportCouvert,OccCouvert,INDEX(Îlots!$O$8:$O$57,$Z289)&\"\"))","v":""},"","","",0,0,0,0,0,{"$f":"IF($AA289=\"\",0,IF(INDEX(Fertilisants!$C$8:$C$47,$AA289)=\"Effluent d'élevage\",1,0))","v":0},{"$f":"IF($AA289=\"\",\"\",IF(INDEX(Fertilisants!$C$8:$C$47,$AA289)=\"Engrais minéral\",\"Minéral\",\"Organique\"))","v":""},"","","",{"$f":"IF(AND($D289<>\"\",$D289=FicheIlot),COUNTIF($D$8:$D289,FicheIlot),\"\")","v":""}]
[null,{"$f":"IF(C290=\"\",\"\",COUNT($C$8:C290))","v":""},null,null,{"$f":"IF($Z290=\"\",\"\",IF($F290=ApportCouvert,INDEX(Îlots!$I$8:$I$57,$Z290)&\"\",INDEX(Îlots!$N$8:$N$57,$Z290)&\"\"))","v":""},null,null,{"$f":"IF($AA290=\"\",\"\",INDEX(Fertilisants!$D$8:$D$47,$AA290)&\"\")","v":""},null,null,{"$f":"IF($AA290=\"\",\"\",INDEX(Fertilisants!$E$8:$E$47,$AA290)&\"\")","v":""},"",{"$f":"IF(OR($J290=\"\",$AA290=\"\"),\"\",$J290*N(INDEX(Fertilisants!$G$8:$G$47,$AA290)))","v":""},{"$f":"IF(OR($J290=\"\",$AA290=\"\"),\"\",$J290*N(INDEX(Fertilisants!$I$8:$I$47,$AA290)))","v":""},{"$f":"IF(OR($J290=\"\",$AA290=\"\"),\"\",$J290*N(INDEX(Fertilisants!$J$8:$J$47,$AA290)))","v":""},{"$f":"IF(OR($J290=\"\",$AA290=\"\"),\"\",$J290*N(INDEX(Fertilisants!$K$8:$K$47,$AA290)))","v":""},"",{"$nulls":5},"",null,null,{"$f":"IF($D290=\"\",\"\",IFERROR(MATCH($D290,Îlots!$D$8:$D$57,0),\"\"))","v":""},{"$f":"IF($G290=\"\",\"\",IFERROR(MATCH($G290,Fertilisants!$B$8:$B$47,0),\"\"))","v":""},{"$f":"IF($Z290=\"\",\"\",INDEX(Îlots!$E$8:$E$57,$Z290))","v":""},{"$f":"IF($Z290=\"\",\"\",INDEX(Îlots!$G$8:$G$57,$Z290)&\"\")","v":""},{"$f":"IF($Z290=\"\",\"\",IF($F290=ApportCouvert,OccCouvert,INDEX(Îlots!$O$8:$O$57,$Z290)&\"\"))","v":""},"","","",0,0,0,0,0,{"$f":"IF($AA290=\"\",0,IF(INDEX(Fertilisants!$C$8:$C$47,$AA290)=\"Effluent d'élevage\",1,0))","v":0},{"$f":"IF($AA290=\"\",\"\",IF(INDEX(Fertilisants!$C$8:$C$47,$AA290)=\"Engrais minéral\",\"Minéral\",\"Organique\"))","v":""},"","","",{"$f":"IF(AND($D290<>\"\",$D290=FicheIlot),COUNTIF($D$8:$D290,FicheIlot),\"\")","v":""}]
[null,{"$f":"IF(C291=\"\",\"\",COUNT($C$8:C291))","v":""},null,null,{"$f":"IF($Z291=\"\",\"\",IF($F291=ApportCouvert,INDEX(Îlots!$I$8:$I$57,$Z291)&\"\",INDEX(Îlots!$N$8:$N$57,$Z291)&\"\"))","v":""},null,null,{"$f":"IF($AA291=\"\",\"\",INDEX(Fertilisants!$D$8:$D$47,$AA291)&\"\")","v":""},null,null,{"$f":"IF($AA291=\"\",\"\",INDEX(Fertilisants!$E$8:$E$47,$AA291)&\"\")","v":""},"",{"$f":"IF(OR($J291=\"\",$AA291=\"\"),\"\",$J291*N(INDEX(Fertilisants!$G$8:$G$47,$AA291)))","v":""},{"$f":"IF(OR($J291=\"\",$AA291=\"\"),\"\",$J291*N(INDEX(Fertilisants!$I$8:$I$47,$AA291)))","v":""},{"$f":"IF(OR($J291=\"\",$AA291=\"\"),\"\",$J291*N(INDEX(Fertilisants!$J$8:$J$47,$AA291)))","v":""},{"$f":"IF(OR($J291=\"\",$AA291=\"\"),\"\",$J291*N(INDEX(Fertilisants!$K$8:$K$47,$AA291)))","v":""},"",{"$nulls":5},"",null,null,{"$f":"IF($D291=\"\",\"\",IFERROR(MATCH($D291,Îlots!$D$8:$D$57,0),\"\"))","v":""},{"$f":"IF($G291=\"\",\"\",IFERROR(MATCH($G291,Fertilisants!$B$8:$B$47,0),\"\"))","v":""},{"$f":"IF($Z291=\"\",\"\",INDEX(Îlots!$E$8:$E$57,$Z291))","v":""},{"$f":"IF($Z291=\"\",\"\",INDEX(Îlots!$G$8:$G$57,$Z291)&\"\")","v":""},{"$f":"IF($Z291=\"\",\"\",IF($F291=ApportCouvert,OccCouvert,INDEX(Îlots!$O$8:$O$57,$Z291)&\"\"))","v":""},"","","",0,0,0,0,0,{"$f":"IF($AA291=\"\",0,IF(INDEX(Fertilisants!$C$8:$C$47,$AA291)=\"Effluent d'élevage\",1,0))","v":0},{"$f":"IF($AA291=\"\",\"\",IF(INDEX(Fertilisants!$C$8:$C$47,$AA291)=\"Engrais minéral\",\"Minéral\",\"Organique\"))","v":""},"","","",{"$f":"IF(AND($D291<>\"\",$D291=FicheIlot),COUNTIF($D$8:$D291,FicheIlot),\"\")","v":""}]
[null,{"$f":"IF(C292=\"\",\"\",COUNT($C$8:C292))","v":""},null,null,{"$f":"IF($Z292=\"\",\"\",IF($F292=ApportCouvert,INDEX(Îlots!$I$8:$I$57,$Z292)&\"\",INDEX(Îlots!$N$8:$N$57,$Z292)&\"\"))","v":""},null,null,{"$f":"IF($AA292=\"\",\"\",INDEX(Fertilisants!$D$8:$D$47,$AA292)&\"\")","v":""},null,null,{"$f":"IF($AA292=\"\",\"\",INDEX(Fertilisants!$E$8:$E$47,$AA292)&\"\")","v":""},"",{"$f":"IF(OR($J292=\"\",$AA292=\"\"),\"\",$J292*N(INDEX(Fertilisants!$G$8:$G$47,$AA292)))","v":""},{"$f":"IF(OR($J292=\"\",$AA292=\"\"),\"\",$J292*N(INDEX(Fertilisants!$I$8:$I$47,$AA292)))","v":""},{"$f":"IF(OR($J292=\"\",$AA292=\"\"),\"\",$J292*N(INDEX(Fertilisants!$J$8:$J$47,$AA292)))","v":""},{"$f":"IF(OR($J292=\"\",$AA292=\"\"),\"\",$J292*N(INDEX(Fertilisants!$K$8:$K$47,$AA292)))","v":""},"",{"$nulls":5},"",null,null,{"$f":"IF($D292=\"\",\"\",IFERROR(MATCH($D292,Îlots!$D$8:$D$57,0),\"\"))","v":""},{"$f":"IF($G292=\"\",\"\",IFERROR(MATCH($G292,Fertilisants!$B$8:$B$47,0),\"\"))","v":""},{"$f":"IF($Z292=\"\",\"\",INDEX(Îlots!$E$8:$E$57,$Z292))","v":""},{"$f":"IF($Z292=\"\",\"\",INDEX(Îlots!$G$8:$G$57,$Z292)&\"\")","v":""},{"$f":"IF($Z292=\"\",\"\",IF($F292=ApportCouvert,OccCouvert,INDEX(Îlots!$O$8:$O$57,$Z292)&\"\"))","v":""},"","","",0,0,0,0,0,{"$f":"IF($AA292=\"\",0,IF(INDEX(Fertilisants!$C$8:$C$47,$AA292)=\"Effluent d'élevage\",1,0))","v":0},{"$f":"IF($AA292=\"\",\"\",IF(INDEX(Fertilisants!$C$8:$C$47,$AA292)=\"Engrais minéral\",\"Minéral\",\"Organique\"))","v":""},"","","",{"$f":"IF(AND($D292<>\"\",$D292=FicheIlot),COUNTIF($D$8:$D292,FicheIlot),\"\")","v":""}]
[null,{"$f":"IF(C293=\"\",\"\",COUNT($C$8:C293))","v":""},null,null,{"$f":"IF($Z293=\"\",\"\",IF($F293=ApportCouvert,INDEX(Îlots!$I$8:$I$57,$Z293)&\"\",INDEX(Îlots!$N$8:$N$57,$Z293)&\"\"))","v":""},null,null,{"$f":"IF($AA293=\"\",\"\",INDEX(Fertilisants!$D$8:$D$47,$AA293)&\"\")","v":""},null,null,{"$f":"IF($AA293=\"\",\"\",INDEX(Fertilisants!$E$8:$E$47,$AA293)&\"\")","v":""},"",{"$f":"IF(OR($J293=\"\",$AA293=\"\"),\"\",$J293*N(INDEX(Fertilisants!$G$8:$G$47,$AA293)))","v":""},{"$f":"IF(OR($J293=\"\",$AA293=\"\"),\"\",$J293*N(INDEX(Fertilisants!$I$8:$I$47,$AA293)))","v":""},{"$f":"IF(OR($J293=\"\",$AA293=\"\"),\"\",$J293*N(INDEX(Fertilisants!$J$8:$J$47,$AA293)))","v":""},{"$f":"IF(OR($J293=\"\",$AA293=\"\"),\"\",$J293*N(INDEX(Fertilisants!$K$8:$K$47,$AA293)))","v":""},"",{"$nulls":5},"",null,null,{"$f":"IF($D293=\"\",\"\",IFERROR(MATCH($D293,Îlots!$D$8:$D$57,0),\"\"))","v":""},{"$f":"IF($G293=\"\",\"\",IFERROR(MATCH($G293,Fertilisants!$B$8:$B$47,0),\"\"))","v":""},{"$f":"IF($Z293=\"\",\"\",INDEX(Îlots!$E$8:$E$57,$Z293))","v":""},{"$f":"IF($Z293=\"\",\"\",INDEX(Îlots!$G$8:$G$57,$Z293)&\"\")","v":""},{"$f":"IF($Z293=\"\",\"\",IF($F293=ApportCouvert,OccCouvert,INDEX(Îlots!$O$8:$O$57,$Z293)&\"\"))","v":""},"","","",0,0,0,0,0,{"$f":"IF($AA293=\"\",0,IF(INDEX(Fertilisants!$C$8:$C$47,$AA293)=\"Effluent d'élevage\",1,0))","v":0},{"$f":"IF($AA293=\"\",\"\",IF(INDEX(Fertilisants!$C$8:$C$47,$AA293)=\"Engrais minéral\",\"Minéral\",\"Organique\"))","v":""},"","","",{"$f":"IF(AND($D293<>\"\",$D293=FicheIlot),COUNTIF($D$8:$D293,FicheIlot),\"\")","v":""}]
[null,{"$f":"IF(C294=\"\",\"\",COUNT($C$8:C294))","v":""},null,null,{"$f":"IF($Z294=\"\",\"\",IF($F294=ApportCouvert,INDEX(Îlots!$I$8:$I$57,$Z294)&\"\",INDEX(Îlots!$N$8:$N$57,$Z294)&\"\"))","v":""},null,null,{"$f":"IF($AA294=\"\",\"\",INDEX(Fertilisants!$D$8:$D$47,$AA294)&\"\")","v":""},null,null,{"$f":"IF($AA294=\"\",\"\",INDEX(Fertilisants!$E$8:$E$47,$AA294)&\"\")","v":""},"",{"$f":"IF(OR($J294=\"\",$AA294=\"\"),\"\",$J294*N(INDEX(Fertilisants!$G$8:$G$47,$AA294)))","v":""},{"$f":"IF(OR($J294=\"\",$AA294=\"\"),\"\",$J294*N(INDEX(Fertilisants!$I$8:$I$47,$AA294)))","v":""},{"$f":"IF(OR($J294=\"\",$AA294=\"\"),\"\",$J294*N(INDEX(Fertilisants!$J$8:$J$47,$AA294)))","v":""},{"$f":"IF(OR($J294=\"\",$AA294=\"\"),\"\",$J294*N(INDEX(Fertilisants!$K$8:$K$47,$AA294)))","v":""},"",{"$nulls":5},"",null,null,{"$f":"IF($D294=\"\",\"\",IFERROR(MATCH($D294,Îlots!$D$8:$D$57,0),\"\"))","v":""},{"$f":"IF($G294=\"\",\"\",IFERROR(MATCH($G294,Fertilisants!$B$8:$B$47,0),\"\"))","v":""},{"$f":"IF($Z294=\"\",\"\",INDEX(Îlots!$E$8:$E$57,$Z294))","v":""},{"$f":"IF($Z294=\"\",\"\",INDEX(Îlots!$G$8:$G$57,$Z294)&\"\")","v":""},{"$f":"IF($Z294=\"\",\"\",IF($F294=ApportCouvert,OccCouvert,INDEX(Îlots!$O$8:$O$57,$Z294)&\"\"))","v":""},"","","",0,0,0,0,0,{"$f":"IF($AA294=\"\",0,IF(INDEX(Fertilisants!$C$8:$C$47,$AA294)=\"Effluent d'élevage\",1,0))","v":0},{"$f":"IF($AA294=\"\",\"\",IF(INDEX(Fertilisants!$C$8:$C$47,$AA294)=\"Engrais minéral\",\"Minéral\",\"Organique\"))","v":""},"","","",{"$f":"IF(AND($D294<>\"\",$D294=FicheIlot),COUNTIF($D$8:$D294,FicheIlot),\"\")","v":""}]
[null,{"$f":"IF(C295=\"\",\"\",COUNT($C$8:C295))","v":""},null,null,{"$f":"IF($Z295=\"\",\"\",IF($F295=ApportCouvert,INDEX(Îlots!$I$8:$I$57,$Z295)&\"\",INDEX(Îlots!$N$8:$N$57,$Z295)&\"\"))","v":""},null,null,{"$f":"IF($AA295=\"\",\"\",INDEX(Fertilisants!$D$8:$D$47,$AA295)&\"\")","v":""},null,null,{"$f":"IF($AA295=\"\",\"\",INDEX(Fertilisants!$E$8:$E$47,$AA295)&\"\")","v":""},"",{"$f":"IF(OR($J295=\"\",$AA295=\"\"),\"\",$J295*N(INDEX(Fertilisants!$G$8:$G$47,$AA295)))","v":""},{"$f":"IF(OR($J295=\"\",$AA295=\"\"),\"\",$J295*N(INDEX(Fertilisants!$I$8:$I$47,$AA295)))","v":""},{"$f":"IF(OR($J295=\"\",$AA295=\"\"),\"\",$J295*N(INDEX(Fertilisants!$J$8:$J$47,$AA295)))","v":""},{"$f":"IF(OR($J295=\"\",$AA295=\"\"),\"\",$J295*N(INDEX(Fertilisants!$K$8:$K$47,$AA295)))","v":""},"",{"$nulls":5},"",null,null,{"$f":"IF($D295=\"\",\"\",IFERROR(MATCH($D295,Îlots!$D$8:$D$57,0),\"\"))","v":""},{"$f":"IF($G295=\"\",\"\",IFERROR(MATCH($G295,Fertilisants!$B$8:$B$47,0),\"\"))","v":""},{"$f":"IF($Z295=\"\",\"\",INDEX(Îlots!$E$8:$E$57,$Z295))","v":""},{"$f":"IF($Z295=\"\",\"\",INDEX(Îlots!$G$8:$G$57,$Z295)&\"\")","v":""},{"$f":"IF($Z295=\"\",\"\",IF($F295=ApportCouvert,OccCouvert,INDEX(Îlots!$O$8:$O$57,$Z295)&\"\"))","v":""},"","","",0,0,0,0,0,{"$f":"IF($AA295=\"\",0,IF(INDEX(Fertilisants!$C$8:$C$47,$AA295)=\"Effluent d'élevage\",1,0))","v":0},{"$f":"IF($AA295=\"\",\"\",IF(INDEX(Fertilisants!$C$8:$C$47,$AA295)=\"Engrais minéral\",\"Minéral\",\"Organique\"))","v":""},"","","",{"$f":"IF(AND($D295<>\"\",$D295=FicheIlot),COUNTIF($D$8:$D295,FicheIlot),\"\")","v":""}]
[null,{"$f":"IF(C296=\"\",\"\",COUNT($C$8:C296))","v":""},null,null,{"$f":"IF($Z296=\"\",\"\",IF($F296=ApportCouvert,INDEX(Îlots!$I$8:$I$57,$Z296)&\"\",INDEX(Îlots!$N$8:$N$57,$Z296)&\"\"))","v":""},null,null,{"$f":"IF($AA296=\"\",\"\",INDEX(Fertilisants!$D$8:$D$47,$AA296)&\"\")","v":""},null,null,{"$f":"IF($AA296=\"\",\"\",INDEX(Fertilisants!$E$8:$E$47,$AA296)&\"\")","v":""},"",{"$f":"IF(OR($J296=\"\",$AA296=\"\"),\"\",$J296*N(INDEX(Fertilisants!$G$8:$G$47,$AA296)))","v":""},{"$f":"IF(OR($J296=\"\",$AA296=\"\"),\"\",$J296*N(INDEX(Fertilisants!$I$8:$I$47,$AA296)))","v":""},{"$f":"IF(OR($J296=\"\",$AA296=\"\"),\"\",$J296*N(INDEX(Fertilisants!$J$8:$J$47,$AA296)))","v":""},{"$f":"IF(OR($J296=\"\",$AA296=\"\"),\"\",$J296*N(INDEX(Fertilisants!$K$8:$K$47,$AA296)))","v":""},"",{"$nulls":5},"",null,null,{"$f":"IF($D296=\"\",\"\",IFERROR(MATCH($D296,Îlots!$D$8:$D$57,0),\"\"))","v":""},{"$f":"IF($G296=\"\",\"\",IFERROR(MATCH($G296,Fertilisants!$B$8:$B$47,0),\"\"))","v":""},{"$f":"IF($Z296=\"\",\"\",INDEX(Îlots!$E$8:$E$57,$Z296))","v":""},{"$f":"IF($Z296=\"\",\"\",INDEX(Îlots!$G$8:$G$57,$Z296)&\"\")","v":""},{"$f":"IF($Z296=\"\",\"\",IF($F296=ApportCouvert,OccCouvert,INDEX(Îlots!$O$8:$O$57,$Z296)&\"\"))","v":""},"","","",0,0,0,0,0,{"$f":"IF($AA296=\"\",0,IF(INDEX(Fertilisants!$C$8:$C$47,$AA296)=\"Effluent d'élevage\",1,0))","v":0},{"$f":"IF($AA296=\"\",\"\",IF(INDEX(Fertilisants!$C$8:$C$47,$AA296)=\"Engrais minéral\",\"Minéral\",\"Organique\"))","v":""},"","","",{"$f":"IF(AND($D296<>\"\",$D296=FicheIlot),COUNTIF($D$8:$D296,FicheIlot),\"\")","v":""}]
[null,{"$f":"IF(C297=\"\",\"\",COUNT($C$8:C297))","v":""},null,null,{"$f":"IF($Z297=\"\",\"\",IF($F297=ApportCouvert,INDEX(Îlots!$I$8:$I$57,$Z297)&\"\",INDEX(Îlots!$N$8:$N$57,$Z297)&\"\"))","v":""},null,null,{"$f":"IF($AA297=\"\",\"\",INDEX(Fertilisants!$D$8:$D$47,$AA297)&\"\")","v":""},null,null,{"$f":"IF($AA297=\"\",\"\",INDEX(Fertilisants!$E$8:$E$47,$AA297)&\"\")","v":""},"",{"$f":"IF(OR($J297=\"\",$AA297=\"\"),\"\",$J297*N(INDEX(Fertilisants!$G$8:$G$47,$AA297)))","v":""},{"$f":"IF(OR($J297=\"\",$AA297=\"\"),\"\",$J297*N(INDEX(Fertilisants!$I$8:$I$47,$AA297)))","v":""},{"$f":"IF(OR($J297=\"\",$AA297=\"\"),\"\",$J297*N(INDEX(Fertilisants!$J$8:$J$47,$AA297)))","v":""},{"$f":"IF(OR($J297=\"\",$AA297=\"\"),\"\",$J297*N(INDEX(Fertilisants!$K$8:$K$47,$AA297)))","v":""},"",{"$nulls":5},"",null,null,{"$f":"IF($D297=\"\",\"\",IFERROR(MATCH($D297,Îlots!$D$8:$D$57,0),\"\"))","v":""},{"$f":"IF($G297=\"\",\"\",IFERROR(MATCH($G297,Fertilisants!$B$8:$B$47,0),\"\"))","v":""},{"$f":"IF($Z297=\"\",\"\",INDEX(Îlots!$E$8:$E$57,$Z297))","v":""},{"$f":"IF($Z297=\"\",\"\",INDEX(Îlots!$G$8:$G$57,$Z297)&\"\")","v":""},{"$f":"IF($Z297=\"\",\"\",IF($F297=ApportCouvert,OccCouvert,INDEX(Îlots!$O$8:$O$57,$Z297)&\"\"))","v":""},"","","",0,0,0,0,0,{"$f":"IF($AA297=\"\",0,IF(INDEX(Fertilisants!$C$8:$C$47,$AA297)=\"Effluent d'élevage\",1,0))","v":0},{"$f":"IF($AA297=\"\",\"\",IF(INDEX(Fertilisants!$C$8:$C$47,$AA297)=\"Engrais minéral\",\"Minéral\",\"Organique\"))","v":""},"","","",{"$f":"IF(AND($D297<>\"\",$D297=FicheIlot),COUNTIF($D$8:$D297,FicheIlot),\"\")","v":""}]
[null,{"$f":"IF(C298=\"\",\"\",COUNT($C$8:C298))","v":""},null,null,{"$f":"IF($Z298=\"\",\"\",IF($F298=ApportCouvert,INDEX(Îlots!$I$8:$I$57,$Z298)&\"\",INDEX(Îlots!$N$8:$N$57,$Z298)&\"\"))","v":""},null,null,{"$f":"IF($AA298=\"\",\"\",INDEX(Fertilisants!$D$8:$D$47,$AA298)&\"\")","v":""},null,null,{"$f":"IF($AA298=\"\",\"\",INDEX(Fertilisants!$E$8:$E$47,$AA298)&\"\")","v":""},"",{"$f":"IF(OR($J298=\"\",$AA298=\"\"),\"\",$J298*N(INDEX(Fertilisants!$G$8:$G$47,$AA298)))","v":""},{"$f":"IF(OR($J298=\"\",$AA298=\"\"),\"\",$J298*N(INDEX(Fertilisants!$I$8:$I$47,$AA298)))","v":""},{"$f":"IF(OR($J298=\"\",$AA298=\"\"),\"\",$J298*N(INDEX(Fertilisants!$J$8:$J$47,$AA298)))","v":""},{"$f":"IF(OR($J298=\"\",$AA298=\"\"),\"\",$J298*N(INDEX(Fertilisants!$K$8:$K$47,$AA298)))","v":""},"",{"$nulls":5},"",null,null,{"$f":"IF($D298=\"\",\"\",IFERROR(MATCH($D298,Îlots!$D$8:$D$57,0),\"\"))","v":""},{"$f":"IF($G298=\"\",\"\",IFERROR(MATCH($G298,Fertilisants!$B$8:$B$47,0),\"\"))","v":""},{"$f":"IF($Z298=\"\",\"\",INDEX(Îlots!$E$8:$E$57,$Z298))","v":""},{"$f":"IF($Z298=\"\",\"\",INDEX(Îlots!$G$8:$G$57,$Z298)&\"\")","v":""},{"$f":"IF($Z298=\"\",\"\",IF($F298=ApportCouvert,OccCouvert,INDEX(Îlots!$O$8:$O$57,$Z298)&\"\"))","v":""},"","","",0,0,0,0,0,{"$f":"IF($AA298=\"\",0,IF(INDEX(Fertilisants!$C$8:$C$47,$AA298)=\"Effluent d'élevage\",1,0))","v":0},{"$f":"IF($AA298=\"\",\"\",IF(INDEX(Fertilisants!$C$8:$C$47,$AA298)=\"Engrais minéral\",\"Minéral\",\"Organique\"))","v":""},"","","",{"$f":"IF(AND($D298<>\"\",$D298=FicheIlot),COUNTIF($D$8:$D298,FicheIlot),\"\")","v":""}]
[null,{"$f":"IF(C299=\"\",\"\",COUNT($C$8:C299))","v":""},null,null,{"$f":"IF($Z299=\"\",\"\",IF($F299=ApportCouvert,INDEX(Îlots!$I$8:$I$57,$Z299)&\"\",INDEX(Îlots!$N$8:$N$57,$Z299)&\"\"))","v":""},null,null,{"$f":"IF($AA299=\"\",\"\",INDEX(Fertilisants!$D$8:$D$47,$AA299)&\"\")","v":""},null,null,{"$f":"IF($AA299=\"\",\"\",INDEX(Fertilisants!$E$8:$E$47,$AA299)&\"\")","v":""},"",{"$f":"IF(OR($J299=\"\",$AA299=\"\"),\"\",$J299*N(INDEX(Fertilisants!$G$8:$G$47,$AA299)))","v":""},{"$f":"IF(OR($J299=\"\",$AA299=\"\"),\"\",$J299*N(INDEX(Fertilisants!$I$8:$I$47,$AA299)))","v":""},{"$f":"IF(OR($J299=\"\",$AA299=\"\"),\"\",$J299*N(INDEX(Fertilisants!$J$8:$J$47,$AA299)))","v":""},{"$f":"IF(OR($J299=\"\",$AA299=\"\"),\"\",$J299*N(INDEX(Fertilisants!$K$8:$K$47,$AA299)))","v":""},"",{"$nulls":5},"",null,null,{"$f":"IF($D299=\"\",\"\",IFERROR(MATCH($D299,Îlots!$D$8:$D$57,0),\"\"))","v":""},{"$f":"IF($G299=\"\",\"\",IFERROR(MATCH($G299,Fertilisants!$B$8:$B$47,0),\"\"))","v":""},{"$f":"IF($Z299=\"\",\"\",INDEX(Îlots!$E$8:$E$57,$Z299))","v":""},{"$f":"IF($Z299=\"\",\"\",INDEX(Îlots!$G$8:$G$57,$Z299)&\"\")","v":""},{"$f":"IF($Z299=\"\",\"\",IF($F299=ApportCouvert,OccCouvert,INDEX(Îlots!$O$8:$O$57,$Z299)&\"\"))","v":""},"","","",0,0,0,0,0,{"$f":"IF($AA299=\"\",0,IF(INDEX(Fertilisants!$C$8:$C$47,$AA299)=\"Effluent d'élevage\",1,0))","v":0},{"$f":"IF($AA299=\"\",\"\",IF(INDEX(Fertilisants!$C$8:$C$47,$AA299)=\"Engrais minéral\",\"Minéral\",\"Organique\"))","v":""},"","","",{"$f":"IF(AND($D299<>\"\",$D299=FicheIlot),COUNTIF($D$8:$D299,FicheIlot),\"\")","v":""}]
[null,{"$f":"IF(C300=\"\",\"\",COUNT($C$8:C300))","v":""},null,null,{"$f":"IF($Z300=\"\",\"\",IF($F300=ApportCouvert,INDEX(Îlots!$I$8:$I$57,$Z300)&\"\",INDEX(Îlots!$N$8:$N$57,$Z300)&\"\"))","v":""},null,null,{"$f":"IF($AA300=\"\",\"\",INDEX(Fertilisants!$D$8:$D$47,$AA300)&\"\")","v":""},null,null,{"$f":"IF($AA300=\"\",\"\",INDEX(Fertilisants!$E$8:$E$47,$AA300)&\"\")","v":""},"",{"$f":"IF(OR($J300=\"\",$AA300=\"\"),\"\",$J300*N(INDEX(Fertilisants!$G$8:$G$47,$AA300)))","v":""},{"$f":"IF(OR($J300=\"\",$AA300=\"\"),\"\",$J300*N(INDEX(Fertilisants!$I$8:$I$47,$AA300)))","v":""},{"$f":"IF(OR($J300=\"\",$AA300=\"\"),\"\",$J300*N(INDEX(Fertilisants!$J$8:$J$47,$AA300)))","v":""},{"$f":"IF(OR($J300=\"\",$AA300=\"\"),\"\",$J300*N(INDEX(Fertilisants!$K$8:$K$47,$AA300)))","v":""},"",{"$nulls":5},"",null,null,{"$f":"IF($D300=\"\",\"\",IFERROR(MATCH($D300,Îlots!$D$8:$D$57,0),\"\"))","v":""},{"$f":"IF($G300=\"\",\"\",IFERROR(MATCH($G300,Fertilisants!$B$8:$B$47,0),\"\"))","v":""},{"$f":"IF($Z300=\"\",\"\",INDEX(Îlots!$E$8:$E$57,$Z300))","v":""},{"$f":"IF($Z300=\"\",\"\",INDEX(Îlots!$G$8:$G$57,$Z300)&\"\")","v":""},{"$f":"IF($Z300=\"\",\"\",IF($F300=ApportCouvert,OccCouvert,INDEX(Îlots!$O$8:$O$57,$Z300)&\"\"))","v":""},"","","",0,0,0,0,0,{"$f":"IF($AA300=\"\",0,IF(INDEX(Fertilisants!$C$8:$C$47,$AA300)=\"Effluent d'élevage\",1,0))","v":0},{"$f":"IF($AA300=\"\",\"\",IF(INDEX(Fertilisants!$C$8:$C$47,$AA300)=\"Engrais minéral\",\"Minéral\",\"Organique\"))","v":""},"","","",{"$f":"IF(AND($D300<>\"\",$D300=FicheIlot),COUNTIF($D$8:$D300,FicheIlot),\"\")","v":""}]
[null,{"$f":"IF(C301=\"\",\"\",COUNT($C$8:C301))","v":""},null,null,{"$f":"IF($Z301=\"\",\"\",IF($F301=ApportCouvert,INDEX(Îlots!$I$8:$I$57,$Z301)&\"\",INDEX(Îlots!$N$8:$N$57,$Z301)&\"\"))","v":""},null,null,{"$f":"IF($AA301=\"\",\"\",INDEX(Fertilisants!$D$8:$D$47,$AA301)&\"\")","v":""},null,null,{"$f":"IF($AA301=\"\",\"\",INDEX(Fertilisants!$E$8:$E$47,$AA301)&\"\")","v":""},"",{"$f":"IF(OR($J301=\"\",$AA301=\"\"),\"\",$J301*N(INDEX(Fertilisants!$G$8:$G$47,$AA301)))","v":""},{"$f":"IF(OR($J301=\"\",$AA301=\"\"),\"\",$J301*N(INDEX(Fertilisants!$I$8:$I$47,$AA301)))","v":""},{"$f":"IF(OR($J301=\"\",$AA301=\"\"),\"\",$J301*N(INDEX(Fertilisants!$J$8:$J$47,$AA301)))","v":""},{"$f":"IF(OR($J301=\"\",$AA301=\"\"),\"\",$J301*N(INDEX(Fertilisants!$K$8:$K$47,$AA301)))","v":""},"",{"$nulls":5},"",null,null,{"$f":"IF($D301=\"\",\"\",IFERROR(MATCH($D301,Îlots!$D$8:$D$57,0),\"\"))","v":""},{"$f":"IF($G301=\"\",\"\",IFERROR(MATCH($G301,Fertilisants!$B$8:$B$47,0),\"\"))","v":""},{"$f":"IF($Z301=\"\",\"\",INDEX(Îlots!$E$8:$E$57,$Z301))","v":""},{"$f":"IF($Z301=\"\",\"\",INDEX(Îlots!$G$8:$G$57,$Z301)&\"\")","v":""},{"$f":"IF($Z301=\"\",\"\",IF($F301=ApportCouvert,OccCouvert,INDEX(Îlots!$O$8:$O$57,$Z301)&\"\"))","v":""},"","","",0,0,0,0,0,{"$f":"IF($AA301=\"\",0,IF(INDEX(Fertilisants!$C$8:$C$47,$AA301)=\"Effluent d'élevage\",1,0))","v":0},{"$f":"IF($AA301=\"\",\"\",IF(INDEX(Fertilisants!$C$8:$C$47,$AA301)=\"Engrais minéral\",\"Minéral\",\"Organique\"))","v":""},"","","",{"$f":"IF(AND($D301<>\"\",$D301=FicheIlot),COUNTIF($D$8:$D301,FicheIlot),\"\")","v":""}]
[null,{"$f":"IF(C302=\"\",\"\",COUNT($C$8:C302))","v":""},null,null,{"$f":"IF($Z302=\"\",\"\",IF($F302=ApportCouvert,INDEX(Îlots!$I$8:$I$57,$Z302)&\"\",INDEX(Îlots!$N$8:$N$57,$Z302)&\"\"))","v":""},null,null,{"$f":"IF($AA302=\"\",\"\",INDEX(Fertilisants!$D$8:$D$47,$AA302)&\"\")","v":""},null,null,{"$f":"IF($AA302=\"\",\"\",INDEX(Fertilisants!$E$8:$E$47,$AA302)&\"\")","v":""},"",{"$f":"IF(OR($J302=\"\",$AA302=\"\"),\"\",$J302*N(INDEX(Fertilisants!$G$8:$G$47,$AA302)))","v":""},{"$f":"IF(OR($J302=\"\",$AA302=\"\"),\"\",$J302*N(INDEX(Fertilisants!$I$8:$I$47,$AA302)))","v":""},{"$f":"IF(OR($J302=\"\",$AA302=\"\"),\"\",$J302*N(INDEX(Fertilisants!$J$8:$J$47,$AA302)))","v":""},{"$f":"IF(OR($J302=\"\",$AA302=\"\"),\"\",$J302*N(INDEX(Fertilisants!$K$8:$K$47,$AA302)))","v":""},"",{"$nulls":5},"",null,null,{"$f":"IF($D302=\"\",\"\",IFERROR(MATCH($D302,Îlots!$D$8:$D$57,0),\"\"))","v":""},{"$f":"IF($G302=\"\",\"\",IFERROR(MATCH($G302,Fertilisants!$B$8:$B$47,0),\"\"))","v":""},{"$f":"IF($Z302=\"\",\"\",INDEX(Îlots!$E$8:$E$57,$Z302))","v":""},{"$f":"IF($Z302=\"\",\"\",INDEX(Îlots!$G$8:$G$57,$Z302)&\"\")","v":""},{"$f":"IF($Z302=\"\",\"\",IF($F302=ApportCouvert,OccCouvert,INDEX(Îlots!$O$8:$O$57,$Z302)&\"\"))","v":""},"","","",0,0,0,0,0,{"$f":"IF($AA302=\"\",0,IF(INDEX(Fertilisants!$C$8:$C$47,$AA302)=\"Effluent d'élevage\",1,0))","v":0},{"$f":"IF($AA302=\"\",\"\",IF(INDEX(Fertilisants!$C$8:$C$47,$AA302)=\"Engrais minéral\",\"Minéral\",\"Organique\"))","v":""},"","","",{"$f":"IF(AND($D302<>\"\",$D302=FicheIlot),COUNTIF($D$8:$D302,FicheIlot),\"\")","v":""}]
[null,{"$f":"IF(C303=\"\",\"\",COUNT($C$8:C303))","v":""},null,null,{"$f":"IF($Z303=\"\",\"\",IF($F303=ApportCouvert,INDEX(Îlots!$I$8:$I$57,$Z303)&\"\",INDEX(Îlots!$N$8:$N$57,$Z303)&\"\"))","v":""},null,null,{"$f":"IF($AA303=\"\",\"\",INDEX(Fertilisants!$D$8:$D$47,$AA303)&\"\")","v":""},null,null,{"$f":"IF($AA303=\"\",\"\",INDEX(Fertilisants!$E$8:$E$47,$AA303)&\"\")","v":""},"",{"$f":"IF(OR($J303=\"\",$AA303=\"\"),\"\",$J303*N(INDEX(Fertilisants!$G$8:$G$47,$AA303)))","v":""},{"$f":"IF(OR($J303=\"\",$AA303=\"\"),\"\",$J303*N(INDEX(Fertilisants!$I$8:$I$47,$AA303)))","v":""},{"$f":"IF(OR($J303=\"\",$AA303=\"\"),\"\",$J303*N(INDEX(Fertilisants!$J$8:$J$47,$AA303)))","v":""},{"$f":"IF(OR($J303=\"\",$AA303=\"\"),\"\",$J303*N(INDEX(Fertilisants!$K$8:$K$47,$AA303)))","v":""},"",{"$nulls":5},"",null,null,{"$f":"IF($D303=\"\",\"\",IFERROR(MATCH($D303,Îlots!$D$8:$D$57,0),\"\"))","v":""},{"$f":"IF($G303=\"\",\"\",IFERROR(MATCH($G303,Fertilisants!$B$8:$B$47,0),\"\"))","v":""},{"$f":"IF($Z303=\"\",\"\",INDEX(Îlots!$E$8:$E$57,$Z303))","v":""},{"$f":"IF($Z303=\"\",\"\",INDEX(Îlots!$G$8:$G$57,$Z303)&\"\")","v":""},{"$f":"IF($Z303=\"\",\"\",IF($F303=ApportCouvert,OccCouvert,INDEX(Îlots!$O$8:$O$57,$Z303)&\"\"))","v":""},"","","",0,0,0,0,0,{"$f":"IF($AA303=\"\",0,IF(INDEX(Fertilisants!$C$8:$C$47,$AA303)=\"Effluent d'élevage\",1,0))","v":0},{"$f":"IF($AA303=\"\",\"\",IF(INDEX(Fertilisants!$C$8:$C$47,$AA303)=\"Engrais minéral\",\"Minéral\",\"Organique\"))","v":""},"","","",{"$f":"IF(AND($D303<>\"\",$D303=FicheIlot),COUNTIF($D$8:$D303,FicheIlot),\"\")","v":""}]
[null,{"$f":"IF(C304=\"\",\"\",COUNT($C$8:C304))","v":""},null,null,{"$f":"IF($Z304=\"\",\"\",IF($F304=ApportCouvert,INDEX(Îlots!$I$8:$I$57,$Z304)&\"\",INDEX(Îlots!$N$8:$N$57,$Z304)&\"\"))","v":""},null,null,{"$f":"IF($AA304=\"\",\"\",INDEX(Fertilisants!$D$8:$D$47,$AA304)&\"\")","v":""},null,null,{"$f":"IF($AA304=\"\",\"\",INDEX(Fertilisants!$E$8:$E$47,$AA304)&\"\")","v":""},"",{"$f":"IF(OR($J304=\"\",$AA304=\"\"),\"\",$J304*N(INDEX(Fertilisants!$G$8:$G$47,$AA304)))","v":""},{"$f":"IF(OR($J304=\"\",$AA304=\"\"),\"\",$J304*N(INDEX(Fertilisants!$I$8:$I$47,$AA304)))","v":""},{"$f":"IF(OR($J304=\"\",$AA304=\"\"),\"\",$J304*N(INDEX(Fertilisants!$J$8:$J$47,$AA304)))","v":""},{"$f":"IF(OR($J304=\"\",$AA304=\"\"),\"\",$J304*N(INDEX(Fertilisants!$K$8:$K$47,$AA304)))","v":""},"",{"$nulls":5},"",null,null,{"$f":"IF($D304=\"\",\"\",IFERROR(MATCH($D304,Îlots!$D$8:$D$57,0),\"\"))","v":""},{"$f":"IF($G304=\"\",\"\",IFERROR(MATCH($G304,Fertilisants!$B$8:$B$47,0),\"\"))","v":""},{"$f":"IF($Z304=\"\",\"\",INDEX(Îlots!$E$8:$E$57,$Z304))","v":""},{"$f":"IF($Z304=\"\",\"\",INDEX(Îlots!$G$8:$G$57,$Z304)&\"\")","v":""},{"$f":"IF($Z304=\"\",\"\",IF($F304=ApportCouvert,OccCouvert,INDEX(Îlots!$O$8:$O$57,$Z304)&\"\"))","v":""},"","","",0,0,0,0,0,{"$f":"IF($AA304=\"\",0,IF(INDEX(Fertilisants!$C$8:$C$47,$AA304)=\"Effluent d'élevage\",1,0))","v":0},{"$f":"IF($AA304=\"\",\"\",IF(INDEX(Fertilisants!$C$8:$C$47,$AA304)=\"Engrais minéral\",\"Minéral\",\"Organique\"))","v":""},"","","",{"$f":"IF(AND($D304<>\"\",$D304=FicheIlot),COUNTIF($D$8:$D304,FicheIlot),\"\")","v":""}]
[null,{"$f":"IF(C305=\"\",\"\",COUNT($C$8:C305))","v":""},null,null,{"$f":"IF($Z305=\"\",\"\",IF($F305=ApportCouvert,INDEX(Îlots!$I$8:$I$57,$Z305)&\"\",INDEX(Îlots!$N$8:$N$57,$Z305)&\"\"))","v":""},null,null,{"$f":"IF($AA305=\"\",\"\",INDEX(Fertilisants!$D$8:$D$47,$AA305)&\"\")","v":""},null,null,{"$f":"IF($AA305=\"\",\"\",INDEX(Fertilisants!$E$8:$E$47,$AA305)&\"\")","v":""},"",{"$f":"IF(OR($J305=\"\",$AA305=\"\"),\"\",$J305*N(INDEX(Fertilisants!$G$8:$G$47,$AA305)))","v":""},{"$f":"IF(OR($J305=\"\",$AA305=\"\"),\"\",$J305*N(INDEX(Fertilisants!$I$8:$I$47,$AA305)))","v":""},{"$f":"IF(OR($J305=\"\",$AA305=\"\"),\"\",$J305*N(INDEX(Fertilisants!$J$8:$J$47,$AA305)))","v":""},{"$f":"IF(OR($J305=\"\",$AA305=\"\"),\"\",$J305*N(INDEX(Fertilisants!$K$8:$K$47,$AA305)))","v":""},"",{"$nulls":5},"",null,null,{"$f":"IF($D305=\"\",\"\",IFERROR(MATCH($D305,Îlots!$D$8:$D$57,0),\"\"))","v":""},{"$f":"IF($G305=\"\",\"\",IFERROR(MATCH($G305,Fertilisants!$B$8:$B$47,0),\"\"))","v":""},{"$f":"IF($Z305=\"\",\"\",INDEX(Îlots!$E$8:$E$57,$Z305))","v":""},{"$f":"IF($Z305=\"\",\"\",INDEX(Îlots!$G$8:$G$57,$Z305)&\"\")","v":""},{"$f":"IF($Z305=\"\",\"\",IF($F305=ApportCouvert,OccCouvert,INDEX(Îlots!$O$8:$O$57,$Z305)&\"\"))","v":""},"","","",0,0,0,0,0,{"$f":"IF($AA305=\"\",0,IF(INDEX(Fertilisants!$C$8:$C$47,$AA305)=\"Effluent d'élevage\",1,0))","v":0},{"$f":"IF($AA305=\"\",\"\",IF(INDEX(Fertilisants!$C$8:$C$47,$AA305)=\"Engrais minéral\",\"Minéral\",\"Organique\"))","v":""},"","","",{"$f":"IF(AND($D305<>\"\",$D305=FicheIlot),COUNTIF($D$8:$D305,FicheIlot),\"\")","v":""}]
[null,{"$f":"IF(C306=\"\",\"\",COUNT($C$8:C306))","v":""},null,null,{"$f":"IF($Z306=\"\",\"\",IF($F306=ApportCouvert,INDEX(Îlots!$I$8:$I$57,$Z306)&\"\",INDEX(Îlots!$N$8:$N$57,$Z306)&\"\"))","v":""},null,null,{"$f":"IF($AA306=\"\",\"\",INDEX(Fertilisants!$D$8:$D$47,$AA306)&\"\")","v":""},null,null,{"$f":"IF($AA306=\"\",\"\",INDEX(Fertilisants!$E$8:$E$47,$AA306)&\"\")","v":""},"",{"$f":"IF(OR($J306=\"\",$AA306=\"\"),\"\",$J306*N(INDEX(Fertilisants!$G$8:$G$47,$AA306)))","v":""},{"$f":"IF(OR($J306=\"\",$AA306=\"\"),\"\",$J306*N(INDEX(Fertilisants!$I$8:$I$47,$AA306)))","v":""},{"$f":"IF(OR($J306=\"\",$AA306=\"\"),\"\",$J306*N(INDEX(Fertilisants!$J$8:$J$47,$AA306)))","v":""},{"$f":"IF(OR($J306=\"\",$AA306=\"\"),\"\",$J306*N(INDEX(Fertilisants!$K$8:$K$47,$AA306)))","v":""},"",{"$nulls":5},"",null,null,{"$f":"IF($D306=\"\",\"\",IFERROR(MATCH($D306,Îlots!$D$8:$D$57,0),\"\"))","v":""},{"$f":"IF($G306=\"\",\"\",IFERROR(MATCH($G306,Fertilisants!$B$8:$B$47,0),\"\"))","v":""},{"$f":"IF($Z306=\"\",\"\",INDEX(Îlots!$E$8:$E$57,$Z306))","v":""},{"$f":"IF($Z306=\"\",\"\",INDEX(Îlots!$G$8:$G$57,$Z306)&\"\")","v":""},{"$f":"IF($Z306=\"\",\"\",IF($F306=ApportCouvert,OccCouvert,INDEX(Îlots!$O$8:$O$57,$Z306)&\"\"))","v":""},"","","",0,0,0,0,0,{"$f":"IF($AA306=\"\",0,IF(INDEX(Fertilisants!$C$8:$C$47,$AA306)=\"Effluent d'élevage\",1,0))","v":0},{"$f":"IF($AA306=\"\",\"\",IF(INDEX(Fertilisants!$C$8:$C$47,$AA306)=\"Engrais minéral\",\"Minéral\",\"Organique\"))","v":""},"","","",{"$f":"IF(AND($D306<>\"\",$D306=FicheIlot),COUNTIF($D$8:$D306,FicheIlot),\"\")","v":""}]
[null,{"$f":"IF(C307=\"\",\"\",COUNT($C$8:C307))","v":""},null,null,{"$f":"IF($Z307=\"\",\"\",IF($F307=ApportCouvert,INDEX(Îlots!$I$8:$I$57,$Z307)&\"\",INDEX(Îlots!$N$8:$N$57,$Z307)&\"\"))","v":""},null,null,{"$f":"IF($AA307=\"\",\"\",INDEX(Fertilisants!$D$8:$D$47,$AA307)&\"\")","v":""},null,null,{"$f":"IF($AA307=\"\",\"\",INDEX(Fertilisants!$E$8:$E$47,$AA307)&\"\")","v":""},"",{"$f":"IF(OR($J307=\"\",$AA307=\"\"),\"\",$J307*N(INDEX(Fertilisants!$G$8:$G$47,$AA307)))","v":""},{"$f":"IF(OR($J307=\"\",$AA307=\"\"),\"\",$J307*N(INDEX(Fertilisants!$I$8:$I$47,$AA307)))","v":""},{"$f":"IF(OR($J307=\"\",$AA307=\"\"),\"\",$J307*N(INDEX(Fertilisants!$J$8:$J$47,$AA307)))","v":""},{"$f":"IF(OR($J307=\"\",$AA307=\"\"),\"\",$J307*N(INDEX(Fertilisants!$K$8:$K$47,$AA307)))","v":""},"",{"$nulls":5},"",null,null,{"$f":"IF($D307=\"\",\"\",IFERROR(MATCH($D307,Îlots!$D$8:$D$57,0),\"\"))","v":""},{"$f":"IF($G307=\"\",\"\",IFERROR(MATCH($G307,Fertilisants!$B$8:$B$47,0),\"\"))","v":""},{"$f":"IF($Z307=\"\",\"\",INDEX(Îlots!$E$8:$E$57,$Z307))","v":""},{"$f":"IF($Z307=\"\",\"\",INDEX(Îlots!$G$8:$G$57,$Z307)&\"\")","v":""},{"$f":"IF($Z307=\"\",\"\",IF($F307=ApportCouvert,OccCouvert,INDEX(Îlots!$O$8:$O$57,$Z307)&\"\"))","v":""},"","","",0,0,0,0,0,{"$f":"IF($AA307=\"\",0,IF(INDEX(Fertilisants!$C$8:$C$47,$AA307)=\"Effluent d'élevage\",1,0))","v":0},{"$f":"IF($AA307=\"\",\"\",IF(INDEX(Fertilisants!$C$8:$C$47,$AA307)=\"Engrais minéral\",\"Minéral\",\"Organique\"))","v":""},"","","",{"$f":"IF(AND($D307<>\"\",$D307=FicheIlot),COUNTIF($D$8:$D307,FicheIlot),\"\")","v":""}]
[null,{"$f":"IF(C308=\"\",\"\",COUNT($C$8:C308))","v":""},null,null,{"$f":"IF($Z308=\"\",\"\",IF($F308=ApportCouvert,INDEX(Îlots!$I$8:$I$57,$Z308)&\"\",INDEX(Îlots!$N$8:$N$57,$Z308)&\"\"))","v":""},null,null,{"$f":"IF($AA308=\"\",\"\",INDEX(Fertilisants!$D$8:$D$47,$AA308)&\"\")","v":""},null,null,{"$f":"IF($AA308=\"\",\"\",INDEX(Fertilisants!$E$8:$E$47,$AA308)&\"\")","v":""},"",{"$f":"IF(OR($J308=\"\",$AA308=\"\"),\"\",$J308*N(INDEX(Fertilisants!$G$8:$G$47,$AA308)))","v":""},{"$f":"IF(OR($J308=\"\",$AA308=\"\"),\"\",$J308*N(INDEX(Fertilisants!$I$8:$I$47,$AA308)))","v":""},{"$f":"IF(OR($J308=\"\",$AA308=\"\"),\"\",$J308*N(INDEX(Fertilisants!$J$8:$J$47,$AA308)))","v":""},{"$f":"IF(OR($J308=\"\",$AA308=\"\"),\"\",$J308*N(INDEX(Fertilisants!$K$8:$K$47,$AA308)))","v":""},"",{"$nulls":5},"",null,null,{"$f":"IF($D308=\"\",\"\",IFERROR(MATCH($D308,Îlots!$D$8:$D$57,0),\"\"))","v":""},{"$f":"IF($G308=\"\",\"\",IFERROR(MATCH($G308,Fertilisants!$B$8:$B$47,0),\"\"))","v":""},{"$f":"IF($Z308=\"\",\"\",INDEX(Îlots!$E$8:$E$57,$Z308))","v":""},{"$f":"IF($Z308=\"\",\"\",INDEX(Îlots!$G$8:$G$57,$Z308)&\"\")","v":""},{"$f":"IF($Z308=\"\",\"\",IF($F308=ApportCouvert,OccCouvert,INDEX(Îlots!$O$8:$O$57,$Z308)&\"\"))","v":""},"","","",0,0,0,0,0,{"$f":"IF($AA308=\"\",0,IF(INDEX(Fertilisants!$C$8:$C$47,$AA308)=\"Effluent d'élevage\",1,0))","v":0},{"$f":"IF($AA308=\"\",\"\",IF(INDEX(Fertilisants!$C$8:$C$47,$AA308)=\"Engrais minéral\",\"Minéral\",\"Organique\"))","v":""},"","","",{"$f":"IF(AND($D308<>\"\",$D308=FicheIlot),COUNTIF($D$8:$D308,FicheIlot),\"\")","v":""}]
[null,{"$f":"IF(C309=\"\",\"\",COUNT($C$8:C309))","v":""},null,null,{"$f":"IF($Z309=\"\",\"\",IF($F309=ApportCouvert,INDEX(Îlots!$I$8:$I$57,$Z309)&\"\",INDEX(Îlots!$N$8:$N$57,$Z309)&\"\"))","v":""},null,null,{"$f":"IF($AA309=\"\",\"\",INDEX(Fertilisants!$D$8:$D$47,$AA309)&\"\")","v":""},null,null,{"$f":"IF($AA309=\"\",\"\",INDEX(Fertilisants!$E$8:$E$47,$AA309)&\"\")","v":""},"",{"$f":"IF(OR($J309=\"\",$AA309=\"\"),\"\",$J309*N(INDEX(Fertilisants!$G$8:$G$47,$AA309)))","v":""},{"$f":"IF(OR($J309=\"\",$AA309=\"\"),\"\",$J309*N(INDEX(Fertilisants!$I$8:$I$47,$AA309)))","v":""},{"$f":"IF(OR($J309=\"\",$AA309=\"\"),\"\",$J309*N(INDEX(Fertilisants!$J$8:$J$47,$AA309)))","v":""},{"$f":"IF(OR($J309=\"\",$AA309=\"\"),\"\",$J309*N(INDEX(Fertilisants!$K$8:$K$47,$AA309)))","v":""},"",{"$nulls":5},"",null,null,{"$f":"IF($D309=\"\",\"\",IFERROR(MATCH($D309,Îlots!$D$8:$D$57,0),\"\"))","v":""},{"$f":"IF($G309=\"\",\"\",IFERROR(MATCH($G309,Fertilisants!$B$8:$B$47,0),\"\"))","v":""},{"$f":"IF($Z309=\"\",\"\",INDEX(Îlots!$E$8:$E$57,$Z309))","v":""},{"$f":"IF($Z309=\"\",\"\",INDEX(Îlots!$G$8:$G$57,$Z309)&\"\")","v":""},{"$f":"IF($Z309=\"\",\"\",IF($F309=ApportCouvert,OccCouvert,INDEX(Îlots!$O$8:$O$57,$Z309)&\"\"))","v":""},"","","",0,0,0,0,0,{"$f":"IF($AA309=\"\",0,IF(INDEX(Fertilisants!$C$8:$C$47,$AA309)=\"Effluent d'élevage\",1,0))","v":0},{"$f":"IF($AA309=\"\",\"\",IF(INDEX(Fertilisants!$C$8:$C$47,$AA309)=\"Engrais minéral\",\"Minéral\",\"Organique\"))","v":""},"","","",{"$f":"IF(AND($D309<>\"\",$D309=FicheIlot),COUNTIF($D$8:$D309,FicheIlot),\"\")","v":""}]
[null,{"$f":"IF(C310=\"\",\"\",COUNT($C$8:C310))","v":""},null,null,{"$f":"IF($Z310=\"\",\"\",IF($F310=ApportCouvert,INDEX(Îlots!$I$8:$I$57,$Z310)&\"\",INDEX(Îlots!$N$8:$N$57,$Z310)&\"\"))","v":""},null,null,{"$f":"IF($AA310=\"\",\"\",INDEX(Fertilisants!$D$8:$D$47,$AA310)&\"\")","v":""},null,null,{"$f":"IF($AA310=\"\",\"\",INDEX(Fertilisants!$E$8:$E$47,$AA310)&\"\")","v":""},"",{"$f":"IF(OR($J310=\"\",$AA310=\"\"),\"\",$J310*N(INDEX(Fertilisants!$G$8:$G$47,$AA310)))","v":""},{"$f":"IF(OR($J310=\"\",$AA310=\"\"),\"\",$J310*N(INDEX(Fertilisants!$I$8:$I$47,$AA310)))","v":""},{"$f":"IF(OR($J310=\"\",$AA310=\"\"),\"\",$J310*N(INDEX(Fertilisants!$J$8:$J$47,$AA310)))","v":""},{"$f":"IF(OR($J310=\"\",$AA310=\"\"),\"\",$J310*N(INDEX(Fertilisants!$K$8:$K$47,$AA310)))","v":""},"",{"$nulls":5},"",null,null,{"$f":"IF($D310=\"\",\"\",IFERROR(MATCH($D310,Îlots!$D$8:$D$57,0),\"\"))","v":""},{"$f":"IF($G310=\"\",\"\",IFERROR(MATCH($G310,Fertilisants!$B$8:$B$47,0),\"\"))","v":""},{"$f":"IF($Z310=\"\",\"\",INDEX(Îlots!$E$8:$E$57,$Z310))","v":""},{"$f":"IF($Z310=\"\",\"\",INDEX(Îlots!$G$8:$G$57,$Z310)&\"\")","v":""},{"$f":"IF($Z310=\"\",\"\",IF($F310=ApportCouvert,OccCouvert,INDEX(Îlots!$O$8:$O$57,$Z310)&\"\"))","v":""},"","","",0,0,0,0,0,{"$f":"IF($AA310=\"\",0,IF(INDEX(Fertilisants!$C$8:$C$47,$AA310)=\"Effluent d'élevage\",1,0))","v":0},{"$f":"IF($AA310=\"\",\"\",IF(INDEX(Fertilisants!$C$8:$C$47,$AA310)=\"Engrais minéral\",\"Minéral\",\"Organique\"))","v":""},"","","",{"$f":"IF(AND($D310<>\"\",$D310=FicheIlot),COUNTIF($D$8:$D310,FicheIlot),\"\")","v":""}]
[null,{"$f":"IF(C311=\"\",\"\",COUNT($C$8:C311))","v":""},null,null,{"$f":"IF($Z311=\"\",\"\",IF($F311=ApportCouvert,INDEX(Îlots!$I$8:$I$57,$Z311)&\"\",INDEX(Îlots!$N$8:$N$57,$Z311)&\"\"))","v":""},null,null,{"$f":"IF($AA311=\"\",\"\",INDEX(Fertilisants!$D$8:$D$47,$AA311)&\"\")","v":""},null,null,{"$f":"IF($AA311=\"\",\"\",INDEX(Fertilisants!$E$8:$E$47,$AA311)&\"\")","v":""},"",{"$f":"IF(OR($J311=\"\",$AA311=\"\"),\"\",$J311*N(INDEX(Fertilisants!$G$8:$G$47,$AA311)))","v":""},{"$f":"IF(OR($J311=\"\",$AA311=\"\"),\"\",$J311*N(INDEX(Fertilisants!$I$8:$I$47,$AA311)))","v":""},{"$f":"IF(OR($J311=\"\",$AA311=\"\"),\"\",$J311*N(INDEX(Fertilisants!$J$8:$J$47,$AA311)))","v":""},{"$f":"IF(OR($J311=\"\",$AA311=\"\"),\"\",$J311*N(INDEX(Fertilisants!$K$8:$K$47,$AA311)))","v":""},"",{"$nulls":5},"",null,null,{"$f":"IF($D311=\"\",\"\",IFERROR(MATCH($D311,Îlots!$D$8:$D$57,0),\"\"))","v":""},{"$f":"IF($G311=\"\",\"\",IFERROR(MATCH($G311,Fertilisants!$B$8:$B$47,0),\"\"))","v":""},{"$f":"IF($Z311=\"\",\"\",INDEX(Îlots!$E$8:$E$57,$Z311))","v":""},{"$f":"IF($Z311=\"\",\"\",INDEX(Îlots!$G$8:$G$57,$Z311)&\"\")","v":""},{"$f":"IF($Z311=\"\",\"\",IF($F311=ApportCouvert,OccCouvert,INDEX(Îlots!$O$8:$O$57,$Z311)&\"\"))","v":""},"","","",0,0,0,0,0,{"$f":"IF($AA311=\"\",0,IF(INDEX(Fertilisants!$C$8:$C$47,$AA311)=\"Effluent d'élevage\",1,0))","v":0},{"$f":"IF($AA311=\"\",\"\",IF(INDEX(Fertilisants!$C$8:$C$47,$AA311)=\"Engrais minéral\",\"Minéral\",\"Organique\"))","v":""},"","","",{"$f":"IF(AND($D311<>\"\",$D311=FicheIlot),COUNTIF($D$8:$D311,FicheIlot),\"\")","v":""}]
[null,{"$f":"IF(C312=\"\",\"\",COUNT($C$8:C312))","v":""},null,null,{"$f":"IF($Z312=\"\",\"\",IF($F312=ApportCouvert,INDEX(Îlots!$I$8:$I$57,$Z312)&\"\",INDEX(Îlots!$N$8:$N$57,$Z312)&\"\"))","v":""},null,null,{"$f":"IF($AA312=\"\",\"\",INDEX(Fertilisants!$D$8:$D$47,$AA312)&\"\")","v":""},null,null,{"$f":"IF($AA312=\"\",\"\",INDEX(Fertilisants!$E$8:$E$47,$AA312)&\"\")","v":""},"",{"$f":"IF(OR($J312=\"\",$AA312=\"\"),\"\",$J312*N(INDEX(Fertilisants!$G$8:$G$47,$AA312)))","v":""},{"$f":"IF(OR($J312=\"\",$AA312=\"\"),\"\",$J312*N(INDEX(Fertilisants!$I$8:$I$47,$AA312)))","v":""},{"$f":"IF(OR($J312=\"\",$AA312=\"\"),\"\",$J312*N(INDEX(Fertilisants!$J$8:$J$47,$AA312)))","v":""},{"$f":"IF(OR($J312=\"\",$AA312=\"\"),\"\",$J312*N(INDEX(Fertilisants!$K$8:$K$47,$AA312)))","v":""},"",{"$nulls":5},"",null,null,{"$f":"IF($D312=\"\",\"\",IFERROR(MATCH($D312,Îlots!$D$8:$D$57,0),\"\"))","v":""},{"$f":"IF($G312=\"\",\"\",IFERROR(MATCH($G312,Fertilisants!$B$8:$B$47,0),\"\"))","v":""},{"$f":"IF($Z312=\"\",\"\",INDEX(Îlots!$E$8:$E$57,$Z312))","v":""},{"$f":"IF($Z312=\"\",\"\",INDEX(Îlots!$G$8:$G$57,$Z312)&\"\")","v":""},{"$f":"IF($Z312=\"\",\"\",IF($F312=ApportCouvert,OccCouvert,INDEX(Îlots!$O$8:$O$57,$Z312)&\"\"))","v":""},"","","",0,0,0,0,0,{"$f":"IF($AA312=\"\",0,IF(INDEX(Fertilisants!$C$8:$C$47,$AA312)=\"Effluent d'élevage\",1,0))","v":0},{"$f":"IF($AA312=\"\",\"\",IF(INDEX(Fertilisants!$C$8:$C$47,$AA312)=\"Engrais minéral\",\"Minéral\",\"Organique\"))","v":""},"","","",{"$f":"IF(AND($D312<>\"\",$D312=FicheIlot),COUNTIF($D$8:$D312,FicheIlot),\"\")","v":""}]
[null,{"$f":"IF(C313=\"\",\"\",COUNT($C$8:C313))","v":""},null,null,{"$f":"IF($Z313=\"\",\"\",IF($F313=ApportCouvert,INDEX(Îlots!$I$8:$I$57,$Z313)&\"\",INDEX(Îlots!$N$8:$N$57,$Z313)&\"\"))","v":""},null,null,{"$f":"IF($AA313=\"\",\"\",INDEX(Fertilisants!$D$8:$D$47,$AA313)&\"\")","v":""},null,null,{"$f":"IF($AA313=\"\",\"\",INDEX(Fertilisants!$E$8:$E$47,$AA313)&\"\")","v":""},"",{"$f":"IF(OR($J313=\"\",$AA313=\"\"),\"\",$J313*N(INDEX(Fertilisants!$G$8:$G$47,$AA313)))","v":""},{"$f":"IF(OR($J313=\"\",$AA313=\"\"),\"\",$J313*N(INDEX(Fertilisants!$I$8:$I$47,$AA313)))","v":""},{"$f":"IF(OR($J313=\"\",$AA313=\"\"),\"\",$J313*N(INDEX(Fertilisants!$J$8:$J$47,$AA313)))","v":""},{"$f":"IF(OR($J313=\"\",$AA313=\"\"),\"\",$J313*N(INDEX(Fertilisants!$K$8:$K$47,$AA313)))","v":""},"",{"$nulls":5},"",null,null,{"$f":"IF($D313=\"\",\"\",IFERROR(MATCH($D313,Îlots!$D$8:$D$57,0),\"\"))","v":""},{"$f":"IF($G313=\"\",\"\",IFERROR(MATCH($G313,Fertilisants!$B$8:$B$47,0),\"\"))","v":""},{"$f":"IF($Z313=\"\",\"\",INDEX(Îlots!$E$8:$E$57,$Z313))","v":""},{"$f":"IF($Z313=\"\",\"\",INDEX(Îlots!$G$8:$G$57,$Z313)&\"\")","v":""},{"$f":"IF($Z313=\"\",\"\",IF($F313=ApportCouvert,OccCouvert,INDEX(Îlots!$O$8:$O$57,$Z313)&\"\"))","v":""},"","","",0,0,0,0,0,{"$f":"IF($AA313=\"\",0,IF(INDEX(Fertilisants!$C$8:$C$47,$AA313)=\"Effluent d'élevage\",1,0))","v":0},{"$f":"IF($AA313=\"\",\"\",IF(INDEX(Fertilisants!$C$8:$C$47,$AA313)=\"Engrais minéral\",\"Minéral\",\"Organique\"))","v":""},"","","",{"$f":"IF(AND($D313<>\"\",$D313=FicheIlot),COUNTIF($D$8:$D313,FicheIlot),\"\")","v":""}]
[null,{"$f":"IF(C314=\"\",\"\",COUNT($C$8:C314))","v":""},null,null,{"$f":"IF($Z314=\"\",\"\",IF($F314=ApportCouvert,INDEX(Îlots!$I$8:$I$57,$Z314)&\"\",INDEX(Îlots!$N$8:$N$57,$Z314)&\"\"))","v":""},null,null,{"$f":"IF($AA314=\"\",\"\",INDEX(Fertilisants!$D$8:$D$47,$AA314)&\"\")","v":""},null,null,{"$f":"IF($AA314=\"\",\"\",INDEX(Fertilisants!$E$8:$E$47,$AA314)&\"\")","v":""},"",{"$f":"IF(OR($J314=\"\",$AA314=\"\"),\"\",$J314*N(INDEX(Fertilisants!$G$8:$G$47,$AA314)))","v":""},{"$f":"IF(OR($J314=\"\",$AA314=\"\"),\"\",$J314*N(INDEX(Fertilisants!$I$8:$I$47,$AA314)))","v":""},{"$f":"IF(OR($J314=\"\",$AA314=\"\"),\"\",$J314*N(INDEX(Fertilisants!$J$8:$J$47,$AA314)))","v":""},{"$f":"IF(OR($J314=\"\",$AA314=\"\"),\"\",$J314*N(INDEX(Fertilisants!$K$8:$K$47,$AA314)))","v":""},"",{"$nulls":5},"",null,null,{"$f":"IF($D314=\"\",\"\",IFERROR(MATCH($D314,Îlots!$D$8:$D$57,0),\"\"))","v":""},{"$f":"IF($G314=\"\",\"\",IFERROR(MATCH($G314,Fertilisants!$B$8:$B$47,0),\"\"))","v":""},{"$f":"IF($Z314=\"\",\"\",INDEX(Îlots!$E$8:$E$57,$Z314))","v":""},{"$f":"IF($Z314=\"\",\"\",INDEX(Îlots!$G$8:$G$57,$Z314)&\"\")","v":""},{"$f":"IF($Z314=\"\",\"\",IF($F314=ApportCouvert,OccCouvert,INDEX(Îlots!$O$8:$O$57,$Z314)&\"\"))","v":""},"","","",0,0,0,0,0,{"$f":"IF($AA314=\"\",0,IF(INDEX(Fertilisants!$C$8:$C$47,$AA314)=\"Effluent d'élevage\",1,0))","v":0},{"$f":"IF($AA314=\"\",\"\",IF(INDEX(Fertilisants!$C$8:$C$47,$AA314)=\"Engrais minéral\",\"Minéral\",\"Organique\"))","v":""},"","","",{"$f":"IF(AND($D314<>\"\",$D314=FicheIlot),COUNTIF($D$8:$D314,FicheIlot),\"\")","v":""}]
[null,{"$f":"IF(C315=\"\",\"\",COUNT($C$8:C315))","v":""},null,null,{"$f":"IF($Z315=\"\",\"\",IF($F315=ApportCouvert,INDEX(Îlots!$I$8:$I$57,$Z315)&\"\",INDEX(Îlots!$N$8:$N$57,$Z315)&\"\"))","v":""},null,null,{"$f":"IF($AA315=\"\",\"\",INDEX(Fertilisants!$D$8:$D$47,$AA315)&\"\")","v":""},null,null,{"$f":"IF($AA315=\"\",\"\",INDEX(Fertilisants!$E$8:$E$47,$AA315)&\"\")","v":""},"",{"$f":"IF(OR($J315=\"\",$AA315=\"\"),\"\",$J315*N(INDEX(Fertilisants!$G$8:$G$47,$AA315)))","v":""},{"$f":"IF(OR($J315=\"\",$AA315=\"\"),\"\",$J315*N(INDEX(Fertilisants!$I$8:$I$47,$AA315)))","v":""},{"$f":"IF(OR($J315=\"\",$AA315=\"\"),\"\",$J315*N(INDEX(Fertilisants!$J$8:$J$47,$AA315)))","v":""},{"$f":"IF(OR($J315=\"\",$AA315=\"\"),\"\",$J315*N(INDEX(Fertilisants!$K$8:$K$47,$AA315)))","v":""},"",{"$nulls":5},"",null,null,{"$f":"IF($D315=\"\",\"\",IFERROR(MATCH($D315,Îlots!$D$8:$D$57,0),\"\"))","v":""},{"$f":"IF($G315=\"\",\"\",IFERROR(MATCH($G315,Fertilisants!$B$8:$B$47,0),\"\"))","v":""},{"$f":"IF($Z315=\"\",\"\",INDEX(Îlots!$E$8:$E$57,$Z315))","v":""},{"$f":"IF($Z315=\"\",\"\",INDEX(Îlots!$G$8:$G$57,$Z315)&\"\")","v":""},{"$f":"IF($Z315=\"\",\"\",IF($F315=ApportCouvert,OccCouvert,INDEX(Îlots!$O$8:$O$57,$Z315)&\"\"))","v":""},"","","",0,0,0,0,0,{"$f":"IF($AA315=\"\",0,IF(INDEX(Fertilisants!$C$8:$C$47,$AA315)=\"Effluent d'élevage\",1,0))","v":0},{"$f":"IF($AA315=\"\",\"\",IF(INDEX(Fertilisants!$C$8:$C$47,$AA315)=\"Engrais minéral\",\"Minéral\",\"Organique\"))","v":""},"","","",{"$f":"IF(AND($D315<>\"\",$D315=FicheIlot),COUNTIF($D$8:$D315,FicheIlot),\"\")","v":""}]
[null,{"$f":"IF(C316=\"\",\"\",COUNT($C$8:C316))","v":""},null,null,{"$f":"IF($Z316=\"\",\"\",IF($F316=ApportCouvert,INDEX(Îlots!$I$8:$I$57,$Z316)&\"\",INDEX(Îlots!$N$8:$N$57,$Z316)&\"\"))","v":""},null,null,{"$f":"IF($AA316=\"\",\"\",INDEX(Fertilisants!$D$8:$D$47,$AA316)&\"\")","v":""},null,null,{"$f":"IF($AA316=\"\",\"\",INDEX(Fertilisants!$E$8:$E$47,$AA316)&\"\")","v":""},"",{"$f":"IF(OR($J316=\"\",$AA316=\"\"),\"\",$J316*N(INDEX(Fertilisants!$G$8:$G$47,$AA316)))","v":""},{"$f":"IF(OR($J316=\"\",$AA316=\"\"),\"\",$J316*N(INDEX(Fertilisants!$I$8:$I$47,$AA316)))","v":""},{"$f":"IF(OR($J316=\"\",$AA316=\"\"),\"\",$J316*N(INDEX(Fertilisants!$J$8:$J$47,$AA316)))","v":""},{"$f":"IF(OR($J316=\"\",$AA316=\"\"),\"\",$J316*N(INDEX(Fertilisants!$K$8:$K$47,$AA316)))","v":""},"",{"$nulls":5},"",null,null,{"$f":"IF($D316=\"\",\"\",IFERROR(MATCH($D316,Îlots!$D$8:$D$57,0),\"\"))","v":""},{"$f":"IF($G316=\"\",\"\",IFERROR(MATCH($G316,Fertilisants!$B$8:$B$47,0),\"\"))","v":""},{"$f":"IF($Z316=\"\",\"\",INDEX(Îlots!$E$8:$E$57,$Z316))","v":""},{"$f":"IF($Z316=\"\",\"\",INDEX(Îlots!$G$8:$G$57,$Z316)&\"\")","v":""},{"$f":"IF($Z316=\"\",\"\",IF($F316=ApportCouvert,OccCouvert,INDEX(Îlots!$O$8:$O$57,$Z316)&\"\"))","v":""},"","","",0,0,0,0,0,{"$f":"IF($AA316=\"\",0,IF(INDEX(Fertilisants!$C$8:$C$47,$AA316)=\"Effluent d'élevage\",1,0))","v":0},{"$f":"IF($AA316=\"\",\"\",IF(INDEX(Fertilisants!$C$8:$C$47,$AA316)=\"Engrais minéral\",\"Minéral\",\"Organique\"))","v":""},"","","",{"$f":"IF(AND($D316<>\"\",$D316=FicheIlot),COUNTIF($D$8:$D316,FicheIlot),\"\")","v":""}]
[null,{"$f":"IF(C317=\"\",\"\",COUNT($C$8:C317))","v":""},null,null,{"$f":"IF($Z317=\"\",\"\",IF($F317=ApportCouvert,INDEX(Îlots!$I$8:$I$57,$Z317)&\"\",INDEX(Îlots!$N$8:$N$57,$Z317)&\"\"))","v":""},null,null,{"$f":"IF($AA317=\"\",\"\",INDEX(Fertilisants!$D$8:$D$47,$AA317)&\"\")","v":""},null,null,{"$f":"IF($AA317=\"\",\"\",INDEX(Fertilisants!$E$8:$E$47,$AA317)&\"\")","v":""},"",{"$f":"IF(OR($J317=\"\",$AA317=\"\"),\"\",$J317*N(INDEX(Fertilisants!$G$8:$G$47,$AA317)))","v":""},{"$f":"IF(OR($J317=\"\",$AA317=\"\"),\"\",$J317*N(INDEX(Fertilisants!$I$8:$I$47,$AA317)))","v":""},{"$f":"IF(OR($J317=\"\",$AA317=\"\"),\"\",$J317*N(INDEX(Fertilisants!$J$8:$J$47,$AA317)))","v":""},{"$f":"IF(OR($J317=\"\",$AA317=\"\"),\"\",$J317*N(INDEX(Fertilisants!$K$8:$K$47,$AA317)))","v":""},"",{"$nulls":5},"",null,null,{"$f":"IF($D317=\"\",\"\",IFERROR(MATCH($D317,Îlots!$D$8:$D$57,0),\"\"))","v":""},{"$f":"IF($G317=\"\",\"\",IFERROR(MATCH($G317,Fertilisants!$B$8:$B$47,0),\"\"))","v":""},{"$f":"IF($Z317=\"\",\"\",INDEX(Îlots!$E$8:$E$57,$Z317))","v":""},{"$f":"IF($Z317=\"\",\"\",INDEX(Îlots!$G$8:$G$57,$Z317)&\"\")","v":""},{"$f":"IF($Z317=\"\",\"\",IF($F317=ApportCouvert,OccCouvert,INDEX(Îlots!$O$8:$O$57,$Z317)&\"\"))","v":""},"","","",0,0,0,0,0,{"$f":"IF($AA317=\"\",0,IF(INDEX(Fertilisants!$C$8:$C$47,$AA317)=\"Effluent d'élevage\",1,0))","v":0},{"$f":"IF($AA317=\"\",\"\",IF(INDEX(Fertilisants!$C$8:$C$47,$AA317)=\"Engrais minéral\",\"Minéral\",\"Organique\"))","v":""},"","","",{"$f":"IF(AND($D317<>\"\",$D317=FicheIlot),COUNTIF($D$8:$D317,FicheIlot),\"\")","v":""}]
[null,{"$f":"IF(C318=\"\",\"\",COUNT($C$8:C318))","v":""},null,null,{"$f":"IF($Z318=\"\",\"\",IF($F318=ApportCouvert,INDEX(Îlots!$I$8:$I$57,$Z318)&\"\",INDEX(Îlots!$N$8:$N$57,$Z318)&\"\"))","v":""},null,null,{"$f":"IF($AA318=\"\",\"\",INDEX(Fertilisants!$D$8:$D$47,$AA318)&\"\")","v":""},null,null,{"$f":"IF($AA318=\"\",\"\",INDEX(Fertilisants!$E$8:$E$47,$AA318)&\"\")","v":""},"",{"$f":"IF(OR($J318=\"\",$AA318=\"\"),\"\",$J318*N(INDEX(Fertilisants!$G$8:$G$47,$AA318)))","v":""},{"$f":"IF(OR($J318=\"\",$AA318=\"\"),\"\",$J318*N(INDEX(Fertilisants!$I$8:$I$47,$AA318)))","v":""},{"$f":"IF(OR($J318=\"\",$AA318=\"\"),\"\",$J318*N(INDEX(Fertilisants!$J$8:$J$47,$AA318)))","v":""},{"$f":"IF(OR($J318=\"\",$AA318=\"\"),\"\",$J318*N(INDEX(Fertilisants!$K$8:$K$47,$AA318)))","v":""},"",{"$nulls":5},"",null,null,{"$f":"IF($D318=\"\",\"\",IFERROR(MATCH($D318,Îlots!$D$8:$D$57,0),\"\"))","v":""},{"$f":"IF($G318=\"\",\"\",IFERROR(MATCH($G318,Fertilisants!$B$8:$B$47,0),\"\"))","v":""},{"$f":"IF($Z318=\"\",\"\",INDEX(Îlots!$E$8:$E$57,$Z318))","v":""},{"$f":"IF($Z318=\"\",\"\",INDEX(Îlots!$G$8:$G$57,$Z318)&\"\")","v":""},{"$f":"IF($Z318=\"\",\"\",IF($F318=ApportCouvert,OccCouvert,INDEX(Îlots!$O$8:$O$57,$Z318)&\"\"))","v":""},"","","",0,0,0,0,0,{"$f":"IF($AA318=\"\",0,IF(INDEX(Fertilisants!$C$8:$C$47,$AA318)=\"Effluent d'élevage\",1,0))","v":0},{"$f":"IF($AA318=\"\",\"\",IF(INDEX(Fertilisants!$C$8:$C$47,$AA318)=\"Engrais minéral\",\"Minéral\",\"Organique\"))","v":""},"","","",{"$f":"IF(AND($D318<>\"\",$D318=FicheIlot),COUNTIF($D$8:$D318,FicheIlot),\"\")","v":""}]
[null,{"$f":"IF(C319=\"\",\"\",COUNT($C$8:C319))","v":""},null,null,{"$f":"IF($Z319=\"\",\"\",IF($F319=ApportCouvert,INDEX(Îlots!$I$8:$I$57,$Z319)&\"\",INDEX(Îlots!$N$8:$N$57,$Z319)&\"\"))","v":""},null,null,{"$f":"IF($AA319=\"\",\"\",INDEX(Fertilisants!$D$8:$D$47,$AA319)&\"\")","v":""},null,null,{"$f":"IF($AA319=\"\",\"\",INDEX(Fertilisants!$E$8:$E$47,$AA319)&\"\")","v":""},"",{"$f":"IF(OR($J319=\"\",$AA319=\"\"),\"\",$J319*N(INDEX(Fertilisants!$G$8:$G$47,$AA319)))","v":""},{"$f":"IF(OR($J319=\"\",$AA319=\"\"),\"\",$J319*N(INDEX(Fertilisants!$I$8:$I$47,$AA319)))","v":""},{"$f":"IF(OR($J319=\"\",$AA319=\"\"),\"\",$J319*N(INDEX(Fertilisants!$J$8:$J$47,$AA319)))","v":""},{"$f":"IF(OR($J319=\"\",$AA319=\"\"),\"\",$J319*N(INDEX(Fertilisants!$K$8:$K$47,$AA319)))","v":""},"",{"$nulls":5},"",null,null,{"$f":"IF($D319=\"\",\"\",IFERROR(MATCH($D319,Îlots!$D$8:$D$57,0),\"\"))","v":""},{"$f":"IF($G319=\"\",\"\",IFERROR(MATCH($G319,Fertilisants!$B$8:$B$47,0),\"\"))","v":""},{"$f":"IF($Z319=\"\",\"\",INDEX(Îlots!$E$8:$E$57,$Z319))","v":""},{"$f":"IF($Z319=\"\",\"\",INDEX(Îlots!$G$8:$G$57,$Z319)&\"\")","v":""},{"$f":"IF($Z319=\"\",\"\",IF($F319=ApportCouvert,OccCouvert,INDEX(Îlots!$O$8:$O$57,$Z319)&\"\"))","v":""},"","","",0,0,0,0,0,{"$f":"IF($AA319=\"\",0,IF(INDEX(Fertilisants!$C$8:$C$47,$AA319)=\"Effluent d'élevage\",1,0))","v":0},{"$f":"IF($AA319=\"\",\"\",IF(INDEX(Fertilisants!$C$8:$C$47,$AA319)=\"Engrais minéral\",\"Minéral\",\"Organique\"))","v":""},"","","",{"$f":"IF(AND($D319<>\"\",$D319=FicheIlot),COUNTIF($D$8:$D319,FicheIlot),\"\")","v":""}]
[null,{"$f":"IF(C320=\"\",\"\",COUNT($C$8:C320))","v":""},null,null,{"$f":"IF($Z320=\"\",\"\",IF($F320=ApportCouvert,INDEX(Îlots!$I$8:$I$57,$Z320)&\"\",INDEX(Îlots!$N$8:$N$57,$Z320)&\"\"))","v":""},null,null,{"$f":"IF($AA320=\"\",\"\",INDEX(Fertilisants!$D$8:$D$47,$AA320)&\"\")","v":""},null,null,{"$f":"IF($AA320=\"\",\"\",INDEX(Fertilisants!$E$8:$E$47,$AA320)&\"\")","v":""},"",{"$f":"IF(OR($J320=\"\",$AA320=\"\"),\"\",$J320*N(INDEX(Fertilisants!$G$8:$G$47,$AA320)))","v":""},{"$f":"IF(OR($J320=\"\",$AA320=\"\"),\"\",$J320*N(INDEX(Fertilisants!$I$8:$I$47,$AA320)))","v":""},{"$f":"IF(OR($J320=\"\",$AA320=\"\"),\"\",$J320*N(INDEX(Fertilisants!$J$8:$J$47,$AA320)))","v":""},{"$f":"IF(OR($J320=\"\",$AA320=\"\"),\"\",$J320*N(INDEX(Fertilisants!$K$8:$K$47,$AA320)))","v":""},"",{"$nulls":5},"",null,null,{"$f":"IF($D320=\"\",\"\",IFERROR(MATCH($D320,Îlots!$D$8:$D$57,0),\"\"))","v":""},{"$f":"IF($G320=\"\",\"\",IFERROR(MATCH($G320,Fertilisants!$B$8:$B$47,0),\"\"))","v":""},{"$f":"IF($Z320=\"\",\"\",INDEX(Îlots!$E$8:$E$57,$Z320))","v":""},{"$f":"IF($Z320=\"\",\"\",INDEX(Îlots!$G$8:$G$57,$Z320)&\"\")","v":""},{"$f":"IF($Z320=\"\",\"\",IF($F320=ApportCouvert,OccCouvert,INDEX(Îlots!$O$8:$O$57,$Z320)&\"\"))","v":""},"","","",0,0,0,0,0,{"$f":"IF($AA320=\"\",0,IF(INDEX(Fertilisants!$C$8:$C$47,$AA320)=\"Effluent d'élevage\",1,0))","v":0},{"$f":"IF($AA320=\"\",\"\",IF(INDEX(Fertilisants!$C$8:$C$47,$AA320)=\"Engrais minéral\",\"Minéral\",\"Organique\"))","v":""},"","","",{"$f":"IF(AND($D320<>\"\",$D320=FicheIlot),COUNTIF($D$8:$D320,FicheIlot),\"\")","v":""}]
[null,{"$f":"IF(C321=\"\",\"\",COUNT($C$8:C321))","v":""},null,null,{"$f":"IF($Z321=\"\",\"\",IF($F321=ApportCouvert,INDEX(Îlots!$I$8:$I$57,$Z321)&\"\",INDEX(Îlots!$N$8:$N$57,$Z321)&\"\"))","v":""},null,null,{"$f":"IF($AA321=\"\",\"\",INDEX(Fertilisants!$D$8:$D$47,$AA321)&\"\")","v":""},null,null,{"$f":"IF($AA321=\"\",\"\",INDEX(Fertilisants!$E$8:$E$47,$AA321)&\"\")","v":""},"",{"$f":"IF(OR($J321=\"\",$AA321=\"\"),\"\",$J321*N(INDEX(Fertilisants!$G$8:$G$47,$AA321)))","v":""},{"$f":"IF(OR($J321=\"\",$AA321=\"\"),\"\",$J321*N(INDEX(Fertilisants!$I$8:$I$47,$AA321)))","v":""},{"$f":"IF(OR($J321=\"\",$AA321=\"\"),\"\",$J321*N(INDEX(Fertilisants!$J$8:$J$47,$AA321)))","v":""},{"$f":"IF(OR($J321=\"\",$AA321=\"\"),\"\",$J321*N(INDEX(Fertilisants!$K$8:$K$47,$AA321)))","v":""},"",{"$nulls":5},"",null,null,{"$f":"IF($D321=\"\",\"\",IFERROR(MATCH($D321,Îlots!$D$8:$D$57,0),\"\"))","v":""},{"$f":"IF($G321=\"\",\"\",IFERROR(MATCH($G321,Fertilisants!$B$8:$B$47,0),\"\"))","v":""},{"$f":"IF($Z321=\"\",\"\",INDEX(Îlots!$E$8:$E$57,$Z321))","v":""},{"$f":"IF($Z321=\"\",\"\",INDEX(Îlots!$G$8:$G$57,$Z321)&\"\")","v":""},{"$f":"IF($Z321=\"\",\"\",IF($F321=ApportCouvert,OccCouvert,INDEX(Îlots!$O$8:$O$57,$Z321)&\"\"))","v":""},"","","",0,0,0,0,0,{"$f":"IF($AA321=\"\",0,IF(INDEX(Fertilisants!$C$8:$C$47,$AA321)=\"Effluent d'élevage\",1,0))","v":0},{"$f":"IF($AA321=\"\",\"\",IF(INDEX(Fertilisants!$C$8:$C$47,$AA321)=\"Engrais minéral\",\"Minéral\",\"Organique\"))","v":""},"","","",{"$f":"IF(AND($D321<>\"\",$D321=FicheIlot),COUNTIF($D$8:$D321,FicheIlot),\"\")","v":""}]
[null,{"$f":"IF(C322=\"\",\"\",COUNT($C$8:C322))","v":""},null,null,{"$f":"IF($Z322=\"\",\"\",IF($F322=ApportCouvert,INDEX(Îlots!$I$8:$I$57,$Z322)&\"\",INDEX(Îlots!$N$8:$N$57,$Z322)&\"\"))","v":""},null,null,{"$f":"IF($AA322=\"\",\"\",INDEX(Fertilisants!$D$8:$D$47,$AA322)&\"\")","v":""},null,null,{"$f":"IF($AA322=\"\",\"\",INDEX(Fertilisants!$E$8:$E$47,$AA322)&\"\")","v":""},"",{"$f":"IF(OR($J322=\"\",$AA322=\"\"),\"\",$J322*N(INDEX(Fertilisants!$G$8:$G$47,$AA322)))","v":""},{"$f":"IF(OR($J322=\"\",$AA322=\"\"),\"\",$J322*N(INDEX(Fertilisants!$I$8:$I$47,$AA322)))","v":""},{"$f":"IF(OR($J322=\"\",$AA322=\"\"),\"\",$J322*N(INDEX(Fertilisants!$J$8:$J$47,$AA322)))","v":""},{"$f":"IF(OR($J322=\"\",$AA322=\"\"),\"\",$J322*N(INDEX(Fertilisants!$K$8:$K$47,$AA322)))","v":""},"",{"$nulls":5},"",null,null,{"$f":"IF($D322=\"\",\"\",IFERROR(MATCH($D322,Îlots!$D$8:$D$57,0),\"\"))","v":""},{"$f":"IF($G322=\"\",\"\",IFERROR(MATCH($G322,Fertilisants!$B$8:$B$47,0),\"\"))","v":""},{"$f":"IF($Z322=\"\",\"\",INDEX(Îlots!$E$8:$E$57,$Z322))","v":""},{"$f":"IF($Z322=\"\",\"\",INDEX(Îlots!$G$8:$G$57,$Z322)&\"\")","v":""},{"$f":"IF($Z322=\"\",\"\",IF($F322=ApportCouvert,OccCouvert,INDEX(Îlots!$O$8:$O$57,$Z322)&\"\"))","v":""},"","","",0,0,0,0,0,{"$f":"IF($AA322=\"\",0,IF(INDEX(Fertilisants!$C$8:$C$47,$AA322)=\"Effluent d'élevage\",1,0))","v":0},{"$f":"IF($AA322=\"\",\"\",IF(INDEX(Fertilisants!$C$8:$C$47,$AA322)=\"Engrais minéral\",\"Minéral\",\"Organique\"))","v":""},"","","",{"$f":"IF(AND($D322<>\"\",$D322=FicheIlot),COUNTIF($D$8:$D322,FicheIlot),\"\")","v":""}]
[null,{"$f":"IF(C323=\"\",\"\",COUNT($C$8:C323))","v":""},null,null,{"$f":"IF($Z323=\"\",\"\",IF($F323=ApportCouvert,INDEX(Îlots!$I$8:$I$57,$Z323)&\"\",INDEX(Îlots!$N$8:$N$57,$Z323)&\"\"))","v":""},null,null,{"$f":"IF($AA323=\"\",\"\",INDEX(Fertilisants!$D$8:$D$47,$AA323)&\"\")","v":""},null,null,{"$f":"IF($AA323=\"\",\"\",INDEX(Fertilisants!$E$8:$E$47,$AA323)&\"\")","v":""},"",{"$f":"IF(OR($J323=\"\",$AA323=\"\"),\"\",$J323*N(INDEX(Fertilisants!$G$8:$G$47,$AA323)))","v":""},{"$f":"IF(OR($J323=\"\",$AA323=\"\"),\"\",$J323*N(INDEX(Fertilisants!$I$8:$I$47,$AA323)))","v":""},{"$f":"IF(OR($J323=\"\",$AA323=\"\"),\"\",$J323*N(INDEX(Fertilisants!$J$8:$J$47,$AA323)))","v":""},{"$f":"IF(OR($J323=\"\",$AA323=\"\"),\"\",$J323*N(INDEX(Fertilisants!$K$8:$K$47,$AA323)))","v":""},"",{"$nulls":5},"",null,null,{"$f":"IF($D323=\"\",\"\",IFERROR(MATCH($D323,Îlots!$D$8:$D$57,0),\"\"))","v":""},{"$f":"IF($G323=\"\",\"\",IFERROR(MATCH($G323,Fertilisants!$B$8:$B$47,0),\"\"))","v":""},{"$f":"IF($Z323=\"\",\"\",INDEX(Îlots!$E$8:$E$57,$Z323))","v":""},{"$f":"IF($Z323=\"\",\"\",INDEX(Îlots!$G$8:$G$57,$Z323)&\"\")","v":""},{"$f":"IF($Z323=\"\",\"\",IF($F323=ApportCouvert,OccCouvert,INDEX(Îlots!$O$8:$O$57,$Z323)&\"\"))","v":""},"","","",0,0,0,0,0,{"$f":"IF($AA323=\"\",0,IF(INDEX(Fertilisants!$C$8:$C$47,$AA323)=\"Effluent d'élevage\",1,0))","v":0},{"$f":"IF($AA323=\"\",\"\",IF(INDEX(Fertilisants!$C$8:$C$47,$AA323)=\"Engrais minéral\",\"Minéral\",\"Organique\"))","v":""},"","","",{"$f":"IF(AND($D323<>\"\",$D323=FicheIlot),COUNTIF($D$8:$D323,FicheIlot),\"\")","v":""}]
[null,{"$f":"IF(C324=\"\",\"\",COUNT($C$8:C324))","v":""},null,null,{"$f":"IF($Z324=\"\",\"\",IF($F324=ApportCouvert,INDEX(Îlots!$I$8:$I$57,$Z324)&\"\",INDEX(Îlots!$N$8:$N$57,$Z324)&\"\"))","v":""},null,null,{"$f":"IF($AA324=\"\",\"\",INDEX(Fertilisants!$D$8:$D$47,$AA324)&\"\")","v":""},null,null,{"$f":"IF($AA324=\"\",\"\",INDEX(Fertilisants!$E$8:$E$47,$AA324)&\"\")","v":""},"",{"$f":"IF(OR($J324=\"\",$AA324=\"\"),\"\",$J324*N(INDEX(Fertilisants!$G$8:$G$47,$AA324)))","v":""},{"$f":"IF(OR($J324=\"\",$AA324=\"\"),\"\",$J324*N(INDEX(Fertilisants!$I$8:$I$47,$AA324)))","v":""},{"$f":"IF(OR($J324=\"\",$AA324=\"\"),\"\",$J324*N(INDEX(Fertilisants!$J$8:$J$47,$AA324)))","v":""},{"$f":"IF(OR($J324=\"\",$AA324=\"\"),\"\",$J324*N(INDEX(Fertilisants!$K$8:$K$47,$AA324)))","v":""},"",{"$nulls":5},"",null,null,{"$f":"IF($D324=\"\",\"\",IFERROR(MATCH($D324,Îlots!$D$8:$D$57,0),\"\"))","v":""},{"$f":"IF($G324=\"\",\"\",IFERROR(MATCH($G324,Fertilisants!$B$8:$B$47,0),\"\"))","v":""},{"$f":"IF($Z324=\"\",\"\",INDEX(Îlots!$E$8:$E$57,$Z324))","v":""},{"$f":"IF($Z324=\"\",\"\",INDEX(Îlots!$G$8:$G$57,$Z324)&\"\")","v":""},{"$f":"IF($Z324=\"\",\"\",IF($F324=ApportCouvert,OccCouvert,INDEX(Îlots!$O$8:$O$57,$Z324)&\"\"))","v":""},"","","",0,0,0,0,0,{"$f":"IF($AA324=\"\",0,IF(INDEX(Fertilisants!$C$8:$C$47,$AA324)=\"Effluent d'élevage\",1,0))","v":0},{"$f":"IF($AA324=\"\",\"\",IF(INDEX(Fertilisants!$C$8:$C$47,$AA324)=\"Engrais minéral\",\"Minéral\",\"Organique\"))","v":""},"","","",{"$f":"IF(AND($D324<>\"\",$D324=FicheIlot),COUNTIF($D$8:$D324,FicheIlot),\"\")","v":""}]
[null,{"$f":"IF(C325=\"\",\"\",COUNT($C$8:C325))","v":""},null,null,{"$f":"IF($Z325=\"\",\"\",IF($F325=ApportCouvert,INDEX(Îlots!$I$8:$I$57,$Z325)&\"\",INDEX(Îlots!$N$8:$N$57,$Z325)&\"\"))","v":""},null,null,{"$f":"IF($AA325=\"\",\"\",INDEX(Fertilisants!$D$8:$D$47,$AA325)&\"\")","v":""},null,null,{"$f":"IF($AA325=\"\",\"\",INDEX(Fertilisants!$E$8:$E$47,$AA325)&\"\")","v":""},"",{"$f":"IF(OR($J325=\"\",$AA325=\"\"),\"\",$J325*N(INDEX(Fertilisants!$G$8:$G$47,$AA325)))","v":""},{"$f":"IF(OR($J325=\"\",$AA325=\"\"),\"\",$J325*N(INDEX(Fertilisants!$I$8:$I$47,$AA325)))","v":""},{"$f":"IF(OR($J325=\"\",$AA325=\"\"),\"\",$J325*N(INDEX(Fertilisants!$J$8:$J$47,$AA325)))","v":""},{"$f":"IF(OR($J325=\"\",$AA325=\"\"),\"\",$J325*N(INDEX(Fertilisants!$K$8:$K$47,$AA325)))","v":""},"",{"$nulls":5},"",null,null,{"$f":"IF($D325=\"\",\"\",IFERROR(MATCH($D325,Îlots!$D$8:$D$57,0),\"\"))","v":""},{"$f":"IF($G325=\"\",\"\",IFERROR(MATCH($G325,Fertilisants!$B$8:$B$47,0),\"\"))","v":""},{"$f":"IF($Z325=\"\",\"\",INDEX(Îlots!$E$8:$E$57,$Z325))","v":""},{"$f":"IF($Z325=\"\",\"\",INDEX(Îlots!$G$8:$G$57,$Z325)&\"\")","v":""},{"$f":"IF($Z325=\"\",\"\",IF($F325=ApportCouvert,OccCouvert,INDEX(Îlots!$O$8:$O$57,$Z325)&\"\"))","v":""},"","","",0,0,0,0,0,{"$f":"IF($AA325=\"\",0,IF(INDEX(Fertilisants!$C$8:$C$47,$AA325)=\"Effluent d'élevage\",1,0))","v":0},{"$f":"IF($AA325=\"\",\"\",IF(INDEX(Fertilisants!$C$8:$C$47,$AA325)=\"Engrais minéral\",\"Minéral\",\"Organique\"))","v":""},"","","",{"$f":"IF(AND($D325<>\"\",$D325=FicheIlot),COUNTIF($D$8:$D325,FicheIlot),\"\")","v":""}]
[null,{"$f":"IF(C326=\"\",\"\",COUNT($C$8:C326))","v":""},null,null,{"$f":"IF($Z326=\"\",\"\",IF($F326=ApportCouvert,INDEX(Îlots!$I$8:$I$57,$Z326)&\"\",INDEX(Îlots!$N$8:$N$57,$Z326)&\"\"))","v":""},null,null,{"$f":"IF($AA326=\"\",\"\",INDEX(Fertilisants!$D$8:$D$47,$AA326)&\"\")","v":""},null,null,{"$f":"IF($AA326=\"\",\"\",INDEX(Fertilisants!$E$8:$E$47,$AA326)&\"\")","v":""},"",{"$f":"IF(OR($J326=\"\",$AA326=\"\"),\"\",$J326*N(INDEX(Fertilisants!$G$8:$G$47,$AA326)))","v":""},{"$f":"IF(OR($J326=\"\",$AA326=\"\"),\"\",$J326*N(INDEX(Fertilisants!$I$8:$I$47,$AA326)))","v":""},{"$f":"IF(OR($J326=\"\",$AA326=\"\"),\"\",$J326*N(INDEX(Fertilisants!$J$8:$J$47,$AA326)))","v":""},{"$f":"IF(OR($J326=\"\",$AA326=\"\"),\"\",$J326*N(INDEX(Fertilisants!$K$8:$K$47,$AA326)))","v":""},"",{"$nulls":5},"",null,null,{"$f":"IF($D326=\"\",\"\",IFERROR(MATCH($D326,Îlots!$D$8:$D$57,0),\"\"))","v":""},{"$f":"IF($G326=\"\",\"\",IFERROR(MATCH($G326,Fertilisants!$B$8:$B$47,0),\"\"))","v":""},{"$f":"IF($Z326=\"\",\"\",INDEX(Îlots!$E$8:$E$57,$Z326))","v":""},{"$f":"IF($Z326=\"\",\"\",INDEX(Îlots!$G$8:$G$57,$Z326)&\"\")","v":""},{"$f":"IF($Z326=\"\",\"\",IF($F326=ApportCouvert,OccCouvert,INDEX(Îlots!$O$8:$O$57,$Z326)&\"\"))","v":""},"","","",0,0,0,0,0,{"$f":"IF($AA326=\"\",0,IF(INDEX(Fertilisants!$C$8:$C$47,$AA326)=\"Effluent d'élevage\",1,0))","v":0},{"$f":"IF($AA326=\"\",\"\",IF(INDEX(Fertilisants!$C$8:$C$47,$AA326)=\"Engrais minéral\",\"Minéral\",\"Organique\"))","v":""},"","","",{"$f":"IF(AND($D326<>\"\",$D326=FicheIlot),COUNTIF($D$8:$D326,FicheIlot),\"\")","v":""}]
[null,{"$f":"IF(C327=\"\",\"\",COUNT($C$8:C327))","v":""},null,null,{"$f":"IF($Z327=\"\",\"\",IF($F327=ApportCouvert,INDEX(Îlots!$I$8:$I$57,$Z327)&\"\",INDEX(Îlots!$N$8:$N$57,$Z327)&\"\"))","v":""},null,null,{"$f":"IF($AA327=\"\",\"\",INDEX(Fertilisants!$D$8:$D$47,$AA327)&\"\")","v":""},null,null,{"$f":"IF($AA327=\"\",\"\",INDEX(Fertilisants!$E$8:$E$47,$AA327)&\"\")","v":""},"",{"$f":"IF(OR($J327=\"\",$AA327=\"\"),\"\",$J327*N(INDEX(Fertilisants!$G$8:$G$47,$AA327)))","v":""},{"$f":"IF(OR($J327=\"\",$AA327=\"\"),\"\",$J327*N(INDEX(Fertilisants!$I$8:$I$47,$AA327)))","v":""},{"$f":"IF(OR($J327=\"\",$AA327=\"\"),\"\",$J327*N(INDEX(Fertilisants!$J$8:$J$47,$AA327)))","v":""},{"$f":"IF(OR($J327=\"\",$AA327=\"\"),\"\",$J327*N(INDEX(Fertilisants!$K$8:$K$47,$AA327)))","v":""},"",{"$nulls":5},"",null,null,{"$f":"IF($D327=\"\",\"\",IFERROR(MATCH($D327,Îlots!$D$8:$D$57,0),\"\"))","v":""},{"$f":"IF($G327=\"\",\"\",IFERROR(MATCH($G327,Fertilisants!$B$8:$B$47,0),\"\"))","v":""},{"$f":"IF($Z327=\"\",\"\",INDEX(Îlots!$E$8:$E$57,$Z327))","v":""},{"$f":"IF($Z327=\"\",\"\",INDEX(Îlots!$G$8:$G$57,$Z327)&\"\")","v":""},{"$f":"IF($Z327=\"\",\"\",IF($F327=ApportCouvert,OccCouvert,INDEX(Îlots!$O$8:$O$57,$Z327)&\"\"))","v":""},"","","",0,0,0,0,0,{"$f":"IF($AA327=\"\",0,IF(INDEX(Fertilisants!$C$8:$C$47,$AA327)=\"Effluent d'élevage\",1,0))","v":0},{"$f":"IF($AA327=\"\",\"\",IF(INDEX(Fertilisants!$C$8:$C$47,$AA327)=\"Engrais minéral\",\"Minéral\",\"Organique\"))","v":""},"","","",{"$f":"IF(AND($D327<>\"\",$D327=FicheIlot),COUNTIF($D$8:$D327,FicheIlot),\"\")","v":""}]
[null,{"$f":"IF(C328=\"\",\"\",COUNT($C$8:C328))","v":""},null,null,{"$f":"IF($Z328=\"\",\"\",IF($F328=ApportCouvert,INDEX(Îlots!$I$8:$I$57,$Z328)&\"\",INDEX(Îlots!$N$8:$N$57,$Z328)&\"\"))","v":""},null,null,{"$f":"IF($AA328=\"\",\"\",INDEX(Fertilisants!$D$8:$D$47,$AA328)&\"\")","v":""},null,null,{"$f":"IF($AA328=\"\",\"\",INDEX(Fertilisants!$E$8:$E$47,$AA328)&\"\")","v":""},{"$f":"IF(OR($I328=\"\",$J328=\"\"),\"\",$I328*$J328)","v":""},{"$f":"IF(OR($J328=\"\",$AA328=\"\"),\"\",$J328*N(INDEX(Fertilisants!$G$8:$G$47,$AA328)))","v":""},{"$f":"IF(OR($J328=\"\",$AA328=\"\"),\"\",$J328*N(INDEX(Fertilisants!$I$8:$I$47,$AA328)))","v":""},{"$f":"IF(OR($J328=\"\",$AA328=\"\"),\"\",$J328*N(INDEX(Fertilisants!$J$8:$J$47,$AA328)))","v":""},{"$f":"IF(OR($J328=\"\",$AA328=\"\"),\"\",$J328*N(INDEX(Fertilisants!$K$8:$K$47,$AA328)))","v":""},{"$f":"IF(OR($I328=\"\",$M328=\"\"),\"\",$I328*$M328)","v":""},{"$nulls":5},{"$f":"IF($C328=\"\",\"\",IF(OR($D328=\"\",$G328=\"\",$I328=\"\",$J328=\"\"),\"Incomplet\",IF(OR($R328=\"Enneigé\",$R328=\"Détrempé\",$R328=\"Inondé\",AND($R328=\"Gelé\",$H328<>\"Type 0\",$H328<>\"Type Ia\")),\"Sol interdit\",IF($AL328=1,\"Période interdite\",IF(AND(ISNUMBER($AB328),$I328>$AB328+0.001),\"Surface > îlot\",IF(OR($C328<DebutCampagne,$C328>FinCampagne),\"Hors campagne\",IF(AND(ISNUMBER($V328),$V328-$C328>DelaiSaisie),\"Saisie tardive\",\"Conforme\")))))))","v":""},null,null,{"$f":"IF($D328=\"\",\"\",IFERROR(MATCH($D328,Îlots!$D$8:$D$57,0),\"\"))","v":""},{"$f":"IF($G328=\"\",\"\",IFERROR(MATCH($G328,Fertilisants!$B$8:$B$47,0),\"\"))","v":""},{"$f":"IF($Z328=\"\",\"\",INDEX(Îlots!$E$8:$E$57,$Z328))","v":""},{"$f":"IF($Z328=\"\",\"\",INDEX(Îlots!$G$8:$G$57,$Z328)&\"\")","v":""},{"$f":"IF($Z328=\"\",\"\",IF($F328=ApportCouvert,OccCouvert,INDEX(Îlots!$O$8:$O$57,$Z328)&\"\"))","v":""},{"$f":"IF(OR($AD328=\"\",$AC328=\"Non\",ZoneVulnerable=\"Non\"),\"\",IFERROR(MATCH($AD328,CalOccupations,0),\"\"))","v":""},{"$f":"IF($H328=\"\",\"\",IFERROR(MATCH($H328,CalTypes,0),\"\"))","v":""},{"$f":"IF(ISNUMBER($C328),MONTH($C328)*100+DAY($C328),\"\")","v":""},{"$f":"IF(OR($AE328=\"\",$AF328=\"\"),0,IF(N(INDEX(CalPrincipal,$AE328,$AF328+0))=0,0,MONTH(INDEX(CalPrincipal,$AE328,$AF328+0))*100+DAY(INDEX(CalPrincipal,$AE328,$AF328+0))))","v":0},{"$f":"IF(OR($AE328=\"\",$AF328=\"\"),0,IF(N(INDEX(CalPrincipal,$AE328,$AF328+1))=0,0,MONTH(INDEX(CalPrincipal,$AE328,$AF328+1))*100+DAY(INDEX(CalPrincipal,$AE328,$AF328+1))))","v":0},{"$f":"IF(OR($AE328=\"\",$AF328=\"\"),0,IF(N(INDEX(CalComplement,$AE328,$AF328+0))=0,0,MONTH(INDEX(CalComplement,$AE328,$AF328+0))*100+DAY(INDEX(CalComplement,$AE328,$AF328+0))))","v":0},{"$f":"IF(OR($AE328=\"\",$AF328=\"\"),0,IF(N(INDEX(CalComplement,$AE328,$AF328+1))=0,0,MONTH(INDEX(CalComplement,$AE328,$AF328+1))*100+DAY(INDEX(CalComplement,$AE328,$AF328+1))))","v":0},{"$f":"IF(OR($AE328=\"\",$AF328=\"\",$AG328=\"\"),0,IF(OR(AND($AH328>0,IF($AH328<=$AI328,AND($AG328>=$AH328,$AG328<=$AI328),OR($AG328>=$AH328,$AG328<=$AI328))),AND($AJ328>0,IF($AJ328<=$AK328,AND($AG328>=$AJ328,$AG328<=$AK328),OR($AG328>=$AJ328,$AG328<=$AK328)))),1,0))","v":0},{"$f":"IF($AA328=\"\",0,IF(INDEX(Fertilisants!$C$8:$C$47,$AA328)=\"Effluent d'élevage\",1,0))","v":0},{"$f":"IF($AA328=\"\",\"\",IF(INDEX(Fertilisants!$C$8:$C$47,$AA328)=\"Engrais minéral\",\"Minéral\",\"Organique\"))","v":""},{"$f":"IF(OR($I328=\"\",$N328=\"\"),\"\",$I328*$N328)","v":""},{"$f":"IF(OR($I328=\"\",$O328=\"\"),\"\",$I328*$O328)","v":""},{"$f":"IF(OR($I328=\"\",$P328=\"\"),\"\",$I328*$P328)","v":""},{"$f":"IF(AND($D328<>\"\",$D328=FicheIlot),COUNTIF($D$8:$D328,FicheIlot),\"\")","v":""}]
[null,{"$f":"IF(C329=\"\",\"\",COUNT($C$8:C329))","v":""},null,null,{"$f":"IF($Z329=\"\",\"\",IF($F329=ApportCouvert,INDEX(Îlots!$I$8:$I$57,$Z329)&\"\",INDEX(Îlots!$N$8:$N$57,$Z329)&\"\"))","v":""},null,null,{"$f":"IF($AA329=\"\",\"\",INDEX(Fertilisants!$D$8:$D$47,$AA329)&\"\")","v":""},null,null,{"$f":"IF($AA329=\"\",\"\",INDEX(Fertilisants!$E$8:$E$47,$AA329)&\"\")","v":""},"",{"$f":"IF(OR($J329=\"\",$AA329=\"\"),\"\",$J329*N(INDEX(Fertilisants!$G$8:$G$47,$AA329)))","v":""},{"$f":"IF(OR($J329=\"\",$AA329=\"\"),\"\",$J329*N(INDEX(Fertilisants!$I$8:$I$47,$AA329)))","v":""},{"$f":"IF(OR($J329=\"\",$AA329=\"\"),\"\",$J329*N(INDEX(Fertilisants!$J$8:$J$47,$AA329)))","v":""},{"$f":"IF(OR($J329=\"\",$AA329=\"\"),\"\",$J329*N(INDEX(Fertilisants!$K$8:$K$47,$AA329)))","v":""},"",{"$nulls":5},"",null,null,{"$f":"IF($D329=\"\",\"\",IFERROR(MATCH($D329,Îlots!$D$8:$D$57,0),\"\"))","v":""},{"$f":"IF($G329=\"\",\"\",IFERROR(MATCH($G329,Fertilisants!$B$8:$B$47,0),\"\"))","v":""},{"$f":"IF($Z329=\"\",\"\",INDEX(Îlots!$E$8:$E$57,$Z329))","v":""},{"$f":"IF($Z329=\"\",\"\",INDEX(Îlots!$G$8:$G$57,$Z329)&\"\")","v":""},{"$f":"IF($Z329=\"\",\"\",IF($F329=ApportCouvert,OccCouvert,INDEX(Îlots!$O$8:$O$57,$Z329)&\"\"))","v":""},"","","",0,0,0,0,0,{"$f":"IF($AA329=\"\",0,IF(INDEX(Fertilisants!$C$8:$C$47,$AA329)=\"Effluent d'élevage\",1,0))","v":0},{"$f":"IF($AA329=\"\",\"\",IF(INDEX(Fertilisants!$C$8:$C$47,$AA329)=\"Engrais minéral\",\"Minéral\",\"Organique\"))","v":""},"","","",{"$f":"IF(AND($D329<>\"\",$D329=FicheIlot),COUNTIF($D$8:$D329,FicheIlot),\"\")","v":""}]
[null,{"$f":"IF(C330=\"\",\"\",COUNT($C$8:C330))","v":""},null,null,{"$f":"IF($Z330=\"\",\"\",IF($F330=ApportCouvert,INDEX(Îlots!$I$8:$I$57,$Z330)&\"\",INDEX(Îlots!$N$8:$N$57,$Z330)&\"\"))","v":""},null,null,{"$f":"IF($AA330=\"\",\"\",INDEX(Fertilisants!$D$8:$D$47,$AA330)&\"\")","v":""},null,null,{"$f":"IF($AA330=\"\",\"\",INDEX(Fertilisants!$E$8:$E$47,$AA330)&\"\")","v":""},"",{"$f":"IF(OR($J330=\"\",$AA330=\"\"),\"\",$J330*N(INDEX(Fertilisants!$G$8:$G$47,$AA330)))","v":""},{"$f":"IF(OR($J330=\"\",$AA330=\"\"),\"\",$J330*N(INDEX(Fertilisants!$I$8:$I$47,$AA330)))","v":""},{"$f":"IF(OR($J330=\"\",$AA330=\"\"),\"\",$J330*N(INDEX(Fertilisants!$J$8:$J$47,$AA330)))","v":""},{"$f":"IF(OR($J330=\"\",$AA330=\"\"),\"\",$J330*N(INDEX(Fertilisants!$K$8:$K$47,$AA330)))","v":""},"",{"$nulls":5},"",null,null,{"$f":"IF($D330=\"\",\"\",IFERROR(MATCH($D330,Îlots!$D$8:$D$57,0),\"\"))","v":""},{"$f":"IF($G330=\"\",\"\",IFERROR(MATCH($G330,Fertilisants!$B$8:$B$47,0),\"\"))","v":""},{"$f":"IF($Z330=\"\",\"\",INDEX(Îlots!$E$8:$E$57,$Z330))","v":""},{"$f":"IF($Z330=\"\",\"\",INDEX(Îlots!$G$8:$G$57,$Z330)&\"\")","v":""},{"$f":"IF($Z330=\"\",\"\",IF($F330=ApportCouvert,OccCouvert,INDEX(Îlots!$O$8:$O$57,$Z330)&\"\"))","v":""},"","","",0,0,0,0,0,{"$f":"IF($AA330=\"\",0,IF(INDEX(Fertilisants!$C$8:$C$47,$AA330)=\"Effluent d'élevage\",1,0))","v":0},{"$f":"IF($AA330=\"\",\"\",IF(INDEX(Fertilisants!$C$8:$C$47,$AA330)=\"Engrais minéral\",\"Minéral\",\"Organique\"))","v":""},"","","",{"$f":"IF(AND($D330<>\"\",$D330=FicheIlot),COUNTIF($D$8:$D330,FicheIlot),\"\")","v":""}]
[null,{"$f":"IF(C331=\"\",\"\",COUNT($C$8:C331))","v":""},null,null,{"$f":"IF($Z331=\"\",\"\",IF($F331=ApportCouvert,INDEX(Îlots!$I$8:$I$57,$Z331)&\"\",INDEX(Îlots!$N$8:$N$57,$Z331)&\"\"))","v":""},null,null,{"$f":"IF($AA331=\"\",\"\",INDEX(Fertilisants!$D$8:$D$47,$AA331)&\"\")","v":""},null,null,{"$f":"IF($AA331=\"\",\"\",INDEX(Fertilisants!$E$8:$E$47,$AA331)&\"\")","v":""},"",{"$f":"IF(OR($J331=\"\",$AA331=\"\"),\"\",$J331*N(INDEX(Fertilisants!$G$8:$G$47,$AA331)))","v":""},{"$f":"IF(OR($J331=\"\",$AA331=\"\"),\"\",$J331*N(INDEX(Fertilisants!$I$8:$I$47,$AA331)))","v":""},{"$f":"IF(OR($J331=\"\",$AA331=\"\"),\"\",$J331*N(INDEX(Fertilisants!$J$8:$J$47,$AA331)))","v":""},{"$f":"IF(OR($J331=\"\",$AA331=\"\"),\"\",$J331*N(INDEX(Fertilisants!$K$8:$K$47,$AA331)))","v":""},"",{"$nulls":5},"",null,null,{"$f":"IF($D331=\"\",\"\",IFERROR(MATCH($D331,Îlots!$D$8:$D$57,0),\"\"))","v":""},{"$f":"IF($G331=\"\",\"\",IFERROR(MATCH($G331,Fertilisants!$B$8:$B$47,0),\"\"))","v":""},{"$f":"IF($Z331=\"\",\"\",INDEX(Îlots!$E$8:$E$57,$Z331))","v":""},{"$f":"IF($Z331=\"\",\"\",INDEX(Îlots!$G$8:$G$57,$Z331)&\"\")","v":""},{"$f":"IF($Z331=\"\",\"\",IF($F331=ApportCouvert,OccCouvert,INDEX(Îlots!$O$8:$O$57,$Z331)&\"\"))","v":""},"","","",0,0,0,0,0,{"$f":"IF($AA331=\"\",0,IF(INDEX(Fertilisants!$C$8:$C$47,$AA331)=\"Effluent d'élevage\",1,0))","v":0},{"$f":"IF($AA331=\"\",\"\",IF(INDEX(Fertilisants!$C$8:$C$47,$AA331)=\"Engrais minéral\",\"Minéral\",\"Organique\"))","v":""},"","","",{"$f":"IF(AND($D331<>\"\",$D331=FicheIlot),COUNTIF($D$8:$D331,FicheIlot),\"\")","v":""}]
[null,{"$f":"IF(C332=\"\",\"\",COUNT($C$8:C332))","v":""},null,null,{"$f":"IF($Z332=\"\",\"\",IF($F332=ApportCouvert,INDEX(Îlots!$I$8:$I$57,$Z332)&\"\",INDEX(Îlots!$N$8:$N$57,$Z332)&\"\"))","v":""},null,null,{"$f":"IF($AA332=\"\",\"\",INDEX(Fertilisants!$D$8:$D$47,$AA332)&\"\")","v":""},null,null,{"$f":"IF($AA332=\"\",\"\",INDEX(Fertilisants!$E$8:$E$47,$AA332)&\"\")","v":""},"",{"$f":"IF(OR($J332=\"\",$AA332=\"\"),\"\",$J332*N(INDEX(Fertilisants!$G$8:$G$47,$AA332)))","v":""},{"$f":"IF(OR($J332=\"\",$AA332=\"\"),\"\",$J332*N(INDEX(Fertilisants!$I$8:$I$47,$AA332)))","v":""},{"$f":"IF(OR($J332=\"\",$AA332=\"\"),\"\",$J332*N(INDEX(Fertilisants!$J$8:$J$47,$AA332)))","v":""},{"$f":"IF(OR($J332=\"\",$AA332=\"\"),\"\",$J332*N(INDEX(Fertilisants!$K$8:$K$47,$AA332)))","v":""},"",{"$nulls":5},"",null,null,{"$f":"IF($D332=\"\",\"\",IFERROR(MATCH($D332,Îlots!$D$8:$D$57,0),\"\"))","v":""},{"$f":"IF($G332=\"\",\"\",IFERROR(MATCH($G332,Fertilisants!$B$8:$B$47,0),\"\"))","v":""},{"$f":"IF($Z332=\"\",\"\",INDEX(Îlots!$E$8:$E$57,$Z332))","v":""},{"$f":"IF($Z332=\"\",\"\",INDEX(Îlots!$G$8:$G$57,$Z332)&\"\")","v":""},{"$f":"IF($Z332=\"\",\"\",IF($F332=ApportCouvert,OccCouvert,INDEX(Îlots!$O$8:$O$57,$Z332)&\"\"))","v":""},"","","",0,0,0,0,0,{"$f":"IF($AA332=\"\",0,IF(INDEX(Fertilisants!$C$8:$C$47,$AA332)=\"Effluent d'élevage\",1,0))","v":0},{"$f":"IF($AA332=\"\",\"\",IF(INDEX(Fertilisants!$C$8:$C$47,$AA332)=\"Engrais minéral\",\"Minéral\",\"Organique\"))","v":""},"","","",{"$f":"IF(AND($D332<>\"\",$D332=FicheIlot),COUNTIF($D$8:$D332,FicheIlot),\"\")","v":""}]
[null,{"$f":"IF(C333=\"\",\"\",COUNT($C$8:C333))","v":""},null,null,{"$f":"IF($Z333=\"\",\"\",IF($F333=ApportCouvert,INDEX(Îlots!$I$8:$I$57,$Z333)&\"\",INDEX(Îlots!$N$8:$N$57,$Z333)&\"\"))","v":""},null,null,{"$f":"IF($AA333=\"\",\"\",INDEX(Fertilisants!$D$8:$D$47,$AA333)&\"\")","v":""},null,null,{"$f":"IF($AA333=\"\",\"\",INDEX(Fertilisants!$E$8:$E$47,$AA333)&\"\")","v":""},"",{"$f":"IF(OR($J333=\"\",$AA333=\"\"),\"\",$J333*N(INDEX(Fertilisants!$G$8:$G$47,$AA333)))","v":""},{"$f":"IF(OR($J333=\"\",$AA333=\"\"),\"\",$J333*N(INDEX(Fertilisants!$I$8:$I$47,$AA333)))","v":""},{"$f":"IF(OR($J333=\"\",$AA333=\"\"),\"\",$J333*N(INDEX(Fertilisants!$J$8:$J$47,$AA333)))","v":""},{"$f":"IF(OR($J333=\"\",$AA333=\"\"),\"\",$J333*N(INDEX(Fertilisants!$K$8:$K$47,$AA333)))","v":""},"",{"$nulls":5},"",null,null,{"$f":"IF($D333=\"\",\"\",IFERROR(MATCH($D333,Îlots!$D$8:$D$57,0),\"\"))","v":""},{"$f":"IF($G333=\"\",\"\",IFERROR(MATCH($G333,Fertilisants!$B$8:$B$47,0),\"\"))","v":""},{"$f":"IF($Z333=\"\",\"\",INDEX(Îlots!$E$8:$E$57,$Z333))","v":""},{"$f":"IF($Z333=\"\",\"\",INDEX(Îlots!$G$8:$G$57,$Z333)&\"\")","v":""},{"$f":"IF($Z333=\"\",\"\",IF($F333=ApportCouvert,OccCouvert,INDEX(Îlots!$O$8:$O$57,$Z333)&\"\"))","v":""},"","","",0,0,0,0,0,{"$f":"IF($AA333=\"\",0,IF(INDEX(Fertilisants!$C$8:$C$47,$AA333)=\"Effluent d'élevage\",1,0))","v":0},{"$f":"IF($AA333=\"\",\"\",IF(INDEX(Fertilisants!$C$8:$C$47,$AA333)=\"Engrais minéral\",\"Minéral\",\"Organique\"))","v":""},"","","",{"$f":"IF(AND($D333<>\"\",$D333=FicheIlot),COUNTIF($D$8:$D333,FicheIlot),\"\")","v":""}]
[null,{"$f":"IF(C334=\"\",\"\",COUNT($C$8:C334))","v":""},null,null,{"$f":"IF($Z334=\"\",\"\",IF($F334=ApportCouvert,INDEX(Îlots!$I$8:$I$57,$Z334)&\"\",INDEX(Îlots!$N$8:$N$57,$Z334)&\"\"))","v":""},null,null,{"$f":"IF($AA334=\"\",\"\",INDEX(Fertilisants!$D$8:$D$47,$AA334)&\"\")","v":""},null,null,{"$f":"IF($AA334=\"\",\"\",INDEX(Fertilisants!$E$8:$E$47,$AA334)&\"\")","v":""},"",{"$f":"IF(OR($J334=\"\",$AA334=\"\"),\"\",$J334*N(INDEX(Fertilisants!$G$8:$G$47,$AA334)))","v":""},{"$f":"IF(OR($J334=\"\",$AA334=\"\"),\"\",$J334*N(INDEX(Fertilisants!$I$8:$I$47,$AA334)))","v":""},{"$f":"IF(OR($J334=\"\",$AA334=\"\"),\"\",$J334*N(INDEX(Fertilisants!$J$8:$J$47,$AA334)))","v":""},{"$f":"IF(OR($J334=\"\",$AA334=\"\"),\"\",$J334*N(INDEX(Fertilisants!$K$8:$K$47,$AA334)))","v":""},"",{"$nulls":5},"",null,null,{"$f":"IF($D334=\"\",\"\",IFERROR(MATCH($D334,Îlots!$D$8:$D$57,0),\"\"))","v":""},{"$f":"IF($G334=\"\",\"\",IFERROR(MATCH($G334,Fertilisants!$B$8:$B$47,0),\"\"))","v":""},{"$f":"IF($Z334=\"\",\"\",INDEX(Îlots!$E$8:$E$57,$Z334))","v":""},{"$f":"IF($Z334=\"\",\"\",INDEX(Îlots!$G$8:$G$57,$Z334)&\"\")","v":""},{"$f":"IF($Z334=\"\",\"\",IF($F334=ApportCouvert,OccCouvert,INDEX(Îlots!$O$8:$O$57,$Z334)&\"\"))","v":""},"","","",0,0,0,0,0,{"$f":"IF($AA334=\"\",0,IF(INDEX(Fertilisants!$C$8:$C$47,$AA334)=\"Effluent d'élevage\",1,0))","v":0},{"$f":"IF($AA334=\"\",\"\",IF(INDEX(Fertilisants!$C$8:$C$47,$AA334)=\"Engrais minéral\",\"Minéral\",\"Organique\"))","v":""},"","","",{"$f":"IF(AND($D334<>\"\",$D334=FicheIlot),COUNTIF($D$8:$D334,FicheIlot),\"\")","v":""}]
[null,{"$f":"IF(C335=\"\",\"\",COUNT($C$8:C335))","v":""},null,null,{"$f":"IF($Z335=\"\",\"\",IF($F335=ApportCouvert,INDEX(Îlots!$I$8:$I$57,$Z335)&\"\",INDEX(Îlots!$N$8:$N$57,$Z335)&\"\"))","v":""},null,null,{"$f":"IF($AA335=\"\",\"\",INDEX(Fertilisants!$D$8:$D$47,$AA335)&\"\")","v":""},null,null,{"$f":"IF($AA335=\"\",\"\",INDEX(Fertilisants!$E$8:$E$47,$AA335)&\"\")","v":""},"",{"$f":"IF(OR($J335=\"\",$AA335=\"\"),\"\",$J335*N(INDEX(Fertilisants!$G$8:$G$47,$AA335)))","v":""},{"$f":"IF(OR($J335=\"\",$AA335=\"\"),\"\",$J335*N(INDEX(Fertilisants!$I$8:$I$47,$AA335)))","v":""},{"$f":"IF(OR($J335=\"\",$AA335=\"\"),\"\",$J335*N(INDEX(Fertilisants!$J$8:$J$47,$AA335)))","v":""},{"$f":"IF(OR($J335=\"\",$AA335=\"\"),\"\",$J335*N(INDEX(Fertilisants!$K$8:$K$47,$AA335)))","v":""},"",{"$nulls":5},"",null,null,{"$f":"IF($D335=\"\",\"\",IFERROR(MATCH($D335,Îlots!$D$8:$D$57,0),\"\"))","v":""},{"$f":"IF($G335=\"\",\"\",IFERROR(MATCH($G335,Fertilisants!$B$8:$B$47,0),\"\"))","v":""},{"$f":"IF($Z335=\"\",\"\",INDEX(Îlots!$E$8:$E$57,$Z335))","v":""},{"$f":"IF($Z335=\"\",\"\",INDEX(Îlots!$G$8:$G$57,$Z335)&\"\")","v":""},{"$f":"IF($Z335=\"\",\"\",IF($F335=ApportCouvert,OccCouvert,INDEX(Îlots!$O$8:$O$57,$Z335)&\"\"))","v":""},"","","",0,0,0,0,0,{"$f":"IF($AA335=\"\",0,IF(INDEX(Fertilisants!$C$8:$C$47,$AA335)=\"Effluent d'élevage\",1,0))","v":0},{"$f":"IF($AA335=\"\",\"\",IF(INDEX(Fertilisants!$C$8:$C$47,$AA335)=\"Engrais minéral\",\"Minéral\",\"Organique\"))","v":""},"","","",{"$f":"IF(AND($D335<>\"\",$D335=FicheIlot),COUNTIF($D$8:$D335,FicheIlot),\"\")","v":""}]
[null,{"$f":"IF(C336=\"\",\"\",COUNT($C$8:C336))","v":""},null,null,{"$f":"IF($Z336=\"\",\"\",IF($F336=ApportCouvert,INDEX(Îlots!$I$8:$I$57,$Z336)&\"\",INDEX(Îlots!$N$8:$N$57,$Z336)&\"\"))","v":""},null,null,{"$f":"IF($AA336=\"\",\"\",INDEX(Fertilisants!$D$8:$D$47,$AA336)&\"\")","v":""},null,null,{"$f":"IF($AA336=\"\",\"\",INDEX(Fertilisants!$E$8:$E$47,$AA336)&\"\")","v":""},"",{"$f":"IF(OR($J336=\"\",$AA336=\"\"),\"\",$J336*N(INDEX(Fertilisants!$G$8:$G$47,$AA336)))","v":""},{"$f":"IF(OR($J336=\"\",$AA336=\"\"),\"\",$J336*N(INDEX(Fertilisants!$I$8:$I$47,$AA336)))","v":""},{"$f":"IF(OR($J336=\"\",$AA336=\"\"),\"\",$J336*N(INDEX(Fertilisants!$J$8:$J$47,$AA336)))","v":""},{"$f":"IF(OR($J336=\"\",$AA336=\"\"),\"\",$J336*N(INDEX(Fertilisants!$K$8:$K$47,$AA336)))","v":""},"",{"$nulls":5},"",null,null,{"$f":"IF($D336=\"\",\"\",IFERROR(MATCH($D336,Îlots!$D$8:$D$57,0),\"\"))","v":""},{"$f":"IF($G336=\"\",\"\",IFERROR(MATCH($G336,Fertilisants!$B$8:$B$47,0),\"\"))","v":""},{"$f":"IF($Z336=\"\",\"\",INDEX(Îlots!$E$8:$E$57,$Z336))","v":""},{"$f":"IF($Z336=\"\",\"\",INDEX(Îlots!$G$8:$G$57,$Z336)&\"\")","v":""},{"$f":"IF($Z336=\"\",\"\",IF($F336=ApportCouvert,OccCouvert,INDEX(Îlots!$O$8:$O$57,$Z336)&\"\"))","v":""},"","","",0,0,0,0,0,{"$f":"IF($AA336=\"\",0,IF(INDEX(Fertilisants!$C$8:$C$47,$AA336)=\"Effluent d'élevage\",1,0))","v":0},{"$f":"IF($AA336=\"\",\"\",IF(INDEX(Fertilisants!$C$8:$C$47,$AA336)=\"Engrais minéral\",\"Minéral\",\"Organique\"))","v":""},"","","",{"$f":"IF(AND($D336<>\"\",$D336=FicheIlot),COUNTIF($D$8:$D336,FicheIlot),\"\")","v":""}]
[null,{"$f":"IF(C337=\"\",\"\",COUNT($C$8:C337))","v":""},null,null,{"$f":"IF($Z337=\"\",\"\",IF($F337=ApportCouvert,INDEX(Îlots!$I$8:$I$57,$Z337)&\"\",INDEX(Îlots!$N$8:$N$57,$Z337)&\"\"))","v":""},null,null,{"$f":"IF($AA337=\"\",\"\",INDEX(Fertilisants!$D$8:$D$47,$AA337)&\"\")","v":""},null,null,{"$f":"IF($AA337=\"\",\"\",INDEX(Fertilisants!$E$8:$E$47,$AA337)&\"\")","v":""},"",{"$f":"IF(OR($J337=\"\",$AA337=\"\"),\"\",$J337*N(INDEX(Fertilisants!$G$8:$G$47,$AA337)))","v":""},{"$f":"IF(OR($J337=\"\",$AA337=\"\"),\"\",$J337*N(INDEX(Fertilisants!$I$8:$I$47,$AA337)))","v":""},{"$f":"IF(OR($J337=\"\",$AA337=\"\"),\"\",$J337*N(INDEX(Fertilisants!$J$8:$J$47,$AA337)))","v":""},{"$f":"IF(OR($J337=\"\",$AA337=\"\"),\"\",$J337*N(INDEX(Fertilisants!$K$8:$K$47,$AA337)))","v":""},"",{"$nulls":5},"",null,null,{"$f":"IF($D337=\"\",\"\",IFERROR(MATCH($D337,Îlots!$D$8:$D$57,0),\"\"))","v":""},{"$f":"IF($G337=\"\",\"\",IFERROR(MATCH($G337,Fertilisants!$B$8:$B$47,0),\"\"))","v":""},{"$f":"IF($Z337=\"\",\"\",INDEX(Îlots!$E$8:$E$57,$Z337))","v":""},{"$f":"IF($Z337=\"\",\"\",INDEX(Îlots!$G$8:$G$57,$Z337)&\"\")","v":""},{"$f":"IF($Z337=\"\",\"\",IF($F337=ApportCouvert,OccCouvert,INDEX(Îlots!$O$8:$O$57,$Z337)&\"\"))","v":""},"","","",0,0,0,0,0,{"$f":"IF($AA337=\"\",0,IF(INDEX(Fertilisants!$C$8:$C$47,$AA337)=\"Effluent d'élevage\",1,0))","v":0},{"$f":"IF($AA337=\"\",\"\",IF(INDEX(Fertilisants!$C$8:$C$47,$AA337)=\"Engrais minéral\",\"Minéral\",\"Organique\"))","v":""},"","","",{"$f":"IF(AND($D337<>\"\",$D337=FicheIlot),COUNTIF($D$8:$D337,FicheIlot),\"\")","v":""}]
[null,{"$f":"IF(C338=\"\",\"\",COUNT($C$8:C338))","v":""},null,null,{"$f":"IF($Z338=\"\",\"\",IF($F338=ApportCouvert,INDEX(Îlots!$I$8:$I$57,$Z338)&\"\",INDEX(Îlots!$N$8:$N$57,$Z338)&\"\"))","v":""},null,null,{"$f":"IF($AA338=\"\",\"\",INDEX(Fertilisants!$D$8:$D$47,$AA338)&\"\")","v":""},null,null,{"$f":"IF($AA338=\"\",\"\",INDEX(Fertilisants!$E$8:$E$47,$AA338)&\"\")","v":""},"",{"$f":"IF(OR($J338=\"\",$AA338=\"\"),\"\",$J338*N(INDEX(Fertilisants!$G$8:$G$47,$AA338)))","v":""},{"$f":"IF(OR($J338=\"\",$AA338=\"\"),\"\",$J338*N(INDEX(Fertilisants!$I$8:$I$47,$AA338)))","v":""},{"$f":"IF(OR($J338=\"\",$AA338=\"\"),\"\",$J338*N(INDEX(Fertilisants!$J$8:$J$47,$AA338)))","v":""},{"$f":"IF(OR($J338=\"\",$AA338=\"\"),\"\",$J338*N(INDEX(Fertilisants!$K$8:$K$47,$AA338)))","v":""},"",{"$nulls":5},"",null,null,{"$f":"IF($D338=\"\",\"\",IFERROR(MATCH($D338,Îlots!$D$8:$D$57,0),\"\"))","v":""},{"$f":"IF($G338=\"\",\"\",IFERROR(MATCH($G338,Fertilisants!$B$8:$B$47,0),\"\"))","v":""},{"$f":"IF($Z338=\"\",\"\",INDEX(Îlots!$E$8:$E$57,$Z338))","v":""},{"$f":"IF($Z338=\"\",\"\",INDEX(Îlots!$G$8:$G$57,$Z338)&\"\")","v":""},{"$f":"IF($Z338=\"\",\"\",IF($F338=ApportCouvert,OccCouvert,INDEX(Îlots!$O$8:$O$57,$Z338)&\"\"))","v":""},"","","",0,0,0,0,0,{"$f":"IF($AA338=\"\",0,IF(INDEX(Fertilisants!$C$8:$C$47,$AA338)=\"Effluent d'élevage\",1,0))","v":0},{"$f":"IF($AA338=\"\",\"\",IF(INDEX(Fertilisants!$C$8:$C$47,$AA338)=\"Engrais minéral\",\"Minéral\",\"Organique\"))","v":""},"","","",{"$f":"IF(AND($D338<>\"\",$D338=FicheIlot),COUNTIF($D$8:$D338,FicheIlot),\"\")","v":""}]
[null,{"$f":"IF(C339=\"\",\"\",COUNT($C$8:C339))","v":""},null,null,{"$f":"IF($Z339=\"\",\"\",IF($F339=ApportCouvert,INDEX(Îlots!$I$8:$I$57,$Z339)&\"\",INDEX(Îlots!$N$8:$N$57,$Z339)&\"\"))","v":""},null,null,{"$f":"IF($AA339=\"\",\"\",INDEX(Fertilisants!$D$8:$D$47,$AA339)&\"\")","v":""},null,null,{"$f":"IF($AA339=\"\",\"\",INDEX(Fertilisants!$E$8:$E$47,$AA339)&\"\")","v":""},"",{"$f":"IF(OR($J339=\"\",$AA339=\"\"),\"\",$J339*N(INDEX(Fertilisants!$G$8:$G$47,$AA339)))","v":""},{"$f":"IF(OR($J339=\"\",$AA339=\"\"),\"\",$J339*N(INDEX(Fertilisants!$I$8:$I$47,$AA339)))","v":""},{"$f":"IF(OR($J339=\"\",$AA339=\"\"),\"\",$J339*N(INDEX(Fertilisants!$J$8:$J$47,$AA339)))","v":""},{"$f":"IF(OR($J339=\"\",$AA339=\"\"),\"\",$J339*N(INDEX(Fertilisants!$K$8:$K$47,$AA339)))","v":""},"",{"$nulls":5},"",null,null,{"$f":"IF($D339=\"\",\"\",IFERROR(MATCH($D339,Îlots!$D$8:$D$57,0),\"\"))","v":""},{"$f":"IF($G339=\"\",\"\",IFERROR(MATCH($G339,Fertilisants!$B$8:$B$47,0),\"\"))","v":""},{"$f":"IF($Z339=\"\",\"\",INDEX(Îlots!$E$8:$E$57,$Z339))","v":""},{"$f":"IF($Z339=\"\",\"\",INDEX(Îlots!$G$8:$G$57,$Z339)&\"\")","v":""},{"$f":"IF($Z339=\"\",\"\",IF($F339=ApportCouvert,OccCouvert,INDEX(Îlots!$O$8:$O$57,$Z339)&\"\"))","v":""},"","","",0,0,0,0,0,{"$f":"IF($AA339=\"\",0,IF(INDEX(Fertilisants!$C$8:$C$47,$AA339)=\"Effluent d'élevage\",1,0))","v":0},{"$f":"IF($AA339=\"\",\"\",IF(INDEX(Fertilisants!$C$8:$C$47,$AA339)=\"Engrais minéral\",\"Minéral\",\"Organique\"))","v":""},"","","",{"$f":"IF(AND($D339<>\"\",$D339=FicheIlot),COUNTIF($D$8:$D339,FicheIlot),\"\")","v":""}]
[null,{"$f":"IF(C340=\"\",\"\",COUNT($C$8:C340))","v":""},null,null,{"$f":"IF($Z340=\"\",\"\",IF($F340=ApportCouvert,INDEX(Îlots!$I$8:$I$57,$Z340)&\"\",INDEX(Îlots!$N$8:$N$57,$Z340)&\"\"))","v":""},null,null,{"$f":"IF($AA340=\"\",\"\",INDEX(Fertilisants!$D$8:$D$47,$AA340)&\"\")","v":""},null,null,{"$f":"IF($AA340=\"\",\"\",INDEX(Fertilisants!$E$8:$E$47,$AA340)&\"\")","v":""},"",{"$f":"IF(OR($J340=\"\",$AA340=\"\"),\"\",$J340*N(INDEX(Fertilisants!$G$8:$G$47,$AA340)))","v":""},{"$f":"IF(OR($J340=\"\",$AA340=\"\"),\"\",$J340*N(INDEX(Fertilisants!$I$8:$I$47,$AA340)))","v":""},{"$f":"IF(OR($J340=\"\",$AA340=\"\"),\"\",$J340*N(INDEX(Fertilisants!$J$8:$J$47,$AA340)))","v":""},{"$f":"IF(OR($J340=\"\",$AA340=\"\"),\"\",$J340*N(INDEX(Fertilisants!$K$8:$K$47,$AA340)))","v":""},"",{"$nulls":5},"",null,null,{"$f":"IF($D340=\"\",\"\",IFERROR(MATCH($D340,Îlots!$D$8:$D$57,0),\"\"))","v":""},{"$f":"IF($G340=\"\",\"\",IFERROR(MATCH($G340,Fertilisants!$B$8:$B$47,0),\"\"))","v":""},{"$f":"IF($Z340=\"\",\"\",INDEX(Îlots!$E$8:$E$57,$Z340))","v":""},{"$f":"IF($Z340=\"\",\"\",INDEX(Îlots!$G$8:$G$57,$Z340)&\"\")","v":""},{"$f":"IF($Z340=\"\",\"\",IF($F340=ApportCouvert,OccCouvert,INDEX(Îlots!$O$8:$O$57,$Z340)&\"\"))","v":""},"","","",0,0,0,0,0,{"$f":"IF($AA340=\"\",0,IF(INDEX(Fertilisants!$C$8:$C$47,$AA340)=\"Effluent d'élevage\",1,0))","v":0},{"$f":"IF($AA340=\"\",\"\",IF(INDEX(Fertilisants!$C$8:$C$47,$AA340)=\"Engrais minéral\",\"Minéral\",\"Organique\"))","v":""},"","","",{"$f":"IF(AND($D340<>\"\",$D340=FicheIlot),COUNTIF($D$8:$D340,FicheIlot),\"\")","v":""}]
[null,{"$f":"IF(C341=\"\",\"\",COUNT($C$8:C341))","v":""},null,null,{"$f":"IF($Z341=\"\",\"\",IF($F341=ApportCouvert,INDEX(Îlots!$I$8:$I$57,$Z341)&\"\",INDEX(Îlots!$N$8:$N$57,$Z341)&\"\"))","v":""},null,null,{"$f":"IF($AA341=\"\",\"\",INDEX(Fertilisants!$D$8:$D$47,$AA341)&\"\")","v":""},null,null,{"$f":"IF($AA341=\"\",\"\",INDEX(Fertilisants!$E$8:$E$47,$AA341)&\"\")","v":""},"",{"$f":"IF(OR($J341=\"\",$AA341=\"\"),\"\",$J341*N(INDEX(Fertilisants!$G$8:$G$47,$AA341)))","v":""},{"$f":"IF(OR($J341=\"\",$AA341=\"\"),\"\",$J341*N(INDEX(Fertilisants!$I$8:$I$47,$AA341)))","v":""},{"$f":"IF(OR($J341=\"\",$AA341=\"\"),\"\",$J341*N(INDEX(Fertilisants!$J$8:$J$47,$AA341)))","v":""},{"$f":"IF(OR($J341=\"\",$AA341=\"\"),\"\",$J341*N(INDEX(Fertilisants!$K$8:$K$47,$AA341)))","v":""},"",{"$nulls":5},"",null,null,{"$f":"IF($D341=\"\",\"\",IFERROR(MATCH($D341,Îlots!$D$8:$D$57,0),\"\"))","v":""},{"$f":"IF($G341=\"\",\"\",IFERROR(MATCH($G341,Fertilisants!$B$8:$B$47,0),\"\"))","v":""},{"$f":"IF($Z341=\"\",\"\",INDEX(Îlots!$E$8:$E$57,$Z341))","v":""},{"$f":"IF($Z341=\"\",\"\",INDEX(Îlots!$G$8:$G$57,$Z341)&\"\")","v":""},{"$f":"IF($Z341=\"\",\"\",IF($F341=ApportCouvert,OccCouvert,INDEX(Îlots!$O$8:$O$57,$Z341)&\"\"))","v":""},"","","",0,0,0,0,0,{"$f":"IF($AA341=\"\",0,IF(INDEX(Fertilisants!$C$8:$C$47,$AA341)=\"Effluent d'élevage\",1,0))","v":0},{"$f":"IF($AA341=\"\",\"\",IF(INDEX(Fertilisants!$C$8:$C$47,$AA341)=\"Engrais minéral\",\"Minéral\",\"Organique\"))","v":""},"","","",{"$f":"IF(AND($D341<>\"\",$D341=FicheIlot),COUNTIF($D$8:$D341,FicheIlot),\"\")","v":""}]
[null,{"$f":"IF(C342=\"\",\"\",COUNT($C$8:C342))","v":""},null,null,{"$f":"IF($Z342=\"\",\"\",IF($F342=ApportCouvert,INDEX(Îlots!$I$8:$I$57,$Z342)&\"\",INDEX(Îlots!$N$8:$N$57,$Z342)&\"\"))","v":""},null,null,{"$f":"IF($AA342=\"\",\"\",INDEX(Fertilisants!$D$8:$D$47,$AA342)&\"\")","v":""},null,null,{"$f":"IF($AA342=\"\",\"\",INDEX(Fertilisants!$E$8:$E$47,$AA342)&\"\")","v":""},"",{"$f":"IF(OR($J342=\"\",$AA342=\"\"),\"\",$J342*N(INDEX(Fertilisants!$G$8:$G$47,$AA342)))","v":""},{"$f":"IF(OR($J342=\"\",$AA342=\"\"),\"\",$J342*N(INDEX(Fertilisants!$I$8:$I$47,$AA342)))","v":""},{"$f":"IF(OR($J342=\"\",$AA342=\"\"),\"\",$J342*N(INDEX(Fertilisants!$J$8:$J$47,$AA342)))","v":""},{"$f":"IF(OR($J342=\"\",$AA342=\"\"),\"\",$J342*N(INDEX(Fertilisants!$K$8:$K$47,$AA342)))","v":""},"",{"$nulls":5},"",null,null,{"$f":"IF($D342=\"\",\"\",IFERROR(MATCH($D342,Îlots!$D$8:$D$57,0),\"\"))","v":""},{"$f":"IF($G342=\"\",\"\",IFERROR(MATCH($G342,Fertilisants!$B$8:$B$47,0),\"\"))","v":""},{"$f":"IF($Z342=\"\",\"\",INDEX(Îlots!$E$8:$E$57,$Z342))","v":""},{"$f":"IF($Z342=\"\",\"\",INDEX(Îlots!$G$8:$G$57,$Z342)&\"\")","v":""},{"$f":"IF($Z342=\"\",\"\",IF($F342=ApportCouvert,OccCouvert,INDEX(Îlots!$O$8:$O$57,$Z342)&\"\"))","v":""},"","","",0,0,0,0,0,{"$f":"IF($AA342=\"\",0,IF(INDEX(Fertilisants!$C$8:$C$47,$AA342)=\"Effluent d'élevage\",1,0))","v":0},{"$f":"IF($AA342=\"\",\"\",IF(INDEX(Fertilisants!$C$8:$C$47,$AA342)=\"Engrais minéral\",\"Minéral\",\"Organique\"))","v":""},"","","",{"$f":"IF(AND($D342<>\"\",$D342=FicheIlot),COUNTIF($D$8:$D342,FicheIlot),\"\")","v":""}]
[null,{"$f":"IF(C343=\"\",\"\",COUNT($C$8:C343))","v":""},null,null,{"$f":"IF($Z343=\"\",\"\",IF($F343=ApportCouvert,INDEX(Îlots!$I$8:$I$57,$Z343)&\"\",INDEX(Îlots!$N$8:$N$57,$Z343)&\"\"))","v":""},null,null,{"$f":"IF($AA343=\"\",\"\",INDEX(Fertilisants!$D$8:$D$47,$AA343)&\"\")","v":""},null,null,{"$f":"IF($AA343=\"\",\"\",INDEX(Fertilisants!$E$8:$E$47,$AA343)&\"\")","v":""},"",{"$f":"IF(OR($J343=\"\",$AA343=\"\"),\"\",$J343*N(INDEX(Fertilisants!$G$8:$G$47,$AA343)))","v":""},{"$f":"IF(OR($J343=\"\",$AA343=\"\"),\"\",$J343*N(INDEX(Fertilisants!$I$8:$I$47,$AA343)))","v":""},{"$f":"IF(OR($J343=\"\",$AA343=\"\"),\"\",$J343*N(INDEX(Fertilisants!$J$8:$J$47,$AA343)))","v":""},{"$f":"IF(OR($J343=\"\",$AA343=\"\"),\"\",$J343*N(INDEX(Fertilisants!$K$8:$K$47,$AA343)))","v":""},"",{"$nulls":5},"",null,null,{"$f":"IF($D343=\"\",\"\",IFERROR(MATCH($D343,Îlots!$D$8:$D$57,0),\"\"))","v":""},{"$f":"IF($G343=\"\",\"\",IFERROR(MATCH($G343,Fertilisants!$B$8:$B$47,0),\"\"))","v":""},{"$f":"IF($Z343=\"\",\"\",INDEX(Îlots!$E$8:$E$57,$Z343))","v":""},{"$f":"IF($Z343=\"\",\"\",INDEX(Îlots!$G$8:$G$57,$Z343)&\"\")","v":""},{"$f":"IF($Z343=\"\",\"\",IF($F343=ApportCouvert,OccCouvert,INDEX(Îlots!$O$8:$O$57,$Z343)&\"\"))","v":""},"","","",0,0,0,0,0,{"$f":"IF($AA343=\"\",0,IF(INDEX(Fertilisants!$C$8:$C$47,$AA343)=\"Effluent d'élevage\",1,0))","v":0},{"$f":"IF($AA343=\"\",\"\",IF(INDEX(Fertilisants!$C$8:$C$47,$AA343)=\"Engrais minéral\",\"Minéral\",\"Organique\"))","v":""},"","","",{"$f":"IF(AND($D343<>\"\",$D343=FicheIlot),COUNTIF($D$8:$D343,FicheIlot),\"\")","v":""}]
[null,{"$f":"IF(C344=\"\",\"\",COUNT($C$8:C344))","v":""},null,null,{"$f":"IF($Z344=\"\",\"\",IF($F344=ApportCouvert,INDEX(Îlots!$I$8:$I$57,$Z344)&\"\",INDEX(Îlots!$N$8:$N$57,$Z344)&\"\"))","v":""},null,null,{"$f":"IF($AA344=\"\",\"\",INDEX(Fertilisants!$D$8:$D$47,$AA344)&\"\")","v":""},null,null,{"$f":"IF($AA344=\"\",\"\",INDEX(Fertilisants!$E$8:$E$47,$AA344)&\"\")","v":""},"",{"$f":"IF(OR($J344=\"\",$AA344=\"\"),\"\",$J344*N(INDEX(Fertilisants!$G$8:$G$47,$AA344)))","v":""},{"$f":"IF(OR($J344=\"\",$AA344=\"\"),\"\",$J344*N(INDEX(Fertilisants!$I$8:$I$47,$AA344)))","v":""},{"$f":"IF(OR($J344=\"\",$AA344=\"\"),\"\",$J344*N(INDEX(Fertilisants!$J$8:$J$47,$AA344)))","v":""},{"$f":"IF(OR($J344=\"\",$AA344=\"\"),\"\",$J344*N(INDEX(Fertilisants!$K$8:$K$47,$AA344)))","v":""},"",{"$nulls":5},"",null,null,{"$f":"IF($D344=\"\",\"\",IFERROR(MATCH($D344,Îlots!$D$8:$D$57,0),\"\"))","v":""},{"$f":"IF($G344=\"\",\"\",IFERROR(MATCH($G344,Fertilisants!$B$8:$B$47,0),\"\"))","v":""},{"$f":"IF($Z344=\"\",\"\",INDEX(Îlots!$E$8:$E$57,$Z344))","v":""},{"$f":"IF($Z344=\"\",\"\",INDEX(Îlots!$G$8:$G$57,$Z344)&\"\")","v":""},{"$f":"IF($Z344=\"\",\"\",IF($F344=ApportCouvert,OccCouvert,INDEX(Îlots!$O$8:$O$57,$Z344)&\"\"))","v":""},"","","",0,0,0,0,0,{"$f":"IF($AA344=\"\",0,IF(INDEX(Fertilisants!$C$8:$C$47,$AA344)=\"Effluent d'élevage\",1,0))","v":0},{"$f":"IF($AA344=\"\",\"\",IF(INDEX(Fertilisants!$C$8:$C$47,$AA344)=\"Engrais minéral\",\"Minéral\",\"Organique\"))","v":""},"","","",{"$f":"IF(AND($D344<>\"\",$D344=FicheIlot),COUNTIF($D$8:$D344,FicheIlot),\"\")","v":""}]
[null,{"$f":"IF(C345=\"\",\"\",COUNT($C$8:C345))","v":""},null,null,{"$f":"IF($Z345=\"\",\"\",IF($F345=ApportCouvert,INDEX(Îlots!$I$8:$I$57,$Z345)&\"\",INDEX(Îlots!$N$8:$N$57,$Z345)&\"\"))","v":""},null,null,{"$f":"IF($AA345=\"\",\"\",INDEX(Fertilisants!$D$8:$D$47,$AA345)&\"\")","v":""},null,null,{"$f":"IF($AA345=\"\",\"\",INDEX(Fertilisants!$E$8:$E$47,$AA345)&\"\")","v":""},"",{"$f":"IF(OR($J345=\"\",$AA345=\"\"),\"\",$J345*N(INDEX(Fertilisants!$G$8:$G$47,$AA345)))","v":""},{"$f":"IF(OR($J345=\"\",$AA345=\"\"),\"\",$J345*N(INDEX(Fertilisants!$I$8:$I$47,$AA345)))","v":""},{"$f":"IF(OR($J345=\"\",$AA345=\"\"),\"\",$J345*N(INDEX(Fertilisants!$J$8:$J$47,$AA345)))","v":""},{"$f":"IF(OR($J345=\"\",$AA345=\"\"),\"\",$J345*N(INDEX(Fertilisants!$K$8:$K$47,$AA345)))","v":""},"",{"$nulls":5},"",null,null,{"$f":"IF($D345=\"\",\"\",IFERROR(MATCH($D345,Îlots!$D$8:$D$57,0),\"\"))","v":""},{"$f":"IF($G345=\"\",\"\",IFERROR(MATCH($G345,Fertilisants!$B$8:$B$47,0),\"\"))","v":""},{"$f":"IF($Z345=\"\",\"\",INDEX(Îlots!$E$8:$E$57,$Z345))","v":""},{"$f":"IF($Z345=\"\",\"\",INDEX(Îlots!$G$8:$G$57,$Z345)&\"\")","v":""},{"$f":"IF($Z345=\"\",\"\",IF($F345=ApportCouvert,OccCouvert,INDEX(Îlots!$O$8:$O$57,$Z345)&\"\"))","v":""},"","","",0,0,0,0,0,{"$f":"IF($AA345=\"\",0,IF(INDEX(Fertilisants!$C$8:$C$47,$AA345)=\"Effluent d'élevage\",1,0))","v":0},{"$f":"IF($AA345=\"\",\"\",IF(INDEX(Fertilisants!$C$8:$C$47,$AA345)=\"Engrais minéral\",\"Minéral\",\"Organique\"))","v":""},"","","",{"$f":"IF(AND($D345<>\"\",$D345=FicheIlot),COUNTIF($D$8:$D345,FicheIlot),\"\")","v":""}]
[null,{"$f":"IF(C346=\"\",\"\",COUNT($C$8:C346))","v":""},null,null,{"$f":"IF($Z346=\"\",\"\",IF($F346=ApportCouvert,INDEX(Îlots!$I$8:$I$57,$Z346)&\"\",INDEX(Îlots!$N$8:$N$57,$Z346)&\"\"))","v":""},null,null,{"$f":"IF($AA346=\"\",\"\",INDEX(Fertilisants!$D$8:$D$47,$AA346)&\"\")","v":""},null,null,{"$f":"IF($AA346=\"\",\"\",INDEX(Fertilisants!$E$8:$E$47,$AA346)&\"\")","v":""},"",{"$f":"IF(OR($J346=\"\",$AA346=\"\"),\"\",$J346*N(INDEX(Fertilisants!$G$8:$G$47,$AA346)))","v":""},{"$f":"IF(OR($J346=\"\",$AA346=\"\"),\"\",$J346*N(INDEX(Fertilisants!$I$8:$I$47,$AA346)))","v":""},{"$f":"IF(OR($J346=\"\",$AA346=\"\"),\"\",$J346*N(INDEX(Fertilisants!$J$8:$J$47,$AA346)))","v":""},{"$f":"IF(OR($J346=\"\",$AA346=\"\"),\"\",$J346*N(INDEX(Fertilisants!$K$8:$K$47,$AA346)))","v":""},"",{"$nulls":5},"",null,null,{"$f":"IF($D346=\"\",\"\",IFERROR(MATCH($D346,Îlots!$D$8:$D$57,0),\"\"))","v":""},{"$f":"IF($G346=\"\",\"\",IFERROR(MATCH($G346,Fertilisants!$B$8:$B$47,0),\"\"))","v":""},{"$f":"IF($Z346=\"\",\"\",INDEX(Îlots!$E$8:$E$57,$Z346))","v":""},{"$f":"IF($Z346=\"\",\"\",INDEX(Îlots!$G$8:$G$57,$Z346)&\"\")","v":""},{"$f":"IF($Z346=\"\",\"\",IF($F346=ApportCouvert,OccCouvert,INDEX(Îlots!$O$8:$O$57,$Z346)&\"\"))","v":""},"","","",0,0,0,0,0,{"$f":"IF($AA346=\"\",0,IF(INDEX(Fertilisants!$C$8:$C$47,$AA346)=\"Effluent d'élevage\",1,0))","v":0},{"$f":"IF($AA346=\"\",\"\",IF(INDEX(Fertilisants!$C$8:$C$47,$AA346)=\"Engrais minéral\",\"Minéral\",\"Organique\"))","v":""},"","","",{"$f":"IF(AND($D346<>\"\",$D346=FicheIlot),COUNTIF($D$8:$D346,FicheIlot),\"\")","v":""}]
[null,{"$f":"IF(C347=\"\",\"\",COUNT($C$8:C347))","v":""},null,null,{"$f":"IF($Z347=\"\",\"\",IF($F347=ApportCouvert,INDEX(Îlots!$I$8:$I$57,$Z347)&\"\",INDEX(Îlots!$N$8:$N$57,$Z347)&\"\"))","v":""},null,null,{"$f":"IF($AA347=\"\",\"\",INDEX(Fertilisants!$D$8:$D$47,$AA347)&\"\")","v":""},null,null,{"$f":"IF($AA347=\"\",\"\",INDEX(Fertilisants!$E$8:$E$47,$AA347)&\"\")","v":""},"",{"$f":"IF(OR($J347=\"\",$AA347=\"\"),\"\",$J347*N(INDEX(Fertilisants!$G$8:$G$47,$AA347)))","v":""},{"$f":"IF(OR($J347=\"\",$AA347=\"\"),\"\",$J347*N(INDEX(Fertilisants!$I$8:$I$47,$AA347)))","v":""},{"$f":"IF(OR($J347=\"\",$AA347=\"\"),\"\",$J347*N(INDEX(Fertilisants!$J$8:$J$47,$AA347)))","v":""},{"$f":"IF(OR($J347=\"\",$AA347=\"\"),\"\",$J347*N(INDEX(Fertilisants!$K$8:$K$47,$AA347)))","v":""},"",{"$nulls":5},"",null,null,{"$f":"IF($D347=\"\",\"\",IFERROR(MATCH($D347,Îlots!$D$8:$D$57,0),\"\"))","v":""},{"$f":"IF($G347=\"\",\"\",IFERROR(MATCH($G347,Fertilisants!$B$8:$B$47,0),\"\"))","v":""},{"$f":"IF($Z347=\"\",\"\",INDEX(Îlots!$E$8:$E$57,$Z347))","v":""},{"$f":"IF($Z347=\"\",\"\",INDEX(Îlots!$G$8:$G$57,$Z347)&\"\")","v":""},{"$f":"IF($Z347=\"\",\"\",IF($F347=ApportCouvert,OccCouvert,INDEX(Îlots!$O$8:$O$57,$Z347)&\"\"))","v":""},"","","",0,0,0,0,0,{"$f":"IF($AA347=\"\",0,IF(INDEX(Fertilisants!$C$8:$C$47,$AA347)=\"Effluent d'élevage\",1,0))","v":0},{"$f":"IF($AA347=\"\",\"\",IF(INDEX(Fertilisants!$C$8:$C$47,$AA347)=\"Engrais minéral\",\"Minéral\",\"Organique\"))","v":""},"","","",{"$f":"IF(AND($D347<>\"\",$D347=FicheIlot),COUNTIF($D$8:$D347,FicheIlot),\"\")","v":""}]
[null,{"$f":"IF(C348=\"\",\"\",COUNT($C$8:C348))","v":""},null,null,{"$f":"IF($Z348=\"\",\"\",IF($F348=ApportCouvert,INDEX(Îlots!$I$8:$I$57,$Z348)&\"\",INDEX(Îlots!$N$8:$N$57,$Z348)&\"\"))","v":""},null,null,{"$f":"IF($AA348=\"\",\"\",INDEX(Fertilisants!$D$8:$D$47,$AA348)&\"\")","v":""},null,null,{"$f":"IF($AA348=\"\",\"\",INDEX(Fertilisants!$E$8:$E$47,$AA348)&\"\")","v":""},"",{"$f":"IF(OR($J348=\"\",$AA348=\"\"),\"\",$J348*N(INDEX(Fertilisants!$G$8:$G$47,$AA348)))","v":""},{"$f":"IF(OR($J348=\"\",$AA348=\"\"),\"\",$J348*N(INDEX(Fertilisants!$I$8:$I$47,$AA348)))","v":""},{"$f":"IF(OR($J348=\"\",$AA348=\"\"),\"\",$J348*N(INDEX(Fertilisants!$J$8:$J$47,$AA348)))","v":""},{"$f":"IF(OR($J348=\"\",$AA348=\"\"),\"\",$J348*N(INDEX(Fertilisants!$K$8:$K$47,$AA348)))","v":""},"",{"$nulls":5},"",null,null,{"$f":"IF($D348=\"\",\"\",IFERROR(MATCH($D348,Îlots!$D$8:$D$57,0),\"\"))","v":""},{"$f":"IF($G348=\"\",\"\",IFERROR(MATCH($G348,Fertilisants!$B$8:$B$47,0),\"\"))","v":""},{"$f":"IF($Z348=\"\",\"\",INDEX(Îlots!$E$8:$E$57,$Z348))","v":""},{"$f":"IF($Z348=\"\",\"\",INDEX(Îlots!$G$8:$G$57,$Z348)&\"\")","v":""},{"$f":"IF($Z348=\"\",\"\",IF($F348=ApportCouvert,OccCouvert,INDEX(Îlots!$O$8:$O$57,$Z348)&\"\"))","v":""},"","","",0,0,0,0,0,{"$f":"IF($AA348=\"\",0,IF(INDEX(Fertilisants!$C$8:$C$47,$AA348)=\"Effluent d'élevage\",1,0))","v":0},{"$f":"IF($AA348=\"\",\"\",IF(INDEX(Fertilisants!$C$8:$C$47,$AA348)=\"Engrais minéral\",\"Minéral\",\"Organique\"))","v":""},"","","",{"$f":"IF(AND($D348<>\"\",$D348=FicheIlot),COUNTIF($D$8:$D348,FicheIlot),\"\")","v":""}]
[null,{"$f":"IF(C349=\"\",\"\",COUNT($C$8:C349))","v":""},null,null,{"$f":"IF($Z349=\"\",\"\",IF($F349=ApportCouvert,INDEX(Îlots!$I$8:$I$57,$Z349)&\"\",INDEX(Îlots!$N$8:$N$57,$Z349)&\"\"))","v":""},null,null,{"$f":"IF($AA349=\"\",\"\",INDEX(Fertilisants!$D$8:$D$47,$AA349)&\"\")","v":""},null,null,{"$f":"IF($AA349=\"\",\"\",INDEX(Fertilisants!$E$8:$E$47,$AA349)&\"\")","v":""},"",{"$f":"IF(OR($J349=\"\",$AA349=\"\"),\"\",$J349*N(INDEX(Fertilisants!$G$8:$G$47,$AA349)))","v":""},{"$f":"IF(OR($J349=\"\",$AA349=\"\"),\"\",$J349*N(INDEX(Fertilisants!$I$8:$I$47,$AA349)))","v":""},{"$f":"IF(OR($J349=\"\",$AA349=\"\"),\"\",$J349*N(INDEX(Fertilisants!$J$8:$J$47,$AA349)))","v":""},{"$f":"IF(OR($J349=\"\",$AA349=\"\"),\"\",$J349*N(INDEX(Fertilisants!$K$8:$K$47,$AA349)))","v":""},"",{"$nulls":5},"",null,null,{"$f":"IF($D349=\"\",\"\",IFERROR(MATCH($D349,Îlots!$D$8:$D$57,0),\"\"))","v":""},{"$f":"IF($G349=\"\",\"\",IFERROR(MATCH($G349,Fertilisants!$B$8:$B$47,0),\"\"))","v":""},{"$f":"IF($Z349=\"\",\"\",INDEX(Îlots!$E$8:$E$57,$Z349))","v":""},{"$f":"IF($Z349=\"\",\"\",INDEX(Îlots!$G$8:$G$57,$Z349)&\"\")","v":""},{"$f":"IF($Z349=\"\",\"\",IF($F349=ApportCouvert,OccCouvert,INDEX(Îlots!$O$8:$O$57,$Z349)&\"\"))","v":""},"","","",0,0,0,0,0,{"$f":"IF($AA349=\"\",0,IF(INDEX(Fertilisants!$C$8:$C$47,$AA349)=\"Effluent d'élevage\",1,0))","v":0},{"$f":"IF($AA349=\"\",\"\",IF(INDEX(Fertilisants!$C$8:$C$47,$AA349)=\"Engrais minéral\",\"Minéral\",\"Organique\"))","v":""},"","","",{"$f":"IF(AND($D349<>\"\",$D349=FicheIlot),COUNTIF($D$8:$D349,FicheIlot),\"\")","v":""}]
[null,{"$f":"IF(C350=\"\",\"\",COUNT($C$8:C350))","v":""},null,null,{"$f":"IF($Z350=\"\",\"\",IF($F350=ApportCouvert,INDEX(Îlots!$I$8:$I$57,$Z350)&\"\",INDEX(Îlots!$N$8:$N$57,$Z350)&\"\"))","v":""},null,null,{"$f":"IF($AA350=\"\",\"\",INDEX(Fertilisants!$D$8:$D$47,$AA350)&\"\")","v":""},null,null,{"$f":"IF($AA350=\"\",\"\",INDEX(Fertilisants!$E$8:$E$47,$AA350)&\"\")","v":""},"",{"$f":"IF(OR($J350=\"\",$AA350=\"\"),\"\",$J350*N(INDEX(Fertilisants!$G$8:$G$47,$AA350)))","v":""},{"$f":"IF(OR($J350=\"\",$AA350=\"\"),\"\",$J350*N(INDEX(Fertilisants!$I$8:$I$47,$AA350)))","v":""},{"$f":"IF(OR($J350=\"\",$AA350=\"\"),\"\",$J350*N(INDEX(Fertilisants!$J$8:$J$47,$AA350)))","v":""},{"$f":"IF(OR($J350=\"\",$AA350=\"\"),\"\",$J350*N(INDEX(Fertilisants!$K$8:$K$47,$AA350)))","v":""},"",{"$nulls":5},"",null,null,{"$f":"IF($D350=\"\",\"\",IFERROR(MATCH($D350,Îlots!$D$8:$D$57,0),\"\"))","v":""},{"$f":"IF($G350=\"\",\"\",IFERROR(MATCH($G350,Fertilisants!$B$8:$B$47,0),\"\"))","v":""},{"$f":"IF($Z350=\"\",\"\",INDEX(Îlots!$E$8:$E$57,$Z350))","v":""},{"$f":"IF($Z350=\"\",\"\",INDEX(Îlots!$G$8:$G$57,$Z350)&\"\")","v":""},{"$f":"IF($Z350=\"\",\"\",IF($F350=ApportCouvert,OccCouvert,INDEX(Îlots!$O$8:$O$57,$Z350)&\"\"))","v":""},"","","",0,0,0,0,0,{"$f":"IF($AA350=\"\",0,IF(INDEX(Fertilisants!$C$8:$C$47,$AA350)=\"Effluent d'élevage\",1,0))","v":0},{"$f":"IF($AA350=\"\",\"\",IF(INDEX(Fertilisants!$C$8:$C$47,$AA350)=\"Engrais minéral\",\"Minéral\",\"Organique\"))","v":""},"","","",{"$f":"IF(AND($D350<>\"\",$D350=FicheIlot),COUNTIF($D$8:$D350,FicheIlot),\"\")","v":""}]
[null,{"$f":"IF(C351=\"\",\"\",COUNT($C$8:C351))","v":""},null,null,{"$f":"IF($Z351=\"\",\"\",IF($F351=ApportCouvert,INDEX(Îlots!$I$8:$I$57,$Z351)&\"\",INDEX(Îlots!$N$8:$N$57,$Z351)&\"\"))","v":""},null,null,{"$f":"IF($AA351=\"\",\"\",INDEX(Fertilisants!$D$8:$D$47,$AA351)&\"\")","v":""},null,null,{"$f":"IF($AA351=\"\",\"\",INDEX(Fertilisants!$E$8:$E$47,$AA351)&\"\")","v":""},"",{"$f":"IF(OR($J351=\"\",$AA351=\"\"),\"\",$J351*N(INDEX(Fertilisants!$G$8:$G$47,$AA351)))","v":""},{"$f":"IF(OR($J351=\"\",$AA351=\"\"),\"\",$J351*N(INDEX(Fertilisants!$I$8:$I$47,$AA351)))","v":""},{"$f":"IF(OR($J351=\"\",$AA351=\"\"),\"\",$J351*N(INDEX(Fertilisants!$J$8:$J$47,$AA351)))","v":""},{"$f":"IF(OR($J351=\"\",$AA351=\"\"),\"\",$J351*N(INDEX(Fertilisants!$K$8:$K$47,$AA351)))","v":""},"",{"$nulls":5},"",null,null,{"$f":"IF($D351=\"\",\"\",IFERROR(MATCH($D351,Îlots!$D$8:$D$57,0),\"\"))","v":""},{"$f":"IF($G351=\"\",\"\",IFERROR(MATCH($G351,Fertilisants!$B$8:$B$47,0),\"\"))","v":""},{"$f":"IF($Z351=\"\",\"\",INDEX(Îlots!$E$8:$E$57,$Z351))","v":""},{"$f":"IF($Z351=\"\",\"\",INDEX(Îlots!$G$8:$G$57,$Z351)&\"\")","v":""},{"$f":"IF($Z351=\"\",\"\",IF($F351=ApportCouvert,OccCouvert,INDEX(Îlots!$O$8:$O$57,$Z351)&\"\"))","v":""},"","","",0,0,0,0,0,{"$f":"IF($AA351=\"\",0,IF(INDEX(Fertilisants!$C$8:$C$47,$AA351)=\"Effluent d'élevage\",1,0))","v":0},{"$f":"IF($AA351=\"\",\"\",IF(INDEX(Fertilisants!$C$8:$C$47,$AA351)=\"Engrais minéral\",\"Minéral\",\"Organique\"))","v":""},"","","",{"$f":"IF(AND($D351<>\"\",$D351=FicheIlot),COUNTIF($D$8:$D351,FicheIlot),\"\")","v":""}]
[null,{"$f":"IF(C352=\"\",\"\",COUNT($C$8:C352))","v":""},null,null,{"$f":"IF($Z352=\"\",\"\",IF($F352=ApportCouvert,INDEX(Îlots!$I$8:$I$57,$Z352)&\"\",INDEX(Îlots!$N$8:$N$57,$Z352)&\"\"))","v":""},null,null,{"$f":"IF($AA352=\"\",\"\",INDEX(Fertilisants!$D$8:$D$47,$AA352)&\"\")","v":""},null,null,{"$f":"IF($AA352=\"\",\"\",INDEX(Fertilisants!$E$8:$E$47,$AA352)&\"\")","v":""},"",{"$f":"IF(OR($J352=\"\",$AA352=\"\"),\"\",$J352*N(INDEX(Fertilisants!$G$8:$G$47,$AA352)))","v":""},{"$f":"IF(OR($J352=\"\",$AA352=\"\"),\"\",$J352*N(INDEX(Fertilisants!$I$8:$I$47,$AA352)))","v":""},{"$f":"IF(OR($J352=\"\",$AA352=\"\"),\"\",$J352*N(INDEX(Fertilisants!$J$8:$J$47,$AA352)))","v":""},{"$f":"IF(OR($J352=\"\",$AA352=\"\"),\"\",$J352*N(INDEX(Fertilisants!$K$8:$K$47,$AA352)))","v":""},"",{"$nulls":5},"",null,null,{"$f":"IF($D352=\"\",\"\",IFERROR(MATCH($D352,Îlots!$D$8:$D$57,0),\"\"))","v":""},{"$f":"IF($G352=\"\",\"\",IFERROR(MATCH($G352,Fertilisants!$B$8:$B$47,0),\"\"))","v":""},{"$f":"IF($Z352=\"\",\"\",INDEX(Îlots!$E$8:$E$57,$Z352))","v":""},{"$f":"IF($Z352=\"\",\"\",INDEX(Îlots!$G$8:$G$57,$Z352)&\"\")","v":""},{"$f":"IF($Z352=\"\",\"\",IF($F352=ApportCouvert,OccCouvert,INDEX(Îlots!$O$8:$O$57,$Z352)&\"\"))","v":""},"","","",0,0,0,0,0,{"$f":"IF($AA352=\"\",0,IF(INDEX(Fertilisants!$C$8:$C$47,$AA352)=\"Effluent d'élevage\",1,0))","v":0},{"$f":"IF($AA352=\"\",\"\",IF(INDEX(Fertilisants!$C$8:$C$47,$AA352)=\"Engrais minéral\",\"Minéral\",\"Organique\"))","v":""},"","","",{"$f":"IF(AND($D352<>\"\",$D352=FicheIlot),COUNTIF($D$8:$D352,FicheIlot),\"\")","v":""}]
[null,{"$f":"IF(C353=\"\",\"\",COUNT($C$8:C353))","v":""},null,null,{"$f":"IF($Z353=\"\",\"\",IF($F353=ApportCouvert,INDEX(Îlots!$I$8:$I$57,$Z353)&\"\",INDEX(Îlots!$N$8:$N$57,$Z353)&\"\"))","v":""},null,null,{"$f":"IF($AA353=\"\",\"\",INDEX(Fertilisants!$D$8:$D$47,$AA353)&\"\")","v":""},null,null,{"$f":"IF($AA353=\"\",\"\",INDEX(Fertilisants!$E$8:$E$47,$AA353)&\"\")","v":""},"",{"$f":"IF(OR($J353=\"\",$AA353=\"\"),\"\",$J353*N(INDEX(Fertilisants!$G$8:$G$47,$AA353)))","v":""},{"$f":"IF(OR($J353=\"\",$AA353=\"\"),\"\",$J353*N(INDEX(Fertilisants!$I$8:$I$47,$AA353)))","v":""},{"$f":"IF(OR($J353=\"\",$AA353=\"\"),\"\",$J353*N(INDEX(Fertilisants!$J$8:$J$47,$AA353)))","v":""},{"$f":"IF(OR($J353=\"\",$AA353=\"\"),\"\",$J353*N(INDEX(Fertilisants!$K$8:$K$47,$AA353)))","v":""},"",{"$nulls":5},"",null,null,{"$f":"IF($D353=\"\",\"\",IFERROR(MATCH($D353,Îlots!$D$8:$D$57,0),\"\"))","v":""},{"$f":"IF($G353=\"\",\"\",IFERROR(MATCH($G353,Fertilisants!$B$8:$B$47,0),\"\"))","v":""},{"$f":"IF($Z353=\"\",\"\",INDEX(Îlots!$E$8:$E$57,$Z353))","v":""},{"$f":"IF($Z353=\"\",\"\",INDEX(Îlots!$G$8:$G$57,$Z353)&\"\")","v":""},{"$f":"IF($Z353=\"\",\"\",IF($F353=ApportCouvert,OccCouvert,INDEX(Îlots!$O$8:$O$57,$Z353)&\"\"))","v":""},"","","",0,0,0,0,0,{"$f":"IF($AA353=\"\",0,IF(INDEX(Fertilisants!$C$8:$C$47,$AA353)=\"Effluent d'élevage\",1,0))","v":0},{"$f":"IF($AA353=\"\",\"\",IF(INDEX(Fertilisants!$C$8:$C$47,$AA353)=\"Engrais minéral\",\"Minéral\",\"Organique\"))","v":""},"","","",{"$f":"IF(AND($D353<>\"\",$D353=FicheIlot),COUNTIF($D$8:$D353,FicheIlot),\"\")","v":""}]
[null,{"$f":"IF(C354=\"\",\"\",COUNT($C$8:C354))","v":""},null,null,{"$f":"IF($Z354=\"\",\"\",IF($F354=ApportCouvert,INDEX(Îlots!$I$8:$I$57,$Z354)&\"\",INDEX(Îlots!$N$8:$N$57,$Z354)&\"\"))","v":""},null,null,{"$f":"IF($AA354=\"\",\"\",INDEX(Fertilisants!$D$8:$D$47,$AA354)&\"\")","v":""},null,null,{"$f":"IF($AA354=\"\",\"\",INDEX(Fertilisants!$E$8:$E$47,$AA354)&\"\")","v":""},"",{"$f":"IF(OR($J354=\"\",$AA354=\"\"),\"\",$J354*N(INDEX(Fertilisants!$G$8:$G$47,$AA354)))","v":""},{"$f":"IF(OR($J354=\"\",$AA354=\"\"),\"\",$J354*N(INDEX(Fertilisants!$I$8:$I$47,$AA354)))","v":""},{"$f":"IF(OR($J354=\"\",$AA354=\"\"),\"\",$J354*N(INDEX(Fertilisants!$J$8:$J$47,$AA354)))","v":""},{"$f":"IF(OR($J354=\"\",$AA354=\"\"),\"\",$J354*N(INDEX(Fertilisants!$K$8:$K$47,$AA354)))","v":""},"",{"$nulls":5},"",null,null,{"$f":"IF($D354=\"\",\"\",IFERROR(MATCH($D354,Îlots!$D$8:$D$57,0),\"\"))","v":""},{"$f":"IF($G354=\"\",\"\",IFERROR(MATCH($G354,Fertilisants!$B$8:$B$47,0),\"\"))","v":""},{"$f":"IF($Z354=\"\",\"\",INDEX(Îlots!$E$8:$E$57,$Z354))","v":""},{"$f":"IF($Z354=\"\",\"\",INDEX(Îlots!$G$8:$G$57,$Z354)&\"\")","v":""},{"$f":"IF($Z354=\"\",\"\",IF($F354=ApportCouvert,OccCouvert,INDEX(Îlots!$O$8:$O$57,$Z354)&\"\"))","v":""},"","","",0,0,0,0,0,{"$f":"IF($AA354=\"\",0,IF(INDEX(Fertilisants!$C$8:$C$47,$AA354)=\"Effluent d'élevage\",1,0))","v":0},{"$f":"IF($AA354=\"\",\"\",IF(INDEX(Fertilisants!$C$8:$C$47,$AA354)=\"Engrais minéral\",\"Minéral\",\"Organique\"))","v":""},"","","",{"$f":"IF(AND($D354<>\"\",$D354=FicheIlot),COUNTIF($D$8:$D354,FicheIlot),\"\")","v":""}]
[null,{"$f":"IF(C355=\"\",\"\",COUNT($C$8:C355))","v":""},null,null,{"$f":"IF($Z355=\"\",\"\",IF($F355=ApportCouvert,INDEX(Îlots!$I$8:$I$57,$Z355)&\"\",INDEX(Îlots!$N$8:$N$57,$Z355)&\"\"))","v":""},null,null,{"$f":"IF($AA355=\"\",\"\",INDEX(Fertilisants!$D$8:$D$47,$AA355)&\"\")","v":""},null,null,{"$f":"IF($AA355=\"\",\"\",INDEX(Fertilisants!$E$8:$E$47,$AA355)&\"\")","v":""},"",{"$f":"IF(OR($J355=\"\",$AA355=\"\"),\"\",$J355*N(INDEX(Fertilisants!$G$8:$G$47,$AA355)))","v":""},{"$f":"IF(OR($J355=\"\",$AA355=\"\"),\"\",$J355*N(INDEX(Fertilisants!$I$8:$I$47,$AA355)))","v":""},{"$f":"IF(OR($J355=\"\",$AA355=\"\"),\"\",$J355*N(INDEX(Fertilisants!$J$8:$J$47,$AA355)))","v":""},{"$f":"IF(OR($J355=\"\",$AA355=\"\"),\"\",$J355*N(INDEX(Fertilisants!$K$8:$K$47,$AA355)))","v":""},"",{"$nulls":5},"",null,null,{"$f":"IF($D355=\"\",\"\",IFERROR(MATCH($D355,Îlots!$D$8:$D$57,0),\"\"))","v":""},{"$f":"IF($G355=\"\",\"\",IFERROR(MATCH($G355,Fertilisants!$B$8:$B$47,0),\"\"))","v":""},{"$f":"IF($Z355=\"\",\"\",INDEX(Îlots!$E$8:$E$57,$Z355))","v":""},{"$f":"IF($Z355=\"\",\"\",INDEX(Îlots!$G$8:$G$57,$Z355)&\"\")","v":""},{"$f":"IF($Z355=\"\",\"\",IF($F355=ApportCouvert,OccCouvert,INDEX(Îlots!$O$8:$O$57,$Z355)&\"\"))","v":""},"","","",0,0,0,0,0,{"$f":"IF($AA355=\"\",0,IF(INDEX(Fertilisants!$C$8:$C$47,$AA355)=\"Effluent d'élevage\",1,0))","v":0},{"$f":"IF($AA355=\"\",\"\",IF(INDEX(Fertilisants!$C$8:$C$47,$AA355)=\"Engrais minéral\",\"Minéral\",\"Organique\"))","v":""},"","","",{"$f":"IF(AND($D355<>\"\",$D355=FicheIlot),COUNTIF($D$8:$D355,FicheIlot),\"\")","v":""}]
[null,{"$f":"IF(C356=\"\",\"\",COUNT($C$8:C356))","v":""},null,null,{"$f":"IF($Z356=\"\",\"\",IF($F356=ApportCouvert,INDEX(Îlots!$I$8:$I$57,$Z356)&\"\",INDEX(Îlots!$N$8:$N$57,$Z356)&\"\"))","v":""},null,null,{"$f":"IF($AA356=\"\",\"\",INDEX(Fertilisants!$D$8:$D$47,$AA356)&\"\")","v":""},null,null,{"$f":"IF($AA356=\"\",\"\",INDEX(Fertilisants!$E$8:$E$47,$AA356)&\"\")","v":""},"",{"$f":"IF(OR($J356=\"\",$AA356=\"\"),\"\",$J356*N(INDEX(Fertilisants!$G$8:$G$47,$AA356)))","v":""},{"$f":"IF(OR($J356=\"\",$AA356=\"\"),\"\",$J356*N(INDEX(Fertilisants!$I$8:$I$47,$AA356)))","v":""},{"$f":"IF(OR($J356=\"\",$AA356=\"\"),\"\",$J356*N(INDEX(Fertilisants!$J$8:$J$47,$AA356)))","v":""},{"$f":"IF(OR($J356=\"\",$AA356=\"\"),\"\",$J356*N(INDEX(Fertilisants!$K$8:$K$47,$AA356)))","v":""},"",{"$nulls":5},"",null,null,{"$f":"IF($D356=\"\",\"\",IFERROR(MATCH($D356,Îlots!$D$8:$D$57,0),\"\"))","v":""},{"$f":"IF($G356=\"\",\"\",IFERROR(MATCH($G356,Fertilisants!$B$8:$B$47,0),\"\"))","v":""},{"$f":"IF($Z356=\"\",\"\",INDEX(Îlots!$E$8:$E$57,$Z356))","v":""},{"$f":"IF($Z356=\"\",\"\",INDEX(Îlots!$G$8:$G$57,$Z356)&\"\")","v":""},{"$f":"IF($Z356=\"\",\"\",IF($F356=ApportCouvert,OccCouvert,INDEX(Îlots!$O$8:$O$57,$Z356)&\"\"))","v":""},"","","",0,0,0,0,0,{"$f":"IF($AA356=\"\",0,IF(INDEX(Fertilisants!$C$8:$C$47,$AA356)=\"Effluent d'élevage\",1,0))","v":0},{"$f":"IF($AA356=\"\",\"\",IF(INDEX(Fertilisants!$C$8:$C$47,$AA356)=\"Engrais minéral\",\"Minéral\",\"Organique\"))","v":""},"","","",{"$f":"IF(AND($D356<>\"\",$D356=FicheIlot),COUNTIF($D$8:$D356,FicheIlot),\"\")","v":""}]
[null,{"$f":"IF(C357=\"\",\"\",COUNT($C$8:C357))","v":""},null,null,{"$f":"IF($Z357=\"\",\"\",IF($F357=ApportCouvert,INDEX(Îlots!$I$8:$I$57,$Z357)&\"\",INDEX(Îlots!$N$8:$N$57,$Z357)&\"\"))","v":""},null,null,{"$f":"IF($AA357=\"\",\"\",INDEX(Fertilisants!$D$8:$D$47,$AA357)&\"\")","v":""},null,null,{"$f":"IF($AA357=\"\",\"\",INDEX(Fertilisants!$E$8:$E$47,$AA357)&\"\")","v":""},"",{"$f":"IF(OR($J357=\"\",$AA357=\"\"),\"\",$J357*N(INDEX(Fertilisants!$G$8:$G$47,$AA357)))","v":""},{"$f":"IF(OR($J357=\"\",$AA357=\"\"),\"\",$J357*N(INDEX(Fertilisants!$I$8:$I$47,$AA357)))","v":""},{"$f":"IF(OR($J357=\"\",$AA357=\"\"),\"\",$J357*N(INDEX(Fertilisants!$J$8:$J$47,$AA357)))","v":""},{"$f":"IF(OR($J357=\"\",$AA357=\"\"),\"\",$J357*N(INDEX(Fertilisants!$K$8:$K$47,$AA357)))","v":""},"",{"$nulls":5},"",null,null,{"$f":"IF($D357=\"\",\"\",IFERROR(MATCH($D357,Îlots!$D$8:$D$57,0),\"\"))","v":""},{"$f":"IF($G357=\"\",\"\",IFERROR(MATCH($G357,Fertilisants!$B$8:$B$47,0),\"\"))","v":""},{"$f":"IF($Z357=\"\",\"\",INDEX(Îlots!$E$8:$E$57,$Z357))","v":""},{"$f":"IF($Z357=\"\",\"\",INDEX(Îlots!$G$8:$G$57,$Z357)&\"\")","v":""},{"$f":"IF($Z357=\"\",\"\",IF($F357=ApportCouvert,OccCouvert,INDEX(Îlots!$O$8:$O$57,$Z357)&\"\"))","v":""},"","","",0,0,0,0,0,{"$f":"IF($AA357=\"\",0,IF(INDEX(Fertilisants!$C$8:$C$47,$AA357)=\"Effluent d'élevage\",1,0))","v":0},{"$f":"IF($AA357=\"\",\"\",IF(INDEX(Fertilisants!$C$8:$C$47,$AA357)=\"Engrais minéral\",\"Minéral\",\"Organique\"))","v":""},"","","",{"$f":"IF(AND($D357<>\"\",$D357=FicheIlot),COUNTIF($D$8:$D357,FicheIlot),\"\")","v":""}]
[null,{"$f":"IF(C358=\"\",\"\",COUNT($C$8:C358))","v":""},null,null,{"$f":"IF($Z358=\"\",\"\",IF($F358=ApportCouvert,INDEX(Îlots!$I$8:$I$57,$Z358)&\"\",INDEX(Îlots!$N$8:$N$57,$Z358)&\"\"))","v":""},null,null,{"$f":"IF($AA358=\"\",\"\",INDEX(Fertilisants!$D$8:$D$47,$AA358)&\"\")","v":""},null,null,{"$f":"IF($AA358=\"\",\"\",INDEX(Fertilisants!$E$8:$E$47,$AA358)&\"\")","v":""},"",{"$f":"IF(OR($J358=\"\",$AA358=\"\"),\"\",$J358*N(INDEX(Fertilisants!$G$8:$G$47,$AA358)))","v":""},{"$f":"IF(OR($J358=\"\",$AA358=\"\"),\"\",$J358*N(INDEX(Fertilisants!$I$8:$I$47,$AA358)))","v":""},{"$f":"IF(OR($J358=\"\",$AA358=\"\"),\"\",$J358*N(INDEX(Fertilisants!$J$8:$J$47,$AA358)))","v":""},{"$f":"IF(OR($J358=\"\",$AA358=\"\"),\"\",$J358*N(INDEX(Fertilisants!$K$8:$K$47,$AA358)))","v":""},"",{"$nulls":5},"",null,null,{"$f":"IF($D358=\"\",\"\",IFERROR(MATCH($D358,Îlots!$D$8:$D$57,0),\"\"))","v":""},{"$f":"IF($G358=\"\",\"\",IFERROR(MATCH($G358,Fertilisants!$B$8:$B$47,0),\"\"))","v":""},{"$f":"IF($Z358=\"\",\"\",INDEX(Îlots!$E$8:$E$57,$Z358))","v":""},{"$f":"IF($Z358=\"\",\"\",INDEX(Îlots!$G$8:$G$57,$Z358)&\"\")","v":""},{"$f":"IF($Z358=\"\",\"\",IF($F358=ApportCouvert,OccCouvert,INDEX(Îlots!$O$8:$O$57,$Z358)&\"\"))","v":""},"","","",0,0,0,0,0,{"$f":"IF($AA358=\"\",0,IF(INDEX(Fertilisants!$C$8:$C$47,$AA358)=\"Effluent d'élevage\",1,0))","v":0},{"$f":"IF($AA358=\"\",\"\",IF(INDEX(Fertilisants!$C$8:$C$47,$AA358)=\"Engrais minéral\",\"Minéral\",\"Organique\"))","v":""},"","","",{"$f":"IF(AND($D358<>\"\",$D358=FicheIlot),COUNTIF($D$8:$D358,FicheIlot),\"\")","v":""}]
[null,{"$f":"IF(C359=\"\",\"\",COUNT($C$8:C359))","v":""},null,null,{"$f":"IF($Z359=\"\",\"\",IF($F359=ApportCouvert,INDEX(Îlots!$I$8:$I$57,$Z359)&\"\",INDEX(Îlots!$N$8:$N$57,$Z359)&\"\"))","v":""},null,null,{"$f":"IF($AA359=\"\",\"\",INDEX(Fertilisants!$D$8:$D$47,$AA359)&\"\")","v":""},null,null,{"$f":"IF($AA359=\"\",\"\",INDEX(Fertilisants!$E$8:$E$47,$AA359)&\"\")","v":""},"",{"$f":"IF(OR($J359=\"\",$AA359=\"\"),\"\",$J359*N(INDEX(Fertilisants!$G$8:$G$47,$AA359)))","v":""},{"$f":"IF(OR($J359=\"\",$AA359=\"\"),\"\",$J359*N(INDEX(Fertilisants!$I$8:$I$47,$AA359)))","v":""},{"$f":"IF(OR($J359=\"\",$AA359=\"\"),\"\",$J359*N(INDEX(Fertilisants!$J$8:$J$47,$AA359)))","v":""},{"$f":"IF(OR($J359=\"\",$AA359=\"\"),\"\",$J359*N(INDEX(Fertilisants!$K$8:$K$47,$AA359)))","v":""},"",{"$nulls":5},"",null,null,{"$f":"IF($D359=\"\",\"\",IFERROR(MATCH($D359,Îlots!$D$8:$D$57,0),\"\"))","v":""},{"$f":"IF($G359=\"\",\"\",IFERROR(MATCH($G359,Fertilisants!$B$8:$B$47,0),\"\"))","v":""},{"$f":"IF($Z359=\"\",\"\",INDEX(Îlots!$E$8:$E$57,$Z359))","v":""},{"$f":"IF($Z359=\"\",\"\",INDEX(Îlots!$G$8:$G$57,$Z359)&\"\")","v":""},{"$f":"IF($Z359=\"\",\"\",IF($F359=ApportCouvert,OccCouvert,INDEX(Îlots!$O$8:$O$57,$Z359)&\"\"))","v":""},"","","",0,0,0,0,0,{"$f":"IF($AA359=\"\",0,IF(INDEX(Fertilisants!$C$8:$C$47,$AA359)=\"Effluent d'élevage\",1,0))","v":0},{"$f":"IF($AA359=\"\",\"\",IF(INDEX(Fertilisants!$C$8:$C$47,$AA359)=\"Engrais minéral\",\"Minéral\",\"Organique\"))","v":""},"","","",{"$f":"IF(AND($D359<>\"\",$D359=FicheIlot),COUNTIF($D$8:$D359,FicheIlot),\"\")","v":""}]
[null,{"$f":"IF(C360=\"\",\"\",COUNT($C$8:C360))","v":""},null,null,{"$f":"IF($Z360=\"\",\"\",IF($F360=ApportCouvert,INDEX(Îlots!$I$8:$I$57,$Z360)&\"\",INDEX(Îlots!$N$8:$N$57,$Z360)&\"\"))","v":""},null,null,{"$f":"IF($AA360=\"\",\"\",INDEX(Fertilisants!$D$8:$D$47,$AA360)&\"\")","v":""},null,null,{"$f":"IF($AA360=\"\",\"\",INDEX(Fertilisants!$E$8:$E$47,$AA360)&\"\")","v":""},"",{"$f":"IF(OR($J360=\"\",$AA360=\"\"),\"\",$J360*N(INDEX(Fertilisants!$G$8:$G$47,$AA360)))","v":""},{"$f":"IF(OR($J360=\"\",$AA360=\"\"),\"\",$J360*N(INDEX(Fertilisants!$I$8:$I$47,$AA360)))","v":""},{"$f":"IF(OR($J360=\"\",$AA360=\"\"),\"\",$J360*N(INDEX(Fertilisants!$J$8:$J$47,$AA360)))","v":""},{"$f":"IF(OR($J360=\"\",$AA360=\"\"),\"\",$J360*N(INDEX(Fertilisants!$K$8:$K$47,$AA360)))","v":""},"",{"$nulls":5},"",null,null,{"$f":"IF($D360=\"\",\"\",IFERROR(MATCH($D360,Îlots!$D$8:$D$57,0),\"\"))","v":""},{"$f":"IF($G360=\"\",\"\",IFERROR(MATCH($G360,Fertilisants!$B$8:$B$47,0),\"\"))","v":""},{"$f":"IF($Z360=\"\",\"\",INDEX(Îlots!$E$8:$E$57,$Z360))","v":""},{"$f":"IF($Z360=\"\",\"\",INDEX(Îlots!$G$8:$G$57,$Z360)&\"\")","v":""},{"$f":"IF($Z360=\"\",\"\",IF($F360=ApportCouvert,OccCouvert,INDEX(Îlots!$O$8:$O$57,$Z360)&\"\"))","v":""},"","","",0,0,0,0,0,{"$f":"IF($AA360=\"\",0,IF(INDEX(Fertilisants!$C$8:$C$47,$AA360)=\"Effluent d'élevage\",1,0))","v":0},{"$f":"IF($AA360=\"\",\"\",IF(INDEX(Fertilisants!$C$8:$C$47,$AA360)=\"Engrais minéral\",\"Minéral\",\"Organique\"))","v":""},"","","",{"$f":"IF(AND($D360<>\"\",$D360=FicheIlot),COUNTIF($D$8:$D360,FicheIlot),\"\")","v":""}]
[null,{"$f":"IF(C361=\"\",\"\",COUNT($C$8:C361))","v":""},null,null,{"$f":"IF($Z361=\"\",\"\",IF($F361=ApportCouvert,INDEX(Îlots!$I$8:$I$57,$Z361)&\"\",INDEX(Îlots!$N$8:$N$57,$Z361)&\"\"))","v":""},null,null,{"$f":"IF($AA361=\"\",\"\",INDEX(Fertilisants!$D$8:$D$47,$AA361)&\"\")","v":""},null,null,{"$f":"IF($AA361=\"\",\"\",INDEX(Fertilisants!$E$8:$E$47,$AA361)&\"\")","v":""},"",{"$f":"IF(OR($J361=\"\",$AA361=\"\"),\"\",$J361*N(INDEX(Fertilisants!$G$8:$G$47,$AA361)))","v":""},{"$f":"IF(OR($J361=\"\",$AA361=\"\"),\"\",$J361*N(INDEX(Fertilisants!$I$8:$I$47,$AA361)))","v":""},{"$f":"IF(OR($J361=\"\",$AA361=\"\"),\"\",$J361*N(INDEX(Fertilisants!$J$8:$J$47,$AA361)))","v":""},{"$f":"IF(OR($J361=\"\",$AA361=\"\"),\"\",$J361*N(INDEX(Fertilisants!$K$8:$K$47,$AA361)))","v":""},"",{"$nulls":5},"",null,null,{"$f":"IF($D361=\"\",\"\",IFERROR(MATCH($D361,Îlots!$D$8:$D$57,0),\"\"))","v":""},{"$f":"IF($G361=\"\",\"\",IFERROR(MATCH($G361,Fertilisants!$B$8:$B$47,0),\"\"))","v":""},{"$f":"IF($Z361=\"\",\"\",INDEX(Îlots!$E$8:$E$57,$Z361))","v":""},{"$f":"IF($Z361=\"\",\"\",INDEX(Îlots!$G$8:$G$57,$Z361)&\"\")","v":""},{"$f":"IF($Z361=\"\",\"\",IF($F361=ApportCouvert,OccCouvert,INDEX(Îlots!$O$8:$O$57,$Z361)&\"\"))","v":""},"","","",0,0,0,0,0,{"$f":"IF($AA361=\"\",0,IF(INDEX(Fertilisants!$C$8:$C$47,$AA361)=\"Effluent d'élevage\",1,0))","v":0},{"$f":"IF($AA361=\"\",\"\",IF(INDEX(Fertilisants!$C$8:$C$47,$AA361)=\"Engrais minéral\",\"Minéral\",\"Organique\"))","v":""},"","","",{"$f":"IF(AND($D361<>\"\",$D361=FicheIlot),COUNTIF($D$8:$D361,FicheIlot),\"\")","v":""}]
[null,{"$f":"IF(C362=\"\",\"\",COUNT($C$8:C362))","v":""},null,null,{"$f":"IF($Z362=\"\",\"\",IF($F362=ApportCouvert,INDEX(Îlots!$I$8:$I$57,$Z362)&\"\",INDEX(Îlots!$N$8:$N$57,$Z362)&\"\"))","v":""},null,null,{"$f":"IF($AA362=\"\",\"\",INDEX(Fertilisants!$D$8:$D$47,$AA362)&\"\")","v":""},null,null,{"$f":"IF($AA362=\"\",\"\",INDEX(Fertilisants!$E$8:$E$47,$AA362)&\"\")","v":""},"",{"$f":"IF(OR($J362=\"\",$AA362=\"\"),\"\",$J362*N(INDEX(Fertilisants!$G$8:$G$47,$AA362)))","v":""},{"$f":"IF(OR($J362=\"\",$AA362=\"\"),\"\",$J362*N(INDEX(Fertilisants!$I$8:$I$47,$AA362)))","v":""},{"$f":"IF(OR($J362=\"\",$AA362=\"\"),\"\",$J362*N(INDEX(Fertilisants!$J$8:$J$47,$AA362)))","v":""},{"$f":"IF(OR($J362=\"\",$AA362=\"\"),\"\",$J362*N(INDEX(Fertilisants!$K$8:$K$47,$AA362)))","v":""},"",{"$nulls":5},"",null,null,{"$f":"IF($D362=\"\",\"\",IFERROR(MATCH($D362,Îlots!$D$8:$D$57,0),\"\"))","v":""},{"$f":"IF($G362=\"\",\"\",IFERROR(MATCH($G362,Fertilisants!$B$8:$B$47,0),\"\"))","v":""},{"$f":"IF($Z362=\"\",\"\",INDEX(Îlots!$E$8:$E$57,$Z362))","v":""},{"$f":"IF($Z362=\"\",\"\",INDEX(Îlots!$G$8:$G$57,$Z362)&\"\")","v":""},{"$f":"IF($Z362=\"\",\"\",IF($F362=ApportCouvert,OccCouvert,INDEX(Îlots!$O$8:$O$57,$Z362)&\"\"))","v":""},"","","",0,0,0,0,0,{"$f":"IF($AA362=\"\",0,IF(INDEX(Fertilisants!$C$8:$C$47,$AA362)=\"Effluent d'élevage\",1,0))","v":0},{"$f":"IF($AA362=\"\",\"\",IF(INDEX(Fertilisants!$C$8:$C$47,$AA362)=\"Engrais minéral\",\"Minéral\",\"Organique\"))","v":""},"","","",{"$f":"IF(AND($D362<>\"\",$D362=FicheIlot),COUNTIF($D$8:$D362,FicheIlot),\"\")","v":""}]
[null,{"$f":"IF(C363=\"\",\"\",COUNT($C$8:C363))","v":""},null,null,{"$f":"IF($Z363=\"\",\"\",IF($F363=ApportCouvert,INDEX(Îlots!$I$8:$I$57,$Z363)&\"\",INDEX(Îlots!$N$8:$N$57,$Z363)&\"\"))","v":""},null,null,{"$f":"IF($AA363=\"\",\"\",INDEX(Fertilisants!$D$8:$D$47,$AA363)&\"\")","v":""},null,null,{"$f":"IF($AA363=\"\",\"\",INDEX(Fertilisants!$E$8:$E$47,$AA363)&\"\")","v":""},"",{"$f":"IF(OR($J363=\"\",$AA363=\"\"),\"\",$J363*N(INDEX(Fertilisants!$G$8:$G$47,$AA363)))","v":""},{"$f":"IF(OR($J363=\"\",$AA363=\"\"),\"\",$J363*N(INDEX(Fertilisants!$I$8:$I$47,$AA363)))","v":""},{"$f":"IF(OR($J363=\"\",$AA363=\"\"),\"\",$J363*N(INDEX(Fertilisants!$J$8:$J$47,$AA363)))","v":""},{"$f":"IF(OR($J363=\"\",$AA363=\"\"),\"\",$J363*N(INDEX(Fertilisants!$K$8:$K$47,$AA363)))","v":""},"",{"$nulls":5},"",null,null,{"$f":"IF($D363=\"\",\"\",IFERROR(MATCH($D363,Îlots!$D$8:$D$57,0),\"\"))","v":""},{"$f":"IF($G363=\"\",\"\",IFERROR(MATCH($G363,Fertilisants!$B$8:$B$47,0),\"\"))","v":""},{"$f":"IF($Z363=\"\",\"\",INDEX(Îlots!$E$8:$E$57,$Z363))","v":""},{"$f":"IF($Z363=\"\",\"\",INDEX(Îlots!$G$8:$G$57,$Z363)&\"\")","v":""},{"$f":"IF($Z363=\"\",\"\",IF($F363=ApportCouvert,OccCouvert,INDEX(Îlots!$O$8:$O$57,$Z363)&\"\"))","v":""},"","","",0,0,0,0,0,{"$f":"IF($AA363=\"\",0,IF(INDEX(Fertilisants!$C$8:$C$47,$AA363)=\"Effluent d'élevage\",1,0))","v":0},{"$f":"IF($AA363=\"\",\"\",IF(INDEX(Fertilisants!$C$8:$C$47,$AA363)=\"Engrais minéral\",\"Minéral\",\"Organique\"))","v":""},"","","",{"$f":"IF(AND($D363<>\"\",$D363=FicheIlot),COUNTIF($D$8:$D363,FicheIlot),\"\")","v":""}]
[null,{"$f":"IF(C364=\"\",\"\",COUNT($C$8:C364))","v":""},null,null,{"$f":"IF($Z364=\"\",\"\",IF($F364=ApportCouvert,INDEX(Îlots!$I$8:$I$57,$Z364)&\"\",INDEX(Îlots!$N$8:$N$57,$Z364)&\"\"))","v":""},null,null,{"$f":"IF($AA364=\"\",\"\",INDEX(Fertilisants!$D$8:$D$47,$AA364)&\"\")","v":""},null,null,{"$f":"IF($AA364=\"\",\"\",INDEX(Fertilisants!$E$8:$E$47,$AA364)&\"\")","v":""},"",{"$f":"IF(OR($J364=\"\",$AA364=\"\"),\"\",$J364*N(INDEX(Fertilisants!$G$8:$G$47,$AA364)))","v":""},{"$f":"IF(OR($J364=\"\",$AA364=\"\"),\"\",$J364*N(INDEX(Fertilisants!$I$8:$I$47,$AA364)))","v":""},{"$f":"IF(OR($J364=\"\",$AA364=\"\"),\"\",$J364*N(INDEX(Fertilisants!$J$8:$J$47,$AA364)))","v":""},{"$f":"IF(OR($J364=\"\",$AA364=\"\"),\"\",$J364*N(INDEX(Fertilisants!$K$8:$K$47,$AA364)))","v":""},"",{"$nulls":5},"",null,null,{"$f":"IF($D364=\"\",\"\",IFERROR(MATCH($D364,Îlots!$D$8:$D$57,0),\"\"))","v":""},{"$f":"IF($G364=\"\",\"\",IFERROR(MATCH($G364,Fertilisants!$B$8:$B$47,0),\"\"))","v":""},{"$f":"IF($Z364=\"\",\"\",INDEX(Îlots!$E$8:$E$57,$Z364))","v":""},{"$f":"IF($Z364=\"\",\"\",INDEX(Îlots!$G$8:$G$57,$Z364)&\"\")","v":""},{"$f":"IF($Z364=\"\",\"\",IF($F364=ApportCouvert,OccCouvert,INDEX(Îlots!$O$8:$O$57,$Z364)&\"\"))","v":""},"","","",0,0,0,0,0,{"$f":"IF($AA364=\"\",0,IF(INDEX(Fertilisants!$C$8:$C$47,$AA364)=\"Effluent d'élevage\",1,0))","v":0},{"$f":"IF($AA364=\"\",\"\",IF(INDEX(Fertilisants!$C$8:$C$47,$AA364)=\"Engrais minéral\",\"Minéral\",\"Organique\"))","v":""},"","","",{"$f":"IF(AND($D364<>\"\",$D364=FicheIlot),COUNTIF($D$8:$D364,FicheIlot),\"\")","v":""}]
[null,{"$f":"IF(C365=\"\",\"\",COUNT($C$8:C365))","v":""},null,null,{"$f":"IF($Z365=\"\",\"\",IF($F365=ApportCouvert,INDEX(Îlots!$I$8:$I$57,$Z365)&\"\",INDEX(Îlots!$N$8:$N$57,$Z365)&\"\"))","v":""},null,null,{"$f":"IF($AA365=\"\",\"\",INDEX(Fertilisants!$D$8:$D$47,$AA365)&\"\")","v":""},null,null,{"$f":"IF($AA365=\"\",\"\",INDEX(Fertilisants!$E$8:$E$47,$AA365)&\"\")","v":""},"",{"$f":"IF(OR($J365=\"\",$AA365=\"\"),\"\",$J365*N(INDEX(Fertilisants!$G$8:$G$47,$AA365)))","v":""},{"$f":"IF(OR($J365=\"\",$AA365=\"\"),\"\",$J365*N(INDEX(Fertilisants!$I$8:$I$47,$AA365)))","v":""},{"$f":"IF(OR($J365=\"\",$AA365=\"\"),\"\",$J365*N(INDEX(Fertilisants!$J$8:$J$47,$AA365)))","v":""},{"$f":"IF(OR($J365=\"\",$AA365=\"\"),\"\",$J365*N(INDEX(Fertilisants!$K$8:$K$47,$AA365)))","v":""},"",{"$nulls":5},"",null,null,{"$f":"IF($D365=\"\",\"\",IFERROR(MATCH($D365,Îlots!$D$8:$D$57,0),\"\"))","v":""},{"$f":"IF($G365=\"\",\"\",IFERROR(MATCH($G365,Fertilisants!$B$8:$B$47,0),\"\"))","v":""},{"$f":"IF($Z365=\"\",\"\",INDEX(Îlots!$E$8:$E$57,$Z365))","v":""},{"$f":"IF($Z365=\"\",\"\",INDEX(Îlots!$G$8:$G$57,$Z365)&\"\")","v":""},{"$f":"IF($Z365=\"\",\"\",IF($F365=ApportCouvert,OccCouvert,INDEX(Îlots!$O$8:$O$57,$Z365)&\"\"))","v":""},"","","",0,0,0,0,0,{"$f":"IF($AA365=\"\",0,IF(INDEX(Fertilisants!$C$8:$C$47,$AA365)=\"Effluent d'élevage\",1,0))","v":0},{"$f":"IF($AA365=\"\",\"\",IF(INDEX(Fertilisants!$C$8:$C$47,$AA365)=\"Engrais minéral\",\"Minéral\",\"Organique\"))","v":""},"","","",{"$f":"IF(AND($D365<>\"\",$D365=FicheIlot),COUNTIF($D$8:$D365,FicheIlot),\"\")","v":""}]
[null,{"$f":"IF(C366=\"\",\"\",COUNT($C$8:C366))","v":""},null,null,{"$f":"IF($Z366=\"\",\"\",IF($F366=ApportCouvert,INDEX(Îlots!$I$8:$I$57,$Z366)&\"\",INDEX(Îlots!$N$8:$N$57,$Z366)&\"\"))","v":""},null,null,{"$f":"IF($AA366=\"\",\"\",INDEX(Fertilisants!$D$8:$D$47,$AA366)&\"\")","v":""},null,null,{"$f":"IF($AA366=\"\",\"\",INDEX(Fertilisants!$E$8:$E$47,$AA366)&\"\")","v":""},"",{"$f":"IF(OR($J366=\"\",$AA366=\"\"),\"\",$J366*N(INDEX(Fertilisants!$G$8:$G$47,$AA366)))","v":""},{"$f":"IF(OR($J366=\"\",$AA366=\"\"),\"\",$J366*N(INDEX(Fertilisants!$I$8:$I$47,$AA366)))","v":""},{"$f":"IF(OR($J366=\"\",$AA366=\"\"),\"\",$J366*N(INDEX(Fertilisants!$J$8:$J$47,$AA366)))","v":""},{"$f":"IF(OR($J366=\"\",$AA366=\"\"),\"\",$J366*N(INDEX(Fertilisants!$K$8:$K$47,$AA366)))","v":""},"",{"$nulls":5},"",null,null,{"$f":"IF($D366=\"\",\"\",IFERROR(MATCH($D366,Îlots!$D$8:$D$57,0),\"\"))","v":""},{"$f":"IF($G366=\"\",\"\",IFERROR(MATCH($G366,Fertilisants!$B$8:$B$47,0),\"\"))","v":""},{"$f":"IF($Z366=\"\",\"\",INDEX(Îlots!$E$8:$E$57,$Z366))","v":""},{"$f":"IF($Z366=\"\",\"\",INDEX(Îlots!$G$8:$G$57,$Z366)&\"\")","v":""},{"$f":"IF($Z366=\"\",\"\",IF($F366=ApportCouvert,OccCouvert,INDEX(Îlots!$O$8:$O$57,$Z366)&\"\"))","v":""},"","","",0,0,0,0,0,{"$f":"IF($AA366=\"\",0,IF(INDEX(Fertilisants!$C$8:$C$47,$AA366)=\"Effluent d'élevage\",1,0))","v":0},{"$f":"IF($AA366=\"\",\"\",IF(INDEX(Fertilisants!$C$8:$C$47,$AA366)=\"Engrais minéral\",\"Minéral\",\"Organique\"))","v":""},"","","",{"$f":"IF(AND($D366<>\"\",$D366=FicheIlot),COUNTIF($D$8:$D366,FicheIlot),\"\")","v":""}]
[null,{"$f":"IF(C367=\"\",\"\",COUNT($C$8:C367))","v":""},null,null,{"$f":"IF($Z367=\"\",\"\",IF($F367=ApportCouvert,INDEX(Îlots!$I$8:$I$57,$Z367)&\"\",INDEX(Îlots!$N$8:$N$57,$Z367)&\"\"))","v":""},null,null,{"$f":"IF($AA367=\"\",\"\",INDEX(Fertilisants!$D$8:$D$47,$AA367)&\"\")","v":""},null,null,{"$f":"IF($AA367=\"\",\"\",INDEX(Fertilisants!$E$8:$E$47,$AA367)&\"\")","v":""},"",{"$f":"IF(OR($J367=\"\",$AA367=\"\"),\"\",$J367*N(INDEX(Fertilisants!$G$8:$G$47,$AA367)))","v":""},{"$f":"IF(OR($J367=\"\",$AA367=\"\"),\"\",$J367*N(INDEX(Fertilisants!$I$8:$I$47,$AA367)))","v":""},{"$f":"IF(OR($J367=\"\",$AA367=\"\"),\"\",$J367*N(INDEX(Fertilisants!$J$8:$J$47,$AA367)))","v":""},{"$f":"IF(OR($J367=\"\",$AA367=\"\"),\"\",$J367*N(INDEX(Fertilisants!$K$8:$K$47,$AA367)))","v":""},"",{"$nulls":5},"",null,null,{"$f":"IF($D367=\"\",\"\",IFERROR(MATCH($D367,Îlots!$D$8:$D$57,0),\"\"))","v":""},{"$f":"IF($G367=\"\",\"\",IFERROR(MATCH($G367,Fertilisants!$B$8:$B$47,0),\"\"))","v":""},{"$f":"IF($Z367=\"\",\"\",INDEX(Îlots!$E$8:$E$57,$Z367))","v":""},{"$f":"IF($Z367=\"\",\"\",INDEX(Îlots!$G$8:$G$57,$Z367)&\"\")","v":""},{"$f":"IF($Z367=\"\",\"\",IF($F367=ApportCouvert,OccCouvert,INDEX(Îlots!$O$8:$O$57,$Z367)&\"\"))","v":""},"","","",0,0,0,0,0,{"$f":"IF($AA367=\"\",0,IF(INDEX(Fertilisants!$C$8:$C$47,$AA367)=\"Effluent d'élevage\",1,0))","v":0},{"$f":"IF($AA367=\"\",\"\",IF(INDEX(Fertilisants!$C$8:$C$47,$AA367)=\"Engrais minéral\",\"Minéral\",\"Organique\"))","v":""},"","","",{"$f":"IF(AND($D367<>\"\",$D367=FicheIlot),COUNTIF($D$8:$D367,FicheIlot),\"\")","v":""}]
[null,{"$f":"IF(C368=\"\",\"\",COUNT($C$8:C368))","v":""},null,null,{"$f":"IF($Z368=\"\",\"\",IF($F368=ApportCouvert,INDEX(Îlots!$I$8:$I$57,$Z368)&\"\",INDEX(Îlots!$N$8:$N$57,$Z368)&\"\"))","v":""},null,null,{"$f":"IF($AA368=\"\",\"\",INDEX(Fertilisants!$D$8:$D$47,$AA368)&\"\")","v":""},null,null,{"$f":"IF($AA368=\"\",\"\",INDEX(Fertilisants!$E$8:$E$47,$AA368)&\"\")","v":""},"",{"$f":"IF(OR($J368=\"\",$AA368=\"\"),\"\",$J368*N(INDEX(Fertilisants!$G$8:$G$47,$AA368)))","v":""},{"$f":"IF(OR($J368=\"\",$AA368=\"\"),\"\",$J368*N(INDEX(Fertilisants!$I$8:$I$47,$AA368)))","v":""},{"$f":"IF(OR($J368=\"\",$AA368=\"\"),\"\",$J368*N(INDEX(Fertilisants!$J$8:$J$47,$AA368)))","v":""},{"$f":"IF(OR($J368=\"\",$AA368=\"\"),\"\",$J368*N(INDEX(Fertilisants!$K$8:$K$47,$AA368)))","v":""},"",{"$nulls":5},"",null,null,{"$f":"IF($D368=\"\",\"\",IFERROR(MATCH($D368,Îlots!$D$8:$D$57,0),\"\"))","v":""},{"$f":"IF($G368=\"\",\"\",IFERROR(MATCH($G368,Fertilisants!$B$8:$B$47,0),\"\"))","v":""},{"$f":"IF($Z368=\"\",\"\",INDEX(Îlots!$E$8:$E$57,$Z368))","v":""},{"$f":"IF($Z368=\"\",\"\",INDEX(Îlots!$G$8:$G$57,$Z368)&\"\")","v":""},{"$f":"IF($Z368=\"\",\"\",IF($F368=ApportCouvert,OccCouvert,INDEX(Îlots!$O$8:$O$57,$Z368)&\"\"))","v":""},"","","",0,0,0,0,0,{"$f":"IF($AA368=\"\",0,IF(INDEX(Fertilisants!$C$8:$C$47,$AA368)=\"Effluent d'élevage\",1,0))","v":0},{"$f":"IF($AA368=\"\",\"\",IF(INDEX(Fertilisants!$C$8:$C$47,$AA368)=\"Engrais minéral\",\"Minéral\",\"Organique\"))","v":""},"","","",{"$f":"IF(AND($D368<>\"\",$D368=FicheIlot),COUNTIF($D$8:$D368,FicheIlot),\"\")","v":""}]
[null,{"$f":"IF(C369=\"\",\"\",COUNT($C$8:C369))","v":""},null,null,{"$f":"IF($Z369=\"\",\"\",IF($F369=ApportCouvert,INDEX(Îlots!$I$8:$I$57,$Z369)&\"\",INDEX(Îlots!$N$8:$N$57,$Z369)&\"\"))","v":""},null,null,{"$f":"IF($AA369=\"\",\"\",INDEX(Fertilisants!$D$8:$D$47,$AA369)&\"\")","v":""},null,null,{"$f":"IF($AA369=\"\",\"\",INDEX(Fertilisants!$E$8:$E$47,$AA369)&\"\")","v":""},"",{"$f":"IF(OR($J369=\"\",$AA369=\"\"),\"\",$J369*N(INDEX(Fertilisants!$G$8:$G$47,$AA369)))","v":""},{"$f":"IF(OR($J369=\"\",$AA369=\"\"),\"\",$J369*N(INDEX(Fertilisants!$I$8:$I$47,$AA369)))","v":""},{"$f":"IF(OR($J369=\"\",$AA369=\"\"),\"\",$J369*N(INDEX(Fertilisants!$J$8:$J$47,$AA369)))","v":""},{"$f":"IF(OR($J369=\"\",$AA369=\"\"),\"\",$J369*N(INDEX(Fertilisants!$K$8:$K$47,$AA369)))","v":""},"",{"$nulls":5},"",null,null,{"$f":"IF($D369=\"\",\"\",IFERROR(MATCH($D369,Îlots!$D$8:$D$57,0),\"\"))","v":""},{"$f":"IF($G369=\"\",\"\",IFERROR(MATCH($G369,Fertilisants!$B$8:$B$47,0),\"\"))","v":""},{"$f":"IF($Z369=\"\",\"\",INDEX(Îlots!$E$8:$E$57,$Z369))","v":""},{"$f":"IF($Z369=\"\",\"\",INDEX(Îlots!$G$8:$G$57,$Z369)&\"\")","v":""},{"$f":"IF($Z369=\"\",\"\",IF($F369=ApportCouvert,OccCouvert,INDEX(Îlots!$O$8:$O$57,$Z369)&\"\"))","v":""},"","","",0,0,0,0,0,{"$f":"IF($AA369=\"\",0,IF(INDEX(Fertilisants!$C$8:$C$47,$AA369)=\"Effluent d'élevage\",1,0))","v":0},{"$f":"IF($AA369=\"\",\"\",IF(INDEX(Fertilisants!$C$8:$C$47,$AA369)=\"Engrais minéral\",\"Minéral\",\"Organique\"))","v":""},"","","",{"$f":"IF(AND($D369<>\"\",$D369=FicheIlot),COUNTIF($D$8:$D369,FicheIlot),\"\")","v":""}]
[null,{"$f":"IF(C370=\"\",\"\",COUNT($C$8:C370))","v":""},null,null,{"$f":"IF($Z370=\"\",\"\",IF($F370=ApportCouvert,INDEX(Îlots!$I$8:$I$57,$Z370)&\"\",INDEX(Îlots!$N$8:$N$57,$Z370)&\"\"))","v":""},null,null,{"$f":"IF($AA370=\"\",\"\",INDEX(Fertilisants!$D$8:$D$47,$AA370)&\"\")","v":""},null,null,{"$f":"IF($AA370=\"\",\"\",INDEX(Fertilisants!$E$8:$E$47,$AA370)&\"\")","v":""},"",{"$f":"IF(OR($J370=\"\",$AA370=\"\"),\"\",$J370*N(INDEX(Fertilisants!$G$8:$G$47,$AA370)))","v":""},{"$f":"IF(OR($J370=\"\",$AA370=\"\"),\"\",$J370*N(INDEX(Fertilisants!$I$8:$I$47,$AA370)))","v":""},{"$f":"IF(OR($J370=\"\",$AA370=\"\"),\"\",$J370*N(INDEX(Fertilisants!$J$8:$J$47,$AA370)))","v":""},{"$f":"IF(OR($J370=\"\",$AA370=\"\"),\"\",$J370*N(INDEX(Fertilisants!$K$8:$K$47,$AA370)))","v":""},"",{"$nulls":5},"",null,null,{"$f":"IF($D370=\"\",\"\",IFERROR(MATCH($D370,Îlots!$D$8:$D$57,0),\"\"))","v":""},{"$f":"IF($G370=\"\",\"\",IFERROR(MATCH($G370,Fertilisants!$B$8:$B$47,0),\"\"))","v":""},{"$f":"IF($Z370=\"\",\"\",INDEX(Îlots!$E$8:$E$57,$Z370))","v":""},{"$f":"IF($Z370=\"\",\"\",INDEX(Îlots!$G$8:$G$57,$Z370)&\"\")","v":""},{"$f":"IF($Z370=\"\",\"\",IF($F370=ApportCouvert,OccCouvert,INDEX(Îlots!$O$8:$O$57,$Z370)&\"\"))","v":""},"","","",0,0,0,0,0,{"$f":"IF($AA370=\"\",0,IF(INDEX(Fertilisants!$C$8:$C$47,$AA370)=\"Effluent d'élevage\",1,0))","v":0},{"$f":"IF($AA370=\"\",\"\",IF(INDEX(Fertilisants!$C$8:$C$47,$AA370)=\"Engrais minéral\",\"Minéral\",\"Organique\"))","v":""},"","","",{"$f":"IF(AND($D370<>\"\",$D370=FicheIlot),COUNTIF($D$8:$D370,FicheIlot),\"\")","v":""}]
[null,{"$f":"IF(C371=\"\",\"\",COUNT($C$8:C371))","v":""},null,null,{"$f":"IF($Z371=\"\",\"\",IF($F371=ApportCouvert,INDEX(Îlots!$I$8:$I$57,$Z371)&\"\",INDEX(Îlots!$N$8:$N$57,$Z371)&\"\"))","v":""},null,null,{"$f":"IF($AA371=\"\",\"\",INDEX(Fertilisants!$D$8:$D$47,$AA371)&\"\")","v":""},null,null,{"$f":"IF($AA371=\"\",\"\",INDEX(Fertilisants!$E$8:$E$47,$AA371)&\"\")","v":""},"",{"$f":"IF(OR($J371=\"\",$AA371=\"\"),\"\",$J371*N(INDEX(Fertilisants!$G$8:$G$47,$AA371)))","v":""},{"$f":"IF(OR($J371=\"\",$AA371=\"\"),\"\",$J371*N(INDEX(Fertilisants!$I$8:$I$47,$AA371)))","v":""},{"$f":"IF(OR($J371=\"\",$AA371=\"\"),\"\",$J371*N(INDEX(Fertilisants!$J$8:$J$47,$AA371)))","v":""},{"$f":"IF(OR($J371=\"\",$AA371=\"\"),\"\",$J371*N(INDEX(Fertilisants!$K$8:$K$47,$AA371)))","v":""},"",{"$nulls":5},"",null,null,{"$f":"IF($D371=\"\",\"\",IFERROR(MATCH($D371,Îlots!$D$8:$D$57,0),\"\"))","v":""},{"$f":"IF($G371=\"\",\"\",IFERROR(MATCH($G371,Fertilisants!$B$8:$B$47,0),\"\"))","v":""},{"$f":"IF($Z371=\"\",\"\",INDEX(Îlots!$E$8:$E$57,$Z371))","v":""},{"$f":"IF($Z371=\"\",\"\",INDEX(Îlots!$G$8:$G$57,$Z371)&\"\")","v":""},{"$f":"IF($Z371=\"\",\"\",IF($F371=ApportCouvert,OccCouvert,INDEX(Îlots!$O$8:$O$57,$Z371)&\"\"))","v":""},"","","",0,0,0,0,0,{"$f":"IF($AA371=\"\",0,IF(INDEX(Fertilisants!$C$8:$C$47,$AA371)=\"Effluent d'élevage\",1,0))","v":0},{"$f":"IF($AA371=\"\",\"\",IF(INDEX(Fertilisants!$C$8:$C$47,$AA371)=\"Engrais minéral\",\"Minéral\",\"Organique\"))","v":""},"","","",{"$f":"IF(AND($D371<>\"\",$D371=FicheIlot),COUNTIF($D$8:$D371,FicheIlot),\"\")","v":""}]
[null,{"$f":"IF(C372=\"\",\"\",COUNT($C$8:C372))","v":""},null,null,{"$f":"IF($Z372=\"\",\"\",IF($F372=ApportCouvert,INDEX(Îlots!$I$8:$I$57,$Z372)&\"\",INDEX(Îlots!$N$8:$N$57,$Z372)&\"\"))","v":""},null,null,{"$f":"IF($AA372=\"\",\"\",INDEX(Fertilisants!$D$8:$D$47,$AA372)&\"\")","v":""},null,null,{"$f":"IF($AA372=\"\",\"\",INDEX(Fertilisants!$E$8:$E$47,$AA372)&\"\")","v":""},"",{"$f":"IF(OR($J372=\"\",$AA372=\"\"),\"\",$J372*N(INDEX(Fertilisants!$G$8:$G$47,$AA372)))","v":""},{"$f":"IF(OR($J372=\"\",$AA372=\"\"),\"\",$J372*N(INDEX(Fertilisants!$I$8:$I$47,$AA372)))","v":""},{"$f":"IF(OR($J372=\"\",$AA372=\"\"),\"\",$J372*N(INDEX(Fertilisants!$J$8:$J$47,$AA372)))","v":""},{"$f":"IF(OR($J372=\"\",$AA372=\"\"),\"\",$J372*N(INDEX(Fertilisants!$K$8:$K$47,$AA372)))","v":""},"",{"$nulls":5},"",null,null,{"$f":"IF($D372=\"\",\"\",IFERROR(MATCH($D372,Îlots!$D$8:$D$57,0),\"\"))","v":""},{"$f":"IF($G372=\"\",\"\",IFERROR(MATCH($G372,Fertilisants!$B$8:$B$47,0),\"\"))","v":""},{"$f":"IF($Z372=\"\",\"\",INDEX(Îlots!$E$8:$E$57,$Z372))","v":""},{"$f":"IF($Z372=\"\",\"\",INDEX(Îlots!$G$8:$G$57,$Z372)&\"\")","v":""},{"$f":"IF($Z372=\"\",\"\",IF($F372=ApportCouvert,OccCouvert,INDEX(Îlots!$O$8:$O$57,$Z372)&\"\"))","v":""},"","","",0,0,0,0,0,{"$f":"IF($AA372=\"\",0,IF(INDEX(Fertilisants!$C$8:$C$47,$AA372)=\"Effluent d'élevage\",1,0))","v":0},{"$f":"IF($AA372=\"\",\"\",IF(INDEX(Fertilisants!$C$8:$C$47,$AA372)=\"Engrais minéral\",\"Minéral\",\"Organique\"))","v":""},"","","",{"$f":"IF(AND($D372<>\"\",$D372=FicheIlot),COUNTIF($D$8:$D372,FicheIlot),\"\")","v":""}]
[null,{"$f":"IF(C373=\"\",\"\",COUNT($C$8:C373))","v":""},null,null,{"$f":"IF($Z373=\"\",\"\",IF($F373=ApportCouvert,INDEX(Îlots!$I$8:$I$57,$Z373)&\"\",INDEX(Îlots!$N$8:$N$57,$Z373)&\"\"))","v":""},null,null,{"$f":"IF($AA373=\"\",\"\",INDEX(Fertilisants!$D$8:$D$47,$AA373)&\"\")","v":""},null,null,{"$f":"IF($AA373=\"\",\"\",INDEX(Fertilisants!$E$8:$E$47,$AA373)&\"\")","v":""},"",{"$f":"IF(OR($J373=\"\",$AA373=\"\"),\"\",$J373*N(INDEX(Fertilisants!$G$8:$G$47,$AA373)))","v":""},{"$f":"IF(OR($J373=\"\",$AA373=\"\"),\"\",$J373*N(INDEX(Fertilisants!$I$8:$I$47,$AA373)))","v":""},{"$f":"IF(OR($J373=\"\",$AA373=\"\"),\"\",$J373*N(INDEX(Fertilisants!$J$8:$J$47,$AA373)))","v":""},{"$f":"IF(OR($J373=\"\",$AA373=\"\"),\"\",$J373*N(INDEX(Fertilisants!$K$8:$K$47,$AA373)))","v":""},"",{"$nulls":5},"",null,null,{"$f":"IF($D373=\"\",\"\",IFERROR(MATCH($D373,Îlots!$D$8:$D$57,0),\"\"))","v":""},{"$f":"IF($G373=\"\",\"\",IFERROR(MATCH($G373,Fertilisants!$B$8:$B$47,0),\"\"))","v":""},{"$f":"IF($Z373=\"\",\"\",INDEX(Îlots!$E$8:$E$57,$Z373))","v":""},{"$f":"IF($Z373=\"\",\"\",INDEX(Îlots!$G$8:$G$57,$Z373)&\"\")","v":""},{"$f":"IF($Z373=\"\",\"\",IF($F373=ApportCouvert,OccCouvert,INDEX(Îlots!$O$8:$O$57,$Z373)&\"\"))","v":""},"","","",0,0,0,0,0,{"$f":"IF($AA373=\"\",0,IF(INDEX(Fertilisants!$C$8:$C$47,$AA373)=\"Effluent d'élevage\",1,0))","v":0},{"$f":"IF($AA373=\"\",\"\",IF(INDEX(Fertilisants!$C$8:$C$47,$AA373)=\"Engrais minéral\",\"Minéral\",\"Organique\"))","v":""},"","","",{"$f":"IF(AND($D373<>\"\",$D373=FicheIlot),COUNTIF($D$8:$D373,FicheIlot),\"\")","v":""}]
[null,{"$f":"IF(C374=\"\",\"\",COUNT($C$8:C374))","v":""},null,null,{"$f":"IF($Z374=\"\",\"\",IF($F374=ApportCouvert,INDEX(Îlots!$I$8:$I$57,$Z374)&\"\",INDEX(Îlots!$N$8:$N$57,$Z374)&\"\"))","v":""},null,null,{"$f":"IF($AA374=\"\",\"\",INDEX(Fertilisants!$D$8:$D$47,$AA374)&\"\")","v":""},null,null,{"$f":"IF($AA374=\"\",\"\",INDEX(Fertilisants!$E$8:$E$47,$AA374)&\"\")","v":""},"",{"$f":"IF(OR($J374=\"\",$AA374=\"\"),\"\",$J374*N(INDEX(Fertilisants!$G$8:$G$47,$AA374)))","v":""},{"$f":"IF(OR($J374=\"\",$AA374=\"\"),\"\",$J374*N(INDEX(Fertilisants!$I$8:$I$47,$AA374)))","v":""},{"$f":"IF(OR($J374=\"\",$AA374=\"\"),\"\",$J374*N(INDEX(Fertilisants!$J$8:$J$47,$AA374)))","v":""},{"$f":"IF(OR($J374=\"\",$AA374=\"\"),\"\",$J374*N(INDEX(Fertilisants!$K$8:$K$47,$AA374)))","v":""},"",{"$nulls":5},"",null,null,{"$f":"IF($D374=\"\",\"\",IFERROR(MATCH($D374,Îlots!$D$8:$D$57,0),\"\"))","v":""},{"$f":"IF($G374=\"\",\"\",IFERROR(MATCH($G374,Fertilisants!$B$8:$B$47,0),\"\"))","v":""},{"$f":"IF($Z374=\"\",\"\",INDEX(Îlots!$E$8:$E$57,$Z374))","v":""},{"$f":"IF($Z374=\"\",\"\",INDEX(Îlots!$G$8:$G$57,$Z374)&\"\")","v":""},{"$f":"IF($Z374=\"\",\"\",IF($F374=ApportCouvert,OccCouvert,INDEX(Îlots!$O$8:$O$57,$Z374)&\"\"))","v":""},"","","",0,0,0,0,0,{"$f":"IF($AA374=\"\",0,IF(INDEX(Fertilisants!$C$8:$C$47,$AA374)=\"Effluent d'élevage\",1,0))","v":0},{"$f":"IF($AA374=\"\",\"\",IF(INDEX(Fertilisants!$C$8:$C$47,$AA374)=\"Engrais minéral\",\"Minéral\",\"Organique\"))","v":""},"","","",{"$f":"IF(AND($D374<>\"\",$D374=FicheIlot),COUNTIF($D$8:$D374,FicheIlot),\"\")","v":""}]
[null,{"$f":"IF(C375=\"\",\"\",COUNT($C$8:C375))","v":""},null,null,{"$f":"IF($Z375=\"\",\"\",IF($F375=ApportCouvert,INDEX(Îlots!$I$8:$I$57,$Z375)&\"\",INDEX(Îlots!$N$8:$N$57,$Z375)&\"\"))","v":""},null,null,{"$f":"IF($AA375=\"\",\"\",INDEX(Fertilisants!$D$8:$D$47,$AA375)&\"\")","v":""},null,null,{"$f":"IF($AA375=\"\",\"\",INDEX(Fertilisants!$E$8:$E$47,$AA375)&\"\")","v":""},"",{"$f":"IF(OR($J375=\"\",$AA375=\"\"),\"\",$J375*N(INDEX(Fertilisants!$G$8:$G$47,$AA375)))","v":""},{"$f":"IF(OR($J375=\"\",$AA375=\"\"),\"\",$J375*N(INDEX(Fertilisants!$I$8:$I$47,$AA375)))","v":""},{"$f":"IF(OR($J375=\"\",$AA375=\"\"),\"\",$J375*N(INDEX(Fertilisants!$J$8:$J$47,$AA375)))","v":""},{"$f":"IF(OR($J375=\"\",$AA375=\"\"),\"\",$J375*N(INDEX(Fertilisants!$K$8:$K$47,$AA375)))","v":""},"",{"$nulls":5},"",null,null,{"$f":"IF($D375=\"\",\"\",IFERROR(MATCH($D375,Îlots!$D$8:$D$57,0),\"\"))","v":""},{"$f":"IF($G375=\"\",\"\",IFERROR(MATCH($G375,Fertilisants!$B$8:$B$47,0),\"\"))","v":""},{"$f":"IF($Z375=\"\",\"\",INDEX(Îlots!$E$8:$E$57,$Z375))","v":""},{"$f":"IF($Z375=\"\",\"\",INDEX(Îlots!$G$8:$G$57,$Z375)&\"\")","v":""},{"$f":"IF($Z375=\"\",\"\",IF($F375=ApportCouvert,OccCouvert,INDEX(Îlots!$O$8:$O$57,$Z375)&\"\"))","v":""},"","","",0,0,0,0,0,{"$f":"IF($AA375=\"\",0,IF(INDEX(Fertilisants!$C$8:$C$47,$AA375)=\"Effluent d'élevage\",1,0))","v":0},{"$f":"IF($AA375=\"\",\"\",IF(INDEX(Fertilisants!$C$8:$C$47,$AA375)=\"Engrais minéral\",\"Minéral\",\"Organique\"))","v":""},"","","",{"$f":"IF(AND($D375<>\"\",$D375=FicheIlot),COUNTIF($D$8:$D375,FicheIlot),\"\")","v":""}]
[null,{"$f":"IF(C376=\"\",\"\",COUNT($C$8:C376))","v":""},null,null,{"$f":"IF($Z376=\"\",\"\",IF($F376=ApportCouvert,INDEX(Îlots!$I$8:$I$57,$Z376)&\"\",INDEX(Îlots!$N$8:$N$57,$Z376)&\"\"))","v":""},null,null,{"$f":"IF($AA376=\"\",\"\",INDEX(Fertilisants!$D$8:$D$47,$AA376)&\"\")","v":""},null,null,{"$f":"IF($AA376=\"\",\"\",INDEX(Fertilisants!$E$8:$E$47,$AA376)&\"\")","v":""},"",{"$f":"IF(OR($J376=\"\",$AA376=\"\"),\"\",$J376*N(INDEX(Fertilisants!$G$8:$G$47,$AA376)))","v":""},{"$f":"IF(OR($J376=\"\",$AA376=\"\"),\"\",$J376*N(INDEX(Fertilisants!$I$8:$I$47,$AA376)))","v":""},{"$f":"IF(OR($J376=\"\",$AA376=\"\"),\"\",$J376*N(INDEX(Fertilisants!$J$8:$J$47,$AA376)))","v":""},{"$f":"IF(OR($J376=\"\",$AA376=\"\"),\"\",$J376*N(INDEX(Fertilisants!$K$8:$K$47,$AA376)))","v":""},"",{"$nulls":5},"",null,null,{"$f":"IF($D376=\"\",\"\",IFERROR(MATCH($D376,Îlots!$D$8:$D$57,0),\"\"))","v":""},{"$f":"IF($G376=\"\",\"\",IFERROR(MATCH($G376,Fertilisants!$B$8:$B$47,0),\"\"))","v":""},{"$f":"IF($Z376=\"\",\"\",INDEX(Îlots!$E$8:$E$57,$Z376))","v":""},{"$f":"IF($Z376=\"\",\"\",INDEX(Îlots!$G$8:$G$57,$Z376)&\"\")","v":""},{"$f":"IF($Z376=\"\",\"\",IF($F376=ApportCouvert,OccCouvert,INDEX(Îlots!$O$8:$O$57,$Z376)&\"\"))","v":""},"","","",0,0,0,0,0,{"$f":"IF($AA376=\"\",0,IF(INDEX(Fertilisants!$C$8:$C$47,$AA376)=\"Effluent d'élevage\",1,0))","v":0},{"$f":"IF($AA376=\"\",\"\",IF(INDEX(Fertilisants!$C$8:$C$47,$AA376)=\"Engrais minéral\",\"Minéral\",\"Organique\"))","v":""},"","","",{"$f":"IF(AND($D376<>\"\",$D376=FicheIlot),COUNTIF($D$8:$D376,FicheIlot),\"\")","v":""}]
[null,{"$f":"IF(C377=\"\",\"\",COUNT($C$8:C377))","v":""},null,null,{"$f":"IF($Z377=\"\",\"\",IF($F377=ApportCouvert,INDEX(Îlots!$I$8:$I$57,$Z377)&\"\",INDEX(Îlots!$N$8:$N$57,$Z377)&\"\"))","v":""},null,null,{"$f":"IF($AA377=\"\",\"\",INDEX(Fertilisants!$D$8:$D$47,$AA377)&\"\")","v":""},null,null,{"$f":"IF($AA377=\"\",\"\",INDEX(Fertilisants!$E$8:$E$47,$AA377)&\"\")","v":""},"",{"$f":"IF(OR($J377=\"\",$AA377=\"\"),\"\",$J377*N(INDEX(Fertilisants!$G$8:$G$47,$AA377)))","v":""},{"$f":"IF(OR($J377=\"\",$AA377=\"\"),\"\",$J377*N(INDEX(Fertilisants!$I$8:$I$47,$AA377)))","v":""},{"$f":"IF(OR($J377=\"\",$AA377=\"\"),\"\",$J377*N(INDEX(Fertilisants!$J$8:$J$47,$AA377)))","v":""},{"$f":"IF(OR($J377=\"\",$AA377=\"\"),\"\",$J377*N(INDEX(Fertilisants!$K$8:$K$47,$AA377)))","v":""},"",{"$nulls":5},"",null,null,{"$f":"IF($D377=\"\",\"\",IFERROR(MATCH($D377,Îlots!$D$8:$D$57,0),\"\"))","v":""},{"$f":"IF($G377=\"\",\"\",IFERROR(MATCH($G377,Fertilisants!$B$8:$B$47,0),\"\"))","v":""},{"$f":"IF($Z377=\"\",\"\",INDEX(Îlots!$E$8:$E$57,$Z377))","v":""},{"$f":"IF($Z377=\"\",\"\",INDEX(Îlots!$G$8:$G$57,$Z377)&\"\")","v":""},{"$f":"IF($Z377=\"\",\"\",IF($F377=ApportCouvert,OccCouvert,INDEX(Îlots!$O$8:$O$57,$Z377)&\"\"))","v":""},"","","",0,0,0,0,0,{"$f":"IF($AA377=\"\",0,IF(INDEX(Fertilisants!$C$8:$C$47,$AA377)=\"Effluent d'élevage\",1,0))","v":0},{"$f":"IF($AA377=\"\",\"\",IF(INDEX(Fertilisants!$C$8:$C$47,$AA377)=\"Engrais minéral\",\"Minéral\",\"Organique\"))","v":""},"","","",{"$f":"IF(AND($D377<>\"\",$D377=FicheIlot),COUNTIF($D$8:$D377,FicheIlot),\"\")","v":""}]
[null,{"$f":"IF(C378=\"\",\"\",COUNT($C$8:C378))","v":""},null,null,{"$f":"IF($Z378=\"\",\"\",IF($F378=ApportCouvert,INDEX(Îlots!$I$8:$I$57,$Z378)&\"\",INDEX(Îlots!$N$8:$N$57,$Z378)&\"\"))","v":""},null,null,{"$f":"IF($AA378=\"\",\"\",INDEX(Fertilisants!$D$8:$D$47,$AA378)&\"\")","v":""},null,null,{"$f":"IF($AA378=\"\",\"\",INDEX(Fertilisants!$E$8:$E$47,$AA378)&\"\")","v":""},"",{"$f":"IF(OR($J378=\"\",$AA378=\"\"),\"\",$J378*N(INDEX(Fertilisants!$G$8:$G$47,$AA378)))","v":""},{"$f":"IF(OR($J378=\"\",$AA378=\"\"),\"\",$J378*N(INDEX(Fertilisants!$I$8:$I$47,$AA378)))","v":""},{"$f":"IF(OR($J378=\"\",$AA378=\"\"),\"\",$J378*N(INDEX(Fertilisants!$J$8:$J$47,$AA378)))","v":""},{"$f":"IF(OR($J378=\"\",$AA378=\"\"),\"\",$J378*N(INDEX(Fertilisants!$K$8:$K$47,$AA378)))","v":""},"",{"$nulls":5},"",null,null,{"$f":"IF($D378=\"\",\"\",IFERROR(MATCH($D378,Îlots!$D$8:$D$57,0),\"\"))","v":""},{"$f":"IF($G378=\"\",\"\",IFERROR(MATCH($G378,Fertilisants!$B$8:$B$47,0),\"\"))","v":""},{"$f":"IF($Z378=\"\",\"\",INDEX(Îlots!$E$8:$E$57,$Z378))","v":""},{"$f":"IF($Z378=\"\",\"\",INDEX(Îlots!$G$8:$G$57,$Z378)&\"\")","v":""},{"$f":"IF($Z378=\"\",\"\",IF($F378=ApportCouvert,OccCouvert,INDEX(Îlots!$O$8:$O$57,$Z378)&\"\"))","v":""},"","","",0,0,0,0,0,{"$f":"IF($AA378=\"\",0,IF(INDEX(Fertilisants!$C$8:$C$47,$AA378)=\"Effluent d'élevage\",1,0))","v":0},{"$f":"IF($AA378=\"\",\"\",IF(INDEX(Fertilisants!$C$8:$C$47,$AA378)=\"Engrais minéral\",\"Minéral\",\"Organique\"))","v":""},"","","",{"$f":"IF(AND($D378<>\"\",$D378=FicheIlot),COUNTIF($D$8:$D378,FicheIlot),\"\")","v":""}]
[null,{"$f":"IF(C379=\"\",\"\",COUNT($C$8:C379))","v":""},null,null,{"$f":"IF($Z379=\"\",\"\",IF($F379=ApportCouvert,INDEX(Îlots!$I$8:$I$57,$Z379)&\"\",INDEX(Îlots!$N$8:$N$57,$Z379)&\"\"))","v":""},null,null,{"$f":"IF($AA379=\"\",\"\",INDEX(Fertilisants!$D$8:$D$47,$AA379)&\"\")","v":""},null,null,{"$f":"IF($AA379=\"\",\"\",INDEX(Fertilisants!$E$8:$E$47,$AA379)&\"\")","v":""},"",{"$f":"IF(OR($J379=\"\",$AA379=\"\"),\"\",$J379*N(INDEX(Fertilisants!$G$8:$G$47,$AA379)))","v":""},{"$f":"IF(OR($J379=\"\",$AA379=\"\"),\"\",$J379*N(INDEX(Fertilisants!$I$8:$I$47,$AA379)))","v":""},{"$f":"IF(OR($J379=\"\",$AA379=\"\"),\"\",$J379*N(INDEX(Fertilisants!$J$8:$J$47,$AA379)))","v":""},{"$f":"IF(OR($J379=\"\",$AA379=\"\"),\"\",$J379*N(INDEX(Fertilisants!$K$8:$K$47,$AA379)))","v":""},"",{"$nulls":5},"",null,null,{"$f":"IF($D379=\"\",\"\",IFERROR(MATCH($D379,Îlots!$D$8:$D$57,0),\"\"))","v":""},{"$f":"IF($G379=\"\",\"\",IFERROR(MATCH($G379,Fertilisants!$B$8:$B$47,0),\"\"))","v":""},{"$f":"IF($Z379=\"\",\"\",INDEX(Îlots!$E$8:$E$57,$Z379))","v":""},{"$f":"IF($Z379=\"\",\"\",INDEX(Îlots!$G$8:$G$57,$Z379)&\"\")","v":""},{"$f":"IF($Z379=\"\",\"\",IF($F379=ApportCouvert,OccCouvert,INDEX(Îlots!$O$8:$O$57,$Z379)&\"\"))","v":""},"","","",0,0,0,0,0,{"$f":"IF($AA379=\"\",0,IF(INDEX(Fertilisants!$C$8:$C$47,$AA379)=\"Effluent d'élevage\",1,0))","v":0},{"$f":"IF($AA379=\"\",\"\",IF(INDEX(Fertilisants!$C$8:$C$47,$AA379)=\"Engrais minéral\",\"Minéral\",\"Organique\"))","v":""},"","","",{"$f":"IF(AND($D379<>\"\",$D379=FicheIlot),COUNTIF($D$8:$D379,FicheIlot),\"\")","v":""}]
[null,{"$f":"IF(C380=\"\",\"\",COUNT($C$8:C380))","v":""},null,null,{"$f":"IF($Z380=\"\",\"\",IF($F380=ApportCouvert,INDEX(Îlots!$I$8:$I$57,$Z380)&\"\",INDEX(Îlots!$N$8:$N$57,$Z380)&\"\"))","v":""},null,null,{"$f":"IF($AA380=\"\",\"\",INDEX(Fertilisants!$D$8:$D$47,$AA380)&\"\")","v":""},null,null,{"$f":"IF($AA380=\"\",\"\",INDEX(Fertilisants!$E$8:$E$47,$AA380)&\"\")","v":""},"",{"$f":"IF(OR($J380=\"\",$AA380=\"\"),\"\",$J380*N(INDEX(Fertilisants!$G$8:$G$47,$AA380)))","v":""},{"$f":"IF(OR($J380=\"\",$AA380=\"\"),\"\",$J380*N(INDEX(Fertilisants!$I$8:$I$47,$AA380)))","v":""},{"$f":"IF(OR($J380=\"\",$AA380=\"\"),\"\",$J380*N(INDEX(Fertilisants!$J$8:$J$47,$AA380)))","v":""},{"$f":"IF(OR($J380=\"\",$AA380=\"\"),\"\",$J380*N(INDEX(Fertilisants!$K$8:$K$47,$AA380)))","v":""},"",{"$nulls":5},"",null,null,{"$f":"IF($D380=\"\",\"\",IFERROR(MATCH($D380,Îlots!$D$8:$D$57,0),\"\"))","v":""},{"$f":"IF($G380=\"\",\"\",IFERROR(MATCH($G380,Fertilisants!$B$8:$B$47,0),\"\"))","v":""},{"$f":"IF($Z380=\"\",\"\",INDEX(Îlots!$E$8:$E$57,$Z380))","v":""},{"$f":"IF($Z380=\"\",\"\",INDEX(Îlots!$G$8:$G$57,$Z380)&\"\")","v":""},{"$f":"IF($Z380=\"\",\"\",IF($F380=ApportCouvert,OccCouvert,INDEX(Îlots!$O$8:$O$57,$Z380)&\"\"))","v":""},"","","",0,0,0,0,0,{"$f":"IF($AA380=\"\",0,IF(INDEX(Fertilisants!$C$8:$C$47,$AA380)=\"Effluent d'élevage\",1,0))","v":0},{"$f":"IF($AA380=\"\",\"\",IF(INDEX(Fertilisants!$C$8:$C$47,$AA380)=\"Engrais minéral\",\"Minéral\",\"Organique\"))","v":""},"","","",{"$f":"IF(AND($D380<>\"\",$D380=FicheIlot),COUNTIF($D$8:$D380,FicheIlot),\"\")","v":""}]
[null,{"$f":"IF(C381=\"\",\"\",COUNT($C$8:C381))","v":""},null,null,{"$f":"IF($Z381=\"\",\"\",IF($F381=ApportCouvert,INDEX(Îlots!$I$8:$I$57,$Z381)&\"\",INDEX(Îlots!$N$8:$N$57,$Z381)&\"\"))","v":""},null,null,{"$f":"IF($AA381=\"\",\"\",INDEX(Fertilisants!$D$8:$D$47,$AA381)&\"\")","v":""},null,null,{"$f":"IF($AA381=\"\",\"\",INDEX(Fertilisants!$E$8:$E$47,$AA381)&\"\")","v":""},"",{"$f":"IF(OR($J381=\"\",$AA381=\"\"),\"\",$J381*N(INDEX(Fertilisants!$G$8:$G$47,$AA381)))","v":""},{"$f":"IF(OR($J381=\"\",$AA381=\"\"),\"\",$J381*N(INDEX(Fertilisants!$I$8:$I$47,$AA381)))","v":""},{"$f":"IF(OR($J381=\"\",$AA381=\"\"),\"\",$J381*N(INDEX(Fertilisants!$J$8:$J$47,$AA381)))","v":""},{"$f":"IF(OR($J381=\"\",$AA381=\"\"),\"\",$J381*N(INDEX(Fertilisants!$K$8:$K$47,$AA381)))","v":""},"",{"$nulls":5},"",null,null,{"$f":"IF($D381=\"\",\"\",IFERROR(MATCH($D381,Îlots!$D$8:$D$57,0),\"\"))","v":""},{"$f":"IF($G381=\"\",\"\",IFERROR(MATCH($G381,Fertilisants!$B$8:$B$47,0),\"\"))","v":""},{"$f":"IF($Z381=\"\",\"\",INDEX(Îlots!$E$8:$E$57,$Z381))","v":""},{"$f":"IF($Z381=\"\",\"\",INDEX(Îlots!$G$8:$G$57,$Z381)&\"\")","v":""},{"$f":"IF($Z381=\"\",\"\",IF($F381=ApportCouvert,OccCouvert,INDEX(Îlots!$O$8:$O$57,$Z381)&\"\"))","v":""},"","","",0,0,0,0,0,{"$f":"IF($AA381=\"\",0,IF(INDEX(Fertilisants!$C$8:$C$47,$AA381)=\"Effluent d'élevage\",1,0))","v":0},{"$f":"IF($AA381=\"\",\"\",IF(INDEX(Fertilisants!$C$8:$C$47,$AA381)=\"Engrais minéral\",\"Minéral\",\"Organique\"))","v":""},"","","",{"$f":"IF(AND($D381<>\"\",$D381=FicheIlot),COUNTIF($D$8:$D381,FicheIlot),\"\")","v":""}]
[null,{"$f":"IF(C382=\"\",\"\",COUNT($C$8:C382))","v":""},null,null,{"$f":"IF($Z382=\"\",\"\",IF($F382=ApportCouvert,INDEX(Îlots!$I$8:$I$57,$Z382)&\"\",INDEX(Îlots!$N$8:$N$57,$Z382)&\"\"))","v":""},null,null,{"$f":"IF($AA382=\"\",\"\",INDEX(Fertilisants!$D$8:$D$47,$AA382)&\"\")","v":""},null,null,{"$f":"IF($AA382=\"\",\"\",INDEX(Fertilisants!$E$8:$E$47,$AA382)&\"\")","v":""},"",{"$f":"IF(OR($J382=\"\",$AA382=\"\"),\"\",$J382*N(INDEX(Fertilisants!$G$8:$G$47,$AA382)))","v":""},{"$f":"IF(OR($J382=\"\",$AA382=\"\"),\"\",$J382*N(INDEX(Fertilisants!$I$8:$I$47,$AA382)))","v":""},{"$f":"IF(OR($J382=\"\",$AA382=\"\"),\"\",$J382*N(INDEX(Fertilisants!$J$8:$J$47,$AA382)))","v":""},{"$f":"IF(OR($J382=\"\",$AA382=\"\"),\"\",$J382*N(INDEX(Fertilisants!$K$8:$K$47,$AA382)))","v":""},"",{"$nulls":5},"",null,null,{"$f":"IF($D382=\"\",\"\",IFERROR(MATCH($D382,Îlots!$D$8:$D$57,0),\"\"))","v":""},{"$f":"IF($G382=\"\",\"\",IFERROR(MATCH($G382,Fertilisants!$B$8:$B$47,0),\"\"))","v":""},{"$f":"IF($Z382=\"\",\"\",INDEX(Îlots!$E$8:$E$57,$Z382))","v":""},{"$f":"IF($Z382=\"\",\"\",INDEX(Îlots!$G$8:$G$57,$Z382)&\"\")","v":""},{"$f":"IF($Z382=\"\",\"\",IF($F382=ApportCouvert,OccCouvert,INDEX(Îlots!$O$8:$O$57,$Z382)&\"\"))","v":""},"","","",0,0,0,0,0,{"$f":"IF($AA382=\"\",0,IF(INDEX(Fertilisants!$C$8:$C$47,$AA382)=\"Effluent d'élevage\",1,0))","v":0},{"$f":"IF($AA382=\"\",\"\",IF(INDEX(Fertilisants!$C$8:$C$47,$AA382)=\"Engrais minéral\",\"Minéral\",\"Organique\"))","v":""},"","","",{"$f":"IF(AND($D382<>\"\",$D382=FicheIlot),COUNTIF($D$8:$D382,FicheIlot),\"\")","v":""}]
[null,{"$f":"IF(C383=\"\",\"\",COUNT($C$8:C383))","v":""},null,null,{"$f":"IF($Z383=\"\",\"\",IF($F383=ApportCouvert,INDEX(Îlots!$I$8:$I$57,$Z383)&\"\",INDEX(Îlots!$N$8:$N$57,$Z383)&\"\"))","v":""},null,null,{"$f":"IF($AA383=\"\",\"\",INDEX(Fertilisants!$D$8:$D$47,$AA383)&\"\")","v":""},null,null,{"$f":"IF($AA383=\"\",\"\",INDEX(Fertilisants!$E$8:$E$47,$AA383)&\"\")","v":""},"",{"$f":"IF(OR($J383=\"\",$AA383=\"\"),\"\",$J383*N(INDEX(Fertilisants!$G$8:$G$47,$AA383)))","v":""},{"$f":"IF(OR($J383=\"\",$AA383=\"\"),\"\",$J383*N(INDEX(Fertilisants!$I$8:$I$47,$AA383)))","v":""},{"$f":"IF(OR($J383=\"\",$AA383=\"\"),\"\",$J383*N(INDEX(Fertilisants!$J$8:$J$47,$AA383)))","v":""},{"$f":"IF(OR($J383=\"\",$AA383=\"\"),\"\",$J383*N(INDEX(Fertilisants!$K$8:$K$47,$AA383)))","v":""},"",{"$nulls":5},"",null,null,{"$f":"IF($D383=\"\",\"\",IFERROR(MATCH($D383,Îlots!$D$8:$D$57,0),\"\"))","v":""},{"$f":"IF($G383=\"\",\"\",IFERROR(MATCH($G383,Fertilisants!$B$8:$B$47,0),\"\"))","v":""},{"$f":"IF($Z383=\"\",\"\",INDEX(Îlots!$E$8:$E$57,$Z383))","v":""},{"$f":"IF($Z383=\"\",\"\",INDEX(Îlots!$G$8:$G$57,$Z383)&\"\")","v":""},{"$f":"IF($Z383=\"\",\"\",IF($F383=ApportCouvert,OccCouvert,INDEX(Îlots!$O$8:$O$57,$Z383)&\"\"))","v":""},"","","",0,0,0,0,0,{"$f":"IF($AA383=\"\",0,IF(INDEX(Fertilisants!$C$8:$C$47,$AA383)=\"Effluent d'élevage\",1,0))","v":0},{"$f":"IF($AA383=\"\",\"\",IF(INDEX(Fertilisants!$C$8:$C$47,$AA383)=\"Engrais minéral\",\"Minéral\",\"Organique\"))","v":""},"","","",{"$f":"IF(AND($D383<>\"\",$D383=FicheIlot),COUNTIF($D$8:$D383,FicheIlot),\"\")","v":""}]
[null,{"$f":"IF(C384=\"\",\"\",COUNT($C$8:C384))","v":""},null,null,{"$f":"IF($Z384=\"\",\"\",IF($F384=ApportCouvert,INDEX(Îlots!$I$8:$I$57,$Z384)&\"\",INDEX(Îlots!$N$8:$N$57,$Z384)&\"\"))","v":""},null,null,{"$f":"IF($AA384=\"\",\"\",INDEX(Fertilisants!$D$8:$D$47,$AA384)&\"\")","v":""},null,null,{"$f":"IF($AA384=\"\",\"\",INDEX(Fertilisants!$E$8:$E$47,$AA384)&\"\")","v":""},"",{"$f":"IF(OR($J384=\"\",$AA384=\"\"),\"\",$J384*N(INDEX(Fertilisants!$G$8:$G$47,$AA384)))","v":""},{"$f":"IF(OR($J384=\"\",$AA384=\"\"),\"\",$J384*N(INDEX(Fertilisants!$I$8:$I$47,$AA384)))","v":""},{"$f":"IF(OR($J384=\"\",$AA384=\"\"),\"\",$J384*N(INDEX(Fertilisants!$J$8:$J$47,$AA384)))","v":""},{"$f":"IF(OR($J384=\"\",$AA384=\"\"),\"\",$J384*N(INDEX(Fertilisants!$K$8:$K$47,$AA384)))","v":""},"",{"$nulls":5},"",null,null,{"$f":"IF($D384=\"\",\"\",IFERROR(MATCH($D384,Îlots!$D$8:$D$57,0),\"\"))","v":""},{"$f":"IF($G384=\"\",\"\",IFERROR(MATCH($G384,Fertilisants!$B$8:$B$47,0),\"\"))","v":""},{"$f":"IF($Z384=\"\",\"\",INDEX(Îlots!$E$8:$E$57,$Z384))","v":""},{"$f":"IF($Z384=\"\",\"\",INDEX(Îlots!$G$8:$G$57,$Z384)&\"\")","v":""},{"$f":"IF($Z384=\"\",\"\",IF($F384=ApportCouvert,OccCouvert,INDEX(Îlots!$O$8:$O$57,$Z384)&\"\"))","v":""},"","","",0,0,0,0,0,{"$f":"IF($AA384=\"\",0,IF(INDEX(Fertilisants!$C$8:$C$47,$AA384)=\"Effluent d'élevage\",1,0))","v":0},{"$f":"IF($AA384=\"\",\"\",IF(INDEX(Fertilisants!$C$8:$C$47,$AA384)=\"Engrais minéral\",\"Minéral\",\"Organique\"))","v":""},"","","",{"$f":"IF(AND($D384<>\"\",$D384=FicheIlot),COUNTIF($D$8:$D384,FicheIlot),\"\")","v":""}]
[null,{"$f":"IF(C385=\"\",\"\",COUNT($C$8:C385))","v":""},null,null,{"$f":"IF($Z385=\"\",\"\",IF($F385=ApportCouvert,INDEX(Îlots!$I$8:$I$57,$Z385)&\"\",INDEX(Îlots!$N$8:$N$57,$Z385)&\"\"))","v":""},null,null,{"$f":"IF($AA385=\"\",\"\",INDEX(Fertilisants!$D$8:$D$47,$AA385)&\"\")","v":""},null,null,{"$f":"IF($AA385=\"\",\"\",INDEX(Fertilisants!$E$8:$E$47,$AA385)&\"\")","v":""},"",{"$f":"IF(OR($J385=\"\",$AA385=\"\"),\"\",$J385*N(INDEX(Fertilisants!$G$8:$G$47,$AA385)))","v":""},{"$f":"IF(OR($J385=\"\",$AA385=\"\"),\"\",$J385*N(INDEX(Fertilisants!$I$8:$I$47,$AA385)))","v":""},{"$f":"IF(OR($J385=\"\",$AA385=\"\"),\"\",$J385*N(INDEX(Fertilisants!$J$8:$J$47,$AA385)))","v":""},{"$f":"IF(OR($J385=\"\",$AA385=\"\"),\"\",$J385*N(INDEX(Fertilisants!$K$8:$K$47,$AA385)))","v":""},"",{"$nulls":5},"",null,null,{"$f":"IF($D385=\"\",\"\",IFERROR(MATCH($D385,Îlots!$D$8:$D$57,0),\"\"))","v":""},{"$f":"IF($G385=\"\",\"\",IFERROR(MATCH($G385,Fertilisants!$B$8:$B$47,0),\"\"))","v":""},{"$f":"IF($Z385=\"\",\"\",INDEX(Îlots!$E$8:$E$57,$Z385))","v":""},{"$f":"IF($Z385=\"\",\"\",INDEX(Îlots!$G$8:$G$57,$Z385)&\"\")","v":""},{"$f":"IF($Z385=\"\",\"\",IF($F385=ApportCouvert,OccCouvert,INDEX(Îlots!$O$8:$O$57,$Z385)&\"\"))","v":""},"","","",0,0,0,0,0,{"$f":"IF($AA385=\"\",0,IF(INDEX(Fertilisants!$C$8:$C$47,$AA385)=\"Effluent d'élevage\",1,0))","v":0},{"$f":"IF($AA385=\"\",\"\",IF(INDEX(Fertilisants!$C$8:$C$47,$AA385)=\"Engrais minéral\",\"Minéral\",\"Organique\"))","v":""},"","","",{"$f":"IF(AND($D385<>\"\",$D385=FicheIlot),COUNTIF($D$8:$D385,FicheIlot),\"\")","v":""}]
[null,{"$f":"IF(C386=\"\",\"\",COUNT($C$8:C386))","v":""},null,null,{"$f":"IF($Z386=\"\",\"\",IF($F386=ApportCouvert,INDEX(Îlots!$I$8:$I$57,$Z386)&\"\",INDEX(Îlots!$N$8:$N$57,$Z386)&\"\"))","v":""},null,null,{"$f":"IF($AA386=\"\",\"\",INDEX(Fertilisants!$D$8:$D$47,$AA386)&\"\")","v":""},null,null,{"$f":"IF($AA386=\"\",\"\",INDEX(Fertilisants!$E$8:$E$47,$AA386)&\"\")","v":""},"",{"$f":"IF(OR($J386=\"\",$AA386=\"\"),\"\",$J386*N(INDEX(Fertilisants!$G$8:$G$47,$AA386)))","v":""},{"$f":"IF(OR($J386=\"\",$AA386=\"\"),\"\",$J386*N(INDEX(Fertilisants!$I$8:$I$47,$AA386)))","v":""},{"$f":"IF(OR($J386=\"\",$AA386=\"\"),\"\",$J386*N(INDEX(Fertilisants!$J$8:$J$47,$AA386)))","v":""},{"$f":"IF(OR($J386=\"\",$AA386=\"\"),\"\",$J386*N(INDEX(Fertilisants!$K$8:$K$47,$AA386)))","v":""},"",{"$nulls":5},"",null,null,{"$f":"IF($D386=\"\",\"\",IFERROR(MATCH($D386,Îlots!$D$8:$D$57,0),\"\"))","v":""},{"$f":"IF($G386=\"\",\"\",IFERROR(MATCH($G386,Fertilisants!$B$8:$B$47,0),\"\"))","v":""},{"$f":"IF($Z386=\"\",\"\",INDEX(Îlots!$E$8:$E$57,$Z386))","v":""},{"$f":"IF($Z386=\"\",\"\",INDEX(Îlots!$G$8:$G$57,$Z386)&\"\")","v":""},{"$f":"IF($Z386=\"\",\"\",IF($F386=ApportCouvert,OccCouvert,INDEX(Îlots!$O$8:$O$57,$Z386)&\"\"))","v":""},"","","",0,0,0,0,0,{"$f":"IF($AA386=\"\",0,IF(INDEX(Fertilisants!$C$8:$C$47,$AA386)=\"Effluent d'élevage\",1,0))","v":0},{"$f":"IF($AA386=\"\",\"\",IF(INDEX(Fertilisants!$C$8:$C$47,$AA386)=\"Engrais minéral\",\"Minéral\",\"Organique\"))","v":""},"","","",{"$f":"IF(AND($D386<>\"\",$D386=FicheIlot),COUNTIF($D$8:$D386,FicheIlot),\"\")","v":""}]
[null,{"$f":"IF(C387=\"\",\"\",COUNT($C$8:C387))","v":""},null,null,{"$f":"IF($Z387=\"\",\"\",IF($F387=ApportCouvert,INDEX(Îlots!$I$8:$I$57,$Z387)&\"\",INDEX(Îlots!$N$8:$N$57,$Z387)&\"\"))","v":""},null,null,{"$f":"IF($AA387=\"\",\"\",INDEX(Fertilisants!$D$8:$D$47,$AA387)&\"\")","v":""},null,null,{"$f":"IF($AA387=\"\",\"\",INDEX(Fertilisants!$E$8:$E$47,$AA387)&\"\")","v":""},"",{"$f":"IF(OR($J387=\"\",$AA387=\"\"),\"\",$J387*N(INDEX(Fertilisants!$G$8:$G$47,$AA387)))","v":""},{"$f":"IF(OR($J387=\"\",$AA387=\"\"),\"\",$J387*N(INDEX(Fertilisants!$I$8:$I$47,$AA387)))","v":""},{"$f":"IF(OR($J387=\"\",$AA387=\"\"),\"\",$J387*N(INDEX(Fertilisants!$J$8:$J$47,$AA387)))","v":""},{"$f":"IF(OR($J387=\"\",$AA387=\"\"),\"\",$J387*N(INDEX(Fertilisants!$K$8:$K$47,$AA387)))","v":""},"",{"$nulls":5},"",null,null,{"$f":"IF($D387=\"\",\"\",IFERROR(MATCH($D387,Îlots!$D$8:$D$57,0),\"\"))","v":""},{"$f":"IF($G387=\"\",\"\",IFERROR(MATCH($G387,Fertilisants!$B$8:$B$47,0),\"\"))","v":""},{"$f":"IF($Z387=\"\",\"\",INDEX(Îlots!$E$8:$E$57,$Z387))","v":""},{"$f":"IF($Z387=\"\",\"\",INDEX(Îlots!$G$8:$G$57,$Z387)&\"\")","v":""},{"$f":"IF($Z387=\"\",\"\",IF($F387=ApportCouvert,OccCouvert,INDEX(Îlots!$O$8:$O$57,$Z387)&\"\"))","v":""},"","","",0,0,0,0,0,{"$f":"IF($AA387=\"\",0,IF(INDEX(Fertilisants!$C$8:$C$47,$AA387)=\"Effluent d'élevage\",1,0))","v":0},{"$f":"IF($AA387=\"\",\"\",IF(INDEX(Fertilisants!$C$8:$C$47,$AA387)=\"Engrais minéral\",\"Minéral\",\"Organique\"))","v":""},"","","",{"$f":"IF(AND($D387<>\"\",$D387=FicheIlot),COUNTIF($D$8:$D387,FicheIlot),\"\")","v":""}]
[null,{"$f":"IF(C388=\"\",\"\",COUNT($C$8:C388))","v":""},null,null,{"$f":"IF($Z388=\"\",\"\",IF($F388=ApportCouvert,INDEX(Îlots!$I$8:$I$57,$Z388)&\"\",INDEX(Îlots!$N$8:$N$57,$Z388)&\"\"))","v":""},null,null,{"$f":"IF($AA388=\"\",\"\",INDEX(Fertilisants!$D$8:$D$47,$AA388)&\"\")","v":""},null,null,{"$f":"IF($AA388=\"\",\"\",INDEX(Fertilisants!$E$8:$E$47,$AA388)&\"\")","v":""},"",{"$f":"IF(OR($J388=\"\",$AA388=\"\"),\"\",$J388*N(INDEX(Fertilisants!$G$8:$G$47,$AA388)))","v":""},{"$f":"IF(OR($J388=\"\",$AA388=\"\"),\"\",$J388*N(INDEX(Fertilisants!$I$8:$I$47,$AA388)))","v":""},{"$f":"IF(OR($J388=\"\",$AA388=\"\"),\"\",$J388*N(INDEX(Fertilisants!$J$8:$J$47,$AA388)))","v":""},{"$f":"IF(OR($J388=\"\",$AA388=\"\"),\"\",$J388*N(INDEX(Fertilisants!$K$8:$K$47,$AA388)))","v":""},"",{"$nulls":5},"",null,null,{"$f":"IF($D388=\"\",\"\",IFERROR(MATCH($D388,Îlots!$D$8:$D$57,0),\"\"))","v":""},{"$f":"IF($G388=\"\",\"\",IFERROR(MATCH($G388,Fertilisants!$B$8:$B$47,0),\"\"))","v":""},{"$f":"IF($Z388=\"\",\"\",INDEX(Îlots!$E$8:$E$57,$Z388))","v":""},{"$f":"IF($Z388=\"\",\"\",INDEX(Îlots!$G$8:$G$57,$Z388)&\"\")","v":""},{"$f":"IF($Z388=\"\",\"\",IF($F388=ApportCouvert,OccCouvert,INDEX(Îlots!$O$8:$O$57,$Z388)&\"\"))","v":""},"","","",0,0,0,0,0,{"$f":"IF($AA388=\"\",0,IF(INDEX(Fertilisants!$C$8:$C$47,$AA388)=\"Effluent d'élevage\",1,0))","v":0},{"$f":"IF($AA388=\"\",\"\",IF(INDEX(Fertilisants!$C$8:$C$47,$AA388)=\"Engrais minéral\",\"Minéral\",\"Organique\"))","v":""},"","","",{"$f":"IF(AND($D388<>\"\",$D388=FicheIlot),COUNTIF($D$8:$D388,FicheIlot),\"\")","v":""}]
[null,{"$f":"IF(C389=\"\",\"\",COUNT($C$8:C389))","v":""},null,null,{"$f":"IF($Z389=\"\",\"\",IF($F389=ApportCouvert,INDEX(Îlots!$I$8:$I$57,$Z389)&\"\",INDEX(Îlots!$N$8:$N$57,$Z389)&\"\"))","v":""},null,null,{"$f":"IF($AA389=\"\",\"\",INDEX(Fertilisants!$D$8:$D$47,$AA389)&\"\")","v":""},null,null,{"$f":"IF($AA389=\"\",\"\",INDEX(Fertilisants!$E$8:$E$47,$AA389)&\"\")","v":""},"",{"$f":"IF(OR($J389=\"\",$AA389=\"\"),\"\",$J389*N(INDEX(Fertilisants!$G$8:$G$47,$AA389)))","v":""},{"$f":"IF(OR($J389=\"\",$AA389=\"\"),\"\",$J389*N(INDEX(Fertilisants!$I$8:$I$47,$AA389)))","v":""},{"$f":"IF(OR($J389=\"\",$AA389=\"\"),\"\",$J389*N(INDEX(Fertilisants!$J$8:$J$47,$AA389)))","v":""},{"$f":"IF(OR($J389=\"\",$AA389=\"\"),\"\",$J389*N(INDEX(Fertilisants!$K$8:$K$47,$AA389)))","v":""},"",{"$nulls":5},"",null,null,{"$f":"IF($D389=\"\",\"\",IFERROR(MATCH($D389,Îlots!$D$8:$D$57,0),\"\"))","v":""},{"$f":"IF($G389=\"\",\"\",IFERROR(MATCH($G389,Fertilisants!$B$8:$B$47,0),\"\"))","v":""},{"$f":"IF($Z389=\"\",\"\",INDEX(Îlots!$E$8:$E$57,$Z389))","v":""},{"$f":"IF($Z389=\"\",\"\",INDEX(Îlots!$G$8:$G$57,$Z389)&\"\")","v":""},{"$f":"IF($Z389=\"\",\"\",IF($F389=ApportCouvert,OccCouvert,INDEX(Îlots!$O$8:$O$57,$Z389)&\"\"))","v":""},"","","",0,0,0,0,0,{"$f":"IF($AA389=\"\",0,IF(INDEX(Fertilisants!$C$8:$C$47,$AA389)=\"Effluent d'élevage\",1,0))","v":0},{"$f":"IF($AA389=\"\",\"\",IF(INDEX(Fertilisants!$C$8:$C$47,$AA389)=\"Engrais minéral\",\"Minéral\",\"Organique\"))","v":""},"","","",{"$f":"IF(AND($D389<>\"\",$D389=FicheIlot),COUNTIF($D$8:$D389,FicheIlot),\"\")","v":""}]
[null,{"$f":"IF(C390=\"\",\"\",COUNT($C$8:C390))","v":""},null,null,{"$f":"IF($Z390=\"\",\"\",IF($F390=ApportCouvert,INDEX(Îlots!$I$8:$I$57,$Z390)&\"\",INDEX(Îlots!$N$8:$N$57,$Z390)&\"\"))","v":""},null,null,{"$f":"IF($AA390=\"\",\"\",INDEX(Fertilisants!$D$8:$D$47,$AA390)&\"\")","v":""},null,null,{"$f":"IF($AA390=\"\",\"\",INDEX(Fertilisants!$E$8:$E$47,$AA390)&\"\")","v":""},"",{"$f":"IF(OR($J390=\"\",$AA390=\"\"),\"\",$J390*N(INDEX(Fertilisants!$G$8:$G$47,$AA390)))","v":""},{"$f":"IF(OR($J390=\"\",$AA390=\"\"),\"\",$J390*N(INDEX(Fertilisants!$I$8:$I$47,$AA390)))","v":""},{"$f":"IF(OR($J390=\"\",$AA390=\"\"),\"\",$J390*N(INDEX(Fertilisants!$J$8:$J$47,$AA390)))","v":""},{"$f":"IF(OR($J390=\"\",$AA390=\"\"),\"\",$J390*N(INDEX(Fertilisants!$K$8:$K$47,$AA390)))","v":""},"",{"$nulls":5},"",null,null,{"$f":"IF($D390=\"\",\"\",IFERROR(MATCH($D390,Îlots!$D$8:$D$57,0),\"\"))","v":""},{"$f":"IF($G390=\"\",\"\",IFERROR(MATCH($G390,Fertilisants!$B$8:$B$47,0),\"\"))","v":""},{"$f":"IF($Z390=\"\",\"\",INDEX(Îlots!$E$8:$E$57,$Z390))","v":""},{"$f":"IF($Z390=\"\",\"\",INDEX(Îlots!$G$8:$G$57,$Z390)&\"\")","v":""},{"$f":"IF($Z390=\"\",\"\",IF($F390=ApportCouvert,OccCouvert,INDEX(Îlots!$O$8:$O$57,$Z390)&\"\"))","v":""},"","","",0,0,0,0,0,{"$f":"IF($AA390=\"\",0,IF(INDEX(Fertilisants!$C$8:$C$47,$AA390)=\"Effluent d'élevage\",1,0))","v":0},{"$f":"IF($AA390=\"\",\"\",IF(INDEX(Fertilisants!$C$8:$C$47,$AA390)=\"Engrais minéral\",\"Minéral\",\"Organique\"))","v":""},"","","",{"$f":"IF(AND($D390<>\"\",$D390=FicheIlot),COUNTIF($D$8:$D390,FicheIlot),\"\")","v":""}]
[null,{"$f":"IF(C391=\"\",\"\",COUNT($C$8:C391))","v":""},null,null,{"$f":"IF($Z391=\"\",\"\",IF($F391=ApportCouvert,INDEX(Îlots!$I$8:$I$57,$Z391)&\"\",INDEX(Îlots!$N$8:$N$57,$Z391)&\"\"))","v":""},null,null,{"$f":"IF($AA391=\"\",\"\",INDEX(Fertilisants!$D$8:$D$47,$AA391)&\"\")","v":""},null,null,{"$f":"IF($AA391=\"\",\"\",INDEX(Fertilisants!$E$8:$E$47,$AA391)&\"\")","v":""},"",{"$f":"IF(OR($J391=\"\",$AA391=\"\"),\"\",$J391*N(INDEX(Fertilisants!$G$8:$G$47,$AA391)))","v":""},{"$f":"IF(OR($J391=\"\",$AA391=\"\"),\"\",$J391*N(INDEX(Fertilisants!$I$8:$I$47,$AA391)))","v":""},{"$f":"IF(OR($J391=\"\",$AA391=\"\"),\"\",$J391*N(INDEX(Fertilisants!$J$8:$J$47,$AA391)))","v":""},{"$f":"IF(OR($J391=\"\",$AA391=\"\"),\"\",$J391*N(INDEX(Fertilisants!$K$8:$K$47,$AA391)))","v":""},"",{"$nulls":5},"",null,null,{"$f":"IF($D391=\"\",\"\",IFERROR(MATCH($D391,Îlots!$D$8:$D$57,0),\"\"))","v":""},{"$f":"IF($G391=\"\",\"\",IFERROR(MATCH($G391,Fertilisants!$B$8:$B$47,0),\"\"))","v":""},{"$f":"IF($Z391=\"\",\"\",INDEX(Îlots!$E$8:$E$57,$Z391))","v":""},{"$f":"IF($Z391=\"\",\"\",INDEX(Îlots!$G$8:$G$57,$Z391)&\"\")","v":""},{"$f":"IF($Z391=\"\",\"\",IF($F391=ApportCouvert,OccCouvert,INDEX(Îlots!$O$8:$O$57,$Z391)&\"\"))","v":""},"","","",0,0,0,0,0,{"$f":"IF($AA391=\"\",0,IF(INDEX(Fertilisants!$C$8:$C$47,$AA391)=\"Effluent d'élevage\",1,0))","v":0},{"$f":"IF($AA391=\"\",\"\",IF(INDEX(Fertilisants!$C$8:$C$47,$AA391)=\"Engrais minéral\",\"Minéral\",\"Organique\"))","v":""},"","","",{"$f":"IF(AND($D391<>\"\",$D391=FicheIlot),COUNTIF($D$8:$D391,FicheIlot),\"\")","v":""}]
[null,{"$f":"IF(C392=\"\",\"\",COUNT($C$8:C392))","v":""},null,null,{"$f":"IF($Z392=\"\",\"\",IF($F392=ApportCouvert,INDEX(Îlots!$I$8:$I$57,$Z392)&\"\",INDEX(Îlots!$N$8:$N$57,$Z392)&\"\"))","v":""},null,null,{"$f":"IF($AA392=\"\",\"\",INDEX(Fertilisants!$D$8:$D$47,$AA392)&\"\")","v":""},null,null,{"$f":"IF($AA392=\"\",\"\",INDEX(Fertilisants!$E$8:$E$47,$AA392)&\"\")","v":""},{"$f":"IF(OR($I392=\"\",$J392=\"\"),\"\",$I392*$J392)","v":""},{"$f":"IF(OR($J392=\"\",$AA392=\"\"),\"\",$J392*N(INDEX(Fertilisants!$G$8:$G$47,$AA392)))","v":""},{"$f":"IF(OR($J392=\"\",$AA392=\"\"),\"\",$J392*N(INDEX(Fertilisants!$I$8:$I$47,$AA392)))","v":""},{"$f":"IF(OR($J392=\"\",$AA392=\"\"),\"\",$J392*N(INDEX(Fertilisants!$J$8:$J$47,$AA392)))","v":""},{"$f":"IF(OR($J392=\"\",$AA392=\"\"),\"\",$J392*N(INDEX(Fertilisants!$K$8:$K$47,$AA392)))","v":""},{"$f":"IF(OR($I392=\"\",$M392=\"\"),\"\",$I392*$M392)","v":""},{"$nulls":5},{"$f":"IF($C392=\"\",\"\",IF(OR($D392=\"\",$G392=\"\",$I392=\"\",$J392=\"\"),\"Incomplet\",IF(OR($R392=\"Enneigé\",$R392=\"Détrempé\",$R392=\"Inondé\",AND($R392=\"Gelé\",$H392<>\"Type 0\",$H392<>\"Type Ia\")),\"Sol interdit\",IF($AL392=1,\"Période interdite\",IF(AND(ISNUMBER($AB392),$I392>$AB392+0.001),\"Surface > îlot\",IF(OR($C392<DebutCampagne,$C392>FinCampagne),\"Hors campagne\",IF(AND(ISNUMBER($V392),$V392-$C392>DelaiSaisie),\"Saisie tardive\",\"Conforme\")))))))","v":""},null,null,{"$f":"IF($D392=\"\",\"\",IFERROR(MATCH($D392,Îlots!$D$8:$D$57,0),\"\"))","v":""},{"$f":"IF($G392=\"\",\"\",IFERROR(MATCH($G392,Fertilisants!$B$8:$B$47,0),\"\"))","v":""},{"$f":"IF($Z392=\"\",\"\",INDEX(Îlots!$E$8:$E$57,$Z392))","v":""},{"$f":"IF($Z392=\"\",\"\",INDEX(Îlots!$G$8:$G$57,$Z392)&\"\")","v":""},{"$f":"IF($Z392=\"\",\"\",IF($F392=ApportCouvert,OccCouvert,INDEX(Îlots!$O$8:$O$57,$Z392)&\"\"))","v":""},{"$f":"IF(OR($AD392=\"\",$AC392=\"Non\",ZoneVulnerable=\"Non\"),\"\",IFERROR(MATCH($AD392,CalOccupations,0),\"\"))","v":""},{"$f":"IF($H392=\"\",\"\",IFERROR(MATCH($H392,CalTypes,0),\"\"))","v":""},{"$f":"IF(ISNUMBER($C392),MONTH($C392)*100+DAY($C392),\"\")","v":""},{"$f":"IF(OR($AE392=\"\",$AF392=\"\"),0,IF(N(INDEX(CalPrincipal,$AE392,$AF392+0))=0,0,MONTH(INDEX(CalPrincipal,$AE392,$AF392+0))*100+DAY(INDEX(CalPrincipal,$AE392,$AF392+0))))","v":0},{"$f":"IF(OR($AE392=\"\",$AF392=\"\"),0,IF(N(INDEX(CalPrincipal,$AE392,$AF392+1))=0,0,MONTH(INDEX(CalPrincipal,$AE392,$AF392+1))*100+DAY(INDEX(CalPrincipal,$AE392,$AF392+1))))","v":0},{"$f":"IF(OR($AE392=\"\",$AF392=\"\"),0,IF(N(INDEX(CalComplement,$AE392,$AF392+0))=0,0,MONTH(INDEX(CalComplement,$AE392,$AF392+0))*100+DAY(INDEX(CalComplement,$AE392,$AF392+0))))","v":0},{"$f":"IF(OR($AE392=\"\",$AF392=\"\"),0,IF(N(INDEX(CalComplement,$AE392,$AF392+1))=0,0,MONTH(INDEX(CalComplement,$AE392,$AF392+1))*100+DAY(INDEX(CalComplement,$AE392,$AF392+1))))","v":0},{"$f":"IF(OR($AE392=\"\",$AF392=\"\",$AG392=\"\"),0,IF(OR(AND($AH392>0,IF($AH392<=$AI392,AND($AG392>=$AH392,$AG392<=$AI392),OR($AG392>=$AH392,$AG392<=$AI392))),AND($AJ392>0,IF($AJ392<=$AK392,AND($AG392>=$AJ392,$AG392<=$AK392),OR($AG392>=$AJ392,$AG392<=$AK392)))),1,0))","v":0},{"$f":"IF($AA392=\"\",0,IF(INDEX(Fertilisants!$C$8:$C$47,$AA392)=\"Effluent d'élevage\",1,0))","v":0},{"$f":"IF($AA392=\"\",\"\",IF(INDEX(Fertilisants!$C$8:$C$47,$AA392)=\"Engrais minéral\",\"Minéral\",\"Organique\"))","v":""},{"$f":"IF(OR($I392=\"\",$N392=\"\"),\"\",$I392*$N392)","v":""},{"$f":"IF(OR($I392=\"\",$O392=\"\"),\"\",$I392*$O392)","v":""},{"$f":"IF(OR($I392=\"\",$P392=\"\"),\"\",$I392*$P392)","v":""},{"$f":"IF(AND($D392<>\"\",$D392=FicheIlot),COUNTIF($D$8:$D392,FicheIlot),\"\")","v":""}]
[null,{"$f":"IF(C393=\"\",\"\",COUNT($C$8:C393))","v":""},null,null,{"$f":"IF($Z393=\"\",\"\",IF($F393=ApportCouvert,INDEX(Îlots!$I$8:$I$57,$Z393)&\"\",INDEX(Îlots!$N$8:$N$57,$Z393)&\"\"))","v":""},null,null,{"$f":"IF($AA393=\"\",\"\",INDEX(Fertilisants!$D$8:$D$47,$AA393)&\"\")","v":""},null,null,{"$f":"IF($AA393=\"\",\"\",INDEX(Fertilisants!$E$8:$E$47,$AA393)&\"\")","v":""},"",{"$f":"IF(OR($J393=\"\",$AA393=\"\"),\"\",$J393*N(INDEX(Fertilisants!$G$8:$G$47,$AA393)))","v":""},{"$f":"IF(OR($J393=\"\",$AA393=\"\"),\"\",$J393*N(INDEX(Fertilisants!$I$8:$I$47,$AA393)))","v":""},{"$f":"IF(OR($J393=\"\",$AA393=\"\"),\"\",$J393*N(INDEX(Fertilisants!$J$8:$J$47,$AA393)))","v":""},{"$f":"IF(OR($J393=\"\",$AA393=\"\"),\"\",$J393*N(INDEX(Fertilisants!$K$8:$K$47,$AA393)))","v":""},"",{"$nulls":5},"",null,null,{"$f":"IF($D393=\"\",\"\",IFERROR(MATCH($D393,Îlots!$D$8:$D$57,0),\"\"))","v":""},{"$f":"IF($G393=\"\",\"\",IFERROR(MATCH($G393,Fertilisants!$B$8:$B$47,0),\"\"))","v":""},{"$f":"IF($Z393=\"\",\"\",INDEX(Îlots!$E$8:$E$57,$Z393))","v":""},{"$f":"IF($Z393=\"\",\"\",INDEX(Îlots!$G$8:$G$57,$Z393)&\"\")","v":""},{"$f":"IF($Z393=\"\",\"\",IF($F393=ApportCouvert,OccCouvert,INDEX(Îlots!$O$8:$O$57,$Z393)&\"\"))","v":""},"","","",0,0,0,0,0,{"$f":"IF($AA393=\"\",0,IF(INDEX(Fertilisants!$C$8:$C$47,$AA393)=\"Effluent d'élevage\",1,0))","v":0},{"$f":"IF($AA393=\"\",\"\",IF(INDEX(Fertilisants!$C$8:$C$47,$AA393)=\"Engrais minéral\",\"Minéral\",\"Organique\"))","v":""},"","","",{"$f":"IF(AND($D393<>\"\",$D393=FicheIlot),COUNTIF($D$8:$D393,FicheIlot),\"\")","v":""}]
[null,{"$f":"IF(C394=\"\",\"\",COUNT($C$8:C394))","v":""},null,null,{"$f":"IF($Z394=\"\",\"\",IF($F394=ApportCouvert,INDEX(Îlots!$I$8:$I$57,$Z394)&\"\",INDEX(Îlots!$N$8:$N$57,$Z394)&\"\"))","v":""},null,null,{"$f":"IF($AA394=\"\",\"\",INDEX(Fertilisants!$D$8:$D$47,$AA394)&\"\")","v":""},null,null,{"$f":"IF($AA394=\"\",\"\",INDEX(Fertilisants!$E$8:$E$47,$AA394)&\"\")","v":""},"",{"$f":"IF(OR($J394=\"\",$AA394=\"\"),\"\",$J394*N(INDEX(Fertilisants!$G$8:$G$47,$AA394)))","v":""},{"$f":"IF(OR($J394=\"\",$AA394=\"\"),\"\",$J394*N(INDEX(Fertilisants!$I$8:$I$47,$AA394)))","v":""},{"$f":"IF(OR($J394=\"\",$AA394=\"\"),\"\",$J394*N(INDEX(Fertilisants!$J$8:$J$47,$AA394)))","v":""},{"$f":"IF(OR($J394=\"\",$AA394=\"\"),\"\",$J394*N(INDEX(Fertilisants!$K$8:$K$47,$AA394)))","v":""},"",{"$nulls":5},"",null,null,{"$f":"IF($D394=\"\",\"\",IFERROR(MATCH($D394,Îlots!$D$8:$D$57,0),\"\"))","v":""},{"$f":"IF($G394=\"\",\"\",IFERROR(MATCH($G394,Fertilisants!$B$8:$B$47,0),\"\"))","v":""},{"$f":"IF($Z394=\"\",\"\",INDEX(Îlots!$E$8:$E$57,$Z394))","v":""},{"$f":"IF($Z394=\"\",\"\",INDEX(Îlots!$G$8:$G$57,$Z394)&\"\")","v":""},{"$f":"IF($Z394=\"\",\"\",IF($F394=ApportCouvert,OccCouvert,INDEX(Îlots!$O$8:$O$57,$Z394)&\"\"))","v":""},"","","",0,0,0,0,0,{"$f":"IF($AA394=\"\",0,IF(INDEX(Fertilisants!$C$8:$C$47,$AA394)=\"Effluent d'élevage\",1,0))","v":0},{"$f":"IF($AA394=\"\",\"\",IF(INDEX(Fertilisants!$C$8:$C$47,$AA394)=\"Engrais minéral\",\"Minéral\",\"Organique\"))","v":""},"","","",{"$f":"IF(AND($D394<>\"\",$D394=FicheIlot),COUNTIF($D$8:$D394,FicheIlot),\"\")","v":""}]
[null,{"$f":"IF(C395=\"\",\"\",COUNT($C$8:C395))","v":""},null,null,{"$f":"IF($Z395=\"\",\"\",IF($F395=ApportCouvert,INDEX(Îlots!$I$8:$I$57,$Z395)&\"\",INDEX(Îlots!$N$8:$N$57,$Z395)&\"\"))","v":""},null,null,{"$f":"IF($AA395=\"\",\"\",INDEX(Fertilisants!$D$8:$D$47,$AA395)&\"\")","v":""},null,null,{"$f":"IF($AA395=\"\",\"\",INDEX(Fertilisants!$E$8:$E$47,$AA395)&\"\")","v":""},"",{"$f":"IF(OR($J395=\"\",$AA395=\"\"),\"\",$J395*N(INDEX(Fertilisants!$G$8:$G$47,$AA395)))","v":""},{"$f":"IF(OR($J395=\"\",$AA395=\"\"),\"\",$J395*N(INDEX(Fertilisants!$I$8:$I$47,$AA395)))","v":""},{"$f":"IF(OR($J395=\"\",$AA395=\"\"),\"\",$J395*N(INDEX(Fertilisants!$J$8:$J$47,$AA395)))","v":""},{"$f":"IF(OR($J395=\"\",$AA395=\"\"),\"\",$J395*N(INDEX(Fertilisants!$K$8:$K$47,$AA395)))","v":""},"",{"$nulls":5},"",null,null,{"$f":"IF($D395=\"\",\"\",IFERROR(MATCH($D395,Îlots!$D$8:$D$57,0),\"\"))","v":""},{"$f":"IF($G395=\"\",\"\",IFERROR(MATCH($G395,Fertilisants!$B$8:$B$47,0),\"\"))","v":""},{"$f":"IF($Z395=\"\",\"\",INDEX(Îlots!$E$8:$E$57,$Z395))","v":""},{"$f":"IF($Z395=\"\",\"\",INDEX(Îlots!$G$8:$G$57,$Z395)&\"\")","v":""},{"$f":"IF($Z395=\"\",\"\",IF($F395=ApportCouvert,OccCouvert,INDEX(Îlots!$O$8:$O$57,$Z395)&\"\"))","v":""},"","","",0,0,0,0,0,{"$f":"IF($AA395=\"\",0,IF(INDEX(Fertilisants!$C$8:$C$47,$AA395)=\"Effluent d'élevage\",1,0))","v":0},{"$f":"IF($AA395=\"\",\"\",IF(INDEX(Fertilisants!$C$8:$C$47,$AA395)=\"Engrais minéral\",\"Minéral\",\"Organique\"))","v":""},"","","",{"$f":"IF(AND($D395<>\"\",$D395=FicheIlot),COUNTIF($D$8:$D395,FicheIlot),\"\")","v":""}]
[null,{"$f":"IF(C396=\"\",\"\",COUNT($C$8:C396))","v":""},null,null,{"$f":"IF($Z396=\"\",\"\",IF($F396=ApportCouvert,INDEX(Îlots!$I$8:$I$57,$Z396)&\"\",INDEX(Îlots!$N$8:$N$57,$Z396)&\"\"))","v":""},null,null,{"$f":"IF($AA396=\"\",\"\",INDEX(Fertilisants!$D$8:$D$47,$AA396)&\"\")","v":""},null,null,{"$f":"IF($AA396=\"\",\"\",INDEX(Fertilisants!$E$8:$E$47,$AA396)&\"\")","v":""},"",{"$f":"IF(OR($J396=\"\",$AA396=\"\"),\"\",$J396*N(INDEX(Fertilisants!$G$8:$G$47,$AA396)))","v":""},{"$f":"IF(OR($J396=\"\",$AA396=\"\"),\"\",$J396*N(INDEX(Fertilisants!$I$8:$I$47,$AA396)))","v":""},{"$f":"IF(OR($J396=\"\",$AA396=\"\"),\"\",$J396*N(INDEX(Fertilisants!$J$8:$J$47,$AA396)))","v":""},{"$f":"IF(OR($J396=\"\",$AA396=\"\"),\"\",$J396*N(INDEX(Fertilisants!$K$8:$K$47,$AA396)))","v":""},"",{"$nulls":5},"",null,null,{"$f":"IF($D396=\"\",\"\",IFERROR(MATCH($D396,Îlots!$D$8:$D$57,0),\"\"))","v":""},{"$f":"IF($G396=\"\",\"\",IFERROR(MATCH($G396,Fertilisants!$B$8:$B$47,0),\"\"))","v":""},{"$f":"IF($Z396=\"\",\"\",INDEX(Îlots!$E$8:$E$57,$Z396))","v":""},{"$f":"IF($Z396=\"\",\"\",INDEX(Îlots!$G$8:$G$57,$Z396)&\"\")","v":""},{"$f":"IF($Z396=\"\",\"\",IF($F396=ApportCouvert,OccCouvert,INDEX(Îlots!$O$8:$O$57,$Z396)&\"\"))","v":""},"","","",0,0,0,0,0,{"$f":"IF($AA396=\"\",0,IF(INDEX(Fertilisants!$C$8:$C$47,$AA396)=\"Effluent d'élevage\",1,0))","v":0},{"$f":"IF($AA396=\"\",\"\",IF(INDEX(Fertilisants!$C$8:$C$47,$AA396)=\"Engrais minéral\",\"Minéral\",\"Organique\"))","v":""},"","","",{"$f":"IF(AND($D396<>\"\",$D396=FicheIlot),COUNTIF($D$8:$D396,FicheIlot),\"\")","v":""}]
[null,{"$f":"IF(C397=\"\",\"\",COUNT($C$8:C397))","v":""},null,null,{"$f":"IF($Z397=\"\",\"\",IF($F397=ApportCouvert,INDEX(Îlots!$I$8:$I$57,$Z397)&\"\",INDEX(Îlots!$N$8:$N$57,$Z397)&\"\"))","v":""},null,null,{"$f":"IF($AA397=\"\",\"\",INDEX(Fertilisants!$D$8:$D$47,$AA397)&\"\")","v":""},null,null,{"$f":"IF($AA397=\"\",\"\",INDEX(Fertilisants!$E$8:$E$47,$AA397)&\"\")","v":""},"",{"$f":"IF(OR($J397=\"\",$AA397=\"\"),\"\",$J397*N(INDEX(Fertilisants!$G$8:$G$47,$AA397)))","v":""},{"$f":"IF(OR($J397=\"\",$AA397=\"\"),\"\",$J397*N(INDEX(Fertilisants!$I$8:$I$47,$AA397)))","v":""},{"$f":"IF(OR($J397=\"\",$AA397=\"\"),\"\",$J397*N(INDEX(Fertilisants!$J$8:$J$47,$AA397)))","v":""},{"$f":"IF(OR($J397=\"\",$AA397=\"\"),\"\",$J397*N(INDEX(Fertilisants!$K$8:$K$47,$AA397)))","v":""},"",{"$nulls":5},"",null,null,{"$f":"IF($D397=\"\",\"\",IFERROR(MATCH($D397,Îlots!$D$8:$D$57,0),\"\"))","v":""},{"$f":"IF($G397=\"\",\"\",IFERROR(MATCH($G397,Fertilisants!$B$8:$B$47,0),\"\"))","v":""},{"$f":"IF($Z397=\"\",\"\",INDEX(Îlots!$E$8:$E$57,$Z397))","v":""},{"$f":"IF($Z397=\"\",\"\",INDEX(Îlots!$G$8:$G$57,$Z397)&\"\")","v":""},{"$f":"IF($Z397=\"\",\"\",IF($F397=ApportCouvert,OccCouvert,INDEX(Îlots!$O$8:$O$57,$Z397)&\"\"))","v":""},"","","",0,0,0,0,0,{"$f":"IF($AA397=\"\",0,IF(INDEX(Fertilisants!$C$8:$C$47,$AA397)=\"Effluent d'élevage\",1,0))","v":0},{"$f":"IF($AA397=\"\",\"\",IF(INDEX(Fertilisants!$C$8:$C$47,$AA397)=\"Engrais minéral\",\"Minéral\",\"Organique\"))","v":""},"","","",{"$f":"IF(AND($D397<>\"\",$D397=FicheIlot),COUNTIF($D$8:$D397,FicheIlot),\"\")","v":""}]
[null,{"$f":"IF(C398=\"\",\"\",COUNT($C$8:C398))","v":""},null,null,{"$f":"IF($Z398=\"\",\"\",IF($F398=ApportCouvert,INDEX(Îlots!$I$8:$I$57,$Z398)&\"\",INDEX(Îlots!$N$8:$N$57,$Z398)&\"\"))","v":""},null,null,{"$f":"IF($AA398=\"\",\"\",INDEX(Fertilisants!$D$8:$D$47,$AA398)&\"\")","v":""},null,null,{"$f":"IF($AA398=\"\",\"\",INDEX(Fertilisants!$E$8:$E$47,$AA398)&\"\")","v":""},"",{"$f":"IF(OR($J398=\"\",$AA398=\"\"),\"\",$J398*N(INDEX(Fertilisants!$G$8:$G$47,$AA398)))","v":""},{"$f":"IF(OR($J398=\"\",$AA398=\"\"),\"\",$J398*N(INDEX(Fertilisants!$I$8:$I$47,$AA398)))","v":""},{"$f":"IF(OR($J398=\"\",$AA398=\"\"),\"\",$J398*N(INDEX(Fertilisants!$J$8:$J$47,$AA398)))","v":""},{"$f":"IF(OR($J398=\"\",$AA398=\"\"),\"\",$J398*N(INDEX(Fertilisants!$K$8:$K$47,$AA398)))","v":""},"",{"$nulls":5},"",null,null,{"$f":"IF($D398=\"\",\"\",IFERROR(MATCH($D398,Îlots!$D$8:$D$57,0),\"\"))","v":""},{"$f":"IF($G398=\"\",\"\",IFERROR(MATCH($G398,Fertilisants!$B$8:$B$47,0),\"\"))","v":""},{"$f":"IF($Z398=\"\",\"\",INDEX(Îlots!$E$8:$E$57,$Z398))","v":""},{"$f":"IF($Z398=\"\",\"\",INDEX(Îlots!$G$8:$G$57,$Z398)&\"\")","v":""},{"$f":"IF($Z398=\"\",\"\",IF($F398=ApportCouvert,OccCouvert,INDEX(Îlots!$O$8:$O$57,$Z398)&\"\"))","v":""},"","","",0,0,0,0,0,{"$f":"IF($AA398=\"\",0,IF(INDEX(Fertilisants!$C$8:$C$47,$AA398)=\"Effluent d'élevage\",1,0))","v":0},{"$f":"IF($AA398=\"\",\"\",IF(INDEX(Fertilisants!$C$8:$C$47,$AA398)=\"Engrais minéral\",\"Minéral\",\"Organique\"))","v":""},"","","",{"$f":"IF(AND($D398<>\"\",$D398=FicheIlot),COUNTIF($D$8:$D398,FicheIlot),\"\")","v":""}]
[null,{"$f":"IF(C399=\"\",\"\",COUNT($C$8:C399))","v":""},null,null,{"$f":"IF($Z399=\"\",\"\",IF($F399=ApportCouvert,INDEX(Îlots!$I$8:$I$57,$Z399)&\"\",INDEX(Îlots!$N$8:$N$57,$Z399)&\"\"))","v":""},null,null,{"$f":"IF($AA399=\"\",\"\",INDEX(Fertilisants!$D$8:$D$47,$AA399)&\"\")","v":""},null,null,{"$f":"IF($AA399=\"\",\"\",INDEX(Fertilisants!$E$8:$E$47,$AA399)&\"\")","v":""},"",{"$f":"IF(OR($J399=\"\",$AA399=\"\"),\"\",$J399*N(INDEX(Fertilisants!$G$8:$G$47,$AA399)))","v":""},{"$f":"IF(OR($J399=\"\",$AA399=\"\"),\"\",$J399*N(INDEX(Fertilisants!$I$8:$I$47,$AA399)))","v":""},{"$f":"IF(OR($J399=\"\",$AA399=\"\"),\"\",$J399*N(INDEX(Fertilisants!$J$8:$J$47,$AA399)))","v":""},{"$f":"IF(OR($J399=\"\",$AA399=\"\"),\"\",$J399*N(INDEX(Fertilisants!$K$8:$K$47,$AA399)))","v":""},"",{"$nulls":5},"",null,null,{"$f":"IF($D399=\"\",\"\",IFERROR(MATCH($D399,Îlots!$D$8:$D$57,0),\"\"))","v":""},{"$f":"IF($G399=\"\",\"\",IFERROR(MATCH($G399,Fertilisants!$B$8:$B$47,0),\"\"))","v":""},{"$f":"IF($Z399=\"\",\"\",INDEX(Îlots!$E$8:$E$57,$Z399))","v":""},{"$f":"IF($Z399=\"\",\"\",INDEX(Îlots!$G$8:$G$57,$Z399)&\"\")","v":""},{"$f":"IF($Z399=\"\",\"\",IF($F399=ApportCouvert,OccCouvert,INDEX(Îlots!$O$8:$O$57,$Z399)&\"\"))","v":""},"","","",0,0,0,0,0,{"$f":"IF($AA399=\"\",0,IF(INDEX(Fertilisants!$C$8:$C$47,$AA399)=\"Effluent d'élevage\",1,0))","v":0},{"$f":"IF($AA399=\"\",\"\",IF(INDEX(Fertilisants!$C$8:$C$47,$AA399)=\"Engrais minéral\",\"Minéral\",\"Organique\"))","v":""},"","","",{"$f":"IF(AND($D399<>\"\",$D399=FicheIlot),COUNTIF($D$8:$D399,FicheIlot),\"\")","v":""}]
[null,{"$f":"IF(C400=\"\",\"\",COUNT($C$8:C400))","v":""},null,null,{"$f":"IF($Z400=\"\",\"\",IF($F400=ApportCouvert,INDEX(Îlots!$I$8:$I$57,$Z400)&\"\",INDEX(Îlots!$N$8:$N$57,$Z400)&\"\"))","v":""},null,null,{"$f":"IF($AA400=\"\",\"\",INDEX(Fertilisants!$D$8:$D$47,$AA400)&\"\")","v":""},null,null,{"$f":"IF($AA400=\"\",\"\",INDEX(Fertilisants!$E$8:$E$47,$AA400)&\"\")","v":""},"",{"$f":"IF(OR($J400=\"\",$AA400=\"\"),\"\",$J400*N(INDEX(Fertilisants!$G$8:$G$47,$AA400)))","v":""},{"$f":"IF(OR($J400=\"\",$AA400=\"\"),\"\",$J400*N(INDEX(Fertilisants!$I$8:$I$47,$AA400)))","v":""},{"$f":"IF(OR($J400=\"\",$AA400=\"\"),\"\",$J400*N(INDEX(Fertilisants!$J$8:$J$47,$AA400)))","v":""},{"$f":"IF(OR($J400=\"\",$AA400=\"\"),\"\",$J400*N(INDEX(Fertilisants!$K$8:$K$47,$AA400)))","v":""},"",{"$nulls":5},"",null,null,{"$f":"IF($D400=\"\",\"\",IFERROR(MATCH($D400,Îlots!$D$8:$D$57,0),\"\"))","v":""},{"$f":"IF($G400=\"\",\"\",IFERROR(MATCH($G400,Fertilisants!$B$8:$B$47,0),\"\"))","v":""},{"$f":"IF($Z400=\"\",\"\",INDEX(Îlots!$E$8:$E$57,$Z400))","v":""},{"$f":"IF($Z400=\"\",\"\",INDEX(Îlots!$G$8:$G$57,$Z400)&\"\")","v":""},{"$f":"IF($Z400=\"\",\"\",IF($F400=ApportCouvert,OccCouvert,INDEX(Îlots!$O$8:$O$57,$Z400)&\"\"))","v":""},"","","",0,0,0,0,0,{"$f":"IF($AA400=\"\",0,IF(INDEX(Fertilisants!$C$8:$C$47,$AA400)=\"Effluent d'élevage\",1,0))","v":0},{"$f":"IF($AA400=\"\",\"\",IF(INDEX(Fertilisants!$C$8:$C$47,$AA400)=\"Engrais minéral\",\"Minéral\",\"Organique\"))","v":""},"","","",{"$f":"IF(AND($D400<>\"\",$D400=FicheIlot),COUNTIF($D$8:$D400,FicheIlot),\"\")","v":""}]
[null,{"$f":"IF(C401=\"\",\"\",COUNT($C$8:C401))","v":""},null,null,{"$f":"IF($Z401=\"\",\"\",IF($F401=ApportCouvert,INDEX(Îlots!$I$8:$I$57,$Z401)&\"\",INDEX(Îlots!$N$8:$N$57,$Z401)&\"\"))","v":""},null,null,{"$f":"IF($AA401=\"\",\"\",INDEX(Fertilisants!$D$8:$D$47,$AA401)&\"\")","v":""},null,null,{"$f":"IF($AA401=\"\",\"\",INDEX(Fertilisants!$E$8:$E$47,$AA401)&\"\")","v":""},"",{"$f":"IF(OR($J401=\"\",$AA401=\"\"),\"\",$J401*N(INDEX(Fertilisants!$G$8:$G$47,$AA401)))","v":""},{"$f":"IF(OR($J401=\"\",$AA401=\"\"),\"\",$J401*N(INDEX(Fertilisants!$I$8:$I$47,$AA401)))","v":""},{"$f":"IF(OR($J401=\"\",$AA401=\"\"),\"\",$J401*N(INDEX(Fertilisants!$J$8:$J$47,$AA401)))","v":""},{"$f":"IF(OR($J401=\"\",$AA401=\"\"),\"\",$J401*N(INDEX(Fertilisants!$K$8:$K$47,$AA401)))","v":""},"",{"$nulls":5},"",null,null,{"$f":"IF($D401=\"\",\"\",IFERROR(MATCH($D401,Îlots!$D$8:$D$57,0),\"\"))","v":""},{"$f":"IF($G401=\"\",\"\",IFERROR(MATCH($G401,Fertilisants!$B$8:$B$47,0),\"\"))","v":""},{"$f":"IF($Z401=\"\",\"\",INDEX(Îlots!$E$8:$E$57,$Z401))","v":""},{"$f":"IF($Z401=\"\",\"\",INDEX(Îlots!$G$8:$G$57,$Z401)&\"\")","v":""},{"$f":"IF($Z401=\"\",\"\",IF($F401=ApportCouvert,OccCouvert,INDEX(Îlots!$O$8:$O$57,$Z401)&\"\"))","v":""},"","","",0,0,0,0,0,{"$f":"IF($AA401=\"\",0,IF(INDEX(Fertilisants!$C$8:$C$47,$AA401)=\"Effluent d'élevage\",1,0))","v":0},{"$f":"IF($AA401=\"\",\"\",IF(INDEX(Fertilisants!$C$8:$C$47,$AA401)=\"Engrais minéral\",\"Minéral\",\"Organique\"))","v":""},"","","",{"$f":"IF(AND($D401<>\"\",$D401=FicheIlot),COUNTIF($D$8:$D401,FicheIlot),\"\")","v":""}]
[null,{"$f":"IF(C402=\"\",\"\",COUNT($C$8:C402))","v":""},null,null,{"$f":"IF($Z402=\"\",\"\",IF($F402=ApportCouvert,INDEX(Îlots!$I$8:$I$57,$Z402)&\"\",INDEX(Îlots!$N$8:$N$57,$Z402)&\"\"))","v":""},null,null,{"$f":"IF($AA402=\"\",\"\",INDEX(Fertilisants!$D$8:$D$47,$AA402)&\"\")","v":""},null,null,{"$f":"IF($AA402=\"\",\"\",INDEX(Fertilisants!$E$8:$E$47,$AA402)&\"\")","v":""},"",{"$f":"IF(OR($J402=\"\",$AA402=\"\"),\"\",$J402*N(INDEX(Fertilisants!$G$8:$G$47,$AA402)))","v":""},{"$f":"IF(OR($J402=\"\",$AA402=\"\"),\"\",$J402*N(INDEX(Fertilisants!$I$8:$I$47,$AA402)))","v":""},{"$f":"IF(OR($J402=\"\",$AA402=\"\"),\"\",$J402*N(INDEX(Fertilisants!$J$8:$J$47,$AA402)))","v":""},{"$f":"IF(OR($J402=\"\",$AA402=\"\"),\"\",$J402*N(INDEX(Fertilisants!$K$8:$K$47,$AA402)))","v":""},"",{"$nulls":5},"",null,null,{"$f":"IF($D402=\"\",\"\",IFERROR(MATCH($D402,Îlots!$D$8:$D$57,0),\"\"))","v":""},{"$f":"IF($G402=\"\",\"\",IFERROR(MATCH($G402,Fertilisants!$B$8:$B$47,0),\"\"))","v":""},{"$f":"IF($Z402=\"\",\"\",INDEX(Îlots!$E$8:$E$57,$Z402))","v":""},{"$f":"IF($Z402=\"\",\"\",INDEX(Îlots!$G$8:$G$57,$Z402)&\"\")","v":""},{"$f":"IF($Z402=\"\",\"\",IF($F402=ApportCouvert,OccCouvert,INDEX(Îlots!$O$8:$O$57,$Z402)&\"\"))","v":""},"","","",0,0,0,0,0,{"$f":"IF($AA402=\"\",0,IF(INDEX(Fertilisants!$C$8:$C$47,$AA402)=\"Effluent d'élevage\",1,0))","v":0},{"$f":"IF($AA402=\"\",\"\",IF(INDEX(Fertilisants!$C$8:$C$47,$AA402)=\"Engrais minéral\",\"Minéral\",\"Organique\"))","v":""},"","","",{"$f":"IF(AND($D402<>\"\",$D402=FicheIlot),COUNTIF($D$8:$D402,FicheIlot),\"\")","v":""}]
[null,{"$f":"IF(C403=\"\",\"\",COUNT($C$8:C403))","v":""},null,null,{"$f":"IF($Z403=\"\",\"\",IF($F403=ApportCouvert,INDEX(Îlots!$I$8:$I$57,$Z403)&\"\",INDEX(Îlots!$N$8:$N$57,$Z403)&\"\"))","v":""},null,null,{"$f":"IF($AA403=\"\",\"\",INDEX(Fertilisants!$D$8:$D$47,$AA403)&\"\")","v":""},null,null,{"$f":"IF($AA403=\"\",\"\",INDEX(Fertilisants!$E$8:$E$47,$AA403)&\"\")","v":""},"",{"$f":"IF(OR($J403=\"\",$AA403=\"\"),\"\",$J403*N(INDEX(Fertilisants!$G$8:$G$47,$AA403)))","v":""},{"$f":"IF(OR($J403=\"\",$AA403=\"\"),\"\",$J403*N(INDEX(Fertilisants!$I$8:$I$47,$AA403)))","v":""},{"$f":"IF(OR($J403=\"\",$AA403=\"\"),\"\",$J403*N(INDEX(Fertilisants!$J$8:$J$47,$AA403)))","v":""},{"$f":"IF(OR($J403=\"\",$AA403=\"\"),\"\",$J403*N(INDEX(Fertilisants!$K$8:$K$47,$AA403)))","v":""},"",{"$nulls":5},"",null,null,{"$f":"IF($D403=\"\",\"\",IFERROR(MATCH($D403,Îlots!$D$8:$D$57,0),\"\"))","v":""},{"$f":"IF($G403=\"\",\"\",IFERROR(MATCH($G403,Fertilisants!$B$8:$B$47,0),\"\"))","v":""},{"$f":"IF($Z403=\"\",\"\",INDEX(Îlots!$E$8:$E$57,$Z403))","v":""},{"$f":"IF($Z403=\"\",\"\",INDEX(Îlots!$G$8:$G$57,$Z403)&\"\")","v":""},{"$f":"IF($Z403=\"\",\"\",IF($F403=ApportCouvert,OccCouvert,INDEX(Îlots!$O$8:$O$57,$Z403)&\"\"))","v":""},"","","",0,0,0,0,0,{"$f":"IF($AA403=\"\",0,IF(INDEX(Fertilisants!$C$8:$C$47,$AA403)=\"Effluent d'élevage\",1,0))","v":0},{"$f":"IF($AA403=\"\",\"\",IF(INDEX(Fertilisants!$C$8:$C$47,$AA403)=\"Engrais minéral\",\"Minéral\",\"Organique\"))","v":""},"","","",{"$f":"IF(AND($D403<>\"\",$D403=FicheIlot),COUNTIF($D$8:$D403,FicheIlot),\"\")","v":""}]
[null,{"$f":"IF(C404=\"\",\"\",COUNT($C$8:C404))","v":""},null,null,{"$f":"IF($Z404=\"\",\"\",IF($F404=ApportCouvert,INDEX(Îlots!$I$8:$I$57,$Z404)&\"\",INDEX(Îlots!$N$8:$N$57,$Z404)&\"\"))","v":""},null,null,{"$f":"IF($AA404=\"\",\"\",INDEX(Fertilisants!$D$8:$D$47,$AA404)&\"\")","v":""},null,null,{"$f":"IF($AA404=\"\",\"\",INDEX(Fertilisants!$E$8:$E$47,$AA404)&\"\")","v":""},"",{"$f":"IF(OR($J404=\"\",$AA404=\"\"),\"\",$J404*N(INDEX(Fertilisants!$G$8:$G$47,$AA404)))","v":""},{"$f":"IF(OR($J404=\"\",$AA404=\"\"),\"\",$J404*N(INDEX(Fertilisants!$I$8:$I$47,$AA404)))","v":""},{"$f":"IF(OR($J404=\"\",$AA404=\"\"),\"\",$J404*N(INDEX(Fertilisants!$J$8:$J$47,$AA404)))","v":""},{"$f":"IF(OR($J404=\"\",$AA404=\"\"),\"\",$J404*N(INDEX(Fertilisants!$K$8:$K$47,$AA404)))","v":""},"",{"$nulls":5},"",null,null,{"$f":"IF($D404=\"\",\"\",IFERROR(MATCH($D404,Îlots!$D$8:$D$57,0),\"\"))","v":""},{"$f":"IF($G404=\"\",\"\",IFERROR(MATCH($G404,Fertilisants!$B$8:$B$47,0),\"\"))","v":""},{"$f":"IF($Z404=\"\",\"\",INDEX(Îlots!$E$8:$E$57,$Z404))","v":""},{"$f":"IF($Z404=\"\",\"\",INDEX(Îlots!$G$8:$G$57,$Z404)&\"\")","v":""},{"$f":"IF($Z404=\"\",\"\",IF($F404=ApportCouvert,OccCouvert,INDEX(Îlots!$O$8:$O$57,$Z404)&\"\"))","v":""},"","","",0,0,0,0,0,{"$f":"IF($AA404=\"\",0,IF(INDEX(Fertilisants!$C$8:$C$47,$AA404)=\"Effluent d'élevage\",1,0))","v":0},{"$f":"IF($AA404=\"\",\"\",IF(INDEX(Fertilisants!$C$8:$C$47,$AA404)=\"Engrais minéral\",\"Minéral\",\"Organique\"))","v":""},"","","",{"$f":"IF(AND($D404<>\"\",$D404=FicheIlot),COUNTIF($D$8:$D404,FicheIlot),\"\")","v":""}]
[null,{"$f":"IF(C405=\"\",\"\",COUNT($C$8:C405))","v":""},null,null,{"$f":"IF($Z405=\"\",\"\",IF($F405=ApportCouvert,INDEX(Îlots!$I$8:$I$57,$Z405)&\"\",INDEX(Îlots!$N$8:$N$57,$Z405)&\"\"))","v":""},null,null,{"$f":"IF($AA405=\"\",\"\",INDEX(Fertilisants!$D$8:$D$47,$AA405)&\"\")","v":""},null,null,{"$f":"IF($AA405=\"\",\"\",INDEX(Fertilisants!$E$8:$E$47,$AA405)&\"\")","v":""},"",{"$f":"IF(OR($J405=\"\",$AA405=\"\"),\"\",$J405*N(INDEX(Fertilisants!$G$8:$G$47,$AA405)))","v":""},{"$f":"IF(OR($J405=\"\",$AA405=\"\"),\"\",$J405*N(INDEX(Fertilisants!$I$8:$I$47,$AA405)))","v":""},{"$f":"IF(OR($J405=\"\",$AA405=\"\"),\"\",$J405*N(INDEX(Fertilisants!$J$8:$J$47,$AA405)))","v":""},{"$f":"IF(OR($J405=\"\",$AA405=\"\"),\"\",$J405*N(INDEX(Fertilisants!$K$8:$K$47,$AA405)))","v":""},"",{"$nulls":5},"",null,null,{"$f":"IF($D405=\"\",\"\",IFERROR(MATCH($D405,Îlots!$D$8:$D$57,0),\"\"))","v":""},{"$f":"IF($G405=\"\",\"\",IFERROR(MATCH($G405,Fertilisants!$B$8:$B$47,0),\"\"))","v":""},{"$f":"IF($Z405=\"\",\"\",INDEX(Îlots!$E$8:$E$57,$Z405))","v":""},{"$f":"IF($Z405=\"\",\"\",INDEX(Îlots!$G$8:$G$57,$Z405)&\"\")","v":""},{"$f":"IF($Z405=\"\",\"\",IF($F405=ApportCouvert,OccCouvert,INDEX(Îlots!$O$8:$O$57,$Z405)&\"\"))","v":""},"","","",0,0,0,0,0,{"$f":"IF($AA405=\"\",0,IF(INDEX(Fertilisants!$C$8:$C$47,$AA405)=\"Effluent d'élevage\",1,0))","v":0},{"$f":"IF($AA405=\"\",\"\",IF(INDEX(Fertilisants!$C$8:$C$47,$AA405)=\"Engrais minéral\",\"Minéral\",\"Organique\"))","v":""},"","","",{"$f":"IF(AND($D405<>\"\",$D405=FicheIlot),COUNTIF($D$8:$D405,FicheIlot),\"\")","v":""}]
[null,{"$f":"IF(C406=\"\",\"\",COUNT($C$8:C406))","v":""},null,null,{"$f":"IF($Z406=\"\",\"\",IF($F406=ApportCouvert,INDEX(Îlots!$I$8:$I$57,$Z406)&\"\",INDEX(Îlots!$N$8:$N$57,$Z406)&\"\"))","v":""},null,null,{"$f":"IF($AA406=\"\",\"\",INDEX(Fertilisants!$D$8:$D$47,$AA406)&\"\")","v":""},null,null,{"$f":"IF($AA406=\"\",\"\",INDEX(Fertilisants!$E$8:$E$47,$AA406)&\"\")","v":""},"",{"$f":"IF(OR($J406=\"\",$AA406=\"\"),\"\",$J406*N(INDEX(Fertilisants!$G$8:$G$47,$AA406)))","v":""},{"$f":"IF(OR($J406=\"\",$AA406=\"\"),\"\",$J406*N(INDEX(Fertilisants!$I$8:$I$47,$AA406)))","v":""},{"$f":"IF(OR($J406=\"\",$AA406=\"\"),\"\",$J406*N(INDEX(Fertilisants!$J$8:$J$47,$AA406)))","v":""},{"$f":"IF(OR($J406=\"\",$AA406=\"\"),\"\",$J406*N(INDEX(Fertilisants!$K$8:$K$47,$AA406)))","v":""},"",{"$nulls":5},"",null,null,{"$f":"IF($D406=\"\",\"\",IFERROR(MATCH($D406,Îlots!$D$8:$D$57,0),\"\"))","v":""},{"$f":"IF($G406=\"\",\"\",IFERROR(MATCH($G406,Fertilisants!$B$8:$B$47,0),\"\"))","v":""},{"$f":"IF($Z406=\"\",\"\",INDEX(Îlots!$E$8:$E$57,$Z406))","v":""},{"$f":"IF($Z406=\"\",\"\",INDEX(Îlots!$G$8:$G$57,$Z406)&\"\")","v":""},{"$f":"IF($Z406=\"\",\"\",IF($F406=ApportCouvert,OccCouvert,INDEX(Îlots!$O$8:$O$57,$Z406)&\"\"))","v":""},"","","",0,0,0,0,0,{"$f":"IF($AA406=\"\",0,IF(INDEX(Fertilisants!$C$8:$C$47,$AA406)=\"Effluent d'élevage\",1,0))","v":0},{"$f":"IF($AA406=\"\",\"\",IF(INDEX(Fertilisants!$C$8:$C$47,$AA406)=\"Engrais minéral\",\"Minéral\",\"Organique\"))","v":""},"","","",{"$f":"IF(AND($D406<>\"\",$D406=FicheIlot),COUNTIF($D$8:$D406,FicheIlot),\"\")","v":""}]
[null,{"$f":"IF(C407=\"\",\"\",COUNT($C$8:C407))","v":""},null,null,{"$f":"IF($Z407=\"\",\"\",IF($F407=ApportCouvert,INDEX(Îlots!$I$8:$I$57,$Z407)&\"\",INDEX(Îlots!$N$8:$N$57,$Z407)&\"\"))","v":""},null,null,{"$f":"IF($AA407=\"\",\"\",INDEX(Fertilisants!$D$8:$D$47,$AA407)&\"\")","v":""},null,null,{"$f":"IF($AA407=\"\",\"\",INDEX(Fertilisants!$E$8:$E$47,$AA407)&\"\")","v":""},"",{"$f":"IF(OR($J407=\"\",$AA407=\"\"),\"\",$J407*N(INDEX(Fertilisants!$G$8:$G$47,$AA407)))","v":""},{"$f":"IF(OR($J407=\"\",$AA407=\"\"),\"\",$J407*N(INDEX(Fertilisants!$I$8:$I$47,$AA407)))","v":""},{"$f":"IF(OR($J407=\"\",$AA407=\"\"),\"\",$J407*N(INDEX(Fertilisants!$J$8:$J$47,$AA407)))","v":""},{"$f":"IF(OR($J407=\"\",$AA407=\"\"),\"\",$J407*N(INDEX(Fertilisants!$K$8:$K$47,$AA407)))","v":""},"",{"$nulls":5},"",null,null,{"$f":"IF($D407=\"\",\"\",IFERROR(MATCH($D407,Îlots!$D$8:$D$57,0),\"\"))","v":""},{"$f":"IF($G407=\"\",\"\",IFERROR(MATCH($G407,Fertilisants!$B$8:$B$47,0),\"\"))","v":""},{"$f":"IF($Z407=\"\",\"\",INDEX(Îlots!$E$8:$E$57,$Z407))","v":""},{"$f":"IF($Z407=\"\",\"\",INDEX(Îlots!$G$8:$G$57,$Z407)&\"\")","v":""},{"$f":"IF($Z407=\"\",\"\",IF($F407=ApportCouvert,OccCouvert,INDEX(Îlots!$O$8:$O$57,$Z407)&\"\"))","v":""},"","","",0,0,0,0,0,{"$f":"IF($AA407=\"\",0,IF(INDEX(Fertilisants!$C$8:$C$47,$AA407)=\"Effluent d'élevage\",1,0))","v":0},{"$f":"IF($AA407=\"\",\"\",IF(INDEX(Fertilisants!$C$8:$C$47,$AA407)=\"Engrais minéral\",\"Minéral\",\"Organique\"))","v":""},"","","",{"$f":"IF(AND($D407<>\"\",$D407=FicheIlot),COUNTIF($D$8:$D407,FicheIlot),\"\")","v":""}]
[null,{"$f":"IF(C408=\"\",\"\",COUNT($C$8:C408))","v":""},null,null,{"$f":"IF($Z408=\"\",\"\",IF($F408=ApportCouvert,INDEX(Îlots!$I$8:$I$57,$Z408)&\"\",INDEX(Îlots!$N$8:$N$57,$Z408)&\"\"))","v":""},null,null,{"$f":"IF($AA408=\"\",\"\",INDEX(Fertilisants!$D$8:$D$47,$AA408)&\"\")","v":""},null,null,{"$f":"IF($AA408=\"\",\"\",INDEX(Fertilisants!$E$8:$E$47,$AA408)&\"\")","v":""},"",{"$f":"IF(OR($J408=\"\",$AA408=\"\"),\"\",$J408*N(INDEX(Fertilisants!$G$8:$G$47,$AA408)))","v":""},{"$f":"IF(OR($J408=\"\",$AA408=\"\"),\"\",$J408*N(INDEX(Fertilisants!$I$8:$I$47,$AA408)))","v":""},{"$f":"IF(OR($J408=\"\",$AA408=\"\"),\"\",$J408*N(INDEX(Fertilisants!$J$8:$J$47,$AA408)))","v":""},{"$f":"IF(OR($J408=\"\",$AA408=\"\"),\"\",$J408*N(INDEX(Fertilisants!$K$8:$K$47,$AA408)))","v":""},"",{"$nulls":5},"",null,null,{"$f":"IF($D408=\"\",\"\",IFERROR(MATCH($D408,Îlots!$D$8:$D$57,0),\"\"))","v":""},{"$f":"IF($G408=\"\",\"\",IFERROR(MATCH($G408,Fertilisants!$B$8:$B$47,0),\"\"))","v":""},{"$f":"IF($Z408=\"\",\"\",INDEX(Îlots!$E$8:$E$57,$Z408))","v":""},{"$f":"IF($Z408=\"\",\"\",INDEX(Îlots!$G$8:$G$57,$Z408)&\"\")","v":""},{"$f":"IF($Z408=\"\",\"\",IF($F408=ApportCouvert,OccCouvert,INDEX(Îlots!$O$8:$O$57,$Z408)&\"\"))","v":""},"","","",0,0,0,0,0,{"$f":"IF($AA408=\"\",0,IF(INDEX(Fertilisants!$C$8:$C$47,$AA408)=\"Effluent d'élevage\",1,0))","v":0},{"$f":"IF($AA408=\"\",\"\",IF(INDEX(Fertilisants!$C$8:$C$47,$AA408)=\"Engrais minéral\",\"Minéral\",\"Organique\"))","v":""},"","","",{"$f":"IF(AND($D408<>\"\",$D408=FicheIlot),COUNTIF($D$8:$D408,FicheIlot),\"\")","v":""}]
[null,{"$f":"IF(C409=\"\",\"\",COUNT($C$8:C409))","v":""},null,null,{"$f":"IF($Z409=\"\",\"\",IF($F409=ApportCouvert,INDEX(Îlots!$I$8:$I$57,$Z409)&\"\",INDEX(Îlots!$N$8:$N$57,$Z409)&\"\"))","v":""},null,null,{"$f":"IF($AA409=\"\",\"\",INDEX(Fertilisants!$D$8:$D$47,$AA409)&\"\")","v":""},null,null,{"$f":"IF($AA409=\"\",\"\",INDEX(Fertilisants!$E$8:$E$47,$AA409)&\"\")","v":""},"",{"$f":"IF(OR($J409=\"\",$AA409=\"\"),\"\",$J409*N(INDEX(Fertilisants!$G$8:$G$47,$AA409)))","v":""},{"$f":"IF(OR($J409=\"\",$AA409=\"\"),\"\",$J409*N(INDEX(Fertilisants!$I$8:$I$47,$AA409)))","v":""},{"$f":"IF(OR($J409=\"\",$AA409=\"\"),\"\",$J409*N(INDEX(Fertilisants!$J$8:$J$47,$AA409)))","v":""},{"$f":"IF(OR($J409=\"\",$AA409=\"\"),\"\",$J409*N(INDEX(Fertilisants!$K$8:$K$47,$AA409)))","v":""},"",{"$nulls":5},"",null,null,{"$f":"IF($D409=\"\",\"\",IFERROR(MATCH($D409,Îlots!$D$8:$D$57,0),\"\"))","v":""},{"$f":"IF($G409=\"\",\"\",IFERROR(MATCH($G409,Fertilisants!$B$8:$B$47,0),\"\"))","v":""},{"$f":"IF($Z409=\"\",\"\",INDEX(Îlots!$E$8:$E$57,$Z409))","v":""},{"$f":"IF($Z409=\"\",\"\",INDEX(Îlots!$G$8:$G$57,$Z409)&\"\")","v":""},{"$f":"IF($Z409=\"\",\"\",IF($F409=ApportCouvert,OccCouvert,INDEX(Îlots!$O$8:$O$57,$Z409)&\"\"))","v":""},"","","",0,0,0,0,0,{"$f":"IF($AA409=\"\",0,IF(INDEX(Fertilisants!$C$8:$C$47,$AA409)=\"Effluent d'élevage\",1,0))","v":0},{"$f":"IF($AA409=\"\",\"\",IF(INDEX(Fertilisants!$C$8:$C$47,$AA409)=\"Engrais minéral\",\"Minéral\",\"Organique\"))","v":""},"","","",{"$f":"IF(AND($D409<>\"\",$D409=FicheIlot),COUNTIF($D$8:$D409,FicheIlot),\"\")","v":""}]
[null,{"$f":"IF(C410=\"\",\"\",COUNT($C$8:C410))","v":""},null,null,{"$f":"IF($Z410=\"\",\"\",IF($F410=ApportCouvert,INDEX(Îlots!$I$8:$I$57,$Z410)&\"\",INDEX(Îlots!$N$8:$N$57,$Z410)&\"\"))","v":""},null,null,{"$f":"IF($AA410=\"\",\"\",INDEX(Fertilisants!$D$8:$D$47,$AA410)&\"\")","v":""},null,null,{"$f":"IF($AA410=\"\",\"\",INDEX(Fertilisants!$E$8:$E$47,$AA410)&\"\")","v":""},"",{"$f":"IF(OR($J410=\"\",$AA410=\"\"),\"\",$J410*N(INDEX(Fertilisants!$G$8:$G$47,$AA410)))","v":""},{"$f":"IF(OR($J410=\"\",$AA410=\"\"),\"\",$J410*N(INDEX(Fertilisants!$I$8:$I$47,$AA410)))","v":""},{"$f":"IF(OR($J410=\"\",$AA410=\"\"),\"\",$J410*N(INDEX(Fertilisants!$J$8:$J$47,$AA410)))","v":""},{"$f":"IF(OR($J410=\"\",$AA410=\"\"),\"\",$J410*N(INDEX(Fertilisants!$K$8:$K$47,$AA410)))","v":""},"",{"$nulls":5},"",null,null,{"$f":"IF($D410=\"\",\"\",IFERROR(MATCH($D410,Îlots!$D$8:$D$57,0),\"\"))","v":""},{"$f":"IF($G410=\"\",\"\",IFERROR(MATCH($G410,Fertilisants!$B$8:$B$47,0),\"\"))","v":""},{"$f":"IF($Z410=\"\",\"\",INDEX(Îlots!$E$8:$E$57,$Z410))","v":""},{"$f":"IF($Z410=\"\",\"\",INDEX(Îlots!$G$8:$G$57,$Z410)&\"\")","v":""},{"$f":"IF($Z410=\"\",\"\",IF($F410=ApportCouvert,OccCouvert,INDEX(Îlots!$O$8:$O$57,$Z410)&\"\"))","v":""},"","","",0,0,0,0,0,{"$f":"IF($AA410=\"\",0,IF(INDEX(Fertilisants!$C$8:$C$47,$AA410)=\"Effluent d'élevage\",1,0))","v":0},{"$f":"IF($AA410=\"\",\"\",IF(INDEX(Fertilisants!$C$8:$C$47,$AA410)=\"Engrais minéral\",\"Minéral\",\"Organique\"))","v":""},"","","",{"$f":"IF(AND($D410<>\"\",$D410=FicheIlot),COUNTIF($D$8:$D410,FicheIlot),\"\")","v":""}]
[null,{"$f":"IF(C411=\"\",\"\",COUNT($C$8:C411))","v":""},null,null,{"$f":"IF($Z411=\"\",\"\",IF($F411=ApportCouvert,INDEX(Îlots!$I$8:$I$57,$Z411)&\"\",INDEX(Îlots!$N$8:$N$57,$Z411)&\"\"))","v":""},null,null,{"$f":"IF($AA411=\"\",\"\",INDEX(Fertilisants!$D$8:$D$47,$AA411)&\"\")","v":""},null,null,{"$f":"IF($AA411=\"\",\"\",INDEX(Fertilisants!$E$8:$E$47,$AA411)&\"\")","v":""},"",{"$f":"IF(OR($J411=\"\",$AA411=\"\"),\"\",$J411*N(INDEX(Fertilisants!$G$8:$G$47,$AA411)))","v":""},{"$f":"IF(OR($J411=\"\",$AA411=\"\"),\"\",$J411*N(INDEX(Fertilisants!$I$8:$I$47,$AA411)))","v":""},{"$f":"IF(OR($J411=\"\",$AA411=\"\"),\"\",$J411*N(INDEX(Fertilisants!$J$8:$J$47,$AA411)))","v":""},{"$f":"IF(OR($J411=\"\",$AA411=\"\"),\"\",$J411*N(INDEX(Fertilisants!$K$8:$K$47,$AA411)))","v":""},"",{"$nulls":5},"",null,null,{"$f":"IF($D411=\"\",\"\",IFERROR(MATCH($D411,Îlots!$D$8:$D$57,0),\"\"))","v":""},{"$f":"IF($G411=\"\",\"\",IFERROR(MATCH($G411,Fertilisants!$B$8:$B$47,0),\"\"))","v":""},{"$f":"IF($Z411=\"\",\"\",INDEX(Îlots!$E$8:$E$57,$Z411))","v":""},{"$f":"IF($Z411=\"\",\"\",INDEX(Îlots!$G$8:$G$57,$Z411)&\"\")","v":""},{"$f":"IF($Z411=\"\",\"\",IF($F411=ApportCouvert,OccCouvert,INDEX(Îlots!$O$8:$O$57,$Z411)&\"\"))","v":""},"","","",0,0,0,0,0,{"$f":"IF($AA411=\"\",0,IF(INDEX(Fertilisants!$C$8:$C$47,$AA411)=\"Effluent d'élevage\",1,0))","v":0},{"$f":"IF($AA411=\"\",\"\",IF(INDEX(Fertilisants!$C$8:$C$47,$AA411)=\"Engrais minéral\",\"Minéral\",\"Organique\"))","v":""},"","","",{"$f":"IF(AND($D411<>\"\",$D411=FicheIlot),COUNTIF($D$8:$D411,FicheIlot),\"\")","v":""}]
[null,{"$f":"IF(C412=\"\",\"\",COUNT($C$8:C412))","v":""},null,null,{"$f":"IF($Z412=\"\",\"\",IF($F412=ApportCouvert,INDEX(Îlots!$I$8:$I$57,$Z412)&\"\",INDEX(Îlots!$N$8:$N$57,$Z412)&\"\"))","v":""},null,null,{"$f":"IF($AA412=\"\",\"\",INDEX(Fertilisants!$D$8:$D$47,$AA412)&\"\")","v":""},null,null,{"$f":"IF($AA412=\"\",\"\",INDEX(Fertilisants!$E$8:$E$47,$AA412)&\"\")","v":""},"",{"$f":"IF(OR($J412=\"\",$AA412=\"\"),\"\",$J412*N(INDEX(Fertilisants!$G$8:$G$47,$AA412)))","v":""},{"$f":"IF(OR($J412=\"\",$AA412=\"\"),\"\",$J412*N(INDEX(Fertilisants!$I$8:$I$47,$AA412)))","v":""},{"$f":"IF(OR($J412=\"\",$AA412=\"\"),\"\",$J412*N(INDEX(Fertilisants!$J$8:$J$47,$AA412)))","v":""},{"$f":"IF(OR($J412=\"\",$AA412=\"\"),\"\",$J412*N(INDEX(Fertilisants!$K$8:$K$47,$AA412)))","v":""},"",{"$nulls":5},"",null,null,{"$f":"IF($D412=\"\",\"\",IFERROR(MATCH($D412,Îlots!$D$8:$D$57,0),\"\"))","v":""},{"$f":"IF($G412=\"\",\"\",IFERROR(MATCH($G412,Fertilisants!$B$8:$B$47,0),\"\"))","v":""},{"$f":"IF($Z412=\"\",\"\",INDEX(Îlots!$E$8:$E$57,$Z412))","v":""},{"$f":"IF($Z412=\"\",\"\",INDEX(Îlots!$G$8:$G$57,$Z412)&\"\")","v":""},{"$f":"IF($Z412=\"\",\"\",IF($F412=ApportCouvert,OccCouvert,INDEX(Îlots!$O$8:$O$57,$Z412)&\"\"))","v":""},"","","",0,0,0,0,0,{"$f":"IF($AA412=\"\",0,IF(INDEX(Fertilisants!$C$8:$C$47,$AA412)=\"Effluent d'élevage\",1,0))","v":0},{"$f":"IF($AA412=\"\",\"\",IF(INDEX(Fertilisants!$C$8:$C$47,$AA412)=\"Engrais minéral\",\"Minéral\",\"Organique\"))","v":""},"","","",{"$f":"IF(AND($D412<>\"\",$D412=FicheIlot),COUNTIF($D$8:$D412,FicheIlot),\"\")","v":""}]
[null,{"$f":"IF(C413=\"\",\"\",COUNT($C$8:C413))","v":""},null,null,{"$f":"IF($Z413=\"\",\"\",IF($F413=ApportCouvert,INDEX(Îlots!$I$8:$I$57,$Z413)&\"\",INDEX(Îlots!$N$8:$N$57,$Z413)&\"\"))","v":""},null,null,{"$f":"IF($AA413=\"\",\"\",INDEX(Fertilisants!$D$8:$D$47,$AA413)&\"\")","v":""},null,null,{"$f":"IF($AA413=\"\",\"\",INDEX(Fertilisants!$E$8:$E$47,$AA413)&\"\")","v":""},"",{"$f":"IF(OR($J413=\"\",$AA413=\"\"),\"\",$J413*N(INDEX(Fertilisants!$G$8:$G$47,$AA413)))","v":""},{"$f":"IF(OR($J413=\"\",$AA413=\"\"),\"\",$J413*N(INDEX(Fertilisants!$I$8:$I$47,$AA413)))","v":""},{"$f":"IF(OR($J413=\"\",$AA413=\"\"),\"\",$J413*N(INDEX(Fertilisants!$J$8:$J$47,$AA413)))","v":""},{"$f":"IF(OR($J413=\"\",$AA413=\"\"),\"\",$J413*N(INDEX(Fertilisants!$K$8:$K$47,$AA413)))","v":""},"",{"$nulls":5},"",null,null,{"$f":"IF($D413=\"\",\"\",IFERROR(MATCH($D413,Îlots!$D$8:$D$57,0),\"\"))","v":""},{"$f":"IF($G413=\"\",\"\",IFERROR(MATCH($G413,Fertilisants!$B$8:$B$47,0),\"\"))","v":""},{"$f":"IF($Z413=\"\",\"\",INDEX(Îlots!$E$8:$E$57,$Z413))","v":""},{"$f":"IF($Z413=\"\",\"\",INDEX(Îlots!$G$8:$G$57,$Z413)&\"\")","v":""},{"$f":"IF($Z413=\"\",\"\",IF($F413=ApportCouvert,OccCouvert,INDEX(Îlots!$O$8:$O$57,$Z413)&\"\"))","v":""},"","","",0,0,0,0,0,{"$f":"IF($AA413=\"\",0,IF(INDEX(Fertilisants!$C$8:$C$47,$AA413)=\"Effluent d'élevage\",1,0))","v":0},{"$f":"IF($AA413=\"\",\"\",IF(INDEX(Fertilisants!$C$8:$C$47,$AA413)=\"Engrais minéral\",\"Minéral\",\"Organique\"))","v":""},"","","",{"$f":"IF(AND($D413<>\"\",$D413=FicheIlot),COUNTIF($D$8:$D413,FicheIlot),\"\")","v":""}]
[null,{"$f":"IF(C414=\"\",\"\",COUNT($C$8:C414))","v":""},null,null,{"$f":"IF($Z414=\"\",\"\",IF($F414=ApportCouvert,INDEX(Îlots!$I$8:$I$57,$Z414)&\"\",INDEX(Îlots!$N$8:$N$57,$Z414)&\"\"))","v":""},null,null,{"$f":"IF($AA414=\"\",\"\",INDEX(Fertilisants!$D$8:$D$47,$AA414)&\"\")","v":""},null,null,{"$f":"IF($AA414=\"\",\"\",INDEX(Fertilisants!$E$8:$E$47,$AA414)&\"\")","v":""},"",{"$f":"IF(OR($J414=\"\",$AA414=\"\"),\"\",$J414*N(INDEX(Fertilisants!$G$8:$G$47,$AA414)))","v":""},{"$f":"IF(OR($J414=\"\",$AA414=\"\"),\"\",$J414*N(INDEX(Fertilisants!$I$8:$I$47,$AA414)))","v":""},{"$f":"IF(OR($J414=\"\",$AA414=\"\"),\"\",$J414*N(INDEX(Fertilisants!$J$8:$J$47,$AA414)))","v":""},{"$f":"IF(OR($J414=\"\",$AA414=\"\"),\"\",$J414*N(INDEX(Fertilisants!$K$8:$K$47,$AA414)))","v":""},"",{"$nulls":5},"",null,null,{"$f":"IF($D414=\"\",\"\",IFERROR(MATCH($D414,Îlots!$D$8:$D$57,0),\"\"))","v":""},{"$f":"IF($G414=\"\",\"\",IFERROR(MATCH($G414,Fertilisants!$B$8:$B$47,0),\"\"))","v":""},{"$f":"IF($Z414=\"\",\"\",INDEX(Îlots!$E$8:$E$57,$Z414))","v":""},{"$f":"IF($Z414=\"\",\"\",INDEX(Îlots!$G$8:$G$57,$Z414)&\"\")","v":""},{"$f":"IF($Z414=\"\",\"\",IF($F414=ApportCouvert,OccCouvert,INDEX(Îlots!$O$8:$O$57,$Z414)&\"\"))","v":""},"","","",0,0,0,0,0,{"$f":"IF($AA414=\"\",0,IF(INDEX(Fertilisants!$C$8:$C$47,$AA414)=\"Effluent d'élevage\",1,0))","v":0},{"$f":"IF($AA414=\"\",\"\",IF(INDEX(Fertilisants!$C$8:$C$47,$AA414)=\"Engrais minéral\",\"Minéral\",\"Organique\"))","v":""},"","","",{"$f":"IF(AND($D414<>\"\",$D414=FicheIlot),COUNTIF($D$8:$D414,FicheIlot),\"\")","v":""}]
[null,{"$f":"IF(C415=\"\",\"\",COUNT($C$8:C415))","v":""},null,null,{"$f":"IF($Z415=\"\",\"\",IF($F415=ApportCouvert,INDEX(Îlots!$I$8:$I$57,$Z415)&\"\",INDEX(Îlots!$N$8:$N$57,$Z415)&\"\"))","v":""},null,null,{"$f":"IF($AA415=\"\",\"\",INDEX(Fertilisants!$D$8:$D$47,$AA415)&\"\")","v":""},null,null,{"$f":"IF($AA415=\"\",\"\",INDEX(Fertilisants!$E$8:$E$47,$AA415)&\"\")","v":""},"",{"$f":"IF(OR($J415=\"\",$AA415=\"\"),\"\",$J415*N(INDEX(Fertilisants!$G$8:$G$47,$AA415)))","v":""},{"$f":"IF(OR($J415=\"\",$AA415=\"\"),\"\",$J415*N(INDEX(Fertilisants!$I$8:$I$47,$AA415)))","v":""},{"$f":"IF(OR($J415=\"\",$AA415=\"\"),\"\",$J415*N(INDEX(Fertilisants!$J$8:$J$47,$AA415)))","v":""},{"$f":"IF(OR($J415=\"\",$AA415=\"\"),\"\",$J415*N(INDEX(Fertilisants!$K$8:$K$47,$AA415)))","v":""},"",{"$nulls":5},"",null,null,{"$f":"IF($D415=\"\",\"\",IFERROR(MATCH($D415,Îlots!$D$8:$D$57,0),\"\"))","v":""},{"$f":"IF($G415=\"\",\"\",IFERROR(MATCH($G415,Fertilisants!$B$8:$B$47,0),\"\"))","v":""},{"$f":"IF($Z415=\"\",\"\",INDEX(Îlots!$E$8:$E$57,$Z415))","v":""},{"$f":"IF($Z415=\"\",\"\",INDEX(Îlots!$G$8:$G$57,$Z415)&\"\")","v":""},{"$f":"IF($Z415=\"\",\"\",IF($F415=ApportCouvert,OccCouvert,INDEX(Îlots!$O$8:$O$57,$Z415)&\"\"))","v":""},"","","",0,0,0,0,0,{"$f":"IF($AA415=\"\",0,IF(INDEX(Fertilisants!$C$8:$C$47,$AA415)=\"Effluent d'élevage\",1,0))","v":0},{"$f":"IF($AA415=\"\",\"\",IF(INDEX(Fertilisants!$C$8:$C$47,$AA415)=\"Engrais minéral\",\"Minéral\",\"Organique\"))","v":""},"","","",{"$f":"IF(AND($D415<>\"\",$D415=FicheIlot),COUNTIF($D$8:$D415,FicheIlot),\"\")","v":""}]
[null,{"$f":"IF(C416=\"\",\"\",COUNT($C$8:C416))","v":""},null,null,{"$f":"IF($Z416=\"\",\"\",IF($F416=ApportCouvert,INDEX(Îlots!$I$8:$I$57,$Z416)&\"\",INDEX(Îlots!$N$8:$N$57,$Z416)&\"\"))","v":""},null,null,{"$f":"IF($AA416=\"\",\"\",INDEX(Fertilisants!$D$8:$D$47,$AA416)&\"\")","v":""},null,null,{"$f":"IF($AA416=\"\",\"\",INDEX(Fertilisants!$E$8:$E$47,$AA416)&\"\")","v":""},"",{"$f":"IF(OR($J416=\"\",$AA416=\"\"),\"\",$J416*N(INDEX(Fertilisants!$G$8:$G$47,$AA416)))","v":""},{"$f":"IF(OR($J416=\"\",$AA416=\"\"),\"\",$J416*N(INDEX(Fertilisants!$I$8:$I$47,$AA416)))","v":""},{"$f":"IF(OR($J416=\"\",$AA416=\"\"),\"\",$J416*N(INDEX(Fertilisants!$J$8:$J$47,$AA416)))","v":""},{"$f":"IF(OR($J416=\"\",$AA416=\"\"),\"\",$J416*N(INDEX(Fertilisants!$K$8:$K$47,$AA416)))","v":""},"",{"$nulls":5},"",null,null,{"$f":"IF($D416=\"\",\"\",IFERROR(MATCH($D416,Îlots!$D$8:$D$57,0),\"\"))","v":""},{"$f":"IF($G416=\"\",\"\",IFERROR(MATCH($G416,Fertilisants!$B$8:$B$47,0),\"\"))","v":""},{"$f":"IF($Z416=\"\",\"\",INDEX(Îlots!$E$8:$E$57,$Z416))","v":""},{"$f":"IF($Z416=\"\",\"\",INDEX(Îlots!$G$8:$G$57,$Z416)&\"\")","v":""},{"$f":"IF($Z416=\"\",\"\",IF($F416=ApportCouvert,OccCouvert,INDEX(Îlots!$O$8:$O$57,$Z416)&\"\"))","v":""},"","","",0,0,0,0,0,{"$f":"IF($AA416=\"\",0,IF(INDEX(Fertilisants!$C$8:$C$47,$AA416)=\"Effluent d'élevage\",1,0))","v":0},{"$f":"IF($AA416=\"\",\"\",IF(INDEX(Fertilisants!$C$8:$C$47,$AA416)=\"Engrais minéral\",\"Minéral\",\"Organique\"))","v":""},"","","",{"$f":"IF(AND($D416<>\"\",$D416=FicheIlot),COUNTIF($D$8:$D416,FicheIlot),\"\")","v":""}]
[null,{"$f":"IF(C417=\"\",\"\",COUNT($C$8:C417))","v":""},null,null,{"$f":"IF($Z417=\"\",\"\",IF($F417=ApportCouvert,INDEX(Îlots!$I$8:$I$57,$Z417)&\"\",INDEX(Îlots!$N$8:$N$57,$Z417)&\"\"))","v":""},null,null,{"$f":"IF($AA417=\"\",\"\",INDEX(Fertilisants!$D$8:$D$47,$AA417)&\"\")","v":""},null,null,{"$f":"IF($AA417=\"\",\"\",INDEX(Fertilisants!$E$8:$E$47,$AA417)&\"\")","v":""},"",{"$f":"IF(OR($J417=\"\",$AA417=\"\"),\"\",$J417*N(INDEX(Fertilisants!$G$8:$G$47,$AA417)))","v":""},{"$f":"IF(OR($J417=\"\",$AA417=\"\"),\"\",$J417*N(INDEX(Fertilisants!$I$8:$I$47,$AA417)))","v":""},{"$f":"IF(OR($J417=\"\",$AA417=\"\"),\"\",$J417*N(INDEX(Fertilisants!$J$8:$J$47,$AA417)))","v":""},{"$f":"IF(OR($J417=\"\",$AA417=\"\"),\"\",$J417*N(INDEX(Fertilisants!$K$8:$K$47,$AA417)))","v":""},"",{"$nulls":5},"",null,null,{"$f":"IF($D417=\"\",\"\",IFERROR(MATCH($D417,Îlots!$D$8:$D$57,0),\"\"))","v":""},{"$f":"IF($G417=\"\",\"\",IFERROR(MATCH($G417,Fertilisants!$B$8:$B$47,0),\"\"))","v":""},{"$f":"IF($Z417=\"\",\"\",INDEX(Îlots!$E$8:$E$57,$Z417))","v":""},{"$f":"IF($Z417=\"\",\"\",INDEX(Îlots!$G$8:$G$57,$Z417)&\"\")","v":""},{"$f":"IF($Z417=\"\",\"\",IF($F417=ApportCouvert,OccCouvert,INDEX(Îlots!$O$8:$O$57,$Z417)&\"\"))","v":""},"","","",0,0,0,0,0,{"$f":"IF($AA417=\"\",0,IF(INDEX(Fertilisants!$C$8:$C$47,$AA417)=\"Effluent d'élevage\",1,0))","v":0},{"$f":"IF($AA417=\"\",\"\",IF(INDEX(Fertilisants!$C$8:$C$47,$AA417)=\"Engrais minéral\",\"Minéral\",\"Organique\"))","v":""},"","","",{"$f":"IF(AND($D417<>\"\",$D417=FicheIlot),COUNTIF($D$8:$D417,FicheIlot),\"\")","v":""}]
[null,{"$f":"IF(C418=\"\",\"\",COUNT($C$8:C418))","v":""},null,null,{"$f":"IF($Z418=\"\",\"\",IF($F418=ApportCouvert,INDEX(Îlots!$I$8:$I$57,$Z418)&\"\",INDEX(Îlots!$N$8:$N$57,$Z418)&\"\"))","v":""},null,null,{"$f":"IF($AA418=\"\",\"\",INDEX(Fertilisants!$D$8:$D$47,$AA418)&\"\")","v":""},null,null,{"$f":"IF($AA418=\"\",\"\",INDEX(Fertilisants!$E$8:$E$47,$AA418)&\"\")","v":""},"",{"$f":"IF(OR($J418=\"\",$AA418=\"\"),\"\",$J418*N(INDEX(Fertilisants!$G$8:$G$47,$AA418)))","v":""},{"$f":"IF(OR($J418=\"\",$AA418=\"\"),\"\",$J418*N(INDEX(Fertilisants!$I$8:$I$47,$AA418)))","v":""},{"$f":"IF(OR($J418=\"\",$AA418=\"\"),\"\",$J418*N(INDEX(Fertilisants!$J$8:$J$47,$AA418)))","v":""},{"$f":"IF(OR($J418=\"\",$AA418=\"\"),\"\",$J418*N(INDEX(Fertilisants!$K$8:$K$47,$AA418)))","v":""},"",{"$nulls":5},"",null,null,{"$f":"IF($D418=\"\",\"\",IFERROR(MATCH($D418,Îlots!$D$8:$D$57,0),\"\"))","v":""},{"$f":"IF($G418=\"\",\"\",IFERROR(MATCH($G418,Fertilisants!$B$8:$B$47,0),\"\"))","v":""},{"$f":"IF($Z418=\"\",\"\",INDEX(Îlots!$E$8:$E$57,$Z418))","v":""},{"$f":"IF($Z418=\"\",\"\",INDEX(Îlots!$G$8:$G$57,$Z418)&\"\")","v":""},{"$f":"IF($Z418=\"\",\"\",IF($F418=ApportCouvert,OccCouvert,INDEX(Îlots!$O$8:$O$57,$Z418)&\"\"))","v":""},"","","",0,0,0,0,0,{"$f":"IF($AA418=\"\",0,IF(INDEX(Fertilisants!$C$8:$C$47,$AA418)=\"Effluent d'élevage\",1,0))","v":0},{"$f":"IF($AA418=\"\",\"\",IF(INDEX(Fertilisants!$C$8:$C$47,$AA418)=\"Engrais minéral\",\"Minéral\",\"Organique\"))","v":""},"","","",{"$f":"IF(AND($D418<>\"\",$D418=FicheIlot),COUNTIF($D$8:$D418,FicheIlot),\"\")","v":""}]
[null,{"$f":"IF(C419=\"\",\"\",COUNT($C$8:C419))","v":""},null,null,{"$f":"IF($Z419=\"\",\"\",IF($F419=ApportCouvert,INDEX(Îlots!$I$8:$I$57,$Z419)&\"\",INDEX(Îlots!$N$8:$N$57,$Z419)&\"\"))","v":""},null,null,{"$f":"IF($AA419=\"\",\"\",INDEX(Fertilisants!$D$8:$D$47,$AA419)&\"\")","v":""},null,null,{"$f":"IF($AA419=\"\",\"\",INDEX(Fertilisants!$E$8:$E$47,$AA419)&\"\")","v":""},"",{"$f":"IF(OR($J419=\"\",$AA419=\"\"),\"\",$J419*N(INDEX(Fertilisants!$G$8:$G$47,$AA419)))","v":""},{"$f":"IF(OR($J419=\"\",$AA419=\"\"),\"\",$J419*N(INDEX(Fertilisants!$I$8:$I$47,$AA419)))","v":""},{"$f":"IF(OR($J419=\"\",$AA419=\"\"),\"\",$J419*N(INDEX(Fertilisants!$J$8:$J$47,$AA419)))","v":""},{"$f":"IF(OR($J419=\"\",$AA419=\"\"),\"\",$J419*N(INDEX(Fertilisants!$K$8:$K$47,$AA419)))","v":""},"",{"$nulls":5},"",null,null,{"$f":"IF($D419=\"\",\"\",IFERROR(MATCH($D419,Îlots!$D$8:$D$57,0),\"\"))","v":""},{"$f":"IF($G419=\"\",\"\",IFERROR(MATCH($G419,Fertilisants!$B$8:$B$47,0),\"\"))","v":""},{"$f":"IF($Z419=\"\",\"\",INDEX(Îlots!$E$8:$E$57,$Z419))","v":""},{"$f":"IF($Z419=\"\",\"\",INDEX(Îlots!$G$8:$G$57,$Z419)&\"\")","v":""},{"$f":"IF($Z419=\"\",\"\",IF($F419=ApportCouvert,OccCouvert,INDEX(Îlots!$O$8:$O$57,$Z419)&\"\"))","v":""},"","","",0,0,0,0,0,{"$f":"IF($AA419=\"\",0,IF(INDEX(Fertilisants!$C$8:$C$47,$AA419)=\"Effluent d'élevage\",1,0))","v":0},{"$f":"IF($AA419=\"\",\"\",IF(INDEX(Fertilisants!$C$8:$C$47,$AA419)=\"Engrais minéral\",\"Minéral\",\"Organique\"))","v":""},"","","",{"$f":"IF(AND($D419<>\"\",$D419=FicheIlot),COUNTIF($D$8:$D419,FicheIlot),\"\")","v":""}]
[null,{"$f":"IF(C420=\"\",\"\",COUNT($C$8:C420))","v":""},null,null,{"$f":"IF($Z420=\"\",\"\",IF($F420=ApportCouvert,INDEX(Îlots!$I$8:$I$57,$Z420)&\"\",INDEX(Îlots!$N$8:$N$57,$Z420)&\"\"))","v":""},null,null,{"$f":"IF($AA420=\"\",\"\",INDEX(Fertilisants!$D$8:$D$47,$AA420)&\"\")","v":""},null,null,{"$f":"IF($AA420=\"\",\"\",INDEX(Fertilisants!$E$8:$E$47,$AA420)&\"\")","v":""},"",{"$f":"IF(OR($J420=\"\",$AA420=\"\"),\"\",$J420*N(INDEX(Fertilisants!$G$8:$G$47,$AA420)))","v":""},{"$f":"IF(OR($J420=\"\",$AA420=\"\"),\"\",$J420*N(INDEX(Fertilisants!$I$8:$I$47,$AA420)))","v":""},{"$f":"IF(OR($J420=\"\",$AA420=\"\"),\"\",$J420*N(INDEX(Fertilisants!$J$8:$J$47,$AA420)))","v":""},{"$f":"IF(OR($J420=\"\",$AA420=\"\"),\"\",$J420*N(INDEX(Fertilisants!$K$8:$K$47,$AA420)))","v":""},"",{"$nulls":5},"",null,null,{"$f":"IF($D420=\"\",\"\",IFERROR(MATCH($D420,Îlots!$D$8:$D$57,0),\"\"))","v":""},{"$f":"IF($G420=\"\",\"\",IFERROR(MATCH($G420,Fertilisants!$B$8:$B$47,0),\"\"))","v":""},{"$f":"IF($Z420=\"\",\"\",INDEX(Îlots!$E$8:$E$57,$Z420))","v":""},{"$f":"IF($Z420=\"\",\"\",INDEX(Îlots!$G$8:$G$57,$Z420)&\"\")","v":""},{"$f":"IF($Z420=\"\",\"\",IF($F420=ApportCouvert,OccCouvert,INDEX(Îlots!$O$8:$O$57,$Z420)&\"\"))","v":""},"","","",0,0,0,0,0,{"$f":"IF($AA420=\"\",0,IF(INDEX(Fertilisants!$C$8:$C$47,$AA420)=\"Effluent d'élevage\",1,0))","v":0},{"$f":"IF($AA420=\"\",\"\",IF(INDEX(Fertilisants!$C$8:$C$47,$AA420)=\"Engrais minéral\",\"Minéral\",\"Organique\"))","v":""},"","","",{"$f":"IF(AND($D420<>\"\",$D420=FicheIlot),COUNTIF($D$8:$D420,FicheIlot),\"\")","v":""}]
[null,{"$f":"IF(C421=\"\",\"\",COUNT($C$8:C421))","v":""},null,null,{"$f":"IF($Z421=\"\",\"\",IF($F421=ApportCouvert,INDEX(Îlots!$I$8:$I$57,$Z421)&\"\",INDEX(Îlots!$N$8:$N$57,$Z421)&\"\"))","v":""},null,null,{"$f":"IF($AA421=\"\",\"\",INDEX(Fertilisants!$D$8:$D$47,$AA421)&\"\")","v":""},null,null,{"$f":"IF($AA421=\"\",\"\",INDEX(Fertilisants!$E$8:$E$47,$AA421)&\"\")","v":""},"",{"$f":"IF(OR($J421=\"\",$AA421=\"\"),\"\",$J421*N(INDEX(Fertilisants!$G$8:$G$47,$AA421)))","v":""},{"$f":"IF(OR($J421=\"\",$AA421=\"\"),\"\",$J421*N(INDEX(Fertilisants!$I$8:$I$47,$AA421)))","v":""},{"$f":"IF(OR($J421=\"\",$AA421=\"\"),\"\",$J421*N(INDEX(Fertilisants!$J$8:$J$47,$AA421)))","v":""},{"$f":"IF(OR($J421=\"\",$AA421=\"\"),\"\",$J421*N(INDEX(Fertilisants!$K$8:$K$47,$AA421)))","v":""},"",{"$nulls":5},"",null,null,{"$f":"IF($D421=\"\",\"\",IFERROR(MATCH($D421,Îlots!$D$8:$D$57,0),\"\"))","v":""},{"$f":"IF($G421=\"\",\"\",IFERROR(MATCH($G421,Fertilisants!$B$8:$B$47,0),\"\"))","v":""},{"$f":"IF($Z421=\"\",\"\",INDEX(Îlots!$E$8:$E$57,$Z421))","v":""},{"$f":"IF($Z421=\"\",\"\",INDEX(Îlots!$G$8:$G$57,$Z421)&\"\")","v":""},{"$f":"IF($Z421=\"\",\"\",IF($F421=ApportCouvert,OccCouvert,INDEX(Îlots!$O$8:$O$57,$Z421)&\"\"))","v":""},"","","",0,0,0,0,0,{"$f":"IF($AA421=\"\",0,IF(INDEX(Fertilisants!$C$8:$C$47,$AA421)=\"Effluent d'élevage\",1,0))","v":0},{"$f":"IF($AA421=\"\",\"\",IF(INDEX(Fertilisants!$C$8:$C$47,$AA421)=\"Engrais minéral\",\"Minéral\",\"Organique\"))","v":""},"","","",{"$f":"IF(AND($D421<>\"\",$D421=FicheIlot),COUNTIF($D$8:$D421,FicheIlot),\"\")","v":""}]
[null,{"$f":"IF(C422=\"\",\"\",COUNT($C$8:C422))","v":""},null,null,{"$f":"IF($Z422=\"\",\"\",IF($F422=ApportCouvert,INDEX(Îlots!$I$8:$I$57,$Z422)&\"\",INDEX(Îlots!$N$8:$N$57,$Z422)&\"\"))","v":""},null,null,{"$f":"IF($AA422=\"\",\"\",INDEX(Fertilisants!$D$8:$D$47,$AA422)&\"\")","v":""},null,null,{"$f":"IF($AA422=\"\",\"\",INDEX(Fertilisants!$E$8:$E$47,$AA422)&\"\")","v":""},"",{"$f":"IF(OR($J422=\"\",$AA422=\"\"),\"\",$J422*N(INDEX(Fertilisants!$G$8:$G$47,$AA422)))","v":""},{"$f":"IF(OR($J422=\"\",$AA422=\"\"),\"\",$J422*N(INDEX(Fertilisants!$I$8:$I$47,$AA422)))","v":""},{"$f":"IF(OR($J422=\"\",$AA422=\"\"),\"\",$J422*N(INDEX(Fertilisants!$J$8:$J$47,$AA422)))","v":""},{"$f":"IF(OR($J422=\"\",$AA422=\"\"),\"\",$J422*N(INDEX(Fertilisants!$K$8:$K$47,$AA422)))","v":""},"",{"$nulls":5},"",null,null,{"$f":"IF($D422=\"\",\"\",IFERROR(MATCH($D422,Îlots!$D$8:$D$57,0),\"\"))","v":""},{"$f":"IF($G422=\"\",\"\",IFERROR(MATCH($G422,Fertilisants!$B$8:$B$47,0),\"\"))","v":""},{"$f":"IF($Z422=\"\",\"\",INDEX(Îlots!$E$8:$E$57,$Z422))","v":""},{"$f":"IF($Z422=\"\",\"\",INDEX(Îlots!$G$8:$G$57,$Z422)&\"\")","v":""},{"$f":"IF($Z422=\"\",\"\",IF($F422=ApportCouvert,OccCouvert,INDEX(Îlots!$O$8:$O$57,$Z422)&\"\"))","v":""},"","","",0,0,0,0,0,{"$f":"IF($AA422=\"\",0,IF(INDEX(Fertilisants!$C$8:$C$47,$AA422)=\"Effluent d'élevage\",1,0))","v":0},{"$f":"IF($AA422=\"\",\"\",IF(INDEX(Fertilisants!$C$8:$C$47,$AA422)=\"Engrais minéral\",\"Minéral\",\"Organique\"))","v":""},"","","",{"$f":"IF(AND($D422<>\"\",$D422=FicheIlot),COUNTIF($D$8:$D422,FicheIlot),\"\")","v":""}]
[null,{"$f":"IF(C423=\"\",\"\",COUNT($C$8:C423))","v":""},null,null,{"$f":"IF($Z423=\"\",\"\",IF($F423=ApportCouvert,INDEX(Îlots!$I$8:$I$57,$Z423)&\"\",INDEX(Îlots!$N$8:$N$57,$Z423)&\"\"))","v":""},null,null,{"$f":"IF($AA423=\"\",\"\",INDEX(Fertilisants!$D$8:$D$47,$AA423)&\"\")","v":""},null,null,{"$f":"IF($AA423=\"\",\"\",INDEX(Fertilisants!$E$8:$E$47,$AA423)&\"\")","v":""},"",{"$f":"IF(OR($J423=\"\",$AA423=\"\"),\"\",$J423*N(INDEX(Fertilisants!$G$8:$G$47,$AA423)))","v":""},{"$f":"IF(OR($J423=\"\",$AA423=\"\"),\"\",$J423*N(INDEX(Fertilisants!$I$8:$I$47,$AA423)))","v":""},{"$f":"IF(OR($J423=\"\",$AA423=\"\"),\"\",$J423*N(INDEX(Fertilisants!$J$8:$J$47,$AA423)))","v":""},{"$f":"IF(OR($J423=\"\",$AA423=\"\"),\"\",$J423*N(INDEX(Fertilisants!$K$8:$K$47,$AA423)))","v":""},"",{"$nulls":5},"",null,null,{"$f":"IF($D423=\"\",\"\",IFERROR(MATCH($D423,Îlots!$D$8:$D$57,0),\"\"))","v":""},{"$f":"IF($G423=\"\",\"\",IFERROR(MATCH($G423,Fertilisants!$B$8:$B$47,0),\"\"))","v":""},{"$f":"IF($Z423=\"\",\"\",INDEX(Îlots!$E$8:$E$57,$Z423))","v":""},{"$f":"IF($Z423=\"\",\"\",INDEX(Îlots!$G$8:$G$57,$Z423)&\"\")","v":""},{"$f":"IF($Z423=\"\",\"\",IF($F423=ApportCouvert,OccCouvert,INDEX(Îlots!$O$8:$O$57,$Z423)&\"\"))","v":""},"","","",0,0,0,0,0,{"$f":"IF($AA423=\"\",0,IF(INDEX(Fertilisants!$C$8:$C$47,$AA423)=\"Effluent d'élevage\",1,0))","v":0},{"$f":"IF($AA423=\"\",\"\",IF(INDEX(Fertilisants!$C$8:$C$47,$AA423)=\"Engrais minéral\",\"Minéral\",\"Organique\"))","v":""},"","","",{"$f":"IF(AND($D423<>\"\",$D423=FicheIlot),COUNTIF($D$8:$D423,FicheIlot),\"\")","v":""}]
[null,{"$f":"IF(C424=\"\",\"\",COUNT($C$8:C424))","v":""},null,null,{"$f":"IF($Z424=\"\",\"\",IF($F424=ApportCouvert,INDEX(Îlots!$I$8:$I$57,$Z424)&\"\",INDEX(Îlots!$N$8:$N$57,$Z424)&\"\"))","v":""},null,null,{"$f":"IF($AA424=\"\",\"\",INDEX(Fertilisants!$D$8:$D$47,$AA424)&\"\")","v":""},null,null,{"$f":"IF($AA424=\"\",\"\",INDEX(Fertilisants!$E$8:$E$47,$AA424)&\"\")","v":""},"",{"$f":"IF(OR($J424=\"\",$AA424=\"\"),\"\",$J424*N(INDEX(Fertilisants!$G$8:$G$47,$AA424)))","v":""},{"$f":"IF(OR($J424=\"\",$AA424=\"\"),\"\",$J424*N(INDEX(Fertilisants!$I$8:$I$47,$AA424)))","v":""},{"$f":"IF(OR($J424=\"\",$AA424=\"\"),\"\",$J424*N(INDEX(Fertilisants!$J$8:$J$47,$AA424)))","v":""},{"$f":"IF(OR($J424=\"\",$AA424=\"\"),\"\",$J424*N(INDEX(Fertilisants!$K$8:$K$47,$AA424)))","v":""},"",{"$nulls":5},"",null,null,{"$f":"IF($D424=\"\",\"\",IFERROR(MATCH($D424,Îlots!$D$8:$D$57,0),\"\"))","v":""},{"$f":"IF($G424=\"\",\"\",IFERROR(MATCH($G424,Fertilisants!$B$8:$B$47,0),\"\"))","v":""},{"$f":"IF($Z424=\"\",\"\",INDEX(Îlots!$E$8:$E$57,$Z424))","v":""},{"$f":"IF($Z424=\"\",\"\",INDEX(Îlots!$G$8:$G$57,$Z424)&\"\")","v":""},{"$f":"IF($Z424=\"\",\"\",IF($F424=ApportCouvert,OccCouvert,INDEX(Îlots!$O$8:$O$57,$Z424)&\"\"))","v":""},"","","",0,0,0,0,0,{"$f":"IF($AA424=\"\",0,IF(INDEX(Fertilisants!$C$8:$C$47,$AA424)=\"Effluent d'élevage\",1,0))","v":0},{"$f":"IF($AA424=\"\",\"\",IF(INDEX(Fertilisants!$C$8:$C$47,$AA424)=\"Engrais minéral\",\"Minéral\",\"Organique\"))","v":""},"","","",{"$f":"IF(AND($D424<>\"\",$D424=FicheIlot),COUNTIF($D$8:$D424,FicheIlot),\"\")","v":""}]
[null,{"$f":"IF(C425=\"\",\"\",COUNT($C$8:C425))","v":""},null,null,{"$f":"IF($Z425=\"\",\"\",IF($F425=ApportCouvert,INDEX(Îlots!$I$8:$I$57,$Z425)&\"\",INDEX(Îlots!$N$8:$N$57,$Z425)&\"\"))","v":""},null,null,{"$f":"IF($AA425=\"\",\"\",INDEX(Fertilisants!$D$8:$D$47,$AA425)&\"\")","v":""},null,null,{"$f":"IF($AA425=\"\",\"\",INDEX(Fertilisants!$E$8:$E$47,$AA425)&\"\")","v":""},"",{"$f":"IF(OR($J425=\"\",$AA425=\"\"),\"\",$J425*N(INDEX(Fertilisants!$G$8:$G$47,$AA425)))","v":""},{"$f":"IF(OR($J425=\"\",$AA425=\"\"),\"\",$J425*N(INDEX(Fertilisants!$I$8:$I$47,$AA425)))","v":""},{"$f":"IF(OR($J425=\"\",$AA425=\"\"),\"\",$J425*N(INDEX(Fertilisants!$J$8:$J$47,$AA425)))","v":""},{"$f":"IF(OR($J425=\"\",$AA425=\"\"),\"\",$J425*N(INDEX(Fertilisants!$K$8:$K$47,$AA425)))","v":""},"",{"$nulls":5},"",null,null,{"$f":"IF($D425=\"\",\"\",IFERROR(MATCH($D425,Îlots!$D$8:$D$57,0),\"\"))","v":""},{"$f":"IF($G425=\"\",\"\",IFERROR(MATCH($G425,Fertilisants!$B$8:$B$47,0),\"\"))","v":""},{"$f":"IF($Z425=\"\",\"\",INDEX(Îlots!$E$8:$E$57,$Z425))","v":""},{"$f":"IF($Z425=\"\",\"\",INDEX(Îlots!$G$8:$G$57,$Z425)&\"\")","v":""},{"$f":"IF($Z425=\"\",\"\",IF($F425=ApportCouvert,OccCouvert,INDEX(Îlots!$O$8:$O$57,$Z425)&\"\"))","v":""},"","","",0,0,0,0,0,{"$f":"IF($AA425=\"\",0,IF(INDEX(Fertilisants!$C$8:$C$47,$AA425)=\"Effluent d'élevage\",1,0))","v":0},{"$f":"IF($AA425=\"\",\"\",IF(INDEX(Fertilisants!$C$8:$C$47,$AA425)=\"Engrais minéral\",\"Minéral\",\"Organique\"))","v":""},"","","",{"$f":"IF(AND($D425<>\"\",$D425=FicheIlot),COUNTIF($D$8:$D425,FicheIlot),\"\")","v":""}]
[null,{"$f":"IF(C426=\"\",\"\",COUNT($C$8:C426))","v":""},null,null,{"$f":"IF($Z426=\"\",\"\",IF($F426=ApportCouvert,INDEX(Îlots!$I$8:$I$57,$Z426)&\"\",INDEX(Îlots!$N$8:$N$57,$Z426)&\"\"))","v":""},null,null,{"$f":"IF($AA426=\"\",\"\",INDEX(Fertilisants!$D$8:$D$47,$AA426)&\"\")","v":""},null,null,{"$f":"IF($AA426=\"\",\"\",INDEX(Fertilisants!$E$8:$E$47,$AA426)&\"\")","v":""},"",{"$f":"IF(OR($J426=\"\",$AA426=\"\"),\"\",$J426*N(INDEX(Fertilisants!$G$8:$G$47,$AA426)))","v":""},{"$f":"IF(OR($J426=\"\",$AA426=\"\"),\"\",$J426*N(INDEX(Fertilisants!$I$8:$I$47,$AA426)))","v":""},{"$f":"IF(OR($J426=\"\",$AA426=\"\"),\"\",$J426*N(INDEX(Fertilisants!$J$8:$J$47,$AA426)))","v":""},{"$f":"IF(OR($J426=\"\",$AA426=\"\"),\"\",$J426*N(INDEX(Fertilisants!$K$8:$K$47,$AA426)))","v":""},"",{"$nulls":5},"",null,null,{"$f":"IF($D426=\"\",\"\",IFERROR(MATCH($D426,Îlots!$D$8:$D$57,0),\"\"))","v":""},{"$f":"IF($G426=\"\",\"\",IFERROR(MATCH($G426,Fertilisants!$B$8:$B$47,0),\"\"))","v":""},{"$f":"IF($Z426=\"\",\"\",INDEX(Îlots!$E$8:$E$57,$Z426))","v":""},{"$f":"IF($Z426=\"\",\"\",INDEX(Îlots!$G$8:$G$57,$Z426)&\"\")","v":""},{"$f":"IF($Z426=\"\",\"\",IF($F426=ApportCouvert,OccCouvert,INDEX(Îlots!$O$8:$O$57,$Z426)&\"\"))","v":""},"","","",0,0,0,0,0,{"$f":"IF($AA426=\"\",0,IF(INDEX(Fertilisants!$C$8:$C$47,$AA426)=\"Effluent d'élevage\",1,0))","v":0},{"$f":"IF($AA426=\"\",\"\",IF(INDEX(Fertilisants!$C$8:$C$47,$AA426)=\"Engrais minéral\",\"Minéral\",\"Organique\"))","v":""},"","","",{"$f":"IF(AND($D426<>\"\",$D426=FicheIlot),COUNTIF($D$8:$D426,FicheIlot),\"\")","v":""}]
[null,{"$f":"IF(C427=\"\",\"\",COUNT($C$8:C427))","v":""},null,null,{"$f":"IF($Z427=\"\",\"\",IF($F427=ApportCouvert,INDEX(Îlots!$I$8:$I$57,$Z427)&\"\",INDEX(Îlots!$N$8:$N$57,$Z427)&\"\"))","v":""},null,null,{"$f":"IF($AA427=\"\",\"\",INDEX(Fertilisants!$D$8:$D$47,$AA427)&\"\")","v":""},null,null,{"$f":"IF($AA427=\"\",\"\",INDEX(Fertilisants!$E$8:$E$47,$AA427)&\"\")","v":""},"",{"$f":"IF(OR($J427=\"\",$AA427=\"\"),\"\",$J427*N(INDEX(Fertilisants!$G$8:$G$47,$AA427)))","v":""},{"$f":"IF(OR($J427=\"\",$AA427=\"\"),\"\",$J427*N(INDEX(Fertilisants!$I$8:$I$47,$AA427)))","v":""},{"$f":"IF(OR($J427=\"\",$AA427=\"\"),\"\",$J427*N(INDEX(Fertilisants!$J$8:$J$47,$AA427)))","v":""},{"$f":"IF(OR($J427=\"\",$AA427=\"\"),\"\",$J427*N(INDEX(Fertilisants!$K$8:$K$47,$AA427)))","v":""},"",{"$nulls":5},"",null,null,{"$f":"IF($D427=\"\",\"\",IFERROR(MATCH($D427,Îlots!$D$8:$D$57,0),\"\"))","v":""},{"$f":"IF($G427=\"\",\"\",IFERROR(MATCH($G427,Fertilisants!$B$8:$B$47,0),\"\"))","v":""},{"$f":"IF($Z427=\"\",\"\",INDEX(Îlots!$E$8:$E$57,$Z427))","v":""},{"$f":"IF($Z427=\"\",\"\",INDEX(Îlots!$G$8:$G$57,$Z427)&\"\")","v":""},{"$f":"IF($Z427=\"\",\"\",IF($F427=ApportCouvert,OccCouvert,INDEX(Îlots!$O$8:$O$57,$Z427)&\"\"))","v":""},"","","",0,0,0,0,0,{"$f":"IF($AA427=\"\",0,IF(INDEX(Fertilisants!$C$8:$C$47,$AA427)=\"Effluent d'élevage\",1,0))","v":0},{"$f":"IF($AA427=\"\",\"\",IF(INDEX(Fertilisants!$C$8:$C$47,$AA427)=\"Engrais minéral\",\"Minéral\",\"Organique\"))","v":""},"","","",{"$f":"IF(AND($D427<>\"\",$D427=FicheIlot),COUNTIF($D$8:$D427,FicheIlot),\"\")","v":""}]
[null,{"$f":"IF(C428=\"\",\"\",COUNT($C$8:C428))","v":""},null,null,{"$f":"IF($Z428=\"\",\"\",IF($F428=ApportCouvert,INDEX(Îlots!$I$8:$I$57,$Z428)&\"\",INDEX(Îlots!$N$8:$N$57,$Z428)&\"\"))","v":""},null,null,{"$f":"IF($AA428=\"\",\"\",INDEX(Fertilisants!$D$8:$D$47,$AA428)&\"\")","v":""},null,null,{"$f":"IF($AA428=\"\",\"\",INDEX(Fertilisants!$E$8:$E$47,$AA428)&\"\")","v":""},"",{"$f":"IF(OR($J428=\"\",$AA428=\"\"),\"\",$J428*N(INDEX(Fertilisants!$G$8:$G$47,$AA428)))","v":""},{"$f":"IF(OR($J428=\"\",$AA428=\"\"),\"\",$J428*N(INDEX(Fertilisants!$I$8:$I$47,$AA428)))","v":""},{"$f":"IF(OR($J428=\"\",$AA428=\"\"),\"\",$J428*N(INDEX(Fertilisants!$J$8:$J$47,$AA428)))","v":""},{"$f":"IF(OR($J428=\"\",$AA428=\"\"),\"\",$J428*N(INDEX(Fertilisants!$K$8:$K$47,$AA428)))","v":""},"",{"$nulls":5},"",null,null,{"$f":"IF($D428=\"\",\"\",IFERROR(MATCH($D428,Îlots!$D$8:$D$57,0),\"\"))","v":""},{"$f":"IF($G428=\"\",\"\",IFERROR(MATCH($G428,Fertilisants!$B$8:$B$47,0),\"\"))","v":""},{"$f":"IF($Z428=\"\",\"\",INDEX(Îlots!$E$8:$E$57,$Z428))","v":""},{"$f":"IF($Z428=\"\",\"\",INDEX(Îlots!$G$8:$G$57,$Z428)&\"\")","v":""},{"$f":"IF($Z428=\"\",\"\",IF($F428=ApportCouvert,OccCouvert,INDEX(Îlots!$O$8:$O$57,$Z428)&\"\"))","v":""},"","","",0,0,0,0,0,{"$f":"IF($AA428=\"\",0,IF(INDEX(Fertilisants!$C$8:$C$47,$AA428)=\"Effluent d'élevage\",1,0))","v":0},{"$f":"IF($AA428=\"\",\"\",IF(INDEX(Fertilisants!$C$8:$C$47,$AA428)=\"Engrais minéral\",\"Minéral\",\"Organique\"))","v":""},"","","",{"$f":"IF(AND($D428<>\"\",$D428=FicheIlot),COUNTIF($D$8:$D428,FicheIlot),\"\")","v":""}]
[null,{"$f":"IF(C429=\"\",\"\",COUNT($C$8:C429))","v":""},null,null,{"$f":"IF($Z429=\"\",\"\",IF($F429=ApportCouvert,INDEX(Îlots!$I$8:$I$57,$Z429)&\"\",INDEX(Îlots!$N$8:$N$57,$Z429)&\"\"))","v":""},null,null,{"$f":"IF($AA429=\"\",\"\",INDEX(Fertilisants!$D$8:$D$47,$AA429)&\"\")","v":""},null,null,{"$f":"IF($AA429=\"\",\"\",INDEX(Fertilisants!$E$8:$E$47,$AA429)&\"\")","v":""},"",{"$f":"IF(OR($J429=\"\",$AA429=\"\"),\"\",$J429*N(INDEX(Fertilisants!$G$8:$G$47,$AA429)))","v":""},{"$f":"IF(OR($J429=\"\",$AA429=\"\"),\"\",$J429*N(INDEX(Fertilisants!$I$8:$I$47,$AA429)))","v":""},{"$f":"IF(OR($J429=\"\",$AA429=\"\"),\"\",$J429*N(INDEX(Fertilisants!$J$8:$J$47,$AA429)))","v":""},{"$f":"IF(OR($J429=\"\",$AA429=\"\"),\"\",$J429*N(INDEX(Fertilisants!$K$8:$K$47,$AA429)))","v":""},"",{"$nulls":5},"",null,null,{"$f":"IF($D429=\"\",\"\",IFERROR(MATCH($D429,Îlots!$D$8:$D$57,0),\"\"))","v":""},{"$f":"IF($G429=\"\",\"\",IFERROR(MATCH($G429,Fertilisants!$B$8:$B$47,0),\"\"))","v":""},{"$f":"IF($Z429=\"\",\"\",INDEX(Îlots!$E$8:$E$57,$Z429))","v":""},{"$f":"IF($Z429=\"\",\"\",INDEX(Îlots!$G$8:$G$57,$Z429)&\"\")","v":""},{"$f":"IF($Z429=\"\",\"\",IF($F429=ApportCouvert,OccCouvert,INDEX(Îlots!$O$8:$O$57,$Z429)&\"\"))","v":""},"","","",0,0,0,0,0,{"$f":"IF($AA429=\"\",0,IF(INDEX(Fertilisants!$C$8:$C$47,$AA429)=\"Effluent d'élevage\",1,0))","v":0},{"$f":"IF($AA429=\"\",\"\",IF(INDEX(Fertilisants!$C$8:$C$47,$AA429)=\"Engrais minéral\",\"Minéral\",\"Organique\"))","v":""},"","","",{"$f":"IF(AND($D429<>\"\",$D429=FicheIlot),COUNTIF($D$8:$D429,FicheIlot),\"\")","v":""}]
[null,{"$f":"IF(C430=\"\",\"\",COUNT($C$8:C430))","v":""},null,null,{"$f":"IF($Z430=\"\",\"\",IF($F430=ApportCouvert,INDEX(Îlots!$I$8:$I$57,$Z430)&\"\",INDEX(Îlots!$N$8:$N$57,$Z430)&\"\"))","v":""},null,null,{"$f":"IF($AA430=\"\",\"\",INDEX(Fertilisants!$D$8:$D$47,$AA430)&\"\")","v":""},null,null,{"$f":"IF($AA430=\"\",\"\",INDEX(Fertilisants!$E$8:$E$47,$AA430)&\"\")","v":""},"",{"$f":"IF(OR($J430=\"\",$AA430=\"\"),\"\",$J430*N(INDEX(Fertilisants!$G$8:$G$47,$AA430)))","v":""},{"$f":"IF(OR($J430=\"\",$AA430=\"\"),\"\",$J430*N(INDEX(Fertilisants!$I$8:$I$47,$AA430)))","v":""},{"$f":"IF(OR($J430=\"\",$AA430=\"\"),\"\",$J430*N(INDEX(Fertilisants!$J$8:$J$47,$AA430)))","v":""},{"$f":"IF(OR($J430=\"\",$AA430=\"\"),\"\",$J430*N(INDEX(Fertilisants!$K$8:$K$47,$AA430)))","v":""},"",{"$nulls":5},"",null,null,{"$f":"IF($D430=\"\",\"\",IFERROR(MATCH($D430,Îlots!$D$8:$D$57,0),\"\"))","v":""},{"$f":"IF($G430=\"\",\"\",IFERROR(MATCH($G430,Fertilisants!$B$8:$B$47,0),\"\"))","v":""},{"$f":"IF($Z430=\"\",\"\",INDEX(Îlots!$E$8:$E$57,$Z430))","v":""},{"$f":"IF($Z430=\"\",\"\",INDEX(Îlots!$G$8:$G$57,$Z430)&\"\")","v":""},{"$f":"IF($Z430=\"\",\"\",IF($F430=ApportCouvert,OccCouvert,INDEX(Îlots!$O$8:$O$57,$Z430)&\"\"))","v":""},"","","",0,0,0,0,0,{"$f":"IF($AA430=\"\",0,IF(INDEX(Fertilisants!$C$8:$C$47,$AA430)=\"Effluent d'élevage\",1,0))","v":0},{"$f":"IF($AA430=\"\",\"\",IF(INDEX(Fertilisants!$C$8:$C$47,$AA430)=\"Engrais minéral\",\"Minéral\",\"Organique\"))","v":""},"","","",{"$f":"IF(AND($D430<>\"\",$D430=FicheIlot),COUNTIF($D$8:$D430,FicheIlot),\"\")","v":""}]
[null,{"$f":"IF(C431=\"\",\"\",COUNT($C$8:C431))","v":""},null,null,{"$f":"IF($Z431=\"\",\"\",IF($F431=ApportCouvert,INDEX(Îlots!$I$8:$I$57,$Z431)&\"\",INDEX(Îlots!$N$8:$N$57,$Z431)&\"\"))","v":""},null,null,{"$f":"IF($AA431=\"\",\"\",INDEX(Fertilisants!$D$8:$D$47,$AA431)&\"\")","v":""},null,null,{"$f":"IF($AA431=\"\",\"\",INDEX(Fertilisants!$E$8:$E$47,$AA431)&\"\")","v":""},"",{"$f":"IF(OR($J431=\"\",$AA431=\"\"),\"\",$J431*N(INDEX(Fertilisants!$G$8:$G$47,$AA431)))","v":""},{"$f":"IF(OR($J431=\"\",$AA431=\"\"),\"\",$J431*N(INDEX(Fertilisants!$I$8:$I$47,$AA431)))","v":""},{"$f":"IF(OR($J431=\"\",$AA431=\"\"),\"\",$J431*N(INDEX(Fertilisants!$J$8:$J$47,$AA431)))","v":""},{"$f":"IF(OR($J431=\"\",$AA431=\"\"),\"\",$J431*N(INDEX(Fertilisants!$K$8:$K$47,$AA431)))","v":""},"",{"$nulls":5},"",null,null,{"$f":"IF($D431=\"\",\"\",IFERROR(MATCH($D431,Îlots!$D$8:$D$57,0),\"\"))","v":""},{"$f":"IF($G431=\"\",\"\",IFERROR(MATCH($G431,Fertilisants!$B$8:$B$47,0),\"\"))","v":""},{"$f":"IF($Z431=\"\",\"\",INDEX(Îlots!$E$8:$E$57,$Z431))","v":""},{"$f":"IF($Z431=\"\",\"\",INDEX(Îlots!$G$8:$G$57,$Z431)&\"\")","v":""},{"$f":"IF($Z431=\"\",\"\",IF($F431=ApportCouvert,OccCouvert,INDEX(Îlots!$O$8:$O$57,$Z431)&\"\"))","v":""},"","","",0,0,0,0,0,{"$f":"IF($AA431=\"\",0,IF(INDEX(Fertilisants!$C$8:$C$47,$AA431)=\"Effluent d'élevage\",1,0))","v":0},{"$f":"IF($AA431=\"\",\"\",IF(INDEX(Fertilisants!$C$8:$C$47,$AA431)=\"Engrais minéral\",\"Minéral\",\"Organique\"))","v":""},"","","",{"$f":"IF(AND($D431<>\"\",$D431=FicheIlot),COUNTIF($D$8:$D431,FicheIlot),\"\")","v":""}]
[null,{"$f":"IF(C432=\"\",\"\",COUNT($C$8:C432))","v":""},null,null,{"$f":"IF($Z432=\"\",\"\",IF($F432=ApportCouvert,INDEX(Îlots!$I$8:$I$57,$Z432)&\"\",INDEX(Îlots!$N$8:$N$57,$Z432)&\"\"))","v":""},null,null,{"$f":"IF($AA432=\"\",\"\",INDEX(Fertilisants!$D$8:$D$47,$AA432)&\"\")","v":""},null,null,{"$f":"IF($AA432=\"\",\"\",INDEX(Fertilisants!$E$8:$E$47,$AA432)&\"\")","v":""},"",{"$f":"IF(OR($J432=\"\",$AA432=\"\"),\"\",$J432*N(INDEX(Fertilisants!$G$8:$G$47,$AA432)))","v":""},{"$f":"IF(OR($J432=\"\",$AA432=\"\"),\"\",$J432*N(INDEX(Fertilisants!$I$8:$I$47,$AA432)))","v":""},{"$f":"IF(OR($J432=\"\",$AA432=\"\"),\"\",$J432*N(INDEX(Fertilisants!$J$8:$J$47,$AA432)))","v":""},{"$f":"IF(OR($J432=\"\",$AA432=\"\"),\"\",$J432*N(INDEX(Fertilisants!$K$8:$K$47,$AA432)))","v":""},"",{"$nulls":5},"",null,null,{"$f":"IF($D432=\"\",\"\",IFERROR(MATCH($D432,Îlots!$D$8:$D$57,0),\"\"))","v":""},{"$f":"IF($G432=\"\",\"\",IFERROR(MATCH($G432,Fertilisants!$B$8:$B$47,0),\"\"))","v":""},{"$f":"IF($Z432=\"\",\"\",INDEX(Îlots!$E$8:$E$57,$Z432))","v":""},{"$f":"IF($Z432=\"\",\"\",INDEX(Îlots!$G$8:$G$57,$Z432)&\"\")","v":""},{"$f":"IF($Z432=\"\",\"\",IF($F432=ApportCouvert,OccCouvert,INDEX(Îlots!$O$8:$O$57,$Z432)&\"\"))","v":""},"","","",0,0,0,0,0,{"$f":"IF($AA432=\"\",0,IF(INDEX(Fertilisants!$C$8:$C$47,$AA432)=\"Effluent d'élevage\",1,0))","v":0},{"$f":"IF($AA432=\"\",\"\",IF(INDEX(Fertilisants!$C$8:$C$47,$AA432)=\"Engrais minéral\",\"Minéral\",\"Organique\"))","v":""},"","","",{"$f":"IF(AND($D432<>\"\",$D432=FicheIlot),COUNTIF($D$8:$D432,FicheIlot),\"\")","v":""}]
[null,{"$f":"IF(C433=\"\",\"\",COUNT($C$8:C433))","v":""},null,null,{"$f":"IF($Z433=\"\",\"\",IF($F433=ApportCouvert,INDEX(Îlots!$I$8:$I$57,$Z433)&\"\",INDEX(Îlots!$N$8:$N$57,$Z433)&\"\"))","v":""},null,null,{"$f":"IF($AA433=\"\",\"\",INDEX(Fertilisants!$D$8:$D$47,$AA433)&\"\")","v":""},null,null,{"$f":"IF($AA433=\"\",\"\",INDEX(Fertilisants!$E$8:$E$47,$AA433)&\"\")","v":""},"",{"$f":"IF(OR($J433=\"\",$AA433=\"\"),\"\",$J433*N(INDEX(Fertilisants!$G$8:$G$47,$AA433)))","v":""},{"$f":"IF(OR($J433=\"\",$AA433=\"\"),\"\",$J433*N(INDEX(Fertilisants!$I$8:$I$47,$AA433)))","v":""},{"$f":"IF(OR($J433=\"\",$AA433=\"\"),\"\",$J433*N(INDEX(Fertilisants!$J$8:$J$47,$AA433)))","v":""},{"$f":"IF(OR($J433=\"\",$AA433=\"\"),\"\",$J433*N(INDEX(Fertilisants!$K$8:$K$47,$AA433)))","v":""},"",{"$nulls":5},"",null,null,{"$f":"IF($D433=\"\",\"\",IFERROR(MATCH($D433,Îlots!$D$8:$D$57,0),\"\"))","v":""},{"$f":"IF($G433=\"\",\"\",IFERROR(MATCH($G433,Fertilisants!$B$8:$B$47,0),\"\"))","v":""},{"$f":"IF($Z433=\"\",\"\",INDEX(Îlots!$E$8:$E$57,$Z433))","v":""},{"$f":"IF($Z433=\"\",\"\",INDEX(Îlots!$G$8:$G$57,$Z433)&\"\")","v":""},{"$f":"IF($Z433=\"\",\"\",IF($F433=ApportCouvert,OccCouvert,INDEX(Îlots!$O$8:$O$57,$Z433)&\"\"))","v":""},"","","",0,0,0,0,0,{"$f":"IF($AA433=\"\",0,IF(INDEX(Fertilisants!$C$8:$C$47,$AA433)=\"Effluent d'élevage\",1,0))","v":0},{"$f":"IF($AA433=\"\",\"\",IF(INDEX(Fertilisants!$C$8:$C$47,$AA433)=\"Engrais minéral\",\"Minéral\",\"Organique\"))","v":""},"","","",{"$f":"IF(AND($D433<>\"\",$D433=FicheIlot),COUNTIF($D$8:$D433,FicheIlot),\"\")","v":""}]
[null,{"$f":"IF(C434=\"\",\"\",COUNT($C$8:C434))","v":""},null,null,{"$f":"IF($Z434=\"\",\"\",IF($F434=ApportCouvert,INDEX(Îlots!$I$8:$I$57,$Z434)&\"\",INDEX(Îlots!$N$8:$N$57,$Z434)&\"\"))","v":""},null,null,{"$f":"IF($AA434=\"\",\"\",INDEX(Fertilisants!$D$8:$D$47,$AA434)&\"\")","v":""},null,null,{"$f":"IF($AA434=\"\",\"\",INDEX(Fertilisants!$E$8:$E$47,$AA434)&\"\")","v":""},"",{"$f":"IF(OR($J434=\"\",$AA434=\"\"),\"\",$J434*N(INDEX(Fertilisants!$G$8:$G$47,$AA434)))","v":""},{"$f":"IF(OR($J434=\"\",$AA434=\"\"),\"\",$J434*N(INDEX(Fertilisants!$I$8:$I$47,$AA434)))","v":""},{"$f":"IF(OR($J434=\"\",$AA434=\"\"),\"\",$J434*N(INDEX(Fertilisants!$J$8:$J$47,$AA434)))","v":""},{"$f":"IF(OR($J434=\"\",$AA434=\"\"),\"\",$J434*N(INDEX(Fertilisants!$K$8:$K$47,$AA434)))","v":""},"",{"$nulls":5},"",null,null,{"$f":"IF($D434=\"\",\"\",IFERROR(MATCH($D434,Îlots!$D$8:$D$57,0),\"\"))","v":""},{"$f":"IF($G434=\"\",\"\",IFERROR(MATCH($G434,Fertilisants!$B$8:$B$47,0),\"\"))","v":""},{"$f":"IF($Z434=\"\",\"\",INDEX(Îlots!$E$8:$E$57,$Z434))","v":""},{"$f":"IF($Z434=\"\",\"\",INDEX(Îlots!$G$8:$G$57,$Z434)&\"\")","v":""},{"$f":"IF($Z434=\"\",\"\",IF($F434=ApportCouvert,OccCouvert,INDEX(Îlots!$O$8:$O$57,$Z434)&\"\"))","v":""},"","","",0,0,0,0,0,{"$f":"IF($AA434=\"\",0,IF(INDEX(Fertilisants!$C$8:$C$47,$AA434)=\"Effluent d'élevage\",1,0))","v":0},{"$f":"IF($AA434=\"\",\"\",IF(INDEX(Fertilisants!$C$8:$C$47,$AA434)=\"Engrais minéral\",\"Minéral\",\"Organique\"))","v":""},"","","",{"$f":"IF(AND($D434<>\"\",$D434=FicheIlot),COUNTIF($D$8:$D434,FicheIlot),\"\")","v":""}]
[null,{"$f":"IF(C435=\"\",\"\",COUNT($C$8:C435))","v":""},null,null,{"$f":"IF($Z435=\"\",\"\",IF($F435=ApportCouvert,INDEX(Îlots!$I$8:$I$57,$Z435)&\"\",INDEX(Îlots!$N$8:$N$57,$Z435)&\"\"))","v":""},null,null,{"$f":"IF($AA435=\"\",\"\",INDEX(Fertilisants!$D$8:$D$47,$AA435)&\"\")","v":""},null,null,{"$f":"IF($AA435=\"\",\"\",INDEX(Fertilisants!$E$8:$E$47,$AA435)&\"\")","v":""},"",{"$f":"IF(OR($J435=\"\",$AA435=\"\"),\"\",$J435*N(INDEX(Fertilisants!$G$8:$G$47,$AA435)))","v":""},{"$f":"IF(OR($J435=\"\",$AA435=\"\"),\"\",$J435*N(INDEX(Fertilisants!$I$8:$I$47,$AA435)))","v":""},{"$f":"IF(OR($J435=\"\",$AA435=\"\"),\"\",$J435*N(INDEX(Fertilisants!$J$8:$J$47,$AA435)))","v":""},{"$f":"IF(OR($J435=\"\",$AA435=\"\"),\"\",$J435*N(INDEX(Fertilisants!$K$8:$K$47,$AA435)))","v":""},"",{"$nulls":5},"",null,null,{"$f":"IF($D435=\"\",\"\",IFERROR(MATCH($D435,Îlots!$D$8:$D$57,0),\"\"))","v":""},{"$f":"IF($G435=\"\",\"\",IFERROR(MATCH($G435,Fertilisants!$B$8:$B$47,0),\"\"))","v":""},{"$f":"IF($Z435=\"\",\"\",INDEX(Îlots!$E$8:$E$57,$Z435))","v":""},{"$f":"IF($Z435=\"\",\"\",INDEX(Îlots!$G$8:$G$57,$Z435)&\"\")","v":""},{"$f":"IF($Z435=\"\",\"\",IF($F435=ApportCouvert,OccCouvert,INDEX(Îlots!$O$8:$O$57,$Z435)&\"\"))","v":""},"","","",0,0,0,0,0,{"$f":"IF($AA435=\"\",0,IF(INDEX(Fertilisants!$C$8:$C$47,$AA435)=\"Effluent d'élevage\",1,0))","v":0},{"$f":"IF($AA435=\"\",\"\",IF(INDEX(Fertilisants!$C$8:$C$47,$AA435)=\"Engrais minéral\",\"Minéral\",\"Organique\"))","v":""},"","","",{"$f":"IF(AND($D435<>\"\",$D435=FicheIlot),COUNTIF($D$8:$D435,FicheIlot),\"\")","v":""}]
[null,{"$f":"IF(C436=\"\",\"\",COUNT($C$8:C436))","v":""},null,null,{"$f":"IF($Z436=\"\",\"\",IF($F436=ApportCouvert,INDEX(Îlots!$I$8:$I$57,$Z436)&\"\",INDEX(Îlots!$N$8:$N$57,$Z436)&\"\"))","v":""},null,null,{"$f":"IF($AA436=\"\",\"\",INDEX(Fertilisants!$D$8:$D$47,$AA436)&\"\")","v":""},null,null,{"$f":"IF($AA436=\"\",\"\",INDEX(Fertilisants!$E$8:$E$47,$AA436)&\"\")","v":""},"",{"$f":"IF(OR($J436=\"\",$AA436=\"\"),\"\",$J436*N(INDEX(Fertilisants!$G$8:$G$47,$AA436)))","v":""},{"$f":"IF(OR($J436=\"\",$AA436=\"\"),\"\",$J436*N(INDEX(Fertilisants!$I$8:$I$47,$AA436)))","v":""},{"$f":"IF(OR($J436=\"\",$AA436=\"\"),\"\",$J436*N(INDEX(Fertilisants!$J$8:$J$47,$AA436)))","v":""},{"$f":"IF(OR($J436=\"\",$AA436=\"\"),\"\",$J436*N(INDEX(Fertilisants!$K$8:$K$47,$AA436)))","v":""},"",{"$nulls":5},"",null,null,{"$f":"IF($D436=\"\",\"\",IFERROR(MATCH($D436,Îlots!$D$8:$D$57,0),\"\"))","v":""},{"$f":"IF($G436=\"\",\"\",IFERROR(MATCH($G436,Fertilisants!$B$8:$B$47,0),\"\"))","v":""},{"$f":"IF($Z436=\"\",\"\",INDEX(Îlots!$E$8:$E$57,$Z436))","v":""},{"$f":"IF($Z436=\"\",\"\",INDEX(Îlots!$G$8:$G$57,$Z436)&\"\")","v":""},{"$f":"IF($Z436=\"\",\"\",IF($F436=ApportCouvert,OccCouvert,INDEX(Îlots!$O$8:$O$57,$Z436)&\"\"))","v":""},"","","",0,0,0,0,0,{"$f":"IF($AA436=\"\",0,IF(INDEX(Fertilisants!$C$8:$C$47,$AA436)=\"Effluent d'élevage\",1,0))","v":0},{"$f":"IF($AA436=\"\",\"\",IF(INDEX(Fertilisants!$C$8:$C$47,$AA436)=\"Engrais minéral\",\"Minéral\",\"Organique\"))","v":""},"","","",{"$f":"IF(AND($D436<>\"\",$D436=FicheIlot),COUNTIF($D$8:$D436,FicheIlot),\"\")","v":""}]
[null,{"$f":"IF(C437=\"\",\"\",COUNT($C$8:C437))","v":""},null,null,{"$f":"IF($Z437=\"\",\"\",IF($F437=ApportCouvert,INDEX(Îlots!$I$8:$I$57,$Z437)&\"\",INDEX(Îlots!$N$8:$N$57,$Z437)&\"\"))","v":""},null,null,{"$f":"IF($AA437=\"\",\"\",INDEX(Fertilisants!$D$8:$D$47,$AA437)&\"\")","v":""},null,null,{"$f":"IF($AA437=\"\",\"\",INDEX(Fertilisants!$E$8:$E$47,$AA437)&\"\")","v":""},"",{"$f":"IF(OR($J437=\"\",$AA437=\"\"),\"\",$J437*N(INDEX(Fertilisants!$G$8:$G$47,$AA437)))","v":""},{"$f":"IF(OR($J437=\"\",$AA437=\"\"),\"\",$J437*N(INDEX(Fertilisants!$I$8:$I$47,$AA437)))","v":""},{"$f":"IF(OR($J437=\"\",$AA437=\"\"),\"\",$J437*N(INDEX(Fertilisants!$J$8:$J$47,$AA437)))","v":""},{"$f":"IF(OR($J437=\"\",$AA437=\"\"),\"\",$J437*N(INDEX(Fertilisants!$K$8:$K$47,$AA437)))","v":""},"",{"$nulls":5},"",null,null,{"$f":"IF($D437=\"\",\"\",IFERROR(MATCH($D437,Îlots!$D$8:$D$57,0),\"\"))","v":""},{"$f":"IF($G437=\"\",\"\",IFERROR(MATCH($G437,Fertilisants!$B$8:$B$47,0),\"\"))","v":""},{"$f":"IF($Z437=\"\",\"\",INDEX(Îlots!$E$8:$E$57,$Z437))","v":""},{"$f":"IF($Z437=\"\",\"\",INDEX(Îlots!$G$8:$G$57,$Z437)&\"\")","v":""},{"$f":"IF($Z437=\"\",\"\",IF($F437=ApportCouvert,OccCouvert,INDEX(Îlots!$O$8:$O$57,$Z437)&\"\"))","v":""},"","","",0,0,0,0,0,{"$f":"IF($AA437=\"\",0,IF(INDEX(Fertilisants!$C$8:$C$47,$AA437)=\"Effluent d'élevage\",1,0))","v":0},{"$f":"IF($AA437=\"\",\"\",IF(INDEX(Fertilisants!$C$8:$C$47,$AA437)=\"Engrais minéral\",\"Minéral\",\"Organique\"))","v":""},"","","",{"$f":"IF(AND($D437<>\"\",$D437=FicheIlot),COUNTIF($D$8:$D437,FicheIlot),\"\")","v":""}]
[null,{"$f":"IF(C438=\"\",\"\",COUNT($C$8:C438))","v":""},null,null,{"$f":"IF($Z438=\"\",\"\",IF($F438=ApportCouvert,INDEX(Îlots!$I$8:$I$57,$Z438)&\"\",INDEX(Îlots!$N$8:$N$57,$Z438)&\"\"))","v":""},null,null,{"$f":"IF($AA438=\"\",\"\",INDEX(Fertilisants!$D$8:$D$47,$AA438)&\"\")","v":""},null,null,{"$f":"IF($AA438=\"\",\"\",INDEX(Fertilisants!$E$8:$E$47,$AA438)&\"\")","v":""},"",{"$f":"IF(OR($J438=\"\",$AA438=\"\"),\"\",$J438*N(INDEX(Fertilisants!$G$8:$G$47,$AA438)))","v":""},{"$f":"IF(OR($J438=\"\",$AA438=\"\"),\"\",$J438*N(INDEX(Fertilisants!$I$8:$I$47,$AA438)))","v":""},{"$f":"IF(OR($J438=\"\",$AA438=\"\"),\"\",$J438*N(INDEX(Fertilisants!$J$8:$J$47,$AA438)))","v":""},{"$f":"IF(OR($J438=\"\",$AA438=\"\"),\"\",$J438*N(INDEX(Fertilisants!$K$8:$K$47,$AA438)))","v":""},"",{"$nulls":5},"",null,null,{"$f":"IF($D438=\"\",\"\",IFERROR(MATCH($D438,Îlots!$D$8:$D$57,0),\"\"))","v":""},{"$f":"IF($G438=\"\",\"\",IFERROR(MATCH($G438,Fertilisants!$B$8:$B$47,0),\"\"))","v":""},{"$f":"IF($Z438=\"\",\"\",INDEX(Îlots!$E$8:$E$57,$Z438))","v":""},{"$f":"IF($Z438=\"\",\"\",INDEX(Îlots!$G$8:$G$57,$Z438)&\"\")","v":""},{"$f":"IF($Z438=\"\",\"\",IF($F438=ApportCouvert,OccCouvert,INDEX(Îlots!$O$8:$O$57,$Z438)&\"\"))","v":""},"","","",0,0,0,0,0,{"$f":"IF($AA438=\"\",0,IF(INDEX(Fertilisants!$C$8:$C$47,$AA438)=\"Effluent d'élevage\",1,0))","v":0},{"$f":"IF($AA438=\"\",\"\",IF(INDEX(Fertilisants!$C$8:$C$47,$AA438)=\"Engrais minéral\",\"Minéral\",\"Organique\"))","v":""},"","","",{"$f":"IF(AND($D438<>\"\",$D438=FicheIlot),COUNTIF($D$8:$D438,FicheIlot),\"\")","v":""}]
[null,{"$f":"IF(C439=\"\",\"\",COUNT($C$8:C439))","v":""},null,null,{"$f":"IF($Z439=\"\",\"\",IF($F439=ApportCouvert,INDEX(Îlots!$I$8:$I$57,$Z439)&\"\",INDEX(Îlots!$N$8:$N$57,$Z439)&\"\"))","v":""},null,null,{"$f":"IF($AA439=\"\",\"\",INDEX(Fertilisants!$D$8:$D$47,$AA439)&\"\")","v":""},null,null,{"$f":"IF($AA439=\"\",\"\",INDEX(Fertilisants!$E$8:$E$47,$AA439)&\"\")","v":""},"",{"$f":"IF(OR($J439=\"\",$AA439=\"\"),\"\",$J439*N(INDEX(Fertilisants!$G$8:$G$47,$AA439)))","v":""},{"$f":"IF(OR($J439=\"\",$AA439=\"\"),\"\",$J439*N(INDEX(Fertilisants!$I$8:$I$47,$AA439)))","v":""},{"$f":"IF(OR($J439=\"\",$AA439=\"\"),\"\",$J439*N(INDEX(Fertilisants!$J$8:$J$47,$AA439)))","v":""},{"$f":"IF(OR($J439=\"\",$AA439=\"\"),\"\",$J439*N(INDEX(Fertilisants!$K$8:$K$47,$AA439)))","v":""},"",{"$nulls":5},"",null,null,{"$f":"IF($D439=\"\",\"\",IFERROR(MATCH($D439,Îlots!$D$8:$D$57,0),\"\"))","v":""},{"$f":"IF($G439=\"\",\"\",IFERROR(MATCH($G439,Fertilisants!$B$8:$B$47,0),\"\"))","v":""},{"$f":"IF($Z439=\"\",\"\",INDEX(Îlots!$E$8:$E$57,$Z439))","v":""},{"$f":"IF($Z439=\"\",\"\",INDEX(Îlots!$G$8:$G$57,$Z439)&\"\")","v":""},{"$f":"IF($Z439=\"\",\"\",IF($F439=ApportCouvert,OccCouvert,INDEX(Îlots!$O$8:$O$57,$Z439)&\"\"))","v":""},"","","",0,0,0,0,0,{"$f":"IF($AA439=\"\",0,IF(INDEX(Fertilisants!$C$8:$C$47,$AA439)=\"Effluent d'élevage\",1,0))","v":0},{"$f":"IF($AA439=\"\",\"\",IF(INDEX(Fertilisants!$C$8:$C$47,$AA439)=\"Engrais minéral\",\"Minéral\",\"Organique\"))","v":""},"","","",{"$f":"IF(AND($D439<>\"\",$D439=FicheIlot),COUNTIF($D$8:$D439,FicheIlot),\"\")","v":""}]
[null,{"$f":"IF(C440=\"\",\"\",COUNT($C$8:C440))","v":""},null,null,{"$f":"IF($Z440=\"\",\"\",IF($F440=ApportCouvert,INDEX(Îlots!$I$8:$I$57,$Z440)&\"\",INDEX(Îlots!$N$8:$N$57,$Z440)&\"\"))","v":""},null,null,{"$f":"IF($AA440=\"\",\"\",INDEX(Fertilisants!$D$8:$D$47,$AA440)&\"\")","v":""},null,null,{"$f":"IF($AA440=\"\",\"\",INDEX(Fertilisants!$E$8:$E$47,$AA440)&\"\")","v":""},"",{"$f":"IF(OR($J440=\"\",$AA440=\"\"),\"\",$J440*N(INDEX(Fertilisants!$G$8:$G$47,$AA440)))","v":""},{"$f":"IF(OR($J440=\"\",$AA440=\"\"),\"\",$J440*N(INDEX(Fertilisants!$I$8:$I$47,$AA440)))","v":""},{"$f":"IF(OR($J440=\"\",$AA440=\"\"),\"\",$J440*N(INDEX(Fertilisants!$J$8:$J$47,$AA440)))","v":""},{"$f":"IF(OR($J440=\"\",$AA440=\"\"),\"\",$J440*N(INDEX(Fertilisants!$K$8:$K$47,$AA440)))","v":""},"",{"$nulls":5},"",null,null,{"$f":"IF($D440=\"\",\"\",IFERROR(MATCH($D440,Îlots!$D$8:$D$57,0),\"\"))","v":""},{"$f":"IF($G440=\"\",\"\",IFERROR(MATCH($G440,Fertilisants!$B$8:$B$47,0),\"\"))","v":""},{"$f":"IF($Z440=\"\",\"\",INDEX(Îlots!$E$8:$E$57,$Z440))","v":""},{"$f":"IF($Z440=\"\",\"\",INDEX(Îlots!$G$8:$G$57,$Z440)&\"\")","v":""},{"$f":"IF($Z440=\"\",\"\",IF($F440=ApportCouvert,OccCouvert,INDEX(Îlots!$O$8:$O$57,$Z440)&\"\"))","v":""},"","","",0,0,0,0,0,{"$f":"IF($AA440=\"\",0,IF(INDEX(Fertilisants!$C$8:$C$47,$AA440)=\"Effluent d'élevage\",1,0))","v":0},{"$f":"IF($AA440=\"\",\"\",IF(INDEX(Fertilisants!$C$8:$C$47,$AA440)=\"Engrais minéral\",\"Minéral\",\"Organique\"))","v":""},"","","",{"$f":"IF(AND($D440<>\"\",$D440=FicheIlot),COUNTIF($D$8:$D440,FicheIlot),\"\")","v":""}]
[null,{"$f":"IF(C441=\"\",\"\",COUNT($C$8:C441))","v":""},null,null,{"$f":"IF($Z441=\"\",\"\",IF($F441=ApportCouvert,INDEX(Îlots!$I$8:$I$57,$Z441)&\"\",INDEX(Îlots!$N$8:$N$57,$Z441)&\"\"))","v":""},null,null,{"$f":"IF($AA441=\"\",\"\",INDEX(Fertilisants!$D$8:$D$47,$AA441)&\"\")","v":""},null,null,{"$f":"IF($AA441=\"\",\"\",INDEX(Fertilisants!$E$8:$E$47,$AA441)&\"\")","v":""},"",{"$f":"IF(OR($J441=\"\",$AA441=\"\"),\"\",$J441*N(INDEX(Fertilisants!$G$8:$G$47,$AA441)))","v":""},{"$f":"IF(OR($J441=\"\",$AA441=\"\"),\"\",$J441*N(INDEX(Fertilisants!$I$8:$I$47,$AA441)))","v":""},{"$f":"IF(OR($J441=\"\",$AA441=\"\"),\"\",$J441*N(INDEX(Fertilisants!$J$8:$J$47,$AA441)))","v":""},{"$f":"IF(OR($J441=\"\",$AA441=\"\"),\"\",$J441*N(INDEX(Fertilisants!$K$8:$K$47,$AA441)))","v":""},"",{"$nulls":5},"",null,null,{"$f":"IF($D441=\"\",\"\",IFERROR(MATCH($D441,Îlots!$D$8:$D$57,0),\"\"))","v":""},{"$f":"IF($G441=\"\",\"\",IFERROR(MATCH($G441,Fertilisants!$B$8:$B$47,0),\"\"))","v":""},{"$f":"IF($Z441=\"\",\"\",INDEX(Îlots!$E$8:$E$57,$Z441))","v":""},{"$f":"IF($Z441=\"\",\"\",INDEX(Îlots!$G$8:$G$57,$Z441)&\"\")","v":""},{"$f":"IF($Z441=\"\",\"\",IF($F441=ApportCouvert,OccCouvert,INDEX(Îlots!$O$8:$O$57,$Z441)&\"\"))","v":""},"","","",0,0,0,0,0,{"$f":"IF($AA441=\"\",0,IF(INDEX(Fertilisants!$C$8:$C$47,$AA441)=\"Effluent d'élevage\",1,0))","v":0},{"$f":"IF($AA441=\"\",\"\",IF(INDEX(Fertilisants!$C$8:$C$47,$AA441)=\"Engrais minéral\",\"Minéral\",\"Organique\"))","v":""},"","","",{"$f":"IF(AND($D441<>\"\",$D441=FicheIlot),COUNTIF($D$8:$D441,FicheIlot),\"\")","v":""}]
[null,{"$f":"IF(C442=\"\",\"\",COUNT($C$8:C442))","v":""},null,null,{"$f":"IF($Z442=\"\",\"\",IF($F442=ApportCouvert,INDEX(Îlots!$I$8:$I$57,$Z442)&\"\",INDEX(Îlots!$N$8:$N$57,$Z442)&\"\"))","v":""},null,null,{"$f":"IF($AA442=\"\",\"\",INDEX(Fertilisants!$D$8:$D$47,$AA442)&\"\")","v":""},null,null,{"$f":"IF($AA442=\"\",\"\",INDEX(Fertilisants!$E$8:$E$47,$AA442)&\"\")","v":""},"",{"$f":"IF(OR($J442=\"\",$AA442=\"\"),\"\",$J442*N(INDEX(Fertilisants!$G$8:$G$47,$AA442)))","v":""},{"$f":"IF(OR($J442=\"\",$AA442=\"\"),\"\",$J442*N(INDEX(Fertilisants!$I$8:$I$47,$AA442)))","v":""},{"$f":"IF(OR($J442=\"\",$AA442=\"\"),\"\",$J442*N(INDEX(Fertilisants!$J$8:$J$47,$AA442)))","v":""},{"$f":"IF(OR($J442=\"\",$AA442=\"\"),\"\",$J442*N(INDEX(Fertilisants!$K$8:$K$47,$AA442)))","v":""},"",{"$nulls":5},"",null,null,{"$f":"IF($D442=\"\",\"\",IFERROR(MATCH($D442,Îlots!$D$8:$D$57,0),\"\"))","v":""},{"$f":"IF($G442=\"\",\"\",IFERROR(MATCH($G442,Fertilisants!$B$8:$B$47,0),\"\"))","v":""},{"$f":"IF($Z442=\"\",\"\",INDEX(Îlots!$E$8:$E$57,$Z442))","v":""},{"$f":"IF($Z442=\"\",\"\",INDEX(Îlots!$G$8:$G$57,$Z442)&\"\")","v":""},{"$f":"IF($Z442=\"\",\"\",IF($F442=ApportCouvert,OccCouvert,INDEX(Îlots!$O$8:$O$57,$Z442)&\"\"))","v":""},"","","",0,0,0,0,0,{"$f":"IF($AA442=\"\",0,IF(INDEX(Fertilisants!$C$8:$C$47,$AA442)=\"Effluent d'élevage\",1,0))","v":0},{"$f":"IF($AA442=\"\",\"\",IF(INDEX(Fertilisants!$C$8:$C$47,$AA442)=\"Engrais minéral\",\"Minéral\",\"Organique\"))","v":""},"","","",{"$f":"IF(AND($D442<>\"\",$D442=FicheIlot),COUNTIF($D$8:$D442,FicheIlot),\"\")","v":""}]
[null,{"$f":"IF(C443=\"\",\"\",COUNT($C$8:C443))","v":""},null,null,{"$f":"IF($Z443=\"\",\"\",IF($F443=ApportCouvert,INDEX(Îlots!$I$8:$I$57,$Z443)&\"\",INDEX(Îlots!$N$8:$N$57,$Z443)&\"\"))","v":""},null,null,{"$f":"IF($AA443=\"\",\"\",INDEX(Fertilisants!$D$8:$D$47,$AA443)&\"\")","v":""},null,null,{"$f":"IF($AA443=\"\",\"\",INDEX(Fertilisants!$E$8:$E$47,$AA443)&\"\")","v":""},"",{"$f":"IF(OR($J443=\"\",$AA443=\"\"),\"\",$J443*N(INDEX(Fertilisants!$G$8:$G$47,$AA443)))","v":""},{"$f":"IF(OR($J443=\"\",$AA443=\"\"),\"\",$J443*N(INDEX(Fertilisants!$I$8:$I$47,$AA443)))","v":""},{"$f":"IF(OR($J443=\"\",$AA443=\"\"),\"\",$J443*N(INDEX(Fertilisants!$J$8:$J$47,$AA443)))","v":""},{"$f":"IF(OR($J443=\"\",$AA443=\"\"),\"\",$J443*N(INDEX(Fertilisants!$K$8:$K$47,$AA443)))","v":""},"",{"$nulls":5},"",null,null,{"$f":"IF($D443=\"\",\"\",IFERROR(MATCH($D443,Îlots!$D$8:$D$57,0),\"\"))","v":""},{"$f":"IF($G443=\"\",\"\",IFERROR(MATCH($G443,Fertilisants!$B$8:$B$47,0),\"\"))","v":""},{"$f":"IF($Z443=\"\",\"\",INDEX(Îlots!$E$8:$E$57,$Z443))","v":""},{"$f":"IF($Z443=\"\",\"\",INDEX(Îlots!$G$8:$G$57,$Z443)&\"\")","v":""},{"$f":"IF($Z443=\"\",\"\",IF($F443=ApportCouvert,OccCouvert,INDEX(Îlots!$O$8:$O$57,$Z443)&\"\"))","v":""},"","","",0,0,0,0,0,{"$f":"IF($AA443=\"\",0,IF(INDEX(Fertilisants!$C$8:$C$47,$AA443)=\"Effluent d'élevage\",1,0))","v":0},{"$f":"IF($AA443=\"\",\"\",IF(INDEX(Fertilisants!$C$8:$C$47,$AA443)=\"Engrais minéral\",\"Minéral\",\"Organique\"))","v":""},"","","",{"$f":"IF(AND($D443<>\"\",$D443=FicheIlot),COUNTIF($D$8:$D443,FicheIlot),\"\")","v":""}]
[null,{"$f":"IF(C444=\"\",\"\",COUNT($C$8:C444))","v":""},null,null,{"$f":"IF($Z444=\"\",\"\",IF($F444=ApportCouvert,INDEX(Îlots!$I$8:$I$57,$Z444)&\"\",INDEX(Îlots!$N$8:$N$57,$Z444)&\"\"))","v":""},null,null,{"$f":"IF($AA444=\"\",\"\",INDEX(Fertilisants!$D$8:$D$47,$AA444)&\"\")","v":""},null,null,{"$f":"IF($AA444=\"\",\"\",INDEX(Fertilisants!$E$8:$E$47,$AA444)&\"\")","v":""},"",{"$f":"IF(OR($J444=\"\",$AA444=\"\"),\"\",$J444*N(INDEX(Fertilisants!$G$8:$G$47,$AA444)))","v":""},{"$f":"IF(OR($J444=\"\",$AA444=\"\"),\"\",$J444*N(INDEX(Fertilisants!$I$8:$I$47,$AA444)))","v":""},{"$f":"IF(OR($J444=\"\",$AA444=\"\"),\"\",$J444*N(INDEX(Fertilisants!$J$8:$J$47,$AA444)))","v":""},{"$f":"IF(OR($J444=\"\",$AA444=\"\"),\"\",$J444*N(INDEX(Fertilisants!$K$8:$K$47,$AA444)))","v":""},"",{"$nulls":5},"",null,null,{"$f":"IF($D444=\"\",\"\",IFERROR(MATCH($D444,Îlots!$D$8:$D$57,0),\"\"))","v":""},{"$f":"IF($G444=\"\",\"\",IFERROR(MATCH($G444,Fertilisants!$B$8:$B$47,0),\"\"))","v":""},{"$f":"IF($Z444=\"\",\"\",INDEX(Îlots!$E$8:$E$57,$Z444))","v":""},{"$f":"IF($Z444=\"\",\"\",INDEX(Îlots!$G$8:$G$57,$Z444)&\"\")","v":""},{"$f":"IF($Z444=\"\",\"\",IF($F444=ApportCouvert,OccCouvert,INDEX(Îlots!$O$8:$O$57,$Z444)&\"\"))","v":""},"","","",0,0,0,0,0,{"$f":"IF($AA444=\"\",0,IF(INDEX(Fertilisants!$C$8:$C$47,$AA444)=\"Effluent d'élevage\",1,0))","v":0},{"$f":"IF($AA444=\"\",\"\",IF(INDEX(Fertilisants!$C$8:$C$47,$AA444)=\"Engrais minéral\",\"Minéral\",\"Organique\"))","v":""},"","","",{"$f":"IF(AND($D444<>\"\",$D444=FicheIlot),COUNTIF($D$8:$D444,FicheIlot),\"\")","v":""}]
[null,{"$f":"IF(C445=\"\",\"\",COUNT($C$8:C445))","v":""},null,null,{"$f":"IF($Z445=\"\",\"\",IF($F445=ApportCouvert,INDEX(Îlots!$I$8:$I$57,$Z445)&\"\",INDEX(Îlots!$N$8:$N$57,$Z445)&\"\"))","v":""},null,null,{"$f":"IF($AA445=\"\",\"\",INDEX(Fertilisants!$D$8:$D$47,$AA445)&\"\")","v":""},null,null,{"$f":"IF($AA445=\"\",\"\",INDEX(Fertilisants!$E$8:$E$47,$AA445)&\"\")","v":""},"",{"$f":"IF(OR($J445=\"\",$AA445=\"\"),\"\",$J445*N(INDEX(Fertilisants!$G$8:$G$47,$AA445)))","v":""},{"$f":"IF(OR($J445=\"\",$AA445=\"\"),\"\",$J445*N(INDEX(Fertilisants!$I$8:$I$47,$AA445)))","v":""},{"$f":"IF(OR($J445=\"\",$AA445=\"\"),\"\",$J445*N(INDEX(Fertilisants!$J$8:$J$47,$AA445)))","v":""},{"$f":"IF(OR($J445=\"\",$AA445=\"\"),\"\",$J445*N(INDEX(Fertilisants!$K$8:$K$47,$AA445)))","v":""},"",{"$nulls":5},"",null,null,{"$f":"IF($D445=\"\",\"\",IFERROR(MATCH($D445,Îlots!$D$8:$D$57,0),\"\"))","v":""},{"$f":"IF($G445=\"\",\"\",IFERROR(MATCH($G445,Fertilisants!$B$8:$B$47,0),\"\"))","v":""},{"$f":"IF($Z445=\"\",\"\",INDEX(Îlots!$E$8:$E$57,$Z445))","v":""},{"$f":"IF($Z445=\"\",\"\",INDEX(Îlots!$G$8:$G$57,$Z445)&\"\")","v":""},{"$f":"IF($Z445=\"\",\"\",IF($F445=ApportCouvert,OccCouvert,INDEX(Îlots!$O$8:$O$57,$Z445)&\"\"))","v":""},"","","",0,0,0,0,0,{"$f":"IF($AA445=\"\",0,IF(INDEX(Fertilisants!$C$8:$C$47,$AA445)=\"Effluent d'élevage\",1,0))","v":0},{"$f":"IF($AA445=\"\",\"\",IF(INDEX(Fertilisants!$C$8:$C$47,$AA445)=\"Engrais minéral\",\"Minéral\",\"Organique\"))","v":""},"","","",{"$f":"IF(AND($D445<>\"\",$D445=FicheIlot),COUNTIF($D$8:$D445,FicheIlot),\"\")","v":""}]
[null,{"$f":"IF(C446=\"\",\"\",COUNT($C$8:C446))","v":""},null,null,{"$f":"IF($Z446=\"\",\"\",IF($F446=ApportCouvert,INDEX(Îlots!$I$8:$I$57,$Z446)&\"\",INDEX(Îlots!$N$8:$N$57,$Z446)&\"\"))","v":""},null,null,{"$f":"IF($AA446=\"\",\"\",INDEX(Fertilisants!$D$8:$D$47,$AA446)&\"\")","v":""},null,null,{"$f":"IF($AA446=\"\",\"\",INDEX(Fertilisants!$E$8:$E$47,$AA446)&\"\")","v":""},"",{"$f":"IF(OR($J446=\"\",$AA446=\"\"),\"\",$J446*N(INDEX(Fertilisants!$G$8:$G$47,$AA446)))","v":""},{"$f":"IF(OR($J446=\"\",$AA446=\"\"),\"\",$J446*N(INDEX(Fertilisants!$I$8:$I$47,$AA446)))","v":""},{"$f":"IF(OR($J446=\"\",$AA446=\"\"),\"\",$J446*N(INDEX(Fertilisants!$J$8:$J$47,$AA446)))","v":""},{"$f":"IF(OR($J446=\"\",$AA446=\"\"),\"\",$J446*N(INDEX(Fertilisants!$K$8:$K$47,$AA446)))","v":""},"",{"$nulls":5},"",null,null,{"$f":"IF($D446=\"\",\"\",IFERROR(MATCH($D446,Îlots!$D$8:$D$57,0),\"\"))","v":""},{"$f":"IF($G446=\"\",\"\",IFERROR(MATCH($G446,Fertilisants!$B$8:$B$47,0),\"\"))","v":""},{"$f":"IF($Z446=\"\",\"\",INDEX(Îlots!$E$8:$E$57,$Z446))","v":""},{"$f":"IF($Z446=\"\",\"\",INDEX(Îlots!$G$8:$G$57,$Z446)&\"\")","v":""},{"$f":"IF($Z446=\"\",\"\",IF($F446=ApportCouvert,OccCouvert,INDEX(Îlots!$O$8:$O$57,$Z446)&\"\"))","v":""},"","","",0,0,0,0,0,{"$f":"IF($AA446=\"\",0,IF(INDEX(Fertilisants!$C$8:$C$47,$AA446)=\"Effluent d'élevage\",1,0))","v":0},{"$f":"IF($AA446=\"\",\"\",IF(INDEX(Fertilisants!$C$8:$C$47,$AA446)=\"Engrais minéral\",\"Minéral\",\"Organique\"))","v":""},"","","",{"$f":"IF(AND($D446<>\"\",$D446=FicheIlot),COUNTIF($D$8:$D446,FicheIlot),\"\")","v":""}]
[null,{"$f":"IF(C447=\"\",\"\",COUNT($C$8:C447))","v":""},null,null,{"$f":"IF($Z447=\"\",\"\",IF($F447=ApportCouvert,INDEX(Îlots!$I$8:$I$57,$Z447)&\"\",INDEX(Îlots!$N$8:$N$57,$Z447)&\"\"))","v":""},null,null,{"$f":"IF($AA447=\"\",\"\",INDEX(Fertilisants!$D$8:$D$47,$AA447)&\"\")","v":""},null,null,{"$f":"IF($AA447=\"\",\"\",INDEX(Fertilisants!$E$8:$E$47,$AA447)&\"\")","v":""},"",{"$f":"IF(OR($J447=\"\",$AA447=\"\"),\"\",$J447*N(INDEX(Fertilisants!$G$8:$G$47,$AA447)))","v":""},{"$f":"IF(OR($J447=\"\",$AA447=\"\"),\"\",$J447*N(INDEX(Fertilisants!$I$8:$I$47,$AA447)))","v":""},{"$f":"IF(OR($J447=\"\",$AA447=\"\"),\"\",$J447*N(INDEX(Fertilisants!$J$8:$J$47,$AA447)))","v":""},{"$f":"IF(OR($J447=\"\",$AA447=\"\"),\"\",$J447*N(INDEX(Fertilisants!$K$8:$K$47,$AA447)))","v":""},"",{"$nulls":5},"",null,null,{"$f":"IF($D447=\"\",\"\",IFERROR(MATCH($D447,Îlots!$D$8:$D$57,0),\"\"))","v":""},{"$f":"IF($G447=\"\",\"\",IFERROR(MATCH($G447,Fertilisants!$B$8:$B$47,0),\"\"))","v":""},{"$f":"IF($Z447=\"\",\"\",INDEX(Îlots!$E$8:$E$57,$Z447))","v":""},{"$f":"IF($Z447=\"\",\"\",INDEX(Îlots!$G$8:$G$57,$Z447)&\"\")","v":""},{"$f":"IF($Z447=\"\",\"\",IF($F447=ApportCouvert,OccCouvert,INDEX(Îlots!$O$8:$O$57,$Z447)&\"\"))","v":""},"","","",0,0,0,0,0,{"$f":"IF($AA447=\"\",0,IF(INDEX(Fertilisants!$C$8:$C$47,$AA447)=\"Effluent d'élevage\",1,0))","v":0},{"$f":"IF($AA447=\"\",\"\",IF(INDEX(Fertilisants!$C$8:$C$47,$AA447)=\"Engrais minéral\",\"Minéral\",\"Organique\"))","v":""},"","","",{"$f":"IF(AND($D447<>\"\",$D447=FicheIlot),COUNTIF($D$8:$D447,FicheIlot),\"\")","v":""}]
[null,{"$f":"IF(C448=\"\",\"\",COUNT($C$8:C448))","v":""},null,null,{"$f":"IF($Z448=\"\",\"\",IF($F448=ApportCouvert,INDEX(Îlots!$I$8:$I$57,$Z448)&\"\",INDEX(Îlots!$N$8:$N$57,$Z448)&\"\"))","v":""},null,null,{"$f":"IF($AA448=\"\",\"\",INDEX(Fertilisants!$D$8:$D$47,$AA448)&\"\")","v":""},null,null,{"$f":"IF($AA448=\"\",\"\",INDEX(Fertilisants!$E$8:$E$47,$AA448)&\"\")","v":""},"",{"$f":"IF(OR($J448=\"\",$AA448=\"\"),\"\",$J448*N(INDEX(Fertilisants!$G$8:$G$47,$AA448)))","v":""},{"$f":"IF(OR($J448=\"\",$AA448=\"\"),\"\",$J448*N(INDEX(Fertilisants!$I$8:$I$47,$AA448)))","v":""},{"$f":"IF(OR($J448=\"\",$AA448=\"\"),\"\",$J448*N(INDEX(Fertilisants!$J$8:$J$47,$AA448)))","v":""},{"$f":"IF(OR($J448=\"\",$AA448=\"\"),\"\",$J448*N(INDEX(Fertilisants!$K$8:$K$47,$AA448)))","v":""},"",{"$nulls":5},"",null,null,{"$f":"IF($D448=\"\",\"\",IFERROR(MATCH($D448,Îlots!$D$8:$D$57,0),\"\"))","v":""},{"$f":"IF($G448=\"\",\"\",IFERROR(MATCH($G448,Fertilisants!$B$8:$B$47,0),\"\"))","v":""},{"$f":"IF($Z448=\"\",\"\",INDEX(Îlots!$E$8:$E$57,$Z448))","v":""},{"$f":"IF($Z448=\"\",\"\",INDEX(Îlots!$G$8:$G$57,$Z448)&\"\")","v":""},{"$f":"IF($Z448=\"\",\"\",IF($F448=ApportCouvert,OccCouvert,INDEX(Îlots!$O$8:$O$57,$Z448)&\"\"))","v":""},"","","",0,0,0,0,0,{"$f":"IF($AA448=\"\",0,IF(INDEX(Fertilisants!$C$8:$C$47,$AA448)=\"Effluent d'élevage\",1,0))","v":0},{"$f":"IF($AA448=\"\",\"\",IF(INDEX(Fertilisants!$C$8:$C$47,$AA448)=\"Engrais minéral\",\"Minéral\",\"Organique\"))","v":""},"","","",{"$f":"IF(AND($D448<>\"\",$D448=FicheIlot),COUNTIF($D$8:$D448,FicheIlot),\"\")","v":""}]
[null,{"$f":"IF(C449=\"\",\"\",COUNT($C$8:C449))","v":""},null,null,{"$f":"IF($Z449=\"\",\"\",IF($F449=ApportCouvert,INDEX(Îlots!$I$8:$I$57,$Z449)&\"\",INDEX(Îlots!$N$8:$N$57,$Z449)&\"\"))","v":""},null,null,{"$f":"IF($AA449=\"\",\"\",INDEX(Fertilisants!$D$8:$D$47,$AA449)&\"\")","v":""},null,null,{"$f":"IF($AA449=\"\",\"\",INDEX(Fertilisants!$E$8:$E$47,$AA449)&\"\")","v":""},"",{"$f":"IF(OR($J449=\"\",$AA449=\"\"),\"\",$J449*N(INDEX(Fertilisants!$G$8:$G$47,$AA449)))","v":""},{"$f":"IF(OR($J449=\"\",$AA449=\"\"),\"\",$J449*N(INDEX(Fertilisants!$I$8:$I$47,$AA449)))","v":""},{"$f":"IF(OR($J449=\"\",$AA449=\"\"),\"\",$J449*N(INDEX(Fertilisants!$J$8:$J$47,$AA449)))","v":""},{"$f":"IF(OR($J449=\"\",$AA449=\"\"),\"\",$J449*N(INDEX(Fertilisants!$K$8:$K$47,$AA449)))","v":""},"",{"$nulls":5},"",null,null,{"$f":"IF($D449=\"\",\"\",IFERROR(MATCH($D449,Îlots!$D$8:$D$57,0),\"\"))","v":""},{"$f":"IF($G449=\"\",\"\",IFERROR(MATCH($G449,Fertilisants!$B$8:$B$47,0),\"\"))","v":""},{"$f":"IF($Z449=\"\",\"\",INDEX(Îlots!$E$8:$E$57,$Z449))","v":""},{"$f":"IF($Z449=\"\",\"\",INDEX(Îlots!$G$8:$G$57,$Z449)&\"\")","v":""},{"$f":"IF($Z449=\"\",\"\",IF($F449=ApportCouvert,OccCouvert,INDEX(Îlots!$O$8:$O$57,$Z449)&\"\"))","v":""},"","","",0,0,0,0,0,{"$f":"IF($AA449=\"\",0,IF(INDEX(Fertilisants!$C$8:$C$47,$AA449)=\"Effluent d'élevage\",1,0))","v":0},{"$f":"IF($AA449=\"\",\"\",IF(INDEX(Fertilisants!$C$8:$C$47,$AA449)=\"Engrais minéral\",\"Minéral\",\"Organique\"))","v":""},"","","",{"$f":"IF(AND($D449<>\"\",$D449=FicheIlot),COUNTIF($D$8:$D449,FicheIlot),\"\")","v":""}]
[null,{"$f":"IF(C450=\"\",\"\",COUNT($C$8:C450))","v":""},null,null,{"$f":"IF($Z450=\"\",\"\",IF($F450=ApportCouvert,INDEX(Îlots!$I$8:$I$57,$Z450)&\"\",INDEX(Îlots!$N$8:$N$57,$Z450)&\"\"))","v":""},null,null,{"$f":"IF($AA450=\"\",\"\",INDEX(Fertilisants!$D$8:$D$47,$AA450)&\"\")","v":""},null,null,{"$f":"IF($AA450=\"\",\"\",INDEX(Fertilisants!$E$8:$E$47,$AA450)&\"\")","v":""},"",{"$f":"IF(OR($J450=\"\",$AA450=\"\"),\"\",$J450*N(INDEX(Fertilisants!$G$8:$G$47,$AA450)))","v":""},{"$f":"IF(OR($J450=\"\",$AA450=\"\"),\"\",$J450*N(INDEX(Fertilisants!$I$8:$I$47,$AA450)))","v":""},{"$f":"IF(OR($J450=\"\",$AA450=\"\"),\"\",$J450*N(INDEX(Fertilisants!$J$8:$J$47,$AA450)))","v":""},{"$f":"IF(OR($J450=\"\",$AA450=\"\"),\"\",$J450*N(INDEX(Fertilisants!$K$8:$K$47,$AA450)))","v":""},"",{"$nulls":5},"",null,null,{"$f":"IF($D450=\"\",\"\",IFERROR(MATCH($D450,Îlots!$D$8:$D$57,0),\"\"))","v":""},{"$f":"IF($G450=\"\",\"\",IFERROR(MATCH($G450,Fertilisants!$B$8:$B$47,0),\"\"))","v":""},{"$f":"IF($Z450=\"\",\"\",INDEX(Îlots!$E$8:$E$57,$Z450))","v":""},{"$f":"IF($Z450=\"\",\"\",INDEX(Îlots!$G$8:$G$57,$Z450)&\"\")","v":""},{"$f":"IF($Z450=\"\",\"\",IF($F450=ApportCouvert,OccCouvert,INDEX(Îlots!$O$8:$O$57,$Z450)&\"\"))","v":""},"","","",0,0,0,0,0,{"$f":"IF($AA450=\"\",0,IF(INDEX(Fertilisants!$C$8:$C$47,$AA450)=\"Effluent d'élevage\",1,0))","v":0},{"$f":"IF($AA450=\"\",\"\",IF(INDEX(Fertilisants!$C$8:$C$47,$AA450)=\"Engrais minéral\",\"Minéral\",\"Organique\"))","v":""},"","","",{"$f":"IF(AND($D450<>\"\",$D450=FicheIlot),COUNTIF($D$8:$D450,FicheIlot),\"\")","v":""}]
[null,{"$f":"IF(C451=\"\",\"\",COUNT($C$8:C451))","v":""},null,null,{"$f":"IF($Z451=\"\",\"\",IF($F451=ApportCouvert,INDEX(Îlots!$I$8:$I$57,$Z451)&\"\",INDEX(Îlots!$N$8:$N$57,$Z451)&\"\"))","v":""},null,null,{"$f":"IF($AA451=\"\",\"\",INDEX(Fertilisants!$D$8:$D$47,$AA451)&\"\")","v":""},null,null,{"$f":"IF($AA451=\"\",\"\",INDEX(Fertilisants!$E$8:$E$47,$AA451)&\"\")","v":""},"",{"$f":"IF(OR($J451=\"\",$AA451=\"\"),\"\",$J451*N(INDEX(Fertilisants!$G$8:$G$47,$AA451)))","v":""},{"$f":"IF(OR($J451=\"\",$AA451=\"\"),\"\",$J451*N(INDEX(Fertilisants!$I$8:$I$47,$AA451)))","v":""},{"$f":"IF(OR($J451=\"\",$AA451=\"\"),\"\",$J451*N(INDEX(Fertilisants!$J$8:$J$47,$AA451)))","v":""},{"$f":"IF(OR($J451=\"\",$AA451=\"\"),\"\",$J451*N(INDEX(Fertilisants!$K$8:$K$47,$AA451)))","v":""},"",{"$nulls":5},"",null,null,{"$f":"IF($D451=\"\",\"\",IFERROR(MATCH($D451,Îlots!$D$8:$D$57,0),\"\"))","v":""},{"$f":"IF($G451=\"\",\"\",IFERROR(MATCH($G451,Fertilisants!$B$8:$B$47,0),\"\"))","v":""},{"$f":"IF($Z451=\"\",\"\",INDEX(Îlots!$E$8:$E$57,$Z451))","v":""},{"$f":"IF($Z451=\"\",\"\",INDEX(Îlots!$G$8:$G$57,$Z451)&\"\")","v":""},{"$f":"IF($Z451=\"\",\"\",IF($F451=ApportCouvert,OccCouvert,INDEX(Îlots!$O$8:$O$57,$Z451)&\"\"))","v":""},"","","",0,0,0,0,0,{"$f":"IF($AA451=\"\",0,IF(INDEX(Fertilisants!$C$8:$C$47,$AA451)=\"Effluent d'élevage\",1,0))","v":0},{"$f":"IF($AA451=\"\",\"\",IF(INDEX(Fertilisants!$C$8:$C$47,$AA451)=\"Engrais minéral\",\"Minéral\",\"Organique\"))","v":""},"","","",{"$f":"IF(AND($D451<>\"\",$D451=FicheIlot),COUNTIF($D$8:$D451,FicheIlot),\"\")","v":""}]
[null,{"$f":"IF(C452=\"\",\"\",COUNT($C$8:C452))","v":""},null,null,{"$f":"IF($Z452=\"\",\"\",IF($F452=ApportCouvert,INDEX(Îlots!$I$8:$I$57,$Z452)&\"\",INDEX(Îlots!$N$8:$N$57,$Z452)&\"\"))","v":""},null,null,{"$f":"IF($AA452=\"\",\"\",INDEX(Fertilisants!$D$8:$D$47,$AA452)&\"\")","v":""},null,null,{"$f":"IF($AA452=\"\",\"\",INDEX(Fertilisants!$E$8:$E$47,$AA452)&\"\")","v":""},"",{"$f":"IF(OR($J452=\"\",$AA452=\"\"),\"\",$J452*N(INDEX(Fertilisants!$G$8:$G$47,$AA452)))","v":""},{"$f":"IF(OR($J452=\"\",$AA452=\"\"),\"\",$J452*N(INDEX(Fertilisants!$I$8:$I$47,$AA452)))","v":""},{"$f":"IF(OR($J452=\"\",$AA452=\"\"),\"\",$J452*N(INDEX(Fertilisants!$J$8:$J$47,$AA452)))","v":""},{"$f":"IF(OR($J452=\"\",$AA452=\"\"),\"\",$J452*N(INDEX(Fertilisants!$K$8:$K$47,$AA452)))","v":""},"",{"$nulls":5},"",null,null,{"$f":"IF($D452=\"\",\"\",IFERROR(MATCH($D452,Îlots!$D$8:$D$57,0),\"\"))","v":""},{"$f":"IF($G452=\"\",\"\",IFERROR(MATCH($G452,Fertilisants!$B$8:$B$47,0),\"\"))","v":""},{"$f":"IF($Z452=\"\",\"\",INDEX(Îlots!$E$8:$E$57,$Z452))","v":""},{"$f":"IF($Z452=\"\",\"\",INDEX(Îlots!$G$8:$G$57,$Z452)&\"\")","v":""},{"$f":"IF($Z452=\"\",\"\",IF($F452=ApportCouvert,OccCouvert,INDEX(Îlots!$O$8:$O$57,$Z452)&\"\"))","v":""},"","","",0,0,0,0,0,{"$f":"IF($AA452=\"\",0,IF(INDEX(Fertilisants!$C$8:$C$47,$AA452)=\"Effluent d'élevage\",1,0))","v":0},{"$f":"IF($AA452=\"\",\"\",IF(INDEX(Fertilisants!$C$8:$C$47,$AA452)=\"Engrais minéral\",\"Minéral\",\"Organique\"))","v":""},"","","",{"$f":"IF(AND($D452<>\"\",$D452=FicheIlot),COUNTIF($D$8:$D452,FicheIlot),\"\")","v":""}]
[null,{"$f":"IF(C453=\"\",\"\",COUNT($C$8:C453))","v":""},null,null,{"$f":"IF($Z453=\"\",\"\",IF($F453=ApportCouvert,INDEX(Îlots!$I$8:$I$57,$Z453)&\"\",INDEX(Îlots!$N$8:$N$57,$Z453)&\"\"))","v":""},null,null,{"$f":"IF($AA453=\"\",\"\",INDEX(Fertilisants!$D$8:$D$47,$AA453)&\"\")","v":""},null,null,{"$f":"IF($AA453=\"\",\"\",INDEX(Fertilisants!$E$8:$E$47,$AA453)&\"\")","v":""},"",{"$f":"IF(OR($J453=\"\",$AA453=\"\"),\"\",$J453*N(INDEX(Fertilisants!$G$8:$G$47,$AA453)))","v":""},{"$f":"IF(OR($J453=\"\",$AA453=\"\"),\"\",$J453*N(INDEX(Fertilisants!$I$8:$I$47,$AA453)))","v":""},{"$f":"IF(OR($J453=\"\",$AA453=\"\"),\"\",$J453*N(INDEX(Fertilisants!$J$8:$J$47,$AA453)))","v":""},{"$f":"IF(OR($J453=\"\",$AA453=\"\"),\"\",$J453*N(INDEX(Fertilisants!$K$8:$K$47,$AA453)))","v":""},"",{"$nulls":5},"",null,null,{"$f":"IF($D453=\"\",\"\",IFERROR(MATCH($D453,Îlots!$D$8:$D$57,0),\"\"))","v":""},{"$f":"IF($G453=\"\",\"\",IFERROR(MATCH($G453,Fertilisants!$B$8:$B$47,0),\"\"))","v":""},{"$f":"IF($Z453=\"\",\"\",INDEX(Îlots!$E$8:$E$57,$Z453))","v":""},{"$f":"IF($Z453=\"\",\"\",INDEX(Îlots!$G$8:$G$57,$Z453)&\"\")","v":""},{"$f":"IF($Z453=\"\",\"\",IF($F453=ApportCouvert,OccCouvert,INDEX(Îlots!$O$8:$O$57,$Z453)&\"\"))","v":""},"","","",0,0,0,0,0,{"$f":"IF($AA453=\"\",0,IF(INDEX(Fertilisants!$C$8:$C$47,$AA453)=\"Effluent d'élevage\",1,0))","v":0},{"$f":"IF($AA453=\"\",\"\",IF(INDEX(Fertilisants!$C$8:$C$47,$AA453)=\"Engrais minéral\",\"Minéral\",\"Organique\"))","v":""},"","","",{"$f":"IF(AND($D453<>\"\",$D453=FicheIlot),COUNTIF($D$8:$D453,FicheIlot),\"\")","v":""}]
[null,{"$f":"IF(C454=\"\",\"\",COUNT($C$8:C454))","v":""},null,null,{"$f":"IF($Z454=\"\",\"\",IF($F454=ApportCouvert,INDEX(Îlots!$I$8:$I$57,$Z454)&\"\",INDEX(Îlots!$N$8:$N$57,$Z454)&\"\"))","v":""},null,null,{"$f":"IF($AA454=\"\",\"\",INDEX(Fertilisants!$D$8:$D$47,$AA454)&\"\")","v":""},null,null,{"$f":"IF($AA454=\"\",\"\",INDEX(Fertilisants!$E$8:$E$47,$AA454)&\"\")","v":""},"",{"$f":"IF(OR($J454=\"\",$AA454=\"\"),\"\",$J454*N(INDEX(Fertilisants!$G$8:$G$47,$AA454)))","v":""},{"$f":"IF(OR($J454=\"\",$AA454=\"\"),\"\",$J454*N(INDEX(Fertilisants!$I$8:$I$47,$AA454)))","v":""},{"$f":"IF(OR($J454=\"\",$AA454=\"\"),\"\",$J454*N(INDEX(Fertilisants!$J$8:$J$47,$AA454)))","v":""},{"$f":"IF(OR($J454=\"\",$AA454=\"\"),\"\",$J454*N(INDEX(Fertilisants!$K$8:$K$47,$AA454)))","v":""},"",{"$nulls":5},"",null,null,{"$f":"IF($D454=\"\",\"\",IFERROR(MATCH($D454,Îlots!$D$8:$D$57,0),\"\"))","v":""},{"$f":"IF($G454=\"\",\"\",IFERROR(MATCH($G454,Fertilisants!$B$8:$B$47,0),\"\"))","v":""},{"$f":"IF($Z454=\"\",\"\",INDEX(Îlots!$E$8:$E$57,$Z454))","v":""},{"$f":"IF($Z454=\"\",\"\",INDEX(Îlots!$G$8:$G$57,$Z454)&\"\")","v":""},{"$f":"IF($Z454=\"\",\"\",IF($F454=ApportCouvert,OccCouvert,INDEX(Îlots!$O$8:$O$57,$Z454)&\"\"))","v":""},"","","",0,0,0,0,0,{"$f":"IF($AA454=\"\",0,IF(INDEX(Fertilisants!$C$8:$C$47,$AA454)=\"Effluent d'élevage\",1,0))","v":0},{"$f":"IF($AA454=\"\",\"\",IF(INDEX(Fertilisants!$C$8:$C$47,$AA454)=\"Engrais minéral\",\"Minéral\",\"Organique\"))","v":""},"","","",{"$f":"IF(AND($D454<>\"\",$D454=FicheIlot),COUNTIF($D$8:$D454,FicheIlot),\"\")","v":""}]
[null,{"$f":"IF(C455=\"\",\"\",COUNT($C$8:C455))","v":""},null,null,{"$f":"IF($Z455=\"\",\"\",IF($F455=ApportCouvert,INDEX(Îlots!$I$8:$I$57,$Z455)&\"\",INDEX(Îlots!$N$8:$N$57,$Z455)&\"\"))","v":""},null,null,{"$f":"IF($AA455=\"\",\"\",INDEX(Fertilisants!$D$8:$D$47,$AA455)&\"\")","v":""},null,null,{"$f":"IF($AA455=\"\",\"\",INDEX(Fertilisants!$E$8:$E$47,$AA455)&\"\")","v":""},"",{"$f":"IF(OR($J455=\"\",$AA455=\"\"),\"\",$J455*N(INDEX(Fertilisants!$G$8:$G$47,$AA455)))","v":""},{"$f":"IF(OR($J455=\"\",$AA455=\"\"),\"\",$J455*N(INDEX(Fertilisants!$I$8:$I$47,$AA455)))","v":""},{"$f":"IF(OR($J455=\"\",$AA455=\"\"),\"\",$J455*N(INDEX(Fertilisants!$J$8:$J$47,$AA455)))","v":""},{"$f":"IF(OR($J455=\"\",$AA455=\"\"),\"\",$J455*N(INDEX(Fertilisants!$K$8:$K$47,$AA455)))","v":""},"",{"$nulls":5},"",null,null,{"$f":"IF($D455=\"\",\"\",IFERROR(MATCH($D455,Îlots!$D$8:$D$57,0),\"\"))","v":""},{"$f":"IF($G455=\"\",\"\",IFERROR(MATCH($G455,Fertilisants!$B$8:$B$47,0),\"\"))","v":""},{"$f":"IF($Z455=\"\",\"\",INDEX(Îlots!$E$8:$E$57,$Z455))","v":""},{"$f":"IF($Z455=\"\",\"\",INDEX(Îlots!$G$8:$G$57,$Z455)&\"\")","v":""},{"$f":"IF($Z455=\"\",\"\",IF($F455=ApportCouvert,OccCouvert,INDEX(Îlots!$O$8:$O$57,$Z455)&\"\"))","v":""},"","","",0,0,0,0,0,{"$f":"IF($AA455=\"\",0,IF(INDEX(Fertilisants!$C$8:$C$47,$AA455)=\"Effluent d'élevage\",1,0))","v":0},{"$f":"IF($AA455=\"\",\"\",IF(INDEX(Fertilisants!$C$8:$C$47,$AA455)=\"Engrais minéral\",\"Minéral\",\"Organique\"))","v":""},"","","",{"$f":"IF(AND($D455<>\"\",$D455=FicheIlot),COUNTIF($D$8:$D455,FicheIlot),\"\")","v":""}]
[null,{"$f":"IF(C456=\"\",\"\",COUNT($C$8:C456))","v":""},null,null,{"$f":"IF($Z456=\"\",\"\",IF($F456=ApportCouvert,INDEX(Îlots!$I$8:$I$57,$Z456)&\"\",INDEX(Îlots!$N$8:$N$57,$Z456)&\"\"))","v":""},null,null,{"$f":"IF($AA456=\"\",\"\",INDEX(Fertilisants!$D$8:$D$47,$AA456)&\"\")","v":""},null,null,{"$f":"IF($AA456=\"\",\"\",INDEX(Fertilisants!$E$8:$E$47,$AA456)&\"\")","v":""},{"$f":"IF(OR($I456=\"\",$J456=\"\"),\"\",$I456*$J456)","v":""},{"$f":"IF(OR($J456=\"\",$AA456=\"\"),\"\",$J456*N(INDEX(Fertilisants!$G$8:$G$47,$AA456)))","v":""},{"$f":"IF(OR($J456=\"\",$AA456=\"\"),\"\",$J456*N(INDEX(Fertilisants!$I$8:$I$47,$AA456)))","v":""},{"$f":"IF(OR($J456=\"\",$AA456=\"\"),\"\",$J456*N(INDEX(Fertilisants!$J$8:$J$47,$AA456)))","v":""},{"$f":"IF(OR($J456=\"\",$AA456=\"\"),\"\",$J456*N(INDEX(Fertilisants!$K$8:$K$47,$AA456)))","v":""},{"$f":"IF(OR($I456=\"\",$M456=\"\"),\"\",$I456*$M456)","v":""},{"$nulls":5},{"$f":"IF($C456=\"\",\"\",IF(OR($D456=\"\",$G456=\"\",$I456=\"\",$J456=\"\"),\"Incomplet\",IF(OR($R456=\"Enneigé\",$R456=\"Détrempé\",$R456=\"Inondé\",AND($R456=\"Gelé\",$H456<>\"Type 0\",$H456<>\"Type Ia\")),\"Sol interdit\",IF($AL456=1,\"Période interdite\",IF(AND(ISNUMBER($AB456),$I456>$AB456+0.001),\"Surface > îlot\",IF(OR($C456<DebutCampagne,$C456>FinCampagne),\"Hors campagne\",IF(AND(ISNUMBER($V456),$V456-$C456>DelaiSaisie),\"Saisie tardive\",\"Conforme\")))))))","v":""},null,null,{"$f":"IF($D456=\"\",\"\",IFERROR(MATCH($D456,Îlots!$D$8:$D$57,0),\"\"))","v":""},{"$f":"IF($G456=\"\",\"\",IFERROR(MATCH($G456,Fertilisants!$B$8:$B$47,0),\"\"))","v":""},{"$f":"IF($Z456=\"\",\"\",INDEX(Îlots!$E$8:$E$57,$Z456))","v":""},{"$f":"IF($Z456=\"\",\"\",INDEX(Îlots!$G$8:$G$57,$Z456)&\"\")","v":""},{"$f":"IF($Z456=\"\",\"\",IF($F456=ApportCouvert,OccCouvert,INDEX(Îlots!$O$8:$O$57,$Z456)&\"\"))","v":""},{"$f":"IF(OR($AD456=\"\",$AC456=\"Non\",ZoneVulnerable=\"Non\"),\"\",IFERROR(MATCH($AD456,CalOccupations,0),\"\"))","v":""},{"$f":"IF($H456=\"\",\"\",IFERROR(MATCH($H456,CalTypes,0),\"\"))","v":""},{"$f":"IF(ISNUMBER($C456),MONTH($C456)*100+DAY($C456),\"\")","v":""},{"$f":"IF(OR($AE456=\"\",$AF456=\"\"),0,IF(N(INDEX(CalPrincipal,$AE456,$AF456+0))=0,0,MONTH(INDEX(CalPrincipal,$AE456,$AF456+0))*100+DAY(INDEX(CalPrincipal,$AE456,$AF456+0))))","v":0},{"$f":"IF(OR($AE456=\"\",$AF456=\"\"),0,IF(N(INDEX(CalPrincipal,$AE456,$AF456+1))=0,0,MONTH(INDEX(CalPrincipal,$AE456,$AF456+1))*100+DAY(INDEX(CalPrincipal,$AE456,$AF456+1))))","v":0},{"$f":"IF(OR($AE456=\"\",$AF456=\"\"),0,IF(N(INDEX(CalComplement,$AE456,$AF456+0))=0,0,MONTH(INDEX(CalComplement,$AE456,$AF456+0))*100+DAY(INDEX(CalComplement,$AE456,$AF456+0))))","v":0},{"$f":"IF(OR($AE456=\"\",$AF456=\"\"),0,IF(N(INDEX(CalComplement,$AE456,$AF456+1))=0,0,MONTH(INDEX(CalComplement,$AE456,$AF456+1))*100+DAY(INDEX(CalComplement,$AE456,$AF456+1))))","v":0},{"$f":"IF(OR($AE456=\"\",$AF456=\"\",$AG456=\"\"),0,IF(OR(AND($AH456>0,IF($AH456<=$AI456,AND($AG456>=$AH456,$AG456<=$AI456),OR($AG456>=$AH456,$AG456<=$AI456))),AND($AJ456>0,IF($AJ456<=$AK456,AND($AG456>=$AJ456,$AG456<=$AK456),OR($AG456>=$AJ456,$AG456<=$AK456)))),1,0))","v":0},{"$f":"IF($AA456=\"\",0,IF(INDEX(Fertilisants!$C$8:$C$47,$AA456)=\"Effluent d'élevage\",1,0))","v":0},{"$f":"IF($AA456=\"\",\"\",IF(INDEX(Fertilisants!$C$8:$C$47,$AA456)=\"Engrais minéral\",\"Minéral\",\"Organique\"))","v":""},{"$f":"IF(OR($I456=\"\",$N456=\"\"),\"\",$I456*$N456)","v":""},{"$f":"IF(OR($I456=\"\",$O456=\"\"),\"\",$I456*$O456)","v":""},{"$f":"IF(OR($I456=\"\",$P456=\"\"),\"\",$I456*$P456)","v":""},{"$f":"IF(AND($D456<>\"\",$D456=FicheIlot),COUNTIF($D$8:$D456,FicheIlot),\"\")","v":""}]
[null,{"$f":"IF(C457=\"\",\"\",COUNT($C$8:C457))","v":""},null,null,{"$f":"IF($Z457=\"\",\"\",IF($F457=ApportCouvert,INDEX(Îlots!$I$8:$I$57,$Z457)&\"\",INDEX(Îlots!$N$8:$N$57,$Z457)&\"\"))","v":""},null,null,{"$f":"IF($AA457=\"\",\"\",INDEX(Fertilisants!$D$8:$D$47,$AA457)&\"\")","v":""},null,null,{"$f":"IF($AA457=\"\",\"\",INDEX(Fertilisants!$E$8:$E$47,$AA457)&\"\")","v":""},"",{"$f":"IF(OR($J457=\"\",$AA457=\"\"),\"\",$J457*N(INDEX(Fertilisants!$G$8:$G$47,$AA457)))","v":""},{"$f":"IF(OR($J457=\"\",$AA457=\"\"),\"\",$J457*N(INDEX(Fertilisants!$I$8:$I$47,$AA457)))","v":""},{"$f":"IF(OR($J457=\"\",$AA457=\"\"),\"\",$J457*N(INDEX(Fertilisants!$J$8:$J$47,$AA457)))","v":""},{"$f":"IF(OR($J457=\"\",$AA457=\"\"),\"\",$J457*N(INDEX(Fertilisants!$K$8:$K$47,$AA457)))","v":""},"",{"$nulls":5},"",null,null,{"$f":"IF($D457=\"\",\"\",IFERROR(MATCH($D457,Îlots!$D$8:$D$57,0),\"\"))","v":""},{"$f":"IF($G457=\"\",\"\",IFERROR(MATCH($G457,Fertilisants!$B$8:$B$47,0),\"\"))","v":""},{"$f":"IF($Z457=\"\",\"\",INDEX(Îlots!$E$8:$E$57,$Z457))","v":""},{"$f":"IF($Z457=\"\",\"\",INDEX(Îlots!$G$8:$G$57,$Z457)&\"\")","v":""},{"$f":"IF($Z457=\"\",\"\",IF($F457=ApportCouvert,OccCouvert,INDEX(Îlots!$O$8:$O$57,$Z457)&\"\"))","v":""},"","","",0,0,0,0,0,{"$f":"IF($AA457=\"\",0,IF(INDEX(Fertilisants!$C$8:$C$47,$AA457)=\"Effluent d'élevage\",1,0))","v":0},{"$f":"IF($AA457=\"\",\"\",IF(INDEX(Fertilisants!$C$8:$C$47,$AA457)=\"Engrais minéral\",\"Minéral\",\"Organique\"))","v":""},"","","",{"$f":"IF(AND($D457<>\"\",$D457=FicheIlot),COUNTIF($D$8:$D457,FicheIlot),\"\")","v":""}]
[null,{"$f":"IF(C458=\"\",\"\",COUNT($C$8:C458))","v":""},null,null,{"$f":"IF($Z458=\"\",\"\",IF($F458=ApportCouvert,INDEX(Îlots!$I$8:$I$57,$Z458)&\"\",INDEX(Îlots!$N$8:$N$57,$Z458)&\"\"))","v":""},null,null,{"$f":"IF($AA458=\"\",\"\",INDEX(Fertilisants!$D$8:$D$47,$AA458)&\"\")","v":""},null,null,{"$f":"IF($AA458=\"\",\"\",INDEX(Fertilisants!$E$8:$E$47,$AA458)&\"\")","v":""},"",{"$f":"IF(OR($J458=\"\",$AA458=\"\"),\"\",$J458*N(INDEX(Fertilisants!$G$8:$G$47,$AA458)))","v":""},{"$f":"IF(OR($J458=\"\",$AA458=\"\"),\"\",$J458*N(INDEX(Fertilisants!$I$8:$I$47,$AA458)))","v":""},{"$f":"IF(OR($J458=\"\",$AA458=\"\"),\"\",$J458*N(INDEX(Fertilisants!$J$8:$J$47,$AA458)))","v":""},{"$f":"IF(OR($J458=\"\",$AA458=\"\"),\"\",$J458*N(INDEX(Fertilisants!$K$8:$K$47,$AA458)))","v":""},"",{"$nulls":5},"",null,null,{"$f":"IF($D458=\"\",\"\",IFERROR(MATCH($D458,Îlots!$D$8:$D$57,0),\"\"))","v":""},{"$f":"IF($G458=\"\",\"\",IFERROR(MATCH($G458,Fertilisants!$B$8:$B$47,0),\"\"))","v":""},{"$f":"IF($Z458=\"\",\"\",INDEX(Îlots!$E$8:$E$57,$Z458))","v":""},{"$f":"IF($Z458=\"\",\"\",INDEX(Îlots!$G$8:$G$57,$Z458)&\"\")","v":""},{"$f":"IF($Z458=\"\",\"\",IF($F458=ApportCouvert,OccCouvert,INDEX(Îlots!$O$8:$O$57,$Z458)&\"\"))","v":""},"","","",0,0,0,0,0,{"$f":"IF($AA458=\"\",0,IF(INDEX(Fertilisants!$C$8:$C$47,$AA458)=\"Effluent d'élevage\",1,0))","v":0},{"$f":"IF($AA458=\"\",\"\",IF(INDEX(Fertilisants!$C$8:$C$47,$AA458)=\"Engrais minéral\",\"Minéral\",\"Organique\"))","v":""},"","","",{"$f":"IF(AND($D458<>\"\",$D458=FicheIlot),COUNTIF($D$8:$D458,FicheIlot),\"\")","v":""}]
[null,{"$f":"IF(C459=\"\",\"\",COUNT($C$8:C459))","v":""},null,null,{"$f":"IF($Z459=\"\",\"\",IF($F459=ApportCouvert,INDEX(Îlots!$I$8:$I$57,$Z459)&\"\",INDEX(Îlots!$N$8:$N$57,$Z459)&\"\"))","v":""},null,null,{"$f":"IF($AA459=\"\",\"\",INDEX(Fertilisants!$D$8:$D$47,$AA459)&\"\")","v":""},null,null,{"$f":"IF($AA459=\"\",\"\",INDEX(Fertilisants!$E$8:$E$47,$AA459)&\"\")","v":""},"",{"$f":"IF(OR($J459=\"\",$AA459=\"\"),\"\",$J459*N(INDEX(Fertilisants!$G$8:$G$47,$AA459)))","v":""},{"$f":"IF(OR($J459=\"\",$AA459=\"\"),\"\",$J459*N(INDEX(Fertilisants!$I$8:$I$47,$AA459)))","v":""},{"$f":"IF(OR($J459=\"\",$AA459=\"\"),\"\",$J459*N(INDEX(Fertilisants!$J$8:$J$47,$AA459)))","v":""},{"$f":"IF(OR($J459=\"\",$AA459=\"\"),\"\",$J459*N(INDEX(Fertilisants!$K$8:$K$47,$AA459)))","v":""},"",{"$nulls":5},"",null,null,{"$f":"IF($D459=\"\",\"\",IFERROR(MATCH($D459,Îlots!$D$8:$D$57,0),\"\"))","v":""},{"$f":"IF($G459=\"\",\"\",IFERROR(MATCH($G459,Fertilisants!$B$8:$B$47,0),\"\"))","v":""},{"$f":"IF($Z459=\"\",\"\",INDEX(Îlots!$E$8:$E$57,$Z459))","v":""},{"$f":"IF($Z459=\"\",\"\",INDEX(Îlots!$G$8:$G$57,$Z459)&\"\")","v":""},{"$f":"IF($Z459=\"\",\"\",IF($F459=ApportCouvert,OccCouvert,INDEX(Îlots!$O$8:$O$57,$Z459)&\"\"))","v":""},"","","",0,0,0,0,0,{"$f":"IF($AA459=\"\",0,IF(INDEX(Fertilisants!$C$8:$C$47,$AA459)=\"Effluent d'élevage\",1,0))","v":0},{"$f":"IF($AA459=\"\",\"\",IF(INDEX(Fertilisants!$C$8:$C$47,$AA459)=\"Engrais minéral\",\"Minéral\",\"Organique\"))","v":""},"","","",{"$f":"IF(AND($D459<>\"\",$D459=FicheIlot),COUNTIF($D$8:$D459,FicheIlot),\"\")","v":""}]
[null,{"$f":"IF(C460=\"\",\"\",COUNT($C$8:C460))","v":""},null,null,{"$f":"IF($Z460=\"\",\"\",IF($F460=ApportCouvert,INDEX(Îlots!$I$8:$I$57,$Z460)&\"\",INDEX(Îlots!$N$8:$N$57,$Z460)&\"\"))","v":""},null,null,{"$f":"IF($AA460=\"\",\"\",INDEX(Fertilisants!$D$8:$D$47,$AA460)&\"\")","v":""},null,null,{"$f":"IF($AA460=\"\",\"\",INDEX(Fertilisants!$E$8:$E$47,$AA460)&\"\")","v":""},"",{"$f":"IF(OR($J460=\"\",$AA460=\"\"),\"\",$J460*N(INDEX(Fertilisants!$G$8:$G$47,$AA460)))","v":""},{"$f":"IF(OR($J460=\"\",$AA460=\"\"),\"\",$J460*N(INDEX(Fertilisants!$I$8:$I$47,$AA460)))","v":""},{"$f":"IF(OR($J460=\"\",$AA460=\"\"),\"\",$J460*N(INDEX(Fertilisants!$J$8:$J$47,$AA460)))","v":""},{"$f":"IF(OR($J460=\"\",$AA460=\"\"),\"\",$J460*N(INDEX(Fertilisants!$K$8:$K$47,$AA460)))","v":""},"",{"$nulls":5},"",null,null,{"$f":"IF($D460=\"\",\"\",IFERROR(MATCH($D460,Îlots!$D$8:$D$57,0),\"\"))","v":""},{"$f":"IF($G460=\"\",\"\",IFERROR(MATCH($G460,Fertilisants!$B$8:$B$47,0),\"\"))","v":""},{"$f":"IF($Z460=\"\",\"\",INDEX(Îlots!$E$8:$E$57,$Z460))","v":""},{"$f":"IF($Z460=\"\",\"\",INDEX(Îlots!$G$8:$G$57,$Z460)&\"\")","v":""},{"$f":"IF($Z460=\"\",\"\",IF($F460=ApportCouvert,OccCouvert,INDEX(Îlots!$O$8:$O$57,$Z460)&\"\"))","v":""},"","","",0,0,0,0,0,{"$f":"IF($AA460=\"\",0,IF(INDEX(Fertilisants!$C$8:$C$47,$AA460)=\"Effluent d'élevage\",1,0))","v":0},{"$f":"IF($AA460=\"\",\"\",IF(INDEX(Fertilisants!$C$8:$C$47,$AA460)=\"Engrais minéral\",\"Minéral\",\"Organique\"))","v":""},"","","",{"$f":"IF(AND($D460<>\"\",$D460=FicheIlot),COUNTIF($D$8:$D460,FicheIlot),\"\")","v":""}]
[null,{"$f":"IF(C461=\"\",\"\",COUNT($C$8:C461))","v":""},null,null,{"$f":"IF($Z461=\"\",\"\",IF($F461=ApportCouvert,INDEX(Îlots!$I$8:$I$57,$Z461)&\"\",INDEX(Îlots!$N$8:$N$57,$Z461)&\"\"))","v":""},null,null,{"$f":"IF($AA461=\"\",\"\",INDEX(Fertilisants!$D$8:$D$47,$AA461)&\"\")","v":""},null,null,{"$f":"IF($AA461=\"\",\"\",INDEX(Fertilisants!$E$8:$E$47,$AA461)&\"\")","v":""},"",{"$f":"IF(OR($J461=\"\",$AA461=\"\"),\"\",$J461*N(INDEX(Fertilisants!$G$8:$G$47,$AA461)))","v":""},{"$f":"IF(OR($J461=\"\",$AA461=\"\"),\"\",$J461*N(INDEX(Fertilisants!$I$8:$I$47,$AA461)))","v":""},{"$f":"IF(OR($J461=\"\",$AA461=\"\"),\"\",$J461*N(INDEX(Fertilisants!$J$8:$J$47,$AA461)))","v":""},{"$f":"IF(OR($J461=\"\",$AA461=\"\"),\"\",$J461*N(INDEX(Fertilisants!$K$8:$K$47,$AA461)))","v":""},"",{"$nulls":5},"",null,null,{"$f":"IF($D461=\"\",\"\",IFERROR(MATCH($D461,Îlots!$D$8:$D$57,0),\"\"))","v":""},{"$f":"IF($G461=\"\",\"\",IFERROR(MATCH($G461,Fertilisants!$B$8:$B$47,0),\"\"))","v":""},{"$f":"IF($Z461=\"\",\"\",INDEX(Îlots!$E$8:$E$57,$Z461))","v":""},{"$f":"IF($Z461=\"\",\"\",INDEX(Îlots!$G$8:$G$57,$Z461)&\"\")","v":""},{"$f":"IF($Z461=\"\",\"\",IF($F461=ApportCouvert,OccCouvert,INDEX(Îlots!$O$8:$O$57,$Z461)&\"\"))","v":""},"","","",0,0,0,0,0,{"$f":"IF($AA461=\"\",0,IF(INDEX(Fertilisants!$C$8:$C$47,$AA461)=\"Effluent d'élevage\",1,0))","v":0},{"$f":"IF($AA461=\"\",\"\",IF(INDEX(Fertilisants!$C$8:$C$47,$AA461)=\"Engrais minéral\",\"Minéral\",\"Organique\"))","v":""},"","","",{"$f":"IF(AND($D461<>\"\",$D461=FicheIlot),COUNTIF($D$8:$D461,FicheIlot),\"\")","v":""}]
[null,{"$f":"IF(C462=\"\",\"\",COUNT($C$8:C462))","v":""},null,null,{"$f":"IF($Z462=\"\",\"\",IF($F462=ApportCouvert,INDEX(Îlots!$I$8:$I$57,$Z462)&\"\",INDEX(Îlots!$N$8:$N$57,$Z462)&\"\"))","v":""},null,null,{"$f":"IF($AA462=\"\",\"\",INDEX(Fertilisants!$D$8:$D$47,$AA462)&\"\")","v":""},null,null,{"$f":"IF($AA462=\"\",\"\",INDEX(Fertilisants!$E$8:$E$47,$AA462)&\"\")","v":""},"",{"$f":"IF(OR($J462=\"\",$AA462=\"\"),\"\",$J462*N(INDEX(Fertilisants!$G$8:$G$47,$AA462)))","v":""},{"$f":"IF(OR($J462=\"\",$AA462=\"\"),\"\",$J462*N(INDEX(Fertilisants!$I$8:$I$47,$AA462)))","v":""},{"$f":"IF(OR($J462=\"\",$AA462=\"\"),\"\",$J462*N(INDEX(Fertilisants!$J$8:$J$47,$AA462)))","v":""},{"$f":"IF(OR($J462=\"\",$AA462=\"\"),\"\",$J462*N(INDEX(Fertilisants!$K$8:$K$47,$AA462)))","v":""},"",{"$nulls":5},"",null,null,{"$f":"IF($D462=\"\",\"\",IFERROR(MATCH($D462,Îlots!$D$8:$D$57,0),\"\"))","v":""},{"$f":"IF($G462=\"\",\"\",IFERROR(MATCH($G462,Fertilisants!$B$8:$B$47,0),\"\"))","v":""},{"$f":"IF($Z462=\"\",\"\",INDEX(Îlots!$E$8:$E$57,$Z462))","v":""},{"$f":"IF($Z462=\"\",\"\",INDEX(Îlots!$G$8:$G$57,$Z462)&\"\")","v":""},{"$f":"IF($Z462=\"\",\"\",IF($F462=ApportCouvert,OccCouvert,INDEX(Îlots!$O$8:$O$57,$Z462)&\"\"))","v":""},"","","",0,0,0,0,0,{"$f":"IF($AA462=\"\",0,IF(INDEX(Fertilisants!$C$8:$C$47,$AA462)=\"Effluent d'élevage\",1,0))","v":0},{"$f":"IF($AA462=\"\",\"\",IF(INDEX(Fertilisants!$C$8:$C$47,$AA462)=\"Engrais minéral\",\"Minéral\",\"Organique\"))","v":""},"","","",{"$f":"IF(AND($D462<>\"\",$D462=FicheIlot),COUNTIF($D$8:$D462,FicheIlot),\"\")","v":""}]
[null,{"$f":"IF(C463=\"\",\"\",COUNT($C$8:C463))","v":""},null,null,{"$f":"IF($Z463=\"\",\"\",IF($F463=ApportCouvert,INDEX(Îlots!$I$8:$I$57,$Z463)&\"\",INDEX(Îlots!$N$8:$N$57,$Z463)&\"\"))","v":""},null,null,{"$f":"IF($AA463=\"\",\"\",INDEX(Fertilisants!$D$8:$D$47,$AA463)&\"\")","v":""},null,null,{"$f":"IF($AA463=\"\",\"\",INDEX(Fertilisants!$E$8:$E$47,$AA463)&\"\")","v":""},"",{"$f":"IF(OR($J463=\"\",$AA463=\"\"),\"\",$J463*N(INDEX(Fertilisants!$G$8:$G$47,$AA463)))","v":""},{"$f":"IF(OR($J463=\"\",$AA463=\"\"),\"\",$J463*N(INDEX(Fertilisants!$I$8:$I$47,$AA463)))","v":""},{"$f":"IF(OR($J463=\"\",$AA463=\"\"),\"\",$J463*N(INDEX(Fertilisants!$J$8:$J$47,$AA463)))","v":""},{"$f":"IF(OR($J463=\"\",$AA463=\"\"),\"\",$J463*N(INDEX(Fertilisants!$K$8:$K$47,$AA463)))","v":""},"",{"$nulls":5},"",null,null,{"$f":"IF($D463=\"\",\"\",IFERROR(MATCH($D463,Îlots!$D$8:$D$57,0),\"\"))","v":""},{"$f":"IF($G463=\"\",\"\",IFERROR(MATCH($G463,Fertilisants!$B$8:$B$47,0),\"\"))","v":""},{"$f":"IF($Z463=\"\",\"\",INDEX(Îlots!$E$8:$E$57,$Z463))","v":""},{"$f":"IF($Z463=\"\",\"\",INDEX(Îlots!$G$8:$G$57,$Z463)&\"\")","v":""},{"$f":"IF($Z463=\"\",\"\",IF($F463=ApportCouvert,OccCouvert,INDEX(Îlots!$O$8:$O$57,$Z463)&\"\"))","v":""},"","","",0,0,0,0,0,{"$f":"IF($AA463=\"\",0,IF(INDEX(Fertilisants!$C$8:$C$47,$AA463)=\"Effluent d'élevage\",1,0))","v":0},{"$f":"IF($AA463=\"\",\"\",IF(INDEX(Fertilisants!$C$8:$C$47,$AA463)=\"Engrais minéral\",\"Minéral\",\"Organique\"))","v":""},"","","",{"$f":"IF(AND($D463<>\"\",$D463=FicheIlot),COUNTIF($D$8:$D463,FicheIlot),\"\")","v":""}]
[null,{"$f":"IF(C464=\"\",\"\",COUNT($C$8:C464))","v":""},null,null,{"$f":"IF($Z464=\"\",\"\",IF($F464=ApportCouvert,INDEX(Îlots!$I$8:$I$57,$Z464)&\"\",INDEX(Îlots!$N$8:$N$57,$Z464)&\"\"))","v":""},null,null,{"$f":"IF($AA464=\"\",\"\",INDEX(Fertilisants!$D$8:$D$47,$AA464)&\"\")","v":""},null,null,{"$f":"IF($AA464=\"\",\"\",INDEX(Fertilisants!$E$8:$E$47,$AA464)&\"\")","v":""},"",{"$f":"IF(OR($J464=\"\",$AA464=\"\"),\"\",$J464*N(INDEX(Fertilisants!$G$8:$G$47,$AA464)))","v":""},{"$f":"IF(OR($J464=\"\",$AA464=\"\"),\"\",$J464*N(INDEX(Fertilisants!$I$8:$I$47,$AA464)))","v":""},{"$f":"IF(OR($J464=\"\",$AA464=\"\"),\"\",$J464*N(INDEX(Fertilisants!$J$8:$J$47,$AA464)))","v":""},{"$f":"IF(OR($J464=\"\",$AA464=\"\"),\"\",$J464*N(INDEX(Fertilisants!$K$8:$K$47,$AA464)))","v":""},"",{"$nulls":5},"",null,null,{"$f":"IF($D464=\"\",\"\",IFERROR(MATCH($D464,Îlots!$D$8:$D$57,0),\"\"))","v":""},{"$f":"IF($G464=\"\",\"\",IFERROR(MATCH($G464,Fertilisants!$B$8:$B$47,0),\"\"))","v":""},{"$f":"IF($Z464=\"\",\"\",INDEX(Îlots!$E$8:$E$57,$Z464))","v":""},{"$f":"IF($Z464=\"\",\"\",INDEX(Îlots!$G$8:$G$57,$Z464)&\"\")","v":""},{"$f":"IF($Z464=\"\",\"\",IF($F464=ApportCouvert,OccCouvert,INDEX(Îlots!$O$8:$O$57,$Z464)&\"\"))","v":""},"","","",0,0,0,0,0,{"$f":"IF($AA464=\"\",0,IF(INDEX(Fertilisants!$C$8:$C$47,$AA464)=\"Effluent d'élevage\",1,0))","v":0},{"$f":"IF($AA464=\"\",\"\",IF(INDEX(Fertilisants!$C$8:$C$47,$AA464)=\"Engrais minéral\",\"Minéral\",\"Organique\"))","v":""},"","","",{"$f":"IF(AND($D464<>\"\",$D464=FicheIlot),COUNTIF($D$8:$D464,FicheIlot),\"\")","v":""}]
[null,{"$f":"IF(C465=\"\",\"\",COUNT($C$8:C465))","v":""},null,null,{"$f":"IF($Z465=\"\",\"\",IF($F465=ApportCouvert,INDEX(Îlots!$I$8:$I$57,$Z465)&\"\",INDEX(Îlots!$N$8:$N$57,$Z465)&\"\"))","v":""},null,null,{"$f":"IF($AA465=\"\",\"\",INDEX(Fertilisants!$D$8:$D$47,$AA465)&\"\")","v":""},null,null,{"$f":"IF($AA465=\"\",\"\",INDEX(Fertilisants!$E$8:$E$47,$AA465)&\"\")","v":""},"",{"$f":"IF(OR($J465=\"\",$AA465=\"\"),\"\",$J465*N(INDEX(Fertilisants!$G$8:$G$47,$AA465)))","v":""},{"$f":"IF(OR($J465=\"\",$AA465=\"\"),\"\",$J465*N(INDEX(Fertilisants!$I$8:$I$47,$AA465)))","v":""},{"$f":"IF(OR($J465=\"\",$AA465=\"\"),\"\",$J465*N(INDEX(Fertilisants!$J$8:$J$47,$AA465)))","v":""},{"$f":"IF(OR($J465=\"\",$AA465=\"\"),\"\",$J465*N(INDEX(Fertilisants!$K$8:$K$47,$AA465)))","v":""},"",{"$nulls":5},"",null,null,{"$f":"IF($D465=\"\",\"\",IFERROR(MATCH($D465,Îlots!$D$8:$D$57,0),\"\"))","v":""},{"$f":"IF($G465=\"\",\"\",IFERROR(MATCH($G465,Fertilisants!$B$8:$B$47,0),\"\"))","v":""},{"$f":"IF($Z465=\"\",\"\",INDEX(Îlots!$E$8:$E$57,$Z465))","v":""},{"$f":"IF($Z465=\"\",\"\",INDEX(Îlots!$G$8:$G$57,$Z465)&\"\")","v":""},{"$f":"IF($Z465=\"\",\"\",IF($F465=ApportCouvert,OccCouvert,INDEX(Îlots!$O$8:$O$57,$Z465)&\"\"))","v":""},"","","",0,0,0,0,0,{"$f":"IF($AA465=\"\",0,IF(INDEX(Fertilisants!$C$8:$C$47,$AA465)=\"Effluent d'élevage\",1,0))","v":0},{"$f":"IF($AA465=\"\",\"\",IF(INDEX(Fertilisants!$C$8:$C$47,$AA465)=\"Engrais minéral\",\"Minéral\",\"Organique\"))","v":""},"","","",{"$f":"IF(AND($D465<>\"\",$D465=FicheIlot),COUNTIF($D$8:$D465,FicheIlot),\"\")","v":""}]
[null,{"$f":"IF(C466=\"\",\"\",COUNT($C$8:C466))","v":""},null,null,{"$f":"IF($Z466=\"\",\"\",IF($F466=ApportCouvert,INDEX(Îlots!$I$8:$I$57,$Z466)&\"\",INDEX(Îlots!$N$8:$N$57,$Z466)&\"\"))","v":""},null,null,{"$f":"IF($AA466=\"\",\"\",INDEX(Fertilisants!$D$8:$D$47,$AA466)&\"\")","v":""},null,null,{"$f":"IF($AA466=\"\",\"\",INDEX(Fertilisants!$E$8:$E$47,$AA466)&\"\")","v":""},"",{"$f":"IF(OR($J466=\"\",$AA466=\"\"),\"\",$J466*N(INDEX(Fertilisants!$G$8:$G$47,$AA466)))","v":""},{"$f":"IF(OR($J466=\"\",$AA466=\"\"),\"\",$J466*N(INDEX(Fertilisants!$I$8:$I$47,$AA466)))","v":""},{"$f":"IF(OR($J466=\"\",$AA466=\"\"),\"\",$J466*N(INDEX(Fertilisants!$J$8:$J$47,$AA466)))","v":""},{"$f":"IF(OR($J466=\"\",$AA466=\"\"),\"\",$J466*N(INDEX(Fertilisants!$K$8:$K$47,$AA466)))","v":""},"",{"$nulls":5},"",null,null,{"$f":"IF($D466=\"\",\"\",IFERROR(MATCH($D466,Îlots!$D$8:$D$57,0),\"\"))","v":""},{"$f":"IF($G466=\"\",\"\",IFERROR(MATCH($G466,Fertilisants!$B$8:$B$47,0),\"\"))","v":""},{"$f":"IF($Z466=\"\",\"\",INDEX(Îlots!$E$8:$E$57,$Z466))","v":""},{"$f":"IF($Z466=\"\",\"\",INDEX(Îlots!$G$8:$G$57,$Z466)&\"\")","v":""},{"$f":"IF($Z466=\"\",\"\",IF($F466=ApportCouvert,OccCouvert,INDEX(Îlots!$O$8:$O$57,$Z466)&\"\"))","v":""},"","","",0,0,0,0,0,{"$f":"IF($AA466=\"\",0,IF(INDEX(Fertilisants!$C$8:$C$47,$AA466)=\"Effluent d'élevage\",1,0))","v":0},{"$f":"IF($AA466=\"\",\"\",IF(INDEX(Fertilisants!$C$8:$C$47,$AA466)=\"Engrais minéral\",\"Minéral\",\"Organique\"))","v":""},"","","",{"$f":"IF(AND($D466<>\"\",$D466=FicheIlot),COUNTIF($D$8:$D466,FicheIlot),\"\")","v":""}]
[null,{"$f":"IF(C467=\"\",\"\",COUNT($C$8:C467))","v":""},null,null,{"$f":"IF($Z467=\"\",\"\",IF($F467=ApportCouvert,INDEX(Îlots!$I$8:$I$57,$Z467)&\"\",INDEX(Îlots!$N$8:$N$57,$Z467)&\"\"))","v":""},null,null,{"$f":"IF($AA467=\"\",\"\",INDEX(Fertilisants!$D$8:$D$47,$AA467)&\"\")","v":""},null,null,{"$f":"IF($AA467=\"\",\"\",INDEX(Fertilisants!$E$8:$E$47,$AA467)&\"\")","v":""},"",{"$f":"IF(OR($J467=\"\",$AA467=\"\"),\"\",$J467*N(INDEX(Fertilisants!$G$8:$G$47,$AA467)))","v":""},{"$f":"IF(OR($J467=\"\",$AA467=\"\"),\"\",$J467*N(INDEX(Fertilisants!$I$8:$I$47,$AA467)))","v":""},{"$f":"IF(OR($J467=\"\",$AA467=\"\"),\"\",$J467*N(INDEX(Fertilisants!$J$8:$J$47,$AA467)))","v":""},{"$f":"IF(OR($J467=\"\",$AA467=\"\"),\"\",$J467*N(INDEX(Fertilisants!$K$8:$K$47,$AA467)))","v":""},"",{"$nulls":5},"",null,null,{"$f":"IF($D467=\"\",\"\",IFERROR(MATCH($D467,Îlots!$D$8:$D$57,0),\"\"))","v":""},{"$f":"IF($G467=\"\",\"\",IFERROR(MATCH($G467,Fertilisants!$B$8:$B$47,0),\"\"))","v":""},{"$f":"IF($Z467=\"\",\"\",INDEX(Îlots!$E$8:$E$57,$Z467))","v":""},{"$f":"IF($Z467=\"\",\"\",INDEX(Îlots!$G$8:$G$57,$Z467)&\"\")","v":""},{"$f":"IF($Z467=\"\",\"\",IF($F467=ApportCouvert,OccCouvert,INDEX(Îlots!$O$8:$O$57,$Z467)&\"\"))","v":""},"","","",0,0,0,0,0,{"$f":"IF($AA467=\"\",0,IF(INDEX(Fertilisants!$C$8:$C$47,$AA467)=\"Effluent d'élevage\",1,0))","v":0},{"$f":"IF($AA467=\"\",\"\",IF(INDEX(Fertilisants!$C$8:$C$47,$AA467)=\"Engrais minéral\",\"Minéral\",\"Organique\"))","v":""},"","","",{"$f":"IF(AND($D467<>\"\",$D467=FicheIlot),COUNTIF($D$8:$D467,FicheIlot),\"\")","v":""}]
[null,{"$f":"IF(C468=\"\",\"\",COUNT($C$8:C468))","v":""},null,null,{"$f":"IF($Z468=\"\",\"\",IF($F468=ApportCouvert,INDEX(Îlots!$I$8:$I$57,$Z468)&\"\",INDEX(Îlots!$N$8:$N$57,$Z468)&\"\"))","v":""},null,null,{"$f":"IF($AA468=\"\",\"\",INDEX(Fertilisants!$D$8:$D$47,$AA468)&\"\")","v":""},null,null,{"$f":"IF($AA468=\"\",\"\",INDEX(Fertilisants!$E$8:$E$47,$AA468)&\"\")","v":""},"",{"$f":"IF(OR($J468=\"\",$AA468=\"\"),\"\",$J468*N(INDEX(Fertilisants!$G$8:$G$47,$AA468)))","v":""},{"$f":"IF(OR($J468=\"\",$AA468=\"\"),\"\",$J468*N(INDEX(Fertilisants!$I$8:$I$47,$AA468)))","v":""},{"$f":"IF(OR($J468=\"\",$AA468=\"\"),\"\",$J468*N(INDEX(Fertilisants!$J$8:$J$47,$AA468)))","v":""},{"$f":"IF(OR($J468=\"\",$AA468=\"\"),\"\",$J468*N(INDEX(Fertilisants!$K$8:$K$47,$AA468)))","v":""},"",{"$nulls":5},"",null,null,{"$f":"IF($D468=\"\",\"\",IFERROR(MATCH($D468,Îlots!$D$8:$D$57,0),\"\"))","v":""},{"$f":"IF($G468=\"\",\"\",IFERROR(MATCH($G468,Fertilisants!$B$8:$B$47,0),\"\"))","v":""},{"$f":"IF($Z468=\"\",\"\",INDEX(Îlots!$E$8:$E$57,$Z468))","v":""},{"$f":"IF($Z468=\"\",\"\",INDEX(Îlots!$G$8:$G$57,$Z468)&\"\")","v":""},{"$f":"IF($Z468=\"\",\"\",IF($F468=ApportCouvert,OccCouvert,INDEX(Îlots!$O$8:$O$57,$Z468)&\"\"))","v":""},"","","",0,0,0,0,0,{"$f":"IF($AA468=\"\",0,IF(INDEX(Fertilisants!$C$8:$C$47,$AA468)=\"Effluent d'élevage\",1,0))","v":0},{"$f":"IF($AA468=\"\",\"\",IF(INDEX(Fertilisants!$C$8:$C$47,$AA468)=\"Engrais minéral\",\"Minéral\",\"Organique\"))","v":""},"","","",{"$f":"IF(AND($D468<>\"\",$D468=FicheIlot),COUNTIF($D$8:$D468,FicheIlot),\"\")","v":""}]
[null,{"$f":"IF(C469=\"\",\"\",COUNT($C$8:C469))","v":""},null,null,{"$f":"IF($Z469=\"\",\"\",IF($F469=ApportCouvert,INDEX(Îlots!$I$8:$I$57,$Z469)&\"\",INDEX(Îlots!$N$8:$N$57,$Z469)&\"\"))","v":""},null,null,{"$f":"IF($AA469=\"\",\"\",INDEX(Fertilisants!$D$8:$D$47,$AA469)&\"\")","v":""},null,null,{"$f":"IF($AA469=\"\",\"\",INDEX(Fertilisants!$E$8:$E$47,$AA469)&\"\")","v":""},"",{"$f":"IF(OR($J469=\"\",$AA469=\"\"),\"\",$J469*N(INDEX(Fertilisants!$G$8:$G$47,$AA469)))","v":""},{"$f":"IF(OR($J469=\"\",$AA469=\"\"),\"\",$J469*N(INDEX(Fertilisants!$I$8:$I$47,$AA469)))","v":""},{"$f":"IF(OR($J469=\"\",$AA469=\"\"),\"\",$J469*N(INDEX(Fertilisants!$J$8:$J$47,$AA469)))","v":""},{"$f":"IF(OR($J469=\"\",$AA469=\"\"),\"\",$J469*N(INDEX(Fertilisants!$K$8:$K$47,$AA469)))","v":""},"",{"$nulls":5},"",null,null,{"$f":"IF($D469=\"\",\"\",IFERROR(MATCH($D469,Îlots!$D$8:$D$57,0),\"\"))","v":""},{"$f":"IF($G469=\"\",\"\",IFERROR(MATCH($G469,Fertilisants!$B$8:$B$47,0),\"\"))","v":""},{"$f":"IF($Z469=\"\",\"\",INDEX(Îlots!$E$8:$E$57,$Z469))","v":""},{"$f":"IF($Z469=\"\",\"\",INDEX(Îlots!$G$8:$G$57,$Z469)&\"\")","v":""},{"$f":"IF($Z469=\"\",\"\",IF($F469=ApportCouvert,OccCouvert,INDEX(Îlots!$O$8:$O$57,$Z469)&\"\"))","v":""},"","","",0,0,0,0,0,{"$f":"IF($AA469=\"\",0,IF(INDEX(Fertilisants!$C$8:$C$47,$AA469)=\"Effluent d'élevage\",1,0))","v":0},{"$f":"IF($AA469=\"\",\"\",IF(INDEX(Fertilisants!$C$8:$C$47,$AA469)=\"Engrais minéral\",\"Minéral\",\"Organique\"))","v":""},"","","",{"$f":"IF(AND($D469<>\"\",$D469=FicheIlot),COUNTIF($D$8:$D469,FicheIlot),\"\")","v":""}]
[null,{"$f":"IF(C470=\"\",\"\",COUNT($C$8:C470))","v":""},null,null,{"$f":"IF($Z470=\"\",\"\",IF($F470=ApportCouvert,INDEX(Îlots!$I$8:$I$57,$Z470)&\"\",INDEX(Îlots!$N$8:$N$57,$Z470)&\"\"))","v":""},null,null,{"$f":"IF($AA470=\"\",\"\",INDEX(Fertilisants!$D$8:$D$47,$AA470)&\"\")","v":""},null,null,{"$f":"IF($AA470=\"\",\"\",INDEX(Fertilisants!$E$8:$E$47,$AA470)&\"\")","v":""},"",{"$f":"IF(OR($J470=\"\",$AA470=\"\"),\"\",$J470*N(INDEX(Fertilisants!$G$8:$G$47,$AA470)))","v":""},{"$f":"IF(OR($J470=\"\",$AA470=\"\"),\"\",$J470*N(INDEX(Fertilisants!$I$8:$I$47,$AA470)))","v":""},{"$f":"IF(OR($J470=\"\",$AA470=\"\"),\"\",$J470*N(INDEX(Fertilisants!$J$8:$J$47,$AA470)))","v":""},{"$f":"IF(OR($J470=\"\",$AA470=\"\"),\"\",$J470*N(INDEX(Fertilisants!$K$8:$K$47,$AA470)))","v":""},"",{"$nulls":5},"",null,null,{"$f":"IF($D470=\"\",\"\",IFERROR(MATCH($D470,Îlots!$D$8:$D$57,0),\"\"))","v":""},{"$f":"IF($G470=\"\",\"\",IFERROR(MATCH($G470,Fertilisants!$B$8:$B$47,0),\"\"))","v":""},{"$f":"IF($Z470=\"\",\"\",INDEX(Îlots!$E$8:$E$57,$Z470))","v":""},{"$f":"IF($Z470=\"\",\"\",INDEX(Îlots!$G$8:$G$57,$Z470)&\"\")","v":""},{"$f":"IF($Z470=\"\",\"\",IF($F470=ApportCouvert,OccCouvert,INDEX(Îlots!$O$8:$O$57,$Z470)&\"\"))","v":""},"","","",0,0,0,0,0,{"$f":"IF($AA470=\"\",0,IF(INDEX(Fertilisants!$C$8:$C$47,$AA470)=\"Effluent d'élevage\",1,0))","v":0},{"$f":"IF($AA470=\"\",\"\",IF(INDEX(Fertilisants!$C$8:$C$47,$AA470)=\"Engrais minéral\",\"Minéral\",\"Organique\"))","v":""},"","","",{"$f":"IF(AND($D470<>\"\",$D470=FicheIlot),COUNTIF($D$8:$D470,FicheIlot),\"\")","v":""}]
[null,{"$f":"IF(C471=\"\",\"\",COUNT($C$8:C471))","v":""},null,null,{"$f":"IF($Z471=\"\",\"\",IF($F471=ApportCouvert,INDEX(Îlots!$I$8:$I$57,$Z471)&\"\",INDEX(Îlots!$N$8:$N$57,$Z471)&\"\"))","v":""},null,null,{"$f":"IF($AA471=\"\",\"\",INDEX(Fertilisants!$D$8:$D$47,$AA471)&\"\")","v":""},null,null,{"$f":"IF($AA471=\"\",\"\",INDEX(Fertilisants!$E$8:$E$47,$AA471)&\"\")","v":""},"",{"$f":"IF(OR($J471=\"\",$AA471=\"\"),\"\",$J471*N(INDEX(Fertilisants!$G$8:$G$47,$AA471)))","v":""},{"$f":"IF(OR($J471=\"\",$AA471=\"\"),\"\",$J471*N(INDEX(Fertilisants!$I$8:$I$47,$AA471)))","v":""},{"$f":"IF(OR($J471=\"\",$AA471=\"\"),\"\",$J471*N(INDEX(Fertilisants!$J$8:$J$47,$AA471)))","v":""},{"$f":"IF(OR($J471=\"\",$AA471=\"\"),\"\",$J471*N(INDEX(Fertilisants!$K$8:$K$47,$AA471)))","v":""},"",{"$nulls":5},"",null,null,{"$f":"IF($D471=\"\",\"\",IFERROR(MATCH($D471,Îlots!$D$8:$D$57,0),\"\"))","v":""},{"$f":"IF($G471=\"\",\"\",IFERROR(MATCH($G471,Fertilisants!$B$8:$B$47,0),\"\"))","v":""},{"$f":"IF($Z471=\"\",\"\",INDEX(Îlots!$E$8:$E$57,$Z471))","v":""},{"$f":"IF($Z471=\"\",\"\",INDEX(Îlots!$G$8:$G$57,$Z471)&\"\")","v":""},{"$f":"IF($Z471=\"\",\"\",IF($F471=ApportCouvert,OccCouvert,INDEX(Îlots!$O$8:$O$57,$Z471)&\"\"))","v":""},"","","",0,0,0,0,0,{"$f":"IF($AA471=\"\",0,IF(INDEX(Fertilisants!$C$8:$C$47,$AA471)=\"Effluent d'élevage\",1,0))","v":0},{"$f":"IF($AA471=\"\",\"\",IF(INDEX(Fertilisants!$C$8:$C$47,$AA471)=\"Engrais minéral\",\"Minéral\",\"Organique\"))","v":""},"","","",{"$f":"IF(AND($D471<>\"\",$D471=FicheIlot),COUNTIF($D$8:$D471,FicheIlot),\"\")","v":""}]
[null,{"$f":"IF(C472=\"\",\"\",COUNT($C$8:C472))","v":""},null,null,{"$f":"IF($Z472=\"\",\"\",IF($F472=ApportCouvert,INDEX(Îlots!$I$8:$I$57,$Z472)&\"\",INDEX(Îlots!$N$8:$N$57,$Z472)&\"\"))","v":""},null,null,{"$f":"IF($AA472=\"\",\"\",INDEX(Fertilisants!$D$8:$D$47,$AA472)&\"\")","v":""},null,null,{"$f":"IF($AA472=\"\",\"\",INDEX(Fertilisants!$E$8:$E$47,$AA472)&\"\")","v":""},"",{"$f":"IF(OR($J472=\"\",$AA472=\"\"),\"\",$J472*N(INDEX(Fertilisants!$G$8:$G$47,$AA472)))","v":""},{"$f":"IF(OR($J472=\"\",$AA472=\"\"),\"\",$J472*N(INDEX(Fertilisants!$I$8:$I$47,$AA472)))","v":""},{"$f":"IF(OR($J472=\"\",$AA472=\"\"),\"\",$J472*N(INDEX(Fertilisants!$J$8:$J$47,$AA472)))","v":""},{"$f":"IF(OR($J472=\"\",$AA472=\"\"),\"\",$J472*N(INDEX(Fertilisants!$K$8:$K$47,$AA472)))","v":""},"",{"$nulls":5},"",null,null,{"$f":"IF($D472=\"\",\"\",IFERROR(MATCH($D472,Îlots!$D$8:$D$57,0),\"\"))","v":""},{"$f":"IF($G472=\"\",\"\",IFERROR(MATCH($G472,Fertilisants!$B$8:$B$47,0),\"\"))","v":""},{"$f":"IF($Z472=\"\",\"\",INDEX(Îlots!$E$8:$E$57,$Z472))","v":""},{"$f":"IF($Z472=\"\",\"\",INDEX(Îlots!$G$8:$G$57,$Z472)&\"\")","v":""},{"$f":"IF($Z472=\"\",\"\",IF($F472=ApportCouvert,OccCouvert,INDEX(Îlots!$O$8:$O$57,$Z472)&\"\"))","v":""},"","","",0,0,0,0,0,{"$f":"IF($AA472=\"\",0,IF(INDEX(Fertilisants!$C$8:$C$47,$AA472)=\"Effluent d'élevage\",1,0))","v":0},{"$f":"IF($AA472=\"\",\"\",IF(INDEX(Fertilisants!$C$8:$C$47,$AA472)=\"Engrais minéral\",\"Minéral\",\"Organique\"))","v":""},"","","",{"$f":"IF(AND($D472<>\"\",$D472=FicheIlot),COUNTIF($D$8:$D472,FicheIlot),\"\")","v":""}]
[null,{"$f":"IF(C473=\"\",\"\",COUNT($C$8:C473))","v":""},null,null,{"$f":"IF($Z473=\"\",\"\",IF($F473=ApportCouvert,INDEX(Îlots!$I$8:$I$57,$Z473)&\"\",INDEX(Îlots!$N$8:$N$57,$Z473)&\"\"))","v":""},null,null,{"$f":"IF($AA473=\"\",\"\",INDEX(Fertilisants!$D$8:$D$47,$AA473)&\"\")","v":""},null,null,{"$f":"IF($AA473=\"\",\"\",INDEX(Fertilisants!$E$8:$E$47,$AA473)&\"\")","v":""},"",{"$f":"IF(OR($J473=\"\",$AA473=\"\"),\"\",$J473*N(INDEX(Fertilisants!$G$8:$G$47,$AA473)))","v":""},{"$f":"IF(OR($J473=\"\",$AA473=\"\"),\"\",$J473*N(INDEX(Fertilisants!$I$8:$I$47,$AA473)))","v":""},{"$f":"IF(OR($J473=\"\",$AA473=\"\"),\"\",$J473*N(INDEX(Fertilisants!$J$8:$J$47,$AA473)))","v":""},{"$f":"IF(OR($J473=\"\",$AA473=\"\"),\"\",$J473*N(INDEX(Fertilisants!$K$8:$K$47,$AA473)))","v":""},"",{"$nulls":5},"",null,null,{"$f":"IF($D473=\"\",\"\",IFERROR(MATCH($D473,Îlots!$D$8:$D$57,0),\"\"))","v":""},{"$f":"IF($G473=\"\",\"\",IFERROR(MATCH($G473,Fertilisants!$B$8:$B$47,0),\"\"))","v":""},{"$f":"IF($Z473=\"\",\"\",INDEX(Îlots!$E$8:$E$57,$Z473))","v":""},{"$f":"IF($Z473=\"\",\"\",INDEX(Îlots!$G$8:$G$57,$Z473)&\"\")","v":""},{"$f":"IF($Z473=\"\",\"\",IF($F473=ApportCouvert,OccCouvert,INDEX(Îlots!$O$8:$O$57,$Z473)&\"\"))","v":""},"","","",0,0,0,0,0,{"$f":"IF($AA473=\"\",0,IF(INDEX(Fertilisants!$C$8:$C$47,$AA473)=\"Effluent d'élevage\",1,0))","v":0},{"$f":"IF($AA473=\"\",\"\",IF(INDEX(Fertilisants!$C$8:$C$47,$AA473)=\"Engrais minéral\",\"Minéral\",\"Organique\"))","v":""},"","","",{"$f":"IF(AND($D473<>\"\",$D473=FicheIlot),COUNTIF($D$8:$D473,FicheIlot),\"\")","v":""}]
[null,{"$f":"IF(C474=\"\",\"\",COUNT($C$8:C474))","v":""},null,null,{"$f":"IF($Z474=\"\",\"\",IF($F474=ApportCouvert,INDEX(Îlots!$I$8:$I$57,$Z474)&\"\",INDEX(Îlots!$N$8:$N$57,$Z474)&\"\"))","v":""},null,null,{"$f":"IF($AA474=\"\",\"\",INDEX(Fertilisants!$D$8:$D$47,$AA474)&\"\")","v":""},null,null,{"$f":"IF($AA474=\"\",\"\",INDEX(Fertilisants!$E$8:$E$47,$AA474)&\"\")","v":""},"",{"$f":"IF(OR($J474=\"\",$AA474=\"\"),\"\",$J474*N(INDEX(Fertilisants!$G$8:$G$47,$AA474)))","v":""},{"$f":"IF(OR($J474=\"\",$AA474=\"\"),\"\",$J474*N(INDEX(Fertilisants!$I$8:$I$47,$AA474)))","v":""},{"$f":"IF(OR($J474=\"\",$AA474=\"\"),\"\",$J474*N(INDEX(Fertilisants!$J$8:$J$47,$AA474)))","v":""},{"$f":"IF(OR($J474=\"\",$AA474=\"\"),\"\",$J474*N(INDEX(Fertilisants!$K$8:$K$47,$AA474)))","v":""},"",{"$nulls":5},"",null,null,{"$f":"IF($D474=\"\",\"\",IFERROR(MATCH($D474,Îlots!$D$8:$D$57,0),\"\"))","v":""},{"$f":"IF($G474=\"\",\"\",IFERROR(MATCH($G474,Fertilisants!$B$8:$B$47,0),\"\"))","v":""},{"$f":"IF($Z474=\"\",\"\",INDEX(Îlots!$E$8:$E$57,$Z474))","v":""},{"$f":"IF($Z474=\"\",\"\",INDEX(Îlots!$G$8:$G$57,$Z474)&\"\")","v":""},{"$f":"IF($Z474=\"\",\"\",IF($F474=ApportCouvert,OccCouvert,INDEX(Îlots!$O$8:$O$57,$Z474)&\"\"))","v":""},"","","",0,0,0,0,0,{"$f":"IF($AA474=\"\",0,IF(INDEX(Fertilisants!$C$8:$C$47,$AA474)=\"Effluent d'élevage\",1,0))","v":0},{"$f":"IF($AA474=\"\",\"\",IF(INDEX(Fertilisants!$C$8:$C$47,$AA474)=\"Engrais minéral\",\"Minéral\",\"Organique\"))","v":""},"","","",{"$f":"IF(AND($D474<>\"\",$D474=FicheIlot),COUNTIF($D$8:$D474,FicheIlot),\"\")","v":""}]
[null,{"$f":"IF(C475=\"\",\"\",COUNT($C$8:C475))","v":""},null,null,{"$f":"IF($Z475=\"\",\"\",IF($F475=ApportCouvert,INDEX(Îlots!$I$8:$I$57,$Z475)&\"\",INDEX(Îlots!$N$8:$N$57,$Z475)&\"\"))","v":""},null,null,{"$f":"IF($AA475=\"\",\"\",INDEX(Fertilisants!$D$8:$D$47,$AA475)&\"\")","v":""},null,null,{"$f":"IF($AA475=\"\",\"\",INDEX(Fertilisants!$E$8:$E$47,$AA475)&\"\")","v":""},"",{"$f":"IF(OR($J475=\"\",$AA475=\"\"),\"\",$J475*N(INDEX(Fertilisants!$G$8:$G$47,$AA475)))","v":""},{"$f":"IF(OR($J475=\"\",$AA475=\"\"),\"\",$J475*N(INDEX(Fertilisants!$I$8:$I$47,$AA475)))","v":""},{"$f":"IF(OR($J475=\"\",$AA475=\"\"),\"\",$J475*N(INDEX(Fertilisants!$J$8:$J$47,$AA475)))","v":""},{"$f":"IF(OR($J475=\"\",$AA475=\"\"),\"\",$J475*N(INDEX(Fertilisants!$K$8:$K$47,$AA475)))","v":""},"",{"$nulls":5},"",null,null,{"$f":"IF($D475=\"\",\"\",IFERROR(MATCH($D475,Îlots!$D$8:$D$57,0),\"\"))","v":""},{"$f":"IF($G475=\"\",\"\",IFERROR(MATCH($G475,Fertilisants!$B$8:$B$47,0),\"\"))","v":""},{"$f":"IF($Z475=\"\",\"\",INDEX(Îlots!$E$8:$E$57,$Z475))","v":""},{"$f":"IF($Z475=\"\",\"\",INDEX(Îlots!$G$8:$G$57,$Z475)&\"\")","v":""},{"$f":"IF($Z475=\"\",\"\",IF($F475=ApportCouvert,OccCouvert,INDEX(Îlots!$O$8:$O$57,$Z475)&\"\"))","v":""},"","","",0,0,0,0,0,{"$f":"IF($AA475=\"\",0,IF(INDEX(Fertilisants!$C$8:$C$47,$AA475)=\"Effluent d'élevage\",1,0))","v":0},{"$f":"IF($AA475=\"\",\"\",IF(INDEX(Fertilisants!$C$8:$C$47,$AA475)=\"Engrais minéral\",\"Minéral\",\"Organique\"))","v":""},"","","",{"$f":"IF(AND($D475<>\"\",$D475=FicheIlot),COUNTIF($D$8:$D475,FicheIlot),\"\")","v":""}]
[null,{"$f":"IF(C476=\"\",\"\",COUNT($C$8:C476))","v":""},null,null,{"$f":"IF($Z476=\"\",\"\",IF($F476=ApportCouvert,INDEX(Îlots!$I$8:$I$57,$Z476)&\"\",INDEX(Îlots!$N$8:$N$57,$Z476)&\"\"))","v":""},null,null,{"$f":"IF($AA476=\"\",\"\",INDEX(Fertilisants!$D$8:$D$47,$AA476)&\"\")","v":""},null,null,{"$f":"IF($AA476=\"\",\"\",INDEX(Fertilisants!$E$8:$E$47,$AA476)&\"\")","v":""},"",{"$f":"IF(OR($J476=\"\",$AA476=\"\"),\"\",$J476*N(INDEX(Fertilisants!$G$8:$G$47,$AA476)))","v":""},{"$f":"IF(OR($J476=\"\",$AA476=\"\"),\"\",$J476*N(INDEX(Fertilisants!$I$8:$I$47,$AA476)))","v":""},{"$f":"IF(OR($J476=\"\",$AA476=\"\"),\"\",$J476*N(INDEX(Fertilisants!$J$8:$J$47,$AA476)))","v":""},{"$f":"IF(OR($J476=\"\",$AA476=\"\"),\"\",$J476*N(INDEX(Fertilisants!$K$8:$K$47,$AA476)))","v":""},"",{"$nulls":5},"",null,null,{"$f":"IF($D476=\"\",\"\",IFERROR(MATCH($D476,Îlots!$D$8:$D$57,0),\"\"))","v":""},{"$f":"IF($G476=\"\",\"\",IFERROR(MATCH($G476,Fertilisants!$B$8:$B$47,0),\"\"))","v":""},{"$f":"IF($Z476=\"\",\"\",INDEX(Îlots!$E$8:$E$57,$Z476))","v":""},{"$f":"IF($Z476=\"\",\"\",INDEX(Îlots!$G$8:$G$57,$Z476)&\"\")","v":""},{"$f":"IF($Z476=\"\",\"\",IF($F476=ApportCouvert,OccCouvert,INDEX(Îlots!$O$8:$O$57,$Z476)&\"\"))","v":""},"","","",0,0,0,0,0,{"$f":"IF($AA476=\"\",0,IF(INDEX(Fertilisants!$C$8:$C$47,$AA476)=\"Effluent d'élevage\",1,0))","v":0},{"$f":"IF($AA476=\"\",\"\",IF(INDEX(Fertilisants!$C$8:$C$47,$AA476)=\"Engrais minéral\",\"Minéral\",\"Organique\"))","v":""},"","","",{"$f":"IF(AND($D476<>\"\",$D476=FicheIlot),COUNTIF($D$8:$D476,FicheIlot),\"\")","v":""}]
[null,{"$f":"IF(C477=\"\",\"\",COUNT($C$8:C477))","v":""},null,null,{"$f":"IF($Z477=\"\",\"\",IF($F477=ApportCouvert,INDEX(Îlots!$I$8:$I$57,$Z477)&\"\",INDEX(Îlots!$N$8:$N$57,$Z477)&\"\"))","v":""},null,null,{"$f":"IF($AA477=\"\",\"\",INDEX(Fertilisants!$D$8:$D$47,$AA477)&\"\")","v":""},null,null,{"$f":"IF($AA477=\"\",\"\",INDEX(Fertilisants!$E$8:$E$47,$AA477)&\"\")","v":""},"",{"$f":"IF(OR($J477=\"\",$AA477=\"\"),\"\",$J477*N(INDEX(Fertilisants!$G$8:$G$47,$AA477)))","v":""},{"$f":"IF(OR($J477=\"\",$AA477=\"\"),\"\",$J477*N(INDEX(Fertilisants!$I$8:$I$47,$AA477)))","v":""},{"$f":"IF(OR($J477=\"\",$AA477=\"\"),\"\",$J477*N(INDEX(Fertilisants!$J$8:$J$47,$AA477)))","v":""},{"$f":"IF(OR($J477=\"\",$AA477=\"\"),\"\",$J477*N(INDEX(Fertilisants!$K$8:$K$47,$AA477)))","v":""},"",{"$nulls":5},"",null,null,{"$f":"IF($D477=\"\",\"\",IFERROR(MATCH($D477,Îlots!$D$8:$D$57,0),\"\"))","v":""},{"$f":"IF($G477=\"\",\"\",IFERROR(MATCH($G477,Fertilisants!$B$8:$B$47,0),\"\"))","v":""},{"$f":"IF($Z477=\"\",\"\",INDEX(Îlots!$E$8:$E$57,$Z477))","v":""},{"$f":"IF($Z477=\"\",\"\",INDEX(Îlots!$G$8:$G$57,$Z477)&\"\")","v":""},{"$f":"IF($Z477=\"\",\"\",IF($F477=ApportCouvert,OccCouvert,INDEX(Îlots!$O$8:$O$57,$Z477)&\"\"))","v":""},"","","",0,0,0,0,0,{"$f":"IF($AA477=\"\",0,IF(INDEX(Fertilisants!$C$8:$C$47,$AA477)=\"Effluent d'élevage\",1,0))","v":0},{"$f":"IF($AA477=\"\",\"\",IF(INDEX(Fertilisants!$C$8:$C$47,$AA477)=\"Engrais minéral\",\"Minéral\",\"Organique\"))","v":""},"","","",{"$f":"IF(AND($D477<>\"\",$D477=FicheIlot),COUNTIF($D$8:$D477,FicheIlot),\"\")","v":""}]
[null,{"$f":"IF(C478=\"\",\"\",COUNT($C$8:C478))","v":""},null,null,{"$f":"IF($Z478=\"\",\"\",IF($F478=ApportCouvert,INDEX(Îlots!$I$8:$I$57,$Z478)&\"\",INDEX(Îlots!$N$8:$N$57,$Z478)&\"\"))","v":""},null,null,{"$f":"IF($AA478=\"\",\"\",INDEX(Fertilisants!$D$8:$D$47,$AA478)&\"\")","v":""},null,null,{"$f":"IF($AA478=\"\",\"\",INDEX(Fertilisants!$E$8:$E$47,$AA478)&\"\")","v":""},"",{"$f":"IF(OR($J478=\"\",$AA478=\"\"),\"\",$J478*N(INDEX(Fertilisants!$G$8:$G$47,$AA478)))","v":""},{"$f":"IF(OR($J478=\"\",$AA478=\"\"),\"\",$J478*N(INDEX(Fertilisants!$I$8:$I$47,$AA478)))","v":""},{"$f":"IF(OR($J478=\"\",$AA478=\"\"),\"\",$J478*N(INDEX(Fertilisants!$J$8:$J$47,$AA478)))","v":""},{"$f":"IF(OR($J478=\"\",$AA478=\"\"),\"\",$J478*N(INDEX(Fertilisants!$K$8:$K$47,$AA478)))","v":""},"",{"$nulls":5},"",null,null,{"$f":"IF($D478=\"\",\"\",IFERROR(MATCH($D478,Îlots!$D$8:$D$57,0),\"\"))","v":""},{"$f":"IF($G478=\"\",\"\",IFERROR(MATCH($G478,Fertilisants!$B$8:$B$47,0),\"\"))","v":""},{"$f":"IF($Z478=\"\",\"\",INDEX(Îlots!$E$8:$E$57,$Z478))","v":""},{"$f":"IF($Z478=\"\",\"\",INDEX(Îlots!$G$8:$G$57,$Z478)&\"\")","v":""},{"$f":"IF($Z478=\"\",\"\",IF($F478=ApportCouvert,OccCouvert,INDEX(Îlots!$O$8:$O$57,$Z478)&\"\"))","v":""},"","","",0,0,0,0,0,{"$f":"IF($AA478=\"\",0,IF(INDEX(Fertilisants!$C$8:$C$47,$AA478)=\"Effluent d'élevage\",1,0))","v":0},{"$f":"IF($AA478=\"\",\"\",IF(INDEX(Fertilisants!$C$8:$C$47,$AA478)=\"Engrais minéral\",\"Minéral\",\"Organique\"))","v":""},"","","",{"$f":"IF(AND($D478<>\"\",$D478=FicheIlot),COUNTIF($D$8:$D478,FicheIlot),\"\")","v":""}]
[null,{"$f":"IF(C479=\"\",\"\",COUNT($C$8:C479))","v":""},null,null,{"$f":"IF($Z479=\"\",\"\",IF($F479=ApportCouvert,INDEX(Îlots!$I$8:$I$57,$Z479)&\"\",INDEX(Îlots!$N$8:$N$57,$Z479)&\"\"))","v":""},null,null,{"$f":"IF($AA479=\"\",\"\",INDEX(Fertilisants!$D$8:$D$47,$AA479)&\"\")","v":""},null,null,{"$f":"IF($AA479=\"\",\"\",INDEX(Fertilisants!$E$8:$E$47,$AA479)&\"\")","v":""},"",{"$f":"IF(OR($J479=\"\",$AA479=\"\"),\"\",$J479*N(INDEX(Fertilisants!$G$8:$G$47,$AA479)))","v":""},{"$f":"IF(OR($J479=\"\",$AA479=\"\"),\"\",$J479*N(INDEX(Fertilisants!$I$8:$I$47,$AA479)))","v":""},{"$f":"IF(OR($J479=\"\",$AA479=\"\"),\"\",$J479*N(INDEX(Fertilisants!$J$8:$J$47,$AA479)))","v":""},{"$f":"IF(OR($J479=\"\",$AA479=\"\"),\"\",$J479*N(INDEX(Fertilisants!$K$8:$K$47,$AA479)))","v":""},"",{"$nulls":5},"",null,null,{"$f":"IF($D479=\"\",\"\",IFERROR(MATCH($D479,Îlots!$D$8:$D$57,0),\"\"))","v":""},{"$f":"IF($G479=\"\",\"\",IFERROR(MATCH($G479,Fertilisants!$B$8:$B$47,0),\"\"))","v":""},{"$f":"IF($Z479=\"\",\"\",INDEX(Îlots!$E$8:$E$57,$Z479))","v":""},{"$f":"IF($Z479=\"\",\"\",INDEX(Îlots!$G$8:$G$57,$Z479)&\"\")","v":""},{"$f":"IF($Z479=\"\",\"\",IF($F479=ApportCouvert,OccCouvert,INDEX(Îlots!$O$8:$O$57,$Z479)&\"\"))","v":""},"","","",0,0,0,0,0,{"$f":"IF($AA479=\"\",0,IF(INDEX(Fertilisants!$C$8:$C$47,$AA479)=\"Effluent d'élevage\",1,0))","v":0},{"$f":"IF($AA479=\"\",\"\",IF(INDEX(Fertilisants!$C$8:$C$47,$AA479)=\"Engrais minéral\",\"Minéral\",\"Organique\"))","v":""},"","","",{"$f":"IF(AND($D479<>\"\",$D479=FicheIlot),COUNTIF($D$8:$D479,FicheIlot),\"\")","v":""}]
[null,{"$f":"IF(C480=\"\",\"\",COUNT($C$8:C480))","v":""},null,null,{"$f":"IF($Z480=\"\",\"\",IF($F480=ApportCouvert,INDEX(Îlots!$I$8:$I$57,$Z480)&\"\",INDEX(Îlots!$N$8:$N$57,$Z480)&\"\"))","v":""},null,null,{"$f":"IF($AA480=\"\",\"\",INDEX(Fertilisants!$D$8:$D$47,$AA480)&\"\")","v":""},null,null,{"$f":"IF($AA480=\"\",\"\",INDEX(Fertilisants!$E$8:$E$47,$AA480)&\"\")","v":""},"",{"$f":"IF(OR($J480=\"\",$AA480=\"\"),\"\",$J480*N(INDEX(Fertilisants!$G$8:$G$47,$AA480)))","v":""},{"$f":"IF(OR($J480=\"\",$AA480=\"\"),\"\",$J480*N(INDEX(Fertilisants!$I$8:$I$47,$AA480)))","v":""},{"$f":"IF(OR($J480=\"\",$AA480=\"\"),\"\",$J480*N(INDEX(Fertilisants!$J$8:$J$47,$AA480)))","v":""},{"$f":"IF(OR($J480=\"\",$AA480=\"\"),\"\",$J480*N(INDEX(Fertilisants!$K$8:$K$47,$AA480)))","v":""},"",{"$nulls":5},"",null,null,{"$f":"IF($D480=\"\",\"\",IFERROR(MATCH($D480,Îlots!$D$8:$D$57,0),\"\"))","v":""},{"$f":"IF($G480=\"\",\"\",IFERROR(MATCH($G480,Fertilisants!$B$8:$B$47,0),\"\"))","v":""},{"$f":"IF($Z480=\"\",\"\",INDEX(Îlots!$E$8:$E$57,$Z480))","v":""},{"$f":"IF($Z480=\"\",\"\",INDEX(Îlots!$G$8:$G$57,$Z480)&\"\")","v":""},{"$f":"IF($Z480=\"\",\"\",IF($F480=ApportCouvert,OccCouvert,INDEX(Îlots!$O$8:$O$57,$Z480)&\"\"))","v":""},"","","",0,0,0,0,0,{"$f":"IF($AA480=\"\",0,IF(INDEX(Fertilisants!$C$8:$C$47,$AA480)=\"Effluent d'élevage\",1,0))","v":0},{"$f":"IF($AA480=\"\",\"\",IF(INDEX(Fertilisants!$C$8:$C$47,$AA480)=\"Engrais minéral\",\"Minéral\",\"Organique\"))","v":""},"","","",{"$f":"IF(AND($D480<>\"\",$D480=FicheIlot),COUNTIF($D$8:$D480,FicheIlot),\"\")","v":""}]
[null,{"$f":"IF(C481=\"\",\"\",COUNT($C$8:C481))","v":""},null,null,{"$f":"IF($Z481=\"\",\"\",IF($F481=ApportCouvert,INDEX(Îlots!$I$8:$I$57,$Z481)&\"\",INDEX(Îlots!$N$8:$N$57,$Z481)&\"\"))","v":""},null,null,{"$f":"IF($AA481=\"\",\"\",INDEX(Fertilisants!$D$8:$D$47,$AA481)&\"\")","v":""},null,null,{"$f":"IF($AA481=\"\",\"\",INDEX(Fertilisants!$E$8:$E$47,$AA481)&\"\")","v":""},"",{"$f":"IF(OR($J481=\"\",$AA481=\"\"),\"\",$J481*N(INDEX(Fertilisants!$G$8:$G$47,$AA481)))","v":""},{"$f":"IF(OR($J481=\"\",$AA481=\"\"),\"\",$J481*N(INDEX(Fertilisants!$I$8:$I$47,$AA481)))","v":""},{"$f":"IF(OR($J481=\"\",$AA481=\"\"),\"\",$J481*N(INDEX(Fertilisants!$J$8:$J$47,$AA481)))","v":""},{"$f":"IF(OR($J481=\"\",$AA481=\"\"),\"\",$J481*N(INDEX(Fertilisants!$K$8:$K$47,$AA481)))","v":""},"",{"$nulls":5},"",null,null,{"$f":"IF($D481=\"\",\"\",IFERROR(MATCH($D481,Îlots!$D$8:$D$57,0),\"\"))","v":""},{"$f":"IF($G481=\"\",\"\",IFERROR(MATCH($G481,Fertilisants!$B$8:$B$47,0),\"\"))","v":""},{"$f":"IF($Z481=\"\",\"\",INDEX(Îlots!$E$8:$E$57,$Z481))","v":""},{"$f":"IF($Z481=\"\",\"\",INDEX(Îlots!$G$8:$G$57,$Z481)&\"\")","v":""},{"$f":"IF($Z481=\"\",\"\",IF($F481=ApportCouvert,OccCouvert,INDEX(Îlots!$O$8:$O$57,$Z481)&\"\"))","v":""},"","","",0,0,0,0,0,{"$f":"IF($AA481=\"\",0,IF(INDEX(Fertilisants!$C$8:$C$47,$AA481)=\"Effluent d'élevage\",1,0))","v":0},{"$f":"IF($AA481=\"\",\"\",IF(INDEX(Fertilisants!$C$8:$C$47,$AA481)=\"Engrais minéral\",\"Minéral\",\"Organique\"))","v":""},"","","",{"$f":"IF(AND($D481<>\"\",$D481=FicheIlot),COUNTIF($D$8:$D481,FicheIlot),\"\")","v":""}]
[null,{"$f":"IF(C482=\"\",\"\",COUNT($C$8:C482))","v":""},null,null,{"$f":"IF($Z482=\"\",\"\",IF($F482=ApportCouvert,INDEX(Îlots!$I$8:$I$57,$Z482)&\"\",INDEX(Îlots!$N$8:$N$57,$Z482)&\"\"))","v":""},null,null,{"$f":"IF($AA482=\"\",\"\",INDEX(Fertilisants!$D$8:$D$47,$AA482)&\"\")","v":""},null,null,{"$f":"IF($AA482=\"\",\"\",INDEX(Fertilisants!$E$8:$E$47,$AA482)&\"\")","v":""},"",{"$f":"IF(OR($J482=\"\",$AA482=\"\"),\"\",$J482*N(INDEX(Fertilisants!$G$8:$G$47,$AA482)))","v":""},{"$f":"IF(OR($J482=\"\",$AA482=\"\"),\"\",$J482*N(INDEX(Fertilisants!$I$8:$I$47,$AA482)))","v":""},{"$f":"IF(OR($J482=\"\",$AA482=\"\"),\"\",$J482*N(INDEX(Fertilisants!$J$8:$J$47,$AA482)))","v":""},{"$f":"IF(OR($J482=\"\",$AA482=\"\"),\"\",$J482*N(INDEX(Fertilisants!$K$8:$K$47,$AA482)))","v":""},"",{"$nulls":5},"",null,null,{"$f":"IF($D482=\"\",\"\",IFERROR(MATCH($D482,Îlots!$D$8:$D$57,0),\"\"))","v":""},{"$f":"IF($G482=\"\",\"\",IFERROR(MATCH($G482,Fertilisants!$B$8:$B$47,0),\"\"))","v":""},{"$f":"IF($Z482=\"\",\"\",INDEX(Îlots!$E$8:$E$57,$Z482))","v":""},{"$f":"IF($Z482=\"\",\"\",INDEX(Îlots!$G$8:$G$57,$Z482)&\"\")","v":""},{"$f":"IF($Z482=\"\",\"\",IF($F482=ApportCouvert,OccCouvert,INDEX(Îlots!$O$8:$O$57,$Z482)&\"\"))","v":""},"","","",0,0,0,0,0,{"$f":"IF($AA482=\"\",0,IF(INDEX(Fertilisants!$C$8:$C$47,$AA482)=\"Effluent d'élevage\",1,0))","v":0},{"$f":"IF($AA482=\"\",\"\",IF(INDEX(Fertilisants!$C$8:$C$47,$AA482)=\"Engrais minéral\",\"Minéral\",\"Organique\"))","v":""},"","","",{"$f":"IF(AND($D482<>\"\",$D482=FicheIlot),COUNTIF($D$8:$D482,FicheIlot),\"\")","v":""}]
[null,{"$f":"IF(C483=\"\",\"\",COUNT($C$8:C483))","v":""},null,null,{"$f":"IF($Z483=\"\",\"\",IF($F483=ApportCouvert,INDEX(Îlots!$I$8:$I$57,$Z483)&\"\",INDEX(Îlots!$N$8:$N$57,$Z483)&\"\"))","v":""},null,null,{"$f":"IF($AA483=\"\",\"\",INDEX(Fertilisants!$D$8:$D$47,$AA483)&\"\")","v":""},null,null,{"$f":"IF($AA483=\"\",\"\",INDEX(Fertilisants!$E$8:$E$47,$AA483)&\"\")","v":""},"",{"$f":"IF(OR($J483=\"\",$AA483=\"\"),\"\",$J483*N(INDEX(Fertilisants!$G$8:$G$47,$AA483)))","v":""},{"$f":"IF(OR($J483=\"\",$AA483=\"\"),\"\",$J483*N(INDEX(Fertilisants!$I$8:$I$47,$AA483)))","v":""},{"$f":"IF(OR($J483=\"\",$AA483=\"\"),\"\",$J483*N(INDEX(Fertilisants!$J$8:$J$47,$AA483)))","v":""},{"$f":"IF(OR($J483=\"\",$AA483=\"\"),\"\",$J483*N(INDEX(Fertilisants!$K$8:$K$47,$AA483)))","v":""},"",{"$nulls":5},"",null,null,{"$f":"IF($D483=\"\",\"\",IFERROR(MATCH($D483,Îlots!$D$8:$D$57,0),\"\"))","v":""},{"$f":"IF($G483=\"\",\"\",IFERROR(MATCH($G483,Fertilisants!$B$8:$B$47,0),\"\"))","v":""},{"$f":"IF($Z483=\"\",\"\",INDEX(Îlots!$E$8:$E$57,$Z483))","v":""},{"$f":"IF($Z483=\"\",\"\",INDEX(Îlots!$G$8:$G$57,$Z483)&\"\")","v":""},{"$f":"IF($Z483=\"\",\"\",IF($F483=ApportCouvert,OccCouvert,INDEX(Îlots!$O$8:$O$57,$Z483)&\"\"))","v":""},"","","",0,0,0,0,0,{"$f":"IF($AA483=\"\",0,IF(INDEX(Fertilisants!$C$8:$C$47,$AA483)=\"Effluent d'élevage\",1,0))","v":0},{"$f":"IF($AA483=\"\",\"\",IF(INDEX(Fertilisants!$C$8:$C$47,$AA483)=\"Engrais minéral\",\"Minéral\",\"Organique\"))","v":""},"","","",{"$f":"IF(AND($D483<>\"\",$D483=FicheIlot),COUNTIF($D$8:$D483,FicheIlot),\"\")","v":""}]
[null,{"$f":"IF(C484=\"\",\"\",COUNT($C$8:C484))","v":""},null,null,{"$f":"IF($Z484=\"\",\"\",IF($F484=ApportCouvert,INDEX(Îlots!$I$8:$I$57,$Z484)&\"\",INDEX(Îlots!$N$8:$N$57,$Z484)&\"\"))","v":""},null,null,{"$f":"IF($AA484=\"\",\"\",INDEX(Fertilisants!$D$8:$D$47,$AA484)&\"\")","v":""},null,null,{"$f":"IF($AA484=\"\",\"\",INDEX(Fertilisants!$E$8:$E$47,$AA484)&\"\")","v":""},"",{"$f":"IF(OR($J484=\"\",$AA484=\"\"),\"\",$J484*N(INDEX(Fertilisants!$G$8:$G$47,$AA484)))","v":""},{"$f":"IF(OR($J484=\"\",$AA484=\"\"),\"\",$J484*N(INDEX(Fertilisants!$I$8:$I$47,$AA484)))","v":""},{"$f":"IF(OR($J484=\"\",$AA484=\"\"),\"\",$J484*N(INDEX(Fertilisants!$J$8:$J$47,$AA484)))","v":""},{"$f":"IF(OR($J484=\"\",$AA484=\"\"),\"\",$J484*N(INDEX(Fertilisants!$K$8:$K$47,$AA484)))","v":""},"",{"$nulls":5},"",null,null,{"$f":"IF($D484=\"\",\"\",IFERROR(MATCH($D484,Îlots!$D$8:$D$57,0),\"\"))","v":""},{"$f":"IF($G484=\"\",\"\",IFERROR(MATCH($G484,Fertilisants!$B$8:$B$47,0),\"\"))","v":""},{"$f":"IF($Z484=\"\",\"\",INDEX(Îlots!$E$8:$E$57,$Z484))","v":""},{"$f":"IF($Z484=\"\",\"\",INDEX(Îlots!$G$8:$G$57,$Z484)&\"\")","v":""},{"$f":"IF($Z484=\"\",\"\",IF($F484=ApportCouvert,OccCouvert,INDEX(Îlots!$O$8:$O$57,$Z484)&\"\"))","v":""},"","","",0,0,0,0,0,{"$f":"IF($AA484=\"\",0,IF(INDEX(Fertilisants!$C$8:$C$47,$AA484)=\"Effluent d'élevage\",1,0))","v":0},{"$f":"IF($AA484=\"\",\"\",IF(INDEX(Fertilisants!$C$8:$C$47,$AA484)=\"Engrais minéral\",\"Minéral\",\"Organique\"))","v":""},"","","",{"$f":"IF(AND($D484<>\"\",$D484=FicheIlot),COUNTIF($D$8:$D484,FicheIlot),\"\")","v":""}]
[null,{"$f":"IF(C485=\"\",\"\",COUNT($C$8:C485))","v":""},null,null,{"$f":"IF($Z485=\"\",\"\",IF($F485=ApportCouvert,INDEX(Îlots!$I$8:$I$57,$Z485)&\"\",INDEX(Îlots!$N$8:$N$57,$Z485)&\"\"))","v":""},null,null,{"$f":"IF($AA485=\"\",\"\",INDEX(Fertilisants!$D$8:$D$47,$AA485)&\"\")","v":""},null,null,{"$f":"IF($AA485=\"\",\"\",INDEX(Fertilisants!$E$8:$E$47,$AA485)&\"\")","v":""},"",{"$f":"IF(OR($J485=\"\",$AA485=\"\"),\"\",$J485*N(INDEX(Fertilisants!$G$8:$G$47,$AA485)))","v":""},{"$f":"IF(OR($J485=\"\",$AA485=\"\"),\"\",$J485*N(INDEX(Fertilisants!$I$8:$I$47,$AA485)))","v":""},{"$f":"IF(OR($J485=\"\",$AA485=\"\"),\"\",$J485*N(INDEX(Fertilisants!$J$8:$J$47,$AA485)))","v":""},{"$f":"IF(OR($J485=\"\",$AA485=\"\"),\"\",$J485*N(INDEX(Fertilisants!$K$8:$K$47,$AA485)))","v":""},"",{"$nulls":5},"",null,null,{"$f":"IF($D485=\"\",\"\",IFERROR(MATCH($D485,Îlots!$D$8:$D$57,0),\"\"))","v":""},{"$f":"IF($G485=\"\",\"\",IFERROR(MATCH($G485,Fertilisants!$B$8:$B$47,0),\"\"))","v":""},{"$f":"IF($Z485=\"\",\"\",INDEX(Îlots!$E$8:$E$57,$Z485))","v":""},{"$f":"IF($Z485=\"\",\"\",INDEX(Îlots!$G$8:$G$57,$Z485)&\"\")","v":""},{"$f":"IF($Z485=\"\",\"\",IF($F485=ApportCouvert,OccCouvert,INDEX(Îlots!$O$8:$O$57,$Z485)&\"\"))","v":""},"","","",0,0,0,0,0,{"$f":"IF($AA485=\"\",0,IF(INDEX(Fertilisants!$C$8:$C$47,$AA485)=\"Effluent d'élevage\",1,0))","v":0},{"$f":"IF($AA485=\"\",\"\",IF(INDEX(Fertilisants!$C$8:$C$47,$AA485)=\"Engrais minéral\",\"Minéral\",\"Organique\"))","v":""},"","","",{"$f":"IF(AND($D485<>\"\",$D485=FicheIlot),COUNTIF($D$8:$D485,FicheIlot),\"\")","v":""}]
[null,{"$f":"IF(C486=\"\",\"\",COUNT($C$8:C486))","v":""},null,null,{"$f":"IF($Z486=\"\",\"\",IF($F486=ApportCouvert,INDEX(Îlots!$I$8:$I$57,$Z486)&\"\",INDEX(Îlots!$N$8:$N$57,$Z486)&\"\"))","v":""},null,null,{"$f":"IF($AA486=\"\",\"\",INDEX(Fertilisants!$D$8:$D$47,$AA486)&\"\")","v":""},null,null,{"$f":"IF($AA486=\"\",\"\",INDEX(Fertilisants!$E$8:$E$47,$AA486)&\"\")","v":""},"",{"$f":"IF(OR($J486=\"\",$AA486=\"\"),\"\",$J486*N(INDEX(Fertilisants!$G$8:$G$47,$AA486)))","v":""},{"$f":"IF(OR($J486=\"\",$AA486=\"\"),\"\",$J486*N(INDEX(Fertilisants!$I$8:$I$47,$AA486)))","v":""},{"$f":"IF(OR($J486=\"\",$AA486=\"\"),\"\",$J486*N(INDEX(Fertilisants!$J$8:$J$47,$AA486)))","v":""},{"$f":"IF(OR($J486=\"\",$AA486=\"\"),\"\",$J486*N(INDEX(Fertilisants!$K$8:$K$47,$AA486)))","v":""},"",{"$nulls":5},"",null,null,{"$f":"IF($D486=\"\",\"\",IFERROR(MATCH($D486,Îlots!$D$8:$D$57,0),\"\"))","v":""},{"$f":"IF($G486=\"\",\"\",IFERROR(MATCH($G486,Fertilisants!$B$8:$B$47,0),\"\"))","v":""},{"$f":"IF($Z486=\"\",\"\",INDEX(Îlots!$E$8:$E$57,$Z486))","v":""},{"$f":"IF($Z486=\"\",\"\",INDEX(Îlots!$G$8:$G$57,$Z486)&\"\")","v":""},{"$f":"IF($Z486=\"\",\"\",IF($F486=ApportCouvert,OccCouvert,INDEX(Îlots!$O$8:$O$57,$Z486)&\"\"))","v":""},"","","",0,0,0,0,0,{"$f":"IF($AA486=\"\",0,IF(INDEX(Fertilisants!$C$8:$C$47,$AA486)=\"Effluent d'élevage\",1,0))","v":0},{"$f":"IF($AA486=\"\",\"\",IF(INDEX(Fertilisants!$C$8:$C$47,$AA486)=\"Engrais minéral\",\"Minéral\",\"Organique\"))","v":""},"","","",{"$f":"IF(AND($D486<>\"\",$D486=FicheIlot),COUNTIF($D$8:$D486,FicheIlot),\"\")","v":""}]
[null,{"$f":"IF(C487=\"\",\"\",COUNT($C$8:C487))","v":""},null,null,{"$f":"IF($Z487=\"\",\"\",IF($F487=ApportCouvert,INDEX(Îlots!$I$8:$I$57,$Z487)&\"\",INDEX(Îlots!$N$8:$N$57,$Z487)&\"\"))","v":""},null,null,{"$f":"IF($AA487=\"\",\"\",INDEX(Fertilisants!$D$8:$D$47,$AA487)&\"\")","v":""},null,null,{"$f":"IF($AA487=\"\",\"\",INDEX(Fertilisants!$E$8:$E$47,$AA487)&\"\")","v":""},"",{"$f":"IF(OR($J487=\"\",$AA487=\"\"),\"\",$J487*N(INDEX(Fertilisants!$G$8:$G$47,$AA487)))","v":""},{"$f":"IF(OR($J487=\"\",$AA487=\"\"),\"\",$J487*N(INDEX(Fertilisants!$I$8:$I$47,$AA487)))","v":""},{"$f":"IF(OR($J487=\"\",$AA487=\"\"),\"\",$J487*N(INDEX(Fertilisants!$J$8:$J$47,$AA487)))","v":""},{"$f":"IF(OR($J487=\"\",$AA487=\"\"),\"\",$J487*N(INDEX(Fertilisants!$K$8:$K$47,$AA487)))","v":""},"",{"$nulls":5},"",null,null,{"$f":"IF($D487=\"\",\"\",IFERROR(MATCH($D487,Îlots!$D$8:$D$57,0),\"\"))","v":""},{"$f":"IF($G487=\"\",\"\",IFERROR(MATCH($G487,Fertilisants!$B$8:$B$47,0),\"\"))","v":""},{"$f":"IF($Z487=\"\",\"\",INDEX(Îlots!$E$8:$E$57,$Z487))","v":""},{"$f":"IF($Z487=\"\",\"\",INDEX(Îlots!$G$8:$G$57,$Z487)&\"\")","v":""},{"$f":"IF($Z487=\"\",\"\",IF($F487=ApportCouvert,OccCouvert,INDEX(Îlots!$O$8:$O$57,$Z487)&\"\"))","v":""},"","","",0,0,0,0,0,{"$f":"IF($AA487=\"\",0,IF(INDEX(Fertilisants!$C$8:$C$47,$AA487)=\"Effluent d'élevage\",1,0))","v":0},{"$f":"IF($AA487=\"\",\"\",IF(INDEX(Fertilisants!$C$8:$C$47,$AA487)=\"Engrais minéral\",\"Minéral\",\"Organique\"))","v":""},"","","",{"$f":"IF(AND($D487<>\"\",$D487=FicheIlot),COUNTIF($D$8:$D487,FicheIlot),\"\")","v":""}]
[null,{"$f":"IF(C488=\"\",\"\",COUNT($C$8:C488))","v":""},null,null,{"$f":"IF($Z488=\"\",\"\",IF($F488=ApportCouvert,INDEX(Îlots!$I$8:$I$57,$Z488)&\"\",INDEX(Îlots!$N$8:$N$57,$Z488)&\"\"))","v":""},null,null,{"$f":"IF($AA488=\"\",\"\",INDEX(Fertilisants!$D$8:$D$47,$AA488)&\"\")","v":""},null,null,{"$f":"IF($AA488=\"\",\"\",INDEX(Fertilisants!$E$8:$E$47,$AA488)&\"\")","v":""},"",{"$f":"IF(OR($J488=\"\",$AA488=\"\"),\"\",$J488*N(INDEX(Fertilisants!$G$8:$G$47,$AA488)))","v":""},{"$f":"IF(OR($J488=\"\",$AA488=\"\"),\"\",$J488*N(INDEX(Fertilisants!$I$8:$I$47,$AA488)))","v":""},{"$f":"IF(OR($J488=\"\",$AA488=\"\"),\"\",$J488*N(INDEX(Fertilisants!$J$8:$J$47,$AA488)))","v":""},{"$f":"IF(OR($J488=\"\",$AA488=\"\"),\"\",$J488*N(INDEX(Fertilisants!$K$8:$K$47,$AA488)))","v":""},"",{"$nulls":5},"",null,null,{"$f":"IF($D488=\"\",\"\",IFERROR(MATCH($D488,Îlots!$D$8:$D$57,0),\"\"))","v":""},{"$f":"IF($G488=\"\",\"\",IFERROR(MATCH($G488,Fertilisants!$B$8:$B$47,0),\"\"))","v":""},{"$f":"IF($Z488=\"\",\"\",INDEX(Îlots!$E$8:$E$57,$Z488))","v":""},{"$f":"IF($Z488=\"\",\"\",INDEX(Îlots!$G$8:$G$57,$Z488)&\"\")","v":""},{"$f":"IF($Z488=\"\",\"\",IF($F488=ApportCouvert,OccCouvert,INDEX(Îlots!$O$8:$O$57,$Z488)&\"\"))","v":""},"","","",0,0,0,0,0,{"$f":"IF($AA488=\"\",0,IF(INDEX(Fertilisants!$C$8:$C$47,$AA488)=\"Effluent d'élevage\",1,0))","v":0},{"$f":"IF($AA488=\"\",\"\",IF(INDEX(Fertilisants!$C$8:$C$47,$AA488)=\"Engrais minéral\",\"Minéral\",\"Organique\"))","v":""},"","","",{"$f":"IF(AND($D488<>\"\",$D488=FicheIlot),COUNTIF($D$8:$D488,FicheIlot),\"\")","v":""}]
[null,{"$f":"IF(C489=\"\",\"\",COUNT($C$8:C489))","v":""},null,null,{"$f":"IF($Z489=\"\",\"\",IF($F489=ApportCouvert,INDEX(Îlots!$I$8:$I$57,$Z489)&\"\",INDEX(Îlots!$N$8:$N$57,$Z489)&\"\"))","v":""},null,null,{"$f":"IF($AA489=\"\",\"\",INDEX(Fertilisants!$D$8:$D$47,$AA489)&\"\")","v":""},null,null,{"$f":"IF($AA489=\"\",\"\",INDEX(Fertilisants!$E$8:$E$47,$AA489)&\"\")","v":""},"",{"$f":"IF(OR($J489=\"\",$AA489=\"\"),\"\",$J489*N(INDEX(Fertilisants!$G$8:$G$47,$AA489)))","v":""},{"$f":"IF(OR($J489=\"\",$AA489=\"\"),\"\",$J489*N(INDEX(Fertilisants!$I$8:$I$47,$AA489)))","v":""},{"$f":"IF(OR($J489=\"\",$AA489=\"\"),\"\",$J489*N(INDEX(Fertilisants!$J$8:$J$47,$AA489)))","v":""},{"$f":"IF(OR($J489=\"\",$AA489=\"\"),\"\",$J489*N(INDEX(Fertilisants!$K$8:$K$47,$AA489)))","v":""},"",{"$nulls":5},"",null,null,{"$f":"IF($D489=\"\",\"\",IFERROR(MATCH($D489,Îlots!$D$8:$D$57,0),\"\"))","v":""},{"$f":"IF($G489=\"\",\"\",IFERROR(MATCH($G489,Fertilisants!$B$8:$B$47,0),\"\"))","v":""},{"$f":"IF($Z489=\"\",\"\",INDEX(Îlots!$E$8:$E$57,$Z489))","v":""},{"$f":"IF($Z489=\"\",\"\",INDEX(Îlots!$G$8:$G$57,$Z489)&\"\")","v":""},{"$f":"IF($Z489=\"\",\"\",IF($F489=ApportCouvert,OccCouvert,INDEX(Îlots!$O$8:$O$57,$Z489)&\"\"))","v":""},"","","",0,0,0,0,0,{"$f":"IF($AA489=\"\",0,IF(INDEX(Fertilisants!$C$8:$C$47,$AA489)=\"Effluent d'élevage\",1,0))","v":0},{"$f":"IF($AA489=\"\",\"\",IF(INDEX(Fertilisants!$C$8:$C$47,$AA489)=\"Engrais minéral\",\"Minéral\",\"Organique\"))","v":""},"","","",{"$f":"IF(AND($D489<>\"\",$D489=FicheIlot),COUNTIF($D$8:$D489,FicheIlot),\"\")","v":""}]
[null,{"$f":"IF(C490=\"\",\"\",COUNT($C$8:C490))","v":""},null,null,{"$f":"IF($Z490=\"\",\"\",IF($F490=ApportCouvert,INDEX(Îlots!$I$8:$I$57,$Z490)&\"\",INDEX(Îlots!$N$8:$N$57,$Z490)&\"\"))","v":""},null,null,{"$f":"IF($AA490=\"\",\"\",INDEX(Fertilisants!$D$8:$D$47,$AA490)&\"\")","v":""},null,null,{"$f":"IF($AA490=\"\",\"\",INDEX(Fertilisants!$E$8:$E$47,$AA490)&\"\")","v":""},"",{"$f":"IF(OR($J490=\"\",$AA490=\"\"),\"\",$J490*N(INDEX(Fertilisants!$G$8:$G$47,$AA490)))","v":""},{"$f":"IF(OR($J490=\"\",$AA490=\"\"),\"\",$J490*N(INDEX(Fertilisants!$I$8:$I$47,$AA490)))","v":""},{"$f":"IF(OR($J490=\"\",$AA490=\"\"),\"\",$J490*N(INDEX(Fertilisants!$J$8:$J$47,$AA490)))","v":""},{"$f":"IF(OR($J490=\"\",$AA490=\"\"),\"\",$J490*N(INDEX(Fertilisants!$K$8:$K$47,$AA490)))","v":""},"",{"$nulls":5},"",null,null,{"$f":"IF($D490=\"\",\"\",IFERROR(MATCH($D490,Îlots!$D$8:$D$57,0),\"\"))","v":""},{"$f":"IF($G490=\"\",\"\",IFERROR(MATCH($G490,Fertilisants!$B$8:$B$47,0),\"\"))","v":""},{"$f":"IF($Z490=\"\",\"\",INDEX(Îlots!$E$8:$E$57,$Z490))","v":""},{"$f":"IF($Z490=\"\",\"\",INDEX(Îlots!$G$8:$G$57,$Z490)&\"\")","v":""},{"$f":"IF($Z490=\"\",\"\",IF($F490=ApportCouvert,OccCouvert,INDEX(Îlots!$O$8:$O$57,$Z490)&\"\"))","v":""},"","","",0,0,0,0,0,{"$f":"IF($AA490=\"\",0,IF(INDEX(Fertilisants!$C$8:$C$47,$AA490)=\"Effluent d'élevage\",1,0))","v":0},{"$f":"IF($AA490=\"\",\"\",IF(INDEX(Fertilisants!$C$8:$C$47,$AA490)=\"Engrais minéral\",\"Minéral\",\"Organique\"))","v":""},"","","",{"$f":"IF(AND($D490<>\"\",$D490=FicheIlot),COUNTIF($D$8:$D490,FicheIlot),\"\")","v":""}]
[null,{"$f":"IF(C491=\"\",\"\",COUNT($C$8:C491))","v":""},null,null,{"$f":"IF($Z491=\"\",\"\",IF($F491=ApportCouvert,INDEX(Îlots!$I$8:$I$57,$Z491)&\"\",INDEX(Îlots!$N$8:$N$57,$Z491)&\"\"))","v":""},null,null,{"$f":"IF($AA491=\"\",\"\",INDEX(Fertilisants!$D$8:$D$47,$AA491)&\"\")","v":""},null,null,{"$f":"IF($AA491=\"\",\"\",INDEX(Fertilisants!$E$8:$E$47,$AA491)&\"\")","v":""},"",{"$f":"IF(OR($J491=\"\",$AA491=\"\"),\"\",$J491*N(INDEX(Fertilisants!$G$8:$G$47,$AA491)))","v":""},{"$f":"IF(OR($J491=\"\",$AA491=\"\"),\"\",$J491*N(INDEX(Fertilisants!$I$8:$I$47,$AA491)))","v":""},{"$f":"IF(OR($J491=\"\",$AA491=\"\"),\"\",$J491*N(INDEX(Fertilisants!$J$8:$J$47,$AA491)))","v":""},{"$f":"IF(OR($J491=\"\",$AA491=\"\"),\"\",$J491*N(INDEX(Fertilisants!$K$8:$K$47,$AA491)))","v":""},"",{"$nulls":5},"",null,null,{"$f":"IF($D491=\"\",\"\",IFERROR(MATCH($D491,Îlots!$D$8:$D$57,0),\"\"))","v":""},{"$f":"IF($G491=\"\",\"\",IFERROR(MATCH($G491,Fertilisants!$B$8:$B$47,0),\"\"))","v":""},{"$f":"IF($Z491=\"\",\"\",INDEX(Îlots!$E$8:$E$57,$Z491))","v":""},{"$f":"IF($Z491=\"\",\"\",INDEX(Îlots!$G$8:$G$57,$Z491)&\"\")","v":""},{"$f":"IF($Z491=\"\",\"\",IF($F491=ApportCouvert,OccCouvert,INDEX(Îlots!$O$8:$O$57,$Z491)&\"\"))","v":""},"","","",0,0,0,0,0,{"$f":"IF($AA491=\"\",0,IF(INDEX(Fertilisants!$C$8:$C$47,$AA491)=\"Effluent d'élevage\",1,0))","v":0},{"$f":"IF($AA491=\"\",\"\",IF(INDEX(Fertilisants!$C$8:$C$47,$AA491)=\"Engrais minéral\",\"Minéral\",\"Organique\"))","v":""},"","","",{"$f":"IF(AND($D491<>\"\",$D491=FicheIlot),COUNTIF($D$8:$D491,FicheIlot),\"\")","v":""}]
[null,{"$f":"IF(C492=\"\",\"\",COUNT($C$8:C492))","v":""},null,null,{"$f":"IF($Z492=\"\",\"\",IF($F492=ApportCouvert,INDEX(Îlots!$I$8:$I$57,$Z492)&\"\",INDEX(Îlots!$N$8:$N$57,$Z492)&\"\"))","v":""},null,null,{"$f":"IF($AA492=\"\",\"\",INDEX(Fertilisants!$D$8:$D$47,$AA492)&\"\")","v":""},null,null,{"$f":"IF($AA492=\"\",\"\",INDEX(Fertilisants!$E$8:$E$47,$AA492)&\"\")","v":""},"",{"$f":"IF(OR($J492=\"\",$AA492=\"\"),\"\",$J492*N(INDEX(Fertilisants!$G$8:$G$47,$AA492)))","v":""},{"$f":"IF(OR($J492=\"\",$AA492=\"\"),\"\",$J492*N(INDEX(Fertilisants!$I$8:$I$47,$AA492)))","v":""},{"$f":"IF(OR($J492=\"\",$AA492=\"\"),\"\",$J492*N(INDEX(Fertilisants!$J$8:$J$47,$AA492)))","v":""},{"$f":"IF(OR($J492=\"\",$AA492=\"\"),\"\",$J492*N(INDEX(Fertilisants!$K$8:$K$47,$AA492)))","v":""},"",{"$nulls":5},"",null,null,{"$f":"IF($D492=\"\",\"\",IFERROR(MATCH($D492,Îlots!$D$8:$D$57,0),\"\"))","v":""},{"$f":"IF($G492=\"\",\"\",IFERROR(MATCH($G492,Fertilisants!$B$8:$B$47,0),\"\"))","v":""},{"$f":"IF($Z492=\"\",\"\",INDEX(Îlots!$E$8:$E$57,$Z492))","v":""},{"$f":"IF($Z492=\"\",\"\",INDEX(Îlots!$G$8:$G$57,$Z492)&\"\")","v":""},{"$f":"IF($Z492=\"\",\"\",IF($F492=ApportCouvert,OccCouvert,INDEX(Îlots!$O$8:$O$57,$Z492)&\"\"))","v":""},"","","",0,0,0,0,0,{"$f":"IF($AA492=\"\",0,IF(INDEX(Fertilisants!$C$8:$C$47,$AA492)=\"Effluent d'élevage\",1,0))","v":0},{"$f":"IF($AA492=\"\",\"\",IF(INDEX(Fertilisants!$C$8:$C$47,$AA492)=\"Engrais minéral\",\"Minéral\",\"Organique\"))","v":""},"","","",{"$f":"IF(AND($D492<>\"\",$D492=FicheIlot),COUNTIF($D$8:$D492,FicheIlot),\"\")","v":""}]
[null,{"$f":"IF(C493=\"\",\"\",COUNT($C$8:C493))","v":""},null,null,{"$f":"IF($Z493=\"\",\"\",IF($F493=ApportCouvert,INDEX(Îlots!$I$8:$I$57,$Z493)&\"\",INDEX(Îlots!$N$8:$N$57,$Z493)&\"\"))","v":""},null,null,{"$f":"IF($AA493=\"\",\"\",INDEX(Fertilisants!$D$8:$D$47,$AA493)&\"\")","v":""},null,null,{"$f":"IF($AA493=\"\",\"\",INDEX(Fertilisants!$E$8:$E$47,$AA493)&\"\")","v":""},"",{"$f":"IF(OR($J493=\"\",$AA493=\"\"),\"\",$J493*N(INDEX(Fertilisants!$G$8:$G$47,$AA493)))","v":""},{"$f":"IF(OR($J493=\"\",$AA493=\"\"),\"\",$J493*N(INDEX(Fertilisants!$I$8:$I$47,$AA493)))","v":""},{"$f":"IF(OR($J493=\"\",$AA493=\"\"),\"\",$J493*N(INDEX(Fertilisants!$J$8:$J$47,$AA493)))","v":""},{"$f":"IF(OR($J493=\"\",$AA493=\"\"),\"\",$J493*N(INDEX(Fertilisants!$K$8:$K$47,$AA493)))","v":""},"",{"$nulls":5},"",null,null,{"$f":"IF($D493=\"\",\"\",IFERROR(MATCH($D493,Îlots!$D$8:$D$57,0),\"\"))","v":""},{"$f":"IF($G493=\"\",\"\",IFERROR(MATCH($G493,Fertilisants!$B$8:$B$47,0),\"\"))","v":""},{"$f":"IF($Z493=\"\",\"\",INDEX(Îlots!$E$8:$E$57,$Z493))","v":""},{"$f":"IF($Z493=\"\",\"\",INDEX(Îlots!$G$8:$G$57,$Z493)&\"\")","v":""},{"$f":"IF($Z493=\"\",\"\",IF($F493=ApportCouvert,OccCouvert,INDEX(Îlots!$O$8:$O$57,$Z493)&\"\"))","v":""},"","","",0,0,0,0,0,{"$f":"IF($AA493=\"\",0,IF(INDEX(Fertilisants!$C$8:$C$47,$AA493)=\"Effluent d'élevage\",1,0))","v":0},{"$f":"IF($AA493=\"\",\"\",IF(INDEX(Fertilisants!$C$8:$C$47,$AA493)=\"Engrais minéral\",\"Minéral\",\"Organique\"))","v":""},"","","",{"$f":"IF(AND($D493<>\"\",$D493=FicheIlot),COUNTIF($D$8:$D493,FicheIlot),\"\")","v":""}]
[null,{"$f":"IF(C494=\"\",\"\",COUNT($C$8:C494))","v":""},null,null,{"$f":"IF($Z494=\"\",\"\",IF($F494=ApportCouvert,INDEX(Îlots!$I$8:$I$57,$Z494)&\"\",INDEX(Îlots!$N$8:$N$57,$Z494)&\"\"))","v":""},null,null,{"$f":"IF($AA494=\"\",\"\",INDEX(Fertilisants!$D$8:$D$47,$AA494)&\"\")","v":""},null,null,{"$f":"IF($AA494=\"\",\"\",INDEX(Fertilisants!$E$8:$E$47,$AA494)&\"\")","v":""},"",{"$f":"IF(OR($J494=\"\",$AA494=\"\"),\"\",$J494*N(INDEX(Fertilisants!$G$8:$G$47,$AA494)))","v":""},{"$f":"IF(OR($J494=\"\",$AA494=\"\"),\"\",$J494*N(INDEX(Fertilisants!$I$8:$I$47,$AA494)))","v":""},{"$f":"IF(OR($J494=\"\",$AA494=\"\"),\"\",$J494*N(INDEX(Fertilisants!$J$8:$J$47,$AA494)))","v":""},{"$f":"IF(OR($J494=\"\",$AA494=\"\"),\"\",$J494*N(INDEX(Fertilisants!$K$8:$K$47,$AA494)))","v":""},"",{"$nulls":5},"",null,null,{"$f":"IF($D494=\"\",\"\",IFERROR(MATCH($D494,Îlots!$D$8:$D$57,0),\"\"))","v":""},{"$f":"IF($G494=\"\",\"\",IFERROR(MATCH($G494,Fertilisants!$B$8:$B$47,0),\"\"))","v":""},{"$f":"IF($Z494=\"\",\"\",INDEX(Îlots!$E$8:$E$57,$Z494))","v":""},{"$f":"IF($Z494=\"\",\"\",INDEX(Îlots!$G$8:$G$57,$Z494)&\"\")","v":""},{"$f":"IF($Z494=\"\",\"\",IF($F494=ApportCouvert,OccCouvert,INDEX(Îlots!$O$8:$O$57,$Z494)&\"\"))","v":""},"","","",0,0,0,0,0,{"$f":"IF($AA494=\"\",0,IF(INDEX(Fertilisants!$C$8:$C$47,$AA494)=\"Effluent d'élevage\",1,0))","v":0},{"$f":"IF($AA494=\"\",\"\",IF(INDEX(Fertilisants!$C$8:$C$47,$AA494)=\"Engrais minéral\",\"Minéral\",\"Organique\"))","v":""},"","","",{"$f":"IF(AND($D494<>\"\",$D494=FicheIlot),COUNTIF($D$8:$D494,FicheIlot),\"\")","v":""}]
[null,{"$f":"IF(C495=\"\",\"\",COUNT($C$8:C495))","v":""},null,null,{"$f":"IF($Z495=\"\",\"\",IF($F495=ApportCouvert,INDEX(Îlots!$I$8:$I$57,$Z495)&\"\",INDEX(Îlots!$N$8:$N$57,$Z495)&\"\"))","v":""},null,null,{"$f":"IF($AA495=\"\",\"\",INDEX(Fertilisants!$D$8:$D$47,$AA495)&\"\")","v":""},null,null,{"$f":"IF($AA495=\"\",\"\",INDEX(Fertilisants!$E$8:$E$47,$AA495)&\"\")","v":""},"",{"$f":"IF(OR($J495=\"\",$AA495=\"\"),\"\",$J495*N(INDEX(Fertilisants!$G$8:$G$47,$AA495)))","v":""},{"$f":"IF(OR($J495=\"\",$AA495=\"\"),\"\",$J495*N(INDEX(Fertilisants!$I$8:$I$47,$AA495)))","v":""},{"$f":"IF(OR($J495=\"\",$AA495=\"\"),\"\",$J495*N(INDEX(Fertilisants!$J$8:$J$47,$AA495)))","v":""},{"$f":"IF(OR($J495=\"\",$AA495=\"\"),\"\",$J495*N(INDEX(Fertilisants!$K$8:$K$47,$AA495)))","v":""},"",{"$nulls":5},"",null,null,{"$f":"IF($D495=\"\",\"\",IFERROR(MATCH($D495,Îlots!$D$8:$D$57,0),\"\"))","v":""},{"$f":"IF($G495=\"\",\"\",IFERROR(MATCH($G495,Fertilisants!$B$8:$B$47,0),\"\"))","v":""},{"$f":"IF($Z495=\"\",\"\",INDEX(Îlots!$E$8:$E$57,$Z495))","v":""},{"$f":"IF($Z495=\"\",\"\",INDEX(Îlots!$G$8:$G$57,$Z495)&\"\")","v":""},{"$f":"IF($Z495=\"\",\"\",IF($F495=ApportCouvert,OccCouvert,INDEX(Îlots!$O$8:$O$57,$Z495)&\"\"))","v":""},"","","",0,0,0,0,0,{"$f":"IF($AA495=\"\",0,IF(INDEX(Fertilisants!$C$8:$C$47,$AA495)=\"Effluent d'élevage\",1,0))","v":0},{"$f":"IF($AA495=\"\",\"\",IF(INDEX(Fertilisants!$C$8:$C$47,$AA495)=\"Engrais minéral\",\"Minéral\",\"Organique\"))","v":""},"","","",{"$f":"IF(AND($D495<>\"\",$D495=FicheIlot),COUNTIF($D$8:$D495,FicheIlot),\"\")","v":""}]
[null,{"$f":"IF(C496=\"\",\"\",COUNT($C$8:C496))","v":""},null,null,{"$f":"IF($Z496=\"\",\"\",IF($F496=ApportCouvert,INDEX(Îlots!$I$8:$I$57,$Z496)&\"\",INDEX(Îlots!$N$8:$N$57,$Z496)&\"\"))","v":""},null,null,{"$f":"IF($AA496=\"\",\"\",INDEX(Fertilisants!$D$8:$D$47,$AA496)&\"\")","v":""},null,null,{"$f":"IF($AA496=\"\",\"\",INDEX(Fertilisants!$E$8:$E$47,$AA496)&\"\")","v":""},"",{"$f":"IF(OR($J496=\"\",$AA496=\"\"),\"\",$J496*N(INDEX(Fertilisants!$G$8:$G$47,$AA496)))","v":""},{"$f":"IF(OR($J496=\"\",$AA496=\"\"),\"\",$J496*N(INDEX(Fertilisants!$I$8:$I$47,$AA496)))","v":""},{"$f":"IF(OR($J496=\"\",$AA496=\"\"),\"\",$J496*N(INDEX(Fertilisants!$J$8:$J$47,$AA496)))","v":""},{"$f":"IF(OR($J496=\"\",$AA496=\"\"),\"\",$J496*N(INDEX(Fertilisants!$K$8:$K$47,$AA496)))","v":""},"",{"$nulls":5},"",null,null,{"$f":"IF($D496=\"\",\"\",IFERROR(MATCH($D496,Îlots!$D$8:$D$57,0),\"\"))","v":""},{"$f":"IF($G496=\"\",\"\",IFERROR(MATCH($G496,Fertilisants!$B$8:$B$47,0),\"\"))","v":""},{"$f":"IF($Z496=\"\",\"\",INDEX(Îlots!$E$8:$E$57,$Z496))","v":""},{"$f":"IF($Z496=\"\",\"\",INDEX(Îlots!$G$8:$G$57,$Z496)&\"\")","v":""},{"$f":"IF($Z496=\"\",\"\",IF($F496=ApportCouvert,OccCouvert,INDEX(Îlots!$O$8:$O$57,$Z496)&\"\"))","v":""},"","","",0,0,0,0,0,{"$f":"IF($AA496=\"\",0,IF(INDEX(Fertilisants!$C$8:$C$47,$AA496)=\"Effluent d'élevage\",1,0))","v":0},{"$f":"IF($AA496=\"\",\"\",IF(INDEX(Fertilisants!$C$8:$C$47,$AA496)=\"Engrais minéral\",\"Minéral\",\"Organique\"))","v":""},"","","",{"$f":"IF(AND($D496<>\"\",$D496=FicheIlot),COUNTIF($D$8:$D496,FicheIlot),\"\")","v":""}]
[null,{"$f":"IF(C497=\"\",\"\",COUNT($C$8:C497))","v":""},null,null,{"$f":"IF($Z497=\"\",\"\",IF($F497=ApportCouvert,INDEX(Îlots!$I$8:$I$57,$Z497)&\"\",INDEX(Îlots!$N$8:$N$57,$Z497)&\"\"))","v":""},null,null,{"$f":"IF($AA497=\"\",\"\",INDEX(Fertilisants!$D$8:$D$47,$AA497)&\"\")","v":""},null,null,{"$f":"IF($AA497=\"\",\"\",INDEX(Fertilisants!$E$8:$E$47,$AA497)&\"\")","v":""},"",{"$f":"IF(OR($J497=\"\",$AA497=\"\"),\"\",$J497*N(INDEX(Fertilisants!$G$8:$G$47,$AA497)))","v":""},{"$f":"IF(OR($J497=\"\",$AA497=\"\"),\"\",$J497*N(INDEX(Fertilisants!$I$8:$I$47,$AA497)))","v":""},{"$f":"IF(OR($J497=\"\",$AA497=\"\"),\"\",$J497*N(INDEX(Fertilisants!$J$8:$J$47,$AA497)))","v":""},{"$f":"IF(OR($J497=\"\",$AA497=\"\"),\"\",$J497*N(INDEX(Fertilisants!$K$8:$K$47,$AA497)))","v":""},"",{"$nulls":5},"",null,null,{"$f":"IF($D497=\"\",\"\",IFERROR(MATCH($D497,Îlots!$D$8:$D$57,0),\"\"))","v":""},{"$f":"IF($G497=\"\",\"\",IFERROR(MATCH($G497,Fertilisants!$B$8:$B$47,0),\"\"))","v":""},{"$f":"IF($Z497=\"\",\"\",INDEX(Îlots!$E$8:$E$57,$Z497))","v":""},{"$f":"IF($Z497=\"\",\"\",INDEX(Îlots!$G$8:$G$57,$Z497)&\"\")","v":""},{"$f":"IF($Z497=\"\",\"\",IF($F497=ApportCouvert,OccCouvert,INDEX(Îlots!$O$8:$O$57,$Z497)&\"\"))","v":""},"","","",0,0,0,0,0,{"$f":"IF($AA497=\"\",0,IF(INDEX(Fertilisants!$C$8:$C$47,$AA497)=\"Effluent d'élevage\",1,0))","v":0},{"$f":"IF($AA497=\"\",\"\",IF(INDEX(Fertilisants!$C$8:$C$47,$AA497)=\"Engrais minéral\",\"Minéral\",\"Organique\"))","v":""},"","","",{"$f":"IF(AND($D497<>\"\",$D497=FicheIlot),COUNTIF($D$8:$D497,FicheIlot),\"\")","v":""}]
[null,{"$f":"IF(C498=\"\",\"\",COUNT($C$8:C498))","v":""},null,null,{"$f":"IF($Z498=\"\",\"\",IF($F498=ApportCouvert,INDEX(Îlots!$I$8:$I$57,$Z498)&\"\",INDEX(Îlots!$N$8:$N$57,$Z498)&\"\"))","v":""},null,null,{"$f":"IF($AA498=\"\",\"\",INDEX(Fertilisants!$D$8:$D$47,$AA498)&\"\")","v":""},null,null,{"$f":"IF($AA498=\"\",\"\",INDEX(Fertilisants!$E$8:$E$47,$AA498)&\"\")","v":""},"",{"$f":"IF(OR($J498=\"\",$AA498=\"\"),\"\",$J498*N(INDEX(Fertilisants!$G$8:$G$47,$AA498)))","v":""},{"$f":"IF(OR($J498=\"\",$AA498=\"\"),\"\",$J498*N(INDEX(Fertilisants!$I$8:$I$47,$AA498)))","v":""},{"$f":"IF(OR($J498=\"\",$AA498=\"\"),\"\",$J498*N(INDEX(Fertilisants!$J$8:$J$47,$AA498)))","v":""},{"$f":"IF(OR($J498=\"\",$AA498=\"\"),\"\",$J498*N(INDEX(Fertilisants!$K$8:$K$47,$AA498)))","v":""},"",{"$nulls":5},"",null,null,{"$f":"IF($D498=\"\",\"\",IFERROR(MATCH($D498,Îlots!$D$8:$D$57,0),\"\"))","v":""},{"$f":"IF($G498=\"\",\"\",IFERROR(MATCH($G498,Fertilisants!$B$8:$B$47,0),\"\"))","v":""},{"$f":"IF($Z498=\"\",\"\",INDEX(Îlots!$E$8:$E$57,$Z498))","v":""},{"$f":"IF($Z498=\"\",\"\",INDEX(Îlots!$G$8:$G$57,$Z498)&\"\")","v":""},{"$f":"IF($Z498=\"\",\"\",IF($F498=ApportCouvert,OccCouvert,INDEX(Îlots!$O$8:$O$57,$Z498)&\"\"))","v":""},"","","",0,0,0,0,0,{"$f":"IF($AA498=\"\",0,IF(INDEX(Fertilisants!$C$8:$C$47,$AA498)=\"Effluent d'élevage\",1,0))","v":0},{"$f":"IF($AA498=\"\",\"\",IF(INDEX(Fertilisants!$C$8:$C$47,$AA498)=\"Engrais minéral\",\"Minéral\",\"Organique\"))","v":""},"","","",{"$f":"IF(AND($D498<>\"\",$D498=FicheIlot),COUNTIF($D$8:$D498,FicheIlot),\"\")","v":""}]
[null,{"$f":"IF(C499=\"\",\"\",COUNT($C$8:C499))","v":""},null,null,{"$f":"IF($Z499=\"\",\"\",IF($F499=ApportCouvert,INDEX(Îlots!$I$8:$I$57,$Z499)&\"\",INDEX(Îlots!$N$8:$N$57,$Z499)&\"\"))","v":""},null,null,{"$f":"IF($AA499=\"\",\"\",INDEX(Fertilisants!$D$8:$D$47,$AA499)&\"\")","v":""},null,null,{"$f":"IF($AA499=\"\",\"\",INDEX(Fertilisants!$E$8:$E$47,$AA499)&\"\")","v":""},"",{"$f":"IF(OR($J499=\"\",$AA499=\"\"),\"\",$J499*N(INDEX(Fertilisants!$G$8:$G$47,$AA499)))","v":""},{"$f":"IF(OR($J499=\"\",$AA499=\"\"),\"\",$J499*N(INDEX(Fertilisants!$I$8:$I$47,$AA499)))","v":""},{"$f":"IF(OR($J499=\"\",$AA499=\"\"),\"\",$J499*N(INDEX(Fertilisants!$J$8:$J$47,$AA499)))","v":""},{"$f":"IF(OR($J499=\"\",$AA499=\"\"),\"\",$J499*N(INDEX(Fertilisants!$K$8:$K$47,$AA499)))","v":""},"",{"$nulls":5},"",null,null,{"$f":"IF($D499=\"\",\"\",IFERROR(MATCH($D499,Îlots!$D$8:$D$57,0),\"\"))","v":""},{"$f":"IF($G499=\"\",\"\",IFERROR(MATCH($G499,Fertilisants!$B$8:$B$47,0),\"\"))","v":""},{"$f":"IF($Z499=\"\",\"\",INDEX(Îlots!$E$8:$E$57,$Z499))","v":""},{"$f":"IF($Z499=\"\",\"\",INDEX(Îlots!$G$8:$G$57,$Z499)&\"\")","v":""},{"$f":"IF($Z499=\"\",\"\",IF($F499=ApportCouvert,OccCouvert,INDEX(Îlots!$O$8:$O$57,$Z499)&\"\"))","v":""},"","","",0,0,0,0,0,{"$f":"IF($AA499=\"\",0,IF(INDEX(Fertilisants!$C$8:$C$47,$AA499)=\"Effluent d'élevage\",1,0))","v":0},{"$f":"IF($AA499=\"\",\"\",IF(INDEX(Fertilisants!$C$8:$C$47,$AA499)=\"Engrais minéral\",\"Minéral\",\"Organique\"))","v":""},"","","",{"$f":"IF(AND($D499<>\"\",$D499=FicheIlot),COUNTIF($D$8:$D499,FicheIlot),\"\")","v":""}]
[null,{"$f":"IF(C500=\"\",\"\",COUNT($C$8:C500))","v":""},null,null,{"$f":"IF($Z500=\"\",\"\",IF($F500=ApportCouvert,INDEX(Îlots!$I$8:$I$57,$Z500)&\"\",INDEX(Îlots!$N$8:$N$57,$Z500)&\"\"))","v":""},null,null,{"$f":"IF($AA500=\"\",\"\",INDEX(Fertilisants!$D$8:$D$47,$AA500)&\"\")","v":""},null,null,{"$f":"IF($AA500=\"\",\"\",INDEX(Fertilisants!$E$8:$E$47,$AA500)&\"\")","v":""},"",{"$f":"IF(OR($J500=\"\",$AA500=\"\"),\"\",$J500*N(INDEX(Fertilisants!$G$8:$G$47,$AA500)))","v":""},{"$f":"IF(OR($J500=\"\",$AA500=\"\"),\"\",$J500*N(INDEX(Fertilisants!$I$8:$I$47,$AA500)))","v":""},{"$f":"IF(OR($J500=\"\",$AA500=\"\"),\"\",$J500*N(INDEX(Fertilisants!$J$8:$J$47,$AA500)))","v":""},{"$f":"IF(OR($J500=\"\",$AA500=\"\"),\"\",$J500*N(INDEX(Fertilisants!$K$8:$K$47,$AA500)))","v":""},"",{"$nulls":5},"",null,null,{"$f":"IF($D500=\"\",\"\",IFERROR(MATCH($D500,Îlots!$D$8:$D$57,0),\"\"))","v":""},{"$f":"IF($G500=\"\",\"\",IFERROR(MATCH($G500,Fertilisants!$B$8:$B$47,0),\"\"))","v":""},{"$f":"IF($Z500=\"\",\"\",INDEX(Îlots!$E$8:$E$57,$Z500))","v":""},{"$f":"IF($Z500=\"\",\"\",INDEX(Îlots!$G$8:$G$57,$Z500)&\"\")","v":""},{"$f":"IF($Z500=\"\",\"\",IF($F500=ApportCouvert,OccCouvert,INDEX(Îlots!$O$8:$O$57,$Z500)&\"\"))","v":""},"","","",0,0,0,0,0,{"$f":"IF($AA500=\"\",0,IF(INDEX(Fertilisants!$C$8:$C$47,$AA500)=\"Effluent d'élevage\",1,0))","v":0},{"$f":"IF($AA500=\"\",\"\",IF(INDEX(Fertilisants!$C$8:$C$47,$AA500)=\"Engrais minéral\",\"Minéral\",\"Organique\"))","v":""},"","","",{"$f":"IF(AND($D500<>\"\",$D500=FicheIlot),COUNTIF($D$8:$D500,FicheIlot),\"\")","v":""}]
[null,{"$f":"IF(C501=\"\",\"\",COUNT($C$8:C501))","v":""},null,null,{"$f":"IF($Z501=\"\",\"\",IF($F501=ApportCouvert,INDEX(Îlots!$I$8:$I$57,$Z501)&\"\",INDEX(Îlots!$N$8:$N$57,$Z501)&\"\"))","v":""},null,null,{"$f":"IF($AA501=\"\",\"\",INDEX(Fertilisants!$D$8:$D$47,$AA501)&\"\")","v":""},null,null,{"$f":"IF($AA501=\"\",\"\",INDEX(Fertilisants!$E$8:$E$47,$AA501)&\"\")","v":""},"",{"$f":"IF(OR($J501=\"\",$AA501=\"\"),\"\",$J501*N(INDEX(Fertilisants!$G$8:$G$47,$AA501)))","v":""},{"$f":"IF(OR($J501=\"\",$AA501=\"\"),\"\",$J501*N(INDEX(Fertilisants!$I$8:$I$47,$AA501)))","v":""},{"$f":"IF(OR($J501=\"\",$AA501=\"\"),\"\",$J501*N(INDEX(Fertilisants!$J$8:$J$47,$AA501)))","v":""},{"$f":"IF(OR($J501=\"\",$AA501=\"\"),\"\",$J501*N(INDEX(Fertilisants!$K$8:$K$47,$AA501)))","v":""},"",{"$nulls":5},"",null,null,{"$f":"IF($D501=\"\",\"\",IFERROR(MATCH($D501,Îlots!$D$8:$D$57,0),\"\"))","v":""},{"$f":"IF($G501=\"\",\"\",IFERROR(MATCH($G501,Fertilisants!$B$8:$B$47,0),\"\"))","v":""},{"$f":"IF($Z501=\"\",\"\",INDEX(Îlots!$E$8:$E$57,$Z501))","v":""},{"$f":"IF($Z501=\"\",\"\",INDEX(Îlots!$G$8:$G$57,$Z501)&\"\")","v":""},{"$f":"IF($Z501=\"\",\"\",IF($F501=ApportCouvert,OccCouvert,INDEX(Îlots!$O$8:$O$57,$Z501)&\"\"))","v":""},"","","",0,0,0,0,0,{"$f":"IF($AA501=\"\",0,IF(INDEX(Fertilisants!$C$8:$C$47,$AA501)=\"Effluent d'élevage\",1,0))","v":0},{"$f":"IF($AA501=\"\",\"\",IF(INDEX(Fertilisants!$C$8:$C$47,$AA501)=\"Engrais minéral\",\"Minéral\",\"Organique\"))","v":""},"","","",{"$f":"IF(AND($D501<>\"\",$D501=FicheIlot),COUNTIF($D$8:$D501,FicheIlot),\"\")","v":""}]
[null,{"$f":"IF(C502=\"\",\"\",COUNT($C$8:C502))","v":""},null,null,{"$f":"IF($Z502=\"\",\"\",IF($F502=ApportCouvert,INDEX(Îlots!$I$8:$I$57,$Z502)&\"\",INDEX(Îlots!$N$8:$N$57,$Z502)&\"\"))","v":""},null,null,{"$f":"IF($AA502=\"\",\"\",INDEX(Fertilisants!$D$8:$D$47,$AA502)&\"\")","v":""},null,null,{"$f":"IF($AA502=\"\",\"\",INDEX(Fertilisants!$E$8:$E$47,$AA502)&\"\")","v":""},"",{"$f":"IF(OR($J502=\"\",$AA502=\"\"),\"\",$J502*N(INDEX(Fertilisants!$G$8:$G$47,$AA502)))","v":""},{"$f":"IF(OR($J502=\"\",$AA502=\"\"),\"\",$J502*N(INDEX(Fertilisants!$I$8:$I$47,$AA502)))","v":""},{"$f":"IF(OR($J502=\"\",$AA502=\"\"),\"\",$J502*N(INDEX(Fertilisants!$J$8:$J$47,$AA502)))","v":""},{"$f":"IF(OR($J502=\"\",$AA502=\"\"),\"\",$J502*N(INDEX(Fertilisants!$K$8:$K$47,$AA502)))","v":""},"",{"$nulls":5},"",null,null,{"$f":"IF($D502=\"\",\"\",IFERROR(MATCH($D502,Îlots!$D$8:$D$57,0),\"\"))","v":""},{"$f":"IF($G502=\"\",\"\",IFERROR(MATCH($G502,Fertilisants!$B$8:$B$47,0),\"\"))","v":""},{"$f":"IF($Z502=\"\",\"\",INDEX(Îlots!$E$8:$E$57,$Z502))","v":""},{"$f":"IF($Z502=\"\",\"\",INDEX(Îlots!$G$8:$G$57,$Z502)&\"\")","v":""},{"$f":"IF($Z502=\"\",\"\",IF($F502=ApportCouvert,OccCouvert,INDEX(Îlots!$O$8:$O$57,$Z502)&\"\"))","v":""},"","","",0,0,0,0,0,{"$f":"IF($AA502=\"\",0,IF(INDEX(Fertilisants!$C$8:$C$47,$AA502)=\"Effluent d'élevage\",1,0))","v":0},{"$f":"IF($AA502=\"\",\"\",IF(INDEX(Fertilisants!$C$8:$C$47,$AA502)=\"Engrais minéral\",\"Minéral\",\"Organique\"))","v":""},"","","",{"$f":"IF(AND($D502<>\"\",$D502=FicheIlot),COUNTIF($D$8:$D502,FicheIlot),\"\")","v":""}]
[null,{"$f":"IF(C503=\"\",\"\",COUNT($C$8:C503))","v":""},null,null,{"$f":"IF($Z503=\"\",\"\",IF($F503=ApportCouvert,INDEX(Îlots!$I$8:$I$57,$Z503)&\"\",INDEX(Îlots!$N$8:$N$57,$Z503)&\"\"))","v":""},null,null,{"$f":"IF($AA503=\"\",\"\",INDEX(Fertilisants!$D$8:$D$47,$AA503)&\"\")","v":""},null,null,{"$f":"IF($AA503=\"\",\"\",INDEX(Fertilisants!$E$8:$E$47,$AA503)&\"\")","v":""},"",{"$f":"IF(OR($J503=\"\",$AA503=\"\"),\"\",$J503*N(INDEX(Fertilisants!$G$8:$G$47,$AA503)))","v":""},{"$f":"IF(OR($J503=\"\",$AA503=\"\"),\"\",$J503*N(INDEX(Fertilisants!$I$8:$I$47,$AA503)))","v":""},{"$f":"IF(OR($J503=\"\",$AA503=\"\"),\"\",$J503*N(INDEX(Fertilisants!$J$8:$J$47,$AA503)))","v":""},{"$f":"IF(OR($J503=\"\",$AA503=\"\"),\"\",$J503*N(INDEX(Fertilisants!$K$8:$K$47,$AA503)))","v":""},"",{"$nulls":5},"",null,null,{"$f":"IF($D503=\"\",\"\",IFERROR(MATCH($D503,Îlots!$D$8:$D$57,0),\"\"))","v":""},{"$f":"IF($G503=\"\",\"\",IFERROR(MATCH($G503,Fertilisants!$B$8:$B$47,0),\"\"))","v":""},{"$f":"IF($Z503=\"\",\"\",INDEX(Îlots!$E$8:$E$57,$Z503))","v":""},{"$f":"IF($Z503=\"\",\"\",INDEX(Îlots!$G$8:$G$57,$Z503)&\"\")","v":""},{"$f":"IF($Z503=\"\",\"\",IF($F503=ApportCouvert,OccCouvert,INDEX(Îlots!$O$8:$O$57,$Z503)&\"\"))","v":""},"","","",0,0,0,0,0,{"$f":"IF($AA503=\"\",0,IF(INDEX(Fertilisants!$C$8:$C$47,$AA503)=\"Effluent d'élevage\",1,0))","v":0},{"$f":"IF($AA503=\"\",\"\",IF(INDEX(Fertilisants!$C$8:$C$47,$AA503)=\"Engrais minéral\",\"Minéral\",\"Organique\"))","v":""},"","","",{"$f":"IF(AND($D503<>\"\",$D503=FicheIlot),COUNTIF($D$8:$D503,FicheIlot),\"\")","v":""}]
[null,{"$f":"IF(C504=\"\",\"\",COUNT($C$8:C504))","v":""},null,null,{"$f":"IF($Z504=\"\",\"\",IF($F504=ApportCouvert,INDEX(Îlots!$I$8:$I$57,$Z504)&\"\",INDEX(Îlots!$N$8:$N$57,$Z504)&\"\"))","v":""},null,null,{"$f":"IF($AA504=\"\",\"\",INDEX(Fertilisants!$D$8:$D$47,$AA504)&\"\")","v":""},null,null,{"$f":"IF($AA504=\"\",\"\",INDEX(Fertilisants!$E$8:$E$47,$AA504)&\"\")","v":""},"",{"$f":"IF(OR($J504=\"\",$AA504=\"\"),\"\",$J504*N(INDEX(Fertilisants!$G$8:$G$47,$AA504)))","v":""},{"$f":"IF(OR($J504=\"\",$AA504=\"\"),\"\",$J504*N(INDEX(Fertilisants!$I$8:$I$47,$AA504)))","v":""},{"$f":"IF(OR($J504=\"\",$AA504=\"\"),\"\",$J504*N(INDEX(Fertilisants!$J$8:$J$47,$AA504)))","v":""},{"$f":"IF(OR($J504=\"\",$AA504=\"\"),\"\",$J504*N(INDEX(Fertilisants!$K$8:$K$47,$AA504)))","v":""},"",{"$nulls":5},"",null,null,{"$f":"IF($D504=\"\",\"\",IFERROR(MATCH($D504,Îlots!$D$8:$D$57,0),\"\"))","v":""},{"$f":"IF($G504=\"\",\"\",IFERROR(MATCH($G504,Fertilisants!$B$8:$B$47,0),\"\"))","v":""},{"$f":"IF($Z504=\"\",\"\",INDEX(Îlots!$E$8:$E$57,$Z504))","v":""},{"$f":"IF($Z504=\"\",\"\",INDEX(Îlots!$G$8:$G$57,$Z504)&\"\")","v":""},{"$f":"IF($Z504=\"\",\"\",IF($F504=ApportCouvert,OccCouvert,INDEX(Îlots!$O$8:$O$57,$Z504)&\"\"))","v":""},"","","",0,0,0,0,0,{"$f":"IF($AA504=\"\",0,IF(INDEX(Fertilisants!$C$8:$C$47,$AA504)=\"Effluent d'élevage\",1,0))","v":0},{"$f":"IF($AA504=\"\",\"\",IF(INDEX(Fertilisants!$C$8:$C$47,$AA504)=\"Engrais minéral\",\"Minéral\",\"Organique\"))","v":""},"","","",{"$f":"IF(AND($D504<>\"\",$D504=FicheIlot),COUNTIF($D$8:$D504,FicheIlot),\"\")","v":""}]
[null,{"$f":"IF(C505=\"\",\"\",COUNT($C$8:C505))","v":""},null,null,{"$f":"IF($Z505=\"\",\"\",IF($F505=ApportCouvert,INDEX(Îlots!$I$8:$I$57,$Z505)&\"\",INDEX(Îlots!$N$8:$N$57,$Z505)&\"\"))","v":""},null,null,{"$f":"IF($AA505=\"\",\"\",INDEX(Fertilisants!$D$8:$D$47,$AA505)&\"\")","v":""},null,null,{"$f":"IF($AA505=\"\",\"\",INDEX(Fertilisants!$E$8:$E$47,$AA505)&\"\")","v":""},"",{"$f":"IF(OR($J505=\"\",$AA505=\"\"),\"\",$J505*N(INDEX(Fertilisants!$G$8:$G$47,$AA505)))","v":""},{"$f":"IF(OR($J505=\"\",$AA505=\"\"),\"\",$J505*N(INDEX(Fertilisants!$I$8:$I$47,$AA505)))","v":""},{"$f":"IF(OR($J505=\"\",$AA505=\"\"),\"\",$J505*N(INDEX(Fertilisants!$J$8:$J$47,$AA505)))","v":""},{"$f":"IF(OR($J505=\"\",$AA505=\"\"),\"\",$J505*N(INDEX(Fertilisants!$K$8:$K$47,$AA505)))","v":""},"",{"$nulls":5},"",null,null,{"$f":"IF($D505=\"\",\"\",IFERROR(MATCH($D505,Îlots!$D$8:$D$57,0),\"\"))","v":""},{"$f":"IF($G505=\"\",\"\",IFERROR(MATCH($G505,Fertilisants!$B$8:$B$47,0),\"\"))","v":""},{"$f":"IF($Z505=\"\",\"\",INDEX(Îlots!$E$8:$E$57,$Z505))","v":""},{"$f":"IF($Z505=\"\",\"\",INDEX(Îlots!$G$8:$G$57,$Z505)&\"\")","v":""},{"$f":"IF($Z505=\"\",\"\",IF($F505=ApportCouvert,OccCouvert,INDEX(Îlots!$O$8:$O$57,$Z505)&\"\"))","v":""},"","","",0,0,0,0,0,{"$f":"IF($AA505=\"\",0,IF(INDEX(Fertilisants!$C$8:$C$47,$AA505)=\"Effluent d'élevage\",1,0))","v":0},{"$f":"IF($AA505=\"\",\"\",IF(INDEX(Fertilisants!$C$8:$C$47,$AA505)=\"Engrais minéral\",\"Minéral\",\"Organique\"))","v":""},"","","",{"$f":"IF(AND($D505<>\"\",$D505=FicheIlot),COUNTIF($D$8:$D505,FicheIlot),\"\")","v":""}]
[null,{"$f":"IF(C506=\"\",\"\",COUNT($C$8:C506))","v":""},null,null,{"$f":"IF($Z506=\"\",\"\",IF($F506=ApportCouvert,INDEX(Îlots!$I$8:$I$57,$Z506)&\"\",INDEX(Îlots!$N$8:$N$57,$Z506)&\"\"))","v":""},null,null,{"$f":"IF($AA506=\"\",\"\",INDEX(Fertilisants!$D$8:$D$47,$AA506)&\"\")","v":""},null,null,{"$f":"IF($AA506=\"\",\"\",INDEX(Fertilisants!$E$8:$E$47,$AA506)&\"\")","v":""},"",{"$f":"IF(OR($J506=\"\",$AA506=\"\"),\"\",$J506*N(INDEX(Fertilisants!$G$8:$G$47,$AA506)))","v":""},{"$f":"IF(OR($J506=\"\",$AA506=\"\"),\"\",$J506*N(INDEX(Fertilisants!$I$8:$I$47,$AA506)))","v":""},{"$f":"IF(OR($J506=\"\",$AA506=\"\"),\"\",$J506*N(INDEX(Fertilisants!$J$8:$J$47,$AA506)))","v":""},{"$f":"IF(OR($J506=\"\",$AA506=\"\"),\"\",$J506*N(INDEX(Fertilisants!$K$8:$K$47,$AA506)))","v":""},"",{"$nulls":5},"",null,null,{"$f":"IF($D506=\"\",\"\",IFERROR(MATCH($D506,Îlots!$D$8:$D$57,0),\"\"))","v":""},{"$f":"IF($G506=\"\",\"\",IFERROR(MATCH($G506,Fertilisants!$B$8:$B$47,0),\"\"))","v":""},{"$f":"IF($Z506=\"\",\"\",INDEX(Îlots!$E$8:$E$57,$Z506))","v":""},{"$f":"IF($Z506=\"\",\"\",INDEX(Îlots!$G$8:$G$57,$Z506)&\"\")","v":""},{"$f":"IF($Z506=\"\",\"\",IF($F506=ApportCouvert,OccCouvert,INDEX(Îlots!$O$8:$O$57,$Z506)&\"\"))","v":""},"","","",0,0,0,0,0,{"$f":"IF($AA506=\"\",0,IF(INDEX(Fertilisants!$C$8:$C$47,$AA506)=\"Effluent d'élevage\",1,0))","v":0},{"$f":"IF($AA506=\"\",\"\",IF(INDEX(Fertilisants!$C$8:$C$47,$AA506)=\"Engrais minéral\",\"Minéral\",\"Organique\"))","v":""},"","","",{"$f":"IF(AND($D506<>\"\",$D506=FicheIlot),COUNTIF($D$8:$D506,FicheIlot),\"\")","v":""}]
[null,{"$f":"IF(C507=\"\",\"\",COUNT($C$8:C507))","v":""},null,null,{"$f":"IF($Z507=\"\",\"\",IF($F507=ApportCouvert,INDEX(Îlots!$I$8:$I$57,$Z507)&\"\",INDEX(Îlots!$N$8:$N$57,$Z507)&\"\"))","v":""},null,null,{"$f":"IF($AA507=\"\",\"\",INDEX(Fertilisants!$D$8:$D$47,$AA507)&\"\")","v":""},null,null,{"$f":"IF($AA507=\"\",\"\",INDEX(Fertilisants!$E$8:$E$47,$AA507)&\"\")","v":""},"",{"$f":"IF(OR($J507=\"\",$AA507=\"\"),\"\",$J507*N(INDEX(Fertilisants!$G$8:$G$47,$AA507)))","v":""},{"$f":"IF(OR($J507=\"\",$AA507=\"\"),\"\",$J507*N(INDEX(Fertilisants!$I$8:$I$47,$AA507)))","v":""},{"$f":"IF(OR($J507=\"\",$AA507=\"\"),\"\",$J507*N(INDEX(Fertilisants!$J$8:$J$47,$AA507)))","v":""},{"$f":"IF(OR($J507=\"\",$AA507=\"\"),\"\",$J507*N(INDEX(Fertilisants!$K$8:$K$47,$AA507)))","v":""},"",{"$nulls":5},"",null,null,{"$f":"IF($D507=\"\",\"\",IFERROR(MATCH($D507,Îlots!$D$8:$D$57,0),\"\"))","v":""},{"$f":"IF($G507=\"\",\"\",IFERROR(MATCH($G507,Fertilisants!$B$8:$B$47,0),\"\"))","v":""},{"$f":"IF($Z507=\"\",\"\",INDEX(Îlots!$E$8:$E$57,$Z507))","v":""},{"$f":"IF($Z507=\"\",\"\",INDEX(Îlots!$G$8:$G$57,$Z507)&\"\")","v":""},{"$f":"IF($Z507=\"\",\"\",IF($F507=ApportCouvert,OccCouvert,INDEX(Îlots!$O$8:$O$57,$Z507)&\"\"))","v":""},"","","",0,0,0,0,0,{"$f":"IF($AA507=\"\",0,IF(INDEX(Fertilisants!$C$8:$C$47,$AA507)=\"Effluent d'élevage\",1,0))","v":0},{"$f":"IF($AA507=\"\",\"\",IF(INDEX(Fertilisants!$C$8:$C$47,$AA507)=\"Engrais minéral\",\"Minéral\",\"Organique\"))","v":""},"","","",{"$f":"IF(AND($D507<>\"\",$D507=FicheIlot),COUNTIF($D$8:$D507,FicheIlot),\"\")","v":""}]

{"sheet":"Îlots","index":2,"n_rows":58,"n_cols":29,"rows_kept":58,"merged":[[3,10,3,12],[5,1,5,7],[5,8,5,12],[5,13,5,18],[5,19,5,24],[5,25,5,27]]}
[null,"ÎLOTS CULTURAUX ET PLAN PRÉVISIONNEL",{"$nulls":26},{"$f":"RaisonSociale","v":"SCEA du Val de Mérienne"}]
[null,"Parcellaire, interculture, dose d'azote prévue et bilan réalisé",{"$nulls":26},{"$f":"\"Campagne \"&(AnneeRecolte-1)&\"-\"&AnneeRecolte&\"  ·  récolte \"&AnneeRecolte","v":"Campagne 2026-2027  ·  récolte 2027"}]
[]
[null,"Un îlot regroupe des parcelles contiguës conduites de façon homogène. La désignation alimente les listes du registre.",{"$nulls":7},"Saisie","Calcul automatique"]
[]
[null,"IDENTIFICATION",{"$nulls":6},"INTERCULTURE PRÉCÉDANT LA CULTURE",{"$nulls":4},"CULTURE PRINCIPALE ET PLAN PRÉVISIONNEL (PPF)",{"$nulls":5},"BILAN AZOTÉ DE LA CAMPAGNE",{"$nulls":5},"RÉCOLTE"]
[null,"Code","Nom de l'îlot","Désignation","Surface\n(ha)","Type de sol","Zone\nvulnérable","Faire-valoir","Couvert","Espèces","Date de\nsemis","Destruction\n/ récolte","Durée","Culture principale","Catégorie de calendrier","Date\nd'implantation","Objectif de\nrendement","Unité","Dose N PPF\n(kg N eff./ha)","N efficace\napporté (kg/ha)","Écart\n(kg/ha)","Réalisation\ndu PPF","N organique\ntotal (kg/ha)","Apports","Statut","Date de\nrécolte","Rendement\nréalisé","Écart /\nobjectif","Observations (reliquat, accident cultural…)"]
[null,"01","La Croix Blanche",{"$f":"IF(B8=\"\",\"\",B8&\" – \"&C8)","v":"01 – La Croix Blanche"},{"v":14.8,"d":"14.80"},"Limon profond","Oui","Propriété","CINE (non exporté)","Moutarde + avoine rude","2026-08-10","2026-12-05",{"$f":"IF(AND(ISNUMBER(K8),ISNUMBER(L8)),L8-K8,\"\")","v":{"v":117,"d":"117 j"}},"Maïs ensilage",{"$f":"IF(N8=\"\",\"\",IFERROR(INDEX(CulturesCat,MATCH(N8,CulturesNoms,0)),\"Culture à ajouter\"))","v":"Culture de printemps"},"2027-04-28",{"v":16,"d":"16.0"},{"$f":"IF(N8=\"\",\"\",IFERROR(INDEX(CulturesUnite,MATCH(N8,CulturesNoms,0))&\"\",\"\"))","v":"t MS/ha"},145,{"$f":"IF(OR(D8=\"\",N(E8)=0),\"\",SUMIFS(Registre!$AO$8:$AO$507,Registre!$D$8:$D$507,D8)/E8)","v":{"v":144.50000000000003,"d":"145"}},{"$f":"IF(OR(T8=\"\",S8=\"\"),\"\",ROUND(T8-S8,0))","v":0},{"$f":"IF(OR(T8=\"\",N(S8)=0),\"\",T8/S8)","v":{"v":0.9965517241379312,"d":"100%"}},{"$f":"IF(OR(D8=\"\",N(E8)=0),\"\",SUMIFS(Registre!$Q$8:$Q$507,Registre!$D$8:$D$507,D8,Registre!$AN$8:$AN$507,\"Organique\")/E8)","v":{"v":314.00000000000006,"d":"314"}},{"$f":"IF(D8=\"\",\"\",COUNTIF(Registre!$D$8:$D$507,D8))","v":4},{"$f":"IF(D8=\"\",\"\",IF(S8=\"\",\"PPF à renseigner\",IF(X8=0,\"Aucun apport\",IF(T8>S8+TolerancePPF,\"Dépassement PPF\",\"Conforme\"))))","v":"Conforme"},null,null,{"$f":"IF(OR(N(Q8)=0,AA8=\"\"),\"\",AA8/Q8-1)","v":""},"Reliquat sortie d'hiver : 38 kg N/ha"]
[null,"02","Les Noues","02 – Les Noues",11.35,"Argilo-limoneux","Oui","Fermage","Repousses de colza",null,"2026-07-15","2026-09-20",{"v":67,"d":"67 j"},"Blé tendre d'hiver","Culture d'automne (hors colza)","2026-10-14",{"v":82,"d":"82.0"},"q/ha",175,{"$f":"IF(OR(D9=\"\",N(E9)=0),\"\",SUMIFS(Registre!$AO$8:$AO$507,Registre!$D$8:$D$507,D9)/E9)","v":{"v":174.07000000000002,"d":"174"}},-1,{"v":0.9946857142857144,"d":"99%"},{"$f":"IF(OR(D9=\"\",N(E9)=0),\"\",SUMIFS(Registre!$Q$8:$Q$507,Registre!$D$8:$D$507,D9,Registre!$AN$8:$AN$507,\"Organique\")/E9)","v":145},{"$f":"IF(D9=\"\",\"\",COUNTIF(Registre!$D$8:$D$507,D9))","v":4},"Conforme","2027-07-20",{"v":84,"d":"84.0"},{"v":0.024390243902439046,"d":"+2%"}]
[null,"03","La Garenne","03 – La Garenne",{"v":9.6,"d":"9.60"},"Sablo-limoneux","Oui","Fermage","Aucun (interculture courte)",{"$nulls":3},"","Colza d'hiver","Colza d'automne","2026-08-28",{"v":36,"d":"36.0"},"q/ha",160,{"$f":"IF(OR(D10=\"\",N(E10)=0),\"\",SUMIFS(Registre!$AO$8:$AO$507,Registre!$D$8:$D$507,D10)/E10)","v":{"v":161.12,"d":"161"}},{"v":1,"d":"+1"},{"v":1.0070000000000001,"d":"101%"},{"$f":"IF(OR(D10=\"\",N(E10)=0),\"\",SUMIFS(Registre!$Q$8:$Q$507,Registre!$D$8:$D$507,D10,Registre!$AN$8:$AN$507,\"Organique\")/E10)","v":100},{"$f":"IF(D10=\"\",\"\",COUNTIF(Registre!$D$8:$D$507,D10))","v":3},"Conforme","2027-07-08",34.5,{"v":-0.04166666666666663,"d":"-4%"}]
[null,"04","Le Paradis","04 – Le Paradis",{"v":16.2,"d":"16.20"},"Limon argileux","Oui","Propriété","CIE (dérobée exportée)","Ray-grass italien + trèfle","2026-08-25","2027-04-20",{"v":238,"d":"238 j"},"Maïs ensilage","Culture de printemps","2027-05-05",{"v":15,"d":"15.0"},"t MS/ha",140,{"$f":"IF(OR(D11=\"\",N(E11)=0),\"\",SUMIFS(Registre!$AO$8:$AO$507,Registre!$D$8:$D$507,D11)/E11)","v":{"v":136.20000000000002,"d":"136"}},-4,{"v":0.972857142857143,"d":"97%"},{"$f":"IF(OR(D11=\"\",N(E11)=0),\"\",SUMIFS(Registre!$Q$8:$Q$507,Registre!$D$8:$D$507,D11,Registre!$AN$8:$AN$507,\"Organique\")/E11)","v":240},{"$f":"IF(D11=\"\",\"\",COUNTIF(Registre!$D$8:$D$507,D11))","v":3},"Conforme",null,null,"","Dérobée ensilée le 18/04/2027"]
[null,"05","Les Rouches","05 – Les Rouches",12.75,"Limon battant","Oui","Fermage","Aucun (interculture courte)",{"$nulls":3},"","Orge d'hiver","Culture d'automne (hors colza)","2026-10-08",{"v":72,"d":"72.0"},"q/ha",150,{"$f":"IF(OR(D12=\"\",N(E12)=0),\"\",SUMIFS(Registre!$AO$8:$AO$507,Registre!$D$8:$D$507,D12)/E12)","v":{"v":138.14705882352942,"d":"138"}},-12,{"v":0.9209803921568628,"d":"92%"},{"$f":"IF(OR(D12=\"\",N(E12)=0),\"\",SUMIFS(Registre!$Q$8:$Q$507,Registre!$D$8:$D$507,D12,Registre!$AN$8:$AN$507,\"Organique\")/E12)","v":{"v":75.29411764705883,"d":"75"}},{"$f":"IF(D12=\"\",\"\",COUNTIF(Registre!$D$8:$D$507,D12))","v":3},"Conforme","2027-07-01",{"v":70,"d":"70.0"},{"v":-0.02777777777777779,"d":"-3%"},"Zone hydromorphe (0,75 ha) exclue des lisiers"]
[null,"06","Pré Long","06 – Pré Long",{"v":8.9,"d":"8.90"},"Limon hydromorphe","Oui","Propriété","Sans objet (prairie, pérenne)",{"$nulls":3},"","Prairie permanente","Prairie > 6 mois et luzerne",null,7.5,"t MS/ha",100,{"$f":"IF(OR(D13=\"\",N(E13)=0),\"\",SUMIFS(Registre!$AO$8:$AO$507,Registre!$D$8:$D$507,D13)/E13)","v":130},{"v":30,"d":"+30"},{"v":1.3,"d":"130%"},{"$f":"IF(OR(D13=\"\",N(E13)=0),\"\",SUMIFS(Registre!$Q$8:$Q$507,Registre!$D$8:$D$507,D13,Registre!$AN$8:$AN$507,\"Organique\")/E13)","v":260},{"$f":"IF(D13=\"\",\"\",COUNTIF(Registre!$D$8:$D$507,D13))","v":3},"Dépassement PPF","2027-05-22",7.1,{"v":-0.053333333333333344,"d":"-5%"},"Pâturage d'avril à octobre"]
[null,"07","La Fosse aux Loups","07 – La Fosse aux Loups",7.45,"Argilo-calcaire","Non","Fermage","Sans objet (prairie, pérenne)",{"$nulls":3},"","Prairie temporaire","Prairie > 6 mois et luzerne","2025-09-05",{"v":10,"d":"10.0"},"t MS/ha",120,{"$f":"IF(OR(D14=\"\",N(E14)=0),\"\",SUMIFS(Registre!$AO$8:$AO$507,Registre!$D$8:$D$507,D14)/E14)","v":{"v":98.49000000000001,"d":"98"}},-22,{"v":0.8207500000000001,"d":"82%"},{"$f":"IF(OR(D14=\"\",N(E14)=0),\"\",SUMIFS(Registre!$Q$8:$Q$507,Registre!$D$8:$D$507,D14,Registre!$AN$8:$AN$507,\"Organique\")/E14)","v":180},{"$f":"IF(D14=\"\",\"\",COUNTIF(Registre!$D$8:$D$507,D14))","v":3},"Conforme","2027-05-15",9.4,{"v":-0.05999999999999994,"d":"-6%"}]
[null,"08","Les Terres Fortes","08 – Les Terres Fortes",{"v":13.1,"d":"13.10"},"Argile","Oui","Fermage","CINE (non exporté)","Phacélie + vesce","2026-08-20","2027-02-15",{"v":179,"d":"179 j"},"Orge de printemps","Culture de printemps","2027-03-10",{"v":68,"d":"68.0"},"q/ha",105,{"$f":"IF(OR(D15=\"\",N(E15)=0),\"\",SUMIFS(Registre!$AO$8:$AO$507,Registre!$D$8:$D$507,D15)/E15)","v":{"v":103.65,"d":"104"}},-1,{"v":0.9871428571428572,"d":"99%"},{"$f":"IF(OR(D15=\"\",N(E15)=0),\"\",SUMIFS(Registre!$Q$8:$Q$507,Registre!$D$8:$D$507,D15,Registre!$AN$8:$AN$507,\"Organique\")/E15)","v":{"v":208.00000000000003,"d":"208"}},{"$f":"IF(D15=\"\",\"\",COUNTIF(Registre!$D$8:$D$507,D15))","v":3},"Conforme","2027-07-12",{"v":66,"d":"66.0"},{"v":-0.02941176470588236,"d":"-3%"}]
[null,"09","Les Sablons","09 – Les Sablons",10.05,"Sableux","Oui","Propriété","Repousses de céréales",null,"2026-07-25","2026-10-05",{"v":72,"d":"72 j"},"Triticale","Culture d'automne (hors colza)","2026-10-20",{"v":70,"d":"70.0"},"q/ha",140,{"$f":"IF(OR(D16=\"\",N(E16)=0),\"\",SUMIFS(Registre!$AO$8:$AO$507,Registre!$D$8:$D$507,D16)/E16)","v":{"v":136.8,"d":"137"}},-3,{"v":0.9771428571428572,"d":"98%"},{"$f":"IF(OR(D16=\"\",N(E16)=0),\"\",SUMIFS(Registre!$Q$8:$Q$507,Registre!$D$8:$D$507,D16,Registre!$AN$8:$AN$507,\"Organique\")/E16)","v":{"v":114.99999999999999,"d":"115"}},{"$f":"IF(D16=\"\",\"\",COUNTIF(Registre!$D$8:$D$507,D16))","v":3},"Conforme","2027-07-10",{"v":73,"d":"73.0"},{"v":0.04285714285714293,"d":"+4%"}]
[null,"10","Le Bois Rond","10 – Le Bois Rond",8.25,"Limon","Oui","Fermage","Sans objet (prairie, pérenne)",{"$nulls":3},"","Luzerne","Prairie > 6 mois et luzerne","2025-04-10",{"v":12,"d":"12.0"},"t MS/ha",0,{"$f":"IF(OR(D17=\"\",N(E17)=0),\"\",SUMIFS(Registre!$AO$8:$AO$507,Registre!$D$8:$D$507,D17)/E17)","v":0},0,"",{"$f":"IF(OR(D17=\"\",N(E17)=0),\"\",SUMIFS(Registre!$Q$8:$Q$507,Registre!$D$8:$D$507,D17,Registre!$AN$8:$AN$507,\"Organique\")/E17)","v":0},{"$f":"IF(D17=\"\",\"\",COUNTIF(Registre!$D$8:$D$507,D17))","v":0},"Aucun apport","2027-05-28",11.5,{"v":-0.04166666666666663,"d":"-4%"},"Légumineuse : pas d'apport azoté prévu"]
[{"$nulls":3},"",{"$nulls":8},"",null,"",null,null,"",null,{"$f":"IF(OR(D18=\"\",N(E18)=0),\"\",SUMIFS(Registre!$AO$8:$AO$507,Registre!$D$8:$D$507,D18)/E18)","v":""},"","",{"$f":"IF(OR(D18=\"\",N(E18)=0),\"\",SUMIFS(Registre!$Q$8:$Q$507,Registre!$D$8:$D$507,D18,Registre!$AN$8:$AN$507,\"Organique\")/E18)","v":""},{"$f":"IF(D18=\"\",\"\",COUNTIF(Registre!$D$8:$D$507,D18))","v":""},"",null,null,""]
[{"$nulls":3},"",{"$nulls":8},"",null,"",null,null,"",null,{"$f":"IF(OR(D19=\"\",N(E19)=0),\"\",SUMIFS(Registre!$AO$8:$AO$507,Registre!$D$8:$D$507,D19)/E19)","v":""},"","",{"$f":"IF(OR(D19=\"\",N(E19)=0),\"\",SUMIFS(Registre!$Q$8:$Q$507,Registre!$D$8:$D$507,D19,Registre!$AN$8:$AN$507,\"Organique\")/E19)","v":""},{"$f":"IF(D19=\"\",\"\",COUNTIF(Registre!$D$8:$D$507,D19))","v":""},"",null,null,""]
[{"$nulls":3},"",{"$nulls":8},"",null,"",null,null,"",null,{"$f":"IF(OR(D20=\"\",N(E20)=0),\"\",SUMIFS(Registre!$AO$8:$AO$507,Registre!$D$8:$D$507,D20)/E20)","v":""},"","",{"$f":"IF(OR(D20=\"\",N(E20)=0),\"\",SUMIFS(Registre!$Q$8:$Q$507,Registre!$D$8:$D$507,D20,Registre!$AN$8:$AN$507,\"Organique\")/E20)","v":""},{"$f":"IF(D20=\"\",\"\",COUNTIF(Registre!$D$8:$D$507,D20))","v":""},"",null,null,""]
[{"$nulls":3},"",{"$nulls":8},"",null,"",null,null,"",null,{"$f":"IF(OR(D21=\"\",N(E21)=0),\"\",SUMIFS(Registre!$AO$8:$AO$507,Registre!$D$8:$D$507,D21)/E21)","v":""},"","",{"$f":"IF(OR(D21=\"\",N(E21)=0),\"\",SUMIFS(Registre!$Q$8:$Q$507,Registre!$D$8:$D$507,D21,Registre!$AN$8:$AN$507,\"Organique\")/E21)","v":""},{"$f":"IF(D21=\"\",\"\",COUNTIF(Registre!$D$8:$D$507,D21))","v":""},"",null,null,""]
[{"$nulls":3},"",{"$nulls":8},"",null,"",null,null,"",null,{"$f":"IF(OR(D22=\"\",N(E22)=0),\"\",SUMIFS(Registre!$AO$8:$AO$507,Registre!$D$8:$D$507,D22)/E22)","v":""},"","",{"$f":"IF(OR(D22=\"\",N(E22)=0),\"\",SUMIFS(Registre!$Q$8:$Q$507,Registre!$D$8:$D$507,D22,Registre!$AN$8:$AN$507,\"Organique\")/E22)","v":""},{"$f":"IF(D22=\"\",\"\",COUNTIF(Registre!$D$8:$D$507,D22))","v":""},"",null,null,""]
[{"$nulls":3},"",{"$nulls":8},"",null,"",null,null,"",null,{"$f":"IF(OR(D23=\"\",N(E23)=0),\"\",SUMIFS(Registre!$AO$8:$AO$507,Registre!$D$8:$D$507,D23)/E23)","v":""},"","",{"$f":"IF(OR(D23=\"\",N(E23)=0),\"\",SUMIFS(Registre!$Q$8:$Q$507,Registre!$D$8:$D$507,D23,Registre!$AN$8:$AN$507,\"Organique\")/E23)","v":""},{"$f":"IF(D23=\"\",\"\",COUNTIF(Registre!$D$8:$D$507,D23))","v":""},"",null,null,""]
[{"$nulls":3},"",{"$nulls":8},"",null,"",null,null,"",null,{"$f":"IF(OR(D24=\"\",N(E24)=0),\"\",SUMIFS(Registre!$AO$8:$AO$507,Registre!$D$8:$D$507,D24)/E24)","v":""},"","",{"$f":"IF(OR(D24=\"\",N(E24)=0),\"\",SUMIFS(Registre!$Q$8:$Q$507,Registre!$D$8:$D$507,D24,Registre!$AN$8:$AN$507,\"Organique\")/E24)","v":""},{"$f":"IF(D24=\"\",\"\",COUNTIF(Registre!$D$8:$D$507,D24))","v":""},"",null,null,""]
[{"$nulls":3},"",{"$nulls":8},"",null,"",null,null,"",null,{"$f":"IF(OR(D25=\"\",N(E25)=0),\"\",SUMIFS(Registre!$AO$8:$AO$507,Registre!$D$8:$D$507,D25)/E25)","v":""},"","",{"$f":"IF(OR(D25=\"\",N(E25)=0),\"\",SUMIFS(Registre!$Q$8:$Q$507,Registre!$D$8:$D$507,D25,Registre!$AN$8:$AN$507,\"Organique\")/E25)","v":""},{"$f":"IF(D25=\"\",\"\",COUNTIF(Registre!$D$8:$D$507,D25))","v":""},"",null,null,""]
[{"$nulls":3},"",{"$nulls":8},"",null,"",null,null,"",null,{"$f":"IF(OR(D26=\"\",N(E26)=0),\"\",SUMIFS(Registre!$AO$8:$AO$507,Registre!$D$8:$D$507,D26)/E26)","v":""},"","",{"$f":"IF(OR(D26=\"\",N(E26)=0),\"\",SUMIFS(Registre!$Q$8:$Q$507,Registre!$D$8:$D$507,D26,Registre!$AN$8:$AN$507,\"Organique\")/E26)","v":""},{"$f":"IF(D26=\"\",\"\",COUNTIF(Registre!$D$8:$D$507,D26))","v":""},"",null,null,""]
[{"$nulls":3},"",{"$nulls":8},"",null,"",null,null,"",null,{"$f":"IF(OR(D27=\"\",N(E27)=0),\"\",SUMIFS(Registre!$AO$8:$AO$507,Registre!$D$8:$D$507,D27)/E27)","v":""},"","",{"$f":"IF(OR(D27=\"\",N(E27)=0),\"\",SUMIFS(Registre!$Q$8:$Q$507,Registre!$D$8:$D$507,D27,Registre!$AN$8:$AN$507,\"Organique\")/E27)","v":""},{"$f":"IF(D27=\"\",\"\",COUNTIF(Registre!$D$8:$D$507,D27))","v":""},"",null,null,""]
[{"$nulls":3},"",{"$nulls":8},"",null,"",null,null,"",null,{"$f":"IF(OR(D28=\"\",N(E28)=0),\"\",SUMIFS(Registre!$AO$8:$AO$507,Registre!$D$8:$D$507,D28)/E28)","v":""},"","",{"$f":"IF(OR(D28=\"\",N(E28)=0),\"\",SUMIFS(Registre!$Q$8:$Q$507,Registre!$D$8:$D$507,D28,Registre!$AN$8:$AN$507,\"Organique\")/E28)","v":""},{"$f":"IF(D28=\"\",\"\",COUNTIF(Registre!$D$8:$D$507,D28))","v":""},"",null,null,""]
[{"$nulls":3},"",{"$nulls":8},"",null,"",null,null,"",null,{"$f":"IF(OR(D29=\"\",N(E29)=0),\"\",SUMIFS(Registre!$AO$8:$AO$507,Registre!$D$8:$D$507,D29)/E29)","v":""},"","",{"$f":"IF(OR(D29=\"\",N(E29)=0),\"\",SUMIFS(Registre!$Q$8:$Q$507,Registre!$D$8:$D$507,D29,Registre!$AN$8:$AN$507,\"Organique\")/E29)","v":""},{"$f":"IF(D29=\"\",\"\",COUNTIF(Registre!$D$8:$D$507,D29))","v":""},"",null,null,""]
[{"$nulls":3},"",{"$nulls":8},"",null,"",null,null,"",null,{"$f":"IF(OR(D30=\"\",N(E30)=0),\"\",SUMIFS(Registre!$AO$8:$AO$507,Registre!$D$8:$D$507,D30)/E30)","v":""},"","",{"$f":"IF(OR(D30=\"\",N(E30)=0),\"\",SUMIFS(Registre!$Q$8:$Q$507,Registre!$D$8:$D$507,D30,Registre!$AN$8:$AN$507,\"Organique\")/E30)","v":""},{"$f":"IF(D30=\"\",\"\",COUNTIF(Registre!$D$8:$D$507,D30))","v":""},"",null,null,""]
[{"$nulls":3},"",{"$nulls":8},"",null,"",null,null,"",null,{"$f":"IF(OR(D31=\"\",N(E31)=0),\"\",SUMIFS(Registre!$AO$8:$AO$507,Registre!$D$8:$D$507,D31)/E31)","v":""},"","",{"$f":"IF(OR(D31=\"\",N(E31)=0),\"\",SUMIFS(Registre!$Q$8:$Q$507,Registre!$D$8:$D$507,D31,Registre!$AN$8:$AN$507,\"Organique\")/E31)","v":""},{"$f":"IF(D31=\"\",\"\",COUNTIF(Registre!$D$8:$D$507,D31))","v":""},"",null,null,""]
[{"$nulls":3},"",{"$nulls":8},"",null,"",null,null,"",null,{"$f":"IF(OR(D32=\"\",N(E32)=0),\"\",SUMIFS(Registre!$AO$8:$AO$507,Registre!$D$8:$D$507,D32)/E32)","v":""},"","",{"$f":"IF(OR(D32=\"\",N(E32)=0),\"\",SUMIFS(Registre!$Q$8:$Q$507,Registre!$D$8:$D$507,D32,Registre!$AN$8:$AN$507,\"Organique\")/E32)","v":""},{"$f":"IF(D32=\"\",\"\",COUNTIF(Registre!$D$8:$D$507,D32))","v":""},"",null,null,""]
[{"$nulls":3},"",{"$nulls":8},"",null,"",null,null,"",null,{"$f":"IF(OR(D33=\"\",N(E33)=0),\"\",SUMIFS(Registre!$AO$8:$AO$507,Registre!$D$8:$D$507,D33)/E33)","v":""},"","",{"$f":"IF(OR(D33=\"\",N(E33)=0),\"\",SUMIFS(Registre!$Q$8:$Q$507,Registre!$D$8:$D$507,D33,Registre!$AN$8:$AN$507,\"Organique\")/E33)","v":""},{"$f":"IF(D33=\"\",\"\",COUNTIF(Registre!$D$8:$D$507,D33))","v":""},"",null,null,""]
[{"$nulls":3},"",{"$nulls":8},"",null,"",null,null,"",null,{"$f":"IF(OR(D34=\"\",N(E34)=0),\"\",SUMIFS(Registre!$AO$8:$AO$507,Registre!$D$8:$D$507,D34)/E34)","v":""},"","",{"$f":"IF(OR(D34=\"\",N(E34)=0),\"\",SUMIFS(Registre!$Q$8:$Q$507,Registre!$D$8:$D$507,D34,Registre!$AN$8:$AN$507,\"Organique\")/E34)","v":""},{"$f":"IF(D34=\"\",\"\",COUNTIF(Registre!$D$8:$D$507,D34))","v":""},"",null,null,""]
[{"$nulls":3},"",{"$nulls":8},"",null,"",null,null,"",null,{"$f":"IF(OR(D35=\"\",N(E35)=0),\"\",SUMIFS(Registre!$AO$8:$AO$507,Registre!$D$8:$D$507,D35)/E35)","v":""},"","",{"$f":"IF(OR(D35=\"\",N(E35)=0),\"\",SUMIFS(Registre!$Q$8:$Q$507,Registre!$D$8:$D$507,D35,Registre!$AN$8:$AN$507,\"Organique\")/E35)","v":""},{"$f":"IF(D35=\"\",\"\",COUNTIF(Registre!$D$8:$D$507,D35))","v":""},"",null,null,""]
[{"$nulls":3},"",{"$nulls":8},"",null,"",null,null,"",null,{"$f":"IF(OR(D36=\"\",N(E36)=0),\"\",SUMIFS(Registre!$AO$8:$AO$507,Registre!$D$8:$D$507,D36)/E36)","v":""},"","",{"$f":"IF(OR(D36=\"\",N(E36)=0),\"\",SUMIFS(Registre!$Q$8:$Q$507,Registre!$D$8:$D$507,D36,Registre!$AN$8:$AN$507,\"Organique\")/E36)","v":""},{"$f":"IF(D36=\"\",\"\",COUNTIF(Registre!$D$8:$D$507,D36))","v":""},"",null,null,""]
[{"$nulls":3},"",{"$nulls":8},"",null,"",null,null,"",null,{"$f":"IF(OR(D37=\"\",N(E37)=0),\"\",SUMIFS(Registre!$AO$8:$AO$507,Registre!$D$8:$D$507,D37)/E37)","v":""},"","",{"$f":"IF(OR(D37=\"\",N(E37)=0),\"\",SUMIFS(Registre!$Q$8:$Q$507,Registre!$D$8:$D$507,D37,Registre!$AN$8:$AN$507,\"Organique\")/E37)","v":""},{"$f":"IF(D37=\"\",\"\",COUNTIF(Registre!$D$8:$D$507,D37))","v":""},"",null,null,""]
[{"$nulls":3},"",{"$nulls":8},"",null,"",null,null,"",null,{"$f":"IF(OR(D38=\"\",N(E38)=0),\"\",SUMIFS(Registre!$AO$8:$AO$507,Registre!$D$8:$D$507,D38)/E38)","v":""},"","",{"$f":"IF(OR(D38=\"\",N(E38)=0),\"\",SUMIFS(Registre!$Q$8:$Q$507,Registre!$D$8:$D$507,D38,Registre!$AN$8:$AN$507,\"Organique\")/E38)","v":""},{"$f":"IF(D38=\"\",\"\",COUNTIF(Registre!$D$8:$D$507,D38))","v":""},"",null,null,""]
[{"$nulls":3},"",{"$nulls":8},"",null,"",null,null,"",null,{"$f":"IF(OR(D39=\"\",N(E39)=0),\"\",SUMIFS(Registre!$AO$8:$AO$507,Registre!$D$8:$D$507,D39)/E39)","v":""},"","",{"$f":"IF(OR(D39=\"\",N(E39)=0),\"\",SUMIFS(Registre!$Q$8:$Q$507,Registre!$D$8:$D$507,D39,Registre!$AN$8:$AN$507,\"Organique\")/E39)","v":""},{"$f":"IF(D39=\"\",\"\",COUNTIF(Registre!$D$8:$D$507,D39))","v":""},"",null,null,""]
[{"$nulls":3},{"$f":"IF(B40=\"\",\"\",B40&\" – \"&C40)","v":""},{"$nulls":8},{"$f":"IF(AND(ISNUMBER(K40),ISNUMBER(L40)),L40-K40,\"\")","v":""},null,{"$f":"IF(N40=\"\",\"\",IFERROR(INDEX(CulturesCat,MATCH(N40,CulturesNoms,0)),\"Culture à ajouter\"))","v":""},null,null,{"$f":"IF(N40=\"\",\"\",IFERROR(INDEX(CulturesUnite,MATCH(N40,CulturesNoms,0))&\"\",\"\"))","v":""},null,{"$f":"IF(OR(D40=\"\",N(E40)=0),\"\",SUMIFS(Registre!$AO$8:$AO$507,Registre!$D$8:$D$507,D40)/E40)","v":""},{"$f":"IF(OR(T40=\"\",S40=\"\"),\"\",ROUND(T40-S40,0))","v":""},{"$f":"IF(OR(T40=\"\",N(S40)=0),\"\",T40/S40)","v":""},{"$f":"IF(OR(D40=\"\",N(E40)=0),\"\",SUMIFS(Registre!$Q$8:$Q$507,Registre!$D$8:$D$507,D40,Registre!$AN$8:$AN$507,\"Organique\")/E40)","v":""},{"$f":"IF(D40=\"\",\"\",COUNTIF(Registre!$D$8:$D$507,D40))","v":""},{"$f":"IF(D40=\"\",\"\",IF(S40=\"\",\"PPF à renseigner\",IF(X40=0,\"Aucun apport\",IF(T40>S40+TolerancePPF,\"Dépassement PPF\",\"Conforme\"))))","v":""},null,null,{"$f":"IF(OR(N(Q40)=0,AA40=\"\"),\"\",AA40/Q40-1)","v":""}]
[{"$nulls":3},"",{"$nulls":8},"",null,"",null,null,"",null,{"$f":"IF(OR(D41=\"\",N(E41)=0),\"\",SUMIFS(Registre!$AO$8:$AO$507,Registre!$D$8:$D$507,D41)/E41)","v":""},"","",{"$f":"IF(OR(D41=\"\",N(E41)=0),\"\",SUMIFS(Registre!$Q$8:$Q$507,Registre!$D$8:$D$507,D41,Registre!$AN$8:$AN$507,\"Organique\")/E41)","v":""},{"$f":"IF(D41=\"\",\"\",COUNTIF(Registre!$D$8:$D$507,D41))","v":""},"",null,null,""]
[{"$nulls":3},"",{"$nulls":8},"",null,"",null,null,"",null,{"$f":"IF(OR(D42=\"\",N(E42)=0),\"\",SUMIFS(Registre!$AO$8:$AO$507,Registre!$D$8:$D$507,D42)/E42)","v":""},"","",{"$f":"IF(OR(D42=\"\",N(E42)=0),\"\",SUMIFS(Registre!$Q$8:$Q$507,Registre!$D$8:$D$507,D42,Registre!$AN$8:$AN$507,\"Organique\")/E42)","v":""},{"$f":"IF(D42=\"\",\"\",COUNTIF(Registre!$D$8:$D$507,D42))","v":""},"",null,null,""]
[{"$nulls":3},"",{"$nulls":8},"",null,"",null,null,"",null,{"$f":"IF(OR(D43=\"\",N(E43)=0),\"\",SUMIFS(Registre!$AO$8:$AO$507,Registre!$D$8:$D$507,D43)/E43)","v":""},"","",{"$f":"IF(OR(D43=\"\",N(E43)=0),\"\",SUMIFS(Registre!$Q$8:$Q$507,Registre!$D$8:$D$507,D43,Registre!$AN$8:$AN$507,\"Organique\")/E43)","v":""},{"$f":"IF(D43=\"\",\"\",COUNTIF(Registre!$D$8:$D$507,D43))","v":""},"",null,null,""]
[{"$nulls":3},"",{"$nulls":8},"",null,"",null,null,"",null,{"$f":"IF(OR(D44=\"\",N(E44)=0),\"\",SUMIFS(Registre!$AO$8:$AO$507,Registre!$D$8:$D$507,D44)/E44)","v":""},"","",{"$f":"IF(OR(D44=\"\",N(E44)=0),\"\",SUMIFS(Registre!$Q$8:$Q$507,Registre!$D$8:$D$507,D44,Registre!$AN$8:$AN$507,\"Organique\")/E44)","v":""},{"$f":"IF(D44=\"\",\"\",COUNTIF(Registre!$D$8:$D$507,D44))","v":""},"",null,null,""]
[{"$nulls":3},"",{"$nulls":8},"",null,"",null,null,"",null,{"$f":"IF(OR(D45=\"\",N(E45)=0),\"\",SUMIFS(Registre!$AO$8:$AO$507,Registre!$D$8:$D$507,D45)/E45)","v":""},"","",{"$f":"IF(OR(D45=\"\",N(E45)=0),\"\",SUMIFS(Registre!$Q$8:$Q$507,Registre!$D$8:$D$507,D45,Registre!$AN$8:$AN$507,\"Organique\")/E45)","v":""},{"$f":"IF(D45=\"\",\"\",COUNTIF(Registre!$D$8:$D$507,D45))","v":""},"",null,null,""]
[{"$nulls":3},"",{"$nulls":8},"",null,"",null,null,"",null,{"$f":"IF(OR(D46=\"\",N(E46)=0),\"\",SUMIFS(Registre!$AO$8:$AO$507,Registre!$D$8:$D$507,D46)/E46)","v":""},"","",{"$f":"IF(OR(D46=\"\",N(E46)=0),\"\",SUMIFS(Registre!$Q$8:$Q$507,Registre!$D$8:$D$507,D46,Registre!$AN$8:$AN$507,\"Organique\")/E46)","v":""},{"$f":"IF(D46=\"\",\"\",COUNTIF(Registre!$D$8:$D$507,D46))","v":""},"",null,null,""]
[{"$nulls":3},"",{"$nulls":8},"",null,"",null,null,"",null,{"$f":"IF(OR(D47=\"\",N(E47)=0),\"\",SUMIFS(Registre!$AO$8:$AO$507,Registre!$D$8:$D$507,D47)/E47)","v":""},"","",{"$f":"IF(OR(D47=\"\",N(E47)=0),\"\",SUMIFS(Registre!$Q$8:$Q$507,Registre!$D$8:$D$507,D47,Registre!$AN$8:$AN$507,\"Organique\")/E47)","v":""},{"$f":"IF(D47=\"\",\"\",COUNTIF(Registre!$D$8:$D$507,D47))","v":""},"",null,null,""]
[{"$nulls":3},"",{"$nulls":8},"",null,"",null,null,"",null,{"$f":"IF(OR(D48=\"\",N(E48)=0),\"\",SUMIFS(Registre!$AO$8:$AO$507,Registre!$D$8:$D$507,D48)/E48)","v":""},"","",{"$f":"IF(OR(D48=\"\",N(E48)=0),\"\",SUMIFS(Registre!$Q$8:$Q$507,Registre!$D$8:$D$507,D48,Registre!$AN$8:$AN$507,\"Organique\")/E48)","v":""},{"$f":"IF(D48=\"\",\"\",COUNTIF(Registre!$D$8:$D$507,D48))","v":""},"",null,null,""]
[{"$nulls":3},"",{"$nulls":8},"",null,"",null,null,"",null,{"$f":"IF(OR(D49=\"\",N(E49)=0),\"\",SUMIFS(Registre!$AO$8:$AO$507,Registre!$D$8:$D$507,D49)/E49)","v":""},"","",{"$f":"IF(OR(D49=\"\",N(E49)=0),\"\",SUMIFS(Registre!$Q$8:$Q$507,Registre!$D$8:$D$507,D49,Registre!$AN$8:$AN$507,\"Organique\")/E49)","v":""},{"$f":"IF(D49=\"\",\"\",COUNTIF(Registre!$D$8:$D$507,D49))","v":""},"",null,null,""]
[{"$nulls":3},"",{"$nulls":8},"",null,"",null,null,"",null,{"$f":"IF(OR(D50=\"\",N(E50)=0),\"\",SUMIFS(Registre!$AO$8:$AO$507,Registre!$D$8:$D$507,D50)/E50)","v":""},"","",{"$f":"IF(OR(D50=\"\",N(E50)=0),\"\",SUMIFS(Registre!$Q$8:$Q$507,Registre!$D$8:$D$507,D50,Registre!$AN$8:$AN$507,\"Organique\")/E50)","v":""},{"$f":"IF(D50=\"\",\"\",COUNTIF(Registre!$D$8:$D$507,D50))","v":""},"",null,null,""]
[{"$nulls":3},"",{"$nulls":8},"",null,"",null,null,"",null,{"$f":"IF(OR(D51=\"\",N(E51)=0),\"\",SUMIFS(Registre!$AO$8:$AO$507,Registre!$D$8:$D$507,D51)/E51)","v":""},"","",{"$f":"IF(OR(D51=\"\",N(E51)=0),\"\",SUMIFS(Registre!$Q$8:$Q$507,Registre!$D$8:$D$507,D51,Registre!$AN$8:$AN$507,\"Organique\")/E51)","v":""},{"$f":"IF(D51=\"\",\"\",COUNTIF(Registre!$D$8:$D$507,D51))","v":""},"",null,null,""]
[{"$nulls":3},"",{"$nulls":8},"",null,"",null,null,"",null,{"$f":"IF(OR(D52=\"\",N(E52)=0),\"\",SUMIFS(Registre!$AO$8:$AO$507,Registre!$D$8:$D$507,D52)/E52)","v":""},"","",{"$f":"IF(OR(D52=\"\",N(E52)=0),\"\",SUMIFS(Registre!$Q$8:$Q$507,Registre!$D$8:$D$507,D52,Registre!$AN$8:$AN$507,\"Organique\")/E52)","v":""},{"$f":"IF(D52=\"\",\"\",COUNTIF(Registre!$D$8:$D$507,D52))","v":""},"",null,null,""]
[{"$nulls":3},"",{"$nulls":8},"",null,"",null,null,"",null,{"$f":"IF(OR(D53=\"\",N(E53)=0),\"\",SUMIFS(Registre!$AO$8:$AO$507,Registre!$D$8:$D$507,D53)/E53)","v":""},"","",{"$f":"IF(OR(D53=\"\",N(E53)=0),\"\",SUMIFS(Registre!$Q$8:$Q$507,Registre!$D$8:$D$507,D53,Registre!$AN$8:$AN$507,\"Organique\")/E53)","v":""},{"$f":"IF(D53=\"\",\"\",COUNTIF(Registre!$D$8:$D$507,D53))","v":""},"",null,null,""]
[{"$nulls":3},"",{"$nulls":8},"",null,"",null,null,"",null,{"$f":"IF(OR(D54=\"\",N(E54)=0),\"\",SUMIFS(Registre!$AO$8:$AO$507,Registre!$D$8:$D$507,D54)/E54)","v":""},"","",{"$f":"IF(OR(D54=\"\",N(E54)=0),\"\",SUMIFS(Registre!$Q$8:$Q$507,Registre!$D$8:$D$507,D54,Registre!$AN$8:$AN$507,\"Organique\")/E54)","v":""},{"$f":"IF(D54=\"\",\"\",COUNTIF(Registre!$D$8:$D$507,D54))","v":""},"",null,null,""]
[{"$nulls":3},"",{"$nulls":8},"",null,"",null,null,"",null,{"$f":"IF(OR(D55=\"\",N(E55)=0),\"\",SUMIFS(Registre!$AO$8:$AO$507,Registre!$D$8:$D$507,D55)/E55)","v":""},"","",{"$f":"IF(OR(D55=\"\",N(E55)=0),\"\",SUMIFS(Registre!$Q$8:$Q$507,Registre!$D$8:$D$507,D55,Registre!$AN$8:$AN$507,\"Organique\")/E55)","v":""},{"$f":"IF(D55=\"\",\"\",COUNTIF(Registre!$D$8:$D$507,D55))","v":""},"",null,null,""]
[{"$nulls":3},"",{"$nulls":8},"",null,"",null,null,"",null,{"$f":"IF(OR(D56=\"\",N(E56)=0),\"\",SUMIFS(Registre!$AO$8:$AO$507,Registre!$D$8:$D$507,D56)/E56)","v":""},"","",{"$f":"IF(OR(D56=\"\",N(E56)=0),\"\",SUMIFS(Registre!$Q$8:$Q$507,Registre!$D$8:$D$507,D56,Registre!$AN$8:$AN$507,\"Organique\")/E56)","v":""},{"$f":"IF(D56=\"\",\"\",COUNTIF(Registre!$D$8:$D$507,D56))","v":""},"",null,null,""]
[{"$nulls":3},"",{"$nulls":8},"",null,"",null,null,"",null,{"$f":"IF(OR(D57=\"\",N(E57)=0),\"\",SUMIFS(Registre!$AO$8:$AO$507,Registre!$D$8:$D$507,D57)/E57)","v":""},"","",{"$f":"IF(OR(D57=\"\",N(E57)=0),\"\",SUMIFS(Registre!$Q$8:$Q$507,Registre!$D$8:$D$507,D57,Registre!$AN$8:$AN$507,\"Organique\")/E57)","v":""},{"$f":"IF(D57=\"\",\"\",COUNTIF(Registre!$D$8:$D$507,D57))","v":""},"",null,null,""]
[null,"Total de l'exploitation",null,null,{"$f":"SUM(E8:E57)","v":112.45},{"$nulls":13},{"$f":"IFERROR(SUMPRODUCT(E8:E57,S8:S57)/E58,0)","v":{"v":128.19253001333925,"d":"128"}},{"$f":"IFERROR(SUMPRODUCT(E8:E57,T8:T57)/E58,0)","v":{"v":126.74314806580703,"d":"127"}},{"$f":"ROUND(T58-S58,0)","v":-1},{"$f":"IFERROR(T58/S58,0)","v":{"v":0.9886937097865109,"d":"99%"}},{"$f":"IFERROR(SUMPRODUCT(E8:E57,W8:W57)/E58,0)","v":{"v":174.6242774566474,"d":"175"}},{"$f":"SUM(X8:X57)","v":29},{"$f":"COUNTIF(Y8:Y57,\"Dépassement PPF\")&\" dépassement(s)\"","v":"1 dépassement(s)"}]

{"sheet":"Fertilisants","index":3,"n_rows":48,"n_cols":19,"rows_kept":48,"merged":[[3,12,3,13],[5,1,5,4],[5,5,5,12],[5,13,5,17]]}
[null,"FERTILISANTS",{"$nulls":16},{"$f":"RaisonSociale","v":"SCEA du Val de Mérienne"}]
[null,"Référentiel des effluents, produits organiques et engrais de la campagne",{"$nulls":16},{"$f":"\"Campagne \"&(AnneeRecolte-1)&\"-\"&AnneeRecolte&\"  ·  récolte \"&AnneeRecolte","v":"Campagne 2026-2027  ·  récolte 2027"}]
[]
[null,"Teneurs par unité de produit brut (kg par t, par m³, par kg ou par L). Privilégiez les valeurs d'analyse.",{"$nulls":9},"Saisie","Calcul automatique"]
[]
[null,"IDENTIFICATION",{"$nulls":3},"COMPOSITION PAR UNITÉ DE PRODUIT BRUT",{"$nulls":7},"UTILISATION ET COÛT SUR LA CAMPAGNE"]
[null,"Fertilisant","Catégorie","Type","Unité","Matière\nsèche","N total\n(kg/unité)","Coef.\nKeq","N efficace\n(kg/unité)","P₂O₅\n(kg/unité)","K₂O\n(kg/unité)","Origine de\nla teneur","Date\nd'analyse","Prix\n(€/unité)","Apports","Quantité\népandue","Azote total\népandu (kg)","Coût\n(€)","Observations"]
[null,"Fumier de bovins (compact)","Effluent d'élevage","Type Ia","t",{"v":22,"d":"22 %"},{"v":5.8,"d":"5.800"},{"v":0.1,"d":"0.10"},{"$f":"IF(OR(G8=\"\",H8=\"\"),\"\",G8*H8)","v":{"v":0.58,"d":"0.580"}},{"v":2.6,"d":"2.600"},{"v":9.5,"d":"9.500"},"Référence régionale",null,{"v":0,"d":"0.00 €"},{"$f":"IF(B8=\"\",\"\",COUNTIF(Registre!$G$8:$G$507,B8))","v":3},{"$f":"IF(B8=\"\",\"\",SUMIFS(Registre!$L$8:$L$507,Registre!$G$8:$G$507,B8))","v":{"v":989.75,"d":"989.8"}},{"$f":"IF(B8=\"\",\"\",SUMIFS(Registre!$Q$8:$Q$507,Registre!$G$8:$G$507,B8))","v":{"v":5740.55,"d":"5,741"}},{"$f":"IF(OR(B8=\"\",N8=\"\"),\"\",P8*N8)","v":0},"Fumière de l'exploitation – séjour de plus de 2 mois"]
[null,"Lisier de bovins","Effluent d'élevage","Type II","m³",{"v":8,"d":"8 %"},{"v":4,"d":"4.000"},{"v":0.5,"d":"0.50"},{"v":2,"d":"2.000"},{"v":1.7,"d":"1.700"},{"v":4.6,"d":"4.600"},"Analyse","2026-08-18",{"v":0,"d":"0.00 €"},{"$f":"IF(B9=\"\",\"\",COUNTIF(Registre!$G$8:$G$507,B9))","v":8},{"$f":"IF(B9=\"\",\"\",SUMIFS(Registre!$L$8:$L$507,Registre!$G$8:$G$507,B9))","v":{"v":2548.5,"d":"2,548.5"}},{"$f":"IF(B9=\"\",\"\",SUMIFS(Registre!$Q$8:$Q$507,Registre!$G$8:$G$507,B9))","v":{"v":10194,"d":"10,194"}},0,"Fosse principale"]
[null,"Fumier de volailles","Effluent d'élevage","Type II","t",{"v":60,"d":"60 %"},{"v":24,"d":"24.000"},0.55,{"v":13.200000000000001,"d":"13.200"},{"v":21,"d":"21.000"},{"v":19,"d":"19.000"},"Analyse","2027-02-02",{"v":18,"d":"18.00 €"},{"$f":"IF(B10=\"\",\"\",COUNTIF(Registre!$G$8:$G$507,B10))","v":1},{"$f":"IF(B10=\"\",\"\",SUMIFS(Registre!$L$8:$L$507,Registre!$G$8:$G$507,B10))","v":{"v":22.35,"d":"22.4"}},{"$f":"IF(B10=\"\",\"\",SUMIFS(Registre!$Q$8:$Q$507,Registre!$G$8:$G$507,B10))","v":{"v":536.4,"d":"536"}},{"v":402.3,"d":"402.30 €"},"Importé – bordereau BE-2027-002"]
[null,"Compost de fumier","Effluent d'élevage","Type Ia","t",{"v":35,"d":"35 %"},{"v":7.2,"d":"7.200"},0.08,{"v":0.5760000000000001,"d":"0.576"},{"v":4.5,"d":"4.500"},{"v":11,"d":"11.000"},"Référence régionale",null,{"v":0,"d":"0.00 €"},{"$f":"IF(B11=\"\",\"\",COUNTIF(Registre!$G$8:$G$507,B11))","v":1},{"$f":"IF(B11=\"\",\"\",SUMIFS(Registre!$L$8:$L$507,Registre!$G$8:$G$507,B11))","v":{"v":111.75,"d":"111.8"}},{"$f":"IF(B11=\"\",\"\",SUMIFS(Registre!$Q$8:$Q$507,Registre!$G$8:$G$507,B11))","v":{"v":804.6,"d":"805"}},0]
[null,"Digestat liquide","Produit organique (hors élevage)","Type II","m³",{"v":6,"d":"6 %"},{"v":4.6,"d":"4.600"},{"v":0.6,"d":"0.60"},{"v":2.76,"d":"2.760"},{"v":1.6,"d":"1.600"},{"v":4.8,"d":"4.800"},"Analyse","2027-01-10",{"v":2.5,"d":"2.50 €"},{"$f":"IF(B12=\"\",\"\",COUNTIF(Registre!$G$8:$G$507,B12))","v":2},{"$f":"IF(B12=\"\",\"\",SUMIFS(Registre!$L$8:$L$507,Registre!$G$8:$G$507,B12))","v":{"v":513.25,"d":"513.3"}},{"$f":"IF(B12=\"\",\"\",SUMIFS(Registre!$Q$8:$Q$507,Registre!$G$8:$G$507,B12))","v":{"v":2360.95,"d":"2,361"}},{"v":1283.125,"d":"1,283.13 €"},"Unité de méthanisation partenaire"]
[null,"Ammonitrate 33,5 %","Engrais minéral","Type III","kg",null,0.335,{"v":1,"d":"1.00"},0.335,{"v":0,"d":"0.000"},{"v":0,"d":"0.000"},"Étiquette fabricant",null,{"v":0.46,"d":"0.46 €"},{"$f":"IF(B13=\"\",\"\",COUNTIF(Registre!$G$8:$G$507,B13))","v":7},{"$f":"IF(B13=\"\",\"\",SUMIFS(Registre!$L$8:$L$507,Registre!$G$8:$G$507,B13))","v":{"v":10654,"d":"10,654.0"}},{"$f":"IF(B13=\"\",\"\",SUMIFS(Registre!$Q$8:$Q$507,Registre!$G$8:$G$507,B13))","v":{"v":3569.09,"d":"3,569"}},{"v":4900.84,"d":"4,900.84 €"}]
[null,"Solution azotée 30 %","Engrais minéral","Type III","L",null,0.384,{"v":1,"d":"1.00"},0.384,{"v":0,"d":"0.000"},{"v":0,"d":"0.000"},"Étiquette fabricant",null,{"v":0.36,"d":"0.36 €"},{"$f":"IF(B14=\"\",\"\",COUNTIF(Registre!$G$8:$G$507,B14))","v":2},{"$f":"IF(B14=\"\",\"\",SUMIFS(Registre!$L$8:$L$507,Registre!$G$8:$G$507,B14))","v":{"v":3771,"d":"3,771.0"}},{"$f":"IF(B14=\"\",\"\",SUMIFS(Registre!$Q$8:$Q$507,Registre!$G$8:$G$507,B14))","v":{"v":1448.064,"d":"1,448"}},{"v":1357.56,"d":"1,357.56 €"},"Teneur exprimée par litre (densité 1,28)"]
[null,"Urée 46 %","Engrais minéral","Type III","kg",null,{"v":0.46,"d":"0.460"},{"v":1,"d":"1.00"},{"v":0.46,"d":"0.460"},{"v":0,"d":"0.000"},{"v":0,"d":"0.000"},"Étiquette fabricant",null,{"v":0.55,"d":"0.55 €"},{"$f":"IF(B15=\"\",\"\",COUNTIF(Registre!$G$8:$G$507,B15))","v":2},{"$f":"IF(B15=\"\",\"\",SUMIFS(Registre!$L$8:$L$507,Registre!$G$8:$G$507,B15))","v":{"v":1861,"d":"1,861.0"}},{"$f":"IF(B15=\"\",\"\",SUMIFS(Registre!$Q$8:$Q$507,Registre!$G$8:$G$507,B15))","v":{"v":856.0600000000002,"d":"856"}},{"v":1023.5500000000001,"d":"1,023.55 €"}]
[null,"Sulfate d'ammoniaque 21 %","Engrais minéral","Type III","kg",null,{"v":0.21,"d":"0.210"},{"v":1,"d":"1.00"},{"v":0.21,"d":"0.210"},{"v":0,"d":"0.000"},{"v":0,"d":"0.000"},"Étiquette fabricant",null,{"v":0.4,"d":"0.40 €"},{"$f":"IF(B16=\"\",\"\",COUNTIF(Registre!$G$8:$G$507,B16))","v":1},{"$f":"IF(B16=\"\",\"\",SUMIFS(Registre!$L$8:$L$507,Registre!$G$8:$G$507,B16))","v":{"v":1920,"d":"1,920.0"}},{"$f":"IF(B16=\"\",\"\",SUMIFS(Registre!$Q$8:$Q$507,Registre!$G$8:$G$507,B16))","v":{"v":403.2,"d":"403"}},{"v":768,"d":"768.00 €"},"Apporte également du soufre"]
[null,"Engrais 18-46-0","Engrais minéral","Type III","kg",null,{"v":0.18,"d":"0.180"},{"v":1,"d":"1.00"},{"v":0.18,"d":"0.180"},{"v":0.46,"d":"0.460"},{"v":0,"d":"0.000"},"Étiquette fabricant",null,{"v":0.72,"d":"0.72 €"},{"$f":"IF(B17=\"\",\"\",COUNTIF(Registre!$G$8:$G$507,B17))","v":2},{"$f":"IF(B17=\"\",\"\",SUMIFS(Registre!$L$8:$L$507,Registre!$G$8:$G$507,B17))","v":{"v":2938,"d":"2,938.0"}},{"$f":"IF(B17=\"\",\"\",SUMIFS(Registre!$Q$8:$Q$507,Registre!$G$8:$G$507,B17))","v":{"v":528.84,"d":"529"}},{"v":2115.36,"d":"2,115.36 €"},"Localisé au semis"]
[{"$nulls":8},"",{"$nulls":5},{"$f":"IF(B18=\"\",\"\",COUNTIF(Registre!$G$8:$G$507,B18))","v":""},{"$f":"IF(B18=\"\",\"\",SUMIFS(Registre!$L$8:$L$507,Registre!$G$8:$G$507,B18))","v":""},{"$f":"IF(B18=\"\",\"\",SUMIFS(Registre!$Q$8:$Q$507,Registre!$G$8:$G$507,B18))","v":""},""]
[{"$nulls":8},"",{"$nulls":5},{"$f":"IF(B19=\"\",\"\",COUNTIF(Registre!$G$8:$G$507,B19))","v":""},{"$f":"IF(B19=\"\",\"\",SUMIFS(Registre!$L$8:$L$507,Registre!$G$8:$G$507,B19))","v":""},{"$f":"IF(B19=\"\",\"\",SUMIFS(Registre!$Q$8:$Q$507,Registre!$G$8:$G$507,B19))","v":""},""]
[{"$nulls":8},"",{"$nulls":5},{"$f":"IF(B20=\"\",\"\",COUNTIF(Registre!$G$8:$G$507,B20))","v":""},{"$f":"IF(B20=\"\",\"\",SUMIFS(Registre!$L$8:$L$507,Registre!$G$8:$G$507,B20))","v":""},{"$f":"IF(B20=\"\",\"\",SUMIFS(Registre!$Q$8:$Q$507,Registre!$G$8:$G$507,B20))","v":""},""]
[{"$nulls":8},"",{"$nulls":5},{"$f":"IF(B21=\"\",\"\",COUNTIF(Registre!$G$8:$G$507,B21))","v":""},{"$f":"IF(B21=\"\",\"\",SUMIFS(Registre!$L$8:$L$507,Registre!$G$8:$G$507,B21))","v":""},{"$f":"IF(B21=\"\",\"\",SUMIFS(Registre!$Q$8:$Q$507,Registre!$G$8:$G$507,B21))","v":""},""]
[{"$nulls":8},"",{"$nulls":5},{"$f":"IF(B22=\"\",\"\",COUNTIF(Registre!$G$8:$G$507,B22))","v":""},{"$f":"IF(B22=\"\",\"\",SUMIFS(Registre!$L$8:$L$507,Registre!$G$8:$G$507,B22))","v":""},{"$f":"IF(B22=\"\",\"\",SUMIFS(Registre!$Q$8:$Q$507,Registre!$G$8:$G$507,B22))","v":""},""]
[{"$nulls":8},"",{"$nulls":5},{"$f":"IF(B23=\"\",\"\",COUNTIF(Registre!$G$8:$G$507,B23))","v":""},{"$f":"IF(B23=\"\",\"\",SUMIFS(Registre!$L$8:$L$507,Registre!$G$8:$G$507,B23))","v":""},{"$f":"IF(B23=\"\",\"\",SUMIFS(Registre!$Q$8:$Q$507,Registre!$G$8:$G$507,B23))","v":""},""]
[{"$nulls":8},"",{"$nulls":5},{"$f":"IF(B24=\"\",\"\",COUNTIF(Registre!$G$8:$G$507,B24))","v":""},{"$f":"IF(B24=\"\",\"\",SUMIFS(Registre!$L$8:$L$507,Registre!$G$8:$G$507,B24))","v":""},{"$f":"IF(B24=\"\",\"\",SUMIFS(Registre!$Q$8:$Q$507,Registre!$G$8:$G$507,B24))","v":""},""]
[{"$nulls":8},"",{"$nulls":5},{"$f":"IF(B25=\"\",\"\",COUNTIF(Registre!$G$8:$G$507,B25))","v":""},{"$f":"IF(B25=\"\",\"\",SUMIFS(Registre!$L$8:$L$507,Registre!$G$8:$G$507,B25))","v":""},{"$f":"IF(B25=\"\",\"\",SUMIFS(Registre!$Q$8:$Q$507,Registre!$G$8:$G$507,B25))","v":""},""]
[{"$nulls":8},"",{"$nulls":5},{"$f":"IF(B26=\"\",\"\",COUNTIF(Registre!$G$8:$G$507,B26))","v":""},{"$f":"IF(B26=\"\",\"\",SUMIFS(Registre!$L$8:$L$507,Registre!$G$8:$G$507,B26))","v":""},{"$f":"IF(B26=\"\",\"\",SUMIFS(Registre!$Q$8:$Q$507,Registre!$G$8:$G$507,B26))","v":""},""]
[{"$nulls":8},"",{"$nulls":5},{"$f":"IF(B27=\"\",\"\",COUNTIF(Registre!$G$8:$G$507,B27))","v":""},{"$f":"IF(B27=\"\",\"\",SUMIFS(Registre!$L$8:$L$507,Registre!$G$8:$G$507,B27))","v":""},{"$f":"IF(B27=\"\",\"\",SUMIFS(Registre!$Q$8:$Q$507,Registre!$G$8:$G$507,B27))","v":""},""]
[{"$nulls":8},"",{"$nulls":5},{"$f":"IF(B28=\"\",\"\",COUNTIF(Registre!$G$8:$G$507,B28))","v":""},{"$f":"IF(B28=\"\",\"\",SUMIFS(Registre!$L$8:$L$507,Registre!$G$8:$G$507,B28))","v":""},{"$f":"IF(B28=\"\",\"\",SUMIFS(Registre!$Q$8:$Q$507,Registre!$G$8:$G$507,B28))","v":""},""]
[{"$nulls":8},"",{"$nulls":5},{"$f":"IF(B29=\"\",\"\",COUNTIF(Registre!$G$8:$G$507,B29))","v":""},{"$f":"IF(B29=\"\",\"\",SUMIFS(Registre!$L$8:$L$507,Registre!$G$8:$G$507,B29))","v":""},{"$f":"IF(B29=\"\",\"\",SUMIFS(Registre!$Q$8:$Q$507,Registre!$G$8:$G$507,B29))","v":""},""]
[{"$nulls":8},"",{"$nulls":5},{"$f":"IF(B30=\"\",\"\",COUNTIF(Registre!$G$8:$G$507,B30))","v":""},{"$f":"IF(B30=\"\",\"\",SUMIFS(Registre!$L$8:$L$507,Registre!$G$8:$G$507,B30))","v":""},{"$f":"IF(B30=\"\",\"\",SUMIFS(Registre!$Q$8:$Q$507,Registre!$G$8:$G$507,B30))","v":""},""]
[{"$nulls":8},"",{"$nulls":5},{"$f":"IF(B31=\"\",\"\",COUNTIF(Registre!$G$8:$G$507,B31))","v":""},{"$f":"IF(B31=\"\",\"\",SUMIFS(Registre!$L$8:$L$507,Registre!$G$8:$G$507,B31))","v":""},{"$f":"IF(B31=\"\",\"\",SUMIFS(Registre!$Q$8:$Q$507,Registre!$G$8:$G$507,B31))","v":""},""]
[{"$nulls":8},"",{"$nulls":5},{"$f":"IF(B32=\"\",\"\",COUNTIF(Registre!$G$8:$G$507,B32))","v":""},{"$f":"IF(B32=\"\",\"\",SUMIFS(Registre!$L$8:$L$507,Registre!$G$8:$G$507,B32))","v":""},{"$f":"IF(B32=\"\",\"\",SUMIFS(Registre!$Q$8:$Q$507,Registre!$G$8:$G$507,B32))","v":""},""]
[{"$nulls":8},"",{"$nulls":5},{"$f":"IF(B33=\"\",\"\",COUNTIF(Registre!$G$8:$G$507,B33))","v":""},{"$f":"IF(B33=\"\",\"\",SUMIFS(Registre!$L$8:$L$507,Registre!$G$8:$G$507,B33))","v":""},{"$f":"IF(B33=\"\",\"\",SUMIFS(Registre!$Q$8:$Q$507,Registre!$G$8:$G$507,B33))","v":""},""]
[{"$nulls":8},"",{"$nulls":5},{"$f":"IF(B34=\"\",\"\",COUNTIF(Registre!$G$8:$G$507,B34))","v":""},{"$f":"IF(B34=\"\",\"\",SUMIFS(Registre!$L$8:$L$507,Registre!$G$8:$G$507,B34))","v":""},{"$f":"IF(B34=\"\",\"\",SUMIFS(Registre!$Q$8:$Q$507,Registre!$G$8:$G$507,B34))","v":""},""]
[{"$nulls":8},"",{"$nulls":5},{"$f":"IF(B35=\"\",\"\",COUNTIF(Registre!$G$8:$G$507,B35))","v":""},{"$f":"IF(B35=\"\",\"\",SUMIFS(Registre!$L$8:$L$507,Registre!$G$8:$G$507,B35))","v":""},{"$f":"IF(B35=\"\",\"\",SUMIFS(Registre!$Q$8:$Q$507,Registre!$G$8:$G$507,B35))","v":""},""]
[{"$nulls":8},"",{"$nulls":5},{"$f":"IF(B36=\"\",\"\",COUNTIF(Registre!$G$8:$G$507,B36))","v":""},{"$f":"IF(B36=\"\",\"\",SUMIFS(Registre!$L$8:$L$507,Registre!$G$8:$G$507,B36))","v":""},{"$f":"IF(B36=\"\",\"\",SUMIFS(Registre!$Q$8:$Q$507,Registre!$G$8:$G$507,B36))","v":""},""]
[{"$nulls":8},"",{"$nulls":5},{"$f":"IF(B37=\"\",\"\",COUNTIF(Registre!$G$8:$G$507,B37))","v":""},{"$f":"IF(B37=\"\",\"\",SUMIFS(Registre!$L$8:$L$507,Registre!$G$8:$G$507,B37))","v":""},{"$f":"IF(B37=\"\",\"\",SUMIFS(Registre!$Q$8:$Q$507,Registre!$G$8:$G$507,B37))","v":""},""]
[{"$nulls":8},"",{"$nulls":5},{"$f":"IF(B38=\"\",\"\",COUNTIF(Registre!$G$8:$G$507,B38))","v":""},{"$f":"IF(B38=\"\",\"\",SUMIFS(Registre!$L$8:$L$507,Registre!$G$8:$G$507,B38))","v":""},{"$f":"IF(B38=\"\",\"\",SUMIFS(Registre!$Q$8:$Q$507,Registre!$G$8:$G$507,B38))","v":""},""]
[{"$nulls":8},"",{"$nulls":5},{"$f":"IF(B39=\"\",\"\",COUNTIF(Registre!$G$8:$G$507,B39))","v":""},{"$f":"IF(B39=\"\",\"\",SUMIFS(Registre!$L$8:$L$507,Registre!$G$8:$G$507,B39))","v":""},{"$f":"IF(B39=\"\",\"\",SUMIFS(Registre!$Q$8:$Q$507,Registre!$G$8:$G$507,B39))","v":""},""]
[{"$nulls":8},"",{"$nulls":5},{"$f":"IF(B40=\"\",\"\",COUNTIF(Registre!$G$8:$G$507,B40))","v":""},{"$f":"IF(B40=\"\",\"\",SUMIFS(Registre!$L$8:$L$507,Registre!$G$8:$G$507,B40))","v":""},{"$f":"IF(B40=\"\",\"\",SUMIFS(Registre!$Q$8:$Q$507,Registre!$G$8:$G$507,B40))","v":""},""]
[{"$nulls":8},"",{"$nulls":5},{"$f":"IF(B41=\"\",\"\",COUNTIF(Registre!$G$8:$G$507,B41))","v":""},{"$f":"IF(B41=\"\",\"\",SUMIFS(Registre!$L$8:$L$507,Registre!$G$8:$G$507,B41))","v":""},{"$f":"IF(B41=\"\",\"\",SUMIFS(Registre!$Q$8:$Q$507,Registre!$G$8:$G$507,B41))","v":""},""]
[{"$nulls":8},"",{"$nulls":5},{"$f":"IF(B42=\"\",\"\",COUNTIF(Registre!$G$8:$G$507,B42))","v":""},{"$f":"IF(B42=\"\",\"\",SUMIFS(Registre!$L$8:$L$507,Registre!$G$8:$G$507,B42))","v":""},{"$f":"IF(B42=\"\",\"\",SUMIFS(Registre!$Q$8:$Q$507,Registre!$G$8:$G$507,B42))","v":""},""]
[{"$nulls":8},"",{"$nulls":5},{"$f":"IF(B43=\"\",\"\",COUNTIF(Registre!$G$8:$G$507,B43))","v":""},{"$f":"IF(B43=\"\",\"\",SUMIFS(Registre!$L$8:$L$507,Registre!$G$8:$G$507,B43))","v":""},{"$f":"IF(B43=\"\",\"\",SUMIFS(Registre!$Q$8:$Q$507,Registre!$G$8:$G$507,B43))","v":""},""]
[{"$nulls":8},"",{"$nulls":5},{"$f":"IF(B44=\"\",\"\",COUNTIF(Registre!$G$8:$G$507,B44))","v":""},{"$f":"IF(B44=\"\",\"\",SUMIFS(Registre!$L$8:$L$507,Registre!$G$8:$G$507,B44))","v":""},{"$f":"IF(B44=\"\",\"\",SUMIFS(Registre!$Q$8:$Q$507,Registre!$G$8:$G$507,B44))","v":""},""]
[{"$nulls":8},"",{"$nulls":5},{"$f":"IF(B45=\"\",\"\",COUNTIF(Registre!$G$8:$G$507,B45))","v":""},{"$f":"IF(B45=\"\",\"\",SUMIFS(Registre!$L$8:$L$507,Registre!$G$8:$G$507,B45))","v":""},{"$f":"IF(B45=\"\",\"\",SUMIFS(Registre!$Q$8:$Q$507,Registre!$G$8:$G$507,B45))","v":""},""]
[{"$nulls":8},"",{"$nulls":5},{"$f":"IF(B46=\"\",\"\",COUNTIF(Registre!$G$8:$G$507,B46))","v":""},{"$f":"IF(B46=\"\",\"\",SUMIFS(Registre!$L$8:$L$507,Registre!$G$8:$G$507,B46))","v":""},{"$f":"IF(B46=\"\",\"\",SUMIFS(Registre!$Q$8:$Q$507,Registre!$G$8:$G$507,B46))","v":""},""]
[{"$nulls":8},"",{"$nulls":5},{"$f":"IF(B47=\"\",\"\",COUNTIF(Registre!$G$8:$G$507,B47))","v":""},{"$f":"IF(B47=\"\",\"\",SUMIFS(Registre!$L$8:$L$507,Registre!$G$8:$G$507,B47))","v":""},{"$f":"IF(B47=\"\",\"\",SUMIFS(Registre!$Q$8:$Q$507,Registre!$G$8:$G$507,B47))","v":""},""]
[null,"Total de la campagne",{"$nulls":12},{"$f":"SUM(O8:O47)","v":29},null,{"$f":"SUM(Q8:Q47)","v":{"v":26441.754,"d":"26,442 kg"}},{"$f":"SUM(R8:R47)","v":{"v":11850.735,"d":"11,850.74 €"}}]

{"sheet":"Échanges & stockage","index":4,"n_rows":76,"n_cols":13,"rows_kept":76,"merged":[[3,8,3,10],[5,1,5,2],[5,4,5,5],[5,6,5,9],[5,10,5,12],[6,1,6,2],[6,4,6,5],[6,6,6,9],[6,10,6,12],[53,8,53,11],[54,8,54,11],[55,8,55,11],[56,8,56,11],[57,8,57,11],[58,8,58,11],[59,8,59,11],[60,8,60,11],[61,8,61,11],[62,8,62,11],[63,8,63,11],[64,8,64,11],[65,8,65,11],[66,8,66,11],[67,8,67,11],[68,8,68,11],[69,8,69,11],[70,8,70,11],[71,8,71,11],[72,8,72,11],[73,8,73,11],[75,1,76,12]]}
[null,"ÉCHANGES D'EFFLUENTS ET STOCKAGE AU CHAMP",{"$nulls":10},{"$f":"RaisonSociale","v":"SCEA du Val de Mérienne"}]
[null,"Bordereaux de cession, de réception et de mise à disposition · dépôts au champ",{"$nulls":10},{"$f":"\"Campagne \"&(AnneeRecolte-1)&\"-\"&AnneeRecolte&\"  ·  récolte \"&AnneeRecolte","v":"Campagne 2026-2027  ·  récolte 2027"}]
[]
[null,"Chaque échange d'effluents fait l'objet d'un bordereau cosigné par le fournisseur et le destinataire.",{"$nulls":5},"Saisie","Calcul automatique"]
[]
[null,"AZOTE REÇU (KG N)",null,"AZOTE CÉDÉ (KG N)","AZOTE SUR TERRES MISES À DISPOSITION (KG N)",null,"BORDEREAUX À RÉGULARISER",{"$nulls":3},"DÉPÔTS AU CHAMP EN COURS"]
[null,{"$f":"SUMIFS($J$12:$J$51,$D$12:$D$51,\"Réception (import)\")","v":{"v":2897.35,"d":"2,897"}},null,{"$f":"SUMIFS($J$12:$J$51,$D$12:$D$51,\"Cession (export)\")","v":{"v":1000,"d":"1,000"}},{"$f":"SUMIFS($J$12:$J$51,$D$12:$D$51,\"Épandage sur terres mises à disposition\")","v":{"v":1044,"d":"1,044"}},null,{"$f":"COUNTIFS($B$12:$B$51,\"?*\",$L$12:$L$51,\"<>Oui\")","v":1},{"$nulls":3},{"$f":"COUNTIFS($C$55:$C$74,\">0\",$G$55:$G$74,\"\")","v":1}]
[]
[]
[null,"BORDEREAUX D'ÉCHANGE ET DE MISE À DISPOSITION"]
[null,"N° de bordereau","Date","Nature de l'échange","Exploitation partenaire","Commune","Fertilisant","Quantité","Unité","Azote total\n(kg N)","Îlots ou destination","Cosigné","Observations"]
[null,"BE-2027-001","2026-09-06","Cession (export)","GAEC des Trois Chênes","Mérienne-le-Haut","Lisier de bovins",{"v":250,"d":"250.00"},{"$f":"IF(G12=\"\",\"\",IFERROR(INDEX(Fertilisants!$E$8:$E$47,MATCH(G12,Fertilisants!$B$8:$B$47,0))&\"\",\"\"))","v":"m³"},{"$f":"IF(OR(G12=\"\",H12=\"\"),\"\",H12*N(IFERROR(INDEX(Fertilisants!$G$8:$G$47,MATCH(G12,Fertilisants!$B$8:$B$47,0)),0)))","v":{"v":1000,"d":"1,000"}},"Épandu chez le repreneur","Oui"]
[null,"MAD-2027-001","2026-10-12","Épandage sur terres mises à disposition","EARL des Coudraies","Val-de-Mérienne","Fumier de bovins (compact)",{"v":180,"d":"180.00"},{"$f":"IF(G13=\"\",\"\",IFERROR(INDEX(Fertilisants!$E$8:$E$47,MATCH(G13,Fertilisants!$B$8:$B$47,0))&\"\",\"\"))","v":"t"},{"$f":"IF(OR(G13=\"\",H13=\"\"),\"\",H13*N(IFERROR(INDEX(Fertilisants!$G$8:$G$47,MATCH(G13,Fertilisants!$B$8:$B$47,0)),0)))","v":{"v":1044,"d":"1,044"}},"Parcelle C4 du prêteur (6,20 ha)","Oui","Convention annuelle signée"]
[null,"BE-2027-002","2027-03-10","Réception (import)","SARL Avi-Plaine","Saint-Aubin-des-Prés","Fumier de volailles",22.35,{"$f":"IF(G14=\"\",\"\",IFERROR(INDEX(Fertilisants!$E$8:$E$47,MATCH(G14,Fertilisants!$B$8:$B$47,0))&\"\",\"\"))","v":"t"},{"$f":"IF(OR(G14=\"\",H14=\"\"),\"\",H14*N(IFERROR(INDEX(Fertilisants!$G$8:$G$47,MATCH(G14,Fertilisants!$B$8:$B$47,0)),0)))","v":{"v":536.4000000000001,"d":"536"}},"07 – La Fosse aux Loups","Oui","Analyse jointe"]
[null,"BE-2027-003","2027-03-06","Réception (import)","SAS Méthavallée","Val-de-Mérienne","Digestat liquide",{"v":262,"d":"262.00"},{"$f":"IF(G15=\"\",\"\",IFERROR(INDEX(Fertilisants!$E$8:$E$47,MATCH(G15,Fertilisants!$B$8:$B$47,0))&\"\",\"\"))","v":"m³"},{"$f":"IF(OR(G15=\"\",H15=\"\"),\"\",H15*N(IFERROR(INDEX(Fertilisants!$G$8:$G$47,MATCH(G15,Fertilisants!$B$8:$B$47,0)),0)))","v":{"v":1205.1999999999998,"d":"1,205"}},"08 – Les Terres Fortes","Oui"]
[null,"BE-2027-004","2027-03-20","Réception (import)","SAS Méthavallée","Val-de-Mérienne","Digestat liquide",251.25,{"$f":"IF(G16=\"\",\"\",IFERROR(INDEX(Fertilisants!$E$8:$E$47,MATCH(G16,Fertilisants!$B$8:$B$47,0))&\"\",\"\"))","v":"m³"},{"$f":"IF(OR(G16=\"\",H16=\"\"),\"\",H16*N(IFERROR(INDEX(Fertilisants!$G$8:$G$47,MATCH(G16,Fertilisants!$B$8:$B$47,0)),0)))","v":{"v":1155.75,"d":"1,156"}},"09 – Les Sablons","Non","Signature du fournisseur en attente"]
[{"$nulls":8},{"$f":"IF(G17=\"\",\"\",IFERROR(INDEX(Fertilisants!$E$8:$E$47,MATCH(G17,Fertilisants!$B$8:$B$47,0))&\"\",\"\"))","v":""},{"$f":"IF(OR(G17=\"\",H17=\"\"),\"\",H17*N(IFERROR(INDEX(Fertilisants!$G$8:$G$47,MATCH(G17,Fertilisants!$B$8:$B$47,0)),0)))","v":""}]
[{"$nulls":8},{"$f":"IF(G18=\"\",\"\",IFERROR(INDEX(Fertilisants!$E$8:$E$47,MATCH(G18,Fertilisants!$B$8:$B$47,0))&\"\",\"\"))","v":""},{"$f":"IF(OR(G18=\"\",H18=\"\"),\"\",H18*N(IFERROR(INDEX(Fertilisants!$G$8:$G$47,MATCH(G18,Fertilisants!$B$8:$B$47,0)),0)))","v":""}]
[{"$nulls":8},{"$f":"IF(G19=\"\",\"\",IFERROR(INDEX(Fertilisants!$E$8:$E$47,MATCH(G19,Fertilisants!$B$8:$B$47,0))&\"\",\"\"))","v":""},{"$f":"IF(OR(G19=\"\",H19=\"\"),\"\",H19*N(IFERROR(INDEX(Fertilisants!$G$8:$G$47,MATCH(G19,Fertilisants!$B$8:$B$47,0)),0)))","v":""}]
[{"$nulls":8},{"$f":"IF(G20=\"\",\"\",IFERROR(INDEX(Fertilisants!$E$8:$E$47,MATCH(G20,Fertilisants!$B$8:$B$47,0))&\"\",\"\"))","v":""},{"$f":"IF(OR(G20=\"\",H20=\"\"),\"\",H20*N(IFERROR(INDEX(Fertilisants!$G$8:$G$47,MATCH(G20,Fertilisants!$B$8:$B$47,0)),0)))","v":""}]
[{"$nulls":8},{"$f":"IF(G21=\"\",\"\",IFERROR(INDEX(Fertilisants!$E$8:$E$47,MATCH(G21,Fertilisants!$B$8:$B$47,0))&\"\",\"\"))","v":""},{"$f":"IF(OR(G21=\"\",H21=\"\"),\"\",H21*N(IFERROR(INDEX(Fertilisants!$G$8:$G$47,MATCH(G21,Fertilisants!$B$8:$B$47,0)),0)))","v":""}]
[{"$nulls":8},{"$f":"IF(G22=\"\",\"\",IFERROR(INDEX(Fertilisants!$E$8:$E$47,MATCH(G22,Fertilisants!$B$8:$B$47,0))&\"\",\"\"))","v":""},{"$f":"IF(OR(G22=\"\",H22=\"\"),\"\",H22*N(IFERROR(INDEX(Fertilisants!$G$8:$G$47,MATCH(G22,Fertilisants!$B$8:$B$47,0)),0)))","v":""}]
[{"$nulls":8},{"$f":"IF(G23=\"\",\"\",IFERROR(INDEX(Fertilisants!$E$8:$E$47,MATCH(G23,Fertilisants!$B$8:$B$47,0))&\"\",\"\"))","v":""},{"$f":"IF(OR(G23=\"\",H23=\"\"),\"\",H23*N(IFERROR(INDEX(Fertilisants!$G$8:$G$47,MATCH(G23,Fertilisants!$B$8:$B$47,0)),0)))","v":""}]
[{"$nulls":8},{"$f":"IF(G24=\"\",\"\",IFERROR(INDEX(Fertilisants!$E$8:$E$47,MATCH(G24,Fertilisants!$B$8:$B$47,0))&\"\",\"\"))","v":""},{"$f":"IF(OR(G24=\"\",H24=\"\"),\"\",H24*N(IFERROR(INDEX(Fertilisants!$G$8:$G$47,MATCH(G24,Fertilisants!$B$8:$B$47,0)),0)))","v":""}]
[{"$nulls":8},{"$f":"IF(G25=\"\",\"\",IFERROR(INDEX(Fertilisants!$E$8:$E$47,MATCH(G25,Fertilisants!$B$8:$B$47,0))&\"\",\"\"))","v":""},{"$f":"IF(OR(G25=\"\",H25=\"\"),\"\",H25*N(IFERROR(INDEX(Fertilisants!$G$8:$G$47,MATCH(G25,Fertilisants!$B$8:$B$47,0)),0)))","v":""}]
[{"$nulls":8},{"$f":"IF(G26=\"\",\"\",IFERROR(INDEX(Fertilisants!$E$8:$E$47,MATCH(G26,Fertilisants!$B$8:$B$47,0))&\"\",\"\"))","v":""},{"$f":"IF(OR(G26=\"\",H26=\"\"),\"\",H26*N(IFERROR(INDEX(Fertilisants!$G$8:$G$47,MATCH(G26,Fertilisants!$B$8:$B$47,0)),0)))","v":""}]
[{"$nulls":8},{"$f":"IF(G27=\"\",\"\",IFERROR(INDEX(Fertilisants!$E$8:$E$47,MATCH(G27,Fertilisants!$B$8:$B$47,0))&\"\",\"\"))","v":""},{"$f":"IF(OR(G27=\"\",H27=\"\"),\"\",H27*N(IFERROR(INDEX(Fertilisants!$G$8:$G$47,MATCH(G27,Fertilisants!$B$8:$B$47,0)),0)))","v":""}]
[{"$nulls":8},{"$f":"IF(G28=\"\",\"\",IFERROR(INDEX(Fertilisants!$E$8:$E$47,MATCH(G28,Fertilisants!$B$8:$B$47,0))&\"\",\"\"))","v":""},{"$f":"IF(OR(G28=\"\",H28=\"\"),\"\",H28*N(IFERROR(INDEX(Fertilisants!$G$8:$G$47,MATCH(G28,Fertilisants!$B$8:$B$47,0)),0)))","v":""}]
[{"$nulls":8},{"$f":"IF(G29=\"\",\"\",IFERROR(INDEX(Fertilisants!$E$8:$E$47,MATCH(G29,Fertilisants!$B$8:$B$47,0))&\"\",\"\"))","v":""},{"$f":"IF(OR(G29=\"\",H29=\"\"),\"\",H29*N(IFERROR(INDEX(Fertilisants!$G$8:$G$47,MATCH(G29,Fertilisants!$B$8:$B$47,0)),0)))","v":""}]
[{"$nulls":8},{"$f":"IF(G30=\"\",\"\",IFERROR(INDEX(Fertilisants!$E$8:$E$47,MATCH(G30,Fertilisants!$B$8:$B$47,0))&\"\",\"\"))","v":""},{"$f":"IF(OR(G30=\"\",H30=\"\"),\"\",H30*N(IFERROR(INDEX(Fertilisants!$G$8:$G$47,MATCH(G30,Fertilisants!$B$8:$B$47,0)),0)))","v":""}]
[{"$nulls":8},{"$f":"IF(G31=\"\",\"\",IFERROR(INDEX(Fertilisants!$E$8:$E$47,MATCH(G31,Fertilisants!$B$8:$B$47,0))&\"\",\"\"))","v":""},{"$f":"IF(OR(G31=\"\",H31=\"\"),\"\",H31*N(IFERROR(INDEX(Fertilisants!$G$8:$G$47,MATCH(G31,Fertilisants!$B$8:$B$47,0)),0)))","v":""}]
[{"$nulls":8},{"$f":"IF(G32=\"\",\"\",IFERROR(INDEX(Fertilisants!$E$8:$E$47,MATCH(G32,Fertilisants!$B$8:$B$47,0))&\"\",\"\"))","v":""},{"$f":"IF(OR(G32=\"\",H32=\"\"),\"\",H32*N(IFERROR(INDEX(Fertilisants!$G$8:$G$47,MATCH(G32,Fertilisants!$B$8:$B$47,0)),0)))","v":""}]
[{"$nulls":8},{"$f":"IF(G33=\"\",\"\",IFERROR(INDEX(Fertilisants!$E$8:$E$47,MATCH(G33,Fertilisants!$B$8:$B$47,0))&\"\",\"\"))","v":""},{"$f":"IF(OR(G33=\"\",H33=\"\"),\"\",H33*N(IFERROR(INDEX(Fertilisants!$G$8:$G$47,MATCH(G33,Fertilisants!$B$8:$B$47,0)),0)))","v":""}]
[{"$nulls":8},{"$f":"IF(G34=\"\",\"\",IFERROR(INDEX(Fertilisants!$E$8:$E$47,MATCH(G34,Fertilisants!$B$8:$B$47,0))&\"\",\"\"))","v":""},{"$f":"IF(OR(G34=\"\",H34=\"\"),\"\",H34*N(IFERROR(INDEX(Fertilisants!$G$8:$G$47,MATCH(G34,Fertilisants!$B$8:$B$47,0)),0)))","v":""}]
[{"$nulls":8},{"$f":"IF(G35=\"\",\"\",IFERROR(INDEX(Fertilisants!$E$8:$E$47,MATCH(G35,Fertilisants!$B$8:$B$47,0))&\"\",\"\"))","v":""},{"$f":"IF(OR(G35=\"\",H35=\"\"),\"\",H35*N(IFERROR(INDEX(Fertilisants!$G$8:$G$47,MATCH(G35,Fertilisants!$B$8:$B$47,0)),0)))","v":""}]
[{"$nulls":8},{"$f":"IF(G36=\"\",\"\",IFERROR(INDEX(Fertilisants!$E$8:$E$47,MATCH(G36,Fertilisants!$B$8:$B$47,0))&\"\",\"\"))","v":""},{"$f":"IF(OR(G36=\"\",H36=\"\"),\"\",H36*N(IFERROR(INDEX(Fertilisants!$G$8:$G$47,MATCH(G36,Fertilisants!$B$8:$B$47,0)),0)))","v":""}]
[{"$nulls":8},{"$f":"IF(G37=\"\",\"\",IFERROR(INDEX(Fertilisants!$E$8:$E$47,MATCH(G37,Fertilisants!$B$8:$B$47,0))&\"\",\"\"))","v":""},{"$f":"IF(OR(G37=\"\",H37=\"\"),\"\",H37*N(IFERROR(INDEX(Fertilisants!$G$8:$G$47,MATCH(G37,Fertilisants!$B$8:$B$47,0)),0)))","v":""}]
[{"$nulls":8},{"$f":"IF(G38=\"\",\"\",IFERROR(INDEX(Fertilisants!$E$8:$E$47,MATCH(G38,Fertilisants!$B$8:$B$47,0))&\"\",\"\"))","v":""},{"$f":"IF(OR(G38=\"\",H38=\"\"),\"\",H38*N(IFERROR(INDEX(Fertilisants!$G$8:$G$47,MATCH(G38,Fertilisants!$B$8:$B$47,0)),0)))","v":""}]
[{"$nulls":8},{"$f":"IF(G39=\"\",\"\",IFERROR(INDEX(Fertilisants!$E$8:$E$47,MATCH(G39,Fertilisants!$B$8:$B$47,0))&\"\",\"\"))","v":""},{"$f":"IF(OR(G39=\"\",H39=\"\"),\"\",H39*N(IFERROR(INDEX(Fertilisants!$G$8:$G$47,MATCH(G39,Fertilisants!$B$8:$B$47,0)),0)))","v":""}]
[{"$nulls":8},{"$f":"IF(G40=\"\",\"\",IFERROR(INDEX(Fertilisants!$E$8:$E$47,MATCH(G40,Fertilisants!$B$8:$B$47,0))&\"\",\"\"))","v":""},{"$f":"IF(OR(G40=\"\",H40=\"\"),\"\",H40*N(IFERROR(INDEX(Fertilisants!$G$8:$G$47,MATCH(G40,Fertilisants!$B$8:$B$47,0)),0)))","v":""}]
[{"$nulls":8},{"$f":"IF(G41=\"\",\"\",IFERROR(INDEX(Fertilisants!$E$8:$E$47,MATCH(G41,Fertilisants!$B$8:$B$47,0))&\"\",\"\"))","v":""},{"$f":"IF(OR(G41=\"\",H41=\"\"),\"\",H41*N(IFERROR(INDEX(Fertilisants!$G$8:$G$47,MATCH(G41,Fertilisants!$B$8:$B$47,0)),0)))","v":""}]
[{"$nulls":8},{"$f":"IF(G42=\"\",\"\",IFERROR(INDEX(Fertilisants!$E$8:$E$47,MATCH(G42,Fertilisants!$B$8:$B$47,0))&\"\",\"\"))","v":""},{"$f":"IF(OR(G42=\"\",H42=\"\"),\"\",H42*N(IFERROR(INDEX(Fertilisants!$G$8:$G$47,MATCH(G42,Fertilisants!$B$8:$B$47,0)),0)))","v":""}]
[{"$nulls":8},{"$f":"IF(G43=\"\",\"\",IFERROR(INDEX(Fertilisants!$E$8:$E$47,MATCH(G43,Fertilisants!$B$8:$B$47,0))&\"\",\"\"))","v":""},{"$f":"IF(OR(G43=\"\",H43=\"\"),\"\",H43*N(IFERROR(INDEX(Fertilisants!$G$8:$G$47,MATCH(G43,Fertilisants!$B$8:$B$47,0)),0)))","v":""}]
[{"$nulls":8},{"$f":"IF(G44=\"\",\"\",IFERROR(INDEX(Fertilisants!$E$8:$E$47,MATCH(G44,Fertilisants!$B$8:$B$47,0))&\"\",\"\"))","v":""},{"$f":"IF(OR(G44=\"\",H44=\"\"),\"\",H44*N(IFERROR(INDEX(Fertilisants!$G$8:$G$47,MATCH(G44,Fertilisants!$B$8:$B$47,0)),0)))","v":""}]
[{"$nulls":8},{"$f":"IF(G45=\"\",\"\",IFERROR(INDEX(Fertilisants!$E$8:$E$47,MATCH(G45,Fertilisants!$B$8:$B$47,0))&\"\",\"\"))","v":""},{"$f":"IF(OR(G45=\"\",H45=\"\"),\"\",H45*N(IFERROR(INDEX(Fertilisants!$G$8:$G$47,MATCH(G45,Fertilisants!$B$8:$B$47,0)),0)))","v":""}]
[{"$nulls":8},{"$f":"IF(G46=\"\",\"\",IFERROR(INDEX(Fertilisants!$E$8:$E$47,MATCH(G46,Fertilisants!$B$8:$B$47,0))&\"\",\"\"))","v":""},{"$f":"IF(OR(G46=\"\",H46=\"\"),\"\",H46*N(IFERROR(INDEX(Fertilisants!$G$8:$G$47,MATCH(G46,Fertilisants!$B$8:$B$47,0)),0)))","v":""}]
[{"$nulls":8},{"$f":"IF(G47=\"\",\"\",IFERROR(INDEX(Fertilisants!$E$8:$E$47,MATCH(G47,Fertilisants!$B$8:$B$47,0))&\"\",\"\"))","v":""},{"$f":"IF(OR(G47=\"\",H47=\"\"),\"\",H47*N(IFERROR(INDEX(Fertilisants!$G$8:$G$47,MATCH(G47,Fertilisants!$B$8:$B$47,0)),0)))","v":""}]
[{"$nulls":8},{"$f":"IF(G48=\"\",\"\",IFERROR(INDEX(Fertilisants!$E$8:$E$47,MATCH(G48,Fertilisants!$B$8:$B$47,0))&\"\",\"\"))","v":""},{"$f":"IF(OR(G48=\"\",H48=\"\"),\"\",H48*N(IFERROR(INDEX(Fertilisants!$G$8:$G$47,MATCH(G48,Fertilisants!$B$8:$B$47,0)),0)))","v":""}]
[{"$nulls":8},{"$f":"IF(G49=\"\",\"\",IFERROR(INDEX(Fertilisants!$E$8:$E$47,MATCH(G49,Fertilisants!$B$8:$B$47,0))&\"\",\"\"))","v":""},{"$f":"IF(OR(G49=\"\",H49=\"\"),\"\",H49*N(IFERROR(INDEX(Fertilisants!$G$8:$G$47,MATCH(G49,Fertilisants!$B$8:$B$47,0)),0)))","v":""}]
[{"$nulls":8},{"$f":"IF(G50=\"\",\"\",IFERROR(INDEX(Fertilisants!$E$8:$E$47,MATCH(G50,Fertilisants!$B$8:$B$47,0))&\"\",\"\"))","v":""},{"$f":"IF(OR(G50=\"\",H50=\"\"),\"\",H50*N(IFERROR(INDEX(Fertilisants!$G$8:$G$47,MATCH(G50,Fertilisants!$B$8:$B$47,0)),0)))","v":""}]
[{"$nulls":8},{"$f":"IF(G51=\"\",\"\",IFERROR(INDEX(Fertilisants!$E$8:$E$47,MATCH(G51,Fertilisants!$B$8:$B$47,0))&\"\",\"\"))","v":""},{"$f":"IF(OR(G51=\"\",H51=\"\"),\"\",H51*N(IFERROR(INDEX(Fertilisants!$G$8:$G$47,MATCH(G51,Fertilisants!$B$8:$B$47,0)),0)))","v":""}]
[]
[null,"STOCKAGE AU CHAMP DES FUMIERS ET COMPOSTS"]
[null,"Îlot","Date de\ndépôt","Effluent stocké","Quantité (t)","Conditions du dépôt","Date de reprise","Durée","Contrôle",{"$nulls":3},"Observations"]
[null,"02 – Les Noues","2026-08-24","Fumier de bovins (compact)",285,"Sur chaume, tas de 2,5 m de haut","2026-09-22",{"$f":"IF(AND(ISNUMBER(C55),ISNUMBER(G55)),G55-C55,\"\")","v":{"v":29,"d":"29 j"}},{"$f":"IF(NOT(ISNUMBER(C55)),\"\",IF(IF(ISNUMBER(G55),G55,FinCampagne)>EDATE(C55,9),\"Durée > 9 mois\",IF(AND(C55<=DATE(AnneeRecolte,1,15),IF(ISNUMBER(G55),G55,FinCampagne)>=DATE(AnneeRecolte-1,11,15)),\"Hiver : vérifier les conditions\",IF(ISNUMBER(G55),\"Conforme\",\"En cours\"))))","v":"Conforme"}]
[null,"08 – Les Terres Fortes","2026-08-26","Fumier de bovins (compact)",265,"Sur chaume, bord de chemin","2026-09-03",{"v":8,"d":"8 j"},"Conforme"]
[null,"07 – La Fosse aux Loups","2026-08-18","Compost de fumier",115,"Sur prairie, andain couvert","2026-10-05",{"v":48,"d":"48 j"},"Conforme"]
[null,"06 – Pré Long","2026-12-04","Fumier de bovins (compact)",190,"Sur prairie",null,"","Hiver : vérifier les conditions",{"$nulls":3},"Reprise prévue au printemps"]
[{"$nulls":7},"",""]
[{"$nulls":7},"",""]
[{"$nulls":7},"",""]
[{"$nulls":7},"",""]
[{"$nulls":7},"",""]
[{"$nulls":7},"",""]
[{"$nulls":7},"",""]
[{"$nulls":7},"",""]
[{"$nulls":7},"",""]
[{"$nulls":7},"",""]
[{"$nulls":7},"",""]
[{"$nulls":7},"",""]
[{"$nulls":7},"",""]
[{"$nulls":7},"",""]
[{"$nulls":7},"",""]
[{"$nulls":7},"",""]
[]
[null,"Repères : dépôt limité à 9 mois, hors zones où l'épandage est interdit. Entre le 15/11 et le 15/01, le tas est déposé sur prairie, sur un lit d'environ 10 cm de matériau absorbant ou couvert. Retour sur un même emplacement après 3 ans minimum."]

{"sheet":"Fiche îlot","index":5,"n_rows":60,"n_cols":16,"rows_kept":60,"merged":[[6,1,6,2],[6,3,6,6],[9,1,9,2],[9,3,9,6],[9,7,9,9],[9,10,9,13],[10,1,10,2],[10,3,10,6],[10,7,10,9],[10,10,10,13],[11,1,11,2],[11,3,11,6],[11,7,11,9],[11,10,11,13],[12,1,12,2],[12,3,12,6],[12,7,12,9],[12,10,12,13],[13,1,13,2],[13,3,13,6],[13,7,13,9],[13,10,13,13],[14,1,14,2],[14,3,14,6],[14,7,14,9],[14,10,14,13],[18,1,18,2],[18,3,18,4],[18,5,18,7],[18,8,18,10],[18,11,18,13],[19,1,19,2],[19,3,19,4],[19,5,19,7],[19,8,19,10],[19,11,19,13],[20,1,20,2],[20,3,20,4],[20,5,20,7],[20,8,20,10],[20,11,20,13]]}
[null,"FICHE ÎLOT",{"$nulls":11},{"$f":"RaisonSociale","v":"SCEA du Val de Mérienne"}]
[null,"Synthèse imprimable d'un îlot : identification, plan prévisionnel, bilan et apports",{"$nulls":11},{"$f":"\"Campagne \"&(AnneeRecolte-1)&\"-\"&AnneeRecolte&\"  ·  récolte \"&AnneeRecolte","v":"Campagne 2026-2027  ·  récolte 2027"}]
[]
[null,"Choisissez un îlot dans la liste : la fiche se met à jour automatiquement et s'imprime sur une page."]
[]
[]
[null,"ÎLOT SÉLECTIONNÉ",null,"04 – Le Paradis",{"$nulls":3},"◄ liste déroulante",{"$nulls":7},{"$f":"IFERROR(MATCH(FicheIlot,Îlots!$D$8:$D$57,0),\"\")","v":4}]
[]
[null,"IDENTIFICATION ET PLAN PRÉVISIONNEL"]
[null,"Surface (ha)",null,{"$f":"IF($P$7=\"\",\"\",IF(INDEX(Îlots!$E$8:$E$57,$P$7)=\"\",\"\",INDEX(Îlots!$E$8:$E$57,$P$7)))","v":{"v":16.2,"d":"16.20"}},{"$nulls":3},"Culture principale",null,null,{"$f":"IF($P$7=\"\",\"\",INDEX(Îlots!$N$8:$N$57,$P$7)&\"\")","v":"Maïs ensilage"}]
[null,"Type de sol",null,{"$f":"IF($P$7=\"\",\"\",INDEX(Îlots!$F$8:$F$57,$P$7)&\"\")","v":"Limon argileux"},{"$nulls":3},"Catégorie de calendrier",null,null,{"$f":"IF($P$7=\"\",\"\",INDEX(Îlots!$O$8:$O$57,$P$7)&\"\")","v":"Culture de printemps"}]
[null,"Zone vulnérable",null,{"$f":"IF($P$7=\"\",\"\",INDEX(Îlots!$G$8:$G$57,$P$7)&\"\")","v":"Oui"},{"$nulls":3},"Date d'implantation",null,null,{"$f":"IF($P$7=\"\",\"\",IF(N(INDEX(Îlots!$P$8:$P$57,$P$7))=0,\"\",INDEX(Îlots!$P$8:$P$57,$P$7)))","v":"2027-05-05"}]
[null,"Faire-valoir",null,{"$f":"IF($P$7=\"\",\"\",INDEX(Îlots!$H$8:$H$57,$P$7)&\"\")","v":"Propriété"},{"$nulls":3},"Objectif de rendement",null,null,{"$f":"IF($P$7=\"\",\"\",IF(INDEX(Îlots!$Q$8:$Q$57,$P$7)=\"\",\"\",INDEX(Îlots!$Q$8:$Q$57,$P$7)&\" \"&INDEX(Îlots!$R$8:$R$57,$P$7)))","v":"15 t MS/ha"}]
[null,"Couvert d'interculture",null,{"$f":"IF($P$7=\"\",\"\",INDEX(Îlots!$I$8:$I$57,$P$7)&\"\")","v":"CIE (dérobée exportée)"},{"$nulls":3},"Date de récolte",null,null,{"$f":"IF($P$7=\"\",\"\",IF(N(INDEX(Îlots!$Z$8:$Z$57,$P$7))=0,\"\",INDEX(Îlots!$Z$8:$Z$57,$P$7)))","v":""}]
[null,"Espèces du couvert",null,{"$f":"IF($P$7=\"\",\"\",INDEX(Îlots!$J$8:$J$57,$P$7)&\"\")","v":"Ray-grass italien + trèfle"},{"$nulls":3},"Rendement réalisé",null,null,{"$f":"IF($P$7=\"\",\"\",IF(INDEX(Îlots!$AA$8:$AA$57,$P$7)=\"\",\"\",INDEX(Îlots!$AA$8:$AA$57,$P$7)&\" \"&INDEX(Îlots!$R$8:$R$57,$P$7)))","v":""}]
[]
[null,"BILAN AZOTÉ DE L'ÎLOT"]
[]
[null,"DOSE PPF (KG N EFF./HA)",null,"N EFFICACE APPORTÉ (KG/HA)",null,"N ORGANIQUE TOTAL (KG/HA)",null,null,"ÉCART AU PPF (KG N/HA)",null,null,"BILAN PPF DE L'ÎLOT"]
[null,{"$f":"IF($P$7=\"\",\"\",IF(INDEX(Îlots!$S$8:$S$57,$P$7)=\"\",\"\",INDEX(Îlots!$S$8:$S$57,$P$7)))","v":140},null,{"$f":"IF($P$7=\"\",\"\",IF(INDEX(Îlots!$T$8:$T$57,$P$7)=\"\",\"\",INDEX(Îlots!$T$8:$T$57,$P$7)))","v":{"v":136.20000000000002,"d":"136"}},null,{"$f":"IF($P$7=\"\",\"\",IF(INDEX(Îlots!$W$8:$W$57,$P$7)=\"\",\"\",INDEX(Îlots!$W$8:$W$57,$P$7)))","v":240},null,null,{"$f":"IF($P$7=\"\",\"\",IF(INDEX(Îlots!$U$8:$U$57,$P$7)=\"\",\"\",INDEX(Îlots!$U$8:$U$57,$P$7)))","v":-4},null,null,{"$f":"IF($P$7=\"\",\"\",INDEX(Îlots!$Y$8:$Y$57,$P$7)&\"\")","v":"Conforme"}]
[null,{"$f":"\"prévue au plan prévisionnel\"","v":"prévue au plan prévisionnel"},null,{"$f":"IF($P$7=\"\",\"\",IF(N(INDEX(Îlots!$V$8:$V$57,$P$7))=0,\"\",\"soit \"&ROUND(INDEX(Îlots!$V$8:$V$57,$P$7)*100,0)&\" % du PPF\"))","v":"soit 97 % du PPF"},null,{"$f":"\"effluents et produits organiques\"","v":"effluents et produits organiques"},null,null,{"$f":"\"tolérance : \"&TolerancePPF&\" kg N/ha\"","v":"tolérance : 5 kg N/ha"},null,null,{"$f":"IF($P$7=\"\",\"\",INDEX(Îlots!$X$8:$X$57,$P$7)&\" apport(s) enregistré(s)\")","v":"3 apport(s) enregistré(s)"}]
[]
[null,"APPORTS ENREGISTRÉS SUR L'ÎLOT"]
[null,"Date","Fertilisant","Type","Apport réalisé sur","Surface\n(ha)","Dose","Unité","N total\n(kg/ha)","N efficace\n(kg/ha)","P₂O₅\n(kg/ha)","K₂O\n(kg/ha)","État du sol","Contrôle"]
[null,{"$f":"IF($P25=\"\",\"\",INDEX(Registre!$C$8:$C$507,$P25))","v":"2026-11-24"},{"$f":"IF($P25=\"\",\"\",INDEX(Registre!$G$8:$G$507,$P25)&\"\")","v":"Lisier de bovins"},{"$f":"IF($P25=\"\",\"\",INDEX(Registre!$H$8:$H$507,$P25)&\"\")","v":"Type II"},{"$f":"IF($P25=\"\",\"\",INDEX(Registre!$F$8:$F$507,$P25)&\"\")","v":"Couvert d'interculture"},{"$f":"IF($P25=\"\",\"\",INDEX(Registre!$I$8:$I$507,$P25))","v":{"v":16.2,"d":"16.20"}},{"$f":"IF($P25=\"\",\"\",INDEX(Registre!$J$8:$J$507,$P25))","v":{"v":30,"d":"30.0"}},{"$f":"IF($P25=\"\",\"\",INDEX(Registre!$K$8:$K$507,$P25)&\"\")","v":"m³"},{"$f":"IF($P25=\"\",\"\",INDEX(Registre!$M$8:$M$507,$P25))","v":120},{"$f":"IF($P25=\"\",\"\",INDEX(Registre!$N$8:$N$507,$P25))","v":60},{"$f":"IF($P25=\"\",\"\",INDEX(Registre!$O$8:$O$507,$P25))","v":51},{"$f":"IF($P25=\"\",\"\",INDEX(Registre!$P$8:$P$507,$P25))","v":138},{"$f":"IF($P25=\"\",\"\",INDEX(Registre!$R$8:$R$507,$P25)&\"\")","v":"Humide"},{"$f":"IF($P25=\"\",\"\",INDEX(Registre!$W$8:$W$507,$P25)&\"\")","v":"Période interdite"},null,{"$f":"IFERROR(MATCH(1,Registre!$AR$8:$AR$507,0),\"\")","v":7}]
[null,{"$f":"IF($P26=\"\",\"\",INDEX(Registre!$C$8:$C$507,$P26))","v":"2027-04-28"},{"$f":"IF($P26=\"\",\"\",INDEX(Registre!$G$8:$G$507,$P26)&\"\")","v":"Lisier de bovins"},{"$f":"IF($P26=\"\",\"\",INDEX(Registre!$H$8:$H$507,$P26)&\"\")","v":"Type II"},{"$f":"IF($P26=\"\",\"\",INDEX(Registre!$F$8:$F$507,$P26)&\"\")","v":"Sol nu avant semis"},{"$f":"IF($P26=\"\",\"\",INDEX(Registre!$I$8:$I$507,$P26))","v":{"v":16.2,"d":"16.20"}},{"$f":"IF($P26=\"\",\"\",INDEX(Registre!$J$8:$J$507,$P26))","v":{"v":30,"d":"30.0"}},{"$f":"IF($P26=\"\",\"\",INDEX(Registre!$K$8:$K$507,$P26)&\"\")","v":"m³"},{"$f":"IF($P26=\"\",\"\",INDEX(Registre!$M$8:$M$507,$P26))","v":120},{"$f":"IF($P26=\"\",\"\",INDEX(Registre!$N$8:$N$507,$P26))","v":60},{"$f":"IF($P26=\"\",\"\",INDEX(Registre!$O$8:$O$507,$P26))","v":51},{"$f":"IF($P26=\"\",\"\",INDEX(Registre!$P$8:$P$507,$P26))","v":138},{"$f":"IF($P26=\"\",\"\",INDEX(Registre!$R$8:$R$507,$P26)&\"\")","v":"Ressuyé"},{"$f":"IF($P26=\"\",\"\",INDEX(Registre!$W$8:$W$507,$P26)&\"\")","v":"Conforme"},null,{"$f":"IFERROR(MATCH(2,Registre!$AR$8:$AR$507,0),\"\")","v":25}]
[null,{"$f":"IF($P27=\"\",\"\",INDEX(Registre!$C$8:$C$507,$P27))","v":"2027-05-05"},{"$f":"IF($P27=\"\",\"\",INDEX(Registre!$G$8:$G$507,$P27)&\"\")","v":"Engrais 18-46-0"},{"$f":"IF($P27=\"\",\"\",INDEX(Registre!$H$8:$H$507,$P27)&\"\")","v":"Type III"},{"$f":"IF($P27=\"\",\"\",INDEX(Registre!$F$8:$F$507,$P27)&\"\")","v":"Sol nu avant semis"},{"$f":"IF($P27=\"\",\"\",INDEX(Registre!$I$8:$I$507,$P27))","v":{"v":16.2,"d":"16.20"}},{"$f":"IF($P27=\"\",\"\",INDEX(Registre!$J$8:$J$507,$P27))","v":{"v":90,"d":"90.0"}},{"$f":"IF($P27=\"\",\"\",INDEX(Registre!$K$8:$K$507,$P27)&\"\")","v":"kg"},{"$f":"IF($P27=\"\",\"\",INDEX(Registre!$M$8:$M$507,$P27))","v":{"v":16.2,"d":"16"}},{"$f":"IF($P27=\"\",\"\",INDEX(Registre!$N$8:$N$507,$P27))","v":{"v":16.2,"d":"16"}},{"$f":"IF($P27=\"\",\"\",INDEX(Registre!$O$8:$O$507,$P27))","v":{"v":41.4,"d":"41"}},{"$f":"IF($P27=\"\",\"\",INDEX(Registre!$P$8:$P$507,$P27))","v":0},{"$f":"IF($P27=\"\",\"\",INDEX(Registre!$R$8:$R$507,$P27)&\"\")","v":"Ressuyé"},{"$f":"IF($P27=\"\",\"\",INDEX(Registre!$W$8:$W$507,$P27)&\"\")","v":"Conforme"},null,{"$f":"IFERROR(MATCH(3,Registre!$AR$8:$AR$507,0),\"\")","v":26}]
[null,{"$f":"IF($P28=\"\",\"\",INDEX(Registre!$C$8:$C$507,$P28))","v":""},{"$f":"IF($P28=\"\",\"\",INDEX(Registre!$G$8:$G$507,$P28)&\"\")","v":""},{"$f":"IF($P28=\"\",\"\",INDEX(Registre!$H$8:$H$507,$P28)&\"\")","v":""},{"$f":"IF($P28=\"\",\"\",INDEX(Registre!$F$8:$F$507,$P28)&\"\")","v":""},{"$f":"IF($P28=\"\",\"\",INDEX(Registre!$I$8:$I$507,$P28))","v":""},{"$f":"IF($P28=\"\",\"\",INDEX(Registre!$J$8:$J$507,$P28))","v":""},{"$f":"IF($P28=\"\",\"\",INDEX(Registre!$K$8:$K$507,$P28)&\"\")","v":""},{"$f":"IF($P28=\"\",\"\",INDEX(Registre!$M$8:$M$507,$P28))","v":""},{"$f":"IF($P28=\"\",\"\",INDEX(Registre!$N$8:$N$507,$P28))","v":""},{"$f":"IF($P28=\"\",\"\",INDEX(Registre!$O$8:$O$507,$P28))","v":""},{"$f":"IF($P28=\"\",\"\",INDEX(Registre!$P$8:$P$507,$P28))","v":""},{"$f":"IF($P28=\"\",\"\",INDEX(Registre!$R$8:$R$507,$P28)&\"\")","v":""},{"$f":"IF($P28=\"\",\"\",INDEX(Registre!$W$8:$W$507,$P28)&\"\")","v":""},null,{"$f":"IFERROR(MATCH(4,Registre!$AR$8:$AR$507,0),\"\")","v":""}]
[null,{"$f":"IF($P29=\"\",\"\",INDEX(Registre!$C$8:$C$507,$P29))","v":""},{"$f":"IF($P29=\"\",\"\",INDEX(Registre!$G$8:$G$507,$P29)&\"\")","v":""},{"$f":"IF($P29=\"\",\"\",INDEX(Registre!$H$8:$H$507,$P29)&\"\")","v":""},{"$f":"IF($P29=\"\",\"\",INDEX(Registre!$F$8:$F$507,$P29)&\"\")","v":""},{"$f":"IF($P29=\"\",\"\",INDEX(Registre!$I$8:$I$507,$P29))","v":""},{"$f":"IF($P29=\"\",\"\",INDEX(Registre!$J$8:$J$507,$P29))","v":""},{"$f":"IF($P29=\"\",\"\",INDEX(Registre!$K$8:$K$507,$P29)&\"\")","v":""},{"$f":"IF($P29=\"\",\"\",INDEX(Registre!$M$8:$M$507,$P29))","v":""},{"$f":"IF($P29=\"\",\"\",INDEX(Registre!$N$8:$N$507,$P29))","v":""},{"$f":"IF($P29=\"\",\"\",INDEX(Registre!$O$8:$O$507,$P29))","v":""},{"$f":"IF($P29=\"\",\"\",INDEX(Registre!$P$8:$P$507,$P29))","v":""},{"$f":"IF($P29=\"\",\"\",INDEX(Registre!$R$8:$R$507,$P29)&\"\")","v":""},{"$f":"IF($P29=\"\",\"\",INDEX(Registre!$W$8:$W$507,$P29)&\"\")","v":""},null,{"$f":"IFERROR(MATCH(5,Registre!$AR$8:$AR$507,0),\"\")","v":""}]
[null,{"$f":"IF($P30=\"\",\"\",INDEX(Registre!$C$8:$C$507,$P30))","v":""},{"$f":"IF($P30=\"\",\"\",INDEX(Registre!$G$8:$G$507,$P30)&\"\")","v":""},{"$f":"IF($P30=\"\",\"\",INDEX(Registre!$H$8:$H$507,$P30)&\"\")","v":""},{"$f":"IF($P30=\"\",\"\",INDEX(Registre!$F$8:$F$507,$P30)&\"\")","v":""},{"$f":"IF($P30=\"\",\"\",INDEX(Registre!$I$8:$I$507,$P30))","v":""},{"$f":"IF($P30=\"\",\"\",INDEX(Registre!$J$8:$J$507,$P30))","v":""},{"$f":"IF($P30=\"\",\"\",INDEX(Registre!$K$8:$K$507,$P30)&\"\")","v":""},{"$f":"IF($P30=\"\",\"\",INDEX(Registre!$M$8:$M$507,$P30))","v":""},{"$f":"IF($P30=\"\",\"\",INDEX(Registre!$N$8:$N$507,$P30))","v":""},{"$f":"IF($P30=\"\",\"\",INDEX(Registre!$O$8:$O$507,$P30))","v":""},{"$f":"IF($P30=\"\",\"\",INDEX(Registre!$P$8:$P$507,$P30))","v":""},{"$f":"IF($P30=\"\",\"\",INDEX(Registre!$R$8:$R$507,$P30)&\"\")","v":""},{"$f":"IF($P30=\"\",\"\",INDEX(Registre!$W$8:$W$507,$P30)&\"\")","v":""},null,{"$f":"IFERROR(MATCH(6,Registre!$AR$8:$AR$507,0),\"\")","v":""}]
[null,{"$f":"IF($P31=\"\",\"\",INDEX(Registre!$C$8:$C$507,$P31))","v":""},{"$f":"IF($P31=\"\",\"\",INDEX(Registre!$G$8:$G$507,$P31)&\"\")","v":""},{"$f":"IF($P31=\"\",\"\",INDEX(Registre!$H$8:$H$507,$P31)&\"\")","v":""},{"$f":"IF($P31=\"\",\"\",INDEX(Registre!$F$8:$F$507,$P31)&\"\")","v":""},{"$f":"IF($P31=\"\",\"\",INDEX(Registre!$I$8:$I$507,$P31))","v":""},{"$f":"IF($P31=\"\",\"\",INDEX(Registre!$J$8:$J$507,$P31))","v":""},{"$f":"IF($P31=\"\",\"\",INDEX(Registre!$K$8:$K$507,$P31)&\"\")","v":""},{"$f":"IF($P31=\"\",\"\",INDEX(Registre!$M$8:$M$507,$P31))","v":""},{"$f":"IF($P31=\"\",\"\",INDEX(Registre!$N$8:$N$507,$P31))","v":""},{"$f":"IF($P31=\"\",\"\",INDEX(Registre!$O$8:$O$507,$P31))","v":""},{"$f":"IF($P31=\"\",\"\",INDEX(Registre!$P$8:$P$507,$P31))","v":""},{"$f":"IF($P31=\"\",\"\",INDEX(Registre!$R$8:$R$507,$P31)&\"\")","v":""},{"$f":"IF($P31=\"\",\"\",INDEX(Registre!$W$8:$W$507,$P31)&\"\")","v":""},null,{"$f":"IFERROR(MATCH(7,Registre!$AR$8:$AR$507,0),\"\")","v":""}]
[null,{"$f":"IF($P32=\"\",\"\",INDEX(Registre!$C$8:$C$507,$P32))","v":""},{"$f":"IF($P32=\"\",\"\",INDEX(Registre!$G$8:$G$507,$P32)&\"\")","v":""},{"$f":"IF($P32=\"\",\"\",INDEX(Registre!$H$8:$H$507,$P32)&\"\")","v":""},{"$f":"IF($P32=\"\",\"\",INDEX(Registre!$F$8:$F$507,$P32)&\"\")","v":""},{"$f":"IF($P32=\"\",\"\",INDEX(Registre!$I$8:$I$507,$P32))","v":""},{"$f":"IF($P32=\"\",\"\",INDEX(Registre!$J$8:$J$507,$P32))","v":""},{"$f":"IF($P32=\"\",\"\",INDEX(Registre!$K$8:$K$507,$P32)&\"\")","v":""},{"$f":"IF($P32=\"\",\"\",INDEX(Registre!$M$8:$M$507,$P32))","v":""},{"$f":"IF($P32=\"\",\"\",INDEX(Registre!$N$8:$N$507,$P32))","v":""},{"$f":"IF($P32=\"\",\"\",INDEX(Registre!$O$8:$O$507,$P32))","v":""},{"$f":"IF($P32=\"\",\"\",INDEX(Registre!$P$8:$P$507,$P32))","v":""},{"$f":"IF($P32=\"\",\"\",INDEX(Registre!$R$8:$R$507,$P32)&\"\")","v":""},{"$f":"IF($P32=\"\",\"\",INDEX(Registre!$W$8:$W$507,$P32)&\"\")","v":""},null,{"$f":"IFERROR(MATCH(8,Registre!$AR$8:$AR$507,0),\"\")","v":""}]
[null,{"$f":"IF($P33=\"\",\"\",INDEX(Registre!$C$8:$C$507,$P33))","v":""},{"$f":"IF($P33=\"\",\"\",INDEX(Registre!$G$8:$G$507,$P33)&\"\")","v":""},{"$f":"IF($P33=\"\",\"\",INDEX(Registre!$H$8:$H$507,$P33)&\"\")","v":""},{"$f":"IF($P33=\"\",\"\",INDEX(Registre!$F$8:$F$507,$P33)&\"\")","v":""},{"$f":"IF($P33=\"\",\"\",INDEX(Registre!$I$8:$I$507,$P33))","v":""},{"$f":"IF($P33=\"\",\"\",INDEX(Registre!$J$8:$J$507,$P33))","v":""},{"$f":"IF($P33=\"\",\"\",INDEX(Registre!$K$8:$K$507,$P33)&\"\")","v":""},{"$f":"IF($P33=\"\",\"\",INDEX(Registre!$M$8:$M$507,$P33))","v":""},{"$f":"IF($P33=\"\",\"\",INDEX(Registre!$N$8:$N$507,$P33))","v":""},{"$f":"IF($P33=\"\",\"\",INDEX(Registre!$O$8:$O$507,$P33))","v":""},{"$f":"IF($P33=\"\",\"\",INDEX(Registre!$P$8:$P$507,$P33))","v":""},{"$f":"IF($P33=\"\",\"\",INDEX(Registre!$R$8:$R$507,$P33)&\"\")","v":""},{"$f":"IF($P33=\"\",\"\",INDEX(Registre!$W$8:$W$507,$P33)&\"\")","v":""},null,{"$f":"IFERROR(MATCH(9,Registre!$AR$8:$AR$507,0),\"\")","v":""}]
[null,{"$f":"IF($P34=\"\",\"\",INDEX(Registre!$C$8:$C$507,$P34))","v":""},{"$f":"IF($P34=\"\",\"\",INDEX(Registre!$G$8:$G$507,$P34)&\"\")","v":""},{"$f":"IF($P34=\"\",\"\",INDEX(Registre!$H$8:$H$507,$P34)&\"\")","v":""},{"$f":"IF($P34=\"\",\"\",INDEX(Registre!$F$8:$F$507,$P34)&\"\")","v":""},{"$f":"IF($P34=\"\",\"\",INDEX(Registre!$I$8:$I$507,$P34))","v":""},{"$f":"IF($P34=\"\",\"\",INDEX(Registre!$J$8:$J$507,$P34))","v":""},{"$f":"IF($P34=\"\",\"\",INDEX(Registre!$K$8:$K$507,$P34)&\"\")","v":""},{"$f":"IF($P34=\"\",\"\",INDEX(Registre!$M$8:$M$507,$P34))","v":""},{"$f":"IF($P34=\"\",\"\",INDEX(Registre!$N$8:$N$507,$P34))","v":""},{"$f":"IF($P34=\"\",\"\",INDEX(Registre!$O$8:$O$507,$P34))","v":""},{"$f":"IF($P34=\"\",\"\",INDEX(Registre!$P$8:$P$507,$P34))","v":""},{"$f":"IF($P34=\"\",\"\",INDEX(Registre!$R$8:$R$507,$P34)&\"\")","v":""},{"$f":"IF($P34=\"\",\"\",INDEX(Registre!$W$8:$W$507,$P34)&\"\")","v":""},null,{"$f":"IFERROR(MATCH(10,Registre!$AR$8:$AR$507,0),\"\")","v":""}]
[null,{"$f":"IF($P35=\"\",\"\",INDEX(Registre!$C$8:$C$507,$P35))","v":""},{"$f":"IF($P35=\"\",\"\",INDEX(Registre!$G$8:$G$507,$P35)&\"\")","v":""},{"$f":"IF($P35=\"\",\"\",INDEX(Registre!$H$8:$H$507,$P35)&\"\")","v":""},{"$f":"IF($P35=\"\",\"\",INDEX(Registre!$F$8:$F$507,$P35)&\"\")","v":""},{"$f":"IF($P35=\"\",\"\",INDEX(Registre!$I$8:$I$507,$P35))","v":""},{"$f":"IF($P35=\"\",\"\",INDEX(Registre!$J$8:$J$507,$P35))","v":""},{"$f":"IF($P35=\"\",\"\",INDEX(Registre!$K$8:$K$507,$P35)&\"\")","v":""},{"$f":"IF($P35=\"\",\"\",INDEX(Registre!$M$8:$M$507,$P35))","v":""},{"$f":"IF($P35=\"\",\"\",INDEX(Registre!$N$8:$N$507,$P35))","v":""},{"$f":"IF($P35=\"\",\"\",INDEX(Registre!$O$8:$O$507,$P35))","v":""},{"$f":"IF($P35=\"\",\"\",INDEX(Registre!$P$8:$P$507,$P35))","v":""},{"$f":"IF($P35=\"\",\"\",INDEX(Registre!$R$8:$R$507,$P35)&\"\")","v":""},{"$f":"IF($P35=\"\",\"\",INDEX(Registre!$W$8:$W$507,$P35)&\"\")","v":""},null,{"$f":"IFERROR(MATCH(11,Registre!$AR$8:$AR$507,0),\"\")","v":""}]
[null,{"$f":"IF($P36=\"\",\"\",INDEX(Registre!$C$8:$C$507,$P36))","v":""},{"$f":"IF($P36=\"\",\"\",INDEX(Registre!$G$8:$G$507,$P36)&\"\")","v":""},{"$f":"IF($P36=\"\",\"\",INDEX(Registre!$H$8:$H$507,$P36)&\"\")","v":""},{"$f":"IF($P36=\"\",\"\",INDEX(Registre!$F$8:$F$507,$P36)&\"\")","v":""},{"$f":"IF($P36=\"\",\"\",INDEX(Registre!$I$8:$I$507,$P36))","v":""},{"$f":"IF($P36=\"\",\"\",INDEX(Registre!$J$8:$J$507,$P36))","v":""},{"$f":"IF($P36=\"\",\"\",INDEX(Registre!$K$8:$K$507,$P36)&\"\")","v":""},{"$f":"IF($P36=\"\",\"\",INDEX(Registre!$M$8:$M$507,$P36))","v":""},{"$f":"IF($P36=\"\",\"\",INDEX(Registre!$N$8:$N$507,$P36))","v":""},{"$f":"IF($P36=\"\",\"\",INDEX(Registre!$O$8:$O$507,$P36))","v":""},{"$f":"IF($P36=\"\",\"\",INDEX(Registre!$P$8:$P$507,$P36))","v":""},{"$f":"IF($P36=\"\",\"\",INDEX(Registre!$R$8:$R$507,$P36)&\"\")","v":""},{"$f":"IF($P36=\"\",\"\",INDEX(Registre!$W$8:$W$507,$P36)&\"\")","v":""},null,{"$f":"IFERROR(MATCH(12,Registre!$AR$8:$AR$507,0),\"\")","v":""}]
[null,{"$f":"IF($P37=\"\",\"\",INDEX(Registre!$C$8:$C$507,$P37))","v":""},{"$f":"IF($P37=\"\",\"\",INDEX(Registre!$G$8:$G$507,$P37)&\"\")","v":""},{"$f":"IF($P37=\"\",\"\",INDEX(Registre!$H$8:$H$507,$P37)&\"\")","v":""},{"$f":"IF($P37=\"\",\"\",INDEX(Registre!$F$8:$F$507,$P37)&\"\")","v":""},{"$f":"IF($P37=\"\",\"\",INDEX(Registre!$I$8:$I$507,$P37))","v":""},{"$f":"IF($P37=\"\",\"\",INDEX(Registre!$J$8:$J$507,$P37))","v":""},{"$f":"IF($P37=\"\",\"\",INDEX(Registre!$K$8:$K$507,$P37)&\"\")","v":""},{"$f":"IF($P37=\"\",\"\",INDEX(Registre!$M$8:$M$507,$P37))","v":""},{"$f":"IF($P37=\"\",\"\",INDEX(Registre!$N$8:$N$507,$P37))","v":""},{"$f":"IF($P37=\"\",\"\",INDEX(Registre!$O$8:$O$507,$P37))","v":""},{"$f":"IF($P37=\"\",\"\",INDEX(Registre!$P$8:$P$507,$P37))","v":""},{"$f":"IF($P37=\"\",\"\",INDEX(Registre!$R$8:$R$507,$P37)&\"\")","v":""},{"$f":"IF($P37=\"\",\"\",INDEX(Registre!$W$8:$W$507,$P37)&\"\")","v":""},null,{"$f":"IFERROR(MATCH(13,Registre!$AR$8:$AR$507,0),\"\")","v":""}]
[null,{"$f":"IF($P38=\"\",\"\",INDEX(Registre!$C$8:$C$507,$P38))","v":""},{"$f":"IF($P38=\"\",\"\",INDEX(Registre!$G$8:$G$507,$P38)&\"\")","v":""},{"$f":"IF($P38=\"\",\"\",INDEX(Registre!$H$8:$H$507,$P38)&\"\")","v":""},{"$f":"IF($P38=\"\",\"\",INDEX(Registre!$F$8:$F$507,$P38)&\"\")","v":""},{"$f":"IF($P38=\"\",\"\",INDEX(Registre!$I$8:$I$507,$P38))","v":""},{"$f":"IF($P38=\"\",\"\",INDEX(Registre!$J$8:$J$507,$P38))","v":""},{"$f":"IF($P38=\"\",\"\",INDEX(Registre!$K$8:$K$507,$P38)&\"\")","v":""},{"$f":"IF($P38=\"\",\"\",INDEX(Registre!$M$8:$M$507,$P38))","v":""},{"$f":"IF($P38=\"\",\"\",INDEX(Registre!$N$8:$N$507,$P38))","v":""},{"$f":"IF($P38=\"\",\"\",INDEX(Registre!$O$8:$O$507,$P38))","v":""},{"$f":"IF($P38=\"\",\"\",INDEX(Registre!$P$8:$P$507,$P38))","v":""},{"$f":"IF($P38=\"\",\"\",INDEX(Registre!$R$8:$R$507,$P38)&\"\")","v":""},{"$f":"IF($P38=\"\",\"\",INDEX(Registre!$W$8:$W$507,$P38)&\"\")","v":""},null,{"$f":"IFERROR(MATCH(14,Registre!$AR$8:$AR$507,0),\"\")","v":""}]
[null,{"$f":"IF($P39=\"\",\"\",INDEX(Registre!$C$8:$C$507,$P39))","v":""},{"$f":"IF($P39=\"\",\"\",INDEX(Registre!$G$8:$G$507,$P39)&\"\")","v":""},{"$f":"IF($P39=\"\",\"\",INDEX(Registre!$H$8:$H$507,$P39)&\"\")","v":""},{"$f":"IF($P39=\"\",\"\",INDEX(Registre!$F$8:$F$507,$P39)&\"\")","v":""},{"$f":"IF($P39=\"\",\"\",INDEX(Registre!$I$8:$I$507,$P39))","v":""},{"$f":"IF($P39=\"\",\"\",INDEX(Registre!$J$8:$J$507,$P39))","v":""},{"$f":"IF($P39=\"\",\"\",INDEX(Registre!$K$8:$K$507,$P39)&\"\")","v":""},{"$f":"IF($P39=\"\",\"\",INDEX(Registre!$M$8:$M$507,$P39))","v":""},{"$f":"IF($P39=\"\",\"\",INDEX(Registre!$N$8:$N$507,$P39))","v":""},{"$f":"IF($P39=\"\",\"\",INDEX(Registre!$O$8:$O$507,$P39))","v":""},{"$f":"IF($P39=\"\",\"\",INDEX(Registre!$P$8:$P$507,$P39))","v":""},{"$f":"IF($P39=\"\",\"\",INDEX(Registre!$R$8:$R$507,$P39)&\"\")","v":""},{"$f":"IF($P39=\"\",\"\",INDEX(Registre!$W$8:$W$507,$P39)&\"\")","v":""},null,{"$f":"IFERROR(MATCH(15,Registre!$AR$8:$AR$507,0),\"\")","v":""}]
[null,{"$f":"IF($P40=\"\",\"\",INDEX(Registre!$C$8:$C$507,$P40))","v":""},{"$f":"IF($P40=\"\",\"\",INDEX(Registre!$G$8:$G$507,$P40)&\"\")","v":""},{"$f":"IF($P40=\"\",\"\",INDEX(Registre!$H$8:$H$507,$P40)&\"\")","v":""},{"$f":"IF($P40=\"\",\"\",INDEX(Registre!$F$8:$F$507,$P40)&\"\")","v":""},{"$f":"IF($P40=\"\",\"\",INDEX(Registre!$I$8:$I$507,$P40))","v":""},{"$f":"IF($P40=\"\",\"\",INDEX(Registre!$J$8:$J$507,$P40))","v":""},{"$f":"IF($P40=\"\",\"\",INDEX(Registre!$K$8:$K$507,$P40)&\"\")","v":""},{"$f":"IF($P40=\"\",\"\",INDEX(Registre!$M$8:$M$507,$P40))","v":""},{"$f":"IF($P40=\"\",\"\",INDEX(Registre!$N$8:$N$507,$P40))","v":""},{"$f":"IF($P40=\"\",\"\",INDEX(Registre!$O$8:$O$507,$P40))","v":""},{"$f":"IF($P40=\"\",\"\",INDEX(Registre!$P$8:$P$507,$P40))","v":""},{"$f":"IF($P40=\"\",\"\",INDEX(Registre!$R$8:$R$507,$P40)&\"\")","v":""},{"$f":"IF($P40=\"\",\"\",INDEX(Registre!$W$8:$W$507,$P40)&\"\")","v":""},null,{"$f":"IFERROR(MATCH(16,Registre!$AR$8:$AR$507,0),\"\")","v":""}]
[null,{"$f":"IF($P41=\"\",\"\",INDEX(Registre!$C$8:$C$507,$P41))","v":""},{"$f":"IF($P41=\"\",\"\",INDEX(Registre!$G$8:$G$507,$P41)&\"\")","v":""},{"$f":"IF($P41=\"\",\"\",INDEX(Registre!$H$8:$H$507,$P41)&\"\")","v":""},{"$f":"IF($P41=\"\",\"\",INDEX(Registre!$F$8:$F$507,$P41)&\"\")","v":""},{"$f":"IF($P41=\"\",\"\",INDEX(Registre!$I$8:$I$507,$P41))","v":""},{"$f":"IF($P41=\"\",\"\",INDEX(Registre!$J$8:$J$507,$P41))","v":""},{"$f":"IF($P41=\"\",\"\",INDEX(Registre!$K$8:$K$507,$P41)&\"\")","v":""},{"$f":"IF($P41=\"\",\"\",INDEX(Registre!$M$8:$M$507,$P41))","v":""},{"$f":"IF($P41=\"\",\"\",INDEX(Registre!$N$8:$N$507,$P41))","v":""},{"$f":"IF($P41=\"\",\"\",INDEX(Registre!$O$8:$O$507,$P41))","v":""},{"$f":"IF($P41=\"\",\"\",INDEX(Registre!$P$8:$P$507,$P41))","v":""},{"$f":"IF($P41=\"\",\"\",INDEX(Registre!$R$8:$R$507,$P41)&\"\")","v":""},{"$f":"IF($P41=\"\",\"\",INDEX(Registre!$W$8:$W$507,$P41)&\"\")","v":""},null,{"$f":"IFERROR(MATCH(17,Registre!$AR$8:$AR$507,0),\"\")","v":""}]
[null,{"$f":"IF($P42=\"\",\"\",INDEX(Registre!$C$8:$C$507,$P42))","v":""},{"$f":"IF($P42=\"\",\"\",INDEX(Registre!$G$8:$G$507,$P42)&\"\")","v":""},{"$f":"IF($P42=\"\",\"\",INDEX(Registre!$H$8:$H$507,$P42)&\"\")","v":""},{"$f":"IF($P42=\"\",\"\",INDEX(Registre!$F$8:$F$507,$P42)&\"\")","v":""},{"$f":"IF($P42=\"\",\"\",INDEX(Registre!$I$8:$I$507,$P42))","v":""},{"$f":"IF($P42=\"\",\"\",INDEX(Registre!$J$8:$J$507,$P42))","v":""},{"$f":"IF($P42=\"\",\"\",INDEX(Registre!$K$8:$K$507,$P42)&\"\")","v":""},{"$f":"IF($P42=\"\",\"\",INDEX(Registre!$M$8:$M$507,$P42))","v":""},{"$f":"IF($P42=\"\",\"\",INDEX(Registre!$N$8:$N$507,$P42))","v":""},{"$f":"IF($P42=\"\",\"\",INDEX(Registre!$O$8:$O$507,$P42))","v":""},{"$f":"IF($P42=\"\",\"\",INDEX(Registre!$P$8:$P$507,$P42))","v":""},{"$f":"IF($P42=\"\",\"\",INDEX(Registre!$R$8:$R$507,$P42)&\"\")","v":""},{"$f":"IF($P42=\"\",\"\",INDEX(Registre!$W$8:$W$507,$P42)&\"\")","v":""},null,{"$f":"IFERROR(MATCH(18,Registre!$AR$8:$AR$507,0),\"\")","v":""}]
[null,{"$f":"IF($P43=\"\",\"\",INDEX(Registre!$C$8:$C$507,$P43))","v":""},{"$f":"IF($P43=\"\",\"\",INDEX(Registre!$G$8:$G$507,$P43)&\"\")","v":""},{"$f":"IF($P43=\"\",\"\",INDEX(Registre!$H$8:$H$507,$P43)&\"\")","v":""},{"$f":"IF($P43=\"\",\"\",INDEX(Registre!$F$8:$F$507,$P43)&\"\")","v":""},{"$f":"IF($P43=\"\",\"\",INDEX(Registre!$I$8:$I$507,$P43))","v":""},{"$f":"IF($P43=\"\",\"\",INDEX(Registre!$J$8:$J$507,$P43))","v":""},{"$f":"IF($P43=\"\",\"\",INDEX(Registre!$K$8:$K$507,$P43)&\"\")","v":""},{"$f":"IF($P43=\"\",\"\",INDEX(Registre!$M$8:$M$507,$P43))","v":""},{"$f":"IF($P43=\"\",\"\",INDEX(Registre!$N$8:$N$507,$P43))","v":""},{"$f":"IF($P43=\"\",\"\",INDEX(Registre!$O$8:$O$507,$P43))","v":""},{"$f":"IF($P43=\"\",\"\",INDEX(Registre!$P$8:$P$507,$P43))","v":""},{"$f":"IF($P43=\"\",\"\",INDEX(Registre!$R$8:$R$507,$P43)&\"\")","v":""},{"$f":"IF($P43=\"\",\"\",INDEX(Registre!$W$8:$W$507,$P43)&\"\")","v":""},null,{"$f":"IFERROR(MATCH(19,Registre!$AR$8:$AR$507,0),\"\")","v":""}]
[null,{"$f":"IF($P44=\"\",\"\",INDEX(Registre!$C$8:$C$507,$P44))","v":""},{"$f":"IF($P44=\"\",\"\",INDEX(Registre!$G$8:$G$507,$P44)&\"\")","v":""},{"$f":"IF($P44=\"\",\"\",INDEX(Registre!$H$8:$H$507,$P44)&\"\")","v":""},{"$f":"IF($P44=\"\",\"\",INDEX(Registre!$F$8:$F$507,$P44)&\"\")","v":""},{"$f":"IF($P44=\"\",\"\",INDEX(Registre!$I$8:$I$507,$P44))","v":""},{"$f":"IF($P44=\"\",\"\",INDEX(Registre!$J$8:$J$507,$P44))","v":""},{"$f":"IF($P44=\"\",\"\",INDEX(Registre!$K$8:$K$507,$P44)&\"\")","v":""},{"$f":"IF($P44=\"\",\"\",INDEX(Registre!$M$8:$M$507,$P44))","v":""},{"$f":"IF($P44=\"\",\"\",INDEX(Registre!$N$8:$N$507,$P44))","v":""},{"$f":"IF($P44=\"\",\"\",INDEX(Registre!$O$8:$O$507,$P44))","v":""},{"$f":"IF($P44=\"\",\"\",INDEX(Registre!$P$8:$P$507,$P44))","v":""},{"$f":"IF($P44=\"\",\"\",INDEX(Registre!$R$8:$R$507,$P44)&\"\")","v":""},{"$f":"IF($P44=\"\",\"\",INDEX(Registre!$W$8:$W$507,$P44)&\"\")","v":""},null,{"$f":"IFERROR(MATCH(20,Registre!$AR$8:$AR$507,0),\"\")","v":""}]
[null,{"$f":"IF($P45=\"\",\"\",INDEX(Registre!$C$8:$C$507,$P45))","v":""},{"$f":"IF($P45=\"\",\"\",INDEX(Registre!$G$8:$G$507,$P45)&\"\")","v":""},{"$f":"IF($P45=\"\",\"\",INDEX(Registre!$H$8:$H$507,$P45)&\"\")","v":""},{"$f":"IF($P45=\"\",\"\",INDEX(Registre!$F$8:$F$507,$P45)&\"\")","v":""},{"$f":"IF($P45=\"\",\"\",INDEX(Registre!$I$8:$I$507,$P45))","v":""},{"$f":"IF($P45=\"\",\"\",INDEX(Registre!$J$8:$J$507,$P45))","v":""},{"$f":"IF($P45=\"\",\"\",INDEX(Registre!$K$8:$K$507,$P45)&\"\")","v":""},{"$f":"IF($P45=\"\",\"\",INDEX(Registre!$M$8:$M$507,$P45))","v":""},{"$f":"IF($P45=\"\",\"\",INDEX(Registre!$N$8:$N$507,$P45))","v":""},{"$f":"IF($P45=\"\",\"\",INDEX(Registre!$O$8:$O$507,$P45))","v":""},{"$f":"IF($P45=\"\",\"\",INDEX(Registre!$P$8:$P$507,$P45))","v":""},{"$f":"IF($P45=\"\",\"\",INDEX(Registre!$R$8:$R$507,$P45)&\"\")","v":""},{"$f":"IF($P45=\"\",\"\",INDEX(Registre!$W$8:$W$507,$P45)&\"\")","v":""},null,{"$f":"IFERROR(MATCH(21,Registre!$AR$8:$AR$507,0),\"\")","v":""}]
[null,{"$f":"IF($P46=\"\",\"\",INDEX(Registre!$C$8:$C$507,$P46))","v":""},{"$f":"IF($P46=\"\",\"\",INDEX(Registre!$G$8:$G$507,$P46)&\"\")","v":""},{"$f":"IF($P46=\"\",\"\",INDEX(Registre!$H$8:$H$507,$P46)&\"\")","v":""},{"$f":"IF($P46=\"\",\"\",INDEX(Registre!$F$8:$F$507,$P46)&\"\")","v":""},{"$f":"IF($P46=\"\",\"\",INDEX(Registre!$I$8:$I$507,$P46))","v":""},{"$f":"IF($P46=\"\",\"\",INDEX(Registre!$J$8:$J$507,$P46))","v":""},{"$f":"IF($P46=\"\",\"\",INDEX(Registre!$K$8:$K$507,$P46)&\"\")","v":""},{"$f":"IF($P46=\"\",\"\",INDEX(Registre!$M$8:$M$507,$P46))","v":""},{"$f":"IF($P46=\"\",\"\",INDEX(Registre!$N$8:$N$507,$P46))","v":""},{"$f":"IF($P46=\"\",\"\",INDEX(Registre!$O$8:$O$507,$P46))","v":""},{"$f":"IF($P46=\"\",\"\",INDEX(Registre!$P$8:$P$507,$P46))","v":""},{"$f":"IF($P46=\"\",\"\",INDEX(Registre!$R$8:$R$507,$P46)&\"\")","v":""},{"$f":"IF($P46=\"\",\"\",INDEX(Registre!$W$8:$W$507,$P46)&\"\")","v":""},null,{"$f":"IFERROR(MATCH(22,Registre!$AR$8:$AR$507,0),\"\")","v":""}]
[null,{"$f":"IF($P47=\"\",\"\",INDEX(Registre!$C$8:$C$507,$P47))","v":""},{"$f":"IF($P47=\"\",\"\",INDEX(Registre!$G$8:$G$507,$P47)&\"\")","v":""},{"$f":"IF($P47=\"\",\"\",INDEX(Registre!$H$8:$H$507,$P47)&\"\")","v":""},{"$f":"IF($P47=\"\",\"\",INDEX(Registre!$F$8:$F$507,$P47)&\"\")","v":""},{"$f":"IF($P47=\"\",\"\",INDEX(Registre!$I$8:$I$507,$P47))","v":""},{"$f":"IF($P47=\"\",\"\",INDEX(Registre!$J$8:$J$507,$P47))","v":""},{"$f":"IF($P47=\"\",\"\",INDEX(Registre!$K$8:$K$507,$P47)&\"\")","v":""},{"$f":"IF($P47=\"\",\"\",INDEX(Registre!$M$8:$M$507,$P47))","v":""},{"$f":"IF($P47=\"\",\"\",INDEX(Registre!$N$8:$N$507,$P47))","v":""},{"$f":"IF($P47=\"\",\"\",INDEX(Registre!$O$8:$O$507,$P47))","v":""},{"$f":"IF($P47=\"\",\"\",INDEX(Registre!$P$8:$P$507,$P47))","v":""},{"$f":"IF($P47=\"\",\"\",INDEX(Registre!$R$8:$R$507,$P47)&\"\")","v":""},{"$f":"IF($P47=\"\",\"\",INDEX(Registre!$W$8:$W$507,$P47)&\"\")","v":""},null,{"$f":"IFERROR(MATCH(23,Registre!$AR$8:$AR$507,0),\"\")","v":""}]
[null,{"$f":"IF($P48=\"\",\"\",INDEX(Registre!$C$8:$C$507,$P48))","v":""},{"$f":"IF($P48=\"\",\"\",INDEX(Registre!$G$8:$G$507,$P48)&\"\")","v":""},{"$f":"IF($P48=\"\",\"\",INDEX(Registre!$H$8:$H$507,$P48)&\"\")","v":""},{"$f":"IF($P48=\"\",\"\",INDEX(Registre!$F$8:$F$507,$P48)&\"\")","v":""},{"$f":"IF($P48=\"\",\"\",INDEX(Registre!$I$8:$I$507,$P48))","v":""},{"$f":"IF($P48=\"\",\"\",INDEX(Registre!$J$8:$J$507,$P48))","v":""},{"$f":"IF($P48=\"\",\"\",INDEX(Registre!$K$8:$K$507,$P48)&\"\")","v":""},{"$f":"IF($P48=\"\",\"\",INDEX(Registre!$M$8:$M$507,$P48))","v":""},{"$f":"IF($P48=\"\",\"\",INDEX(Registre!$N$8:$N$507,$P48))","v":""},{"$f":"IF($P48=\"\",\"\",INDEX(Registre!$O$8:$O$507,$P48))","v":""},{"$f":"IF($P48=\"\",\"\",INDEX(Registre!$P$8:$P$507,$P48))","v":""},{"$f":"IF($P48=\"\",\"\",INDEX(Registre!$R$8:$R$507,$P48)&\"\")","v":""},{"$f":"IF($P48=\"\",\"\",INDEX(Registre!$W$8:$W$507,$P48)&\"\")","v":""},null,{"$f":"IFERROR(MATCH(24,Registre!$AR$8:$AR$507,0),\"\")","v":""}]
[null,{"$f":"IF($P49=\"\",\"\",INDEX(Registre!$C$8:$C$507,$P49))","v":""},{"$f":"IF($P49=\"\",\"\",INDEX(Registre!$G$8:$G$507,$P49)&\"\")","v":""},{"$f":"IF($P49=\"\",\"\",INDEX(Registre!$H$8:$H$507,$P49)&\"\")","v":""},{"$f":"IF($P49=\"\",\"\",INDEX(Registre!$F$8:$F$507,$P49)&\"\")","v":""},{"$f":"IF($P49=\"\",\"\",INDEX(Registre!$I$8:$I$507,$P49))","v":""},{"$f":"IF($P49=\"\",\"\",INDEX(Registre!$J$8:$J$507,$P49))","v":""},{"$f":"IF($P49=\"\",\"\",INDEX(Registre!$K$8:$K$507,$P49)&\"\")","v":""},{"$f":"IF($P49=\"\",\"\",INDEX(Registre!$M$8:$M$507,$P49))","v":""},{"$f":"IF($P49=\"\",\"\",INDEX(Registre!$N$8:$N$507,$P49))","v":""},{"$f":"IF($P49=\"\",\"\",INDEX(Registre!$O$8:$O$507,$P49))","v":""},{"$f":"IF($P49=\"\",\"\",INDEX(Registre!$P$8:$P$507,$P49))","v":""},{"$f":"IF($P49=\"\",\"\",INDEX(Registre!$R$8:$R$507,$P49)&\"\")","v":""},{"$f":"IF($P49=\"\",\"\",INDEX(Registre!$W$8:$W$507,$P49)&\"\")","v":""},null,{"$f":"IFERROR(MATCH(25,Registre!$AR$8:$AR$507,0),\"\")","v":""}]
[null,{"$f":"IF($P50=\"\",\"\",INDEX(Registre!$C$8:$C$507,$P50))","v":""},{"$f":"IF($P50=\"\",\"\",INDEX(Registre!$G$8:$G$507,$P50)&\"\")","v":""},{"$f":"IF($P50=\"\",\"\",INDEX(Registre!$H$8:$H$507,$P50)&\"\")","v":""},{"$f":"IF($P50=\"\",\"\",INDEX(Registre!$F$8:$F$507,$P50)&\"\")","v":""},{"$f":"IF($P50=\"\",\"\",INDEX(Registre!$I$8:$I$507,$P50))","v":""},{"$f":"IF($P50=\"\",\"\",INDEX(Registre!$J$8:$J$507,$P50))","v":""},{"$f":"IF($P50=\"\",\"\",INDEX(Registre!$K$8:$K$507,$P50)&\"\")","v":""},{"$f":"IF($P50=\"\",\"\",INDEX(Registre!$M$8:$M$507,$P50))","v":""},{"$f":"IF($P50=\"\",\"\",INDEX(Registre!$N$8:$N$507,$P50))","v":""},{"$f":"IF($P50=\"\",\"\",INDEX(Registre!$O$8:$O$507,$P50))","v":""},{"$f":"IF($P50=\"\",\"\",INDEX(Registre!$P$8:$P$507,$P50))","v":""},{"$f":"IF($P50=\"\",\"\",INDEX(Registre!$R$8:$R$507,$P50)&\"\")","v":""},{"$f":"IF($P50=\"\",\"\",INDEX(Registre!$W$8:$W$507,$P50)&\"\")","v":""},null,{"$f":"IFERROR(MATCH(26,Registre!$AR$8:$AR$507,0),\"\")","v":""}]
[null,{"$f":"IF($P51=\"\",\"\",INDEX(Registre!$C$8:$C$507,$P51))","v":""},{"$f":"IF($P51=\"\",\"\",INDEX(Registre!$G$8:$G$507,$P51)&\"\")","v":""},{"$f":"IF($P51=\"\",\"\",INDEX(Registre!$H$8:$H$507,$P51)&\"\")","v":""},{"$f":"IF($P51=\"\",\"\",INDEX(Registre!$F$8:$F$507,$P51)&\"\")","v":""},{"$f":"IF($P51=\"\",\"\",INDEX(Registre!$I$8:$I$507,$P51))","v":""},{"$f":"IF($P51=\"\",\"\",INDEX(Registre!$J$8:$J$507,$P51))","v":""},{"$f":"IF($P51=\"\",\"\",INDEX(Registre!$K$8:$K$507,$P51)&\"\")","v":""},{"$f":"IF($P51=\"\",\"\",INDEX(Registre!$M$8:$M$507,$P51))","v":""},{"$f":"IF($P51=\"\",\"\",INDEX(Registre!$N$8:$N$507,$P51))","v":""},{"$f":"IF($P51=\"\",\"\",INDEX(Registre!$O$8:$O$507,$P51))","v":""},{"$f":"IF($P51=\"\",\"\",INDEX(Registre!$P$8:$P$507,$P51))","v":""},{"$f":"IF($P51=\"\",\"\",INDEX(Registre!$R$8:$R$507,$P51)&\"\")","v":""},{"$f":"IF($P51=\"\",\"\",INDEX(Registre!$W$8:$W$507,$P51)&\"\")","v":""},null,{"$f":"IFERROR(MATCH(27,Registre!$AR$8:$AR$507,0),\"\")","v":""}]
[null,{"$f":"IF($P52=\"\",\"\",INDEX(Registre!$C$8:$C$507,$P52))","v":""},{"$f":"IF($P52=\"\",\"\",INDEX(Registre!$G$8:$G$507,$P52)&\"\")","v":""},{"$f":"IF($P52=\"\",\"\",INDEX(Registre!$H$8:$H$507,$P52)&\"\")","v":""},{"$f":"IF($P52=\"\",\"\",INDEX(Registre!$F$8:$F$507,$P52)&\"\")","v":""},{"$f":"IF($P52=\"\",\"\",INDEX(Registre!$I$8:$I$507,$P52))","v":""},{"$f":"IF($P52=\"\",\"\",INDEX(Registre!$J$8:$J$507,$P52))","v":""},{"$f":"IF($P52=\"\",\"\",INDEX(Registre!$K$8:$K$507,$P52)&\"\")","v":""},{"$f":"IF($P52=\"\",\"\",INDEX(Registre!$M$8:$M$507,$P52))","v":""},{"$f":"IF($P52=\"\",\"\",INDEX(Registre!$N$8:$N$507,$P52))","v":""},{"$f":"IF($P52=\"\",\"\",INDEX(Registre!$O$8:$O$507,$P52))","v":""},{"$f":"IF($P52=\"\",\"\",INDEX(Registre!$P$8:$P$507,$P52))","v":""},{"$f":"IF($P52=\"\",\"\",INDEX(Registre!$R$8:$R$507,$P52)&\"\")","v":""},{"$f":"IF($P52=\"\",\"\",INDEX(Registre!$W$8:$W$507,$P52)&\"\")","v":""},null,{"$f":"IFERROR(MATCH(28,Registre!$AR$8:$AR$507,0),\"\")","v":""}]
[null,{"$f":"IF($P53=\"\",\"\",INDEX(Registre!$C$8:$C$507,$P53))","v":""},{"$f":"IF($P53=\"\",\"\",INDEX(Registre!$G$8:$G$507,$P53)&\"\")","v":""},{"$f":"IF($P53=\"\",\"\",INDEX(Registre!$H$8:$H$507,$P53)&\"\")","v":""},{"$f":"IF($P53=\"\",\"\",INDEX(Registre!$F$8:$F$507,$P53)&\"\")","v":""},{"$f":"IF($P53=\"\",\"\",INDEX(Registre!$I$8:$I$507,$P53))","v":""},{"$f":"IF($P53=\"\",\"\",INDEX(Registre!$J$8:$J$507,$P53))","v":""},{"$f":"IF($P53=\"\",\"\",INDEX(Registre!$K$8:$K$507,$P53)&\"\")","v":""},{"$f":"IF($P53=\"\",\"\",INDEX(Registre!$M$8:$M$507,$P53))","v":""},{"$f":"IF($P53=\"\",\"\",INDEX(Registre!$N$8:$N$507,$P53))","v":""},{"$f":"IF($P53=\"\",\"\",INDEX(Registre!$O$8:$O$507,$P53))","v":""},{"$f":"IF($P53=\"\",\"\",INDEX(Registre!$P$8:$P$507,$P53))","v":""},{"$f":"IF($P53=\"\",\"\",INDEX(Registre!$R$8:$R$507,$P53)&\"\")","v":""},{"$f":"IF($P53=\"\",\"\",INDEX(Registre!$W$8:$W$507,$P53)&\"\")","v":""},null,{"$f":"IFERROR(MATCH(29,Registre!$AR$8:$AR$507,0),\"\")","v":""}]
[null,{"$f":"IF($P54=\"\",\"\",INDEX(Registre!$C$8:$C$507,$P54))","v":""},{"$f":"IF($P54=\"\",\"\",INDEX(Registre!$G$8:$G$507,$P54)&\"\")","v":""},{"$f":"IF($P54=\"\",\"\",INDEX(Registre!$H$8:$H$507,$P54)&\"\")","v":""},{"$f":"IF($P54=\"\",\"\",INDEX(Registre!$F$8:$F$507,$P54)&\"\")","v":""},{"$f":"IF($P54=\"\",\"\",INDEX(Registre!$I$8:$I$507,$P54))","v":""},{"$f":"IF($P54=\"\",\"\",INDEX(Registre!$J$8:$J$507,$P54))","v":""},{"$f":"IF($P54=\"\",\"\",INDEX(Registre!$K$8:$K$507,$P54)&\"\")","v":""},{"$f":"IF($P54=\"\",\"\",INDEX(Registre!$M$8:$M$507,$P54))","v":""},{"$f":"IF($P54=\"\",\"\",INDEX(Registre!$N$8:$N$507,$P54))","v":""},{"$f":"IF($P54=\"\",\"\",INDEX(Registre!$O$8:$O$507,$P54))","v":""},{"$f":"IF($P54=\"\",\"\",INDEX(Registre!$P$8:$P$507,$P54))","v":""},{"$f":"IF($P54=\"\",\"\",INDEX(Registre!$R$8:$R$507,$P54)&\"\")","v":""},{"$f":"IF($P54=\"\",\"\",INDEX(Registre!$W$8:$W$507,$P54)&\"\")","v":""},null,{"$f":"IFERROR(MATCH(30,Registre!$AR$8:$AR$507,0),\"\")","v":""}]
[null,{"$f":"IF($P55=\"\",\"\",INDEX(Registre!$C$8:$C$507,$P55))","v":""},{"$f":"IF($P55=\"\",\"\",INDEX(Registre!$G$8:$G$507,$P55)&\"\")","v":""},{"$f":"IF($P55=\"\",\"\",INDEX(Registre!$H$8:$H$507,$P55)&\"\")","v":""},{"$f":"IF($P55=\"\",\"\",INDEX(Registre!$F$8:$F$507,$P55)&\"\")","v":""},{"$f":"IF($P55=\"\",\"\",INDEX(Registre!$I$8:$I$507,$P55))","v":""},{"$f":"IF($P55=\"\",\"\",INDEX(Registre!$J$8:$J$507,$P55))","v":""},{"$f":"IF($P55=\"\",\"\",INDEX(Registre!$K$8:$K$507,$P55)&\"\")","v":""},{"$f":"IF($P55=\"\",\"\",INDEX(Registre!$M$8:$M$507,$P55))","v":""},{"$f":"IF($P55=\"\",\"\",INDEX(Registre!$N$8:$N$507,$P55))","v":""},{"$f":"IF($P55=\"\",\"\",INDEX(Registre!$O$8:$O$507,$P55))","v":""},{"$f":"IF($P55=\"\",\"\",INDEX(Registre!$P$8:$P$507,$P55))","v":""},{"$f":"IF($P55=\"\",\"\",INDEX(Registre!$R$8:$R$507,$P55)&\"\")","v":""},{"$f":"IF($P55=\"\",\"\",INDEX(Registre!$W$8:$W$507,$P55)&\"\")","v":""},null,{"$f":"IFERROR(MATCH(31,Registre!$AR$8:$AR$507,0),\"\")","v":""}]
[null,{"$f":"IF($P56=\"\",\"\",INDEX(Registre!$C$8:$C$507,$P56))","v":""},{"$f":"IF($P56=\"\",\"\",INDEX(Registre!$G$8:$G$507,$P56)&\"\")","v":""},{"$f":"IF($P56=\"\",\"\",INDEX(Registre!$H$8:$H$507,$P56)&\"\")","v":""},{"$f":"IF($P56=\"\",\"\",INDEX(Registre!$F$8:$F$507,$P56)&\"\")","v":""},{"$f":"IF($P56=\"\",\"\",INDEX(Registre!$I$8:$I$507,$P56))","v":""},{"$f":"IF($P56=\"\",\"\",INDEX(Registre!$J$8:$J$507,$P56))","v":""},{"$f":"IF($P56=\"\",\"\",INDEX(Registre!$K$8:$K$507,$P56)&\"\")","v":""},{"$f":"IF($P56=\"\",\"\",INDEX(Registre!$M$8:$M$507,$P56))","v":""},{"$f":"IF($P56=\"\",\"\",INDEX(Registre!$N$8:$N$507,$P56))","v":""},{"$f":"IF($P56=\"\",\"\",INDEX(Registre!$O$8:$O$507,$P56))","v":""},{"$f":"IF($P56=\"\",\"\",INDEX(Registre!$P$8:$P$507,$P56))","v":""},{"$f":"IF($P56=\"\",\"\",INDEX(Registre!$R$8:$R$507,$P56)&\"\")","v":""},{"$f":"IF($P56=\"\",\"\",INDEX(Registre!$W$8:$W$507,$P56)&\"\")","v":""},null,{"$f":"IFERROR(MATCH(32,Registre!$AR$8:$AR$507,0),\"\")","v":""}]
[null,{"$f":"IF($P57=\"\",\"\",INDEX(Registre!$C$8:$C$507,$P57))","v":""},{"$f":"IF($P57=\"\",\"\",INDEX(Registre!$G$8:$G$507,$P57)&\"\")","v":""},{"$f":"IF($P57=\"\",\"\",INDEX(Registre!$H$8:$H$507,$P57)&\"\")","v":""},{"$f":"IF($P57=\"\",\"\",INDEX(Registre!$F$8:$F$507,$P57)&\"\")","v":""},{"$f":"IF($P57=\"\",\"\",INDEX(Registre!$I$8:$I$507,$P57))","v":""},{"$f":"IF($P57=\"\",\"\",INDEX(Registre!$J$8:$J$507,$P57))","v":""},{"$f":"IF($P57=\"\",\"\",INDEX(Registre!$K$8:$K$507,$P57)&\"\")","v":""},{"$f":"IF($P57=\"\",\"\",INDEX(Registre!$M$8:$M$507,$P57))","v":""},{"$f":"IF($P57=\"\",\"\",INDEX(Registre!$N$8:$N$507,$P57))","v":""},{"$f":"IF($P57=\"\",\"\",INDEX(Registre!$O$8:$O$507,$P57))","v":""},{"$f":"IF($P57=\"\",\"\",INDEX(Registre!$P$8:$P$507,$P57))","v":""},{"$f":"IF($P57=\"\",\"\",INDEX(Registre!$R$8:$R$507,$P57)&\"\")","v":""},{"$f":"IF($P57=\"\",\"\",INDEX(Registre!$W$8:$W$507,$P57)&\"\")","v":""},null,{"$f":"IFERROR(MATCH(33,Registre!$AR$8:$AR$507,0),\"\")","v":""}]
[null,{"$f":"IF($P58=\"\",\"\",INDEX(Registre!$C$8:$C$507,$P58))","v":""},{"$f":"IF($P58=\"\",\"\",INDEX(Registre!$G$8:$G$507,$P58)&\"\")","v":""},{"$f":"IF($P58=\"\",\"\",INDEX(Registre!$H$8:$H$507,$P58)&\"\")","v":""},{"$f":"IF($P58=\"\",\"\",INDEX(Registre!$F$8:$F$507,$P58)&\"\")","v":""},{"$f":"IF($P58=\"\",\"\",INDEX(Registre!$I$8:$I$507,$P58))","v":""},{"$f":"IF($P58=\"\",\"\",INDEX(Registre!$J$8:$J$507,$P58))","v":""},{"$f":"IF($P58=\"\",\"\",INDEX(Registre!$K$8:$K$507,$P58)&\"\")","v":""},{"$f":"IF($P58=\"\",\"\",INDEX(Registre!$M$8:$M$507,$P58))","v":""},{"$f":"IF($P58=\"\",\"\",INDEX(Registre!$N$8:$N$507,$P58))","v":""},{"$f":"IF($P58=\"\",\"\",INDEX(Registre!$O$8:$O$507,$P58))","v":""},{"$f":"IF($P58=\"\",\"\",INDEX(Registre!$P$8:$P$507,$P58))","v":""},{"$f":"IF($P58=\"\",\"\",INDEX(Registre!$R$8:$R$507,$P58)&\"\")","v":""},{"$f":"IF($P58=\"\",\"\",INDEX(Registre!$W$8:$W$507,$P58)&\"\")","v":""},null,{"$f":"IFERROR(MATCH(34,Registre!$AR$8:$AR$507,0),\"\")","v":""}]
[null,{"$f":"IF($P59=\"\",\"\",INDEX(Registre!$C$8:$C$507,$P59))","v":""},{"$f":"IF($P59=\"\",\"\",INDEX(Registre!$G$8:$G$507,$P59)&\"\")","v":""},{"$f":"IF($P59=\"\",\"\",INDEX(Registre!$H$8:$H$507,$P59)&\"\")","v":""},{"$f":"IF($P59=\"\",\"\",INDEX(Registre!$F$8:$F$507,$P59)&\"\")","v":""},{"$f":"IF($P59=\"\",\"\",INDEX(Registre!$I$8:$I$507,$P59))","v":""},{"$f":"IF($P59=\"\",\"\",INDEX(Registre!$J$8:$J$507,$P59))","v":""},{"$f":"IF($P59=\"\",\"\",INDEX(Registre!$K$8:$K$507,$P59)&\"\")","v":""},{"$f":"IF($P59=\"\",\"\",INDEX(Registre!$M$8:$M$507,$P59))","v":""},{"$f":"IF($P59=\"\",\"\",INDEX(Registre!$N$8:$N$507,$P59))","v":""},{"$f":"IF($P59=\"\",\"\",INDEX(Registre!$O$8:$O$507,$P59))","v":""},{"$f":"IF($P59=\"\",\"\",INDEX(Registre!$P$8:$P$507,$P59))","v":""},{"$f":"IF($P59=\"\",\"\",INDEX(Registre!$R$8:$R$507,$P59)&\"\")","v":""},{"$f":"IF($P59=\"\",\"\",INDEX(Registre!$W$8:$W$507,$P59)&\"\")","v":""},null,{"$f":"IFERROR(MATCH(35,Registre!$AR$8:$AR$507,0),\"\")","v":""}]
[null,{"$f":"IF($P$7=\"\",\"\",IF(INDEX(Îlots!$X$8:$X$57,$P$7)>35,\"Seuls les 35 premiers apports sont affichés.\",\"\"))","v":""}]

{"sheet":"Configuration","index":6,"n_rows":50,"n_cols":29,"rows_kept":50,"merged":[[3,7,3,8],[3,9,3,11],[6,2,6,5],[6,7,6,9],[6,10,6,11],[7,2,7,5],[7,7,7,9],[7,10,7,11],[8,2,8,5],[8,7,8,9],[8,10,8,11],[9,2,9,5],[9,7,9,9],[9,10,9,11],[10,2,10,5],[10,7,10,9],[10,10,10,11],[11,2,11,5],[11,7,11,9],[11,10,11,11],[12,2,12,5],[12,7,12,9],[12,10,12,11],[13,2,13,5],[13,7,13,9],[13,10,13,11],[14,2,14,5],[14,7,14,9],[14,10,14,11],[15,7,15,9],[15,10,15,11],[16,7,16,9],[16,10,16,11],[17,7,17,9],[17,10,17,11],[20,1,20,11],[21,1,22,1],[21,2,21,3],[21,4,21,5],[21,6,21,7],[21,8,21,9],[21,10,21,11],[32,1,33,1],[32,2,32,3],[32,4,32,5],[32,6,32,7],[32,8,32,9],[32,10,32,11],[43,2,43,11],[44,2,44,11],[45,2,45,11],[46,2,46,11],[47,2,47,11],[48,2,48,11],[49,2,49,11]]}
[null,"CONFIGURATION",{"$nulls":9},{"$f":"RaisonSociale","v":"SCEA du Val de Mérienne"}]
[null,"Exploitation, paramètres de campagne, calendrier d'interdiction et listes de référence",{"$nulls":9},{"$f":"\"Campagne \"&(AnneeRecolte-1)&\"-\"&AnneeRecolte&\"  ·  récolte \"&AnneeRecolte","v":"Campagne 2026-2027  ·  récolte 2027"}]
[]
[null,"Paramètres de l'exploitation et référentiels utilisés par les calculs et les contrôles.",{"$nulls":5},"Saisie",null,"Calcul automatique"]
[]
[null,"EXPLOITATION",{"$nulls":5},"PARAMÈTRES DE LA CAMPAGNE",{"$nulls":5},"CULTURES ET CATÉGORIES DE CALENDRIER",{"$nulls":3},"LISTES DÉROULANTES"]
[null,"Raison sociale","SCEA du Val de Mérienne",{"$nulls":4},"Année de récolte",null,null,2027,null,null,"Culture","Catégorie de calendrier","Unité de rendement",null,"Types de fertilisant *","Unités","Catégories de fertilisant *","États du sol *","Apport réalisé sur *","Matériel / mode d'apport","Réalisé par","Couverts d'interculture","Faire-valoir","Nature de l'échange *","Origine de la teneur","Régime des effluents"]
[null,"Responsable de l'exploitation","Hélène Garnier",{"$nulls":4},"Début de la campagne culturale",null,null,{"$f":"DATE(K7-1,9,1)","v":"2026-09-01"},null,null,"Blé tendre d'hiver","Culture d'automne (hors colza)","q/ha",null,"Type 0","t","Effluent d'élevage","Ressuyé","Culture en place","Épandeur à hérissons verticaux","Exploitant","CINE (non exporté)","Propriété","Réception (import)","Analyse","Pas d'élevage"]
[null,"Activité d'élevage","Bovins lait – 95 vaches laitières",{"$nulls":4},"Fin de la campagne culturale",null,null,{"$f":"DATE(K7,8,31)","v":"2027-08-31"},null,null,"Orge d'hiver","Culture d'automne (hors colza)","q/ha",null,"Type Ia","m³","Produit organique (hors élevage)","Humide","Couvert d'interculture","Épandeur à table","Salarié de l'exploitation","CIE (dérobée exportée)","Fermage","Cession (export)","Référence régionale","Règlement sanitaire départemental"]
[null,"N° PACAGE","000 987 654",{"$nulls":4},"SAU totale (ha)",null,null,112.45,null,null,"Triticale","Culture d'automne (hors colza)","q/ha",null,"Type Ib","kg","Engrais minéral","Gelé","Sol nu avant semis","Tonne – buse palette","Entreprise de travaux (ETA)","Repousses de colza","Autre","Épandage sur terres mises à disposition","Étiquette fabricant","ICPE – Déclaration"]
[null,"N° SIRET","999 000 111 00022",{"$nulls":4},"Surface des îlots saisis (ha)",null,null,{"$f":"SUM(Îlots!$E$8:$E$57)","v":112.45},null,null,"Seigle","Culture d'automne (hors colza)","q/ha",null,"Type II","L",null,"Enneigé",null,"Tonne – rampe à pendillards","CUMA","Repousses de céréales",{"$nulls":3},"ICPE – Enregistrement"]
[null,"Adresse","Ferme de la Croix Blanche – 12 route des Noues",{"$nulls":4},"Contrôle SAU / îlots",null,null,{"$f":"IF(K10=\"\",\"SAU à renseigner\",IF(ABS(K10-K11)<0.01,\"Cohérent\",\"Écart de \"&ROUND(ABS(K10-K11),2)&\" ha\"))","v":"Cohérent"},null,null,"Colza d'hiver","Colza d'automne","q/ha",null,"Type III",null,null,"Détrempé",null,"Tonne – enfouisseur",null,"Cannes de maïs broyées",{"$nulls":3},"ICPE – Autorisation"]
[null,"Code postal – Commune","00000 Val-de-Mérienne",{"$nulls":4},"Exploitation en zone vulnérable",null,null,"Oui",null,null,"Orge de printemps","Culture de printemps","q/ha",{"$nulls":4},"Inondé",null,"Distributeur centrifuge",null,"Aucun (interculture courte)"]
[null,"Téléphone","06 00 00 00 00",{"$nulls":4},"Régime des effluents d'élevage",null,null,"ICPE – Enregistrement",null,null,"Maïs grain","Culture de printemps","q/ha",{"$nulls":6},"Pulvérisateur à rampe",null,"Sans objet (prairie, pérenne)"]
[null,"Courriel","contact@exemple.fr",{"$nulls":4},"Plafond d'azote des effluents d'élevage (kg N/ha SAU)",null,null,170,null,null,"Maïs ensilage","Culture de printemps","t MS/ha",{"$nulls":6},"Semoir (localisé au semis)"]
[{"$nulls":7},"Tolérance d'écart au PPF (kg N efficace/ha)",null,null,5,null,null,"Tournesol","Culture de printemps","q/ha",{"$nulls":6},"Autre"]
[{"$nulls":7},"Délai de saisie visé après chantier (jours)",null,null,30,null,null,"Betterave sucrière","Culture de printemps","t/ha"]
[{"$nulls":7},"Programme d'actions régional appliqué",null,null,"À préciser",null,null,"Pomme de terre","Culture de printemps","t/ha"]
[{"$nulls":13},"Lin fibre","Culture de printemps","t/ha"]
[null,"CALENDRIER D'INTERDICTION D'ÉPANDAGE – PÉRIODE PRINCIPALE",{"$nulls":11},"Pois protéagineux","Culture de printemps","q/ha"]
[null,"Valeurs indicatives inspirées des périodes minimales nationales (îlots en zone vulnérable). Adaptez-les à l'arrêté du programme d'actions régional, qui peut les allonger. Laissez vides les deux dates d'une période inexistante ; seuls le jour et le mois sont pris en compte.",{"$nulls":11},"Prairie permanente","Prairie > 6 mois et luzerne","t MS/ha"]
[null,"Occupation du sol pendant ou après l'épandage","Type 0",null,"Type Ia",null,"Type Ib",null,"Type II",null,"Type III",null,null,"Prairie temporaire","Prairie > 6 mois et luzerne","t MS/ha"]
[null,null,"du","au","du","au","du","au","du","au","du","au",null,"Luzerne","Prairie > 6 mois et luzerne","t MS/ha"]
[null,"Culture d'automne (hors colza)","2027-12-15","2027-01-15","2027-11-15","2027-01-15","2027-11-15","2027-01-15","2027-10-01","2027-01-31","2027-09-01","2027-01-31",null,"Vigne","Vigne, verger, maraîchage","hl/ha"]
[null,"Colza d'automne","2027-12-15","2027-01-15","2027-11-15","2027-01-15","2027-11-15","2027-01-15","2027-10-15","2027-01-31","2027-09-01","2027-01-31",null,"Verger","Vigne, verger, maraîchage","t/ha"]
[null,"Culture de printemps","2027-12-15","2027-01-15","2027-11-15","2027-01-15","2027-07-01","2027-08-31","2027-07-01","2027-01-15","2027-07-01","2027-02-15",null,"Légumes de plein champ","Vigne, verger, maraîchage","t/ha"]
[null,"Prairie > 6 mois et luzerne",null,null,"2027-12-15","2027-01-15","2027-12-15","2027-01-15","2027-11-15","2027-01-15","2027-10-01","2027-01-31",null,"Sol non cultivé","Sol non cultivé","–"]
[null,"Couvert d'interculture (CINE, CIE)","2027-12-15","2027-01-15","2027-11-15","2027-01-15","2027-11-15","2027-01-15","2027-10-15","2027-01-31","2027-01-01","2027-12-31"]
[null,"Vigne, verger, maraîchage","2027-12-15","2027-01-15","2027-12-15","2027-01-15","2027-12-15","2027-01-15","2027-11-01","2027-01-15","2027-12-15","2027-01-15",{"$nulls":5},"* Valeurs utilisées par les contrôles automatiques : complétez les listes en bas, sans renommer les valeurs existantes."]
[null,"Sol non cultivé","2027-01-01","2027-12-31","2027-01-01","2027-12-31","2027-01-01","2027-12-31","2027-01-01","2027-12-31","2027-01-01","2027-12-31"]
[]
[null,"CALENDRIER D'INTERDICTION – SECONDE PÉRIODE ÉVENTUELLE"]
[null,"Occupation du sol pendant ou après l'épandage","Type 0",null,"Type Ia",null,"Type Ib",null,"Type II",null,"Type III"]
[null,null,"du","au","du","au","du","au","du","au","du","au"]
[null,{"$f":"B24","v":"Culture d'automne (hors colza)"}]
[null,"Colza d'automne"]
[null,"Culture de printemps",{"$nulls":4},"2027-11-15","2027-01-15"]
[null,"Prairie > 6 mois et luzerne"]
[null,"Couvert d'interculture (CINE, CIE)"]
[null,"Vigne, verger, maraîchage"]
[null,"Sol non cultivé"]
[]
[null,"REMARQUES PAR OCCUPATION DU SOL"]
[null,{"$f":"B24","v":"Culture d'automne (hors colza)"},"Type II : modalités particulières possibles (digestats, effluents peu chargés) selon le programme régional. Type III : apport localisé au semis toléré dans une limite réduite."]
[null,"Colza d'automne","Type III : un apport d'automne limité peut être admis sous conditions agronomiques."]
[null,"Culture de printemps","Type Ib : deux périodes (été sur sol nu, puis hiver). Type III : report possible en culture irriguée."]
[null,"Prairie > 6 mois et luzerne","Type 0 : pas de période d'interdiction. Prairies permanentes : apports d'automne plafonnés."]
[null,"Couvert d'interculture (CINE, CIE)","Apports sur couverts plafonnés à l'automne. Type III interdit sur CINE, admis au semis d'une CIE."]
[null,"Vigne, verger, maraîchage","Périodes à confirmer selon la culture pérenne et le programme régional."]
[null,"Sol non cultivé","Épandage interdit toute l'année, quel que soit le fertilisant."]

{"sheet":"Mode d'emploi","index":7,"n_rows":59,"n_cols":4,"rows_kept":59,"merged":[[7,1,7,3],[18,1,18,2],[19,1,19,2],[20,1,20,2],[21,1,21,2],[22,1,22,2],[23,1,23,2],[24,1,24,2],[27,1,27,2],[28,1,28,2],[29,1,29,2],[30,1,30,2],[31,1,31,2],[32,1,32,2],[33,1,33,2],[34,1,34,3],[37,2,37,3],[38,2,38,3],[39,2,39,3],[40,2,40,3],[41,2,41,3],[42,2,42,3],[43,2,43,3],[46,1,46,2],[47,1,47,2],[48,1,48,2],[49,1,49,2],[50,1,50,2],[51,1,51,3],[54,2,54,3],[55,2,55,3],[56,2,56,3],[57,2,57,3],[58,2,58,3]]}
[null,"MODE D'EMPLOI"]
[null,"Prise en main, codes couleur, contrôles automatiques et rappels réglementaires"]
[]
[null,"Parcourez les onglets dans l'ordre ci-dessous lors de la première utilisation."]
[]
[]
[null,"PRÉSENTATION"]
[null,"Ce classeur centralise l'enregistrement des pratiques de fertilisation azotée d'une campagne culturale : îlots, couverts d'interculture, plan prévisionnel de fumure (dose d'azote prévue), apports réalisés, échanges d'effluents et stockages au champ. Les éléments fertilisants, les bilans par îlot, les contrôles et le tableau de bord se calculent automatiquement à partir des saisies."]
[]
[null,"MISE EN ROUTE EN 6 ÉTAPES"]
[null,1,"Configuration","Renseignez l'exploitation, l'année de récolte (la campagne du 1er septembre au 31 août est calculée) et la SAU. Vérifiez le calendrier d'interdiction et adaptez-le à votre programme d'actions régional."]
[null,2,"Fertilisants","Déclarez chaque produit : catégorie, type (0, Ia, Ib, II, III), unité et teneurs par unité de produit brut. Le coefficient Keq donne l'azote efficace ; le prix permet de suivre le coût."]
[null,3,"Îlots","Saisissez chaque îlot : surface, zone vulnérable, couvert d'interculture, culture principale et dose d'azote efficace prévue au PPF. Le bilan réalisé se complète au fil des apports."]
[null,4,"Registre","Après chaque chantier, ajoutez une ligne par îlot et par apport : date, îlot, fertilisant, surface et dose. Complétez l'état du sol, le matériel et la date de saisie pour la traçabilité."]
[null,5,"Échanges & stockage","Enregistrez les bordereaux (réception, cession, mise à disposition de terres) et les dépôts de fumier ou de compost au champ, avec leurs dates de dépôt et de reprise."]
[null,6,"Tableau de bord","Suivez les indicateurs et les dix points de contrôle. Pour un contrôle ou un conseiller, imprimez la Fiche îlot après avoir choisi l'îlot dans la liste."]
[]
[null,"CODES COULEUR"]
[null,"Saisie",null,"Cellule à renseigner (liste déroulante ou valeur libre)."]
[null,"Calcul",null,"Calcul automatique : ne pas modifier ni effacer."]
[null,"En-tête",null,"En-tête bleu nuit : colonne de saisie."]
[null,"En-tête",null,"En-tête gris-bleu : colonne calculée."]
[null,"Conforme",null,"Aucun point relevé."]
[null,"Vigilance",null,"Information à compléter ou situation à vérifier."]
[null,"Non conforme",null,"Pratique contraire aux règles paramétrées : à régulariser ou à justifier."]
[]
[null,"CONTRÔLES AUTOMATIQUES DU REGISTRE (ORDRE DE PRIORITÉ)"]
[null,"Incomplet",null,"La date est saisie mais l'îlot, le fertilisant, la surface ou la dose manque."]
[null,"Sol interdit",null,"Sol enneigé, détrempé ou inondé ; sol gelé avec un fertilisant autre que de type 0 ou Ia."]
[null,"Période interdite",null,"Date comprise dans une période d'interdiction du calendrier, selon l'occupation du sol et le type de fertilisant (îlots en zone vulnérable)."]
[null,"Surface > îlot",null,"Surface épandue supérieure à la surface de l'îlot."]
[null,"Hors campagne",null,"Date en dehors de la campagne définie dans Configuration."]
[null,"Saisie tardive",null,"Date de saisie postérieure au délai visé après le chantier."]
[null,"Conforme",null,"Aucun point relevé sur la ligne."]
[null,"Le calendrier est appliqué à la culture de l'îlot pour un apport « Culture en place » ou « Sol nu avant semis », et au couvert pour un apport « Couvert d'interculture ». Les îlots hors zone vulnérable ne sont pas soumis au calendrier."]
[]
[null,"RAPPELS RÉGLEMENTAIRES"]
[null,"•","La campagne culturale court du 1er septembre au 31 août de l'année de récolte."]
[null,"•","Tous les îlots de l'exploitation situés en zone vulnérable figurent dans le cahier, y compris ceux qui ne reçoivent aucun apport azoté."]
[null,"•","Les apports réalisés doivent rester cohérents avec la dose prévisionnelle calculée dans le PPF."]
[null,"•","L'azote des effluents d'élevage épandu ne peut dépasser le plafond par hectare de SAU (170 kg N/ha par défaut)."]
[null,"•","Chaque échange d'effluents fait l'objet d'un bordereau cosigné par le fournisseur et le destinataire."]
[null,"•","Le cahier d'enregistrement et le PPF sont conservés pendant au moins cinq campagnes."]
[null,"•","Le calendrier fourni est indicatif : le programme d'actions régional peut allonger les périodes ou ajouter des règles (zones d'actions renforcées, plafonds d'automne…)."]
[]
[null,"TYPES DE FERTILISANTS – REPÈRES"]
[null,"Type 0",null,"Produits organiques à C/N très élevé, libérant peu d'azote à court terme."]
[null,"Type Ia",null,"Fumiers compacts non susceptibles d'écoulement et composts d'effluents d'élevage."]
[null,"Type Ib",null,"Autres produits organiques à C/N élevé (supérieur à 8)."]
[null,"Type II",null,"Produits organiques à C/N bas : lisiers, fientes et fumiers de volailles, digestats bruts…"]
[null,"Type III",null,"Engrais minéraux et uréiques de synthèse."]
[null,"Classez chaque produit selon la typologie de votre programme d'actions et, de préférence, selon son analyse."]
[]
[null,"BONNES PRATIQUES"]
[null,"•","Nouvelle campagne : enregistrez une copie du fichier, changez l'année de récolte, puis effacez les cellules blanches du registre, des bordereaux, des stockages et de la partie réalisée des îlots."]
[null,"•","Listes déroulantes : ajoutez vos valeurs à la fin des listes de l'onglet Configuration, sans renommer celles marquées d'un astérisque, utilisées par les contrôles."]
[null,"•","Capacité : 500 lignes de registre, 50 îlots, 40 fertilisants, 40 bordereaux et 20 dépôts au champ."]
[null,"•","Impression : les onglets sont mis en page au format A4 ; les en-têtes des tableaux se répètent sur chaque page."]
[null,"•","Les exemples fournis sont fictifs : remplacez-les par les données de l'exploitation."]